{"text_format":"1","workbook":"xlsx","n_sheets":1,"sheets":["BID DATA"],"not_rendered":{"charts":0,"images":0,"macros":1,"external_links":0,"defined_names":0,"comments":0,"pivot_tables":0},"unopened":[],"bounds":{"document_bytes":16777216,"sheet_cells":100000,"rows_first":2000,"rows_last":500,"rows_between":2000,"halvings":0,"cell_chars":16384,"cell_head_chars":4096},"cells_cut":0,"cells_raw":0,"read":"whole","date_system":"1900"}

{"sheet":"BID DATA","index":0,"n_rows":6622,"n_cols":14,"rows_kept":6622,"cut":false,"hidden":false,"merged":[[7,1,7,12],[1,9,2,10]]}
[]
[null,null,null,null,null,null,null,null,null,"SELECT QUARTER AND REGION FROM THE DROP DOWN BOX"]
[null,null,null,null,null,null,null,"ENTER ITEM NO."]
[null,"YEAR",null,null,null,null,null,"ITEM NO.","ITEM DESCRIPTION","QUARTER","REGION","UNITS","AVERAGE PRICE"]
[null,2024,null,null,null,null,null,"0223-0168000T",{"$f":"INDEX(PRECONSTRUCTION_FACT_BID[ITEM DESCRIPTION],MATCH(H5,PRECONSTRUCTION_FACT_BID[ITEM NO.],0))","v":"FLAGGERS"},"Q1",1,{"$f":"INDEX(PRECONSTRUCTION_FACT_BID[UNITS],MATCH(H5,PRECONSTRUCTION_FACT_BID[ITEM NO.],0))","v":"HOUR"},{"$f":"IF(AND(ITEM_LOOKUP_TBL[[#This Row],[QUARTER]]<>\"\",ITEM_LOOKUP_TBL[[#This Row],[REGION]]<>\"\"),AVERAGEIFS(PRECONSTRUCTION_FACT_BID[CALCULATED UNIT PRICE],PRECONSTRUCTION_FACT_BID[ITEM NO.],ITEM_LOOKUP_TBL[[#This Row],[ITEM NO.]],PRECONSTRUCTION_FACT_BID[QUARTER],ITEM_LOOKUP_TBL[[#This Row],[QUARTER]],PRECONSTRUCTION_FACT_BID[REGION],ITEM_LOOKUP_TBL[[#This Row],[REGION]]),AVERAGEIFS(PRECONSTRUCTION_FACT_BID[CALCULATED UNIT PRICE],PRECONSTRUCTION_FACT_BID[ITEM NO.],ITEM_LOOKUP_TBL[[#This Row],[ITEM NO.]],PRECONSTRUCTION_FACT_BID[REGION],ITEM_LOOKUP_TBL[[#This Row],[REGION]]))","v":69.2}]
[]
[]
[null,"BID ITEM DATA"]
[null,"BID DATE","YEAR","QUARTER","CONTRACT NO.","REGION","PROJECT NAME","ITEM NO.","ITEM DESCRIPTION","UNITS","QUANTITY","CALCULATED UNIT PRICE","EXTENDED AMT.","VENDOR RANKING"]
[null,"2024-03-14",2024,"Q1","15511","5 ","US30: (10TH ST) /HUGHES STREET UPGRADES (BAKER CITY)","0222-0102000J","TEMPORARY SIGNS","SQFT",1800,24,43200,1]
[null,"2024-03-14",2024,"Q1","15511","5 ","US30: (10TH ST) /HUGHES STREET UPGRADES (BAKER CITY)","0222-0102000J","TEMPORARY SIGNS","SQFT",1800,26,46800,2]
[null,"2024-03-14",2024,"Q1","15511","5 ","US30: (10TH ST) /HUGHES STREET UPGRADES (BAKER CITY)","0222-0102000J","TEMPORARY SIGNS","SQFT",1800,70,126000,3]
[null,"2024-03-14",2024,"Q1","15511","5 ","US30: (10TH ST) /HUGHES STREET UPGRADES (BAKER CITY)","0222-0102000J","TEMPORARY SIGNS","SQFT",1800,28,50400,4]
[null,"2024-03-14",2024,"Q1","15511","5 ","US30: (10TH ST) /HUGHES STREET UPGRADES (BAKER CITY)","0222-0162000E","SEQUENTIAL ARROW SIGNS","EACH",4,7360,29440,1]
[null,"2024-03-14",2024,"Q1","15511","5 ","US30: (10TH ST) /HUGHES STREET UPGRADES (BAKER CITY)","0222-0162000E","SEQUENTIAL ARROW SIGNS","EACH",4,1500,6000,2]
[null,"2024-03-14",2024,"Q1","15511","5 ","US30: (10TH ST) /HUGHES STREET UPGRADES (BAKER CITY)","0222-0162000E","SEQUENTIAL ARROW SIGNS","EACH",4,4000,16000,3]
[null,"2024-03-14",2024,"Q1","15511","5 ","US30: (10TH ST) /HUGHES STREET UPGRADES (BAKER CITY)","0222-0162000E","SEQUENTIAL ARROW SIGNS","EACH",4,6000,24000,4]
[null,"2024-03-14",2024,"Q1","15511","5 ","US30: (10TH ST) /HUGHES STREET UPGRADES (BAKER CITY)","0222-0164000E","PORTABLE CHANGEABLE MESSAGE SIGNS","EACH",4,9930,39720,1]
[null,"2024-03-14",2024,"Q1","15511","5 ","US30: (10TH ST) /HUGHES STREET UPGRADES (BAKER CITY)","0222-0164000E","PORTABLE CHANGEABLE MESSAGE SIGNS","EACH",4,3500,14000,2]
[null,"2024-03-14",2024,"Q1","15511","5 ","US30: (10TH ST) /HUGHES STREET UPGRADES (BAKER CITY)","0222-0164000E","PORTABLE CHANGEABLE MESSAGE SIGNS","EACH",4,12000,48000,3]
[null,"2024-03-14",2024,"Q1","15511","5 ","US30: (10TH ST) /HUGHES STREET UPGRADES (BAKER CITY)","0222-0164000E","PORTABLE CHANGEABLE MESSAGE SIGNS","EACH",4,16000,64000,4]
[null,"2024-03-14",2024,"Q1","15511","5 ","US30: (10TH ST) /HUGHES STREET UPGRADES (BAKER CITY)","0223-0168000T","FLAGGERS","HOUR",1660,78,129480,1]
[null,"2024-03-14",2024,"Q1","15511","5 ","US30: (10TH ST) /HUGHES STREET UPGRADES (BAKER CITY)","0223-0168000T","FLAGGERS","HOUR",1660,56,92960,2]
[null,"2024-03-14",2024,"Q1","15511","5 ","US30: (10TH ST) /HUGHES STREET UPGRADES (BAKER CITY)","0223-0168000T","FLAGGERS","HOUR",1660,86,142760,3]
[null,"2024-03-14",2024,"Q1","15511","5 ","US30: (10TH ST) /HUGHES STREET UPGRADES (BAKER CITY)","0223-0168000T","FLAGGERS","HOUR",1660,75,124500,4]
[null,"2024-03-14",2024,"Q1","15511","5 ","US30: (10TH ST) /HUGHES STREET UPGRADES (BAKER CITY)","0223-0200000E","AUTOMATED FLAGGER ASSISTANCE DEVICE","EACH",3,5400,16200,1]
[null,"2024-03-14",2024,"Q1","15511","5 ","US30: (10TH ST) /HUGHES STREET UPGRADES (BAKER CITY)","0223-0200000E","AUTOMATED FLAGGER ASSISTANCE DEVICE","EACH",3,1100,3300,2]
[null,"2024-03-14",2024,"Q1","15511","5 ","US30: (10TH ST) /HUGHES STREET UPGRADES (BAKER CITY)","0223-0200000E","AUTOMATED FLAGGER ASSISTANCE DEVICE","EACH",3,9000,27000,3]
[null,"2024-03-14",2024,"Q1","15511","5 ","US30: (10TH ST) /HUGHES STREET UPGRADES (BAKER CITY)","0223-0200000E","AUTOMATED FLAGGER ASSISTANCE DEVICE","EACH",3,5000,15000,4]
[null,"2024-03-14",2024,"Q1","15511","5 ","US30: (10TH ST) /HUGHES STREET UPGRADES (BAKER CITY)","0224-0104000E","TEMPORARY BARRICADES, TYPE II","EACH",106,31,3286,1]
[null,"2024-03-14",2024,"Q1","15511","5 ","US30: (10TH ST) /HUGHES STREET UPGRADES (BAKER CITY)","0224-0104000E","TEMPORARY BARRICADES, TYPE II","EACH",106,65,6890,2]
[null,"2024-03-14",2024,"Q1","15511","5 ","US30: (10TH ST) /HUGHES STREET UPGRADES (BAKER CITY)","0224-0104000E","TEMPORARY BARRICADES, TYPE II","EACH",106,77,8162,3]
[null,"2024-03-14",2024,"Q1","15511","5 ","US30: (10TH ST) /HUGHES STREET UPGRADES (BAKER CITY)","0224-0104000E","TEMPORARY BARRICADES, TYPE II","EACH",106,100,10600,4]
[null,"2024-03-14",2024,"Q1","15511","5 ","US30: (10TH ST) /HUGHES STREET UPGRADES (BAKER CITY)","0224-0105000E","TEMPORARY BARRICADES, TYPE III","EACH",20,210,4200,1]
[null,"2024-03-14",2024,"Q1","15511","5 ","US30: (10TH ST) /HUGHES STREET UPGRADES (BAKER CITY)","0224-0105000E","TEMPORARY BARRICADES, TYPE III","EACH",20,185,3700,2]
[null,"2024-03-14",2024,"Q1","15511","5 ","US30: (10TH ST) /HUGHES STREET UPGRADES (BAKER CITY)","0224-0105000E","TEMPORARY BARRICADES, TYPE III","EACH",20,260,5200,3]
[null,"2024-03-14",2024,"Q1","15511","5 ","US30: (10TH ST) /HUGHES STREET UPGRADES (BAKER CITY)","0224-0105000E","TEMPORARY BARRICADES, TYPE III","EACH",20,200,4000,4]
[null,"2024-03-14",2024,"Q1","15511","5 ","US30: (10TH ST) /HUGHES STREET UPGRADES (BAKER CITY)","0224-0145000E","TEMPORARY PLASTIC DRUMS","EACH",108,67,7236,1]
[null,"2024-03-14",2024,"Q1","15511","5 ","US30: (10TH ST) /HUGHES STREET UPGRADES (BAKER CITY)","0224-0145000E","TEMPORARY PLASTIC DRUMS","EACH",108,50,5400,2]
[null,"2024-03-14",2024,"Q1","15511","5 ","US30: (10TH ST) /HUGHES STREET UPGRADES (BAKER CITY)","0224-0145000E","TEMPORARY PLASTIC DRUMS","EACH",108,75,8100,3]
[null,"2024-03-14",2024,"Q1","15511","5 ","US30: (10TH ST) /HUGHES STREET UPGRADES (BAKER CITY)","0224-0145000E","TEMPORARY PLASTIC DRUMS","EACH",108,100,10800,4]
[null,"2024-03-14",2024,"Q1","15511","5 ","US30: (10TH ST) /HUGHES STREET UPGRADES (BAKER CITY)","0225-0149000E","TEMPORARY FLEXIBLE PAVEMENT MARKERS","EACH",1200,1.4,1680,1]
[null,"2024-03-14",2024,"Q1","15511","5 ","US30: (10TH ST) /HUGHES STREET UPGRADES (BAKER CITY)","0225-0149000E","TEMPORARY FLEXIBLE PAVEMENT MARKERS","EACH",1200,2.75,3300,2]
[null,"2024-03-14",2024,"Q1","15511","5 ","US30: (10TH ST) /HUGHES STREET UPGRADES (BAKER CITY)","0225-0149000E","TEMPORARY FLEXIBLE PAVEMENT MARKERS","EACH",1200,3,3600,3]
[null,"2024-03-14",2024,"Q1","15511","5 ","US30: (10TH ST) /HUGHES STREET UPGRADES (BAKER CITY)","0225-0149000E","TEMPORARY FLEXIBLE PAVEMENT MARKERS","EACH",1200,1,1200,4]
[null,"2024-03-14",2024,"Q1","15511","5 ","US30: (10TH ST) /HUGHES STREET UPGRADES (BAKER CITY)","0225-0154000F","STRIPE REMOVAL","FOOT",8300,0.9,7470,1]
[null,"2024-03-14",2024,"Q1","15511","5 ","US30: (10TH ST) /HUGHES STREET UPGRADES (BAKER CITY)","0225-0154000F","STRIPE REMOVAL","FOOT",8300,0.8,6640,2]
[null,"2024-03-14",2024,"Q1","15511","5 ","US30: (10TH ST) /HUGHES STREET UPGRADES (BAKER CITY)","0225-0154000F","STRIPE REMOVAL","FOOT",8300,1.2,9960,3]
[null,"2024-03-14",2024,"Q1","15511","5 ","US30: (10TH ST) /HUGHES STREET UPGRADES (BAKER CITY)","0225-0154000F","STRIPE REMOVAL","FOOT",8300,1,8300,4]
[null,"2024-03-14",2024,"Q1","15511","5 ","US30: (10TH ST) /HUGHES STREET UPGRADES (BAKER CITY)","0225-0155100J","LEGEND REMOVAL","SQFT",684,10,6840,1]
[null,"2024-03-14",2024,"Q1","15511","5 ","US30: (10TH ST) /HUGHES STREET UPGRADES (BAKER CITY)","0225-0155100J","LEGEND REMOVAL","SQFT",684,8.5,5814,2]
[null,"2024-03-14",2024,"Q1","15511","5 ","US30: (10TH ST) /HUGHES STREET UPGRADES (BAKER CITY)","0225-0155100J","LEGEND REMOVAL","SQFT",684,13,8892,3]
[null,"2024-03-14",2024,"Q1","15511","5 ","US30: (10TH ST) /HUGHES STREET UPGRADES (BAKER CITY)","0225-0155100J","LEGEND REMOVAL","SQFT",684,9,6156,4]
[null,"2024-03-14",2024,"Q1","15511","5 ","US30: (10TH ST) /HUGHES STREET UPGRADES (BAKER CITY)","0225-0156000J","BAR REMOVAL","SQFT",1000,7.5,7500,1]
[null,"2024-03-14",2024,"Q1","15511","5 ","US30: (10TH ST) /HUGHES STREET UPGRADES (BAKER CITY)","0225-0156000J","BAR REMOVAL","SQFT",1000,6.5,6500,2]
[null,"2024-03-14",2024,"Q1","15511","5 ","US30: (10TH ST) /HUGHES STREET UPGRADES (BAKER CITY)","0225-0156000J","BAR REMOVAL","SQFT",1000,10,10000,3]
[null,"2024-03-14",2024,"Q1","15511","5 ","US30: (10TH ST) /HUGHES STREET UPGRADES (BAKER CITY)","0225-0156000J","BAR REMOVAL","SQFT",1000,7,7000,4]
[null,"2024-03-14",2024,"Q1","15511","5 ","US30: (10TH ST) /HUGHES STREET UPGRADES (BAKER CITY)","0226-0138000E","TEMPORARY IMPACT ATTENUATOR, TRUCK MOUNTED","EACH",1,14720,14720,1]
[null,"2024-03-14",2024,"Q1","15511","5 ","US30: (10TH ST) /HUGHES STREET UPGRADES (BAKER CITY)","0226-0138000E","TEMPORARY IMPACT ATTENUATOR, TRUCK MOUNTED","EACH",1,2500,2500,2]
[null,"2024-03-14",2024,"Q1","15511","5 ","US30: (10TH ST) /HUGHES STREET UPGRADES (BAKER CITY)","0226-0138000E","TEMPORARY IMPACT ATTENUATOR, TRUCK MOUNTED","EACH",1,42000,42000,3]
[null,"2024-03-14",2024,"Q1","15511","5 ","US30: (10TH ST) /HUGHES STREET UPGRADES (BAKER CITY)","0226-0138000E","TEMPORARY IMPACT ATTENUATOR, TRUCK MOUNTED","EACH",1,40000,40000,4]
[null,"2024-03-14",2024,"Q1","15511","5 ","US30: (10TH ST) /HUGHES STREET UPGRADES (BAKER CITY)","0228-0141600F","PEDESTRIAN CHANNELIZING DEVICES","FOOT",1560,43,67080,1]
[null,"2024-03-14",2024,"Q1","15511","5 ","US30: (10TH ST) /HUGHES STREET UPGRADES (BAKER CITY)","0228-0141600F","PEDESTRIAN CHANNELIZING DEVICES","FOOT",1560,18,28080,2]
[null,"2024-03-14",2024,"Q1","15511","5 ","US30: (10TH ST) /HUGHES STREET UPGRADES (BAKER CITY)","0228-0141600F","PEDESTRIAN CHANNELIZING DEVICES","FOOT",1560,51,79560,3]
[null,"2024-03-14",2024,"Q1","15511","5 ","US30: (10TH ST) /HUGHES STREET UPGRADES (BAKER CITY)","0228-0141600F","PEDESTRIAN CHANNELIZING DEVICES","FOOT",1560,35,54600,4]
[null,"2024-03-14",2024,"Q1","15511","5 ","US30: (10TH ST) /HUGHES STREET UPGRADES (BAKER CITY)","0280-0110000A","EROSION AND SEDIMENT CONTROL MANAGER","LS",1,28510,28510,1]
[null,"2024-03-14",2024,"Q1","15511","5 ","US30: (10TH ST) /HUGHES STREET UPGRADES (BAKER CITY)","0280-0110000A","EROSION AND SEDIMENT CONTROL MANAGER","LS",1,10000,10000,2]
[null,"2024-03-14",2024,"Q1","15511","5 ","US30: (10TH ST) /HUGHES STREET UPGRADES (BAKER CITY)","0280-0110000A","EROSION AND SEDIMENT CONTROL MANAGER","LS",1,60000,60000,3]
[null,"2024-03-14",2024,"Q1","15511","5 ","US30: (10TH ST) /HUGHES STREET UPGRADES (BAKER CITY)","0280-0110000A","EROSION AND SEDIMENT CONTROL MANAGER","LS",1,0.01,0.01,4]
[null,"2024-03-14",2024,"Q1","15511","5 ","US30: (10TH ST) /HUGHES STREET UPGRADES (BAKER CITY)","0280-0114030E","INLET PROTECTION, TYPE 3","EACH",90,91,8190,1]
[null,"2024-03-14",2024,"Q1","15511","5 ","US30: (10TH ST) /HUGHES STREET UPGRADES (BAKER CITY)","0280-0114030E","INLET PROTECTION, TYPE 3","EACH",90,175,15750,2]
[null,"2024-03-14",2024,"Q1","15511","5 ","US30: (10TH ST) /HUGHES STREET UPGRADES (BAKER CITY)","0280-0114030E","INLET PROTECTION, TYPE 3","EACH",90,180,16200,3]
[null,"2024-03-14",2024,"Q1","15511","5 ","US30: (10TH ST) /HUGHES STREET UPGRADES (BAKER CITY)","0280-0114030E","INLET PROTECTION, TYPE 3","EACH",90,75,6750,4]
[null,"2024-03-14",2024,"Q1","15511","5 ","US30: (10TH ST) /HUGHES STREET UPGRADES (BAKER CITY)","0280-0114110E","INLET PROTECTION, TYPE 11","EACH",32,183,5856,1]
[null,"2024-03-14",2024,"Q1","15511","5 ","US30: (10TH ST) /HUGHES STREET UPGRADES (BAKER CITY)","0280-0114110E","INLET PROTECTION, TYPE 11","EACH",32,185,5920,2]
[null,"2024-03-14",2024,"Q1","15511","5 ","US30: (10TH ST) /HUGHES STREET UPGRADES (BAKER CITY)","0280-0114110E","INLET PROTECTION, TYPE 11","EACH",32,190,6080,3]
[null,"2024-03-14",2024,"Q1","15511","5 ","US30: (10TH ST) /HUGHES STREET UPGRADES (BAKER CITY)","0280-0114110E","INLET PROTECTION, TYPE 11","EACH",32,75,2400,4]
[null,"2024-03-14",2024,"Q1","15511","5 ","US30: (10TH ST) /HUGHES STREET UPGRADES (BAKER CITY)","0280-0115030F","SEDIMENT BARRIER, TYPE 3","FOOT",630,17,10710,1]
[null,"2024-03-14",2024,"Q1","15511","5 ","US30: (10TH ST) /HUGHES STREET UPGRADES (BAKER CITY)","0280-0115030F","SEDIMENT BARRIER, TYPE 3","FOOT",630,7.5,4725,2]
[null,"2024-03-14",2024,"Q1","15511","5 ","US30: (10TH ST) /HUGHES STREET UPGRADES (BAKER CITY)","0280-0115030F","SEDIMENT BARRIER, TYPE 3","FOOT",630,7,4410,3]
[null,"2024-03-14",2024,"Q1","15511","5 ","US30: (10TH ST) /HUGHES STREET UPGRADES (BAKER CITY)","0280-0115030F","SEDIMENT BARRIER, TYPE 3","FOOT",630,10,6300,4]
[null,"2024-03-14",2024,"Q1","15511","5 ","US30: (10TH ST) /HUGHES STREET UPGRADES (BAKER CITY)","0290-0100000A","POLLUTION CONTROL PLAN","LS",1,1370,1370,1]
[null,"2024-03-14",2024,"Q1","15511","5 ","US30: (10TH ST) /HUGHES STREET UPGRADES (BAKER CITY)","0290-0100000A","POLLUTION CONTROL PLAN","LS",1,1500,1500,2]
[null,"2024-03-14",2024,"Q1","15511","5 ","US30: (10TH ST) /HUGHES STREET UPGRADES (BAKER CITY)","0290-0100000A","POLLUTION CONTROL PLAN","LS",1,1800,1800,3]
[null,"2024-03-14",2024,"Q1","15511","5 ","US30: (10TH ST) /HUGHES STREET UPGRADES (BAKER CITY)","0290-0100000A","POLLUTION CONTROL PLAN","LS",1,1000,1000,4]
[null,"2024-03-14",2024,"Q1","15511","5 ","US30: (10TH ST) /HUGHES STREET UPGRADES (BAKER CITY)","0293-0100000E","DECOMMISSION REGULATED UNDERGROUND STORAGE TANKS","EACH",1,25830,25830,1]
[null,"2024-03-14",2024,"Q1","15511","5 ","US30: (10TH ST) /HUGHES STREET UPGRADES (BAKER CITY)","0293-0100000E","DECOMMISSION REGULATED UNDERGROUND STORAGE TANKS","EACH",1,20000,20000,2]
[null,"2024-03-14",2024,"Q1","15511","5 ","US30: (10TH ST) /HUGHES STREET UPGRADES (BAKER CITY)","0293-0100000E","DECOMMISSION REGULATED UNDERGROUND STORAGE TANKS","EACH",1,7900,7900,3]
[null,"2024-03-14",2024,"Q1","15511","5 ","US30: (10TH ST) /HUGHES STREET UPGRADES (BAKER CITY)","0293-0100000E","DECOMMISSION REGULATED UNDERGROUND STORAGE TANKS","EACH",1,5000,5000,4]
[null,"2024-03-14",2024,"Q1","15511","5 ","US30: (10TH ST) /HUGHES STREET UPGRADES (BAKER CITY)","0294-0100000A","HEALTH AND SAFETY PLAN","LS",1,1760,1760,1]
[null,"2024-03-14",2024,"Q1","15511","5 ","US30: (10TH ST) /HUGHES STREET UPGRADES (BAKER CITY)","0294-0100000A","HEALTH AND SAFETY PLAN","LS",1,1500,1500,2]
[null,"2024-03-14",2024,"Q1","15511","5 ","US30: (10TH ST) /HUGHES STREET UPGRADES (BAKER CITY)","0294-0100000A","HEALTH AND SAFETY PLAN","LS",1,3500,3500,3]
[null,"2024-03-14",2024,"Q1","15511","5 ","US30: (10TH ST) /HUGHES STREET UPGRADES (BAKER CITY)","0294-0100000A","HEALTH AND SAFETY PLAN","LS",1,1000,1000,4]
[null,"2024-03-14",2024,"Q1","15511","5 ","US30: (10TH ST) /HUGHES STREET UPGRADES (BAKER CITY)","0294-0200010M","CONTAMINATED SOIL DISPOSAL","TON",1600,154,246400,1]
[null,"2024-03-14",2024,"Q1","15511","5 ","US30: (10TH ST) /HUGHES STREET UPGRADES (BAKER CITY)","0294-0200010M","CONTAMINATED SOIL DISPOSAL","TON",1600,40,64000,2]
[null,"2024-03-14",2024,"Q1","15511","5 ","US30: (10TH ST) /HUGHES STREET UPGRADES (BAKER CITY)","0294-0200010M","CONTAMINATED SOIL DISPOSAL","TON",1600,120,192000,3]
[null,"2024-03-14",2024,"Q1","15511","5 ","US30: (10TH ST) /HUGHES STREET UPGRADES (BAKER CITY)","0294-0200010M","CONTAMINATED SOIL DISPOSAL","TON",1600,0.01,16,4]
[null,"2024-03-14",2024,"Q1","15511","5 ","US30: (10TH ST) /HUGHES STREET UPGRADES (BAKER CITY)","0294-0500000A","LEAD COMPLIANCE PLAN","LS",1,6340,6340,1]
[null,"2024-03-14",2024,"Q1","15511","5 ","US30: (10TH ST) /HUGHES STREET UPGRADES (BAKER CITY)","0294-0500000A","LEAD COMPLIANCE PLAN","LS",1,1500,1500,2]
[null,"2024-03-14",2024,"Q1","15511","5 ","US30: (10TH ST) /HUGHES STREET UPGRADES (BAKER CITY)","0294-0500000A","LEAD COMPLIANCE PLAN","LS",1,3500,3500,3]
[null,"2024-03-14",2024,"Q1","15511","5 ","US30: (10TH ST) /HUGHES STREET UPGRADES (BAKER CITY)","0294-0500000A","LEAD COMPLIANCE PLAN","LS",1,1000,1000,4]
[null,"2024-03-14",2024,"Q1","15511","5 ","US30: (10TH ST) /HUGHES STREET UPGRADES (BAKER CITY)","0294-0600000A","SEGREGATE AND STOCKPILE CONTAMINATED SOIL","LS",1,10840,10840,1]
[null,"2024-03-14",2024,"Q1","15511","5 ","US30: (10TH ST) /HUGHES STREET UPGRADES (BAKER CITY)","0294-0600000A","SEGREGATE AND STOCKPILE CONTAMINATED SOIL","LS",1,25000,25000,2]
[null,"2024-03-14",2024,"Q1","15511","5 ","US30: (10TH ST) /HUGHES STREET UPGRADES (BAKER CITY)","0294-0600000A","SEGREGATE AND STOCKPILE CONTAMINATED SOIL","LS",1,12000,12000,3]
[null,"2024-03-14",2024,"Q1","15511","5 ","US30: (10TH ST) /HUGHES STREET UPGRADES (BAKER CITY)","0294-0600000A","SEGREGATE AND STOCKPILE CONTAMINATED SOIL","LS",1,2000,2000,4]
[null,"2024-03-14",2024,"Q1","15511","5 ","US30: (10TH ST) /HUGHES STREET UPGRADES (BAKER CITY)","0294-0700000E","SOIL SAMPLE COLLECTION AND ANALYTICAL TESTING","EACH",2,740,1480,1]
[null,"2024-03-14",2024,"Q1","15511","5 ","US30: (10TH ST) /HUGHES STREET UPGRADES (BAKER CITY)","0294-0700000E","SOIL SAMPLE COLLECTION AND ANALYTICAL TESTING","EACH",2,3500,7000,2]
[null,"2024-03-14",2024,"Q1","15511","5 ","US30: (10TH ST) /HUGHES STREET UPGRADES (BAKER CITY)","0294-0700000E","SOIL SAMPLE COLLECTION AND ANALYTICAL TESTING","EACH",2,3000,6000,3]
[null,"2024-03-14",2024,"Q1","15511","5 ","US30: (10TH ST) /HUGHES STREET UPGRADES (BAKER CITY)","0294-0700000E","SOIL SAMPLE COLLECTION AND ANALYTICAL TESTING","EACH",2,3000,6000,4]
[null,"2024-03-14",2024,"Q1","15511","5 ","US30: (10TH ST) /HUGHES STREET UPGRADES (BAKER CITY)","0310-0100000F","REMOVAL OF PIPES","FOOT",349,112,39088,1]
[null,"2024-03-14",2024,"Q1","15511","5 ","US30: (10TH ST) /HUGHES STREET UPGRADES (BAKER CITY)","0310-0100000F","REMOVAL OF PIPES","FOOT",349,20,6980,2]
[null,"2024-03-14",2024,"Q1","15511","5 ","US30: (10TH ST) /HUGHES STREET UPGRADES (BAKER CITY)","0310-0100000F","REMOVAL OF PIPES","FOOT",349,35,12215,3]
[null,"2024-03-14",2024,"Q1","15511","5 ","US30: (10TH ST) /HUGHES STREET UPGRADES (BAKER CITY)","0310-0100000F","REMOVAL OF PIPES","FOOT",349,35,12215,4]
[null,"2024-03-14",2024,"Q1","15511","5 ","US30: (10TH ST) /HUGHES STREET UPGRADES (BAKER CITY)","0310-0104000E","REMOVAL OF INLETS","EACH",31,1970,61070,1]
[null,"2024-03-14",2024,"Q1","15511","5 ","US30: (10TH ST) /HUGHES STREET UPGRADES (BAKER CITY)","0310-0104000E","REMOVAL OF INLETS","EACH",31,750,23250,2]
[null,"2024-03-14",2024,"Q1","15511","5 ","US30: (10TH ST) /HUGHES STREET UPGRADES (BAKER CITY)","0310-0104000E","REMOVAL OF INLETS","EACH",31,990,30690,3]
[null,"2024-03-14",2024,"Q1","15511","5 ","US30: (10TH ST) /HUGHES STREET UPGRADES (BAKER CITY)","0310-0104000E","REMOVAL OF INLETS","EACH",31,1000,31000,4]
[null,"2024-03-14",2024,"Q1","15511","5 ","US30: (10TH ST) /HUGHES STREET UPGRADES (BAKER CITY)","0310-0105000E","REMOVAL OF MANHOLES","EACH",2,2850,5700,1]
[null,"2024-03-14",2024,"Q1","15511","5 ","US30: (10TH ST) /HUGHES STREET UPGRADES (BAKER CITY)","0310-0105000E","REMOVAL OF MANHOLES","EACH",2,800,1600,2]
[null,"2024-03-14",2024,"Q1","15511","5 ","US30: (10TH ST) /HUGHES STREET UPGRADES (BAKER CITY)","0310-0105000E","REMOVAL OF MANHOLES","EACH",2,990,1980,3]
[null,"2024-03-14",2024,"Q1","15511","5 ","US30: (10TH ST) /HUGHES STREET UPGRADES (BAKER CITY)","0310-0105000E","REMOVAL OF MANHOLES","EACH",2,3000,6000,4]
[null,"2024-03-14",2024,"Q1","15511","5 ","US30: (10TH ST) /HUGHES STREET UPGRADES (BAKER CITY)","0310-0106000A","REMOVAL OF STRUCTURES AND OBSTRUCTIONS","LS",1,39920,39920,1]
[null,"2024-03-14",2024,"Q1","15511","5 ","US30: (10TH ST) /HUGHES STREET UPGRADES (BAKER CITY)","0310-0106000A","REMOVAL OF STRUCTURES AND OBSTRUCTIONS","LS",1,50000,50000,2]
[null,"2024-03-14",2024,"Q1","15511","5 ","US30: (10TH ST) /HUGHES STREET UPGRADES (BAKER CITY)","0310-0106000A","REMOVAL OF STRUCTURES AND OBSTRUCTIONS","LS",1,110000,110000,3]
[null,"2024-03-14",2024,"Q1","15511","5 ","US30: (10TH ST) /HUGHES STREET UPGRADES (BAKER CITY)","0310-0106000A","REMOVAL OF STRUCTURES AND OBSTRUCTIONS","LS",1,300000,300000,4]
[null,"2024-03-14",2024,"Q1","15511","5 ","US30: (10TH ST) /HUGHES STREET UPGRADES (BAKER CITY)","0310-0106101J","REMOVAL OF SURFACINGS FOR CURB RAMP CONSTRUCTION","SQYD",11160,56,624960,1]
[null,"2024-03-14",2024,"Q1","15511","5 ","US30: (10TH ST) /HUGHES STREET UPGRADES (BAKER CITY)","0310-0106101J","REMOVAL OF SURFACINGS FOR CURB RAMP CONSTRUCTION","SQYD",11160,38,424080,2]
[null,"2024-03-14",2024,"Q1","15511","5 ","US30: (10TH ST) /HUGHES STREET UPGRADES (BAKER CITY)","0310-0106101J","REMOVAL OF SURFACINGS FOR CURB RAMP CONSTRUCTION","SQYD",11160,35,390600,3]
[null,"2024-03-14",2024,"Q1","15511","5 ","US30: (10TH ST) /HUGHES STREET UPGRADES (BAKER CITY)","0310-0106101J","REMOVAL OF SURFACINGS FOR CURB RAMP CONSTRUCTION","SQYD",11160,35,390600,4]
[null,"2024-03-14",2024,"Q1","15511","5 ","US30: (10TH ST) /HUGHES STREET UPGRADES (BAKER CITY)","0310-0119000F","ASPHALT PAVEMENT SAW CUTTING","FOOT",13770,5,68850,1]
[null,"2024-03-14",2024,"Q1","15511","5 ","US30: (10TH ST) /HUGHES STREET UPGRADES (BAKER CITY)","0310-0119000F","ASPHALT PAVEMENT SAW CUTTING","FOOT",13770,7.5,103275,2]
[null,"2024-03-14",2024,"Q1","15511","5 ","US30: (10TH ST) /HUGHES STREET UPGRADES (BAKER CITY)","0310-0119000F","ASPHALT PAVEMENT SAW CUTTING","FOOT",13770,4,55080,3]
[null,"2024-03-14",2024,"Q1","15511","5 ","US30: (10TH ST) /HUGHES STREET UPGRADES (BAKER CITY)","0310-0119000F","ASPHALT PAVEMENT SAW CUTTING","FOOT",13770,10,137700,4]
[null,"2024-03-14",2024,"Q1","15511","5 ","US30: (10TH ST) /HUGHES STREET UPGRADES (BAKER CITY)","0320-0100000A","CLEARING AND GRUBBING","ACRE",1.8,12672.222222222223,22810,1]
[null,"2024-03-14",2024,"Q1","15511","5 ","US30: (10TH ST) /HUGHES STREET UPGRADES (BAKER CITY)","0320-0100000A","CLEARING AND GRUBBING","ACRE",1.8,22222.222222222223,40000,2]
[null,"2024-03-14",2024,"Q1","15511","5 ","US30: (10TH ST) /HUGHES STREET UPGRADES (BAKER CITY)","0320-0100000A","CLEARING AND GRUBBING","ACRE",1.8,25000,45000,3]
[null,"2024-03-14",2024,"Q1","15511","5 ","US30: (10TH ST) /HUGHES STREET UPGRADES (BAKER CITY)","0320-0100000A","CLEARING AND GRUBBING","ACRE",1.8,1111.1111111111111,2000,4]
[null,"2024-03-14",2024,"Q1","15511","5 ","US30: (10TH ST) /HUGHES STREET UPGRADES (BAKER CITY)","0330-0105000K","GENERAL EXCAVATION","CUYD",2400,54,129600,1]
[null,"2024-03-14",2024,"Q1","15511","5 ","US30: (10TH ST) /HUGHES STREET UPGRADES (BAKER CITY)","0330-0105000K","GENERAL EXCAVATION","CUYD",2400,59.75,143400,2]
[null,"2024-03-14",2024,"Q1","15511","5 ","US30: (10TH ST) /HUGHES STREET UPGRADES (BAKER CITY)","0330-0105000K","GENERAL EXCAVATION","CUYD",2400,55,132000,3]
[null,"2024-03-14",2024,"Q1","15511","5 ","US30: (10TH ST) /HUGHES STREET UPGRADES (BAKER CITY)","0330-0105000K","GENERAL EXCAVATION","CUYD",2400,40,96000,4]
[null,"2024-03-14",2024,"Q1","15511","5 ","US30: (10TH ST) /HUGHES STREET UPGRADES (BAKER CITY)","0330-0126000K","STONE EMBANKMENT","CUYD",47,120,5640,1]
[null,"2024-03-14",2024,"Q1","15511","5 ","US30: (10TH ST) /HUGHES STREET UPGRADES (BAKER CITY)","0330-0126000K","STONE EMBANKMENT","CUYD",47,85,3995,2]
[null,"2024-03-14",2024,"Q1","15511","5 ","US30: (10TH ST) /HUGHES STREET UPGRADES (BAKER CITY)","0330-0126000K","STONE EMBANKMENT","CUYD",47,160,7520,3]
[null,"2024-03-14",2024,"Q1","15511","5 ","US30: (10TH ST) /HUGHES STREET UPGRADES (BAKER CITY)","0330-0126000K","STONE EMBANKMENT","CUYD",47,150,7050,4]
[null,"2024-03-14",2024,"Q1","15511","5 ","US30: (10TH ST) /HUGHES STREET UPGRADES (BAKER CITY)","0331-0109000J","18 INCH SUBGRADE STABILIZATION","SQYD",725,31,22475,1]
[null,"2024-03-14",2024,"Q1","15511","5 ","US30: (10TH ST) /HUGHES STREET UPGRADES (BAKER CITY)","0331-0109000J","18 INCH SUBGRADE STABILIZATION","SQYD",725,52.5,38062.5,2]
[null,"2024-03-14",2024,"Q1","15511","5 ","US30: (10TH ST) /HUGHES STREET UPGRADES (BAKER CITY)","0331-0109000J","18 INCH SUBGRADE STABILIZATION","SQYD",725,90,65250,3]
[null,"2024-03-14",2024,"Q1","15511","5 ","US30: (10TH ST) /HUGHES STREET UPGRADES (BAKER CITY)","0331-0109000J","18 INCH SUBGRADE STABILIZATION","SQYD",725,70,50750,4]
[null,"2024-03-14",2024,"Q1","15511","5 ","US30: (10TH ST) /HUGHES STREET UPGRADES (BAKER CITY)","0350-0101000J","DRAINAGE GEOTEXTILE, TYPE 2","SQYD",2910,3.25,9457.5,1]
[null,"2024-03-14",2024,"Q1","15511","5 ","US30: (10TH ST) /HUGHES STREET UPGRADES (BAKER CITY)","0350-0101000J","DRAINAGE GEOTEXTILE, TYPE 2","SQYD",2910,3.25,9457.5,2]
[null,"2024-03-14",2024,"Q1","15511","5 ","US30: (10TH ST) /HUGHES STREET UPGRADES (BAKER CITY)","0350-0101000J","DRAINAGE GEOTEXTILE, TYPE 2","SQYD",2910,1.6,4656,3]
[null,"2024-03-14",2024,"Q1","15511","5 ","US30: (10TH ST) /HUGHES STREET UPGRADES (BAKER CITY)","0350-0101000J","DRAINAGE GEOTEXTILE, TYPE 2","SQYD",2910,4,11640,4]
[null,"2024-03-14",2024,"Q1","15511","5 ","US30: (10TH ST) /HUGHES STREET UPGRADES (BAKER CITY)","0415-0100000F","MAINLINE VIDEO INSPECTION","FOOT",3238,16,51808,1]
[null,"2024-03-14",2024,"Q1","15511","5 ","US30: (10TH ST) /HUGHES STREET UPGRADES (BAKER CITY)","0415-0100000F","MAINLINE VIDEO INSPECTION","FOOT",3238,7,22666,2]
[null,"2024-03-14",2024,"Q1","15511","5 ","US30: (10TH ST) /HUGHES STREET UPGRADES (BAKER CITY)","0415-0100000F","MAINLINE VIDEO INSPECTION","FOOT",3238,14,45332,3]
[null,"2024-03-14",2024,"Q1","15511","5 ","US30: (10TH ST) /HUGHES STREET UPGRADES (BAKER CITY)","0415-0100000F","MAINLINE VIDEO INSPECTION","FOOT",3238,12,38856,4]
[null,"2024-03-14",2024,"Q1","15511","5 ","US30: (10TH ST) /HUGHES STREET UPGRADES (BAKER CITY)","0445-035008AF","8 INCH STORM SEWER PIPE, 5 FT DEPTH","FOOT",46,62,2852,1]
[null,"2024-03-14",2024,"Q1","15511","5 ","US30: (10TH ST) /HUGHES STREET UPGRADES (BAKER CITY)","0445-035008AF","8 INCH STORM SEWER PIPE, 5 FT DEPTH","FOOT",46,350,16100,2]
[null,"2024-03-14",2024,"Q1","15511","5 ","US30: (10TH ST) /HUGHES STREET UPGRADES (BAKER CITY)","0445-035008AF","8 INCH STORM SEWER PIPE, 5 FT DEPTH","FOOT",46,180,8280,3]
[null,"2024-03-14",2024,"Q1","15511","5 ","US30: (10TH ST) /HUGHES STREET UPGRADES (BAKER CITY)","0445-035008AF","8 INCH STORM SEWER PIPE, 5 FT DEPTH","FOOT",46,260,11960,4]
[null,"2024-03-14",2024,"Q1","15511","5 ","US30: (10TH ST) /HUGHES STREET UPGRADES (BAKER CITY)","0445-035008BF","8 INCH STORM SEWER PIPE, 10 FT DEPTH","FOOT",28,1,28,1]
[null,"2024-03-14",2024,"Q1","15511","5 ","US30: (10TH ST) /HUGHES STREET UPGRADES (BAKER CITY)","0445-035008BF","8 INCH STORM SEWER PIPE, 10 FT DEPTH","FOOT",28,200,5600,2]
[null,"2024-03-14",2024,"Q1","15511","5 ","US30: (10TH ST) /HUGHES STREET UPGRADES (BAKER CITY)","0445-035008BF","8 INCH STORM SEWER PIPE, 10 FT DEPTH","FOOT",28,210,5880,3]
[null,"2024-03-14",2024,"Q1","15511","5 ","US30: (10TH ST) /HUGHES STREET UPGRADES (BAKER CITY)","0445-035008BF","8 INCH STORM SEWER PIPE, 10 FT DEPTH","FOOT",28,460,12880,4]
[null,"2024-03-14",2024,"Q1","15511","5 ","US30: (10TH ST) /HUGHES STREET UPGRADES (BAKER CITY)","0445-035012AF","12 INCH STORM SEWER PIPE, 5 FT DEPTH","FOOT",354,210,74340,1]
[null,"2024-03-14",2024,"Q1","15511","5 ","US30: (10TH ST) /HUGHES STREET UPGRADES (BAKER CITY)","0445-035012AF","12 INCH STORM SEWER PIPE, 5 FT DEPTH","FOOT",354,480,169920,2]
[null,"2024-03-14",2024,"Q1","15511","5 ","US30: (10TH ST) /HUGHES STREET UPGRADES (BAKER CITY)","0445-035012AF","12 INCH STORM SEWER PIPE, 5 FT DEPTH","FOOT",354,166,58764,3]
[null,"2024-03-14",2024,"Q1","15511","5 ","US30: (10TH ST) /HUGHES STREET UPGRADES (BAKER CITY)","0445-035012AF","12 INCH STORM SEWER PIPE, 5 FT DEPTH","FOOT",354,290,102660,4]
[null,"2024-03-14",2024,"Q1","15511","5 ","US30: (10TH ST) /HUGHES STREET UPGRADES (BAKER CITY)","0445-035012BF","12 INCH STORM SEWER PIPE, 10 FT DEPTH","FOOT",340,57,19380,1]
[null,"2024-03-14",2024,"Q1","15511","5 ","US30: (10TH ST) /HUGHES STREET UPGRADES (BAKER CITY)","0445-035012BF","12 INCH STORM SEWER PIPE, 10 FT DEPTH","FOOT",340,400,136000,2]
[null,"2024-03-14",2024,"Q1","15511","5 ","US30: (10TH ST) /HUGHES STREET UPGRADES (BAKER CITY)","0445-035012BF","12 INCH STORM SEWER PIPE, 10 FT DEPTH","FOOT",340,300,102000,3]
[null,"2024-03-14",2024,"Q1","15511","5 ","US30: (10TH ST) /HUGHES STREET UPGRADES (BAKER CITY)","0445-035012BF","12 INCH STORM SEWER PIPE, 10 FT DEPTH","FOOT",340,490,166600,4]
[null,"2024-03-14",2024,"Q1","15511","5 ","US30: (10TH ST) /HUGHES STREET UPGRADES (BAKER CITY)","0445-035024AF","24 INCH STORM SEWER PIPE, 5 FT DEPTH","FOOT",34,310,10540,1]
[null,"2024-03-14",2024,"Q1","15511","5 ","US30: (10TH ST) /HUGHES STREET UPGRADES (BAKER CITY)","0445-035024AF","24 INCH STORM SEWER PIPE, 5 FT DEPTH","FOOT",34,510,17340,2]
[null,"2024-03-14",2024,"Q1","15511","5 ","US30: (10TH ST) /HUGHES STREET UPGRADES (BAKER CITY)","0445-035024AF","24 INCH STORM SEWER PIPE, 5 FT DEPTH","FOOT",34,400,13600,3]
[null,"2024-03-14",2024,"Q1","15511","5 ","US30: (10TH ST) /HUGHES STREET UPGRADES (BAKER CITY)","0445-035024AF","24 INCH STORM SEWER PIPE, 5 FT DEPTH","FOOT",34,360,12240,4]
[null,"2024-03-14",2024,"Q1","15511","5 ","US30: (10TH ST) /HUGHES STREET UPGRADES (BAKER CITY)","0445-060008AF","8 INCH DUCTILE IRON PIPE, 5 FT DEPTH","FOOT",1474,197,290378,1]
[null,"2024-03-14",2024,"Q1","15511","5 ","US30: (10TH ST) /HUGHES STREET UPGRADES (BAKER CITY)","0445-060008AF","8 INCH DUCTILE IRON PIPE, 5 FT DEPTH","FOOT",1474,210,309540,2]
[null,"2024-03-14",2024,"Q1","15511","5 ","US30: (10TH ST) /HUGHES STREET UPGRADES (BAKER CITY)","0445-060008AF","8 INCH DUCTILE IRON PIPE, 5 FT DEPTH","FOOT",1474,220,324280,3]
[null,"2024-03-14",2024,"Q1","15511","5 ","US30: (10TH ST) /HUGHES STREET UPGRADES (BAKER CITY)","0445-060008AF","8 INCH DUCTILE IRON PIPE, 5 FT DEPTH","FOOT",1474,310,456940,4]
[null,"2024-03-14",2024,"Q1","15511","5 ","US30: (10TH ST) /HUGHES STREET UPGRADES (BAKER CITY)","0445-060010AF","10 INCH DUCTILE IRON PIPE, 5 FT DEPTH","FOOT",18,300,5400,1]
[null,"2024-03-14",2024,"Q1","15511","5 ","US30: (10TH ST) /HUGHES STREET UPGRADES (BAKER CITY)","0445-060010AF","10 INCH DUCTILE IRON PIPE, 5 FT DEPTH","FOOT",18,370,6660,2]
[null,"2024-03-14",2024,"Q1","15511","5 ","US30: (10TH ST) /HUGHES STREET UPGRADES (BAKER CITY)","0445-060010AF","10 INCH DUCTILE IRON PIPE, 5 FT DEPTH","FOOT",18,240,4320,3]
[null,"2024-03-14",2024,"Q1","15511","5 ","US30: (10TH ST) /HUGHES STREET UPGRADES (BAKER CITY)","0445-060010AF","10 INCH DUCTILE IRON PIPE, 5 FT DEPTH","FOOT",18,330,5940,4]
[null,"2024-03-14",2024,"Q1","15511","5 ","US30: (10TH ST) /HUGHES STREET UPGRADES (BAKER CITY)","0445-060012AF","12 INCH DUCTILE IRON PIPE, 5 FT DEPTH","FOOT",874,400,349600,1]
[null,"2024-03-14",2024,"Q1","15511","5 ","US30: (10TH ST) /HUGHES STREET UPGRADES (BAKER CITY)","0445-060012AF","12 INCH DUCTILE IRON PIPE, 5 FT DEPTH","FOOT",874,385,336490,2]
[null,"2024-03-14",2024,"Q1","15511","5 ","US30: (10TH ST) /HUGHES STREET UPGRADES (BAKER CITY)","0445-060012AF","12 INCH DUCTILE IRON PIPE, 5 FT DEPTH","FOOT",874,240,209760,3]
[null,"2024-03-14",2024,"Q1","15511","5 ","US30: (10TH ST) /HUGHES STREET UPGRADES (BAKER CITY)","0445-060012AF","12 INCH DUCTILE IRON PIPE, 5 FT DEPTH","FOOT",874,350,305900,4]
[null,"2024-03-14",2024,"Q1","15511","5 ","US30: (10TH ST) /HUGHES STREET UPGRADES (BAKER CITY)","0460-0100000J","PAVED CULVERT END SLOPES","SQFT",130,99,12870,1]
[null,"2024-03-14",2024,"Q1","15511","5 ","US30: (10TH ST) /HUGHES STREET UPGRADES (BAKER CITY)","0460-0100000J","PAVED CULVERT END SLOPES","SQFT",130,175,22750,2]
[null,"2024-03-14",2024,"Q1","15511","5 ","US30: (10TH ST) /HUGHES STREET UPGRADES (BAKER CITY)","0460-0100000J","PAVED CULVERT END SLOPES","SQFT",130,250,32500,3]
[null,"2024-03-14",2024,"Q1","15511","5 ","US30: (10TH ST) /HUGHES STREET UPGRADES (BAKER CITY)","0460-0100000J","PAVED CULVERT END SLOPES","SQFT",130,80,10400,4]
[null,"2024-03-14",2024,"Q1","15511","5 ","US30: (10TH ST) /HUGHES STREET UPGRADES (BAKER CITY)","0470-0101000E","CONCRETE STORM SEWER MANHOLES","EACH",13,11370,147810,1]
[null,"2024-03-14",2024,"Q1","15511","5 ","US30: (10TH ST) /HUGHES STREET UPGRADES (BAKER CITY)","0470-0101000E","CONCRETE STORM SEWER MANHOLES","EACH",13,7500,97500,2]
[null,"2024-03-14",2024,"Q1","15511","5 ","US30: (10TH ST) /HUGHES STREET UPGRADES (BAKER CITY)","0470-0101000E","CONCRETE STORM SEWER MANHOLES","EACH",13,13000,169000,3]
[null,"2024-03-14",2024,"Q1","15511","5 ","US30: (10TH ST) /HUGHES STREET UPGRADES (BAKER CITY)","0470-0101000E","CONCRETE STORM SEWER MANHOLES","EACH",13,11000,143000,4]
[null,"2024-03-14",2024,"Q1","15511","5 ","US30: (10TH ST) /HUGHES STREET UPGRADES (BAKER CITY)","0470-0106000E","CONCRETE MANHOLES, LARGE PRECAST","EACH",2,21390,42780,1]
[null,"2024-03-14",2024,"Q1","15511","5 ","US30: (10TH ST) /HUGHES STREET UPGRADES (BAKER CITY)","0470-0106000E","VAULT OVER MANHOLE","EACH",4,16000,64000,1]
[null,"2024-03-14",2024,"Q1","15511","5 ","US30: (10TH ST) /HUGHES STREET UPGRADES (BAKER CITY)","0470-0106000E","VAULT OVER MANHOLE","EACH",4,20000,80000,2]
[null,"2024-03-14",2024,"Q1","15511","5 ","US30: (10TH ST) /HUGHES STREET UPGRADES (BAKER CITY)","0470-0106000E","CONCRETE MANHOLES, LARGE PRECAST","EACH",2,18000,36000,2]
[null,"2024-03-14",2024,"Q1","15511","5 ","US30: (10TH ST) /HUGHES STREET UPGRADES (BAKER CITY)","0470-0106000E","VAULT OVER MANHOLE","EACH",4,13000,52000,3]
[null,"2024-03-14",2024,"Q1","15511","5 ","US30: (10TH ST) /HUGHES STREET UPGRADES (BAKER CITY)","0470-0106000E","CONCRETE MANHOLES, LARGE PRECAST","EACH",2,15880,31760,3]
[null,"2024-03-14",2024,"Q1","15511","5 ","US30: (10TH ST) /HUGHES STREET UPGRADES (BAKER CITY)","0470-0106000E","VAULT OVER MANHOLE","EACH",4,25000,100000,4]
[null,"2024-03-14",2024,"Q1","15511","5 ","US30: (10TH ST) /HUGHES STREET UPGRADES (BAKER CITY)","0470-0106000E","CONCRETE MANHOLES, LARGE PRECAST","EACH",2,20000,40000,4]
[null,"2024-03-14",2024,"Q1","15511","5 ","US30: (10TH ST) /HUGHES STREET UPGRADES (BAKER CITY)","0470-0118000E","CONCRETE MANHOLES, WITH INLET, LARGE","EACH",15,17080,256200,1]
[null,"2024-03-14",2024,"Q1","15511","5 ","US30: (10TH ST) /HUGHES STREET UPGRADES (BAKER CITY)","0470-0118000E","CONCRETE MANHOLES, WITH INLET, LARGE","EACH",15,16000,240000,2]
[null,"2024-03-14",2024,"Q1","15511","5 ","US30: (10TH ST) /HUGHES STREET UPGRADES (BAKER CITY)","0470-0118000E","CONCRETE MANHOLES, WITH INLET, LARGE","EACH",15,16920,253800,3]
[null,"2024-03-14",2024,"Q1","15511","5 ","US30: (10TH ST) /HUGHES STREET UPGRADES (BAKER CITY)","0470-0118000E","CONCRETE MANHOLES, WITH INLET, LARGE","EACH",15,22000,330000,4]
[null,"2024-03-14",2024,"Q1","15511","5 ","US30: (10TH ST) /HUGHES STREET UPGRADES (BAKER CITY)","0470-0307000E","CONCRETE INLETS, TYPE CG-2","EACH",6,3540,21240,1]
[null,"2024-03-14",2024,"Q1","15511","5 ","US30: (10TH ST) /HUGHES STREET UPGRADES (BAKER CITY)","0470-0307000E","CONCRETE INLETS, TYPE CG-2","EACH",6,5250,31500,2]
[null,"2024-03-14",2024,"Q1","15511","5 ","US30: (10TH ST) /HUGHES STREET UPGRADES (BAKER CITY)","0470-0307000E","CONCRETE INLETS, TYPE CG-2","EACH",6,2700,16200,3]
[null,"2024-03-14",2024,"Q1","15511","5 ","US30: (10TH ST) /HUGHES STREET UPGRADES (BAKER CITY)","0470-0307000E","CONCRETE INLETS, TYPE CG-2","EACH",6,7000,42000,4]
[null,"2024-03-14",2024,"Q1","15511","5 ","US30: (10TH ST) /HUGHES STREET UPGRADES (BAKER CITY)","0470-0315000E","CONCRETE INLETS, TYPE G-2","EACH",73,3540,258420,1]
[null,"2024-03-14",2024,"Q1","15511","5 ","US30: (10TH ST) /HUGHES STREET UPGRADES (BAKER CITY)","0470-0315000E","CONCRETE INLETS, TYPE G-2","EACH",73,5000,365000,2]
[null,"2024-03-14",2024,"Q1","15511","5 ","US30: (10TH ST) /HUGHES STREET UPGRADES (BAKER CITY)","0470-0315000E","CONCRETE INLETS, TYPE G-2","EACH",73,2600,189800,3]
[null,"2024-03-14",2024,"Q1","15511","5 ","US30: (10TH ST) /HUGHES STREET UPGRADES (BAKER CITY)","0470-0315000E","CONCRETE INLETS, TYPE G-2","EACH",73,7000,511000,4]
[null,"2024-03-14",2024,"Q1","15511","5 ","US30: (10TH ST) /HUGHES STREET UPGRADES (BAKER CITY)","0490-0100000E","ADJUSTING BOXES","EACH",30,740,22200,1]
[null,"2024-03-14",2024,"Q1","15511","5 ","US30: (10TH ST) /HUGHES STREET UPGRADES (BAKER CITY)","0490-0100000E","ADJUSTING BOXES","EACH",30,800,24000,2]
[null,"2024-03-14",2024,"Q1","15511","5 ","US30: (10TH ST) /HUGHES STREET UPGRADES (BAKER CITY)","0490-0100000E","ADJUSTING BOXES","EACH",30,225,6750,3]
[null,"2024-03-14",2024,"Q1","15511","5 ","US30: (10TH ST) /HUGHES STREET UPGRADES (BAKER CITY)","0490-0100000E","ADJUSTING BOXES","EACH",30,800,24000,4]
[null,"2024-03-14",2024,"Q1","15511","5 ","US30: (10TH ST) /HUGHES STREET UPGRADES (BAKER CITY)","0490-0104000E","CONNECTION TO EXISTING STRUCTURES","EACH",45,1300,58500,1]
[null,"2024-03-14",2024,"Q1","15511","5 ","US30: (10TH ST) /HUGHES STREET UPGRADES (BAKER CITY)","0490-0104000E","CONNECTION TO EXISTING STRUCTURES","EACH",45,600,27000,2]
[null,"2024-03-14",2024,"Q1","15511","5 ","US30: (10TH ST) /HUGHES STREET UPGRADES (BAKER CITY)","0490-0104000E","CONNECTION TO EXISTING STRUCTURES","EACH",45,900,40500,3]
[null,"2024-03-14",2024,"Q1","15511","5 ","US30: (10TH ST) /HUGHES STREET UPGRADES (BAKER CITY)","0490-0104000E","CONNECTION TO EXISTING STRUCTURES","EACH",45,1000,45000,4]
[null,"2024-03-14",2024,"Q1","15511","5 ","US30: (10TH ST) /HUGHES STREET UPGRADES (BAKER CITY)","0490-0105000E","ADJUSTING INLETS","EACH",1,1680,1680,1]
[null,"2024-03-14",2024,"Q1","15511","5 ","US30: (10TH ST) /HUGHES STREET UPGRADES (BAKER CITY)","0490-0105000E","ADJUSTING INLETS","EACH",1,3000,3000,2]
[null,"2024-03-14",2024,"Q1","15511","5 ","US30: (10TH ST) /HUGHES STREET UPGRADES (BAKER CITY)","0490-0105000E","ADJUSTING INLETS","EACH",1,450,450,3]
[null,"2024-03-14",2024,"Q1","15511","5 ","US30: (10TH ST) /HUGHES STREET UPGRADES (BAKER CITY)","0490-0105000E","ADJUSTING INLETS","EACH",1,2000,2000,4]
[null,"2024-03-14",2024,"Q1","15511","5 ","US30: (10TH ST) /HUGHES STREET UPGRADES (BAKER CITY)","0490-0117000E","FILLING ABANDONED STRUCTURES","EACH",1,9120,9120,1]
[null,"2024-03-14",2024,"Q1","15511","5 ","US30: (10TH ST) /HUGHES STREET UPGRADES (BAKER CITY)","0490-0117000E","FILLING ABANDONED STRUCTURES","EACH",1,5000,5000,2]
[null,"2024-03-14",2024,"Q1","15511","5 ","US30: (10TH ST) /HUGHES STREET UPGRADES (BAKER CITY)","0490-0117000E","FILLING ABANDONED STRUCTURES","EACH",1,8000,8000,3]
[null,"2024-03-14",2024,"Q1","15511","5 ","US30: (10TH ST) /HUGHES STREET UPGRADES (BAKER CITY)","0490-0117000E","FILLING ABANDONED STRUCTURES","EACH",1,3000,3000,4]
[null,"2024-03-14",2024,"Q1","15511","5 ","US30: (10TH ST) /HUGHES STREET UPGRADES (BAKER CITY)","0490-0120000E","MINOR ADJUSTMENT OF MANHOLES","EACH",4,740,2960,1]
[null,"2024-03-14",2024,"Q1","15511","5 ","US30: (10TH ST) /HUGHES STREET UPGRADES (BAKER CITY)","0490-0120000E","MINOR ADJUSTMENT OF MANHOLES","EACH",4,1500,6000,2]
[null,"2024-03-14",2024,"Q1","15511","5 ","US30: (10TH ST) /HUGHES STREET UPGRADES (BAKER CITY)","0490-0120000E","MINOR ADJUSTMENT OF MANHOLES","EACH",4,380,1520,3]
[null,"2024-03-14",2024,"Q1","15511","5 ","US30: (10TH ST) /HUGHES STREET UPGRADES (BAKER CITY)","0490-0120000E","MINOR ADJUSTMENT OF MANHOLES","EACH",4,3000,12000,4]
[null,"2024-03-14",2024,"Q1","15511","5 ","US30: (10TH ST) /HUGHES STREET UPGRADES (BAKER CITY)","0490-0121000E","MAJOR ADJUSTMENT OF MANHOLES","EACH",2,7130,14260,1]
[null,"2024-03-14",2024,"Q1","15511","5 ","US30: (10TH ST) /HUGHES STREET UPGRADES (BAKER CITY)","0490-0121000E","MAJOR ADJUSTMENT OF MANHOLES","EACH",2,3500,7000,2]
[null,"2024-03-14",2024,"Q1","15511","5 ","US30: (10TH ST) /HUGHES STREET UPGRADES (BAKER CITY)","0490-0121000E","MAJOR ADJUSTMENT OF MANHOLES","EACH",2,770,1540,3]
[null,"2024-03-14",2024,"Q1","15511","5 ","US30: (10TH ST) /HUGHES STREET UPGRADES (BAKER CITY)","0490-0121000E","MAJOR ADJUSTMENT OF MANHOLES","EACH",2,5000,10000,4]
[null,"2024-03-14",2024,"Q1","15511","5 ","US30: (10TH ST) /HUGHES STREET UPGRADES (BAKER CITY)","0495-0100000J","TRENCH RESURFACING","SQYD",507,210,106470,1]
[null,"2024-03-14",2024,"Q1","15511","5 ","US30: (10TH ST) /HUGHES STREET UPGRADES (BAKER CITY)","0495-0100000J","TRENCH RESURFACING","SQYD",507,175,88725,2]
[null,"2024-03-14",2024,"Q1","15511","5 ","US30: (10TH ST) /HUGHES STREET UPGRADES (BAKER CITY)","0495-0100000J","TRENCH RESURFACING","SQYD",507,240,121680,3]
[null,"2024-03-14",2024,"Q1","15511","5 ","US30: (10TH ST) /HUGHES STREET UPGRADES (BAKER CITY)","0495-0100000J","TRENCH RESURFACING","SQYD",507,130,65910,4]
[null,"2024-03-14",2024,"Q1","15511","5 ","US30: (10TH ST) /HUGHES STREET UPGRADES (BAKER CITY)","0596-B002000A","RETAINING WALL, PREFABRICATED MODULAR GRAVITY","SQFT",68,127.94117647058823,8700,1]
[null,"2024-03-14",2024,"Q1","15511","5 ","US30: (10TH ST) /HUGHES STREET UPGRADES (BAKER CITY)","0596-B002000A","RETAINING WALL, PREFABRICATED MODULAR GRAVITY","SQFT",68,330.88235294117646,22500,2]
[null,"2024-03-14",2024,"Q1","15511","5 ","US30: (10TH ST) /HUGHES STREET UPGRADES (BAKER CITY)","0596-B002000A","RETAINING WALL, PREFABRICATED MODULAR GRAVITY","SQFT",68,108.82352941176471,7400,3]
[null,"2024-03-14",2024,"Q1","15511","5 ","US30: (10TH ST) /HUGHES STREET UPGRADES (BAKER CITY)","0596-B002000A","RETAINING WALL, PREFABRICATED MODULAR GRAVITY","SQFT",68,117.64705882352941,8000,4]
[null,"2024-03-14",2024,"Q1","15511","5 ","US30: (10TH ST) /HUGHES STREET UPGRADES (BAKER CITY)","0620-0106000J","COLD PLANE PAVEMENT REMOVAL, 0 - 3 INCHES DEEP","SQYD",470,10,4700,1]
[null,"2024-03-14",2024,"Q1","15511","5 ","US30: (10TH ST) /HUGHES STREET UPGRADES (BAKER CITY)","0620-0106000J","COLD PLANE PAVEMENT REMOVAL, 0 - 3 INCHES DEEP","SQYD",470,15,7050,2]
[null,"2024-03-14",2024,"Q1","15511","5 ","US30: (10TH ST) /HUGHES STREET UPGRADES (BAKER CITY)","0620-0106000J","COLD PLANE PAVEMENT REMOVAL, 0 - 3 INCHES DEEP","SQYD",470,22,10340,3]
[null,"2024-03-14",2024,"Q1","15511","5 ","US30: (10TH ST) /HUGHES STREET UPGRADES (BAKER CITY)","0620-0106000J","COLD PLANE PAVEMENT REMOVAL, 0 - 3 INCHES DEEP","SQYD",470,25,11750,4]
[null,"2024-03-14",2024,"Q1","15511","5 ","US30: (10TH ST) /HUGHES STREET UPGRADES (BAKER CITY)","0620-0112000J","COLD PLANE PAVEMENT REMOVAL, 2-3 INCHES DEEP","SQYD",7210,7,50470,1]
[null,"2024-03-14",2024,"Q1","15511","5 ","US30: (10TH ST) /HUGHES STREET UPGRADES (BAKER CITY)","0620-0112000J","COLD PLANE PAVEMENT REMOVAL, 2-3 INCHES DEEP","SQYD",7210,5,36050,2]
[null,"2024-03-14",2024,"Q1","15511","5 ","US30: (10TH ST) /HUGHES STREET UPGRADES (BAKER CITY)","0620-0112000J","COLD PLANE PAVEMENT REMOVAL, 2-3 INCHES DEEP","SQYD",7210,8,57680,3]
[null,"2024-03-14",2024,"Q1","15511","5 ","US30: (10TH ST) /HUGHES STREET UPGRADES (BAKER CITY)","0620-0112000J","COLD PLANE PAVEMENT REMOVAL, 2-3 INCHES DEEP","SQYD",7210,10,72100,4]
[null,"2024-03-14",2024,"Q1","15511","5 ","US30: (10TH ST) /HUGHES STREET UPGRADES (BAKER CITY)","0620-0122000J","COLD PLANE PAVEMENT REMOVAL, 3 INCHES DEEP","SQYD",2500,7.5,18750,1]
[null,"2024-03-14",2024,"Q1","15511","5 ","US30: (10TH ST) /HUGHES STREET UPGRADES (BAKER CITY)","0620-0122000J","COLD PLANE PAVEMENT REMOVAL, 3 INCHES DEEP","SQYD",2500,5,12500,2]
[null,"2024-03-14",2024,"Q1","15511","5 ","US30: (10TH ST) /HUGHES STREET UPGRADES (BAKER CITY)","0620-0122000J","COLD PLANE PAVEMENT REMOVAL, 3 INCHES DEEP","SQYD",2500,9,22500,3]
[null,"2024-03-14",2024,"Q1","15511","5 ","US30: (10TH ST) /HUGHES STREET UPGRADES (BAKER CITY)","0620-0122000J","COLD PLANE PAVEMENT REMOVAL, 3 INCHES DEEP","SQYD",2500,12,30000,4]
[null,"2024-03-14",2024,"Q1","15511","5 ","US30: (10TH ST) /HUGHES STREET UPGRADES (BAKER CITY)","0641-0102000M","AGGREGATE BASE","TON",7660,47,360020,1]
[null,"2024-03-14",2024,"Q1","15511","5 ","US30: (10TH ST) /HUGHES STREET UPGRADES (BAKER CITY)","0641-0102000M","AGGREGATE BASE","TON",7660,40.25,308315,2]
[null,"2024-03-14",2024,"Q1","15511","5 ","US30: (10TH ST) /HUGHES STREET UPGRADES (BAKER CITY)","0641-0102000M","AGGREGATE BASE","TON",7660,105,804300,3]
[null,"2024-03-14",2024,"Q1","15511","5 ","US30: (10TH ST) /HUGHES STREET UPGRADES (BAKER CITY)","0641-0102000M","AGGREGATE BASE","TON",7660,15,114900,4]
[null,"2024-03-14",2024,"Q1","15511","5 ","US30: (10TH ST) /HUGHES STREET UPGRADES (BAKER CITY)","0705-0101000M","EMULSIFIED ASPHALT IN FOG COAT","TON",5,1260,6300,1]
[null,"2024-03-14",2024,"Q1","15511","5 ","US30: (10TH ST) /HUGHES STREET UPGRADES (BAKER CITY)","0705-0101000M","EMULSIFIED ASPHALT IN FOG COAT","TON",5,1000,5000,2]
[null,"2024-03-14",2024,"Q1","15511","5 ","US30: (10TH ST) /HUGHES STREET UPGRADES (BAKER CITY)","0705-0101000M","EMULSIFIED ASPHALT IN FOG COAT","TON",5,1000,5000,3]
[null,"2024-03-14",2024,"Q1","15511","5 ","US30: (10TH ST) /HUGHES STREET UPGRADES (BAKER CITY)","0705-0101000M","EMULSIFIED ASPHALT IN FOG COAT","TON",5,1000,5000,4]
[null,"2024-03-14",2024,"Q1","15511","5 ","US30: (10TH ST) /HUGHES STREET UPGRADES (BAKER CITY)","0740-0100000M","COMMERCIAL ASPHALT CONCRETE PAVEMENT","TON",420,350,147000,1]
[null,"2024-03-14",2024,"Q1","15511","5 ","US30: (10TH ST) /HUGHES STREET UPGRADES (BAKER CITY)","0740-0100000M","COMMERCIAL ASPHALT CONCRETE PAVEMENT","TON",420,275,115500,2]
[null,"2024-03-14",2024,"Q1","15511","5 ","US30: (10TH ST) /HUGHES STREET UPGRADES (BAKER CITY)","0740-0100000M","COMMERCIAL ASPHALT CONCRETE PAVEMENT","TON",420,490,205800,3]
[null,"2024-03-14",2024,"Q1","15511","5 ","US30: (10TH ST) /HUGHES STREET UPGRADES (BAKER CITY)","0740-0100000M","COMMERCIAL ASPHALT CONCRETE PAVEMENT","TON",420,275,115500,4]
[null,"2024-03-14",2024,"Q1","15511","5 ","US30: (10TH ST) /HUGHES STREET UPGRADES (BAKER CITY)","0744-0302000M","LEVEL 3, 1/2 INCH ACP MIXTURE","TON",3350,157,525950,1]
[null,"2024-03-14",2024,"Q1","15511","5 ","US30: (10TH ST) /HUGHES STREET UPGRADES (BAKER CITY)","0744-0302000M","LEVEL 3, 1/2 INCH ACP MIXTURE","TON",3350,280,938000,2]
[null,"2024-03-14",2024,"Q1","15511","5 ","US30: (10TH ST) /HUGHES STREET UPGRADES (BAKER CITY)","0744-0302000M","LEVEL 3, 1/2 INCH ACP MIXTURE","TON",3350,290,971500,3]
[null,"2024-03-14",2024,"Q1","15511","5 ","US30: (10TH ST) /HUGHES STREET UPGRADES (BAKER CITY)","0744-0302000M","LEVEL 3, 1/2 INCH ACP MIXTURE","TON",3350,225,753750,4]
[null,"2024-03-14",2024,"Q1","15511","5 ","US30: (10TH ST) /HUGHES STREET UPGRADES (BAKER CITY)","0749-0100000E","EXTRA FOR ASPHALT APPROACHES","EACH",24,2280,54720,1]
[null,"2024-03-14",2024,"Q1","15511","5 ","US30: (10TH ST) /HUGHES STREET UPGRADES (BAKER CITY)","0749-0100000E","EXTRA FOR ASPHALT APPROACHES","EACH",24,2000,48000,2]
[null,"2024-03-14",2024,"Q1","15511","5 ","US30: (10TH ST) /HUGHES STREET UPGRADES (BAKER CITY)","0749-0100000E","EXTRA FOR ASPHALT APPROACHES","EACH",24,1400,33600,3]
[null,"2024-03-14",2024,"Q1","15511","5 ","US30: (10TH ST) /HUGHES STREET UPGRADES (BAKER CITY)","0749-0100000E","EXTRA FOR ASPHALT APPROACHES","EACH",24,2000,48000,4]
[null,"2024-03-14",2024,"Q1","15511","5 ","US30: (10TH ST) /HUGHES STREET UPGRADES (BAKER CITY)","0749-0108000J","EXTRA FOR ASPHALT SLOPE PAVING","SQFT",28200,3.75,105750,1]
[null,"2024-03-14",2024,"Q1","15511","5 ","US30: (10TH ST) /HUGHES STREET UPGRADES (BAKER CITY)","0749-0108000J","EXTRA FOR ASPHALT SLOPE PAVING","SQFT",28200,4.8499999999999996,136770,2]
[null,"2024-03-14",2024,"Q1","15511","5 ","US30: (10TH ST) /HUGHES STREET UPGRADES (BAKER CITY)","0749-0108000J","EXTRA FOR ASPHALT SLOPE PAVING","SQFT",28200,1.4,39480,3]
[null,"2024-03-14",2024,"Q1","15511","5 ","US30: (10TH ST) /HUGHES STREET UPGRADES (BAKER CITY)","0749-0108000J","EXTRA FOR ASPHALT SLOPE PAVING","SQFT",28200,5,141000,4]
[null,"2024-03-14",2024,"Q1","15511","5 ","US30: (10TH ST) /HUGHES STREET UPGRADES (BAKER CITY)","0759-0102000F","CONCRETE CURBS, MODIFIED","FOOT",585,73,42705,1]
[null,"2024-03-14",2024,"Q1","15511","5 ","US30: (10TH ST) /HUGHES STREET UPGRADES (BAKER CITY)","0759-0102000F","CONCRETE CURBS, MODIFIED","FOOT",585,85,49725,2]
[null,"2024-03-14",2024,"Q1","15511","5 ","US30: (10TH ST) /HUGHES STREET UPGRADES (BAKER CITY)","0759-0102000F","CONCRETE CURBS, MODIFIED","FOOT",585,60,35100,3]
[null,"2024-03-14",2024,"Q1","15511","5 ","US30: (10TH ST) /HUGHES STREET UPGRADES (BAKER CITY)","0759-0102000F","CONCRETE CURBS, MODIFIED","FOOT",585,90,52650,4]
[null,"2024-03-14",2024,"Q1","15511","5 ","US30: (10TH ST) /HUGHES STREET UPGRADES (BAKER CITY)","0759-0103000F","CONCRETE CURBS, CURB AND GUTTER","FOOT",8200,51,418200,1]
[null,"2024-03-14",2024,"Q1","15511","5 ","US30: (10TH ST) /HUGHES STREET UPGRADES (BAKER CITY)","0759-0103000F","CONCRETE CURBS, CURB AND GUTTER","FOOT",8200,70,574000,2]
[null,"2024-03-14",2024,"Q1","15511","5 ","US30: (10TH ST) /HUGHES STREET UPGRADES (BAKER CITY)","0759-0103000F","CONCRETE CURBS, CURB AND GUTTER","FOOT",8200,70,574000,3]
[null,"2024-03-14",2024,"Q1","15511","5 ","US30: (10TH ST) /HUGHES STREET UPGRADES (BAKER CITY)","0759-0103000F","CONCRETE CURBS, CURB AND GUTTER","FOOT",8200,65,533000,4]
[null,"2024-03-14",2024,"Q1","15511","5 ","US30: (10TH ST) /HUGHES STREET UPGRADES (BAKER CITY)","0759-0114000F","CONCRETE CURBS, MOUNTABLE CURB AND GUTTER","FOOT",320,100,32000,1]
[null,"2024-03-14",2024,"Q1","15511","5 ","US30: (10TH ST) /HUGHES STREET UPGRADES (BAKER CITY)","0759-0114000F","CONCRETE CURBS, MOUNTABLE CURB AND GUTTER","FOOT",320,85,27200,2]
[null,"2024-03-14",2024,"Q1","15511","5 ","US30: (10TH ST) /HUGHES STREET UPGRADES (BAKER CITY)","0759-0114000F","CONCRETE CURBS, MOUNTABLE CURB AND GUTTER","FOOT",320,75,24000,3]
[null,"2024-03-14",2024,"Q1","15511","5 ","US30: (10TH ST) /HUGHES STREET UPGRADES (BAKER CITY)","0759-0114000F","CONCRETE CURBS, MOUNTABLE CURB AND GUTTER","FOOT",320,120,38400,4]
[null,"2024-03-14",2024,"Q1","15511","5 ","US30: (10TH ST) /HUGHES STREET UPGRADES (BAKER CITY)","0759-0122000J","CONCRETE ISLANDS","SQFT",2000,12.5,25000,1]
[null,"2024-03-14",2024,"Q1","15511","5 ","US30: (10TH ST) /HUGHES STREET UPGRADES (BAKER CITY)","0759-0122000J","CONCRETE ISLANDS","SQFT",2000,35,70000,2]
[null,"2024-03-14",2024,"Q1","15511","5 ","US30: (10TH ST) /HUGHES STREET UPGRADES (BAKER CITY)","0759-0122000J","CONCRETE ISLANDS","SQFT",2000,22,44000,3]
[null,"2024-03-14",2024,"Q1","15511","5 ","US30: (10TH ST) /HUGHES STREET UPGRADES (BAKER CITY)","0759-0122000J","CONCRETE ISLANDS","SQFT",2000,15,30000,4]
[null,"2024-03-14",2024,"Q1","15511","5 ","US30: (10TH ST) /HUGHES STREET UPGRADES (BAKER CITY)","0759-0126000J","CONCRETE DRIVEWAYS","SQFT",17300,16.25,281125,1]
[null,"2024-03-14",2024,"Q1","15511","5 ","US30: (10TH ST) /HUGHES STREET UPGRADES (BAKER CITY)","0759-0126000J","CONCRETE DRIVEWAYS","SQFT",17300,18,311400,2]
[null,"2024-03-14",2024,"Q1","15511","5 ","US30: (10TH ST) /HUGHES STREET UPGRADES (BAKER CITY)","0759-0126000J","CONCRETE DRIVEWAYS","SQFT",17300,24,415200,3]
[null,"2024-03-14",2024,"Q1","15511","5 ","US30: (10TH ST) /HUGHES STREET UPGRADES (BAKER CITY)","0759-0126000J","CONCRETE DRIVEWAYS","SQFT",17300,25,432500,4]
[null,"2024-03-14",2024,"Q1","15511","5 ","US30: (10TH ST) /HUGHES STREET UPGRADES (BAKER CITY)","0759-0128000J","CONCRETE WALKS","SQFT",44010,10,440100,1]
[null,"2024-03-14",2024,"Q1","15511","5 ","US30: (10TH ST) /HUGHES STREET UPGRADES (BAKER CITY)","0759-0128000J","CONCRETE WALKS","SQFT",44010,16,704160,2]
[null,"2024-03-14",2024,"Q1","15511","5 ","US30: (10TH ST) /HUGHES STREET UPGRADES (BAKER CITY)","0759-0128000J","CONCRETE WALKS","SQFT",44010,15,660150,3]
[null,"2024-03-14",2024,"Q1","15511","5 ","US30: (10TH ST) /HUGHES STREET UPGRADES (BAKER CITY)","0759-0128000J","CONCRETE WALKS","SQFT",44010,15,660150,4]
[null,"2024-03-14",2024,"Q1","15511","5 ","US30: (10TH ST) /HUGHES STREET UPGRADES (BAKER CITY)","0759-0154100E","EXTRA FOR NEW CURB RAMPS","EACH",102,1810,184620,1]
[null,"2024-03-14",2024,"Q1","15511","5 ","US30: (10TH ST) /HUGHES STREET UPGRADES (BAKER CITY)","0759-0154100E","EXTRA FOR NEW CURB RAMPS","EACH",102,1200,122400,2]
[null,"2024-03-14",2024,"Q1","15511","5 ","US30: (10TH ST) /HUGHES STREET UPGRADES (BAKER CITY)","0759-0154100E","EXTRA FOR NEW CURB RAMPS","EACH",102,1240,126480,3]
[null,"2024-03-14",2024,"Q1","15511","5 ","US30: (10TH ST) /HUGHES STREET UPGRADES (BAKER CITY)","0759-0154100E","EXTRA FOR NEW CURB RAMPS","EACH",102,2500,255000,4]
[null,"2024-03-14",2024,"Q1","15511","5 ","US30: (10TH ST) /HUGHES STREET UPGRADES (BAKER CITY)","0759-0510000J","TRUNCATED DOMES ON NEW SURFACES","SQFT",1407,48,67536,1]
[null,"2024-03-14",2024,"Q1","15511","5 ","US30: (10TH ST) /HUGHES STREET UPGRADES (BAKER CITY)","0759-0510000J","TRUNCATED DOMES ON NEW SURFACES","SQFT",1407,39,54873,2]
[null,"2024-03-14",2024,"Q1","15511","5 ","US30: (10TH ST) /HUGHES STREET UPGRADES (BAKER CITY)","0759-0510000J","TRUNCATED DOMES ON NEW SURFACES","SQFT",1407,29,40803,3]
[null,"2024-03-14",2024,"Q1","15511","5 ","US30: (10TH ST) /HUGHES STREET UPGRADES (BAKER CITY)","0759-0510000J","TRUNCATED DOMES ON NEW SURFACES","SQFT",1407,48,67536,4]
[null,"2024-03-14",2024,"Q1","15511","5 ","US30: (10TH ST) /HUGHES STREET UPGRADES (BAKER CITY)","0855-0100100E","MONO-DIRECTIONAL WHITE TYPE I MARKERS","EACH",6,57,342,1]
[null,"2024-03-14",2024,"Q1","15511","5 ","US30: (10TH ST) /HUGHES STREET UPGRADES (BAKER CITY)","0855-0100100E","MONO-DIRECTIONAL WHITE TYPE I MARKERS","EACH",6,80,480,2]
[null,"2024-03-14",2024,"Q1","15511","5 ","US30: (10TH ST) /HUGHES STREET UPGRADES (BAKER CITY)","0855-0100100E","MONO-DIRECTIONAL WHITE TYPE I MARKERS","EACH",6,76,456,3]
[null,"2024-03-14",2024,"Q1","15511","5 ","US30: (10TH ST) /HUGHES STREET UPGRADES (BAKER CITY)","0855-0100100E","MONO-DIRECTIONAL WHITE TYPE I MARKERS","EACH",6,50,300,4]
[null,"2024-03-14",2024,"Q1","15511","5 ","US30: (10TH ST) /HUGHES STREET UPGRADES (BAKER CITY)","0860-0200000F","LONGITUDINAL PAVEMENT MARKINGS - PAINT","FOOT",34000,0.39,13260,1]
[null,"2024-03-14",2024,"Q1","15511","5 ","US30: (10TH ST) /HUGHES STREET UPGRADES (BAKER CITY)","0860-0200000F","LONGITUDINAL PAVEMENT MARKINGS - PAINT","FOOT",34000,0.35,11900,2]
[null,"2024-03-14",2024,"Q1","15511","5 ","US30: (10TH ST) /HUGHES STREET UPGRADES (BAKER CITY)","0860-0200000F","LONGITUDINAL PAVEMENT MARKINGS - PAINT","FOOT",34000,0.5,17000,3]
[null,"2024-03-14",2024,"Q1","15511","5 ","US30: (10TH ST) /HUGHES STREET UPGRADES (BAKER CITY)","0860-0200000F","LONGITUDINAL PAVEMENT MARKINGS - PAINT","FOOT",34000,0.34,11560,4]
[null,"2024-03-14",2024,"Q1","15511","5 ","US30: (10TH ST) /HUGHES STREET UPGRADES (BAKER CITY)","0867-0103000E","PAVEMENT LEGEND, TYPE B: ARROWS","EACH",23,600,13800,1]
[null,"2024-03-14",2024,"Q1","15511","5 ","US30: (10TH ST) /HUGHES STREET UPGRADES (BAKER CITY)","0867-0103000E","PAVEMENT LEGEND, TYPE B: ARROWS","EACH",23,550,12650,2]
[null,"2024-03-14",2024,"Q1","15511","5 ","US30: (10TH ST) /HUGHES STREET UPGRADES (BAKER CITY)","0867-0103000E","PAVEMENT LEGEND, TYPE B: ARROWS","EACH",23,800,18400,3]
[null,"2024-03-14",2024,"Q1","15511","5 ","US30: (10TH ST) /HUGHES STREET UPGRADES (BAKER CITY)","0867-0103000E","PAVEMENT LEGEND, TYPE B: ARROWS","EACH",23,525,12075,4]
[null,"2024-03-14",2024,"Q1","15511","5 ","US30: (10TH ST) /HUGHES STREET UPGRADES (BAKER CITY)","0867-0131000E","PAVEMENT LEGEND, TYPE B-HS: BICYCLE LANE STENCIL","EACH",15,370,5550,1]
[null,"2024-03-14",2024,"Q1","15511","5 ","US30: (10TH ST) /HUGHES STREET UPGRADES (BAKER CITY)","0867-0131000E","PAVEMENT LEGEND, TYPE B-HS: BICYCLE LANE STENCIL","EACH",15,350,5250,2]
[null,"2024-03-14",2024,"Q1","15511","5 ","US30: (10TH ST) /HUGHES STREET UPGRADES (BAKER CITY)","0867-0131000E","PAVEMENT LEGEND, TYPE B-HS: BICYCLE LANE STENCIL","EACH",15,498,7470,3]
[null,"2024-03-14",2024,"Q1","15511","5 ","US30: (10TH ST) /HUGHES STREET UPGRADES (BAKER CITY)","0867-0131000E","PAVEMENT LEGEND, TYPE B-HS: BICYCLE LANE STENCIL","EACH",15,325,4875,4]
[null,"2024-03-14",2024,"Q1","15511","5 ","US30: (10TH ST) /HUGHES STREET UPGRADES (BAKER CITY)","0867-0145000J","PAVEMENT BAR, TYPE B","SQFT",850,21,17850,1]
[null,"2024-03-14",2024,"Q1","15511","5 ","US30: (10TH ST) /HUGHES STREET UPGRADES (BAKER CITY)","0867-0145000J","PAVEMENT BAR, TYPE B","SQFT",850,20,17000,2]
[null,"2024-03-14",2024,"Q1","15511","5 ","US30: (10TH ST) /HUGHES STREET UPGRADES (BAKER CITY)","0867-0145000J","PAVEMENT BAR, TYPE B","SQFT",850,28,23800,3]
[null,"2024-03-14",2024,"Q1","15511","5 ","US30: (10TH ST) /HUGHES STREET UPGRADES (BAKER CITY)","0867-0145000J","PAVEMENT BAR, TYPE B","SQFT",850,18.5,15725,4]
[null,"2024-03-14",2024,"Q1","15511","5 ","US30: (10TH ST) /HUGHES STREET UPGRADES (BAKER CITY)","0867-0169100E","PAVEMENT LEGEND, TYPE B-HS: YIELD LINE TRIANGLE","EACH",17,97,1649,1]
[null,"2024-03-14",2024,"Q1","15511","5 ","US30: (10TH ST) /HUGHES STREET UPGRADES (BAKER CITY)","0867-0169100E","PAVEMENT LEGEND, TYPE B-HS: YIELD LINE TRIANGLE","EACH",17,100,1700,2]
[null,"2024-03-14",2024,"Q1","15511","5 ","US30: (10TH ST) /HUGHES STREET UPGRADES (BAKER CITY)","0867-0169100E","PAVEMENT LEGEND, TYPE B-HS: YIELD LINE TRIANGLE","EACH",17,130,2210,3]
[null,"2024-03-14",2024,"Q1","15511","5 ","US30: (10TH ST) /HUGHES STREET UPGRADES (BAKER CITY)","0867-0169100E","PAVEMENT LEGEND, TYPE B-HS: YIELD LINE TRIANGLE","EACH",17,85,1445,4]
[null,"2024-03-14",2024,"Q1","15511","5 ","US30: (10TH ST) /HUGHES STREET UPGRADES (BAKER CITY)","0869-0100000F","CURB MARKING, THERMOPLASTIC","FOOT",15,171,2565,1]
[null,"2024-03-14",2024,"Q1","15511","5 ","US30: (10TH ST) /HUGHES STREET UPGRADES (BAKER CITY)","0869-0100000F","CURB MARKING, THERMOPLASTIC","FOOT",15,150,2250,2]
[null,"2024-03-14",2024,"Q1","15511","5 ","US30: (10TH ST) /HUGHES STREET UPGRADES (BAKER CITY)","0869-0100000F","CURB MARKING, THERMOPLASTIC","FOOT",15,230,3450,3]
[null,"2024-03-14",2024,"Q1","15511","5 ","US30: (10TH ST) /HUGHES STREET UPGRADES (BAKER CITY)","0869-0100000F","CURB MARKING, THERMOPLASTIC","FOOT",15,150,2250,4]
[null,"2024-03-14",2024,"Q1","15511","5 ","US30: (10TH ST) /HUGHES STREET UPGRADES (BAKER CITY)","0902-0101000E","CROSSWALK CLOSURE SUPPORTS","EACH",4,1370,5480,1]
[null,"2024-03-14",2024,"Q1","15511","5 ","US30: (10TH ST) /HUGHES STREET UPGRADES (BAKER CITY)","0902-0101000E","CROSSWALK CLOSURE SUPPORTS","EACH",4,1000,4000,2]
[null,"2024-03-14",2024,"Q1","15511","5 ","US30: (10TH ST) /HUGHES STREET UPGRADES (BAKER CITY)","0902-0101000E","CROSSWALK CLOSURE SUPPORTS","EACH",4,1625,6500,3]
[null,"2024-03-14",2024,"Q1","15511","5 ","US30: (10TH ST) /HUGHES STREET UPGRADES (BAKER CITY)","0902-0101000E","CROSSWALK CLOSURE SUPPORTS","EACH",4,1500,6000,4]
[null,"2024-03-14",2024,"Q1","15511","5 ","US30: (10TH ST) /HUGHES STREET UPGRADES (BAKER CITY)","0905-0100000A","REMOVE EXISTING SIGNS","LS",1,5130,5130,1]
[null,"2024-03-14",2024,"Q1","15511","5 ","US30: (10TH ST) /HUGHES STREET UPGRADES (BAKER CITY)","0905-0100000A","REMOVE EXISTING SIGNS","LS",1,25000,25000,2]
[null,"2024-03-14",2024,"Q1","15511","5 ","US30: (10TH ST) /HUGHES STREET UPGRADES (BAKER CITY)","0905-0100000A","REMOVE EXISTING SIGNS","LS",1,2800,2800,3]
[null,"2024-03-14",2024,"Q1","15511","5 ","US30: (10TH ST) /HUGHES STREET UPGRADES (BAKER CITY)","0905-0100000A","REMOVE EXISTING SIGNS","LS",1,10000,10000,4]
[null,"2024-03-14",2024,"Q1","15511","5 ","US30: (10TH ST) /HUGHES STREET UPGRADES (BAKER CITY)","0910-0100000K","WOOD SIGN POSTS","FBM",1100,27,29700,1]
[null,"2024-03-14",2024,"Q1","15511","5 ","US30: (10TH ST) /HUGHES STREET UPGRADES (BAKER CITY)","0910-0100000K","WOOD SIGN POSTS","FBM",1100,15,16500,2]
[null,"2024-03-14",2024,"Q1","15511","5 ","US30: (10TH ST) /HUGHES STREET UPGRADES (BAKER CITY)","0910-0100000K","WOOD SIGN POSTS","FBM",1100,29,31900,3]
[null,"2024-03-14",2024,"Q1","15511","5 ","US30: (10TH ST) /HUGHES STREET UPGRADES (BAKER CITY)","0910-0100000K","WOOD SIGN POSTS","FBM",1100,15,16500,4]
[null,"2024-03-14",2024,"Q1","15511","5 ","US30: (10TH ST) /HUGHES STREET UPGRADES (BAKER CITY)","0920-0100000A","SIGN SUPPORT FOOTINGS","CUYD",4,5132.5,20530,1]
[null,"2024-03-14",2024,"Q1","15511","5 ","US30: (10TH ST) /HUGHES STREET UPGRADES (BAKER CITY)","0920-0100000A","SIGN SUPPORT FOOTINGS","CUYD",4,6875,27500,2]
[null,"2024-03-14",2024,"Q1","15511","5 ","US30: (10TH ST) /HUGHES STREET UPGRADES (BAKER CITY)","0920-0100000A","SIGN SUPPORT FOOTINGS","CUYD",4,12500,50000,3]
[null,"2024-03-14",2024,"Q1","15511","5 ","US30: (10TH ST) /HUGHES STREET UPGRADES (BAKER CITY)","0920-0100000A","SIGN SUPPORT FOOTINGS","CUYD",4,6500,26000,4]
[null,"2024-03-14",2024,"Q1","15511","5 ","US30: (10TH ST) /HUGHES STREET UPGRADES (BAKER CITY)","0930-0107000A","SIGNAL POLE MOUNTS","LB",440,14.25,6270,1]
[null,"2024-03-14",2024,"Q1","15511","5 ","US30: (10TH ST) /HUGHES STREET UPGRADES (BAKER CITY)","0930-0107000A","SIGNAL POLE MOUNTS","LB",440,10.227272727272727,4500,2]
[null,"2024-03-14",2024,"Q1","15511","5 ","US30: (10TH ST) /HUGHES STREET UPGRADES (BAKER CITY)","0930-0107000A","SIGNAL POLE MOUNTS","LB",440,10.909090909090908,4800,3]
[null,"2024-03-14",2024,"Q1","15511","5 ","US30: (10TH ST) /HUGHES STREET UPGRADES (BAKER CITY)","0930-0107000A","SIGNAL POLE MOUNTS","LB",440,11.363636363636363,5000,4]
[null,"2024-03-14",2024,"Q1","15511","5 ","US30: (10TH ST) /HUGHES STREET UPGRADES (BAKER CITY)","0930-0110000A","SECONDARY SIGN MOUNTS","LB",100,28.5,2850,1]
[null,"2024-03-14",2024,"Q1","15511","5 ","US30: (10TH ST) /HUGHES STREET UPGRADES (BAKER CITY)","0930-0110000A","SECONDARY SIGN MOUNTS","LB",100,12.5,1250,2]
[null,"2024-03-14",2024,"Q1","15511","5 ","US30: (10TH ST) /HUGHES STREET UPGRADES (BAKER CITY)","0930-0110000A","SECONDARY SIGN MOUNTS","LB",100,15,1500,3]
[null,"2024-03-14",2024,"Q1","15511","5 ","US30: (10TH ST) /HUGHES STREET UPGRADES (BAKER CITY)","0930-0110000A","SECONDARY SIGN MOUNTS","LB",100,20,2000,4]
[null,"2024-03-14",2024,"Q1","15511","5 ","US30: (10TH ST) /HUGHES STREET UPGRADES (BAKER CITY)","0930-0114000A","PERFORATED STEEL SQUARE TUBE SLIP BASE SIGN SUPPORTS","LB",4100,8.9024390243902438,36500,1]
[null,"2024-03-14",2024,"Q1","15511","5 ","US30: (10TH ST) /HUGHES STREET UPGRADES (BAKER CITY)","0930-0114000A","PERFORATED STEEL SQUARE TUBE SLIP BASE SIGN SUPPORTS","LB",4100,8.536585365853659,35000,2]
[null,"2024-03-14",2024,"Q1","15511","5 ","US30: (10TH ST) /HUGHES STREET UPGRADES (BAKER CITY)","0930-0114000A","PERFORATED STEEL SQUARE TUBE SLIP BASE SIGN SUPPORTS","LB",4100,9.2682926829268286,38000,3]
[null,"2024-03-14",2024,"Q1","15511","5 ","US30: (10TH ST) /HUGHES STREET UPGRADES (BAKER CITY)","0930-0114000A","PERFORATED STEEL SQUARE TUBE SLIP BASE SIGN SUPPORTS","LB",4100,7.3170731707317076,30000,4]
[null,"2024-03-14",2024,"Q1","15511","5 ","US30: (10TH ST) /HUGHES STREET UPGRADES (BAKER CITY)","0940-0201000J","SIGNS, STANDARD SHEETING, EXTRUDED ALUMINUM","SQFT",24,91,2184,1]
[null,"2024-03-14",2024,"Q1","15511","5 ","US30: (10TH ST) /HUGHES STREET UPGRADES (BAKER CITY)","0940-0201000J","SIGNS, STANDARD SHEETING, EXTRUDED ALUMINUM","SQFT",24,32,768,2]
[null,"2024-03-14",2024,"Q1","15511","5 ","US30: (10TH ST) /HUGHES STREET UPGRADES (BAKER CITY)","0940-0201000J","SIGNS, STANDARD SHEETING, EXTRUDED ALUMINUM","SQFT",24,57,1368,3]
[null,"2024-03-14",2024,"Q1","15511","5 ","US30: (10TH ST) /HUGHES STREET UPGRADES (BAKER CITY)","0940-0201000J","SIGNS, STANDARD SHEETING, EXTRUDED ALUMINUM","SQFT",24,31,744,4]
[null,"2024-03-14",2024,"Q1","15511","5 ","US30: (10TH ST) /HUGHES STREET UPGRADES (BAKER CITY)","0940-0203000J","SIGNS, STANDARD SHEETING, PLYWOOD","SQFT",800,37,29600,1]
[null,"2024-03-14",2024,"Q1","15511","5 ","US30: (10TH ST) /HUGHES STREET UPGRADES (BAKER CITY)","0940-0203000J","SIGNS, STANDARD SHEETING, PLYWOOD","SQFT",800,22,17600,2]
[null,"2024-03-14",2024,"Q1","15511","5 ","US30: (10TH ST) /HUGHES STREET UPGRADES (BAKER CITY)","0940-0203000J","SIGNS, STANDARD SHEETING, PLYWOOD","SQFT",800,45,36000,3]
[null,"2024-03-14",2024,"Q1","15511","5 ","US30: (10TH ST) /HUGHES STREET UPGRADES (BAKER CITY)","0940-0203000J","SIGNS, STANDARD SHEETING, PLYWOOD","SQFT",800,22,17600,4]
[null,"2024-03-14",2024,"Q1","15511","5 ","US30: (10TH ST) /HUGHES STREET UPGRADES (BAKER CITY)","0940-0205100J","SIGNS, WIDE ANGLE SHEETING, SHEET ALUMINUM","SQFT",15,37,555,1]
[null,"2024-03-14",2024,"Q1","15511","5 ","US30: (10TH ST) /HUGHES STREET UPGRADES (BAKER CITY)","0940-0205100J","SIGNS, WIDE ANGLE SHEETING, SHEET ALUMINUM","SQFT",15,20,300,2]
[null,"2024-03-14",2024,"Q1","15511","5 ","US30: (10TH ST) /HUGHES STREET UPGRADES (BAKER CITY)","0940-0205100J","SIGNS, WIDE ANGLE SHEETING, SHEET ALUMINUM","SQFT",15,51,765,3]
[null,"2024-03-14",2024,"Q1","15511","5 ","US30: (10TH ST) /HUGHES STREET UPGRADES (BAKER CITY)","0940-0205100J","SIGNS, WIDE ANGLE SHEETING, SHEET ALUMINUM","SQFT",15,19.5,292.5,4]
[null,"2024-03-14",2024,"Q1","15511","5 ","US30: (10TH ST) /HUGHES STREET UPGRADES (BAKER CITY)","0990-0102000A","TRAFFIC SIGNAL MODIFICATION, US30, 10TH STREET @ CAMPBELL STREET","EACH",1,166100,166100,1]
[null,"2024-03-14",2024,"Q1","15511","5 ","US30: (10TH ST) /HUGHES STREET UPGRADES (BAKER CITY)","0990-0102000A","TRAFFIC SIGNAL MODIFICATION, US30, 10TH STREET @ CAMPBELL STREET","EACH",1,192500,192500,2]
[null,"2024-03-14",2024,"Q1","15511","5 ","US30: (10TH ST) /HUGHES STREET UPGRADES (BAKER CITY)","0990-0102000A","TRAFFIC SIGNAL MODIFICATION, US30, 10TH STREET @ CAMPBELL STREET","EACH",1,157000,157000,3]
[null,"2024-03-14",2024,"Q1","15511","5 ","US30: (10TH ST) /HUGHES STREET UPGRADES (BAKER CITY)","0990-0102000A","TRAFFIC SIGNAL MODIFICATION, US30, 10TH STREET @ CAMPBELL STREET","EACH",1,150000,150000,4]
[null,"2024-03-14",2024,"Q1","15511","5 ","US30: (10TH ST) /HUGHES STREET UPGRADES (BAKER CITY)","0990-0106000A","FLASHING BEACON INSTALLATION, US30, 10TH STREET @ H STREET","EACH",1,135680,135680,1]
[null,"2024-03-14",2024,"Q1","15511","5 ","US30: (10TH ST) /HUGHES STREET UPGRADES (BAKER CITY)","0990-0106000A","FLASHING BEACON INSTALLATION, US30, 10TH ST @ HUGHES LANE/POCAHONTAS RD","EACH",1,218610,218610,1]
[null,"2024-03-14",2024,"Q1","15511","5 ","US30: (10TH ST) /HUGHES STREET UPGRADES (BAKER CITY)","0990-0106000A","FLASHING BEACON INSTALLATION, US30, 10TH ST @ HUGHES LANE/POCAHONTAS RD","EACH",1,225000,225000,2]
[null,"2024-03-14",2024,"Q1","15511","5 ","US30: (10TH ST) /HUGHES STREET UPGRADES (BAKER CITY)","0990-0106000A","FLASHING BEACON INSTALLATION, US30, 10TH STREET @ H STREET","EACH",1,150000,150000,2]
[null,"2024-03-14",2024,"Q1","15511","5 ","US30: (10TH ST) /HUGHES STREET UPGRADES (BAKER CITY)","0990-0106000A","FLASHING BEACON INSTALLATION, US30, 10TH STREET @ H STREET","EACH",1,133000,133000,3]
[null,"2024-03-14",2024,"Q1","15511","5 ","US30: (10TH ST) /HUGHES STREET UPGRADES (BAKER CITY)","0990-0106000A","FLASHING BEACON INSTALLATION, US30, 10TH ST @ HUGHES LANE/POCAHONTAS RD","EACH",1,218000,218000,3]
[null,"2024-03-14",2024,"Q1","15511","5 ","US30: (10TH ST) /HUGHES STREET UPGRADES (BAKER CITY)","0990-0106000A","FLASHING BEACON INSTALLATION, US30, 10TH ST @ HUGHES LANE/POCAHONTAS RD","EACH",1,200000,200000,4]
[null,"2024-03-14",2024,"Q1","15511","5 ","US30: (10TH ST) /HUGHES STREET UPGRADES (BAKER CITY)","0990-0106000A","FLASHING BEACON INSTALLATION, US30, 10TH STREET @ H STREET","EACH",1,130000,130000,4]
[null,"2024-03-14",2024,"Q1","15511","5 ","US30: (10TH ST) /HUGHES STREET UPGRADES (BAKER CITY)","1040-0101000K","TOPSOIL","CUYD",42.5,137,5822.5,1]
[null,"2024-03-14",2024,"Q1","15511","5 ","US30: (10TH ST) /HUGHES STREET UPGRADES (BAKER CITY)","1040-0101000K","TOPSOIL","CUYD",42.5,200,8500,2]
[null,"2024-03-14",2024,"Q1","15511","5 ","US30: (10TH ST) /HUGHES STREET UPGRADES (BAKER CITY)","1040-0101000K","TOPSOIL","CUYD",42.5,240,10200,3]
[null,"2024-03-14",2024,"Q1","15511","5 ","US30: (10TH ST) /HUGHES STREET UPGRADES (BAKER CITY)","1040-0101000K","TOPSOIL","CUYD",42.5,200,8500,4]
[null,"2024-03-14",2024,"Q1","15511","5 ","US30: (10TH ST) /HUGHES STREET UPGRADES (BAKER CITY)","1040-0107000K","SOIL CONDITIONER","CUYD",7,460,3220,1]
[null,"2024-03-14",2024,"Q1","15511","5 ","US30: (10TH ST) /HUGHES STREET UPGRADES (BAKER CITY)","1040-0107000K","SOIL CONDITIONER","CUYD",7,450,3150,2]
[null,"2024-03-14",2024,"Q1","15511","5 ","US30: (10TH ST) /HUGHES STREET UPGRADES (BAKER CITY)","1040-0107000K","SOIL CONDITIONER","CUYD",7,350,2450,3]
[null,"2024-03-14",2024,"Q1","15511","5 ","US30: (10TH ST) /HUGHES STREET UPGRADES (BAKER CITY)","1040-0107000K","SOIL CONDITIONER","CUYD",7,300,2100,4]
[null,"2024-03-14",2024,"Q1","15511","5 ","US30: (10TH ST) /HUGHES STREET UPGRADES (BAKER CITY)","1040-0189000J","SOD LAWN","SQYD",512,18,9216,1]
[null,"2024-03-14",2024,"Q1","15511","5 ","US30: (10TH ST) /HUGHES STREET UPGRADES (BAKER CITY)","1040-0189000J","SOD LAWN","SQYD",512,20,10240,2]
[null,"2024-03-14",2024,"Q1","15511","5 ","US30: (10TH ST) /HUGHES STREET UPGRADES (BAKER CITY)","1040-0189000J","SOD LAWN","SQYD",512,81,41472,3]
[null,"2024-03-14",2024,"Q1","15511","5 ","US30: (10TH ST) /HUGHES STREET UPGRADES (BAKER CITY)","1040-0189000J","SOD LAWN","SQYD",512,50,25600,4]
[null,"2024-03-14",2024,"Q1","15511","5 ","US30: (10TH ST) /HUGHES STREET UPGRADES (BAKER CITY)","1040-0190000K","BARK MULCH","CUYD",2,230,460,1]
[null,"2024-03-14",2024,"Q1","15511","5 ","US30: (10TH ST) /HUGHES STREET UPGRADES (BAKER CITY)","1040-0190000K","BARK MULCH","CUYD",2,250,500,2]
[null,"2024-03-14",2024,"Q1","15511","5 ","US30: (10TH ST) /HUGHES STREET UPGRADES (BAKER CITY)","1040-0190000K","BARK MULCH","CUYD",2,290,580,3]
[null,"2024-03-14",2024,"Q1","15511","5 ","US30: (10TH ST) /HUGHES STREET UPGRADES (BAKER CITY)","1040-0190000K","BARK MULCH","CUYD",2,300,600,4]
[null,"2024-03-14",2024,"Q1","15511","5 ","US30: (10TH ST) /HUGHES STREET UPGRADES (BAKER CITY)","1040-0196000M","ROCK MULCH","TON",163,137,22331,1]
[null,"2024-03-14",2024,"Q1","15511","5 ","US30: (10TH ST) /HUGHES STREET UPGRADES (BAKER CITY)","1040-0196000M","ROCK MULCH","TON",163,150,24450,2]
[null,"2024-03-14",2024,"Q1","15511","5 ","US30: (10TH ST) /HUGHES STREET UPGRADES (BAKER CITY)","1040-0196000M","ROCK MULCH","TON",163,255,41565,3]
[null,"2024-03-14",2024,"Q1","15511","5 ","US30: (10TH ST) /HUGHES STREET UPGRADES (BAKER CITY)","1040-0196000M","ROCK MULCH","TON",163,220,35860,4]
[null,"2024-03-14",2024,"Q1","15511","5 ","US30: (10TH ST) /HUGHES STREET UPGRADES (BAKER CITY)","1050-0135000F","CL-5 CHAIN LINK FENCE","FOOT",113,97,10961,1]
[null,"2024-03-14",2024,"Q1","15511","5 ","US30: (10TH ST) /HUGHES STREET UPGRADES (BAKER CITY)","1050-0135000F","CL6 CHAIN LINK FENCE","FOOT",180,97,17460,1]
[null,"2024-03-14",2024,"Q1","15511","5 ","US30: (10TH ST) /HUGHES STREET UPGRADES (BAKER CITY)","1050-0135000F","CL-5 CHAIN LINK FENCE","FOOT",113,80,9040,2]
[null,"2024-03-14",2024,"Q1","15511","5 ","US30: (10TH ST) /HUGHES STREET UPGRADES (BAKER CITY)","1050-0135000F","CL6 CHAIN LINK FENCE","FOOT",180,65,11700,2]
[null,"2024-03-14",2024,"Q1","15511","5 ","US30: (10TH ST) /HUGHES STREET UPGRADES (BAKER CITY)","1050-0135000F","CL-5 CHAIN LINK FENCE","FOOT",113,110,12430,3]
[null,"2024-03-14",2024,"Q1","15511","5 ","US30: (10TH ST) /HUGHES STREET UPGRADES (BAKER CITY)","1050-0135000F","CL6 CHAIN LINK FENCE","FOOT",180,110,19800,3]
[null,"2024-03-14",2024,"Q1","15511","5 ","US30: (10TH ST) /HUGHES STREET UPGRADES (BAKER CITY)","1050-0135000F","CL6 CHAIN LINK FENCE","FOOT",180,100,18000,4]
[null,"2024-03-14",2024,"Q1","15511","5 ","US30: (10TH ST) /HUGHES STREET UPGRADES (BAKER CITY)","1050-0135000F","CL-5 CHAIN LINK FENCE","FOOT",113,100,11300,4]
[null,"2024-03-14",2024,"Q1","15511","5 ","US30: (10TH ST) /HUGHES STREET UPGRADES (BAKER CITY)","1050-0240000F","REMOVING AND REBUILDING FENCE","FOOT",20,171,3420,1]
[null,"2024-03-14",2024,"Q1","15511","5 ","US30: (10TH ST) /HUGHES STREET UPGRADES (BAKER CITY)","1050-0240000F","REMOVING AND REBUILDING FENCE","FOOT",20,175,3500,2]
[null,"2024-03-14",2024,"Q1","15511","5 ","US30: (10TH ST) /HUGHES STREET UPGRADES (BAKER CITY)","1050-0240000F","REMOVING AND REBUILDING FENCE","FOOT",20,190,3800,3]
[null,"2024-03-14",2024,"Q1","15511","5 ","US30: (10TH ST) /HUGHES STREET UPGRADES (BAKER CITY)","1050-0240000F","REMOVING AND REBUILDING FENCE","FOOT",20,200,4000,4]
[null,"2024-03-14",2024,"Q1","15511","5 ","US30: (10TH ST) /HUGHES STREET UPGRADES (BAKER CITY)","1069-0100000F","REMOVE AND REINSTALL METAL HANDRAIL","FOOT",25,220,5500,1]
[null,"2024-03-14",2024,"Q1","15511","5 ","US30: (10TH ST) /HUGHES STREET UPGRADES (BAKER CITY)","1069-0100000F","REMOVE AND REINSTALL METAL HANDRAIL","FOOT",25,60,1500,2]
[null,"2024-03-14",2024,"Q1","15511","5 ","US30: (10TH ST) /HUGHES STREET UPGRADES (BAKER CITY)","1069-0100000F","REMOVE AND REINSTALL METAL HANDRAIL","FOOT",25,120,3000,3]
[null,"2024-03-14",2024,"Q1","15511","5 ","US30: (10TH ST) /HUGHES STREET UPGRADES (BAKER CITY)","1069-0100000F","REMOVE AND REINSTALL METAL HANDRAIL","FOOT",25,150,3750,4]
[null,"2024-03-14",2024,"Q1","15511","5 ","US30: (10TH ST) /HUGHES STREET UPGRADES (BAKER CITY)","1070-0100000E","SINGLE MAILBOX SUPPORTS","EACH",15,860,12900,1]
[null,"2024-03-14",2024,"Q1","15511","5 ","US30: (10TH ST) /HUGHES STREET UPGRADES (BAKER CITY)","1070-0100000E","SINGLE MAILBOX SUPPORTS","EACH",15,400,6000,2]
[null,"2024-03-14",2024,"Q1","15511","5 ","US30: (10TH ST) /HUGHES STREET UPGRADES (BAKER CITY)","1070-0100000E","SINGLE MAILBOX SUPPORTS","EACH",15,150,2250,3]
[null,"2024-03-14",2024,"Q1","15511","5 ","US30: (10TH ST) /HUGHES STREET UPGRADES (BAKER CITY)","1070-0100000E","SINGLE MAILBOX SUPPORTS","EACH",15,700,10500,4]
[null,"2024-03-14",2024,"Q1","15511","5 ","US30: (10TH ST) /HUGHES STREET UPGRADES (BAKER CITY)","1070-0101000E","MULTIPLE MAILBOX SUPPORTS","EACH",2,1370,2740,1]
[null,"2024-03-14",2024,"Q1","15511","5 ","US30: (10TH ST) /HUGHES STREET UPGRADES (BAKER CITY)","1070-0101000E","MULTIPLE MAILBOX SUPPORTS","EACH",2,850,1700,2]
[null,"2024-03-14",2024,"Q1","15511","5 ","US30: (10TH ST) /HUGHES STREET UPGRADES (BAKER CITY)","1070-0101000E","MULTIPLE MAILBOX SUPPORTS","EACH",2,300,600,3]
[null,"2024-03-14",2024,"Q1","15511","5 ","US30: (10TH ST) /HUGHES STREET UPGRADES (BAKER CITY)","1070-0101000E","MULTIPLE MAILBOX SUPPORTS","EACH",2,1300,2600,4]
[null,"2024-03-14",2024,"Q1","15511","5 ","US30: (10TH ST) /HUGHES STREET UPGRADES (BAKER CITY)","1999-9Z90000E","SNOW POLE BOLLARD SLEEVE","EACH",24,230,5520,1]
[null,"2024-03-14",2024,"Q1","15511","5 ","US30: (10TH ST) /HUGHES STREET UPGRADES (BAKER CITY)","1999-9Z90000E","SNOW POLE BOLLARD SLEEVE","EACH",24,200,4800,2]
[null,"2024-03-14",2024,"Q1","15511","5 ","US30: (10TH ST) /HUGHES STREET UPGRADES (BAKER CITY)","1999-9Z90000E","SNOW POLE BOLLARD SLEEVE","EACH",24,515,12360,3]
[null,"2024-03-14",2024,"Q1","15511","5 ","US30: (10TH ST) /HUGHES STREET UPGRADES (BAKER CITY)","1999-9Z90000E","SNOW POLE BOLLARD SLEEVE","EACH",24,300,7200,4]
[null,"2024-03-07",2024,"Q1","15507","2 ","NW OREGON (CENTRAL PORTION) CURVE WARNING UPGRADES","0222-0102000J","TEMPORARY SIGNS","SQFT",445,10,4450,1]
[null,"2024-03-07",2024,"Q1","15508","4 ","US20: 3RD ST - 15TH ST (GREENWOOD, BEND)","0222-0102000J","TEMPORARY SIGNS","SQFT",655,23,15065,1]
[null,"2024-03-07",2024,"Q1","15509","2 ","I-5 NORTHBOUND: SANTIAM OVERFLOW BRIDGE","0222-0102000J","TEMPORARY SIGNS","SQFT",495,20,9900,1]
[null,"2024-03-07",2024,"Q1","15508","4 ","US20: 3RD ST - 15TH ST (GREENWOOD, BEND)","0222-0102000J","TEMPORARY SIGNS","SQFT",655,22,14410,2]
[null,"2024-03-07",2024,"Q1","15509","2 ","I-5 NORTHBOUND: SANTIAM OVERFLOW BRIDGE","0222-0102000J","TEMPORARY SIGNS","SQFT",495,21,10395,2]
[null,"2024-03-07",2024,"Q1","15507","2 ","NW OREGON (CENTRAL PORTION) CURVE WARNING UPGRADES","0222-0102000J","TEMPORARY SIGNS","SQFT",445,30,13350,2]
[null,"2024-03-07",2024,"Q1","15508","4 ","US20: 3RD ST - 15TH ST (GREENWOOD, BEND)","0222-0102000J","TEMPORARY SIGNS","SQFT",655,45,29475,3]
[null,"2024-03-07",2024,"Q1","15507","2 ","NW OREGON (CENTRAL PORTION) CURVE WARNING UPGRADES","0222-0102000J","TEMPORARY SIGNS","SQFT",445,30,13350,3]
[null,"2024-03-07",2024,"Q1","15509","2 ","I-5 NORTHBOUND: SANTIAM OVERFLOW BRIDGE","0222-0102000J","TEMPORARY SIGNS","SQFT",495,22,10890,3]
[null,"2024-03-07",2024,"Q1","15509","2 ","I-5 NORTHBOUND: SANTIAM OVERFLOW BRIDGE","0222-0102000J","TEMPORARY SIGNS","SQFT",495,25,12375,4]
[null,"2024-03-07",2024,"Q1","15508","4 ","US20: 3RD ST - 15TH ST (GREENWOOD, BEND)","0222-0102000J","TEMPORARY SIGNS","SQFT",655,47.82,31322.1,4]
[null,"2024-03-07",2024,"Q1","15507","2 ","NW OREGON (CENTRAL PORTION) CURVE WARNING UPGRADES","0222-0102000J","TEMPORARY SIGNS","SQFT",445,23,10235,4]
[null,"2024-03-07",2024,"Q1","15509","2 ","I-5 NORTHBOUND: SANTIAM OVERFLOW BRIDGE","0222-0102000J","TEMPORARY SIGNS","SQFT",495,34.65,17151.75,5]
[null,"2024-03-07",2024,"Q1","15509","2 ","I-5 NORTHBOUND: SANTIAM OVERFLOW BRIDGE","0222-0102000J","TEMPORARY SIGNS","SQFT",495,32,15840,6]
[null,"2024-03-07",2024,"Q1","15509","2 ","I-5 NORTHBOUND: SANTIAM OVERFLOW BRIDGE","0222-0162000E","SEQUENTIAL ARROW SIGNS","EACH",2,3000,6000,1]
[null,"2024-03-07",2024,"Q1","15507","2 ","NW OREGON (CENTRAL PORTION) CURVE WARNING UPGRADES","0222-0162000E","SEQUENTIAL ARROW SIGNS","EACH",1,1500,1500,1]
[null,"2024-03-07",2024,"Q1","15509","2 ","I-5 NORTHBOUND: SANTIAM OVERFLOW BRIDGE","0222-0162000E","SEQUENTIAL ARROW SIGNS","EACH",2,1000,2000,2]
[null,"2024-03-07",2024,"Q1","15507","2 ","NW OREGON (CENTRAL PORTION) CURVE WARNING UPGRADES","0222-0162000E","SEQUENTIAL ARROW SIGNS","EACH",1,2525.9,2525.9,2]
[null,"2024-03-07",2024,"Q1","15509","2 ","I-5 NORTHBOUND: SANTIAM OVERFLOW BRIDGE","0222-0162000E","SEQUENTIAL ARROW SIGNS","EACH",2,3000,6000,3]
[null,"2024-03-07",2024,"Q1","15507","2 ","NW OREGON (CENTRAL PORTION) CURVE WARNING UPGRADES","0222-0162000E","SEQUENTIAL ARROW SIGNS","EACH",1,500,500,3]
[null,"2024-03-07",2024,"Q1","15509","2 ","I-5 NORTHBOUND: SANTIAM OVERFLOW BRIDGE","0222-0162000E","SEQUENTIAL ARROW SIGNS","EACH",2,2500,5000,4]
[null,"2024-03-07",2024,"Q1","15507","2 ","NW OREGON (CENTRAL PORTION) CURVE WARNING UPGRADES","0222-0162000E","SEQUENTIAL ARROW SIGNS","EACH",1,5000,5000,4]
[null,"2024-03-07",2024,"Q1","15509","2 ","I-5 NORTHBOUND: SANTIAM OVERFLOW BRIDGE","0222-0162000E","SEQUENTIAL ARROW SIGNS","EACH",2,2500,5000,5]
[null,"2024-03-07",2024,"Q1","15509","2 ","I-5 NORTHBOUND: SANTIAM OVERFLOW BRIDGE","0222-0162000E","SEQUENTIAL ARROW SIGNS","EACH",2,1749,3498,6]
[null,"2024-03-07",2024,"Q1","15507","2 ","NW OREGON (CENTRAL PORTION) CURVE WARNING UPGRADES","0222-0164000E","PORTABLE CHANGEABLE MESSAGE SIGNS","EACH",2,3000,6000,1]
[null,"2024-03-07",2024,"Q1","15508","4 ","US20: 3RD ST - 15TH ST (GREENWOOD, BEND)","0222-0164000E","PORTABLE CHANGEABLE MESSAGE SIGNS","EACH",2,10000,20000,1]
[null,"2024-03-07",2024,"Q1","15509","2 ","I-5 NORTHBOUND: SANTIAM OVERFLOW BRIDGE","0222-0164000E","PORTABLE CHANGEABLE MESSAGE SIGNS","EACH",2,3500,7000,1]
[null,"2024-03-07",2024,"Q1","15508","4 ","US20: 3RD ST - 15TH ST (GREENWOOD, BEND)","0222-0164000E","PORTABLE CHANGEABLE MESSAGE SIGNS","EACH",2,2400,4800,2]
[null,"2024-03-07",2024,"Q1","15509","2 ","I-5 NORTHBOUND: SANTIAM OVERFLOW BRIDGE","0222-0164000E","PORTABLE CHANGEABLE MESSAGE SIGNS","EACH",2,2000,4000,2]
[null,"2024-03-07",2024,"Q1","15507","2 ","NW OREGON (CENTRAL PORTION) CURVE WARNING UPGRADES","0222-0164000E","PORTABLE CHANGEABLE MESSAGE SIGNS","EACH",2,7984.6,15969.2,2]
[null,"2024-03-07",2024,"Q1","15507","2 ","NW OREGON (CENTRAL PORTION) CURVE WARNING UPGRADES","0222-0164000E","PORTABLE CHANGEABLE MESSAGE SIGNS","EACH",2,2000,4000,3]
[null,"2024-03-07",2024,"Q1","15508","4 ","US20: 3RD ST - 15TH ST (GREENWOOD, BEND)","0222-0164000E","PORTABLE CHANGEABLE MESSAGE SIGNS","EACH",2,12000,24000,3]
[null,"2024-03-07",2024,"Q1","15509","2 ","I-5 NORTHBOUND: SANTIAM OVERFLOW BRIDGE","0222-0164000E","PORTABLE CHANGEABLE MESSAGE SIGNS","EACH",2,6000,12000,3]
[null,"2024-03-07",2024,"Q1","15508","4 ","US20: 3RD ST - 15TH ST (GREENWOOD, BEND)","0222-0164000E","PORTABLE CHANGEABLE MESSAGE SIGNS","EACH",2,11953.96,23907.919999999998,4]
[null,"2024-03-07",2024,"Q1","15507","2 ","NW OREGON (CENTRAL PORTION) CURVE WARNING UPGRADES","0222-0164000E","PORTABLE CHANGEABLE MESSAGE SIGNS","EACH",2,9000,18000,4]
[null,"2024-03-07",2024,"Q1","15509","2 ","I-5 NORTHBOUND: SANTIAM OVERFLOW BRIDGE","0222-0164000E","PORTABLE CHANGEABLE MESSAGE SIGNS","EACH",2,8000,16000,4]
[null,"2024-03-07",2024,"Q1","15509","2 ","I-5 NORTHBOUND: SANTIAM OVERFLOW BRIDGE","0222-0164000E","PORTABLE CHANGEABLE MESSAGE SIGNS","EACH",2,16000,32000,5]
[null,"2024-03-07",2024,"Q1","15509","2 ","I-5 NORTHBOUND: SANTIAM OVERFLOW BRIDGE","0222-0164000E","PORTABLE CHANGEABLE MESSAGE SIGNS","EACH",2,3975,7950,6]
[null,"2024-03-07",2024,"Q1","15509","2 ","I-5 NORTHBOUND: SANTIAM OVERFLOW BRIDGE","0222-0167500E","RADAR SPEED TRAILER","EACH",1,4000,4000,1]
[null,"2024-03-07",2024,"Q1","15509","2 ","I-5 NORTHBOUND: SANTIAM OVERFLOW BRIDGE","0222-0167500E","RADAR SPEED TRAILER","EACH",1,5000,5000,2]
[null,"2024-03-07",2024,"Q1","15509","2 ","I-5 NORTHBOUND: SANTIAM OVERFLOW BRIDGE","0222-0167500E","RADAR SPEED TRAILER","EACH",1,4000,4000,3]
[null,"2024-03-07",2024,"Q1","15509","2 ","I-5 NORTHBOUND: SANTIAM OVERFLOW BRIDGE","0222-0167500E","RADAR SPEED TRAILER","EACH",1,11000,11000,4]
[null,"2024-03-07",2024,"Q1","15509","2 ","I-5 NORTHBOUND: SANTIAM OVERFLOW BRIDGE","0222-0167500E","RADAR SPEED TRAILER","EACH",1,15000,15000,5]
[null,"2024-03-07",2024,"Q1","15509","2 ","I-5 NORTHBOUND: SANTIAM OVERFLOW BRIDGE","0222-0167500E","RADAR SPEED TRAILER","EACH",1,9344,9344,6]
[null,"2024-03-07",2024,"Q1","15507","2 ","NW OREGON (CENTRAL PORTION) CURVE WARNING UPGRADES","0223-0168000T","FLAGGERS","HOUR",1250,62.5,78125,1]
[null,"2024-03-07",2024,"Q1","15508","4 ","US20: 3RD ST - 15TH ST (GREENWOOD, BEND)","0223-0168000T","FLAGGERS","HOUR",40,75,3000,1]
[null,"2024-03-07",2024,"Q1","15508","4 ","US20: 3RD ST - 15TH ST (GREENWOOD, BEND)","0223-0168000T","FLAGGERS","HOUR",40,89,3560,2]
[null,"2024-03-07",2024,"Q1","15507","2 ","NW OREGON (CENTRAL PORTION) CURVE WARNING UPGRADES","0223-0168000T","FLAGGERS","HOUR",1250,105,131250,2]
[null,"2024-03-07",2024,"Q1","15508","4 ","US20: 3RD ST - 15TH ST (GREENWOOD, BEND)","0223-0168000T","FLAGGERS","HOUR",40,85,3400,3]
[null,"2024-03-07",2024,"Q1","15507","2 ","NW OREGON (CENTRAL PORTION) CURVE WARNING UPGRADES","0223-0168000T","FLAGGERS","HOUR",1250,95,118750,3]
[null,"2024-03-07",2024,"Q1","15508","4 ","US20: 3RD ST - 15TH ST (GREENWOOD, BEND)","0223-0168000T","FLAGGERS","HOUR",40,84.99,3399.6,4]
[null,"2024-03-07",2024,"Q1","15507","2 ","NW OREGON (CENTRAL PORTION) CURVE WARNING UPGRADES","0223-0168000T","FLAGGERS","HOUR",1250,97,121250,4]
[null,"2024-03-07",2024,"Q1","15507","2 ","NW OREGON (CENTRAL PORTION) CURVE WARNING UPGRADES","0223-0168100E","FLAGGER STATION LIGHTING","EACH",4,2500,10000,1]
[null,"2024-03-07",2024,"Q1","15507","2 ","NW OREGON (CENTRAL PORTION) CURVE WARNING UPGRADES","0223-0168100E","FLAGGER STATION LIGHTING","EACH",4,1924,7696,2]
[null,"2024-03-07",2024,"Q1","15507","2 ","NW OREGON (CENTRAL PORTION) CURVE WARNING UPGRADES","0223-0168100E","FLAGGER STATION LIGHTING","EACH",4,2500,10000,3]
[null,"2024-03-07",2024,"Q1","15507","2 ","NW OREGON (CENTRAL PORTION) CURVE WARNING UPGRADES","0223-0168100E","FLAGGER STATION LIGHTING","EACH",4,2580,10320,4]
[null,"2024-03-07",2024,"Q1","15509","2 ","I-5 NORTHBOUND: SANTIAM OVERFLOW BRIDGE","0223-0169000E","TRAFFIC CONTROL SUPERVISOR","EACH",60,700,42000,1]
[null,"2024-03-07",2024,"Q1","15508","4 ","US20: 3RD ST - 15TH ST (GREENWOOD, BEND)","0223-0169000E","TRAFFIC CONTROL SUPERVISOR","EACH",60,750,45000,1]
[null,"2024-03-07",2024,"Q1","15508","4 ","US20: 3RD ST - 15TH ST (GREENWOOD, BEND)","0223-0169000E","TRAFFIC CONTROL SUPERVISOR","EACH",60,1500,90000,2]
[null,"2024-03-07",2024,"Q1","15509","2 ","I-5 NORTHBOUND: SANTIAM OVERFLOW BRIDGE","0223-0169000E","TRAFFIC CONTROL SUPERVISOR","EACH",60,1,60,2]
[null,"2024-03-07",2024,"Q1","15509","2 ","I-5 NORTHBOUND: SANTIAM OVERFLOW BRIDGE","0223-0169000E","TRAFFIC CONTROL SUPERVISOR","EACH",60,0.01,0.6,3]
[null,"2024-03-07",2024,"Q1","15508","4 ","US20: 3RD ST - 15TH ST (GREENWOOD, BEND)","0223-0169000E","TRAFFIC CONTROL SUPERVISOR","EACH",60,720,43200,3]
[null,"2024-03-07",2024,"Q1","15509","2 ","I-5 NORTHBOUND: SANTIAM OVERFLOW BRIDGE","0223-0169000E","TRAFFIC CONTROL SUPERVISOR","EACH",60,1,60,4]
[null,"2024-03-07",2024,"Q1","15508","4 ","US20: 3RD ST - 15TH ST (GREENWOOD, BEND)","0223-0169000E","TRAFFIC CONTROL SUPERVISOR","EACH",60,1392.97,83578.2,4]
[null,"2024-03-07",2024,"Q1","15509","2 ","I-5 NORTHBOUND: SANTIAM OVERFLOW BRIDGE","0223-0169000E","TRAFFIC CONTROL SUPERVISOR","EACH",60,266.55,15993,5]
[null,"2024-03-07",2024,"Q1","15509","2 ","I-5 NORTHBOUND: SANTIAM OVERFLOW BRIDGE","0223-0169000E","TRAFFIC CONTROL SUPERVISOR","EACH",60,1400,84000,6]
[null,"2024-03-07",2024,"Q1","15507","2 ","NW OREGON (CENTRAL PORTION) CURVE WARNING UPGRADES","0223-0172000T","PILOT CARS","HOUR",500,85,42500,1]
[null,"2024-03-07",2024,"Q1","15507","2 ","NW OREGON (CENTRAL PORTION) CURVE WARNING UPGRADES","0223-0172000T","PILOT CARS","HOUR",500,100,50000,2]
[null,"2024-03-07",2024,"Q1","15507","2 ","NW OREGON (CENTRAL PORTION) CURVE WARNING UPGRADES","0223-0172000T","PILOT CARS","HOUR",500,125,62500,3]
[null,"2024-03-07",2024,"Q1","15507","2 ","NW OREGON (CENTRAL PORTION) CURVE WARNING UPGRADES","0223-0172000T","PILOT CARS","HOUR",500,126,63000,4]
[null,"2024-03-07",2024,"Q1","15508","4 ","US20: 3RD ST - 15TH ST (GREENWOOD, BEND)","0224-0104000E","TEMPORARY BARRICADES, TYPE II","EACH",30,65,1950,1]
[null,"2024-03-07",2024,"Q1","15507","2 ","NW OREGON (CENTRAL PORTION) CURVE WARNING UPGRADES","0224-0104000E","TEMPORARY BARRICADES, TYPE II","EACH",12,25,300,1]
[null,"2024-03-07",2024,"Q1","15508","4 ","US20: 3RD ST - 15TH ST (GREENWOOD, BEND)","0224-0104000E","TEMPORARY BARRICADES, TYPE II","EACH",30,150,4500,2]
[null,"2024-03-07",2024,"Q1","15507","2 ","NW OREGON (CENTRAL PORTION) CURVE WARNING UPGRADES","0224-0104000E","TEMPORARY BARRICADES, TYPE II","EACH",12,94,1128,2]
[null,"2024-03-07",2024,"Q1","15507","2 ","NW OREGON (CENTRAL PORTION) CURVE WARNING UPGRADES","0224-0104000E","TEMPORARY BARRICADES, TYPE II","EACH",12,80,960,3]
[null,"2024-03-07",2024,"Q1","15508","4 ","US20: 3RD ST - 15TH ST (GREENWOOD, BEND)","0224-0104000E","TEMPORARY BARRICADES, TYPE II","EACH",30,90,2700,3]
[null,"2024-03-07",2024,"Q1","15507","2 ","NW OREGON (CENTRAL PORTION) CURVE WARNING UPGRADES","0224-0104000E","TEMPORARY BARRICADES, TYPE II","EACH",12,40,480,4]
[null,"2024-03-07",2024,"Q1","15508","4 ","US20: 3RD ST - 15TH ST (GREENWOOD, BEND)","0224-0104000E","TEMPORARY BARRICADES, TYPE II","EACH",30,119.53999999999999,3586.2,4]
[null,"2024-03-07",2024,"Q1","15507","2 ","NW OREGON (CENTRAL PORTION) CURVE WARNING UPGRADES","0224-0105000E","TEMPORARY BARRICADES, TYPE III","EACH",6,100,600,1]
[null,"2024-03-07",2024,"Q1","15508","4 ","US20: 3RD ST - 15TH ST (GREENWOOD, BEND)","0224-0105000E","TEMPORARY BARRICADES, TYPE III","EACH",10,190,1900,1]
[null,"2024-03-07",2024,"Q1","15509","2 ","I-5 NORTHBOUND: SANTIAM OVERFLOW BRIDGE","0224-0105000E","TEMPORARY BARRICADES, TYPE III","EACH",12,180,2160,1]
[null,"2024-03-07",2024,"Q1","15507","2 ","NW OREGON (CENTRAL PORTION) CURVE WARNING UPGRADES","0224-0105000E","TEMPORARY BARRICADES, TYPE III","EACH",6,245,1470,2]
[null,"2024-03-07",2024,"Q1","15508","4 ","US20: 3RD ST - 15TH ST (GREENWOOD, BEND)","0224-0105000E","TEMPORARY BARRICADES, TYPE III","EACH",10,150,1500,2]
[null,"2024-03-07",2024,"Q1","15509","2 ","I-5 NORTHBOUND: SANTIAM OVERFLOW BRIDGE","0224-0105000E","TEMPORARY BARRICADES, TYPE III","EACH",12,180,2160,2]
[null,"2024-03-07",2024,"Q1","15507","2 ","NW OREGON (CENTRAL PORTION) CURVE WARNING UPGRADES","0224-0105000E","TEMPORARY BARRICADES, TYPE III","EACH",6,250,1500,3]
[null,"2024-03-07",2024,"Q1","15509","2 ","I-5 NORTHBOUND: SANTIAM OVERFLOW BRIDGE","0224-0105000E","TEMPORARY BARRICADES, TYPE III","EACH",12,200,2400,3]
[null,"2024-03-07",2024,"Q1","15508","4 ","US20: 3RD ST - 15TH ST (GREENWOOD, BEND)","0224-0105000E","TEMPORARY BARRICADES, TYPE III","EACH",10,220,2200,3]
[null,"2024-03-07",2024,"Q1","15508","4 ","US20: 3RD ST - 15TH ST (GREENWOOD, BEND)","0224-0105000E","TEMPORARY BARRICADES, TYPE III","EACH",10,268.96999999999997,2689.7,4]
[null,"2024-03-07",2024,"Q1","15509","2 ","I-5 NORTHBOUND: SANTIAM OVERFLOW BRIDGE","0224-0105000E","TEMPORARY BARRICADES, TYPE III","EACH",12,395,4740,4]
[null,"2024-03-07",2024,"Q1","15507","2 ","NW OREGON (CENTRAL PORTION) CURVE WARNING UPGRADES","0224-0105000E","TEMPORARY BARRICADES, TYPE III","EACH",6,60,360,4]
[null,"2024-03-07",2024,"Q1","15509","2 ","I-5 NORTHBOUND: SANTIAM OVERFLOW BRIDGE","0224-0105000E","TEMPORARY BARRICADES, TYPE III","EACH",12,150,1800,5]
[null,"2024-03-07",2024,"Q1","15509","2 ","I-5 NORTHBOUND: SANTIAM OVERFLOW BRIDGE","0224-0105000E","TEMPORARY BARRICADES, TYPE III","EACH",12,126.5,1518,6]
[null,"2024-03-07",2024,"Q1","15509","2 ","I-5 NORTHBOUND: SANTIAM OVERFLOW BRIDGE","0224-0145000E","TEMPORARY PLASTIC DRUMS","EACH",140,55,7700,1]
[null,"2024-03-07",2024,"Q1","15508","4 ","US20: 3RD ST - 15TH ST (GREENWOOD, BEND)","0224-0145000E","TEMPORARY PLASTIC DRUMS","EACH",55,50,2750,1]
[null,"2024-03-07",2024,"Q1","15507","2 ","NW OREGON (CENTRAL PORTION) CURVE WARNING UPGRADES","0224-0145000E","TEMPORARY PLASTIC DRUMS","EACH",41,30,1230,1]
[null,"2024-03-07",2024,"Q1","15507","2 ","NW OREGON (CENTRAL PORTION) CURVE WARNING UPGRADES","0224-0145000E","TEMPORARY PLASTIC DRUMS","EACH",41,31,1271,2]
[null,"2024-03-07",2024,"Q1","15508","4 ","US20: 3RD ST - 15TH ST (GREENWOOD, BEND)","0224-0145000E","TEMPORARY PLASTIC DRUMS","EACH",55,54,2970,2]
[null,"2024-03-07",2024,"Q1","15509","2 ","I-5 NORTHBOUND: SANTIAM OVERFLOW BRIDGE","0224-0145000E","TEMPORARY PLASTIC DRUMS","EACH",140,50,7000,2]
[null,"2024-03-07",2024,"Q1","15507","2 ","NW OREGON (CENTRAL PORTION) CURVE WARNING UPGRADES","0224-0145000E","TEMPORARY PLASTIC DRUMS","EACH",41,50,2050,3]
[null,"2024-03-07",2024,"Q1","15509","2 ","I-5 NORTHBOUND: SANTIAM OVERFLOW BRIDGE","0224-0145000E","TEMPORARY PLASTIC DRUMS","EACH",140,100,14000,3]
[null,"2024-03-07",2024,"Q1","15508","4 ","US20: 3RD ST - 15TH ST (GREENWOOD, BEND)","0224-0145000E","TEMPORARY PLASTIC DRUMS","EACH",55,75,4125,3]
[null,"2024-03-07",2024,"Q1","15508","4 ","US20: 3RD ST - 15TH ST (GREENWOOD, BEND)","0224-0145000E","TEMPORARY PLASTIC DRUMS","EACH",55,66.95,3682.25,4]
[null,"2024-03-07",2024,"Q1","15507","2 ","NW OREGON (CENTRAL PORTION) CURVE WARNING UPGRADES","0224-0145000E","TEMPORARY PLASTIC DRUMS","EACH",41,35,1435,4]
[null,"2024-03-07",2024,"Q1","15509","2 ","I-5 NORTHBOUND: SANTIAM OVERFLOW BRIDGE","0224-0145000E","TEMPORARY PLASTIC DRUMS","EACH",140,55,7700,4]
[null,"2024-03-07",2024,"Q1","15509","2 ","I-5 NORTHBOUND: SANTIAM OVERFLOW BRIDGE","0224-0145000E","TEMPORARY PLASTIC DRUMS","EACH",140,45,6300,5]
[null,"2024-03-07",2024,"Q1","15509","2 ","I-5 NORTHBOUND: SANTIAM OVERFLOW BRIDGE","0224-0145000E","TEMPORARY PLASTIC DRUMS","EACH",140,28.25,3955,6]
[null,"2024-03-07",2024,"Q1","15509","2 ","I-5 NORTHBOUND: SANTIAM OVERFLOW BRIDGE","0225-0153000F","TEMPORARY STRIPING","FOOT",1820,1.32,2402.4,1]
[null,"2024-03-07",2024,"Q1","15509","2 ","I-5 NORTHBOUND: SANTIAM OVERFLOW BRIDGE","0225-0153000F","TEMPORARY STRIPING","FOOT",1820,1.32,2402.4,2]
[null,"2024-03-07",2024,"Q1","15509","2 ","I-5 NORTHBOUND: SANTIAM OVERFLOW BRIDGE","0225-0153000F","TEMPORARY STRIPING","FOOT",1820,1.75,3185,3]
[null,"2024-03-07",2024,"Q1","15509","2 ","I-5 NORTHBOUND: SANTIAM OVERFLOW BRIDGE","0225-0153000F","TEMPORARY STRIPING","FOOT",1820,1.45,2639,4]
[null,"2024-03-07",2024,"Q1","15509","2 ","I-5 NORTHBOUND: SANTIAM OVERFLOW BRIDGE","0225-0153000F","TEMPORARY STRIPING","FOOT",1820,1.32,2402.4,5]
[null,"2024-03-07",2024,"Q1","15509","2 ","I-5 NORTHBOUND: SANTIAM OVERFLOW BRIDGE","0225-0153000F","TEMPORARY STRIPING","FOOT",1820,1.5,2730,6]
[null,"2024-03-07",2024,"Q1","15508","4 ","US20: 3RD ST - 15TH ST (GREENWOOD, BEND)","0225-0154000F","STRIPE REMOVAL","FOOT",2326,0.5,1163,1]
[null,"2024-03-07",2024,"Q1","15509","2 ","I-5 NORTHBOUND: SANTIAM OVERFLOW BRIDGE","0225-0154000F","STRIPE REMOVAL","FOOT",1800,0.75,1350,1]
[null,"2024-03-07",2024,"Q1","15509","2 ","I-5 NORTHBOUND: SANTIAM OVERFLOW BRIDGE","0225-0154000F","STRIPE REMOVAL","FOOT",1800,0.75,1350,2]
[null,"2024-03-07",2024,"Q1","15508","4 ","US20: 3RD ST - 15TH ST (GREENWOOD, BEND)","0225-0154000F","STRIPE REMOVAL","FOOT",2326,3,6978,2]
[null,"2024-03-07",2024,"Q1","15508","4 ","US20: 3RD ST - 15TH ST (GREENWOOD, BEND)","0225-0154000F","STRIPE REMOVAL","FOOT",2326,1,2326,3]
[null,"2024-03-07",2024,"Q1","15509","2 ","I-5 NORTHBOUND: SANTIAM OVERFLOW BRIDGE","0225-0154000F","STRIPE REMOVAL","FOOT",1800,1,1800,3]
[null,"2024-03-07",2024,"Q1","15508","4 ","US20: 3RD ST - 15TH ST (GREENWOOD, BEND)","0225-0154000F","STRIPE REMOVAL","FOOT",2326,0.54,1256.04,4]
[null,"2024-03-07",2024,"Q1","15509","2 ","I-5 NORTHBOUND: SANTIAM OVERFLOW BRIDGE","0225-0154000F","STRIPE REMOVAL","FOOT",1800,0.85,1530,4]
[null,"2024-03-07",2024,"Q1","15509","2 ","I-5 NORTHBOUND: SANTIAM OVERFLOW BRIDGE","0225-0154000F","STRIPE REMOVAL","FOOT",1800,0.75,1350,5]
[null,"2024-03-07",2024,"Q1","15509","2 ","I-5 NORTHBOUND: SANTIAM OVERFLOW BRIDGE","0225-0154000F","STRIPE REMOVAL","FOOT",1800,0.9,1620,6]
[null,"2024-03-07",2024,"Q1","15508","4 ","US20: 3RD ST - 15TH ST (GREENWOOD, BEND)","0225-0155100J","LEGEND REMOVAL","SQFT",50,3,150,1]
[null,"2024-03-07",2024,"Q1","15508","4 ","US20: 3RD ST - 15TH ST (GREENWOOD, BEND)","0225-0155100J","LEGEND REMOVAL","SQFT",50,23,1150,2]
[null,"2024-03-07",2024,"Q1","15508","4 ","US20: 3RD ST - 15TH ST (GREENWOOD, BEND)","0225-0155100J","LEGEND REMOVAL","SQFT",50,5,250,3]
[null,"2024-03-07",2024,"Q1","15508","4 ","US20: 3RD ST - 15TH ST (GREENWOOD, BEND)","0225-0155100J","LEGEND REMOVAL","SQFT",50,3.59,179.5,4]
[null,"2024-03-07",2024,"Q1","15508","4 ","US20: 3RD ST - 15TH ST (GREENWOOD, BEND)","0225-0156000J","BAR REMOVAL","SQFT",1220,4.9000000000000004,5978,1]
[null,"2024-03-07",2024,"Q1","15508","4 ","US20: 3RD ST - 15TH ST (GREENWOOD, BEND)","0225-0156000J","BAR REMOVAL","SQFT",1220,9,10980,2]
[null,"2024-03-07",2024,"Q1","15508","4 ","US20: 3RD ST - 15TH ST (GREENWOOD, BEND)","0225-0156000J","BAR REMOVAL","SQFT",1220,7,8540,3]
[null,"2024-03-07",2024,"Q1","15508","4 ","US20: 3RD ST - 15TH ST (GREENWOOD, BEND)","0225-0156000J","BAR REMOVAL","SQFT",1220,5.62,6856.4,4]
[null,"2024-03-07",2024,"Q1","15507","2 ","NW OREGON (CENTRAL PORTION) CURVE WARNING UPGRADES","0226-0138000E","TEMPORARY IMPACT ATTENUATOR, TRUCK MOUNTED","EACH",1,10000,10000,1]
[null,"2024-03-07",2024,"Q1","15509","2 ","I-5 NORTHBOUND: SANTIAM OVERFLOW BRIDGE","0226-0138000E","TEMPORARY IMPACT ATTENUATOR, TRUCK MOUNTED","EACH",1,5000,5000,1]
[null,"2024-03-07",2024,"Q1","15508","4 ","US20: 3RD ST - 15TH ST (GREENWOOD, BEND)","0226-0138000E","TEMPORARY IMPACT ATTENUATOR, TRUCK MOUNTED","EACH",1,5000,5000,1]
[null,"2024-03-07",2024,"Q1","15507","2 ","NW OREGON (CENTRAL PORTION) CURVE WARNING UPGRADES","0226-0138000E","TEMPORARY IMPACT ATTENUATOR, TRUCK MOUNTED","EACH",1,18394,18394,2]
[null,"2024-03-07",2024,"Q1","15508","4 ","US20: 3RD ST - 15TH ST (GREENWOOD, BEND)","0226-0138000E","TEMPORARY IMPACT ATTENUATOR, TRUCK MOUNTED","EACH",1,11000,11000,2]
[null,"2024-03-07",2024,"Q1","15509","2 ","I-5 NORTHBOUND: SANTIAM OVERFLOW BRIDGE","0226-0138000E","TEMPORARY IMPACT ATTENUATOR, TRUCK MOUNTED","EACH",1,15000,15000,2]
[null,"2024-03-07",2024,"Q1","15507","2 ","NW OREGON (CENTRAL PORTION) CURVE WARNING UPGRADES","0226-0138000E","TEMPORARY IMPACT ATTENUATOR, TRUCK MOUNTED","EACH",1,3000,3000,3]
[null,"2024-03-07",2024,"Q1","15508","4 ","US20: 3RD ST - 15TH ST (GREENWOOD, BEND)","0226-0138000E","TEMPORARY IMPACT ATTENUATOR, TRUCK MOUNTED","EACH",1,28000,28000,3]
[null,"2024-03-07",2024,"Q1","15509","2 ","I-5 NORTHBOUND: SANTIAM OVERFLOW BRIDGE","0226-0138000E","TEMPORARY IMPACT ATTENUATOR, TRUCK MOUNTED","EACH",1,12000,12000,3]
[null,"2024-03-07",2024,"Q1","15509","2 ","I-5 NORTHBOUND: SANTIAM OVERFLOW BRIDGE","0226-0138000E","TEMPORARY IMPACT ATTENUATOR, TRUCK MOUNTED","EACH",1,10000,10000,4]
[null,"2024-03-07",2024,"Q1","15507","2 ","NW OREGON (CENTRAL PORTION) CURVE WARNING UPGRADES","0226-0138000E","TEMPORARY IMPACT ATTENUATOR, TRUCK MOUNTED","EACH",1,26964,26964,4]
[null,"2024-03-07",2024,"Q1","15508","4 ","US20: 3RD ST - 15TH ST (GREENWOOD, BEND)","0226-0138000E","TEMPORARY IMPACT ATTENUATOR, TRUCK MOUNTED","EACH",1,24905.85,24905.85,4]
[null,"2024-03-07",2024,"Q1","15509","2 ","I-5 NORTHBOUND: SANTIAM OVERFLOW BRIDGE","0226-0138000E","TEMPORARY IMPACT ATTENUATOR, TRUCK MOUNTED","EACH",1,45000,45000,5]
[null,"2024-03-07",2024,"Q1","15509","2 ","I-5 NORTHBOUND: SANTIAM OVERFLOW BRIDGE","0226-0138000E","TEMPORARY IMPACT ATTENUATOR, TRUCK MOUNTED","EACH",1,16550,16550,6]
[null,"2024-03-07",2024,"Q1","15508","4 ","US20: 3RD ST - 15TH ST (GREENWOOD, BEND)","0226-0141400E","REPAIR TEMPORARY IMPACT ATTENUATOR, TRUCK MOUNTED","EACH",1,500,500,1]
[null,"2024-03-07",2024,"Q1","15509","2 ","I-5 NORTHBOUND: SANTIAM OVERFLOW BRIDGE","0226-0141400E","REPAIR TEMPORARY IMPACT ATTENUATOR, TRUCK MOUNTED","EACH",1,500,500,1]
[null,"2024-03-07",2024,"Q1","15507","2 ","NW OREGON (CENTRAL PORTION) CURVE WARNING UPGRADES","0226-0141400E","REPAIR TEMPORARY IMPACT ATTENUATOR, TRUCK MOUNTED","EACH",2,500,1000,1]
[null,"2024-03-07",2024,"Q1","15508","4 ","US20: 3RD ST - 15TH ST (GREENWOOD, BEND)","0226-0141400E","REPAIR TEMPORARY IMPACT ATTENUATOR, TRUCK MOUNTED","EACH",1,1,1,2]
[null,"2024-03-07",2024,"Q1","15507","2 ","NW OREGON (CENTRAL PORTION) CURVE WARNING UPGRADES","0226-0141400E","REPAIR TEMPORARY IMPACT ATTENUATOR, TRUCK MOUNTED","EACH",2,6500,13000,2]
[null,"2024-03-07",2024,"Q1","15509","2 ","I-5 NORTHBOUND: SANTIAM OVERFLOW BRIDGE","0226-0141400E","REPAIR TEMPORARY IMPACT ATTENUATOR, TRUCK MOUNTED","EACH",1,1,1,2]
[null,"2024-03-07",2024,"Q1","15508","4 ","US20: 3RD ST - 15TH ST (GREENWOOD, BEND)","0226-0141400E","REPAIR TEMPORARY IMPACT ATTENUATOR, TRUCK MOUNTED","EACH",1,1500,1500,3]
[null,"2024-03-07",2024,"Q1","15507","2 ","NW OREGON (CENTRAL PORTION) CURVE WARNING UPGRADES","0226-0141400E","REPAIR TEMPORARY IMPACT ATTENUATOR, TRUCK MOUNTED","EACH",2,1,2,3]
[null,"2024-03-07",2024,"Q1","15509","2 ","I-5 NORTHBOUND: SANTIAM OVERFLOW BRIDGE","0226-0141400E","REPAIR TEMPORARY IMPACT ATTENUATOR, TRUCK MOUNTED","EACH",1,0.01,0.01,3]
[null,"2024-03-07",2024,"Q1","15507","2 ","NW OREGON (CENTRAL PORTION) CURVE WARNING UPGRADES","0226-0141400E","REPAIR TEMPORARY IMPACT ATTENUATOR, TRUCK MOUNTED","EACH",2,1300,2600,4]
[null,"2024-03-07",2024,"Q1","15509","2 ","I-5 NORTHBOUND: SANTIAM OVERFLOW BRIDGE","0226-0141400E","REPAIR TEMPORARY IMPACT ATTENUATOR, TRUCK MOUNTED","EACH",1,100,100,4]
[null,"2024-03-07",2024,"Q1","15508","4 ","US20: 3RD ST - 15TH ST (GREENWOOD, BEND)","0226-0141400E","REPAIR TEMPORARY IMPACT ATTENUATOR, TRUCK MOUNTED","EACH",1,747.13,747.13,4]
[null,"2024-03-07",2024,"Q1","15509","2 ","I-5 NORTHBOUND: SANTIAM OVERFLOW BRIDGE","0226-0141400E","REPAIR TEMPORARY IMPACT ATTENUATOR, TRUCK MOUNTED","EACH",1,1500,1500,5]
[null,"2024-03-07",2024,"Q1","15509","2 ","I-5 NORTHBOUND: SANTIAM OVERFLOW BRIDGE","0226-0141400E","REPAIR TEMPORARY IMPACT ATTENUATOR, TRUCK MOUNTED","EACH",1,117,117,6]
[null,"2024-03-07",2024,"Q1","15508","4 ","US20: 3RD ST - 15TH ST (GREENWOOD, BEND)","0228-0141600F","PEDESTRIAN CHANNELIZING DEVICES","FOOT",200,30,6000,1]
[null,"2024-03-07",2024,"Q1","15508","4 ","US20: 3RD ST - 15TH ST (GREENWOOD, BEND)","0228-0141600F","PEDESTRIAN CHANNELIZING DEVICES","FOOT",200,36,7200,2]
[null,"2024-03-07",2024,"Q1","15508","4 ","US20: 3RD ST - 15TH ST (GREENWOOD, BEND)","0228-0141600F","PEDESTRIAN CHANNELIZING DEVICES","FOOT",200,100,20000,3]
[null,"2024-03-07",2024,"Q1","15508","4 ","US20: 3RD ST - 15TH ST (GREENWOOD, BEND)","0228-0141600F","PEDESTRIAN CHANNELIZING DEVICES","FOOT",200,47.82,9564,4]
[null,"2024-03-07",2024,"Q1","15508","4 ","US20: 3RD ST - 15TH ST (GREENWOOD, BEND)","0280-0113000F","SEDIMENT FENCE","FOOT",841,4,3364,1]
[null,"2024-03-07",2024,"Q1","15508","4 ","US20: 3RD ST - 15TH ST (GREENWOOD, BEND)","0280-0113000F","SEDIMENT FENCE","FOOT",841,2,1682,2]
[null,"2024-03-07",2024,"Q1","15508","4 ","US20: 3RD ST - 15TH ST (GREENWOOD, BEND)","0280-0113000F","SEDIMENT FENCE","FOOT",841,5,4205,3]
[null,"2024-03-07",2024,"Q1","15508","4 ","US20: 3RD ST - 15TH ST (GREENWOOD, BEND)","0280-0113000F","SEDIMENT FENCE","FOOT",841,2.87,2413.67,4]
[null,"2024-03-07",2024,"Q1","15508","4 ","US20: 3RD ST - 15TH ST (GREENWOOD, BEND)","0280-0114030E","INLET PROTECTION, TYPE 3","EACH",9,75,675,1]
[null,"2024-03-07",2024,"Q1","15508","4 ","US20: 3RD ST - 15TH ST (GREENWOOD, BEND)","0280-0114030E","INLET PROTECTION, TYPE 3","EACH",9,133,1197,2]
[null,"2024-03-07",2024,"Q1","15508","4 ","US20: 3RD ST - 15TH ST (GREENWOOD, BEND)","0280-0114030E","INLET PROTECTION, TYPE 3","EACH",9,150,1350,3]
[null,"2024-03-07",2024,"Q1","15508","4 ","US20: 3RD ST - 15TH ST (GREENWOOD, BEND)","0280-0114030E","INLET PROTECTION, TYPE 3","EACH",9,62.480000000000004,562.32000000000005,4]
[null,"2024-03-07",2024,"Q1","15508","4 ","US20: 3RD ST - 15TH ST (GREENWOOD, BEND)","0280-0114040E","INLET PROTECTION, TYPE 4","EACH",6,70,420,1]
[null,"2024-03-07",2024,"Q1","15508","4 ","US20: 3RD ST - 15TH ST (GREENWOOD, BEND)","0280-0114040E","INLET PROTECTION, TYPE 4","EACH",6,125,750,2]
[null,"2024-03-07",2024,"Q1","15508","4 ","US20: 3RD ST - 15TH ST (GREENWOOD, BEND)","0280-0114040E","INLET PROTECTION, TYPE 4","EACH",6,150,900,3]
[null,"2024-03-07",2024,"Q1","15508","4 ","US20: 3RD ST - 15TH ST (GREENWOOD, BEND)","0280-0114040E","INLET PROTECTION, TYPE 4","EACH",6,70.72,424.32,4]
[null,"2024-03-07",2024,"Q1","15508","4 ","US20: 3RD ST - 15TH ST (GREENWOOD, BEND)","0280-0114070E","INLET PROTECTION, TYPE 7","EACH",23,100,2300,1]
[null,"2024-03-07",2024,"Q1","15508","4 ","US20: 3RD ST - 15TH ST (GREENWOOD, BEND)","0280-0114070E","INLET PROTECTION, TYPE 7","EACH",23,125,2875,2]
[null,"2024-03-07",2024,"Q1","15508","4 ","US20: 3RD ST - 15TH ST (GREENWOOD, BEND)","0280-0114070E","INLET PROTECTION, TYPE 7","EACH",23,150,3450,3]
[null,"2024-03-07",2024,"Q1","15508","4 ","US20: 3RD ST - 15TH ST (GREENWOOD, BEND)","0280-0114070E","INLET PROTECTION, TYPE 7","EACH",23,70.72,1626.56,4]
[null,"2024-03-07",2024,"Q1","15509","2 ","I-5 NORTHBOUND: SANTIAM OVERFLOW BRIDGE","0280-0115030F","SEDIMENT BARRIER, TYPE 3","FOOT",20,50,1000,1]
[null,"2024-03-07",2024,"Q1","15509","2 ","I-5 NORTHBOUND: SANTIAM OVERFLOW BRIDGE","0280-0115030F","SEDIMENT BARRIER, TYPE 3","FOOT",20,15,300,2]
[null,"2024-03-07",2024,"Q1","15509","2 ","I-5 NORTHBOUND: SANTIAM OVERFLOW BRIDGE","0280-0115030F","SEDIMENT BARRIER, TYPE 3","FOOT",20,15,300,3]
[null,"2024-03-07",2024,"Q1","15509","2 ","I-5 NORTHBOUND: SANTIAM OVERFLOW BRIDGE","0280-0115030F","SEDIMENT BARRIER, TYPE 3","FOOT",20,22,440,4]
[null,"2024-03-07",2024,"Q1","15509","2 ","I-5 NORTHBOUND: SANTIAM OVERFLOW BRIDGE","0280-0115030F","SEDIMENT BARRIER, TYPE 3","FOOT",20,50,1000,5]
[null,"2024-03-07",2024,"Q1","15509","2 ","I-5 NORTHBOUND: SANTIAM OVERFLOW BRIDGE","0280-0115030F","SEDIMENT BARRIER, TYPE 3","FOOT",20,25,500,6]
[null,"2024-03-07",2024,"Q1","15507","2 ","NW OREGON (CENTRAL PORTION) CURVE WARNING UPGRADES","0290-0100000A","POLLUTION CONTROL PLAN","LS",1,500,500,1]
[null,"2024-03-07",2024,"Q1","15508","4 ","US20: 3RD ST - 15TH ST (GREENWOOD, BEND)","0290-0100000A","POLLUTION CONTROL PLAN","LS",1,2000,2000,1]
[null,"2024-03-07",2024,"Q1","15509","2 ","I-5 NORTHBOUND: SANTIAM OVERFLOW BRIDGE","0290-0100000A","POLLUTION CONTROL PLAN","LS",1,5000,5000,1]
[null,"2024-03-07",2024,"Q1","15509","2 ","I-5 NORTHBOUND: SANTIAM OVERFLOW BRIDGE","0290-0100000A","POLLUTION CONTROL PLAN","LS",1,3000,3000,2]
[null,"2024-03-07",2024,"Q1","15508","4 ","US20: 3RD ST - 15TH ST (GREENWOOD, BEND)","0290-0100000A","POLLUTION CONTROL PLAN","LS",1,5500,5500,2]
[null,"2024-03-07",2024,"Q1","15507","2 ","NW OREGON (CENTRAL PORTION) CURVE WARNING UPGRADES","0290-0100000A","POLLUTION CONTROL PLAN","LS",1,4875,4875,2]
[null,"2024-03-07",2024,"Q1","15509","2 ","I-5 NORTHBOUND: SANTIAM OVERFLOW BRIDGE","0290-0100000A","POLLUTION CONTROL PLAN","LS",1,1000,1000,3]
[null,"2024-03-07",2024,"Q1","15507","2 ","NW OREGON (CENTRAL PORTION) CURVE WARNING UPGRADES","0290-0100000A","POLLUTION CONTROL PLAN","LS",1,1000,1000,3]
[null,"2024-03-07",2024,"Q1","15508","4 ","US20: 3RD ST - 15TH ST (GREENWOOD, BEND)","0290-0100000A","POLLUTION CONTROL PLAN","LS",1,1500,1500,3]
[null,"2024-03-07",2024,"Q1","15508","4 ","US20: 3RD ST - 15TH ST (GREENWOOD, BEND)","0290-0100000A","POLLUTION CONTROL PLAN","LS",1,6743.22,6743.22,4]
[null,"2024-03-07",2024,"Q1","15509","2 ","I-5 NORTHBOUND: SANTIAM OVERFLOW BRIDGE","0290-0100000A","POLLUTION CONTROL PLAN","LS",1,5000,5000,4]
[null,"2024-03-07",2024,"Q1","15507","2 ","NW OREGON (CENTRAL PORTION) CURVE WARNING UPGRADES","0290-0100000A","POLLUTION CONTROL PLAN","LS",1,1300,1300,4]
[null,"2024-03-07",2024,"Q1","15509","2 ","I-5 NORTHBOUND: SANTIAM OVERFLOW BRIDGE","0290-0100000A","POLLUTION CONTROL PLAN","LS",1,500,500,5]
[null,"2024-03-07",2024,"Q1","15509","2 ","I-5 NORTHBOUND: SANTIAM OVERFLOW BRIDGE","0290-0100000A","POLLUTION CONTROL PLAN","LS",1,1955,1955,6]
[null,"2024-03-07",2024,"Q1","15508","4 ","US20: 3RD ST - 15TH ST (GREENWOOD, BEND)","0294-0200010M","CONTAMINATED SOIL DISPOSAL","TON",6,165,990,1]
[null,"2024-03-07",2024,"Q1","15508","4 ","US20: 3RD ST - 15TH ST (GREENWOOD, BEND)","0294-0200010M","CONTAMINATED SOIL DISPOSAL","TON",6,544,3264,2]
[null,"2024-03-07",2024,"Q1","15508","4 ","US20: 3RD ST - 15TH ST (GREENWOOD, BEND)","0294-0200010M","CONTAMINATED SOIL DISPOSAL","TON",6,2200,13200,3]
[null,"2024-03-07",2024,"Q1","15508","4 ","US20: 3RD ST - 15TH ST (GREENWOOD, BEND)","0294-0200010M","CONTAMINATED SOIL DISPOSAL","TON",6,102.36,614.16,4]
[null,"2024-03-07",2024,"Q1","15508","4 ","US20: 3RD ST - 15TH ST (GREENWOOD, BEND)","0294-0500000A","LEAD COMPLIANCE PLAN","LS",1,1500,1500,1]
[null,"2024-03-07",2024,"Q1","15508","4 ","US20: 3RD ST - 15TH ST (GREENWOOD, BEND)","0294-0500000A","LEAD COMPLIANCE PLAN","LS",1,2500,2500,2]
[null,"2024-03-07",2024,"Q1","15508","4 ","US20: 3RD ST - 15TH ST (GREENWOOD, BEND)","0294-0500000A","LEAD COMPLIANCE PLAN","LS",1,3500,3500,3]
[null,"2024-03-07",2024,"Q1","15508","4 ","US20: 3RD ST - 15TH ST (GREENWOOD, BEND)","0294-0500000A","LEAD COMPLIANCE PLAN","LS",1,13417.5,13417.5,4]
[null,"2024-03-07",2024,"Q1","15508","4 ","US20: 3RD ST - 15TH ST (GREENWOOD, BEND)","0294-0600000A","SEGREGATE AND STOCKPILE CONTAMINATED SOIL","LS",1,800,800,1]
[null,"2024-03-07",2024,"Q1","15508","4 ","US20: 3RD ST - 15TH ST (GREENWOOD, BEND)","0294-0600000A","SEGREGATE AND STOCKPILE CONTAMINATED SOIL","LS",1,28000,28000,2]
[null,"2024-03-07",2024,"Q1","15508","4 ","US20: 3RD ST - 15TH ST (GREENWOOD, BEND)","0294-0600000A","SEGREGATE AND STOCKPILE CONTAMINATED SOIL","LS",1,2500,2500,3]
[null,"2024-03-07",2024,"Q1","15508","4 ","US20: 3RD ST - 15TH ST (GREENWOOD, BEND)","0294-0600000A","SEGREGATE AND STOCKPILE CONTAMINATED SOIL","LS",1,20196.599999999999,20196.599999999999,4]
[null,"2024-03-07",2024,"Q1","15508","4 ","US20: 3RD ST - 15TH ST (GREENWOOD, BEND)","0310-0100000F","REMOVAL OF PIPES","FOOT",70,90,6300,1]
[null,"2024-03-07",2024,"Q1","15508","4 ","US20: 3RD ST - 15TH ST (GREENWOOD, BEND)","0310-0100000F","REMOVAL OF PIPES","FOOT",70,85,5950,2]
[null,"2024-03-07",2024,"Q1","15508","4 ","US20: 3RD ST - 15TH ST (GREENWOOD, BEND)","0310-0100000F","REMOVAL OF PIPES","FOOT",70,100,7000,3]
[null,"2024-03-07",2024,"Q1","15508","4 ","US20: 3RD ST - 15TH ST (GREENWOOD, BEND)","0310-0100000F","REMOVAL OF PIPES","FOOT",70,33.76,2363.1999999999998,4]
[null,"2024-03-07",2024,"Q1","15509","2 ","I-5 NORTHBOUND: SANTIAM OVERFLOW BRIDGE","0310-0103000J","REMOVAL OF SURFACINGS","SQYD",145,22,3190,1]
[null,"2024-03-07",2024,"Q1","15509","2 ","I-5 NORTHBOUND: SANTIAM OVERFLOW BRIDGE","0310-0103000J","REMOVAL OF SURFACINGS","SQYD",145,38.950000000000003,5647.75,2]
[null,"2024-03-07",2024,"Q1","15509","2 ","I-5 NORTHBOUND: SANTIAM OVERFLOW BRIDGE","0310-0103000J","REMOVAL OF SURFACINGS","SQYD",145,40,5800,3]
[null,"2024-03-07",2024,"Q1","15509","2 ","I-5 NORTHBOUND: SANTIAM OVERFLOW BRIDGE","0310-0103000J","REMOVAL OF SURFACINGS","SQYD",145,36.5,5292.5,4]
[null,"2024-03-07",2024,"Q1","15509","2 ","I-5 NORTHBOUND: SANTIAM OVERFLOW BRIDGE","0310-0103000J","REMOVAL OF SURFACINGS","SQYD",145,62,8990,5]
[null,"2024-03-07",2024,"Q1","15509","2 ","I-5 NORTHBOUND: SANTIAM OVERFLOW BRIDGE","0310-0103000J","REMOVAL OF SURFACINGS","SQYD",145,29.25,4241.25,6]
[null,"2024-03-07",2024,"Q1","15508","4 ","US20: 3RD ST - 15TH ST (GREENWOOD, BEND)","0310-0104000E","REMOVAL OF INLETS","EACH",2,850,1700,1]
[null,"2024-03-07",2024,"Q1","15508","4 ","US20: 3RD ST - 15TH ST (GREENWOOD, BEND)","0310-0104000E","REMOVAL OF INLETS","EACH",2,1500,3000,2]
[null,"2024-03-07",2024,"Q1","15508","4 ","US20: 3RD ST - 15TH ST (GREENWOOD, BEND)","0310-0104000E","REMOVAL OF INLETS","EACH",2,880,1760,3]
[null,"2024-03-07",2024,"Q1","15508","4 ","US20: 3RD ST - 15TH ST (GREENWOOD, BEND)","0310-0104000E","REMOVAL OF INLETS","EACH",2,661.54,1323.08,4]
[null,"2024-03-07",2024,"Q1","15508","4 ","US20: 3RD ST - 15TH ST (GREENWOOD, BEND)","0310-0106000A","REMOVAL OF STRUCTURES AND OBSTRUCTIONS","LS",1,18000,18000,1]
[null,"2024-03-07",2024,"Q1","15509","2 ","I-5 NORTHBOUND: SANTIAM OVERFLOW BRIDGE","0310-0106000A","REMOVAL OF STRUCTURES AND OBSTRUCTIONS","LS",1,5000,5000,1]
[null,"2024-03-07",2024,"Q1","15508","4 ","US20: 3RD ST - 15TH ST (GREENWOOD, BEND)","0310-0106000A","REMOVAL OF STRUCTURES AND OBSTRUCTIONS","LS",1,80000,80000,2]
[null,"2024-03-07",2024,"Q1","15509","2 ","I-5 NORTHBOUND: SANTIAM OVERFLOW BRIDGE","0310-0106000A","REMOVAL OF STRUCTURES AND OBSTRUCTIONS","LS",1,25000,25000,2]
[null,"2024-03-07",2024,"Q1","15509","2 ","I-5 NORTHBOUND: SANTIAM OVERFLOW BRIDGE","0310-0106000A","REMOVAL OF STRUCTURES AND OBSTRUCTIONS","LS",1,6000,6000,3]
[null,"2024-03-07",2024,"Q1","15508","4 ","US20: 3RD ST - 15TH ST (GREENWOOD, BEND)","0310-0106000A","REMOVAL OF STRUCTURES AND OBSTRUCTIONS","LS",1,33000,33000,3]
[null,"2024-03-07",2024,"Q1","15509","2 ","I-5 NORTHBOUND: SANTIAM OVERFLOW BRIDGE","0310-0106000A","REMOVAL OF STRUCTURES AND OBSTRUCTIONS","LS",1,12100,12100,4]
[null,"2024-03-07",2024,"Q1","15508","4 ","US20: 3RD ST - 15TH ST (GREENWOOD, BEND)","0310-0106000A","REMOVAL OF STRUCTURES AND OBSTRUCTIONS","LS",1,12888.31,12888.31,4]
[null,"2024-03-07",2024,"Q1","15509","2 ","I-5 NORTHBOUND: SANTIAM OVERFLOW BRIDGE","0310-0106000A","REMOVAL OF STRUCTURES AND OBSTRUCTIONS","LS",1,20000,20000,5]
[null,"2024-03-07",2024,"Q1","15509","2 ","I-5 NORTHBOUND: SANTIAM OVERFLOW BRIDGE","0310-0106000A","REMOVAL OF STRUCTURES AND OBSTRUCTIONS","LS",1,10580,10580,6]
[null,"2024-03-07",2024,"Q1","15508","4 ","US20: 3RD ST - 15TH ST (GREENWOOD, BEND)","0310-0106101J","REMOVAL OF SURFACINGS FOR CURB RAMP CONSTRUCTION","SQYD",8389,28,234892,1]
[null,"2024-03-07",2024,"Q1","15508","4 ","US20: 3RD ST - 15TH ST (GREENWOOD, BEND)","0310-0106101J","REMOVAL OF SURFACINGS FOR CURB RAMP CONSTRUCTION","SQYD",8389,24,201336,2]
[null,"2024-03-07",2024,"Q1","15508","4 ","US20: 3RD ST - 15TH ST (GREENWOOD, BEND)","0310-0106101J","REMOVAL OF SURFACINGS FOR CURB RAMP CONSTRUCTION","SQYD",8389,25,209725,3]
[null,"2024-03-07",2024,"Q1","15508","4 ","US20: 3RD ST - 15TH ST (GREENWOOD, BEND)","0310-0106101J","REMOVAL OF SURFACINGS FOR CURB RAMP CONSTRUCTION","SQYD",8389,82.64,693266.96,4]
[null,"2024-03-07",2024,"Q1","15508","4 ","US20: 3RD ST - 15TH ST (GREENWOOD, BEND)","0310-0119000F","ASPHALT PAVEMENT SAW CUTTING","FOOT",7431,3.5,26008.5,1]
[null,"2024-03-07",2024,"Q1","15508","4 ","US20: 3RD ST - 15TH ST (GREENWOOD, BEND)","0310-0119000F","ASPHALT PAVEMENT SAW CUTTING","FOOT",7431,8,59448,2]
[null,"2024-03-07",2024,"Q1","15508","4 ","US20: 3RD ST - 15TH ST (GREENWOOD, BEND)","0310-0119000F","ASPHALT PAVEMENT SAW CUTTING","FOOT",7431,3,22293,3]
[null,"2024-03-07",2024,"Q1","15508","4 ","US20: 3RD ST - 15TH ST (GREENWOOD, BEND)","0310-0119000F","ASPHALT PAVEMENT SAW CUTTING","FOOT",7431,3.23,24002.13,4]
[null,"2024-03-07",2024,"Q1","15508","4 ","US20: 3RD ST - 15TH ST (GREENWOOD, BEND)","0320-0100000A","CLEARING AND GRUBBING","ACRE",0.25,40000,10000,1]
[null,"2024-03-07",2024,"Q1","15508","4 ","US20: 3RD ST - 15TH ST (GREENWOOD, BEND)","0320-0100000A","CLEARING AND GRUBBING","ACRE",0.25,24000,6000,2]
[null,"2024-03-07",2024,"Q1","15508","4 ","US20: 3RD ST - 15TH ST (GREENWOOD, BEND)","0320-0100000A","CLEARING AND GRUBBING","ACRE",0.25,32000,8000,3]
[null,"2024-03-07",2024,"Q1","15508","4 ","US20: 3RD ST - 15TH ST (GREENWOOD, BEND)","0320-0100000A","CLEARING AND GRUBBING","ACRE",0.25,22837.360000000001,5709.34,4]
[null,"2024-03-07",2024,"Q1","15508","4 ","US20: 3RD ST - 15TH ST (GREENWOOD, BEND)","0350-0105000J","SUBGRADE GEOTEXTILE","SQYD",3266,2,6532,1]
[null,"2024-03-07",2024,"Q1","15508","4 ","US20: 3RD ST - 15TH ST (GREENWOOD, BEND)","0350-0105000J","SUBGRADE GEOTEXTILE","SQYD",3266,2,6532,2]
[null,"2024-03-07",2024,"Q1","15508","4 ","US20: 3RD ST - 15TH ST (GREENWOOD, BEND)","0350-0105000J","SUBGRADE GEOTEXTILE","SQYD",3266,1.5,4899,3]
[null,"2024-03-07",2024,"Q1","15508","4 ","US20: 3RD ST - 15TH ST (GREENWOOD, BEND)","0350-0105000J","SUBGRADE GEOTEXTILE","SQYD",3266,2.38,7773.08,4]
[null,"2024-03-07",2024,"Q1","15508","4 ","US20: 3RD ST - 15TH ST (GREENWOOD, BEND)","0430-0100030F","3 INCH DRAIN PIPE","FOOT",15,65,975,1]
[null,"2024-03-07",2024,"Q1","15508","4 ","US20: 3RD ST - 15TH ST (GREENWOOD, BEND)","0430-0100030F","3 INCH DRAIN PIPE","FOOT",15,365,5475,2]
[null,"2024-03-07",2024,"Q1","15508","4 ","US20: 3RD ST - 15TH ST (GREENWOOD, BEND)","0430-0100030F","3 INCH DRAIN PIPE","FOOT",15,105,1575,3]
[null,"2024-03-07",2024,"Q1","15508","4 ","US20: 3RD ST - 15TH ST (GREENWOOD, BEND)","0430-0100030F","3 INCH DRAIN PIPE","FOOT",15,107.92,1618.8,4]
[null,"2024-03-07",2024,"Q1","15508","4 ","US20: 3RD ST - 15TH ST (GREENWOOD, BEND)","0445-035012AF","12 INCH STORM SEWER PIPE, 5 FT DEPTH","FOOT",14,205,2870,1]
[null,"2024-03-07",2024,"Q1","15508","4 ","US20: 3RD ST - 15TH ST (GREENWOOD, BEND)","0445-035012AF","12 INCH STORM SEWER PIPE, 5 FT DEPTH","FOOT",14,485,6790,2]
[null,"2024-03-07",2024,"Q1","15508","4 ","US20: 3RD ST - 15TH ST (GREENWOOD, BEND)","0445-035012AF","12 INCH STORM SEWER PIPE, 5 FT DEPTH","FOOT",14,130,1820,3]
[null,"2024-03-07",2024,"Q1","15508","4 ","US20: 3RD ST - 15TH ST (GREENWOOD, BEND)","0445-035012AF","12 INCH STORM SEWER PIPE, 5 FT DEPTH","FOOT",14,270.79000000000002,3791.06,4]
[null,"2024-03-07",2024,"Q1","15508","4 ","US20: 3RD ST - 15TH ST (GREENWOOD, BEND)","0470-0114000E","CONCRETE MANHOLES, SEDIMENTATION WITH INLET","EACH",1,13000,13000,1]
[null,"2024-03-07",2024,"Q1","15508","4 ","US20: 3RD ST - 15TH ST (GREENWOOD, BEND)","0470-0114000E","CONCRETE MANHOLES, SEDIMENTATION WITH INLET","EACH",1,10000,10000,2]
[null,"2024-03-07",2024,"Q1","15508","4 ","US20: 3RD ST - 15TH ST (GREENWOOD, BEND)","0470-0114000E","CONCRETE MANHOLES, SEDIMENTATION WITH INLET","EACH",1,17000,17000,3]
[null,"2024-03-07",2024,"Q1","15508","4 ","US20: 3RD ST - 15TH ST (GREENWOOD, BEND)","0470-0114000E","CONCRETE MANHOLES, SEDIMENTATION WITH INLET","EACH",1,14821.92,14821.92,4]
[null,"2024-03-07",2024,"Q1","15508","4 ","US20: 3RD ST - 15TH ST (GREENWOOD, BEND)","0490-0100000E","ADJUSTING BOXES","EACH",1,145,145,1]
[null,"2024-03-07",2024,"Q1","15508","4 ","US20: 3RD ST - 15TH ST (GREENWOOD, BEND)","0490-0100000E","ADJUSTING BOXES","EACH",1,973,973,2]
[null,"2024-03-07",2024,"Q1","15508","4 ","US20: 3RD ST - 15TH ST (GREENWOOD, BEND)","0490-0100000E","ADJUSTING BOXES","EACH",1,190,190,3]
[null,"2024-03-07",2024,"Q1","15508","4 ","US20: 3RD ST - 15TH ST (GREENWOOD, BEND)","0490-0100000E","ADJUSTING BOXES","EACH",1,499.43,499.43,4]
[null,"2024-03-07",2024,"Q1","15508","4 ","US20: 3RD ST - 15TH ST (GREENWOOD, BEND)","0490-0104000E","CONNECTION TO EXISTING STRUCTURES","EACH",1,2500,2500,1]
[null,"2024-03-07",2024,"Q1","15508","4 ","US20: 3RD ST - 15TH ST (GREENWOOD, BEND)","0490-0104000E","CONNECTION TO EXISTING STRUCTURES","EACH",1,4600,4600,2]
[null,"2024-03-07",2024,"Q1","15508","4 ","US20: 3RD ST - 15TH ST (GREENWOOD, BEND)","0490-0104000E","CONNECTION TO EXISTING STRUCTURES","EACH",1,880,880,3]
[null,"2024-03-07",2024,"Q1","15508","4 ","US20: 3RD ST - 15TH ST (GREENWOOD, BEND)","0490-0104000E","CONNECTION TO EXISTING STRUCTURES","EACH",1,1863.72,1863.72,4]
[null,"2024-03-07",2024,"Q1","15508","4 ","US20: 3RD ST - 15TH ST (GREENWOOD, BEND)","0490-0105000E","ADJUSTING INLETS","EACH",6,1600,9600,1]
[null,"2024-03-07",2024,"Q1","15508","4 ","US20: 3RD ST - 15TH ST (GREENWOOD, BEND)","0490-0105000E","ADJUSTING INLETS","EACH",6,3200,19200,2]
[null,"2024-03-07",2024,"Q1","15508","4 ","US20: 3RD ST - 15TH ST (GREENWOOD, BEND)","0490-0105000E","ADJUSTING INLETS","EACH",6,350,2100,3]
[null,"2024-03-07",2024,"Q1","15508","4 ","US20: 3RD ST - 15TH ST (GREENWOOD, BEND)","0490-0105000E","ADJUSTING INLETS","EACH",6,1720.43,10322.58,4]
[null,"2024-03-07",2024,"Q1","15508","4 ","US20: 3RD ST - 15TH ST (GREENWOOD, BEND)","0495-0100000J","TRENCH RESURFACING","SQYD",14,180,2520,1]
[null,"2024-03-07",2024,"Q1","15508","4 ","US20: 3RD ST - 15TH ST (GREENWOOD, BEND)","0495-0100000J","TRENCH RESURFACING","SQYD",14,150,2100,2]
[null,"2024-03-07",2024,"Q1","15508","4 ","US20: 3RD ST - 15TH ST (GREENWOOD, BEND)","0495-0100000J","TRENCH RESURFACING","SQYD",14,140,1960,3]
[null,"2024-03-07",2024,"Q1","15508","4 ","US20: 3RD ST - 15TH ST (GREENWOOD, BEND)","0495-0100000J","TRENCH RESURFACING","SQYD",14,145.05000000000001,2030.7,4]
[null,"2024-03-07",2024,"Q1","15509","2 ","I-5 NORTHBOUND: SANTIAM OVERFLOW BRIDGE","0503-0103100J","BRIDGE APPROACH SLAB COLD PLANE PAVEMENT REMOVAL, 2 INCHES DEEP","SQYD",203,15,3045,1]
[null,"2024-03-07",2024,"Q1","15509","2 ","I-5 NORTHBOUND: SANTIAM OVERFLOW BRIDGE","0503-0103100J","BRIDGE APPROACH SLAB COLD PLANE PAVEMENT REMOVAL, 2 INCHES DEEP","SQYD",203,51,10353,2]
[null,"2024-03-07",2024,"Q1","15509","2 ","I-5 NORTHBOUND: SANTIAM OVERFLOW BRIDGE","0503-0103100J","BRIDGE APPROACH SLAB COLD PLANE PAVEMENT REMOVAL, 2 INCHES DEEP","SQYD",203,40,8120,3]
[null,"2024-03-07",2024,"Q1","15509","2 ","I-5 NORTHBOUND: SANTIAM OVERFLOW BRIDGE","0503-0103100J","BRIDGE APPROACH SLAB COLD PLANE PAVEMENT REMOVAL, 2 INCHES DEEP","SQYD",203,75,15225,4]
[null,"2024-03-07",2024,"Q1","15509","2 ","I-5 NORTHBOUND: SANTIAM OVERFLOW BRIDGE","0503-0103100J","BRIDGE APPROACH SLAB COLD PLANE PAVEMENT REMOVAL, 2 INCHES DEEP","SQYD",203,28,5684,5]
[null,"2024-03-07",2024,"Q1","15509","2 ","I-5 NORTHBOUND: SANTIAM OVERFLOW BRIDGE","0503-0103100J","BRIDGE APPROACH SLAB COLD PLANE PAVEMENT REMOVAL, 2 INCHES DEEP","SQYD",203,18.5,3755.5,6]
[null,"2024-03-07",2024,"Q1","15509","2 ","I-5 NORTHBOUND: SANTIAM OVERFLOW BRIDGE","0504-0100000J","CLASS 2 PREPARATION","SQYD",89,425,37825,1]
[null,"2024-03-07",2024,"Q1","15509","2 ","I-5 NORTHBOUND: SANTIAM OVERFLOW BRIDGE","0504-0100000J","CLASS 2 PREPARATION","SQYD",89,1,89,2]
[null,"2024-03-07",2024,"Q1","15509","2 ","I-5 NORTHBOUND: SANTIAM OVERFLOW BRIDGE","0504-0100000J","CLASS 2 PREPARATION","SQYD",89,150,13350,3]
[null,"2024-03-07",2024,"Q1","15509","2 ","I-5 NORTHBOUND: SANTIAM OVERFLOW BRIDGE","0504-0100000J","CLASS 2 PREPARATION","SQYD",89,226,20114,4]
[null,"2024-03-07",2024,"Q1","15509","2 ","I-5 NORTHBOUND: SANTIAM OVERFLOW BRIDGE","0504-0100000J","CLASS 2 PREPARATION","SQYD",89,215,19135,5]
[null,"2024-03-07",2024,"Q1","15509","2 ","I-5 NORTHBOUND: SANTIAM OVERFLOW BRIDGE","0504-0100000J","CLASS 2 PREPARATION","SQYD",89,240,21360,6]
[null,"2024-03-07",2024,"Q1","15509","2 ","I-5 NORTHBOUND: SANTIAM OVERFLOW BRIDGE","0557-0102000K","FURNISH PREMIXED POLYMER CONCRETE","CUYD",8,4200,33600,1]
[null,"2024-03-07",2024,"Q1","15509","2 ","I-5 NORTHBOUND: SANTIAM OVERFLOW BRIDGE","0557-0102000K","FURNISH PREMIXED POLYMER CONCRETE","CUYD",56,4200,235200,1]
[null,"2024-03-07",2024,"Q1","15509","2 ","I-5 NORTHBOUND: SANTIAM OVERFLOW BRIDGE","0557-0102000K","FURNISH PREMIXED POLYMER CONCRETE","CUYD",56,4500,252000,2]
[null,"2024-03-07",2024,"Q1","15509","2 ","I-5 NORTHBOUND: SANTIAM OVERFLOW BRIDGE","0557-0102000K","FURNISH PREMIXED POLYMER CONCRETE","CUYD",8,4500,36000,2]
[null,"2024-03-07",2024,"Q1","15509","2 ","I-5 NORTHBOUND: SANTIAM OVERFLOW BRIDGE","0557-0102000K","FURNISH PREMIXED POLYMER CONCRETE","CUYD",8,4200,33600,3]
[null,"2024-03-07",2024,"Q1","15509","2 ","I-5 NORTHBOUND: SANTIAM OVERFLOW BRIDGE","0557-0102000K","FURNISH PREMIXED POLYMER CONCRETE","CUYD",56,4200,235200,3]
[null,"2024-03-07",2024,"Q1","15509","2 ","I-5 NORTHBOUND: SANTIAM OVERFLOW BRIDGE","0557-0102000K","FURNISH PREMIXED POLYMER CONCRETE","CUYD",8,4378,35024,4]
[null,"2024-03-07",2024,"Q1","15509","2 ","I-5 NORTHBOUND: SANTIAM OVERFLOW BRIDGE","0557-0102000K","FURNISH PREMIXED POLYMER CONCRETE","CUYD",56,4598,257488,4]
[null,"2024-03-07",2024,"Q1","15509","2 ","I-5 NORTHBOUND: SANTIAM OVERFLOW BRIDGE","0557-0102000K","FURNISH PREMIXED POLYMER CONCRETE","CUYD",8,3310,26480,5]
[null,"2024-03-07",2024,"Q1","15509","2 ","I-5 NORTHBOUND: SANTIAM OVERFLOW BRIDGE","0557-0102000K","FURNISH PREMIXED POLYMER CONCRETE","CUYD",56,3310,185360,5]
[null,"2024-03-07",2024,"Q1","15509","2 ","I-5 NORTHBOUND: SANTIAM OVERFLOW BRIDGE","0557-0102000K","FURNISH PREMIXED POLYMER CONCRETE","CUYD",56,4900,274400,6]
[null,"2024-03-07",2024,"Q1","15509","2 ","I-5 NORTHBOUND: SANTIAM OVERFLOW BRIDGE","0557-0102000K","FURNISH PREMIXED POLYMER CONCRETE","CUYD",8,4648,37184,6]
[null,"2024-03-07",2024,"Q1","15509","2 ","I-5 NORTHBOUND: SANTIAM OVERFLOW BRIDGE","0557-0104000J","CONSTRUCT PPC OVERLAY","SQYD",1775,45,79875,1]
[null,"2024-03-07",2024,"Q1","15509","2 ","I-5 NORTHBOUND: SANTIAM OVERFLOW BRIDGE","0557-0104000J","CONSTRUCT PPC OVERLAY","SQYD",280,45,12600,1]
[null,"2024-03-07",2024,"Q1","15509","2 ","I-5 NORTHBOUND: SANTIAM OVERFLOW BRIDGE","0557-0104000J","CONSTRUCT PPC OVERLAY","SQYD",280,40,11200,2]
[null,"2024-03-07",2024,"Q1","15509","2 ","I-5 NORTHBOUND: SANTIAM OVERFLOW BRIDGE","0557-0104000J","CONSTRUCT PPC OVERLAY","SQYD",1775,40,71000,2]
[null,"2024-03-07",2024,"Q1","15509","2 ","I-5 NORTHBOUND: SANTIAM OVERFLOW BRIDGE","0557-0104000J","CONSTRUCT PPC OVERLAY","SQYD",280,130,36400,3]
[null,"2024-03-07",2024,"Q1","15509","2 ","I-5 NORTHBOUND: SANTIAM OVERFLOW BRIDGE","0557-0104000J","CONSTRUCT PPC OVERLAY","SQYD",1775,130,230750,3]
[null,"2024-03-07",2024,"Q1","15509","2 ","I-5 NORTHBOUND: SANTIAM OVERFLOW BRIDGE","0557-0104000J","CONSTRUCT PPC OVERLAY","SQYD",280,43.55,12194,4]
[null,"2024-03-07",2024,"Q1","15509","2 ","I-5 NORTHBOUND: SANTIAM OVERFLOW BRIDGE","0557-0104000J","CONSTRUCT PPC OVERLAY","SQYD",1775,49,86975,4]
[null,"2024-03-07",2024,"Q1","15509","2 ","I-5 NORTHBOUND: SANTIAM OVERFLOW BRIDGE","0557-0104000J","CONSTRUCT PPC OVERLAY","SQYD",280,87,24360,5]
[null,"2024-03-07",2024,"Q1","15509","2 ","I-5 NORTHBOUND: SANTIAM OVERFLOW BRIDGE","0557-0104000J","CONSTRUCT PPC OVERLAY","SQYD",1775,87,154425,5]
[null,"2024-03-07",2024,"Q1","15509","2 ","I-5 NORTHBOUND: SANTIAM OVERFLOW BRIDGE","0557-0104000J","CONSTRUCT PPC OVERLAY","SQYD",280,46.25,12950,6]
[null,"2024-03-07",2024,"Q1","15509","2 ","I-5 NORTHBOUND: SANTIAM OVERFLOW BRIDGE","0557-0104000J","CONSTRUCT PPC OVERLAY","SQYD",1775,60,106500,6]
[null,"2024-03-07",2024,"Q1","15509","2 ","I-5 NORTHBOUND: SANTIAM OVERFLOW BRIDGE","0584-0100000F","ELASTOMERIC CONCRETE NOSING","FOOT",120,85,10200,1]
[null,"2024-03-07",2024,"Q1","15509","2 ","I-5 NORTHBOUND: SANTIAM OVERFLOW BRIDGE","0584-0100000F","ELASTOMERIC CONCRETE NOSING","FOOT",120,135,16200,2]
[null,"2024-03-07",2024,"Q1","15509","2 ","I-5 NORTHBOUND: SANTIAM OVERFLOW BRIDGE","0584-0100000F","ELASTOMERIC CONCRETE NOSING","FOOT",120,150,18000,3]
[null,"2024-03-07",2024,"Q1","15509","2 ","I-5 NORTHBOUND: SANTIAM OVERFLOW BRIDGE","0584-0100000F","ELASTOMERIC CONCRETE NOSING","FOOT",120,134,16080,4]
[null,"2024-03-07",2024,"Q1","15509","2 ","I-5 NORTHBOUND: SANTIAM OVERFLOW BRIDGE","0584-0100000F","ELASTOMERIC CONCRETE NOSING","FOOT",120,130,15600,5]
[null,"2024-03-07",2024,"Q1","15509","2 ","I-5 NORTHBOUND: SANTIAM OVERFLOW BRIDGE","0584-0100000F","ELASTOMERIC CONCRETE NOSING","FOOT",120,142.5,17100,6]
[null,"2024-03-07",2024,"Q1","15509","2 ","I-5 NORTHBOUND: SANTIAM OVERFLOW BRIDGE","0585-0215000A","PRECOMPRESSED FOAM SILICONE JOINT SEAL","FOOT",120,125,15000,1]
[null,"2024-03-07",2024,"Q1","15509","2 ","I-5 NORTHBOUND: SANTIAM OVERFLOW BRIDGE","0585-0215000A","PRECOMPRESSED FOAM SILICONE JOINT SEAL","FOOT",120,125,15000,2]
[null,"2024-03-07",2024,"Q1","15509","2 ","I-5 NORTHBOUND: SANTIAM OVERFLOW BRIDGE","0585-0215000A","PRECOMPRESSED FOAM SILICONE JOINT SEAL","FOOT",120,91.666666666666671,11000,3]
[null,"2024-03-07",2024,"Q1","15509","2 ","I-5 NORTHBOUND: SANTIAM OVERFLOW BRIDGE","0585-0215000A","PRECOMPRESSED FOAM SILICONE JOINT SEAL","FOOT",120,95.416666666666671,11450,4]
[null,"2024-03-07",2024,"Q1","15509","2 ","I-5 NORTHBOUND: SANTIAM OVERFLOW BRIDGE","0585-0215000A","PRECOMPRESSED FOAM SILICONE JOINT SEAL","FOOT",120,87.5,10500,5]
[null,"2024-03-07",2024,"Q1","15509","2 ","I-5 NORTHBOUND: SANTIAM OVERFLOW BRIDGE","0585-0215000A","PRECOMPRESSED FOAM SILICONE JOINT SEAL","FOOT",120,101.33333333333333,12160,6]
[null,"2024-03-07",2024,"Q1","15509","2 ","I-5 NORTHBOUND: SANTIAM OVERFLOW BRIDGE","0585-0300000A","CONTROL JOINT","FOOT",120,25,3000,1]
[null,"2024-03-07",2024,"Q1","15509","2 ","I-5 NORTHBOUND: SANTIAM OVERFLOW BRIDGE","0585-0300000A","CONTROL JOINT","FOOT",120,104.16666666666667,12500,2]
[null,"2024-03-07",2024,"Q1","15509","2 ","I-5 NORTHBOUND: SANTIAM OVERFLOW BRIDGE","0585-0300000A","CONTROL JOINT","FOOT",120,41.666666666666664,5000,3]
[null,"2024-03-07",2024,"Q1","15509","2 ","I-5 NORTHBOUND: SANTIAM OVERFLOW BRIDGE","0585-0300000A","CONTROL JOINT","FOOT",120,31.458333333333332,3775,4]
[null,"2024-03-07",2024,"Q1","15509","2 ","I-5 NORTHBOUND: SANTIAM OVERFLOW BRIDGE","0585-0300000A","CONTROL JOINT","FOOT",120,33.333333333333336,4000,5]
[null,"2024-03-07",2024,"Q1","15509","2 ","I-5 NORTHBOUND: SANTIAM OVERFLOW BRIDGE","0585-0300000A","CONTROL JOINT","FOOT",120,33.333333333333336,4000,6]
[null,"2024-03-07",2024,"Q1","15509","2 ","I-5 NORTHBOUND: SANTIAM OVERFLOW BRIDGE","0587-0125000A","TYPE \"F\" CONCRETE RAIL, RETROFIT","FOOT",591,143.82402707275804,85000,1]
[null,"2024-03-07",2024,"Q1","15509","2 ","I-5 NORTHBOUND: SANTIAM OVERFLOW BRIDGE","0587-0125000A","TYPE \"F\" CONCRETE RAIL, RETROFIT","FOOT",591,211.50592216582064,125000,2]
[null,"2024-03-07",2024,"Q1","15509","2 ","I-5 NORTHBOUND: SANTIAM OVERFLOW BRIDGE","0587-0125000A","TYPE \"F\" CONCRETE RAIL, RETROFIT","FOOT",591,118.44331641285956,70000,3]
[null,"2024-03-07",2024,"Q1","15509","2 ","I-5 NORTHBOUND: SANTIAM OVERFLOW BRIDGE","0587-0125000A","TYPE \"F\" CONCRETE RAIL, RETROFIT","FOOT",591,111.25211505922165,65750,4]
[null,"2024-03-07",2024,"Q1","15509","2 ","I-5 NORTHBOUND: SANTIAM OVERFLOW BRIDGE","0587-0125000A","TYPE \"F\" CONCRETE RAIL, RETROFIT","FOOT",591,169.20473773265653,100000,5]
[null,"2024-03-07",2024,"Q1","15509","2 ","I-5 NORTHBOUND: SANTIAM OVERFLOW BRIDGE","0587-0125000A","TYPE \"F\" CONCRETE RAIL, RETROFIT","FOOT",591,169.20473773265653,100000,6]
[null,"2024-03-07",2024,"Q1","15508","4 ","US20: 3RD ST - 15TH ST (GREENWOOD, BEND)","0596-B002000A","RETAINING WALL, PREFABRICATED MODULAR GRAVITY","SQFT",335,44.776119402985074,15000,1]
[null,"2024-03-07",2024,"Q1","15508","4 ","US20: 3RD ST - 15TH ST (GREENWOOD, BEND)","0596-B002000A","RETAINING WALL, PREFABRICATED MODULAR GRAVITY","SQFT",335,50.746268656716417,17000,2]
[null,"2024-03-07",2024,"Q1","15508","4 ","US20: 3RD ST - 15TH ST (GREENWOOD, BEND)","0596-B002000A","RETAINING WALL, PREFABRICATED MODULAR GRAVITY","SQFT",335,77.611940298507463,26000,3]
[null,"2024-03-07",2024,"Q1","15508","4 ","US20: 3RD ST - 15TH ST (GREENWOOD, BEND)","0596-B002000A","RETAINING WALL, PREFABRICATED MODULAR GRAVITY","SQFT",335,150.92853731343283,50561.06,4]
[null,"2024-03-07",2024,"Q1","15509","2 ","I-5 NORTHBOUND: SANTIAM OVERFLOW BRIDGE","0620-0106000J","COLD PLANE PAVEMENT REMOVAL, 2 - 3 INCHES DEEP","SQYD",1300,15,19500,1]
[null,"2024-03-07",2024,"Q1","15509","2 ","I-5 NORTHBOUND: SANTIAM OVERFLOW BRIDGE","0620-0106000J","COLD PLANE PAVEMENT REMOVAL, 2 - 3 INCHES DEEP","SQYD",1300,10,13000,2]
[null,"2024-03-07",2024,"Q1","15509","2 ","I-5 NORTHBOUND: SANTIAM OVERFLOW BRIDGE","0620-0106000J","COLD PLANE PAVEMENT REMOVAL, 2 - 3 INCHES DEEP","SQYD",1300,20,26000,3]
[null,"2024-03-07",2024,"Q1","15509","2 ","I-5 NORTHBOUND: SANTIAM OVERFLOW BRIDGE","0620-0106000J","COLD PLANE PAVEMENT REMOVAL, 2 - 3 INCHES DEEP","SQYD",1300,16.5,21450,4]
[null,"2024-03-07",2024,"Q1","15509","2 ","I-5 NORTHBOUND: SANTIAM OVERFLOW BRIDGE","0620-0106000J","COLD PLANE PAVEMENT REMOVAL, 2 - 3 INCHES DEEP","SQYD",1300,16,20800,5]
[null,"2024-03-07",2024,"Q1","15509","2 ","I-5 NORTHBOUND: SANTIAM OVERFLOW BRIDGE","0620-0106000J","COLD PLANE PAVEMENT REMOVAL, 2 - 3 INCHES DEEP","SQYD",1300,22,28600,6]
[null,"2024-03-07",2024,"Q1","15509","2 ","I-5 NORTHBOUND: SANTIAM OVERFLOW BRIDGE","0622-0100000J","GRIND CONCRETE PAVEMENT","SQYD",285,82,23370,1]
[null,"2024-03-07",2024,"Q1","15509","2 ","I-5 NORTHBOUND: SANTIAM OVERFLOW BRIDGE","0622-0100000J","GRIND CONCRETE PAVEMENT","SQYD",285,50,14250,2]
[null,"2024-03-07",2024,"Q1","15509","2 ","I-5 NORTHBOUND: SANTIAM OVERFLOW BRIDGE","0622-0100000J","GRIND CONCRETE PAVEMENT","SQYD",285,75,21375,3]
[null,"2024-03-07",2024,"Q1","15509","2 ","I-5 NORTHBOUND: SANTIAM OVERFLOW BRIDGE","0622-0100000J","GRIND CONCRETE PAVEMENT","SQYD",285,83,23655,4]
[null,"2024-03-07",2024,"Q1","15509","2 ","I-5 NORTHBOUND: SANTIAM OVERFLOW BRIDGE","0622-0100000J","GRIND CONCRETE PAVEMENT","SQYD",285,200,57000,5]
[null,"2024-03-07",2024,"Q1","15509","2 ","I-5 NORTHBOUND: SANTIAM OVERFLOW BRIDGE","0622-0100000J","GRIND CONCRETE PAVEMENT","SQYD",285,84,23940,6]
[null,"2024-03-07",2024,"Q1","15508","4 ","US20: 3RD ST - 15TH ST (GREENWOOD, BEND)","0640-0100000M","AGGREGATE BASE","TON",3028,100,302800,1]
[null,"2024-03-07",2024,"Q1","15508","4 ","US20: 3RD ST - 15TH ST (GREENWOOD, BEND)","0640-0100000M","AGGREGATE BASE","TON",3028,66,199848,2]
[null,"2024-03-07",2024,"Q1","15508","4 ","US20: 3RD ST - 15TH ST (GREENWOOD, BEND)","0640-0100000M","AGGREGATE BASE","TON",3028,65,196820,3]
[null,"2024-03-07",2024,"Q1","15508","4 ","US20: 3RD ST - 15TH ST (GREENWOOD, BEND)","0640-0100000M","AGGREGATE BASE","TON",3028,147.09,445388.52,4]
[null,"2024-03-07",2024,"Q1","15509","2 ","I-5 NORTHBOUND: SANTIAM OVERFLOW BRIDGE","0641-0130000M","AGGREGATE SHOULDERS","TON",60,90,5400,1]
[null,"2024-03-07",2024,"Q1","15509","2 ","I-5 NORTHBOUND: SANTIAM OVERFLOW BRIDGE","0641-0130000M","AGGREGATE SHOULDERS","TON",60,35,2100,2]
[null,"2024-03-07",2024,"Q1","15509","2 ","I-5 NORTHBOUND: SANTIAM OVERFLOW BRIDGE","0641-0130000M","AGGREGATE SHOULDERS","TON",60,20,1200,3]
[null,"2024-03-07",2024,"Q1","15509","2 ","I-5 NORTHBOUND: SANTIAM OVERFLOW BRIDGE","0641-0130000M","AGGREGATE SHOULDERS","TON",60,103.4,6204,4]
[null,"2024-03-07",2024,"Q1","15509","2 ","I-5 NORTHBOUND: SANTIAM OVERFLOW BRIDGE","0641-0130000M","AGGREGATE SHOULDERS","TON",60,225,13500,5]
[null,"2024-03-07",2024,"Q1","15509","2 ","I-5 NORTHBOUND: SANTIAM OVERFLOW BRIDGE","0641-0130000M","AGGREGATE SHOULDERS","TON",60,161,9660,6]
[null,"2024-03-07",2024,"Q1","15508","4 ","US20: 3RD ST - 15TH ST (GREENWOOD, BEND)","0744-0302000M","LEVEL 3, 1/2 INCH ACP MIXTURE","TON",1214,310,376340,1]
[null,"2024-03-07",2024,"Q1","15508","4 ","US20: 3RD ST - 15TH ST (GREENWOOD, BEND)","0744-0302000M","LEVEL 3, 1/2 INCH ACP MIXTURE","TON",1214,215,261010,2]
[null,"2024-03-07",2024,"Q1","15508","4 ","US20: 3RD ST - 15TH ST (GREENWOOD, BEND)","0744-0302000M","LEVEL 3, 1/2 INCH ACP MIXTURE","TON",1214,300,364200,3]
[null,"2024-03-07",2024,"Q1","15508","4 ","US20: 3RD ST - 15TH ST (GREENWOOD, BEND)","0744-0302000M","LEVEL 3, 1/2 INCH ACP MIXTURE","TON",1214,240.93,292489.02,4]
[null,"2024-03-07",2024,"Q1","15509","2 ","I-5 NORTHBOUND: SANTIAM OVERFLOW BRIDGE","0745-0402000M","LEVEL 4, 1/2 INCH ACP","TON",220,190,41800,1]
[null,"2024-03-07",2024,"Q1","15509","2 ","I-5 NORTHBOUND: SANTIAM OVERFLOW BRIDGE","0745-0402000M","LEVEL 4, 1/2 INCH ACP","TON",220,180,39600,2]
[null,"2024-03-07",2024,"Q1","15509","2 ","I-5 NORTHBOUND: SANTIAM OVERFLOW BRIDGE","0745-0402000M","LEVEL 4, 1/2 INCH ACP","TON",220,200,44000,3]
[null,"2024-03-07",2024,"Q1","15509","2 ","I-5 NORTHBOUND: SANTIAM OVERFLOW BRIDGE","0745-0402000M","LEVEL 4, 1/2 INCH ACP","TON",220,234.3,51546,4]
[null,"2024-03-07",2024,"Q1","15509","2 ","I-5 NORTHBOUND: SANTIAM OVERFLOW BRIDGE","0745-0402000M","LEVEL 4, 1/2 INCH ACP","TON",220,180,39600,5]
[null,"2024-03-07",2024,"Q1","15509","2 ","I-5 NORTHBOUND: SANTIAM OVERFLOW BRIDGE","0745-0402000M","LEVEL 4, 1/2 INCH ACP","TON",220,210,46200,6]
[null,"2024-03-07",2024,"Q1","15509","2 ","I-5 NORTHBOUND: SANTIAM OVERFLOW BRIDGE","0745-0640100M","PG 70-22ER ASPHALT IN LEVEL 4, 1/2 INCH ACP","TON",14,2,28,1]
[null,"2024-03-07",2024,"Q1","15509","2 ","I-5 NORTHBOUND: SANTIAM OVERFLOW BRIDGE","0745-0640100M","PG 70-22ER ASPHALT IN LEVEL 4, 1/2 INCH ACP","TON",14,2,28,2]
[null,"2024-03-07",2024,"Q1","15509","2 ","I-5 NORTHBOUND: SANTIAM OVERFLOW BRIDGE","0745-0640100M","PG 70-22ER ASPHALT IN LEVEL 4, 1/2 INCH ACP","TON",14,0.01,0.14000000000000001,3]
[null,"2024-03-07",2024,"Q1","15509","2 ","I-5 NORTHBOUND: SANTIAM OVERFLOW BRIDGE","0745-0640100M","PG 70-22ER ASPHALT IN LEVEL 4, 1/2 INCH ACP","TON",14,1,14,4]
[null,"2024-03-07",2024,"Q1","15509","2 ","I-5 NORTHBOUND: SANTIAM OVERFLOW BRIDGE","0745-0640100M","PG 70-22ER ASPHALT IN LEVEL 4, 1/2 INCH ACP","TON",14,2,28,5]
[null,"2024-03-07",2024,"Q1","15509","2 ","I-5 NORTHBOUND: SANTIAM OVERFLOW BRIDGE","0745-0640100M","PG 70-22ER ASPHALT IN LEVEL 4, 1/2 INCH ACP","TON",14,2.3000000000000003,32.200000000000003,6]
[null,"2024-03-07",2024,"Q1","15508","4 ","US20: 3RD ST - 15TH ST (GREENWOOD, BEND)","0748-0110000J","18 INCH ASPHALT CONCRETE PAVEMENT REPAIR","SQYD",50,165,8250,1]
[null,"2024-03-07",2024,"Q1","15508","4 ","US20: 3RD ST - 15TH ST (GREENWOOD, BEND)","0748-0110000J","18 INCH ASPHALT CONCRETE PAVEMENT REPAIR","SQYD",50,340,17000,2]
[null,"2024-03-07",2024,"Q1","15508","4 ","US20: 3RD ST - 15TH ST (GREENWOOD, BEND)","0748-0110000J","18 INCH ASPHALT CONCRETE PAVEMENT REPAIR","SQYD",50,140,7000,3]
[null,"2024-03-07",2024,"Q1","15508","4 ","US20: 3RD ST - 15TH ST (GREENWOOD, BEND)","0748-0110000J","18 INCH ASPHALT CONCRETE PAVEMENT REPAIR","SQYD",50,302.95,15147.5,4]
[null,"2024-03-07",2024,"Q1","15508","4 ","US20: 3RD ST - 15TH ST (GREENWOOD, BEND)","0749-0100000E","EXTRA FOR ASPHALT APPROACHES","EACH",21,2000,42000,1]
[null,"2024-03-07",2024,"Q1","15508","4 ","US20: 3RD ST - 15TH ST (GREENWOOD, BEND)","0749-0100000E","EXTRA FOR ASPHALT APPROACHES","EACH",21,1850,38850,2]
[null,"2024-03-07",2024,"Q1","15508","4 ","US20: 3RD ST - 15TH ST (GREENWOOD, BEND)","0749-0100000E","EXTRA FOR ASPHALT APPROACHES","EACH",21,1450,30450,3]
[null,"2024-03-07",2024,"Q1","15508","4 ","US20: 3RD ST - 15TH ST (GREENWOOD, BEND)","0749-0100000E","EXTRA FOR ASPHALT APPROACHES","EACH",21,2875.07,60376.47,4]
[null,"2024-03-07",2024,"Q1","15509","2 ","I-5 NORTHBOUND: SANTIAM OVERFLOW BRIDGE","0758-0206000F","TERMINAL EXPANSION JOINT REPAIR (STEEL BEAM)","FOOT",25.5,320,8160,1]
[null,"2024-03-07",2024,"Q1","15509","2 ","I-5 NORTHBOUND: SANTIAM OVERFLOW BRIDGE","0758-0206000F","TERMINAL EXPANSION JOINT REPAIR (STEEL BEAM)","FOOT",25.5,500,12750,2]
[null,"2024-03-07",2024,"Q1","15509","2 ","I-5 NORTHBOUND: SANTIAM OVERFLOW BRIDGE","0758-0206000F","TERMINAL EXPANSION JOINT REPAIR (STEEL BEAM)","FOOT",25.5,550,14025,3]
[null,"2024-03-07",2024,"Q1","15509","2 ","I-5 NORTHBOUND: SANTIAM OVERFLOW BRIDGE","0758-0206000F","TERMINAL EXPANSION JOINT REPAIR (STEEL BEAM)","FOOT",25.5,510,13005,4]
[null,"2024-03-07",2024,"Q1","15509","2 ","I-5 NORTHBOUND: SANTIAM OVERFLOW BRIDGE","0758-0206000F","TERMINAL EXPANSION JOINT REPAIR (STEEL BEAM)","FOOT",25.5,475,12112.5,5]
[null,"2024-03-07",2024,"Q1","15509","2 ","I-5 NORTHBOUND: SANTIAM OVERFLOW BRIDGE","0758-0206000F","TERMINAL EXPANSION JOINT REPAIR (STEEL BEAM)","FOOT",25.5,549,13999.5,6]
[null,"2024-03-07",2024,"Q1","15508","4 ","US20: 3RD ST - 15TH ST (GREENWOOD, BEND)","0759-0103000F","CONCRETE CURBS, CURB AND GUTTER","FOOT",1538,38,58444,1]
[null,"2024-03-07",2024,"Q1","15508","4 ","US20: 3RD ST - 15TH ST (GREENWOOD, BEND)","0759-0103000F","CONCRETE CURBS, CURB AND GUTTER","FOOT",1538,60,92280,2]
[null,"2024-03-07",2024,"Q1","15508","4 ","US20: 3RD ST - 15TH ST (GREENWOOD, BEND)","0759-0103000F","CONCRETE CURBS, CURB AND GUTTER","FOOT",1538,55,84590,3]
[null,"2024-03-07",2024,"Q1","15508","4 ","US20: 3RD ST - 15TH ST (GREENWOOD, BEND)","0759-0103000F","CONCRETE CURBS, CURB AND GUTTER","FOOT",1538,43.910000000000004,67533.58,4]
[null,"2024-03-07",2024,"Q1","15508","4 ","US20: 3RD ST - 15TH ST (GREENWOOD, BEND)","0759-0110000F","CONCRETE CURBS, STANDARD CURB","FOOT",5304,28,148512,1]
[null,"2024-03-07",2024,"Q1","15508","4 ","US20: 3RD ST - 15TH ST (GREENWOOD, BEND)","0759-0110000F","CONCRETE CURBS, STANDARD CURB","FOOT",5304,45,238680,2]
[null,"2024-03-07",2024,"Q1","15508","4 ","US20: 3RD ST - 15TH ST (GREENWOOD, BEND)","0759-0110000F","CONCRETE CURBS, STANDARD CURB","FOOT",5304,42,222768,3]
[null,"2024-03-07",2024,"Q1","15508","4 ","US20: 3RD ST - 15TH ST (GREENWOOD, BEND)","0759-0110000F","CONCRETE CURBS, STANDARD CURB","FOOT",5304,27.74,147132.96,4]
[null,"2024-03-07",2024,"Q1","15508","4 ","US20: 3RD ST - 15TH ST (GREENWOOD, BEND)","0759-0122000J","CONCRETE ISLANDS","SQFT",5034,13,65442,1]
[null,"2024-03-07",2024,"Q1","15508","4 ","US20: 3RD ST - 15TH ST (GREENWOOD, BEND)","0759-0122000J","CONCRETE ISLANDS","SQFT",5034,19,95646,2]
[null,"2024-03-07",2024,"Q1","15508","4 ","US20: 3RD ST - 15TH ST (GREENWOOD, BEND)","0759-0122000J","CONCRETE ISLANDS","SQFT",5034,16,80544,3]
[null,"2024-03-07",2024,"Q1","15508","4 ","US20: 3RD ST - 15TH ST (GREENWOOD, BEND)","0759-0122000J","CONCRETE ISLANDS","SQFT",5034,11.61,58444.74,4]
[null,"2024-03-07",2024,"Q1","15508","4 ","US20: 3RD ST - 15TH ST (GREENWOOD, BEND)","0759-0126000J","CONCRETE DRIVEWAYS","SQFT",4317,12,51804,1]
[null,"2024-03-07",2024,"Q1","15508","4 ","US20: 3RD ST - 15TH ST (GREENWOOD, BEND)","0759-0126000J","CONCRETE DRIVEWAYS","SQFT",4317,33,142461,2]
[null,"2024-03-07",2024,"Q1","15508","4 ","US20: 3RD ST - 15TH ST (GREENWOOD, BEND)","0759-0126000J","CONCRETE DRIVEWAYS","SQFT",4317,20,86340,3]
[null,"2024-03-07",2024,"Q1","15508","4 ","US20: 3RD ST - 15TH ST (GREENWOOD, BEND)","0759-0126000J","CONCRETE DRIVEWAYS","SQFT",4317,14.709999999999999,63503.07,4]
[null,"2024-03-07",2024,"Q1","15508","4 ","US20: 3RD ST - 15TH ST (GREENWOOD, BEND)","0759-0128000J","CONCRETE WALKS","SQFT",32705,7,228935,1]
[null,"2024-03-07",2024,"Q1","15508","4 ","US20: 3RD ST - 15TH ST (GREENWOOD, BEND)","0759-0128000J","CONCRETE WALKS","SQFT",32705,12,392460,2]
[null,"2024-03-07",2024,"Q1","15508","4 ","US20: 3RD ST - 15TH ST (GREENWOOD, BEND)","0759-0128000J","CONCRETE WALKS","SQFT",32705,11,359755,3]
[null,"2024-03-07",2024,"Q1","15508","4 ","US20: 3RD ST - 15TH ST (GREENWOOD, BEND)","0759-0128000J","CONCRETE WALKS","SQFT",32705,8.4,274722,4]
[null,"2024-03-07",2024,"Q1","15508","4 ","US20: 3RD ST - 15TH ST (GREENWOOD, BEND)","0759-0154100E","EXTRA FOR NEW CURB RAMPS","EACH",73,2600,189800,1]
[null,"2024-03-07",2024,"Q1","15508","4 ","US20: 3RD ST - 15TH ST (GREENWOOD, BEND)","0759-0154100E","EXTRA FOR NEW CURB RAMPS","EACH",73,1270,92710,2]
[null,"2024-03-07",2024,"Q1","15508","4 ","US20: 3RD ST - 15TH ST (GREENWOOD, BEND)","0759-0154100E","EXTRA FOR NEW CURB RAMPS","EACH",73,1200,87600,3]
[null,"2024-03-07",2024,"Q1","15508","4 ","US20: 3RD ST - 15TH ST (GREENWOOD, BEND)","0759-0154100E","EXTRA FOR NEW CURB RAMPS","EACH",73,3422.75,249860.75,4]
[null,"2024-03-07",2024,"Q1","15508","4 ","US20: 3RD ST - 15TH ST (GREENWOOD, BEND)","0759-0510000J","TRUNCATED DOMES ON NEW SURFACES","SQFT",1043,40,41720,1]
[null,"2024-03-07",2024,"Q1","15508","4 ","US20: 3RD ST - 15TH ST (GREENWOOD, BEND)","0759-0510000J","TRUNCATED DOMES ON NEW SURFACES","SQFT",1043,45,46935,2]
[null,"2024-03-07",2024,"Q1","15508","4 ","US20: 3RD ST - 15TH ST (GREENWOOD, BEND)","0759-0510000J","TRUNCATED DOMES ON NEW SURFACES","SQFT",1043,22,22946,3]
[null,"2024-03-07",2024,"Q1","15508","4 ","US20: 3RD ST - 15TH ST (GREENWOOD, BEND)","0759-0510000J","TRUNCATED DOMES ON NEW SURFACES","SQFT",1043,56.82,59263.26,4]
[null,"2024-03-07",2024,"Q1","15508","4 ","US20: 3RD ST - 15TH ST (GREENWOOD, BEND)","0759-0531000J","DETECTABLE GUIDE STRIPS, BLUE","SQFT",56,50,2800,1]
[null,"2024-03-07",2024,"Q1","15508","4 ","US20: 3RD ST - 15TH ST (GREENWOOD, BEND)","0759-0531000J","DETECTABLE GUIDE STRIPS, BLUE","SQFT",56,155,8680,2]
[null,"2024-03-07",2024,"Q1","15508","4 ","US20: 3RD ST - 15TH ST (GREENWOOD, BEND)","0759-0531000J","DETECTABLE GUIDE STRIPS, BLUE","SQFT",56,95,5320,3]
[null,"2024-03-07",2024,"Q1","15508","4 ","US20: 3RD ST - 15TH ST (GREENWOOD, BEND)","0759-0531000J","DETECTABLE GUIDE STRIPS, BLUE","SQFT",56,591.04,33098.239999999998,4]
[null,"2024-03-07",2024,"Q1","15509","2 ","I-5 NORTHBOUND: SANTIAM OVERFLOW BRIDGE","0810-0126000E","GUARDRAIL TRANSITION","EACH",1,4200,4200,1]
[null,"2024-03-07",2024,"Q1","15509","2 ","I-5 NORTHBOUND: SANTIAM OVERFLOW BRIDGE","0810-0126000E","GUARDRAIL TRANSITION","EACH",1,4500,4500,2]
[null,"2024-03-07",2024,"Q1","15509","2 ","I-5 NORTHBOUND: SANTIAM OVERFLOW BRIDGE","0810-0126000E","GUARDRAIL TRANSITION","EACH",1,4000,4000,3]
[null,"2024-03-07",2024,"Q1","15509","2 ","I-5 NORTHBOUND: SANTIAM OVERFLOW BRIDGE","0810-0126000E","GUARDRAIL TRANSITION","EACH",1,5035,5035,4]
[null,"2024-03-07",2024,"Q1","15509","2 ","I-5 NORTHBOUND: SANTIAM OVERFLOW BRIDGE","0810-0126000E","GUARDRAIL TRANSITION","EACH",1,4200,4200,5]
[null,"2024-03-07",2024,"Q1","15509","2 ","I-5 NORTHBOUND: SANTIAM OVERFLOW BRIDGE","0810-0126000E","GUARDRAIL TRANSITION","EACH",1,4905,4905,6]
[null,"2024-03-07",2024,"Q1","15509","2 ","I-5 NORTHBOUND: SANTIAM OVERFLOW BRIDGE","0810-0128000E","GUARDRAIL CONNECTIONS","EACH",1,450,450,1]
[null,"2024-03-07",2024,"Q1","15509","2 ","I-5 NORTHBOUND: SANTIAM OVERFLOW BRIDGE","0810-0128000E","GUARDRAIL CONNECTIONS","EACH",1,475,475,2]
[null,"2024-03-07",2024,"Q1","15509","2 ","I-5 NORTHBOUND: SANTIAM OVERFLOW BRIDGE","0810-0128000E","GUARDRAIL CONNECTIONS","EACH",1,4000,4000,3]
[null,"2024-03-07",2024,"Q1","15509","2 ","I-5 NORTHBOUND: SANTIAM OVERFLOW BRIDGE","0810-0128000E","GUARDRAIL CONNECTIONS","EACH",1,1100,1100,4]
[null,"2024-03-07",2024,"Q1","15509","2 ","I-5 NORTHBOUND: SANTIAM OVERFLOW BRIDGE","0810-0128000E","GUARDRAIL CONNECTIONS","EACH",1,450,450,5]
[null,"2024-03-07",2024,"Q1","15509","2 ","I-5 NORTHBOUND: SANTIAM OVERFLOW BRIDGE","0810-0128000E","GUARDRAIL CONNECTIONS","EACH",1,525.5,525.5,6]
[null,"2024-03-07",2024,"Q1","15509","2 ","I-5 NORTHBOUND: SANTIAM OVERFLOW BRIDGE","0810-0129000E","GUARDRAIL TERMINALS, NON-FLARED","EACH",1,3850,3850,1]
[null,"2024-03-07",2024,"Q1","15509","2 ","I-5 NORTHBOUND: SANTIAM OVERFLOW BRIDGE","0810-0129000E","GUARDRAIL TERMINALS, NON-FLARED","EACH",1,4000,4000,2]
[null,"2024-03-07",2024,"Q1","15509","2 ","I-5 NORTHBOUND: SANTIAM OVERFLOW BRIDGE","0810-0129000E","GUARDRAIL TERMINALS, NON-FLARED","EACH",1,4000,4000,3]
[null,"2024-03-07",2024,"Q1","15509","2 ","I-5 NORTHBOUND: SANTIAM OVERFLOW BRIDGE","0810-0129000E","GUARDRAIL TERMINALS, NON-FLARED","EACH",1,4950,4950,4]
[null,"2024-03-07",2024,"Q1","15509","2 ","I-5 NORTHBOUND: SANTIAM OVERFLOW BRIDGE","0810-0129000E","GUARDRAIL TERMINALS, NON-FLARED","EACH",1,3850,3850,5]
[null,"2024-03-07",2024,"Q1","15509","2 ","I-5 NORTHBOUND: SANTIAM OVERFLOW BRIDGE","0810-0129000E","GUARDRAIL TERMINALS, NON-FLARED","EACH",1,4497,4497,6]
[null,"2024-03-07",2024,"Q1","15509","2 ","I-5 NORTHBOUND: SANTIAM OVERFLOW BRIDGE","0810-0142100E","CONSTRUCT GRADING AT GUARDRAIL TERMINALS","EACH",1,2880.95,2880.95,1]
[null,"2024-03-07",2024,"Q1","15509","2 ","I-5 NORTHBOUND: SANTIAM OVERFLOW BRIDGE","0810-0142100E","CONSTRUCT GRADING AT GUARDRAIL TERMINALS","EACH",1,1400,1400,2]
[null,"2024-03-07",2024,"Q1","15509","2 ","I-5 NORTHBOUND: SANTIAM OVERFLOW BRIDGE","0810-0142100E","CONSTRUCT GRADING AT GUARDRAIL TERMINALS","EACH",1,4000,4000,3]
[null,"2024-03-07",2024,"Q1","15509","2 ","I-5 NORTHBOUND: SANTIAM OVERFLOW BRIDGE","0810-0142100E","CONSTRUCT GRADING AT GUARDRAIL TERMINALS","EACH",1,11000,11000,4]
[null,"2024-03-07",2024,"Q1","15509","2 ","I-5 NORTHBOUND: SANTIAM OVERFLOW BRIDGE","0810-0142100E","CONSTRUCT GRADING AT GUARDRAIL TERMINALS","EACH",1,10000,10000,5]
[null,"2024-03-07",2024,"Q1","15509","2 ","I-5 NORTHBOUND: SANTIAM OVERFLOW BRIDGE","0810-0142100E","CONSTRUCT GRADING AT GUARDRAIL TERMINALS","EACH",1,3500,3500,6]
[null,"2024-03-07",2024,"Q1","15509","2 ","I-5 NORTHBOUND: SANTIAM OVERFLOW BRIDGE","0810-0146100F","MIDWEST GUARDRAIL SYSTEM, TYPE 2A","FOOT",275,31,8525,1]
[null,"2024-03-07",2024,"Q1","15509","2 ","I-5 NORTHBOUND: SANTIAM OVERFLOW BRIDGE","0810-0146100F","MIDWEST GUARDRAIL SYSTEM, TYPE 3","FOOT",12.5,65,812.5,1]
[null,"2024-03-07",2024,"Q1","15509","2 ","I-5 NORTHBOUND: SANTIAM OVERFLOW BRIDGE","0810-0146100F","MIDWEST GUARDRAIL SYSTEM, TYPE 3","FOOT",12.5,68,850,2]
[null,"2024-03-07",2024,"Q1","15509","2 ","I-5 NORTHBOUND: SANTIAM OVERFLOW BRIDGE","0810-0146100F","MIDWEST GUARDRAIL SYSTEM, TYPE 2A","FOOT",275,32,8800,2]
[null,"2024-03-07",2024,"Q1","15509","2 ","I-5 NORTHBOUND: SANTIAM OVERFLOW BRIDGE","0810-0146100F","MIDWEST GUARDRAIL SYSTEM, TYPE 3","FOOT",12.5,70,875,3]
[null,"2024-03-07",2024,"Q1","15509","2 ","I-5 NORTHBOUND: SANTIAM OVERFLOW BRIDGE","0810-0146100F","MIDWEST GUARDRAIL SYSTEM, TYPE 2A","FOOT",275,50,13750,3]
[null,"2024-03-07",2024,"Q1","15509","2 ","I-5 NORTHBOUND: SANTIAM OVERFLOW BRIDGE","0810-0146100F","MIDWEST GUARDRAIL SYSTEM, TYPE 2A","FOOT",275,42,11550,4]
[null,"2024-03-07",2024,"Q1","15509","2 ","I-5 NORTHBOUND: SANTIAM OVERFLOW BRIDGE","0810-0146100F","MIDWEST GUARDRAIL SYSTEM, TYPE 3","FOOT",12.5,77,962.5,4]
[null,"2024-03-07",2024,"Q1","15509","2 ","I-5 NORTHBOUND: SANTIAM OVERFLOW BRIDGE","0810-0146100F","MIDWEST GUARDRAIL SYSTEM, TYPE 2A","FOOT",275,31,8525,5]
[null,"2024-03-07",2024,"Q1","15509","2 ","I-5 NORTHBOUND: SANTIAM OVERFLOW BRIDGE","0810-0146100F","MIDWEST GUARDRAIL SYSTEM, TYPE 3","FOOT",12.5,65,812.5,5]
[null,"2024-03-07",2024,"Q1","15509","2 ","I-5 NORTHBOUND: SANTIAM OVERFLOW BRIDGE","0810-0146100F","MIDWEST GUARDRAIL SYSTEM, TYPE 3","FOOT",12.5,76,950,6]
[null,"2024-03-07",2024,"Q1","15509","2 ","I-5 NORTHBOUND: SANTIAM OVERFLOW BRIDGE","0810-0146100F","MIDWEST GUARDRAIL SYSTEM, TYPE 2A","FOOT",275,36.25,9968.75,6]
[null,"2024-03-07",2024,"Q1","15509","2 ","I-5 NORTHBOUND: SANTIAM OVERFLOW BRIDGE","0810-0147000E","GUARDRAIL HEIGHT CONVERSION, TYPE 2A","EACH",1,1300,1300,1]
[null,"2024-03-07",2024,"Q1","15509","2 ","I-5 NORTHBOUND: SANTIAM OVERFLOW BRIDGE","0810-0147000E","GUARDRAIL HEIGHT CONVERSION, TYPE 2A","EACH",1,1600,1600,2]
[null,"2024-03-07",2024,"Q1","15509","2 ","I-5 NORTHBOUND: SANTIAM OVERFLOW BRIDGE","0810-0147000E","GUARDRAIL HEIGHT CONVERSION, TYPE 2A","EACH",1,3000,3000,3]
[null,"2024-03-07",2024,"Q1","15509","2 ","I-5 NORTHBOUND: SANTIAM OVERFLOW BRIDGE","0810-0147000E","GUARDRAIL HEIGHT CONVERSION, TYPE 2A","EACH",1,1650,1650,4]
[null,"2024-03-07",2024,"Q1","15509","2 ","I-5 NORTHBOUND: SANTIAM OVERFLOW BRIDGE","0810-0147000E","GUARDRAIL HEIGHT CONVERSION, TYPE 2A","EACH",1,1300,1300,5]
[null,"2024-03-07",2024,"Q1","15509","2 ","I-5 NORTHBOUND: SANTIAM OVERFLOW BRIDGE","0810-0147000E","GUARDRAIL HEIGHT CONVERSION, TYPE 2A","EACH",1,1518,1518,6]
[null,"2024-03-07",2024,"Q1","15508","4 ","US20: 3RD ST - 15TH ST (GREENWOOD, BEND)","0815-0100000E","BOLLARDS","EACH",2,1350,2700,1]
[null,"2024-03-07",2024,"Q1","15508","4 ","US20: 3RD ST - 15TH ST (GREENWOOD, BEND)","0815-0100000E","BOLLARDS","EACH",2,2989,5978,2]
[null,"2024-03-07",2024,"Q1","15508","4 ","US20: 3RD ST - 15TH ST (GREENWOOD, BEND)","0815-0100000E","BOLLARDS","EACH",2,1200,2400,3]
[null,"2024-03-07",2024,"Q1","15508","4 ","US20: 3RD ST - 15TH ST (GREENWOOD, BEND)","0815-0100000E","BOLLARDS","EACH",2,1536.71,3073.42,4]
[null,"2024-03-07",2024,"Q1","15509","2 ","I-5 NORTHBOUND: SANTIAM OVERFLOW BRIDGE","0840-0100000E","DELINEATORS, TYPE 1","EACH",1,100,100,1]
[null,"2024-03-07",2024,"Q1","15509","2 ","I-5 NORTHBOUND: SANTIAM OVERFLOW BRIDGE","0840-0100000E","DELINEATORS, TYPE 1","EACH",1,200,200,2]
[null,"2024-03-07",2024,"Q1","15509","2 ","I-5 NORTHBOUND: SANTIAM OVERFLOW BRIDGE","0840-0100000E","DELINEATORS, TYPE 1","EACH",1,100,100,3]
[null,"2024-03-07",2024,"Q1","15509","2 ","I-5 NORTHBOUND: SANTIAM OVERFLOW BRIDGE","0840-0100000E","DELINEATORS, TYPE 1","EACH",1,225,225,4]
[null,"2024-03-07",2024,"Q1","15509","2 ","I-5 NORTHBOUND: SANTIAM OVERFLOW BRIDGE","0840-0100000E","DELINEATORS, TYPE 1","EACH",1,250,250,5]
[null,"2024-03-07",2024,"Q1","15509","2 ","I-5 NORTHBOUND: SANTIAM OVERFLOW BRIDGE","0840-0100000E","DELINEATORS, TYPE 1","EACH",1,146,146,6]
[null,"2024-03-07",2024,"Q1","15509","2 ","I-5 NORTHBOUND: SANTIAM OVERFLOW BRIDGE","0855-0101100E","MONO-DIRECTIONAL WHITE TYPE IAR MARKERS","EACH",18,51,918,1]
[null,"2024-03-07",2024,"Q1","15509","2 ","I-5 NORTHBOUND: SANTIAM OVERFLOW BRIDGE","0855-0101100E","MONO-DIRECTIONAL WHITE TYPE IAR MARKERS","EACH",18,58,1044,2]
[null,"2024-03-07",2024,"Q1","15509","2 ","I-5 NORTHBOUND: SANTIAM OVERFLOW BRIDGE","0855-0101100E","MONO-DIRECTIONAL WHITE TYPE IAR MARKERS","EACH",18,60,1080,3]
[null,"2024-03-07",2024,"Q1","15509","2 ","I-5 NORTHBOUND: SANTIAM OVERFLOW BRIDGE","0855-0101100E","MONO-DIRECTIONAL WHITE TYPE IAR MARKERS","EACH",18,56,1008,4]
[null,"2024-03-07",2024,"Q1","15509","2 ","I-5 NORTHBOUND: SANTIAM OVERFLOW BRIDGE","0855-0101100E","MONO-DIRECTIONAL WHITE TYPE IAR MARKERS","EACH",18,51,918,5]
[null,"2024-03-07",2024,"Q1","15509","2 ","I-5 NORTHBOUND: SANTIAM OVERFLOW BRIDGE","0855-0101100E","MONO-DIRECTIONAL WHITE TYPE IAR MARKERS","EACH",18,59.5,1071,6]
[null,"2024-03-07",2024,"Q1","15509","2 ","I-5 NORTHBOUND: SANTIAM OVERFLOW BRIDGE","0855-0106100E","MONO-DIRECTIONAL WHITE TYPE IAR MARKERS, RECESSED","EACH",4,464,1856,1]
[null,"2024-03-07",2024,"Q1","15509","2 ","I-5 NORTHBOUND: SANTIAM OVERFLOW BRIDGE","0855-0106100E","MONO-DIRECTIONAL WHITE TYPE IAR MARKERS, RECESSED","EACH",4,500,2000,2]
[null,"2024-03-07",2024,"Q1","15509","2 ","I-5 NORTHBOUND: SANTIAM OVERFLOW BRIDGE","0855-0106100E","MONO-DIRECTIONAL WHITE TYPE IAR MARKERS, RECESSED","EACH",4,400,1600,3]
[null,"2024-03-07",2024,"Q1","15509","2 ","I-5 NORTHBOUND: SANTIAM OVERFLOW BRIDGE","0855-0106100E","MONO-DIRECTIONAL WHITE TYPE IAR MARKERS, RECESSED","EACH",4,510,2040,4]
[null,"2024-03-07",2024,"Q1","15509","2 ","I-5 NORTHBOUND: SANTIAM OVERFLOW BRIDGE","0855-0106100E","MONO-DIRECTIONAL WHITE TYPE IAR MARKERS, RECESSED","EACH",4,464,1856,5]
[null,"2024-03-07",2024,"Q1","15509","2 ","I-5 NORTHBOUND: SANTIAM OVERFLOW BRIDGE","0855-0106100E","MONO-DIRECTIONAL WHITE TYPE IAR MARKERS, RECESSED","EACH",4,542,2168,6]
[null,"2024-03-07",2024,"Q1","15508","4 ","US20: 3RD ST - 15TH ST (GREENWOOD, BEND)","0856-0101000E","PERMANENT SURFACE MOUNTED TUBULAR MARKERS","EACH",53,170,9010,1]
[null,"2024-03-07",2024,"Q1","15508","4 ","US20: 3RD ST - 15TH ST (GREENWOOD, BEND)","0856-0101000E","PERMANENT SURFACE MOUNTED TUBULAR MARKERS","EACH",53,172,9116,2]
[null,"2024-03-07",2024,"Q1","15508","4 ","US20: 3RD ST - 15TH ST (GREENWOOD, BEND)","0856-0101000E","PERMANENT SURFACE MOUNTED TUBULAR MARKERS","EACH",53,250,13250,3]
[null,"2024-03-07",2024,"Q1","15508","4 ","US20: 3RD ST - 15TH ST (GREENWOOD, BEND)","0856-0101000E","PERMANENT SURFACE MOUNTED TUBULAR MARKERS","EACH",53,203.22,10770.66,4]
[null,"2024-03-07",2024,"Q1","15509","2 ","I-5 NORTHBOUND: SANTIAM OVERFLOW BRIDGE","0857-0101000L","CONTINUOUS RUMBLE STRIPS","MILE",0.02,70160,1403.2,1]
[null,"2024-03-07",2024,"Q1","15509","2 ","I-5 NORTHBOUND: SANTIAM OVERFLOW BRIDGE","0857-0101000L","CONTINUOUS RUMBLE STRIPS","MILE",0.02,71000,1420,2]
[null,"2024-03-07",2024,"Q1","15509","2 ","I-5 NORTHBOUND: SANTIAM OVERFLOW BRIDGE","0857-0101000L","CONTINUOUS RUMBLE STRIPS","MILE",0.02,70000,1400,3]
[null,"2024-03-07",2024,"Q1","15509","2 ","I-5 NORTHBOUND: SANTIAM OVERFLOW BRIDGE","0857-0101000L","CONTINUOUS RUMBLE STRIPS","MILE",0.02,77175,1543.5,4]
[null,"2024-03-07",2024,"Q1","15509","2 ","I-5 NORTHBOUND: SANTIAM OVERFLOW BRIDGE","0857-0101000L","CONTINUOUS RUMBLE STRIPS","MILE",0.02,70160,1403.2,5]
[null,"2024-03-07",2024,"Q1","15509","2 ","I-5 NORTHBOUND: SANTIAM OVERFLOW BRIDGE","0857-0101000L","CONTINUOUS RUMBLE STRIPS","MILE",0.02,81940,1638.8,6]
[null,"2024-03-07",2024,"Q1","15509","2 ","I-5 NORTHBOUND: SANTIAM OVERFLOW BRIDGE","0857-0101500L","GAP PATTERN RUMBLE STRIPS","MILE",0.02,70160,1403.2,1]
[null,"2024-03-07",2024,"Q1","15509","2 ","I-5 NORTHBOUND: SANTIAM OVERFLOW BRIDGE","0857-0101500L","GAP PATTERN RUMBLE STRIPS","MILE",0.02,72000,1440,2]
[null,"2024-03-07",2024,"Q1","15509","2 ","I-5 NORTHBOUND: SANTIAM OVERFLOW BRIDGE","0857-0101500L","GAP PATTERN RUMBLE STRIPS","MILE",0.02,70000,1400,3]
[null,"2024-03-07",2024,"Q1","15509","2 ","I-5 NORTHBOUND: SANTIAM OVERFLOW BRIDGE","0857-0101500L","GAP PATTERN RUMBLE STRIPS","MILE",0.02,77175,1543.5,4]
[null,"2024-03-07",2024,"Q1","15509","2 ","I-5 NORTHBOUND: SANTIAM OVERFLOW BRIDGE","0857-0101500L","GAP PATTERN RUMBLE STRIPS","MILE",0.02,70160,1403.2,5]
[null,"2024-03-07",2024,"Q1","15509","2 ","I-5 NORTHBOUND: SANTIAM OVERFLOW BRIDGE","0857-0101500L","GAP PATTERN RUMBLE STRIPS","MILE",0.02,81940,1638.8,6]
[null,"2024-03-07",2024,"Q1","15508","4 ","US20: 3RD ST - 15TH ST (GREENWOOD, BEND)","0860-0200000F","LONGITUDINAL PAVEMENT MARKINGS - PAINT","FOOT",7040,0.85,5984,1]
[null,"2024-03-07",2024,"Q1","15508","4 ","US20: 3RD ST - 15TH ST (GREENWOOD, BEND)","0860-0200000F","LONGITUDINAL PAVEMENT MARKINGS - PAINT","FOOT",7040,2,14080,2]
[null,"2024-03-07",2024,"Q1","15508","4 ","US20: 3RD ST - 15TH ST (GREENWOOD, BEND)","0860-0200000F","LONGITUDINAL PAVEMENT MARKINGS - PAINT","FOOT",7040,1.3,9152,3]
[null,"2024-03-07",2024,"Q1","15508","4 ","US20: 3RD ST - 15TH ST (GREENWOOD, BEND)","0860-0200000F","LONGITUDINAL PAVEMENT MARKINGS - PAINT","FOOT",7040,0.96,6758.4,4]
[null,"2024-03-07",2024,"Q1","15509","2 ","I-5 NORTHBOUND: SANTIAM OVERFLOW BRIDGE","0865-0150000F","METHYL METHACRYLATE, EXTRUDED OR SPRAYED, SURFACE, NON-PROFILED","FOOT",1856,6,11136,1]
[null,"2024-03-07",2024,"Q1","15509","2 ","I-5 NORTHBOUND: SANTIAM OVERFLOW BRIDGE","0865-0150000F","METHYL METHACRYLATE, EXTRUDED OR SPRAYED, SURFACE, NON-PROFILED","FOOT",1856,6,11136,2]
[null,"2024-03-07",2024,"Q1","15509","2 ","I-5 NORTHBOUND: SANTIAM OVERFLOW BRIDGE","0865-0150000F","METHYL METHACRYLATE, EXTRUDED OR SPRAYED, SURFACE, NON-PROFILED","FOOT",1856,6,11136,3]
[null,"2024-03-07",2024,"Q1","15509","2 ","I-5 NORTHBOUND: SANTIAM OVERFLOW BRIDGE","0865-0150000F","METHYL METHACRYLATE, EXTRUDED OR SPRAYED, SURFACE, NON-PROFILED","FOOT",1856,6.5,12064,4]
[null,"2024-03-07",2024,"Q1","15509","2 ","I-5 NORTHBOUND: SANTIAM OVERFLOW BRIDGE","0865-0150000F","METHYL METHACRYLATE, EXTRUDED OR SPRAYED, SURFACE, NON-PROFILED","FOOT",1856,6,11136,5]
[null,"2024-03-07",2024,"Q1","15509","2 ","I-5 NORTHBOUND: SANTIAM OVERFLOW BRIDGE","0865-0150000F","METHYL METHACRYLATE, EXTRUDED OR SPRAYED, SURFACE, NON-PROFILED","FOOT",1856,7,12992,6]
[null,"2024-03-07",2024,"Q1","15508","4 ","US20: 3RD ST - 15TH ST (GREENWOOD, BEND)","0867-0103100E","PAVEMENT LEGEND, TYPE B-HS: ARROWS","EACH",8,295,2360,1]
[null,"2024-03-07",2024,"Q1","15508","4 ","US20: 3RD ST - 15TH ST (GREENWOOD, BEND)","0867-0103100E","PAVEMENT LEGEND, TYPE B-HS: ARROWS","EACH",8,500,4000,2]
[null,"2024-03-07",2024,"Q1","15508","4 ","US20: 3RD ST - 15TH ST (GREENWOOD, BEND)","0867-0103100E","PAVEMENT LEGEND, TYPE B-HS: ARROWS","EACH",8,480,3840,3]
[null,"2024-03-07",2024,"Q1","15508","4 ","US20: 3RD ST - 15TH ST (GREENWOOD, BEND)","0867-0103100E","PAVEMENT LEGEND, TYPE B-HS: ARROWS","EACH",8,340.69,2725.52,4]
[null,"2024-03-07",2024,"Q1","15508","4 ","US20: 3RD ST - 15TH ST (GREENWOOD, BEND)","0867-0131000E","PAVEMENT LEGEND, TYPE B-HS: BICYCLE LANE STENCIL","EACH",9,330,2970,1]
[null,"2024-03-07",2024,"Q1","15508","4 ","US20: 3RD ST - 15TH ST (GREENWOOD, BEND)","0867-0131000E","PAVEMENT LEGEND, TYPE B-HS: BICYCLE LANE STENCIL","EACH",9,500,4500,2]
[null,"2024-03-07",2024,"Q1","15508","4 ","US20: 3RD ST - 15TH ST (GREENWOOD, BEND)","0867-0131000E","PAVEMENT LEGEND, TYPE B-HS: BICYCLE LANE STENCIL","EACH",9,500,4500,3]
[null,"2024-03-07",2024,"Q1","15508","4 ","US20: 3RD ST - 15TH ST (GREENWOOD, BEND)","0867-0131000E","PAVEMENT LEGEND, TYPE B-HS: BICYCLE LANE STENCIL","EACH",9,382.53,3442.77,4]
[null,"2024-03-07",2024,"Q1","15508","4 ","US20: 3RD ST - 15TH ST (GREENWOOD, BEND)","0867-0145100J","PAVEMENT BAR, TYPE B-HS","SQFT",2323,12.5,29037.5,1]
[null,"2024-03-07",2024,"Q1","15508","4 ","US20: 3RD ST - 15TH ST (GREENWOOD, BEND)","0867-0145100J","PAVEMENT BAR, TYPE B-HS","SQFT",2323,18,41814,2]
[null,"2024-03-07",2024,"Q1","15508","4 ","US20: 3RD ST - 15TH ST (GREENWOOD, BEND)","0867-0145100J","PAVEMENT BAR, TYPE B-HS","SQFT",2323,18,41814,3]
[null,"2024-03-07",2024,"Q1","15508","4 ","US20: 3RD ST - 15TH ST (GREENWOOD, BEND)","0867-0145100J","PAVEMENT BAR, TYPE B-HS","SQFT",2323,14.469999999999999,33613.81,4]
[null,"2024-03-07",2024,"Q1","15508","4 ","US20: 3RD ST - 15TH ST (GREENWOOD, BEND)","0868-0100000J","GREEN BICYCLE LANE, PREFORMED THERMOPLASTIC FILM","SQFT",1026,15.5,15903,1]
[null,"2024-03-07",2024,"Q1","15508","4 ","US20: 3RD ST - 15TH ST (GREENWOOD, BEND)","0868-0100000J","GREEN BICYCLE LANE, PREFORMED THERMOPLASTIC FILM","SQFT",1026,15,15390,2]
[null,"2024-03-07",2024,"Q1","15508","4 ","US20: 3RD ST - 15TH ST (GREENWOOD, BEND)","0868-0100000J","GREEN BICYCLE LANE, PREFORMED THERMOPLASTIC FILM","SQFT",1026,22,22572,3]
[null,"2024-03-07",2024,"Q1","15508","4 ","US20: 3RD ST - 15TH ST (GREENWOOD, BEND)","0868-0100000J","GREEN BICYCLE LANE, PREFORMED THERMOPLASTIC FILM","SQFT",1026,17.93,18396.18,4]
[null,"2024-03-07",2024,"Q1","15507","2 ","NW OREGON (CENTRAL PORTION) CURVE WARNING UPGRADES","0905-0100000A","REMOVE EXISTING SIGNS","LS",1,12500,12500,1]
[null,"2024-03-07",2024,"Q1","15508","4 ","US20: 3RD ST - 15TH ST (GREENWOOD, BEND)","0905-0100000A","REMOVE EXISTING SIGNS","LS",1,1850,1850,1]
[null,"2024-03-07",2024,"Q1","15507","2 ","NW OREGON (CENTRAL PORTION) CURVE WARNING UPGRADES","0905-0100000A","REMOVE EXISTING SIGNS","LS",1,24498.5,24498.5,2]
[null,"2024-03-07",2024,"Q1","15508","4 ","US20: 3RD ST - 15TH ST (GREENWOOD, BEND)","0905-0100000A","REMOVE EXISTING SIGNS","LS",1,2500,2500,2]
[null,"2024-03-07",2024,"Q1","15508","4 ","US20: 3RD ST - 15TH ST (GREENWOOD, BEND)","0905-0100000A","REMOVE EXISTING SIGNS","LS",1,130,130,3]
[null,"2024-03-07",2024,"Q1","15507","2 ","NW OREGON (CENTRAL PORTION) CURVE WARNING UPGRADES","0905-0100000A","REMOVE EXISTING SIGNS","LS",1,5000,5000,3]
[null,"2024-03-07",2024,"Q1","15508","4 ","US20: 3RD ST - 15TH ST (GREENWOOD, BEND)","0905-0100000A","REMOVE EXISTING SIGNS","LS",1,3436.76,3436.76,4]
[null,"2024-03-07",2024,"Q1","15507","2 ","NW OREGON (CENTRAL PORTION) CURVE WARNING UPGRADES","0905-0100000A","REMOVE EXISTING SIGNS","LS",1,33000,33000,4]
[null,"2024-03-07",2024,"Q1","15508","4 ","US20: 3RD ST - 15TH ST (GREENWOOD, BEND)","0905-0101000A","REMOVE AND REINSTALL EXISTING SIGNS","LS",1,5700,5700,1]
[null,"2024-03-07",2024,"Q1","15508","4 ","US20: 3RD ST - 15TH ST (GREENWOOD, BEND)","0905-0101000A","REMOVE AND REINSTALL EXISTING SIGNS","LS",1,5000,5000,2]
[null,"2024-03-07",2024,"Q1","15508","4 ","US20: 3RD ST - 15TH ST (GREENWOOD, BEND)","0905-0101000A","REMOVE AND REINSTALL EXISTING SIGNS","LS",1,5000,5000,3]
[null,"2024-03-07",2024,"Q1","15508","4 ","US20: 3RD ST - 15TH ST (GREENWOOD, BEND)","0905-0101000A","REMOVE AND REINSTALL EXISTING SIGNS","LS",1,1255.17,1255.17,4]
[null,"2024-03-07",2024,"Q1","15508","4 ","US20: 3RD ST - 15TH ST (GREENWOOD, BEND)","0920-0100000A","SIGN SUPPORT FOOTINGS","CUYD",4.32,4050.9259259259256,17500,1]
[null,"2024-03-07",2024,"Q1","15507","2 ","NW OREGON (CENTRAL PORTION) CURVE WARNING UPGRADES","0920-0100000A","SIGN SUPPORT FOOTINGS","CUYD",80.62,2790.8707516745221,225000,1]
[null,"2024-03-07",2024,"Q1","15507","2 ","NW OREGON (CENTRAL PORTION) CURVE WARNING UPGRADES","0920-0100000A","SIGN SUPPORT FOOTINGS","CUYD",80.62,2303.1381791118829,185679,2]
[null,"2024-03-07",2024,"Q1","15508","4 ","US20: 3RD ST - 15TH ST (GREENWOOD, BEND)","0920-0100000A","SIGN SUPPORT FOOTINGS","CUYD",4.32,6944.4444444444443,30000,2]
[null,"2024-03-07",2024,"Q1","15507","2 ","NW OREGON (CENTRAL PORTION) CURVE WARNING UPGRADES","0920-0100000A","SIGN SUPPORT FOOTINGS","CUYD",80.62,4564.6241627387744,368000,3]
[null,"2024-03-07",2024,"Q1","15508","4 ","US20: 3RD ST - 15TH ST (GREENWOOD, BEND)","0920-0100000A","SIGN SUPPORT FOOTINGS","CUYD",4.32,10416.666666666666,45000,3]
[null,"2024-03-07",2024,"Q1","15508","4 ","US20: 3RD ST - 15TH ST (GREENWOOD, BEND)","0920-0100000A","SIGN SUPPORT FOOTINGS","CUYD",4.32,6877.67824074074,29711.57,4]
[null,"2024-03-07",2024,"Q1","15507","2 ","NW OREGON (CENTRAL PORTION) CURVE WARNING UPGRADES","0920-0100000A","SIGN SUPPORT FOOTINGS","CUYD",80.62,6201.9350037211607,500000,4]
[null,"2024-03-07",2024,"Q1","15507","2 ","NW OREGON (CENTRAL PORTION) CURVE WARNING UPGRADES","0930-0112000A","TRIANGULAR BASE BREAKAWAY SIGN SUPPORTS","LB",15336,10.758998435054773,165000,1]
[null,"2024-03-07",2024,"Q1","15507","2 ","NW OREGON (CENTRAL PORTION) CURVE WARNING UPGRADES","0930-0112000A","TRIANGULAR BASE BREAKAWAY SIGN SUPPORTS","LB",15336,10.876988784559208,166809.5,2]
[null,"2024-03-07",2024,"Q1","15507","2 ","NW OREGON (CENTRAL PORTION) CURVE WARNING UPGRADES","0930-0112000A","TRIANGULAR BASE BREAKAWAY SIGN SUPPORTS","LB",15336,13.041210224308816,200000,3]
[null,"2024-03-07",2024,"Q1","15507","2 ","NW OREGON (CENTRAL PORTION) CURVE WARNING UPGRADES","0930-0112000A","TRIANGULAR BASE BREAKAWAY SIGN SUPPORTS","LB",15336,32.603025560772039,500000,4]
[null,"2024-03-07",2024,"Q1","15508","4 ","US20: 3RD ST - 15TH ST (GREENWOOD, BEND)","0930-0114000A","PERFORATED STEEL SQUARE TUBE SLIP BASE SIGN SUPPORTS","LB",2075,11.325301204819278,23500,1]
[null,"2024-03-07",2024,"Q1","15507","2 ","NW OREGON (CENTRAL PORTION) CURVE WARNING UPGRADES","0930-0114000A","PERFORATED STEEL SQUARE TUBE SLIP BASE SIGN SUPPORTS","LB",645,14.728682170542635,9500,1]
[null,"2024-03-07",2024,"Q1","15508","4 ","US20: 3RD ST - 15TH ST (GREENWOOD, BEND)","0930-0114000A","PERFORATED STEEL SQUARE TUBE SLIP BASE SIGN SUPPORTS","LB",2075,9.6385542168674707,20000,2]
[null,"2024-03-07",2024,"Q1","15507","2 ","NW OREGON (CENTRAL PORTION) CURVE WARNING UPGRADES","0930-0114000A","PERFORATED STEEL SQUARE TUBE SLIP BASE SIGN SUPPORTS","LB",645,28.501240310077517,18383.3,2]
[null,"2024-03-07",2024,"Q1","15508","4 ","US20: 3RD ST - 15TH ST (GREENWOOD, BEND)","0930-0114000A","PERFORATED STEEL SQUARE TUBE SLIP BASE SIGN SUPPORTS","LB",2075,15.421686746987952,32000,3]
[null,"2024-03-07",2024,"Q1","15507","2 ","NW OREGON (CENTRAL PORTION) CURVE WARNING UPGRADES","0930-0114000A","PERFORATED STEEL SQUARE TUBE SLIP BASE SIGN SUPPORTS","LB",645,15.503875968992247,10000,3]
[null,"2024-03-07",2024,"Q1","15508","4 ","US20: 3RD ST - 15TH ST (GREENWOOD, BEND)","0930-0114000A","PERFORATED STEEL SQUARE TUBE SLIP BASE SIGN SUPPORTS","LB",2075,12.485122891566265,25906.63,4]
[null,"2024-03-07",2024,"Q1","15507","2 ","NW OREGON (CENTRAL PORTION) CURVE WARNING UPGRADES","0930-0114000A","PERFORATED STEEL SQUARE TUBE SLIP BASE SIGN SUPPORTS","LB",645,37.209302325581397,24000,4]
[null,"2024-03-07",2024,"Q1","15507","2 ","NW OREGON (CENTRAL PORTION) CURVE WARNING UPGRADES","0930-0117000A","PERFORATED STEEL SQUARE TUBE ANCHOR SIGN SUPPORTS","LB",10056,7.209626093874304,72500,1]
[null,"2024-03-07",2024,"Q1","15507","2 ","NW OREGON (CENTRAL PORTION) CURVE WARNING UPGRADES","0930-0117000A","PERFORATED STEEL SQUARE TUBE ANCHOR SIGN SUPPORTS","LB",10056,6.7355409705648377,67732.600000000006,2]
[null,"2024-03-07",2024,"Q1","15507","2 ","NW OREGON (CENTRAL PORTION) CURVE WARNING UPGRADES","0930-0117000A","PERFORATED STEEL SQUARE TUBE ANCHOR SIGN SUPPORTS","LB",10056,8.949880668257757,90000,3]
[null,"2024-03-07",2024,"Q1","15507","2 ","NW OREGON (CENTRAL PORTION) CURVE WARNING UPGRADES","0930-0117000A","PERFORATED STEEL SQUARE TUBE ANCHOR SIGN SUPPORTS","LB",10056,12.927605409705649,130000,4]
[null,"2024-03-07",2024,"Q1","15507","2 ","NW OREGON (CENTRAL PORTION) CURVE WARNING UPGRADES","0940-0202000J","SIGNS, STANDARD SHEETING, SHEET ALUMINUM","SQFT",2736,18,49248,1]
[null,"2024-03-07",2024,"Q1","15507","2 ","NW OREGON (CENTRAL PORTION) CURVE WARNING UPGRADES","0940-0202000J","SIGNS, STANDARD SHEETING, SHEET ALUMINUM","SQFT",2736,33,90288,2]
[null,"2024-03-07",2024,"Q1","15507","2 ","NW OREGON (CENTRAL PORTION) CURVE WARNING UPGRADES","0940-0202000J","SIGNS, STANDARD SHEETING, SHEET ALUMINUM","SQFT",2736,45,123120,3]
[null,"2024-03-07",2024,"Q1","15507","2 ","NW OREGON (CENTRAL PORTION) CURVE WARNING UPGRADES","0940-0202000J","SIGNS, STANDARD SHEETING, SHEET ALUMINUM","SQFT",2736,21,57456,4]
[null,"2024-03-07",2024,"Q1","15508","4 ","US20: 3RD ST - 15TH ST (GREENWOOD, BEND)","0940-0203000J","SIGNS, STANDARD SHEETING, PLYWOOD","SQFT",458,24,10992,1]
[null,"2024-03-07",2024,"Q1","15508","4 ","US20: 3RD ST - 15TH ST (GREENWOOD, BEND)","0940-0203000J","SIGNS, STANDARD SHEETING, PLYWOOD","SQFT",458,51,23358,2]
[null,"2024-03-07",2024,"Q1","15508","4 ","US20: 3RD ST - 15TH ST (GREENWOOD, BEND)","0940-0203000J","SIGNS, STANDARD SHEETING, PLYWOOD","SQFT",458,40,18320,3]
[null,"2024-03-07",2024,"Q1","15508","4 ","US20: 3RD ST - 15TH ST (GREENWOOD, BEND)","0940-0203000J","SIGNS, STANDARD SHEETING, PLYWOOD","SQFT",458,53.800000000000004,24640.400000000001,4]
[null,"2024-03-07",2024,"Q1","15508","4 ","US20: 3RD ST - 15TH ST (GREENWOOD, BEND)","0970-0100000A","POLE FOUNDATIONS","EACH",5,2150,10750,1]
[null,"2024-03-07",2024,"Q1","15508","4 ","US20: 3RD ST - 15TH ST (GREENWOOD, BEND)","0970-0100000A","POLE FOUNDATIONS","EACH",5,4600,23000,2]
[null,"2024-03-07",2024,"Q1","15508","4 ","US20: 3RD ST - 15TH ST (GREENWOOD, BEND)","0970-0100000A","POLE FOUNDATIONS","EACH",5,2600,13000,3]
[null,"2024-03-07",2024,"Q1","15508","4 ","US20: 3RD ST - 15TH ST (GREENWOOD, BEND)","0970-0100000A","POLE FOUNDATIONS","EACH",5,2498.3779999999997,12491.89,4]
[null,"2024-03-07",2024,"Q1","15508","4 ","US20: 3RD ST - 15TH ST (GREENWOOD, BEND)","0970-0104000A","LUMINAIRES, LAMPS, AND BALLASTS","EACH",5,1380,6900,1]
[null,"2024-03-07",2024,"Q1","15508","4 ","US20: 3RD ST - 15TH ST (GREENWOOD, BEND)","0970-0104000A","LUMINAIRES, LAMPS, AND BALLASTS","EACH",5,1000,5000,2]
[null,"2024-03-07",2024,"Q1","15508","4 ","US20: 3RD ST - 15TH ST (GREENWOOD, BEND)","0970-0104000A","LUMINAIRES, LAMPS, AND BALLASTS","EACH",5,1760,8800,3]
[null,"2024-03-07",2024,"Q1","15508","4 ","US20: 3RD ST - 15TH ST (GREENWOOD, BEND)","0970-0104000A","LUMINAIRES, LAMPS, AND BALLASTS","EACH",5,1594.6579999999999,7973.29,4]
[null,"2024-03-07",2024,"Q1","15508","4 ","US20: 3RD ST - 15TH ST (GREENWOOD, BEND)","0970-0105000A","SWITCHING, CONDUIT, AND WIRING","FOOT",1414,84.865629420084872,120000,1]
[null,"2024-03-07",2024,"Q1","15508","4 ","US20: 3RD ST - 15TH ST (GREENWOOD, BEND)","0970-0105000A","SWITCHING, CONDUIT, AND WIRING","FOOT",1414,70.721357850070717,100000,2]
[null,"2024-03-07",2024,"Q1","15508","4 ","US20: 3RD ST - 15TH ST (GREENWOOD, BEND)","0970-0105000A","SWITCHING, CONDUIT, AND WIRING","FOOT",1414,106.08203677510608,150000,3]
[null,"2024-03-07",2024,"Q1","15508","4 ","US20: 3RD ST - 15TH ST (GREENWOOD, BEND)","0970-0105000A","SWITCHING, CONDUIT, AND WIRING","FOOT",1414,97.612482319660529,138024.04999999999,4]
[null,"2024-03-07",2024,"Q1","15508","4 ","US20: 3RD ST - 15TH ST (GREENWOOD, BEND)","0970-0200000A","LIGHTING POLES AND ARMS","EACH",5,8200,41000,1]
[null,"2024-03-07",2024,"Q1","15508","4 ","US20: 3RD ST - 15TH ST (GREENWOOD, BEND)","0970-0200000A","LIGHTING POLES AND ARMS","EACH",5,7600,38000,2]
[null,"2024-03-07",2024,"Q1","15508","4 ","US20: 3RD ST - 15TH ST (GREENWOOD, BEND)","0970-0200000A","LIGHTING POLES AND ARMS","EACH",5,9800,49000,3]
[null,"2024-03-07",2024,"Q1","15508","4 ","US20: 3RD ST - 15TH ST (GREENWOOD, BEND)","0970-0200000A","LIGHTING POLES AND ARMS","EACH",5,9297.7919999999995,46488.959999999999,4]
[null,"2024-03-07",2024,"Q1","15508","4 ","US20: 3RD ST - 15TH ST (GREENWOOD, BEND)","0990-0102000A","TRAFFIC SIGNAL MODIFICATION, US20 / 15TH SIGNAL","EACH",1,100000,100000,1]
[null,"2024-03-07",2024,"Q1","15508","4 ","US20: 3RD ST - 15TH ST (GREENWOOD, BEND)","0990-0102000A","TRAFFIC SIGNAL MODIFICATION, COMPLETE - US20 AT 27TH ST. (BEND)","EACH",1,66500,66500,1]
[null,"2024-03-07",2024,"Q1","15508","4 ","US20: 3RD ST - 15TH ST (GREENWOOD, BEND)","0990-0102000A","TRAFFIC SIGNAL MODIFICATION, US20 / 8TH SIGNAL","EACH",1,78500,78500,1]
[null,"2024-03-07",2024,"Q1","15508","4 ","US20: 3RD ST - 15TH ST (GREENWOOD, BEND)","0990-0102000A","TRAFFIC SIGNAL MODIFICATION, US20 / 8TH SIGNAL","EACH",1,77000,77000,2]
[null,"2024-03-07",2024,"Q1","15508","4 ","US20: 3RD ST - 15TH ST (GREENWOOD, BEND)","0990-0102000A","TRAFFIC SIGNAL MODIFICATION, COMPLETE - US20 AT 27TH ST. (BEND)","EACH",1,69000,69000,2]
[null,"2024-03-07",2024,"Q1","15508","4 ","US20: 3RD ST - 15TH ST (GREENWOOD, BEND)","0990-0102000A","TRAFFIC SIGNAL MODIFICATION, US20 / 15TH SIGNAL","EACH",1,98000,98000,2]
[null,"2024-03-07",2024,"Q1","15508","4 ","US20: 3RD ST - 15TH ST (GREENWOOD, BEND)","0990-0102000A","TRAFFIC SIGNAL MODIFICATION, US20 / 15TH SIGNAL","EACH",1,124000,124000,3]
[null,"2024-03-07",2024,"Q1","15508","4 ","US20: 3RD ST - 15TH ST (GREENWOOD, BEND)","0990-0102000A","TRAFFIC SIGNAL MODIFICATION, COMPLETE - US20 AT 27TH ST. (BEND)","EACH",1,82000,82000,3]
[null,"2024-03-07",2024,"Q1","15508","4 ","US20: 3RD ST - 15TH ST (GREENWOOD, BEND)","0990-0102000A","TRAFFIC SIGNAL MODIFICATION, US20 / 8TH SIGNAL","EACH",1,95000,95000,3]
[null,"2024-03-07",2024,"Q1","15508","4 ","US20: 3RD ST - 15TH ST (GREENWOOD, BEND)","0990-0102000A","TRAFFIC SIGNAL MODIFICATION, US20 / 8TH SIGNAL","EACH",1,91025.85,91025.85,4]
[null,"2024-03-07",2024,"Q1","15508","4 ","US20: 3RD ST - 15TH ST (GREENWOOD, BEND)","0990-0102000A","TRAFFIC SIGNAL MODIFICATION, US20 / 15TH SIGNAL","EACH",1,115490.83,115490.83,4]
[null,"2024-03-07",2024,"Q1","15508","4 ","US20: 3RD ST - 15TH ST (GREENWOOD, BEND)","0990-0102000A","TRAFFIC SIGNAL MODIFICATION, COMPLETE - US20 AT 27TH ST. (BEND)","EACH",1,76705,76705,4]
[null,"2024-03-07",2024,"Q1","15508","4 ","US20: 3RD ST - 15TH ST (GREENWOOD, BEND)","0990-0106000A","FLASHING BEACON INSTALLATION, HWY 20 AT STONEBRIAR DRIVEWAY","EACH",1,147000,147000,1]
[null,"2024-03-07",2024,"Q1","15508","4 ","US20: 3RD ST - 15TH ST (GREENWOOD, BEND)","0990-0106000A","FLASHING BEACON INSTALLATION, US20/ 12TH RRFB","EACH",1,25000,25000,1]
[null,"2024-03-07",2024,"Q1","15508","4 ","US20: 3RD ST - 15TH ST (GREENWOOD, BEND)","0990-0106000A","FLASHING BEACON INSTALLATION, HWY 20 AT STONEBRIAR DRIVEWAY","EACH",1,145000,145000,2]
[null,"2024-03-07",2024,"Q1","15508","4 ","US20: 3RD ST - 15TH ST (GREENWOOD, BEND)","0990-0106000A","FLASHING BEACON INSTALLATION, US20/ 12TH RRFB","EACH",1,25000,25000,2]
[null,"2024-03-07",2024,"Q1","15508","4 ","US20: 3RD ST - 15TH ST (GREENWOOD, BEND)","0990-0106000A","FLASHING BEACON INSTALLATION, HWY 20 AT STONEBRIAR DRIVEWAY","EACH",1,185000,185000,3]
[null,"2024-03-07",2024,"Q1","15508","4 ","US20: 3RD ST - 15TH ST (GREENWOOD, BEND)","0990-0106000A","FLASHING BEACON INSTALLATION, US20/ 12TH RRFB","EACH",1,30000,30000,3]
[null,"2024-03-07",2024,"Q1","15508","4 ","US20: 3RD ST - 15TH ST (GREENWOOD, BEND)","0990-0106000A","FLASHING BEACON INSTALLATION, HWY 20 AT STONEBRIAR DRIVEWAY","EACH",1,170437.22,170437.22,4]
[null,"2024-03-07",2024,"Q1","15508","4 ","US20: 3RD ST - 15TH ST (GREENWOOD, BEND)","0990-0106000A","FLASHING BEACON INSTALLATION, US20/ 12TH RRFB","EACH",1,27690.16,27690.16,4]
[null,"2024-03-07",2024,"Q1","15508","4 ","US20: 3RD ST - 15TH ST (GREENWOOD, BEND)","1030-0108000R","PERMANENT SEEDING","ACRE",0.05,40000,2000,1]
[null,"2024-03-07",2024,"Q1","15508","4 ","US20: 3RD ST - 15TH ST (GREENWOOD, BEND)","1030-0108000R","PERMANENT SEEDING","ACRE",0.05,35000,1750,2]
[null,"2024-03-07",2024,"Q1","15508","4 ","US20: 3RD ST - 15TH ST (GREENWOOD, BEND)","1030-0108000R","PERMANENT SEEDING","ACRE",0.05,51000,2550,3]
[null,"2024-03-07",2024,"Q1","15508","4 ","US20: 3RD ST - 15TH ST (GREENWOOD, BEND)","1030-0108000R","PERMANENT SEEDING","ACRE",0.05,46620.399999999994,2331.02,4]
[null,"2024-03-07",2024,"Q1","15508","4 ","US20: 3RD ST - 15TH ST (GREENWOOD, BEND)","1040-0196000M","ROCK MULCH","TON",75,95,7125,1]
[null,"2024-03-07",2024,"Q1","15508","4 ","US20: 3RD ST - 15TH ST (GREENWOOD, BEND)","1040-0196000M","ROCK MULCH","TON",75,174,13050,2]
[null,"2024-03-07",2024,"Q1","15508","4 ","US20: 3RD ST - 15TH ST (GREENWOOD, BEND)","1040-0196000M","ROCK MULCH","TON",75,120,9000,3]
[null,"2024-03-07",2024,"Q1","15508","4 ","US20: 3RD ST - 15TH ST (GREENWOOD, BEND)","1040-0196000M","ROCK MULCH","TON",75,111.17,8337.75,4]
[null,"2024-03-07",2024,"Q1","15508","4 ","US20: 3RD ST - 15TH ST (GREENWOOD, BEND)","1140-0500000F","6 INCH DUCTILE IRON PIPE WITH RESTRAINED JOINTS AND CLASS B BACKFILL","FOOT",68,225,15300,1]
[null,"2024-03-07",2024,"Q1","15508","4 ","US20: 3RD ST - 15TH ST (GREENWOOD, BEND)","1140-0500000F","6 INCH DUCTILE IRON PIPE WITH RESTRAINED JOINTS AND CLASS B BACKFILL","FOOT",68,423,28764,2]
[null,"2024-03-07",2024,"Q1","15508","4 ","US20: 3RD ST - 15TH ST (GREENWOOD, BEND)","1140-0500000F","6 INCH DUCTILE IRON PIPE WITH RESTRAINED JOINTS AND CLASS B BACKFILL","FOOT",68,202,13736,3]
[null,"2024-03-07",2024,"Q1","15508","4 ","US20: 3RD ST - 15TH ST (GREENWOOD, BEND)","1140-0500000F","6 INCH DUCTILE IRON PIPE WITH RESTRAINED JOINTS AND CLASS B BACKFILL","FOOT",68,198.75,13515,4]
[null,"2024-03-07",2024,"Q1","15508","4 ","US20: 3RD ST - 15TH ST (GREENWOOD, BEND)","1140-0610000E","DUCTILE IRON PIPE TEES, 6 X 6 INCH","EACH",2,800,1600,1]
[null,"2024-03-07",2024,"Q1","15508","4 ","US20: 3RD ST - 15TH ST (GREENWOOD, BEND)","1140-0610000E","DUCTILE IRON PIPE TEES, 6 X 6 INCH","EACH",2,1500,3000,2]
[null,"2024-03-07",2024,"Q1","15508","4 ","US20: 3RD ST - 15TH ST (GREENWOOD, BEND)","1140-0610000E","DUCTILE IRON PIPE TEES, 6 X 6 INCH","EACH",2,1800,3600,3]
[null,"2024-03-07",2024,"Q1","15508","4 ","US20: 3RD ST - 15TH ST (GREENWOOD, BEND)","1140-0610000E","DUCTILE IRON PIPE TEES, 6 X 6 INCH","EACH",2,1573.54,3147.08,4]
[null,"2024-03-07",2024,"Q1","15508","4 ","US20: 3RD ST - 15TH ST (GREENWOOD, BEND)","1150-0100000E","12 INCH GATE VALVE","EACH",1,4800,4800,1]
[null,"2024-03-07",2024,"Q1","15508","4 ","US20: 3RD ST - 15TH ST (GREENWOOD, BEND)","1150-0100000E","6 INCH GATE VALVE","EACH",3,2000,6000,1]
[null,"2024-03-07",2024,"Q1","15508","4 ","US20: 3RD ST - 15TH ST (GREENWOOD, BEND)","1150-0100000E","12 INCH GATE VALVE","EACH",1,7000,7000,2]
[null,"2024-03-07",2024,"Q1","15508","4 ","US20: 3RD ST - 15TH ST (GREENWOOD, BEND)","1150-0100000E","6 INCH GATE VALVE","EACH",3,3300,9900,2]
[null,"2024-03-07",2024,"Q1","15508","4 ","US20: 3RD ST - 15TH ST (GREENWOOD, BEND)","1150-0100000E","12 INCH GATE VALVE","EACH",1,9100,9100,3]
[null,"2024-03-07",2024,"Q1","15508","4 ","US20: 3RD ST - 15TH ST (GREENWOOD, BEND)","1150-0100000E","6 INCH GATE VALVE","EACH",3,7700,23100,3]
[null,"2024-03-07",2024,"Q1","15508","4 ","US20: 3RD ST - 15TH ST (GREENWOOD, BEND)","1150-0100000E","6 INCH GATE VALVE","EACH",3,2749.94,8249.82,4]
[null,"2024-03-07",2024,"Q1","15508","4 ","US20: 3RD ST - 15TH ST (GREENWOOD, BEND)","1150-0100000E","12 INCH GATE VALVE","EACH",1,5840.59,5840.59,4]
[null,"2024-03-07",2024,"Q1","15508","4 ","US20: 3RD ST - 15TH ST (GREENWOOD, BEND)","1160-0100000E","HYDRANT ASSEMBLIES","EACH",1,5800,5800,1]
[null,"2024-03-07",2024,"Q1","15508","4 ","US20: 3RD ST - 15TH ST (GREENWOOD, BEND)","1160-0100000E","HYDRANT ASSEMBLIES","EACH",1,9500,9500,2]
[null,"2024-03-07",2024,"Q1","15508","4 ","US20: 3RD ST - 15TH ST (GREENWOOD, BEND)","1160-0100000E","HYDRANT ASSEMBLIES","EACH",1,10000,10000,3]
[null,"2024-03-07",2024,"Q1","15508","4 ","US20: 3RD ST - 15TH ST (GREENWOOD, BEND)","1160-0100000E","HYDRANT ASSEMBLIES","EACH",1,10497.6,10497.6,4]
[null,"2024-03-07",2024,"Q1","15508","4 ","US20: 3RD ST - 15TH ST (GREENWOOD, BEND)","1160-0102000E","MOVING EXISTING HYDRANTS","EACH",4,2800,11200,1]
[null,"2024-03-07",2024,"Q1","15508","4 ","US20: 3RD ST - 15TH ST (GREENWOOD, BEND)","1160-0102000E","MOVING EXISTING HYDRANTS","EACH",4,5000,20000,2]
[null,"2024-03-07",2024,"Q1","15508","4 ","US20: 3RD ST - 15TH ST (GREENWOOD, BEND)","1160-0102000E","MOVING EXISTING HYDRANTS","EACH",4,4400,17600,3]
[null,"2024-03-07",2024,"Q1","15508","4 ","US20: 3RD ST - 15TH ST (GREENWOOD, BEND)","1160-0102000E","MOVING EXISTING HYDRANTS","EACH",4,4507.88,18031.52,4]
[null,"2024-03-07",2024,"Q1","15508","4 ","US20: 3RD ST - 15TH ST (GREENWOOD, BEND)","1170-0111000E","RELOCATE 2 INCH WATER METER ASSEMBLY","EACH",25,1000,25000,1]
[null,"2024-03-07",2024,"Q1","15508","4 ","US20: 3RD ST - 15TH ST (GREENWOOD, BEND)","1170-0111000E","RELOCATE 2 INCH WATER METER ASSEMBLY","EACH",25,2450,61250,2]
[null,"2024-03-07",2024,"Q1","15508","4 ","US20: 3RD ST - 15TH ST (GREENWOOD, BEND)","1170-0111000E","RELOCATE 2 INCH WATER METER ASSEMBLY","EACH",25,840,21000,3]
[null,"2024-03-07",2024,"Q1","15508","4 ","US20: 3RD ST - 15TH ST (GREENWOOD, BEND)","1170-0111000E","RELOCATE 2 INCH WATER METER ASSEMBLY","EACH",25,1538.46,38461.5,4]
[null,"2024-03-07",2024,"Q1","15508","4 ","US20: 3RD ST - 15TH ST (GREENWOOD, BEND)","1999-9Z90000E","REPLACE WATER VALVE BOX","EACH",2,250,500,1]
[null,"2024-03-07",2024,"Q1","15508","4 ","US20: 3RD ST - 15TH ST (GREENWOOD, BEND)","1999-9Z90000E","REPLACE WATER METER BOX","EACH",25,750,18750,1]
[null,"2024-03-07",2024,"Q1","15508","4 ","US20: 3RD ST - 15TH ST (GREENWOOD, BEND)","1999-9Z90000E","REPLACE WATER METER BOX","EACH",25,1000,25000,2]
[null,"2024-03-07",2024,"Q1","15508","4 ","US20: 3RD ST - 15TH ST (GREENWOOD, BEND)","1999-9Z90000E","REPLACE WATER VALVE BOX","EACH",2,2200,4400,2]
[null,"2024-03-07",2024,"Q1","15508","4 ","US20: 3RD ST - 15TH ST (GREENWOOD, BEND)","1999-9Z90000E","REPLACE WATER METER BOX","EACH",25,1100,27500,3]
[null,"2024-03-07",2024,"Q1","15508","4 ","US20: 3RD ST - 15TH ST (GREENWOOD, BEND)","1999-9Z90000E","REPLACE WATER VALVE BOX","EACH",2,900,1800,3]
[null,"2024-03-07",2024,"Q1","15508","4 ","US20: 3RD ST - 15TH ST (GREENWOOD, BEND)","1999-9Z90000E","REPLACE WATER METER BOX","EACH",25,1168.26,29206.5,4]
[null,"2024-03-07",2024,"Q1","15508","4 ","US20: 3RD ST - 15TH ST (GREENWOOD, BEND)","1999-9Z90000E","REPLACE WATER VALVE BOX","EACH",2,639.89,1279.78,4]
[null,"2024-03-07",2024,"Q1","15508","4 ","US20: 3RD ST - 15TH ST (GREENWOOD, BEND)","1999-9Z90000J","CONCRETE WALKS, MODIFIED","SQFT",2165,12,25980,1]
[null,"2024-03-07",2024,"Q1","15508","4 ","US20: 3RD ST - 15TH ST (GREENWOOD, BEND)","1999-9Z90000J","CONCRETE WALKS, MODIFIED","SQFT",2165,38,82270,2]
[null,"2024-03-07",2024,"Q1","15508","4 ","US20: 3RD ST - 15TH ST (GREENWOOD, BEND)","1999-9Z90000J","CONCRETE WALKS, MODIFIED","SQFT",2165,23,49795,3]
[null,"2024-03-07",2024,"Q1","15508","4 ","US20: 3RD ST - 15TH ST (GREENWOOD, BEND)","1999-9Z90000J","CONCRETE WALKS, MODIFIED","SQFT",2165,31.359999999999996,67894.399999999994,4]
[null,"2024-02-29",2024,"Q1","15506","1 ","OR35: US26 OVERCROSSING BRIDGE","0222-0102000J","TEMPORARY SIGNS","SQFT",980,39,38220,1]
[null,"2024-02-29",2024,"Q1","15505","3 ","US101: REEDSPORT LANE RECONFIGURATION","0222-0102000J","TEMPORARY SIGNS","SQFT",410,15,6150,1]
[null,"2024-02-29",2024,"Q1","15502","2 ","I-5: HALSEY TO LANE COUNTY LINE","0222-0102000J","TEMPORARY SIGNS","SQFT",3975,26,103350,1]
[null,"2024-02-29",2024,"Q1","15506","1 ","OR35: US26 OVERCROSSING BRIDGE","0222-0102000J","TEMPORARY SIGNS","SQFT",980,30,29400,2]
[null,"2024-02-29",2024,"Q1","15502","2 ","I-5: HALSEY TO LANE COUNTY LINE","0222-0102000J","TEMPORARY SIGNS","SQFT",3975,35,139125,2]
[null,"2024-02-29",2024,"Q1","15505","3 ","US101: REEDSPORT LANE RECONFIGURATION","0222-0102000J","TEMPORARY SIGNS","SQFT",410,43,17630,2]
[null,"2024-02-29",2024,"Q1","15506","1 ","OR35: US26 OVERCROSSING BRIDGE","0222-0102000J","TEMPORARY SIGNS","SQFT",980,25,24500,3]
[null,"2024-02-29",2024,"Q1","15505","3 ","US101: REEDSPORT LANE RECONFIGURATION","0222-0102000J","TEMPORARY SIGNS","SQFT",410,60,24600,3]
[null,"2024-02-29",2024,"Q1","15506","1 ","OR35: US26 OVERCROSSING BRIDGE","0222-0102000J","TEMPORARY SIGNS","SQFT",980,25,24500,4]
[null,"2024-02-29",2024,"Q1","15506","1 ","OR35: US26 OVERCROSSING BRIDGE","0222-0102000J","TEMPORARY SIGNS","SQFT",980,30,29400,5]
[null,"2024-02-29",2024,"Q1","15505","3 ","US101: REEDSPORT LANE RECONFIGURATION","0222-0162000E","SEQUENTIAL ARROW SIGNS","EACH",2,1200,2400,1]
[null,"2024-02-29",2024,"Q1","15502","2 ","I-5: HALSEY TO LANE COUNTY LINE","0222-0162000E","SEQUENTIAL ARROW SIGNS","EACH",2,4500,9000,1]
[null,"2024-02-29",2024,"Q1","15505","3 ","US101: REEDSPORT LANE RECONFIGURATION","0222-0162000E","SEQUENTIAL ARROW SIGNS","EACH",2,3000,6000,2]
[null,"2024-02-29",2024,"Q1","15502","2 ","I-5: HALSEY TO LANE COUNTY LINE","0222-0162000E","SEQUENTIAL ARROW SIGNS","EACH",2,4000,8000,2]
[null,"2024-02-29",2024,"Q1","15505","3 ","US101: REEDSPORT LANE RECONFIGURATION","0222-0162000E","SEQUENTIAL ARROW SIGNS","EACH",2,4500,9000,3]
[null,"2024-02-29",2024,"Q1","15505","3 ","US101: REEDSPORT LANE RECONFIGURATION","0222-0164000E","PORTABLE CHANGEABLE MESSAGE SIGNS","EACH",1,3500,3500,1]
[null,"2024-02-29",2024,"Q1","15506","1 ","OR35: US26 OVERCROSSING BRIDGE","0222-0164000E","PORTABLE CHANGEABLE MESSAGE SIGNS","EACH",4,12500,50000,1]
[null,"2024-02-29",2024,"Q1","15502","2 ","I-5: HALSEY TO LANE COUNTY LINE","0222-0164000E","PORTABLE CHANGEABLE MESSAGE SIGNS","EACH",20,3000,60000,1]
[null,"2024-02-29",2024,"Q1","15502","2 ","I-5: HALSEY TO LANE COUNTY LINE","0222-0164000E","PORTABLE CHANGEABLE MESSAGE SIGNS","EACH",20,6000,120000,2]
[null,"2024-02-29",2024,"Q1","15506","1 ","OR35: US26 OVERCROSSING BRIDGE","0222-0164000E","PORTABLE CHANGEABLE MESSAGE SIGNS","EACH",4,5000,20000,2]
[null,"2024-02-29",2024,"Q1","15505","3 ","US101: REEDSPORT LANE RECONFIGURATION","0222-0164000E","PORTABLE CHANGEABLE MESSAGE SIGNS","EACH",1,3000,3000,2]
[null,"2024-02-29",2024,"Q1","15506","1 ","OR35: US26 OVERCROSSING BRIDGE","0222-0164000E","PORTABLE CHANGEABLE MESSAGE SIGNS","EACH",4,3000,12000,3]
[null,"2024-02-29",2024,"Q1","15505","3 ","US101: REEDSPORT LANE RECONFIGURATION","0222-0164000E","PORTABLE CHANGEABLE MESSAGE SIGNS","EACH",1,5500,5500,3]
[null,"2024-02-29",2024,"Q1","15506","1 ","OR35: US26 OVERCROSSING BRIDGE","0222-0164000E","PORTABLE CHANGEABLE MESSAGE SIGNS","EACH",4,25000,100000,4]
[null,"2024-02-29",2024,"Q1","15506","1 ","OR35: US26 OVERCROSSING BRIDGE","0222-0164000E","PORTABLE CHANGEABLE MESSAGE SIGNS","EACH",4,5800,23200,5]
[null,"2024-02-29",2024,"Q1","15502","2 ","I-5: HALSEY TO LANE COUNTY LINE","0222-0167300E","PORTABLE CHANGEABLE MESSAGE SIGNS, ROLLER MOUNTED","EACH",4,800,3200,1]
[null,"2024-02-29",2024,"Q1","15502","2 ","I-5: HALSEY TO LANE COUNTY LINE","0222-0167300E","PORTABLE CHANGEABLE MESSAGE SIGNS, ROLLER MOUNTED","EACH",4,1,4,2]
[null,"2024-02-29",2024,"Q1","15502","2 ","I-5: HALSEY TO LANE COUNTY LINE","0222-0167500E","RADAR SPEED TRAILER","EACH",4,1100,4400,1]
[null,"2024-02-29",2024,"Q1","15502","2 ","I-5: HALSEY TO LANE COUNTY LINE","0222-0167500E","RADAR SPEED TRAILER","EACH",4,5000,20000,2]
[null,"2024-02-29",2024,"Q1","15502","2 ","I-5: HALSEY TO LANE COUNTY LINE","0223-0168000T","FLAGGERS","HOUR",187,67,12529,1]
[null,"2024-02-29",2024,"Q1","15506","1 ","OR35: US26 OVERCROSSING BRIDGE","0223-0168000T","FLAGGERS","HOUR",400,63,25200,1]
[null,"2024-02-29",2024,"Q1","15506","1 ","OR35: US26 OVERCROSSING BRIDGE","0223-0168000T","FLAGGERS","HOUR",400,80,32000,2]
[null,"2024-02-29",2024,"Q1","15502","2 ","I-5: HALSEY TO LANE COUNTY LINE","0223-0168000T","FLAGGERS","HOUR",187,75,14025,2]
[null,"2024-02-29",2024,"Q1","15506","1 ","OR35: US26 OVERCROSSING BRIDGE","0223-0168000T","FLAGGERS","HOUR",400,63,25200,3]
[null,"2024-02-29",2024,"Q1","15506","1 ","OR35: US26 OVERCROSSING BRIDGE","0223-0168000T","FLAGGERS","HOUR",400,63,25200,4]
[null,"2024-02-29",2024,"Q1","15506","1 ","OR35: US26 OVERCROSSING BRIDGE","0223-0168000T","FLAGGERS","HOUR",400,77,30800,5]
[null,"2024-02-29",2024,"Q1","15506","1 ","OR35: US26 OVERCROSSING BRIDGE","0223-0168100E","FLAGGER STATION LIGHTING","EACH",3,750,2250,1]
[null,"2024-02-29",2024,"Q1","15502","2 ","I-5: HALSEY TO LANE COUNTY LINE","0223-0168100E","FLAGGER STATION LIGHTING","EACH",8,4800,38400,1]
[null,"2024-02-29",2024,"Q1","15502","2 ","I-5: HALSEY TO LANE COUNTY LINE","0223-0168100E","FLAGGER STATION LIGHTING","EACH",8,2500,20000,2]
[null,"2024-02-29",2024,"Q1","15506","1 ","OR35: US26 OVERCROSSING BRIDGE","0223-0168100E","FLAGGER STATION LIGHTING","EACH",3,1000,3000,2]
[null,"2024-02-29",2024,"Q1","15506","1 ","OR35: US26 OVERCROSSING BRIDGE","0223-0168100E","FLAGGER STATION LIGHTING","EACH",3,500,1500,3]
[null,"2024-02-29",2024,"Q1","15506","1 ","OR35: US26 OVERCROSSING BRIDGE","0223-0168100E","FLAGGER STATION LIGHTING","EACH",3,3500,10500,4]
[null,"2024-02-29",2024,"Q1","15506","1 ","OR35: US26 OVERCROSSING BRIDGE","0223-0168100E","FLAGGER STATION LIGHTING","EACH",3,5800,17400,5]
[null,"2024-02-29",2024,"Q1","15502","2 ","I-5: HALSEY TO LANE COUNTY LINE","0223-0169000E","TRAFFIC CONTROL SUPERVISOR","EACH",173,890,153970,1]
[null,"2024-02-29",2024,"Q1","15506","1 ","OR35: US26 OVERCROSSING BRIDGE","0223-0169000E","TRAFFIC CONTROL SUPERVISOR","EACH",30,1150,34500,1]
[null,"2024-02-29",2024,"Q1","15506","1 ","OR35: US26 OVERCROSSING BRIDGE","0223-0169000E","TRAFFIC CONTROL SUPERVISOR","EACH",30,1400,42000,2]
[null,"2024-02-29",2024,"Q1","15502","2 ","I-5: HALSEY TO LANE COUNTY LINE","0223-0169000E","TRAFFIC CONTROL SUPERVISOR","EACH",173,1750,302750,2]
[null,"2024-02-29",2024,"Q1","15506","1 ","OR35: US26 OVERCROSSING BRIDGE","0223-0169000E","TRAFFIC CONTROL SUPERVISOR","EACH",30,75,2250,3]
[null,"2024-02-29",2024,"Q1","15506","1 ","OR35: US26 OVERCROSSING BRIDGE","0223-0169000E","TRAFFIC CONTROL SUPERVISOR","EACH",30,525,15750,4]
[null,"2024-02-29",2024,"Q1","15506","1 ","OR35: US26 OVERCROSSING BRIDGE","0223-0169000E","TRAFFIC CONTROL SUPERVISOR","EACH",30,1100,33000,5]
[null,"2024-02-29",2024,"Q1","15502","2 ","I-5: HALSEY TO LANE COUNTY LINE","0223-0172000T","PILOT CARS","HOUR",155,98,15190,1]
[null,"2024-02-29",2024,"Q1","15502","2 ","I-5: HALSEY TO LANE COUNTY LINE","0223-0172000T","PILOT CARS","HOUR",155,100,15500,2]
[null,"2024-02-29",2024,"Q1","15505","3 ","US101: REEDSPORT LANE RECONFIGURATION","0224-0104000E","TEMPORARY BARRICADES, TYPE II","EACH",16,100,1600,1]
[null,"2024-02-29",2024,"Q1","15506","1 ","OR35: US26 OVERCROSSING BRIDGE","0224-0104000E","TEMPORARY BARRICADES, TYPE II","EACH",4,55,220,1]
[null,"2024-02-29",2024,"Q1","15506","1 ","OR35: US26 OVERCROSSING BRIDGE","0224-0104000E","TEMPORARY BARRICADES, TYPE II","EACH",4,61.25,245,2]
[null,"2024-02-29",2024,"Q1","15505","3 ","US101: REEDSPORT LANE RECONFIGURATION","0224-0104000E","TEMPORARY BARRICADES, TYPE II","EACH",16,75,1200,2]
[null,"2024-02-29",2024,"Q1","15506","1 ","OR35: US26 OVERCROSSING BRIDGE","0224-0104000E","TEMPORARY BARRICADES, TYPE II","EACH",4,60,240,3]
[null,"2024-02-29",2024,"Q1","15505","3 ","US101: REEDSPORT LANE RECONFIGURATION","0224-0104000E","TEMPORARY BARRICADES, TYPE II","EACH",16,200,3200,3]
[null,"2024-02-29",2024,"Q1","15506","1 ","OR35: US26 OVERCROSSING BRIDGE","0224-0104000E","TEMPORARY BARRICADES, TYPE II","EACH",4,60,240,4]
[null,"2024-02-29",2024,"Q1","15506","1 ","OR35: US26 OVERCROSSING BRIDGE","0224-0104000E","TEMPORARY BARRICADES, TYPE II","EACH",4,160,640,5]
[null,"2024-02-29",2024,"Q1","15505","3 ","US101: REEDSPORT LANE RECONFIGURATION","0224-0105000E","TEMPORARY BARRICADES, TYPE III","EACH",3,255,765,1]
[null,"2024-02-29",2024,"Q1","15506","1 ","OR35: US26 OVERCROSSING BRIDGE","0224-0105000E","TEMPORARY BARRICADES, TYPE III","EACH",11,175,1925,1]
[null,"2024-02-29",2024,"Q1","15502","2 ","I-5: HALSEY TO LANE COUNTY LINE","0224-0105000E","TEMPORARY BARRICADES, TYPE III","EACH",35,100,3500,1]
[null,"2024-02-29",2024,"Q1","15502","2 ","I-5: HALSEY TO LANE COUNTY LINE","0224-0105000E","TEMPORARY BARRICADES, TYPE III","EACH",35,150,5250,2]
[null,"2024-02-29",2024,"Q1","15505","3 ","US101: REEDSPORT LANE RECONFIGURATION","0224-0105000E","TEMPORARY BARRICADES, TYPE III","EACH",3,215,645,2]
[null,"2024-02-29",2024,"Q1","15506","1 ","OR35: US26 OVERCROSSING BRIDGE","0224-0105000E","TEMPORARY BARRICADES, TYPE III","EACH",11,61.25,673.75,2]
[null,"2024-02-29",2024,"Q1","15505","3 ","US101: REEDSPORT LANE RECONFIGURATION","0224-0105000E","TEMPORARY BARRICADES, TYPE III","EACH",3,300,900,3]
[null,"2024-02-29",2024,"Q1","15506","1 ","OR35: US26 OVERCROSSING BRIDGE","0224-0105000E","TEMPORARY BARRICADES, TYPE III","EACH",11,195,2145,3]
[null,"2024-02-29",2024,"Q1","15506","1 ","OR35: US26 OVERCROSSING BRIDGE","0224-0105000E","TEMPORARY BARRICADES, TYPE III","EACH",11,195,2145,4]
[null,"2024-02-29",2024,"Q1","15506","1 ","OR35: US26 OVERCROSSING BRIDGE","0224-0105000E","TEMPORARY BARRICADES, TYPE III","EACH",11,390,4290,5]
[null,"2024-02-29",2024,"Q1","15502","2 ","I-5: HALSEY TO LANE COUNTY LINE","0224-0145000E","TEMPORARY PLASTIC DRUMS","EACH",948,26,24648,1]
[null,"2024-02-29",2024,"Q1","15506","1 ","OR35: US26 OVERCROSSING BRIDGE","0224-0145000E","TEMPORARY PLASTIC DRUMS","EACH",65,60,3900,1]
[null,"2024-02-29",2024,"Q1","15505","3 ","US101: REEDSPORT LANE RECONFIGURATION","0224-0145000E","TEMPORARY PLASTIC DRUMS","EACH",24,65,1560,1]
[null,"2024-02-29",2024,"Q1","15505","3 ","US101: REEDSPORT LANE RECONFIGURATION","0224-0145000E","TEMPORARY PLASTIC DRUMS","EACH",24,61,1464,2]
[null,"2024-02-29",2024,"Q1","15506","1 ","OR35: US26 OVERCROSSING BRIDGE","0224-0145000E","TEMPORARY PLASTIC DRUMS","EACH",65,70,4550,2]
[null,"2024-02-29",2024,"Q1","15502","2 ","I-5: HALSEY TO LANE COUNTY LINE","0224-0145000E","TEMPORARY PLASTIC DRUMS","EACH",948,50,47400,2]
[null,"2024-02-29",2024,"Q1","15506","1 ","OR35: US26 OVERCROSSING BRIDGE","0224-0145000E","TEMPORARY PLASTIC DRUMS","EACH",65,50,3250,3]
[null,"2024-02-29",2024,"Q1","15505","3 ","US101: REEDSPORT LANE RECONFIGURATION","0224-0145000E","TEMPORARY PLASTIC DRUMS","EACH",24,85,2040,3]
[null,"2024-02-29",2024,"Q1","15506","1 ","OR35: US26 OVERCROSSING BRIDGE","0224-0145000E","TEMPORARY PLASTIC DRUMS","EACH",65,50,3250,4]
[null,"2024-02-29",2024,"Q1","15506","1 ","OR35: US26 OVERCROSSING BRIDGE","0224-0145000E","TEMPORARY PLASTIC DRUMS","EACH",65,150,9750,5]
[null,"2024-02-29",2024,"Q1","15502","2 ","I-5: HALSEY TO LANE COUNTY LINE","0225-0148000E","TEMPORARY REFLECTIVE PAVEMENT MARKERS","EACH",3324,1,3324,1]
[null,"2024-02-29",2024,"Q1","15502","2 ","I-5: HALSEY TO LANE COUNTY LINE","0225-0148000E","TEMPORARY REFLECTIVE PAVEMENT MARKERS","EACH",3324,7,23268,2]
[null,"2024-02-29",2024,"Q1","15502","2 ","I-5: HALSEY TO LANE COUNTY LINE","0225-0149000E","TEMPORARY FLEXIBLE PAVEMENT MARKERS","EACH",10739,1,10739,1]
[null,"2024-02-29",2024,"Q1","15502","2 ","I-5: HALSEY TO LANE COUNTY LINE","0225-0149000E","TEMPORARY FLEXIBLE PAVEMENT MARKERS","EACH",10739,2,21478,2]
[null,"2024-02-29",2024,"Q1","15506","1 ","OR35: US26 OVERCROSSING BRIDGE","0225-0153000F","TEMPORARY STRIPING","FOOT",7600,0.75,5700,1]
[null,"2024-02-29",2024,"Q1","15502","2 ","I-5: HALSEY TO LANE COUNTY LINE","0225-0153000F","TEMPORARY STRIPING","FOOT",306760,0.1,30676,1]
[null,"2024-02-29",2024,"Q1","15502","2 ","I-5: HALSEY TO LANE COUNTY LINE","0225-0153000F","TEMPORARY STRIPING","FOOT",306760,7.0000000000000007E-2,21473.200000000001,2]
[null,"2024-02-29",2024,"Q1","15506","1 ","OR35: US26 OVERCROSSING BRIDGE","0225-0153000F","TEMPORARY STRIPING","FOOT",7600,0.65,4940,2]
[null,"2024-02-29",2024,"Q1","15506","1 ","OR35: US26 OVERCROSSING BRIDGE","0225-0153000F","TEMPORARY STRIPING","FOOT",7600,1,7600,3]
[null,"2024-02-29",2024,"Q1","15506","1 ","OR35: US26 OVERCROSSING BRIDGE","0225-0153000F","TEMPORARY STRIPING","FOOT",7600,0.75,5700,4]
[null,"2024-02-29",2024,"Q1","15506","1 ","OR35: US26 OVERCROSSING BRIDGE","0225-0153000F","TEMPORARY STRIPING","FOOT",7600,1,7600,5]
[null,"2024-02-29",2024,"Q1","15506","1 ","OR35: US26 OVERCROSSING BRIDGE","0225-0153200J","TEMPORARY PAVEMENT BARS","SQFT",40,10,400,1]
[null,"2024-02-29",2024,"Q1","15506","1 ","OR35: US26 OVERCROSSING BRIDGE","0225-0153200J","TEMPORARY PAVEMENT BARS","SQFT",40,30.5,1220,2]
[null,"2024-02-29",2024,"Q1","15506","1 ","OR35: US26 OVERCROSSING BRIDGE","0225-0153200J","TEMPORARY PAVEMENT BARS","SQFT",40,10,400,3]
[null,"2024-02-29",2024,"Q1","15506","1 ","OR35: US26 OVERCROSSING BRIDGE","0225-0153200J","TEMPORARY PAVEMENT BARS","SQFT",40,10,400,4]
[null,"2024-02-29",2024,"Q1","15506","1 ","OR35: US26 OVERCROSSING BRIDGE","0225-0153200J","TEMPORARY PAVEMENT BARS","SQFT",40,10,400,5]
[null,"2024-02-29",2024,"Q1","15506","1 ","OR35: US26 OVERCROSSING BRIDGE","0225-0153800F","TEMPORARY TRANSVERSE RUMBLE STRIPS","FOOT",240,40,9600,1]
[null,"2024-02-29",2024,"Q1","15506","1 ","OR35: US26 OVERCROSSING BRIDGE","0225-0153800F","TEMPORARY TRANSVERSE RUMBLE STRIPS","FOOT",240,14.75,3540,2]
[null,"2024-02-29",2024,"Q1","15506","1 ","OR35: US26 OVERCROSSING BRIDGE","0225-0153800F","TEMPORARY TRANSVERSE RUMBLE STRIPS","FOOT",240,21,5040,3]
[null,"2024-02-29",2024,"Q1","15506","1 ","OR35: US26 OVERCROSSING BRIDGE","0225-0153800F","TEMPORARY TRANSVERSE RUMBLE STRIPS","FOOT",240,15,3600,4]
[null,"2024-02-29",2024,"Q1","15506","1 ","OR35: US26 OVERCROSSING BRIDGE","0225-0153800F","TEMPORARY TRANSVERSE RUMBLE STRIPS","FOOT",240,46,11040,5]
[null,"2024-02-29",2024,"Q1","15505","3 ","US101: REEDSPORT LANE RECONFIGURATION","0225-0154000F","STRIPE REMOVAL","FOOT",22322,0.6,13393.2,1]
[null,"2024-02-29",2024,"Q1","15506","1 ","OR35: US26 OVERCROSSING BRIDGE","0225-0154000F","STRIPE REMOVAL","FOOT",3100,1,3100,1]
[null,"2024-02-29",2024,"Q1","15506","1 ","OR35: US26 OVERCROSSING BRIDGE","0225-0154000F","STRIPE REMOVAL","FOOT",3100,1,3100,2]
[null,"2024-02-29",2024,"Q1","15505","3 ","US101: REEDSPORT LANE RECONFIGURATION","0225-0154000F","STRIPE REMOVAL","FOOT",22322,0.5,11161,2]
[null,"2024-02-29",2024,"Q1","15505","3 ","US101: REEDSPORT LANE RECONFIGURATION","0225-0154000F","STRIPE REMOVAL","FOOT",22322,0.79999999999999993,17857.599999999999,3]
[null,"2024-02-29",2024,"Q1","15506","1 ","OR35: US26 OVERCROSSING BRIDGE","0225-0154000F","STRIPE REMOVAL","FOOT",3100,1,3100,3]
[null,"2024-02-29",2024,"Q1","15506","1 ","OR35: US26 OVERCROSSING BRIDGE","0225-0154000F","STRIPE REMOVAL","FOOT",3100,1,3100,4]
[null,"2024-02-29",2024,"Q1","15506","1 ","OR35: US26 OVERCROSSING BRIDGE","0225-0154000F","STRIPE REMOVAL","FOOT",3100,1,3100,5]
[null,"2024-02-29",2024,"Q1","15505","3 ","US101: REEDSPORT LANE RECONFIGURATION","0225-0155100J","LEGEND REMOVAL","SQFT",1824,4,7296,1]
[null,"2024-02-29",2024,"Q1","15505","3 ","US101: REEDSPORT LANE RECONFIGURATION","0225-0155100J","LEGEND REMOVAL","SQFT",1824,3.1500000000000004,5745.6,2]
[null,"2024-02-29",2024,"Q1","15505","3 ","US101: REEDSPORT LANE RECONFIGURATION","0225-0155100J","LEGEND REMOVAL","SQFT",1824,3,5472,3]
[null,"2024-02-29",2024,"Q1","15505","3 ","US101: REEDSPORT LANE RECONFIGURATION","0225-0156000J","BAR REMOVAL","SQFT",732,6,4392,1]
[null,"2024-02-29",2024,"Q1","15505","3 ","US101: REEDSPORT LANE RECONFIGURATION","0225-0156000J","BAR REMOVAL","SQFT",732,5.5,4026,2]
[null,"2024-02-29",2024,"Q1","15505","3 ","US101: REEDSPORT LANE RECONFIGURATION","0225-0156000J","BAR REMOVAL","SQFT",732,5,3660,3]
[null,"2024-02-29",2024,"Q1","15506","1 ","OR35: US26 OVERCROSSING BRIDGE","0226-0126100F","TEMPORARY BARRIER","FOOT",576,35,20160,1]
[null,"2024-02-29",2024,"Q1","15506","1 ","OR35: US26 OVERCROSSING BRIDGE","0226-0126100F","TEMPORARY BARRIER","FOOT",576,30.5,17568,2]
[null,"2024-02-29",2024,"Q1","15506","1 ","OR35: US26 OVERCROSSING BRIDGE","0226-0126100F","TEMPORARY BARRIER","FOOT",576,25,14400,3]
[null,"2024-02-29",2024,"Q1","15506","1 ","OR35: US26 OVERCROSSING BRIDGE","0226-0126100F","TEMPORARY BARRIER","FOOT",576,25,14400,4]
[null,"2024-02-29",2024,"Q1","15506","1 ","OR35: US26 OVERCROSSING BRIDGE","0226-0126100F","TEMPORARY BARRIER","FOOT",576,42,24192,5]
[null,"2024-02-29",2024,"Q1","15506","1 ","OR35: US26 OVERCROSSING BRIDGE","0226-0134000E","TEMPORARY IMPACT ATTENUATOR, NARROW SITE SYSTEM","EACH",2,6500,13000,1]
[null,"2024-02-29",2024,"Q1","15506","1 ","OR35: US26 OVERCROSSING BRIDGE","0226-0134000E","TEMPORARY IMPACT ATTENUATOR, NARROW SITE SYSTEM","EACH",2,3000,6000,2]
[null,"2024-02-29",2024,"Q1","15506","1 ","OR35: US26 OVERCROSSING BRIDGE","0226-0134000E","TEMPORARY IMPACT ATTENUATOR, NARROW SITE SYSTEM","EACH",2,2600,5200,3]
[null,"2024-02-29",2024,"Q1","15506","1 ","OR35: US26 OVERCROSSING BRIDGE","0226-0134000E","TEMPORARY IMPACT ATTENUATOR, NARROW SITE SYSTEM","EACH",2,2500,5000,4]
[null,"2024-02-29",2024,"Q1","15506","1 ","OR35: US26 OVERCROSSING BRIDGE","0226-0134000E","TEMPORARY IMPACT ATTENUATOR, NARROW SITE SYSTEM","EACH",2,2540,5080,5]
[null,"2024-02-29",2024,"Q1","15506","1 ","OR35: US26 OVERCROSSING BRIDGE","0226-0137000E","MOVING TEMPORARY IMPACT ATTENUATORS, NARROW SITE SYSTEM","EACH",2,1250,2500,1]
[null,"2024-02-29",2024,"Q1","15506","1 ","OR35: US26 OVERCROSSING BRIDGE","0226-0137000E","MOVING TEMPORARY IMPACT ATTENUATORS, NARROW SITE SYSTEM","EACH",2,1000,2000,2]
[null,"2024-02-29",2024,"Q1","15506","1 ","OR35: US26 OVERCROSSING BRIDGE","0226-0137000E","MOVING TEMPORARY IMPACT ATTENUATORS, NARROW SITE SYSTEM","EACH",2,1100,2200,3]
[null,"2024-02-29",2024,"Q1","15506","1 ","OR35: US26 OVERCROSSING BRIDGE","0226-0137000E","MOVING TEMPORARY IMPACT ATTENUATORS, NARROW SITE SYSTEM","EACH",2,1000,2000,4]
[null,"2024-02-29",2024,"Q1","15506","1 ","OR35: US26 OVERCROSSING BRIDGE","0226-0137000E","MOVING TEMPORARY IMPACT ATTENUATORS, NARROW SITE SYSTEM","EACH",2,1100,2200,5]
[null,"2024-02-29",2024,"Q1","15502","2 ","I-5: HALSEY TO LANE COUNTY LINE","0226-0138000E","TEMPORARY IMPACT ATTENUATOR, TRUCK MOUNTED","EACH",4,8000,32000,1]
[null,"2024-02-29",2024,"Q1","15505","3 ","US101: REEDSPORT LANE RECONFIGURATION","0226-0138000E","TEMPORARY IMPACT ATTENUATOR, TRUCK MOUNTED","EACH",1,4000,4000,1]
[null,"2024-02-29",2024,"Q1","15502","2 ","I-5: HALSEY TO LANE COUNTY LINE","0226-0138000E","TEMPORARY IMPACT ATTENUATOR, TRUCK MOUNTED","EACH",4,20000,80000,2]
[null,"2024-02-29",2024,"Q1","15505","3 ","US101: REEDSPORT LANE RECONFIGURATION","0226-0138000E","TEMPORARY IMPACT ATTENUATOR, TRUCK MOUNTED","EACH",1,14000,14000,2]
[null,"2024-02-29",2024,"Q1","15505","3 ","US101: REEDSPORT LANE RECONFIGURATION","0226-0138000E","TEMPORARY IMPACT ATTENUATOR, TRUCK MOUNTED","EACH",1,15000,15000,3]
[null,"2024-02-29",2024,"Q1","15506","1 ","OR35: US26 OVERCROSSING BRIDGE","0226-0141100E","REFLECTIVE BARRIER PANELS","EACH",64,50,3200,1]
[null,"2024-02-29",2024,"Q1","15506","1 ","OR35: US26 OVERCROSSING BRIDGE","0226-0141100E","REFLECTIVE BARRIER PANELS","EACH",64,30.5,1952,2]
[null,"2024-02-29",2024,"Q1","15506","1 ","OR35: US26 OVERCROSSING BRIDGE","0226-0141100E","REFLECTIVE BARRIER PANELS","EACH",64,25,1600,3]
[null,"2024-02-29",2024,"Q1","15506","1 ","OR35: US26 OVERCROSSING BRIDGE","0226-0141100E","REFLECTIVE BARRIER PANELS","EACH",64,25,1600,4]
[null,"2024-02-29",2024,"Q1","15506","1 ","OR35: US26 OVERCROSSING BRIDGE","0226-0141100E","REFLECTIVE BARRIER PANELS","EACH",64,25,1600,5]
[null,"2024-02-29",2024,"Q1","15506","1 ","OR35: US26 OVERCROSSING BRIDGE","0226-0141300E","REPAIR TEMPORARY IMPACT ATTENUATOR, NARROW SITE SYSTEM","EACH",2,1,2,1]
[null,"2024-02-29",2024,"Q1","15506","1 ","OR35: US26 OVERCROSSING BRIDGE","0226-0141300E","REPAIR TEMPORARY IMPACT ATTENUATOR, NARROW SITE SYSTEM","EACH",2,1000,2000,2]
[null,"2024-02-29",2024,"Q1","15506","1 ","OR35: US26 OVERCROSSING BRIDGE","0226-0141300E","REPAIR TEMPORARY IMPACT ATTENUATOR, NARROW SITE SYSTEM","EACH",2,1,2,3]
[null,"2024-02-29",2024,"Q1","15506","1 ","OR35: US26 OVERCROSSING BRIDGE","0226-0141300E","REPAIR TEMPORARY IMPACT ATTENUATOR, NARROW SITE SYSTEM","EACH",2,1000,2000,4]
[null,"2024-02-29",2024,"Q1","15506","1 ","OR35: US26 OVERCROSSING BRIDGE","0226-0141300E","REPAIR TEMPORARY IMPACT ATTENUATOR, NARROW SITE SYSTEM","EACH",2,1100,2200,5]
[null,"2024-02-29",2024,"Q1","15502","2 ","I-5: HALSEY TO LANE COUNTY LINE","0226-0141400E","REPAIR TEMPORARY IMPACT ATTENUATOR, TRUCK MOUNTED","EACH",2,1,2,1]
[null,"2024-02-29",2024,"Q1","15505","3 ","US101: REEDSPORT LANE RECONFIGURATION","0226-0141400E","REPAIR TEMPORARY IMPACT ATTENUATOR, TRUCK MOUNTED","EACH",2,1,2,1]
[null,"2024-02-29",2024,"Q1","15505","3 ","US101: REEDSPORT LANE RECONFIGURATION","0226-0141400E","REPAIR TEMPORARY IMPACT ATTENUATOR, TRUCK MOUNTED","EACH",2,100,200,2]
[null,"2024-02-29",2024,"Q1","15502","2 ","I-5: HALSEY TO LANE COUNTY LINE","0226-0141400E","REPAIR TEMPORARY IMPACT ATTENUATOR, TRUCK MOUNTED","EACH",2,1000,2000,2]
[null,"2024-02-29",2024,"Q1","15505","3 ","US101: REEDSPORT LANE RECONFIGURATION","0226-0141400E","REPAIR TEMPORARY IMPACT ATTENUATOR, TRUCK MOUNTED","EACH",2,10,20,3]
[null,"2024-02-29",2024,"Q1","15506","1 ","OR35: US26 OVERCROSSING BRIDGE","0226-0147000F","MINIMUM DEFLECTION BRIDGE TEMPORARY BARRIER","FOOT",400,90,36000,1]
[null,"2024-02-29",2024,"Q1","15506","1 ","OR35: US26 OVERCROSSING BRIDGE","0226-0147000F","MINIMUM DEFLECTION BRIDGE TEMPORARY BARRIER","FOOT",400,49,19600,2]
[null,"2024-02-29",2024,"Q1","15506","1 ","OR35: US26 OVERCROSSING BRIDGE","0226-0147000F","MINIMUM DEFLECTION BRIDGE TEMPORARY BARRIER","FOOT",400,53,21200,3]
[null,"2024-02-29",2024,"Q1","15506","1 ","OR35: US26 OVERCROSSING BRIDGE","0226-0147000F","MINIMUM DEFLECTION BRIDGE TEMPORARY BARRIER","FOOT",400,75,30000,4]
[null,"2024-02-29",2024,"Q1","15506","1 ","OR35: US26 OVERCROSSING BRIDGE","0226-0147000F","MINIMUM DEFLECTION BRIDGE TEMPORARY BARRIER","FOOT",400,41,16400,5]
[null,"2024-02-29",2024,"Q1","15506","1 ","OR35: US26 OVERCROSSING BRIDGE","0227-0158000E","PORTABLE TRAFFIC SIGNAL","EACH",1,25000,25000,1]
[null,"2024-02-29",2024,"Q1","15506","1 ","OR35: US26 OVERCROSSING BRIDGE","0227-0158000E","PORTABLE TRAFFIC SIGNAL","EACH",1,35000,35000,2]
[null,"2024-02-29",2024,"Q1","15506","1 ","OR35: US26 OVERCROSSING BRIDGE","0227-0158000E","PORTABLE TRAFFIC SIGNAL","EACH",1,22000,22000,3]
[null,"2024-02-29",2024,"Q1","15506","1 ","OR35: US26 OVERCROSSING BRIDGE","0227-0158000E","PORTABLE TRAFFIC SIGNAL","EACH",1,35000,35000,4]
[null,"2024-02-29",2024,"Q1","15506","1 ","OR35: US26 OVERCROSSING BRIDGE","0227-0158000E","PORTABLE TRAFFIC SIGNAL","EACH",1,23000,23000,5]
[null,"2024-02-29",2024,"Q1","15502","2 ","I-5: HALSEY TO LANE COUNTY LINE","0227-0159000E","WORK ZONE PRESENCE LIGHTING SYSTEM","EACH",2,25000,50000,1]
[null,"2024-02-29",2024,"Q1","15502","2 ","I-5: HALSEY TO LANE COUNTY LINE","0227-0159000E","WORK ZONE PRESENCE LIGHTING SYSTEM","EACH",2,20000,40000,2]
[null,"2024-02-29",2024,"Q1","15505","3 ","US101: REEDSPORT LANE RECONFIGURATION","0227-0160001A","TEMPORARY FLASHING BEACONS, OREGON COAST HWY AT 20TH ST","LS",1,4000,4000,1]
[null,"2024-02-29",2024,"Q1","15505","3 ","US101: REEDSPORT LANE RECONFIGURATION","0227-0160001A","TEMPORARY FLASHING BEACONS, OREGON COAST HWY AT 20TH ST","LS",1,4400,4400,2]
[null,"2024-02-29",2024,"Q1","15505","3 ","US101: REEDSPORT LANE RECONFIGURATION","0227-0160001A","TEMPORARY FLASHING BEACONS, OREGON COAST HWY AT 20TH ST","LS",1,26314,26314,3]
[null,"2024-02-29",2024,"Q1","15505","3 ","US101: REEDSPORT LANE RECONFIGURATION","0228-0141950F","BICYCLE CHANNELIZING DEVICES","FOOT",30,78,2340,1]
[null,"2024-02-29",2024,"Q1","15505","3 ","US101: REEDSPORT LANE RECONFIGURATION","0228-0141950F","BICYCLE CHANNELIZING DEVICES","FOOT",30,50,1500,2]
[null,"2024-02-29",2024,"Q1","15505","3 ","US101: REEDSPORT LANE RECONFIGURATION","0228-0141950F","BICYCLE CHANNELIZING DEVICES","FOOT",30,135,4050,3]
[null,"2024-02-29",2024,"Q1","15502","2 ","I-5: HALSEY TO LANE COUNTY LINE","0229-0167200E","FURNISH SMART WORK ZONE SYSTEM","EACH",2,15000,30000,1]
[null,"2024-02-29",2024,"Q1","15502","2 ","I-5: HALSEY TO LANE COUNTY LINE","0229-0167200E","FURNISH SMART WORK ZONE SYSTEM","EACH",2,7500,15000,2]
[null,"2024-02-29",2024,"Q1","15502","2 ","I-5: HALSEY TO LANE COUNTY LINE","0229-0167200U","SMART WORK ZONE SYSTEM","DAY",155,390,60450,1]
[null,"2024-02-29",2024,"Q1","15502","2 ","I-5: HALSEY TO LANE COUNTY LINE","0229-0167200U","SMART WORK ZONE SYSTEM","DAY",155,400,62000,2]
[null,"2024-02-29",2024,"Q1","15502","2 ","I-5: HALSEY TO LANE COUNTY LINE","0253-0106000A","TEMPORARY WORK ACCESS AND CONTAINMENT","LS",1,5000,5000,1]
[null,"2024-02-29",2024,"Q1","15502","2 ","I-5: HALSEY TO LANE COUNTY LINE","0253-0106000A","TEMPORARY WORK ACCESS AND CONTAINMENT","LS",1,5000,5000,1]
[null,"2024-02-29",2024,"Q1","15502","2 ","I-5: HALSEY TO LANE COUNTY LINE","0253-0106000A","TEMPORARY WORK ACCESS AND CONTAINMENT","LS",1,5000,5000,1]
[null,"2024-02-29",2024,"Q1","15506","1 ","OR35: US26 OVERCROSSING BRIDGE","0253-0106000A","TEMPORARY WORK ACCESS AND CONTAINMENT","LS",1,75000,75000,1]
[null,"2024-02-29",2024,"Q1","15502","2 ","I-5: HALSEY TO LANE COUNTY LINE","0253-0106000A","TEMPORARY WORK ACCESS AND CONTAINMENT","LS",1,5000,5000,1]
[null,"2024-02-29",2024,"Q1","15502","2 ","I-5: HALSEY TO LANE COUNTY LINE","0253-0106000A","TEMPORARY WORK ACCESS AND CONTAINMENT","LS",1,5300,5300,1]
[null,"2024-02-29",2024,"Q1","15502","2 ","I-5: HALSEY TO LANE COUNTY LINE","0253-0106000A","TEMPORARY WORK ACCESS AND CONTAINMENT","LS",1,5000,5000,1]
[null,"2024-02-29",2024,"Q1","15502","2 ","I-5: HALSEY TO LANE COUNTY LINE","0253-0106000A","TEMPORARY WORK ACCESS AND CONTAINMENT","LS",1,500,500,2]
[null,"2024-02-29",2024,"Q1","15502","2 ","I-5: HALSEY TO LANE COUNTY LINE","0253-0106000A","TEMPORARY WORK ACCESS AND CONTAINMENT","LS",1,500,500,2]
[null,"2024-02-29",2024,"Q1","15502","2 ","I-5: HALSEY TO LANE COUNTY LINE","0253-0106000A","TEMPORARY WORK ACCESS AND CONTAINMENT","LS",1,500,500,2]
[null,"2024-02-29",2024,"Q1","15502","2 ","I-5: HALSEY TO LANE COUNTY LINE","0253-0106000A","TEMPORARY WORK ACCESS AND CONTAINMENT","LS",1,500,500,2]
[null,"2024-02-29",2024,"Q1","15506","1 ","OR35: US26 OVERCROSSING BRIDGE","0253-0106000A","TEMPORARY WORK ACCESS AND CONTAINMENT","LS",1,65000,65000,2]
[null,"2024-02-29",2024,"Q1","15502","2 ","I-5: HALSEY TO LANE COUNTY LINE","0253-0106000A","TEMPORARY WORK ACCESS AND CONTAINMENT","LS",1,500,500,2]
[null,"2024-02-29",2024,"Q1","15502","2 ","I-5: HALSEY TO LANE COUNTY LINE","0253-0106000A","TEMPORARY WORK ACCESS AND CONTAINMENT","LS",1,500,500,2]
[null,"2024-02-29",2024,"Q1","15506","1 ","OR35: US26 OVERCROSSING BRIDGE","0253-0106000A","TEMPORARY WORK ACCESS AND CONTAINMENT","LS",1,98000,98000,3]
[null,"2024-02-29",2024,"Q1","15506","1 ","OR35: US26 OVERCROSSING BRIDGE","0253-0106000A","TEMPORARY WORK ACCESS AND CONTAINMENT","LS",1,160000,160000,4]
[null,"2024-02-29",2024,"Q1","15506","1 ","OR35: US26 OVERCROSSING BRIDGE","0253-0106000A","TEMPORARY WORK ACCESS AND CONTAINMENT","LS",1,190000,190000,5]
[null,"2024-02-29",2024,"Q1","15502","2 ","I-5: HALSEY TO LANE COUNTY LINE","0280-0101000J","PLASTIC SHEETING","SQYD",1550,2,3100,1]
[null,"2024-02-29",2024,"Q1","15502","2 ","I-5: HALSEY TO LANE COUNTY LINE","0280-0101000J","PLASTIC SHEETING","SQYD",1550,2,3100,2]
[null,"2024-02-29",2024,"Q1","15502","2 ","I-5: HALSEY TO LANE COUNTY LINE","0280-0105100J","COMPOST EROSION BLANKET","SQYD",1500,5,7500,1]
[null,"2024-02-29",2024,"Q1","15502","2 ","I-5: HALSEY TO LANE COUNTY LINE","0280-0105100J","COMPOST EROSION BLANKET","SQYD",1500,5.5,8250,2]
[null,"2024-02-29",2024,"Q1","15502","2 ","I-5: HALSEY TO LANE COUNTY LINE","0280-0110010E","CONSTRUCTION ENTRANCE, TYPE 1","EACH",1,4000,4000,1]
[null,"2024-02-29",2024,"Q1","15502","2 ","I-5: HALSEY TO LANE COUNTY LINE","0280-0110010E","CONSTRUCTION ENTRANCE, TYPE 1","EACH",1,2500,2500,2]
[null,"2024-02-29",2024,"Q1","15502","2 ","I-5: HALSEY TO LANE COUNTY LINE","0280-0114030E","INLET PROTECTION, TYPE 3","EACH",4,160,640,1]
[null,"2024-02-29",2024,"Q1","15506","1 ","OR35: US26 OVERCROSSING BRIDGE","0280-0114030E","INLET PROTECTION, TYPE 3","EACH",1,325,325,1]
[null,"2024-02-29",2024,"Q1","15502","2 ","I-5: HALSEY TO LANE COUNTY LINE","0280-0114030E","INLET PROTECTION, TYPE 3","EACH",4,100,400,2]
[null,"2024-02-29",2024,"Q1","15506","1 ","OR35: US26 OVERCROSSING BRIDGE","0280-0114030E","INLET PROTECTION, TYPE 3","EACH",1,72.25,72.25,2]
[null,"2024-02-29",2024,"Q1","15506","1 ","OR35: US26 OVERCROSSING BRIDGE","0280-0114030E","INLET PROTECTION, TYPE 3","EACH",1,225,225,3]
[null,"2024-02-29",2024,"Q1","15506","1 ","OR35: US26 OVERCROSSING BRIDGE","0280-0114030E","INLET PROTECTION, TYPE 3","EACH",1,250,250,4]
[null,"2024-02-29",2024,"Q1","15506","1 ","OR35: US26 OVERCROSSING BRIDGE","0280-0114030E","INLET PROTECTION, TYPE 3","EACH",1,940,940,5]
[null,"2024-02-29",2024,"Q1","15502","2 ","I-5: HALSEY TO LANE COUNTY LINE","0280-0114040E","INLET PROTECTION, TYPE 4","EACH",77,130,10010,1]
[null,"2024-02-29",2024,"Q1","15502","2 ","I-5: HALSEY TO LANE COUNTY LINE","0280-0114040E","INLET PROTECTION, TYPE 4","EACH",77,100,7700,2]
[null,"2024-02-29",2024,"Q1","15506","1 ","OR35: US26 OVERCROSSING BRIDGE","0280-0115020E","SEDIMENT BARRIER, TYPE 2","EACH",25,60,1500,1]
[null,"2024-02-29",2024,"Q1","15506","1 ","OR35: US26 OVERCROSSING BRIDGE","0280-0115020E","SEDIMENT BARRIER, TYPE 2","EACH",25,3.7,92.5,2]
[null,"2024-02-29",2024,"Q1","15506","1 ","OR35: US26 OVERCROSSING BRIDGE","0280-0115020E","SEDIMENT BARRIER, TYPE 2","EACH",25,51,1275,3]
[null,"2024-02-29",2024,"Q1","15506","1 ","OR35: US26 OVERCROSSING BRIDGE","0280-0115020E","SEDIMENT BARRIER, TYPE 2","EACH",25,100,2500,4]
[null,"2024-02-29",2024,"Q1","15506","1 ","OR35: US26 OVERCROSSING BRIDGE","0280-0115020E","SEDIMENT BARRIER, TYPE 2","EACH",25,17,425,5]
[null,"2024-02-29",2024,"Q1","15506","1 ","OR35: US26 OVERCROSSING BRIDGE","0280-0115030F","SEDIMENT BARRIER, TYPE 3","FOOT",300,10,3000,1]
[null,"2024-02-29",2024,"Q1","15506","1 ","OR35: US26 OVERCROSSING BRIDGE","0280-0115030F","SEDIMENT BARRIER, TYPE 3","FOOT",300,3.7,1110,2]
[null,"2024-02-29",2024,"Q1","15506","1 ","OR35: US26 OVERCROSSING BRIDGE","0280-0115030F","SEDIMENT BARRIER, TYPE 3","FOOT",300,7.6,2280,3]
[null,"2024-02-29",2024,"Q1","15506","1 ","OR35: US26 OVERCROSSING BRIDGE","0280-0115030F","SEDIMENT BARRIER, TYPE 3","FOOT",300,5,1500,4]
[null,"2024-02-29",2024,"Q1","15506","1 ","OR35: US26 OVERCROSSING BRIDGE","0280-0115030F","SEDIMENT BARRIER, TYPE 3","FOOT",300,17,5100,5]
[null,"2024-02-29",2024,"Q1","15502","2 ","I-5: HALSEY TO LANE COUNTY LINE","0280-0115080F","SEDIMENT BARRIER, TYPE 8","FOOT",600,7.5,4500,1]
[null,"2024-02-29",2024,"Q1","15502","2 ","I-5: HALSEY TO LANE COUNTY LINE","0280-0115080F","SEDIMENT BARRIER, TYPE 8","FOOT",600,8,4800,2]
[null,"2024-02-29",2024,"Q1","15502","2 ","I-5: HALSEY TO LANE COUNTY LINE","0280-0119000E","STRAW BALE","EACH",10,58,580,1]
[null,"2024-02-29",2024,"Q1","15502","2 ","I-5: HALSEY TO LANE COUNTY LINE","0280-0119000E","STRAW BALE","EACH",10,50,500,2]
[null,"2024-02-29",2024,"Q1","15505","3 ","US101: REEDSPORT LANE RECONFIGURATION","0290-0100000A","POLLUTION CONTROL PLAN","LS",1,500,500,1]
[null,"2024-02-29",2024,"Q1","15506","1 ","OR35: US26 OVERCROSSING BRIDGE","0290-0100000A","POLLUTION CONTROL PLAN","LS",1,1250,1250,1]
[null,"2024-02-29",2024,"Q1","15502","2 ","I-5: HALSEY TO LANE COUNTY LINE","0290-0100000A","POLLUTION CONTROL PLAN","LS",1,500,500,1]
[null,"2024-02-29",2024,"Q1","15505","3 ","US101: REEDSPORT LANE RECONFIGURATION","0290-0100000A","POLLUTION CONTROL PLAN","LS",1,100,100,2]
[null,"2024-02-29",2024,"Q1","15506","1 ","OR35: US26 OVERCROSSING BRIDGE","0290-0100000A","POLLUTION CONTROL PLAN","LS",1,3000,3000,2]
[null,"2024-02-29",2024,"Q1","15502","2 ","I-5: HALSEY TO LANE COUNTY LINE","0290-0100000A","POLLUTION CONTROL PLAN","LS",1,500,500,2]
[null,"2024-02-29",2024,"Q1","15506","1 ","OR35: US26 OVERCROSSING BRIDGE","0290-0100000A","POLLUTION CONTROL PLAN","LS",1,2500,2500,3]
[null,"2024-02-29",2024,"Q1","15505","3 ","US101: REEDSPORT LANE RECONFIGURATION","0290-0100000A","POLLUTION CONTROL PLAN","LS",1,6500,6500,3]
[null,"2024-02-29",2024,"Q1","15506","1 ","OR35: US26 OVERCROSSING BRIDGE","0290-0100000A","POLLUTION CONTROL PLAN","LS",1,1000,1000,4]
[null,"2024-02-29",2024,"Q1","15506","1 ","OR35: US26 OVERCROSSING BRIDGE","0290-0100000A","POLLUTION CONTROL PLAN","LS",1,1470,1470,5]
[null,"2024-02-29",2024,"Q1","15502","2 ","I-5: HALSEY TO LANE COUNTY LINE","0290-0102000A","WORK CONTAINMENT PLAN","LS",1,2000,2000,1]
[null,"2024-02-29",2024,"Q1","15502","2 ","I-5: HALSEY TO LANE COUNTY LINE","0290-0102000A","WORK CONTAINMENT PLAN","LS",1,500,500,2]
[null,"2024-02-29",2024,"Q1","15505","3 ","US101: REEDSPORT LANE RECONFIGURATION","0294-0100000A","HEALTH AND SAFETY PLAN","LS",1,500,500,1]
[null,"2024-02-29",2024,"Q1","15505","3 ","US101: REEDSPORT LANE RECONFIGURATION","0294-0100000A","HEALTH AND SAFETY PLAN","LS",1,100,100,2]
[null,"2024-02-29",2024,"Q1","15505","3 ","US101: REEDSPORT LANE RECONFIGURATION","0294-0100000A","HEALTH AND SAFETY PLAN","LS",1,6500,6500,3]
[null,"2024-02-29",2024,"Q1","15505","3 ","US101: REEDSPORT LANE RECONFIGURATION","0294-0200010M","CONTAMINATED SOIL DISPOSAL","TON",10,144,1440,1]
[null,"2024-02-29",2024,"Q1","15502","2 ","I-5: HALSEY TO LANE COUNTY LINE","0294-0200010M","CONTAMINATED SOIL DISPOSAL","TON",17.5,170,2975,1]
[null,"2024-02-29",2024,"Q1","15505","3 ","US101: REEDSPORT LANE RECONFIGURATION","0294-0200010M","CONTAMINATED SOIL DISPOSAL","TON",10,400,4000,2]
[null,"2024-02-29",2024,"Q1","15502","2 ","I-5: HALSEY TO LANE COUNTY LINE","0294-0200010M","CONTAMINATED SOIL DISPOSAL","TON",17.5,200,3500,2]
[null,"2024-02-29",2024,"Q1","15505","3 ","US101: REEDSPORT LANE RECONFIGURATION","0294-0200010M","CONTAMINATED SOIL DISPOSAL","TON",10,550,5500,3]
[null,"2024-02-29",2024,"Q1","15505","3 ","US101: REEDSPORT LANE RECONFIGURATION","0294-0300000A","CONTAMINATED GROUNDWATER MOBILIZATION","LS",1,1500,1500,1]
[null,"2024-02-29",2024,"Q1","15505","3 ","US101: REEDSPORT LANE RECONFIGURATION","0294-0300000A","CONTAMINATED GROUNDWATER MOBILIZATION","LS",1,5500,5500,2]
[null,"2024-02-29",2024,"Q1","15505","3 ","US101: REEDSPORT LANE RECONFIGURATION","0294-0300000A","CONTAMINATED GROUNDWATER MOBILIZATION","LS",1,3500,3500,3]
[null,"2024-02-29",2024,"Q1","15505","3 ","US101: REEDSPORT LANE RECONFIGURATION","0294-0400000P","CONTAMINATED GROUNDWATER REMOVAL","GAL",100,15,1500,1]
[null,"2024-02-29",2024,"Q1","15505","3 ","US101: REEDSPORT LANE RECONFIGURATION","0294-0400000P","CONTAMINATED GROUNDWATER REMOVAL","GAL",100,50,5000,2]
[null,"2024-02-29",2024,"Q1","15505","3 ","US101: REEDSPORT LANE RECONFIGURATION","0294-0400000P","CONTAMINATED GROUNDWATER REMOVAL","GAL",100,150,15000,3]
[null,"2024-02-29",2024,"Q1","15502","2 ","I-5: HALSEY TO LANE COUNTY LINE","0294-0500000A","LEAD COMPLIANCE PLAN","LS",1,3700,3700,1]
[null,"2024-02-29",2024,"Q1","15502","2 ","I-5: HALSEY TO LANE COUNTY LINE","0294-0500000A","LEAD COMPLIANCE PLAN","LS",1,1000,1000,2]
[null,"2024-02-29",2024,"Q1","15505","3 ","US101: REEDSPORT LANE RECONFIGURATION","0294-0600000A","SEGREGATE AND STOCKPILE CONTAMINATED SOIL","LS",1,2000,2000,1]
[null,"2024-02-29",2024,"Q1","15502","2 ","I-5: HALSEY TO LANE COUNTY LINE","0294-0600000A","SEGREGATE AND STOCKPILE CONTAMINATED SOIL","LS",1,7500,7500,1]
[null,"2024-02-29",2024,"Q1","15502","2 ","I-5: HALSEY TO LANE COUNTY LINE","0294-0600000A","SEGREGATE AND STOCKPILE CONTAMINATED SOIL","LS",1,5000,5000,2]
[null,"2024-02-29",2024,"Q1","15505","3 ","US101: REEDSPORT LANE RECONFIGURATION","0294-0600000A","SEGREGATE AND STOCKPILE CONTAMINATED SOIL","LS",1,4000,4000,2]
[null,"2024-02-29",2024,"Q1","15505","3 ","US101: REEDSPORT LANE RECONFIGURATION","0294-0600000A","SEGREGATE AND STOCKPILE CONTAMINATED SOIL","LS",1,3500,3500,3]
[null,"2024-02-29",2024,"Q1","15505","3 ","US101: REEDSPORT LANE RECONFIGURATION","0294-0700000E","SOIL SAMPLE COLLECTION AND ANALYTICAL TESTING","EACH",2,1111,2222,1]
[null,"2024-02-29",2024,"Q1","15502","2 ","I-5: HALSEY TO LANE COUNTY LINE","0294-0700000E","SOIL SAMPLE COLLECTION AND ANALYTICAL TESTING","EACH",1,2700,2700,1]
[null,"2024-02-29",2024,"Q1","15505","3 ","US101: REEDSPORT LANE RECONFIGURATION","0294-0700000E","SOIL SAMPLE COLLECTION AND ANALYTICAL TESTING","EACH",2,800,1600,2]
[null,"2024-02-29",2024,"Q1","15502","2 ","I-5: HALSEY TO LANE COUNTY LINE","0294-0700000E","SOIL SAMPLE COLLECTION AND ANALYTICAL TESTING","EACH",1,2500,2500,2]
[null,"2024-02-29",2024,"Q1","15505","3 ","US101: REEDSPORT LANE RECONFIGURATION","0294-0700000E","SOIL SAMPLE COLLECTION AND ANALYTICAL TESTING","EACH",2,3900,7800,3]
[null,"2024-02-29",2024,"Q1","15502","2 ","I-5: HALSEY TO LANE COUNTY LINE","0310-0103000J","REMOVAL OF SURFACINGS","SQYD",890,19,16910,1]
[null,"2024-02-29",2024,"Q1","15502","2 ","I-5: HALSEY TO LANE COUNTY LINE","0310-0103000J","REMOVAL OF SURFACINGS","SQYD",890,38,33820,2]
[null,"2024-02-29",2024,"Q1","15502","2 ","I-5: HALSEY TO LANE COUNTY LINE","0310-0106000A","REMOVAL OF STRUCTURES AND OBSTRUCTIONS","LS",1,2500,2500,1]
[null,"2024-02-29",2024,"Q1","15505","3 ","US101: REEDSPORT LANE RECONFIGURATION","0310-0106000A","REMOVAL OF STRUCTURES AND OBSTRUCTIONS","LS",1,43000,43000,1]
[null,"2024-02-29",2024,"Q1","15502","2 ","I-5: HALSEY TO LANE COUNTY LINE","0310-0106000A","REMOVAL OF STRUCTURES AND OBSTRUCTIONS","LS",1,15000,15000,2]
[null,"2024-02-29",2024,"Q1","15505","3 ","US101: REEDSPORT LANE RECONFIGURATION","0310-0106000A","REMOVAL OF STRUCTURES AND OBSTRUCTIONS","LS",1,15500,15500,2]
[null,"2024-02-29",2024,"Q1","15505","3 ","US101: REEDSPORT LANE RECONFIGURATION","0310-0106000A","REMOVAL OF STRUCTURES AND OBSTRUCTIONS","LS",1,28000,28000,3]
[null,"2024-02-29",2024,"Q1","15502","2 ","I-5: HALSEY TO LANE COUNTY LINE","0310-0108000A","REMOVAL OF BARRIERS","FOOT",3260,6.1349693251533743,20000,1]
[null,"2024-02-29",2024,"Q1","15502","2 ","I-5: HALSEY TO LANE COUNTY LINE","0310-0108000A","REMOVAL OF BARRIERS","FOOT",3260,3.834355828220859,12500,2]
[null,"2024-02-29",2024,"Q1","15502","2 ","I-5: HALSEY TO LANE COUNTY LINE","0310-0113000A","REMOVAL OF GUARDRAIL","FOOT",22120,2.305605786618445,51000,1]
[null,"2024-02-29",2024,"Q1","15506","1 ","OR35: US26 OVERCROSSING BRIDGE","0310-0113000A","REMOVAL OF GUARDRAIL","FOOT",280,5.3571428571428568,1500,1]
[null,"2024-02-29",2024,"Q1","15506","1 ","OR35: US26 OVERCROSSING BRIDGE","0310-0113000A","REMOVAL OF GUARDRAIL","FOOT",280,16.071428571428573,4500,2]
[null,"2024-02-29",2024,"Q1","15502","2 ","I-5: HALSEY TO LANE COUNTY LINE","0310-0113000A","REMOVAL OF GUARDRAIL","FOOT",22120,2.4864376130198913,55000,2]
[null,"2024-02-29",2024,"Q1","15506","1 ","OR35: US26 OVERCROSSING BRIDGE","0310-0113000A","REMOVAL OF GUARDRAIL","FOOT",280,5.3571428571428568,1500,3]
[null,"2024-02-29",2024,"Q1","15506","1 ","OR35: US26 OVERCROSSING BRIDGE","0310-0113000A","REMOVAL OF GUARDRAIL","FOOT",280,5.3571428571428568,1500,4]
[null,"2024-02-29",2024,"Q1","15506","1 ","OR35: US26 OVERCROSSING BRIDGE","0310-0113000A","REMOVAL OF GUARDRAIL","FOOT",280,10.892857142857142,3050,5]
[null,"2024-02-29",2024,"Q1","15502","2 ","I-5: HALSEY TO LANE COUNTY LINE","0310-0119000F","ASPHALT PAVEMENT SAW CUTTING","FOOT",2500,3.5,8750,1]
[null,"2024-02-29",2024,"Q1","15502","2 ","I-5: HALSEY TO LANE COUNTY LINE","0310-0119000F","ASPHALT PAVEMENT SAW CUTTING","FOOT",2500,5,12500,2]
[null,"2024-02-29",2024,"Q1","15502","2 ","I-5: HALSEY TO LANE COUNTY LINE","0320-0100000A","CLEARING AND GRUBBING","ACRE",1,9200,9200,1]
[null,"2024-02-29",2024,"Q1","15502","2 ","I-5: HALSEY TO LANE COUNTY LINE","0320-0100000A","CLEARING AND GRUBBING","ACRE",1,5000,5000,2]
[null,"2024-02-29",2024,"Q1","15502","2 ","I-5: HALSEY TO LANE COUNTY LINE","0330-0105000K","GENERAL EXCAVATION","CUYD",220,79,17380,1]
[null,"2024-02-29",2024,"Q1","15502","2 ","I-5: HALSEY TO LANE COUNTY LINE","0330-0105000K","GENERAL EXCAVATION","CUYD",220,60,13200,2]
[null,"2024-02-29",2024,"Q1","15506","1 ","OR35: US26 OVERCROSSING BRIDGE","0501-0100000A","BRIDGE REMOVAL WORK","SQFT",2900,94.827586206896555,275000,1]
[null,"2024-02-29",2024,"Q1","15506","1 ","OR35: US26 OVERCROSSING BRIDGE","0501-0100000A","BRIDGE REMOVAL WORK","SQFT",2900,68.965517241379317,200000,2]
[null,"2024-02-29",2024,"Q1","15506","1 ","OR35: US26 OVERCROSSING BRIDGE","0501-0100000A","BRIDGE REMOVAL WORK","SQFT",2900,55.172413793103445,160000,3]
[null,"2024-02-29",2024,"Q1","15506","1 ","OR35: US26 OVERCROSSING BRIDGE","0501-0100000A","BRIDGE REMOVAL WORK","SQFT",2900,106.89655172413794,310000,4]
[null,"2024-02-29",2024,"Q1","15506","1 ","OR35: US26 OVERCROSSING BRIDGE","0501-0100000A","BRIDGE REMOVAL WORK","SQFT",2900,137.93103448275863,400000,5]
[null,"2024-02-29",2024,"Q1","15502","2 ","I-5: HALSEY TO LANE COUNTY LINE","0503-0102000J","BRIDGE DECK COLD PLANE PAVEMENT REMOVAL, 2-4 INCHES DEEP","SQYD",338,27,9126,1]
[null,"2024-02-29",2024,"Q1","15502","2 ","I-5: HALSEY TO LANE COUNTY LINE","0503-0102000J","BRIDGE DECK COLD PLANE PAVEMENT REMOVAL, 2-4 INCHES DEEP","SQYD",338,27,9126,1]
[null,"2024-02-29",2024,"Q1","15502","2 ","I-5: HALSEY TO LANE COUNTY LINE","0503-0102000J","BRIDGE DECK COLD PLANE PAVEMENT REMOVAL, 2-4 INCHES DEEP","SQYD",342,28,9576,1]
[null,"2024-02-29",2024,"Q1","15502","2 ","I-5: HALSEY TO LANE COUNTY LINE","0503-0102000J","BRIDGE DECK COLD PLANE PAVEMENT REMOVAL, 2-4 INCHES DEEP","SQYD",342,27,9234,1]
[null,"2024-02-29",2024,"Q1","15502","2 ","I-5: HALSEY TO LANE COUNTY LINE","0503-0102000J","BRIDGE DECK COLD PLANE PAVEMENT REMOVAL, 2-4 INCHES DEEP","SQYD",338,40,13520,2]
[null,"2024-02-29",2024,"Q1","15502","2 ","I-5: HALSEY TO LANE COUNTY LINE","0503-0102000J","BRIDGE DECK COLD PLANE PAVEMENT REMOVAL, 2-4 INCHES DEEP","SQYD",342,40,13680,2]
[null,"2024-02-29",2024,"Q1","15502","2 ","I-5: HALSEY TO LANE COUNTY LINE","0503-0102000J","BRIDGE DECK COLD PLANE PAVEMENT REMOVAL, 2-4 INCHES DEEP","SQYD",342,40,13680,2]
[null,"2024-02-29",2024,"Q1","15502","2 ","I-5: HALSEY TO LANE COUNTY LINE","0503-0102000J","BRIDGE DECK COLD PLANE PAVEMENT REMOVAL, 2-4 INCHES DEEP","SQYD",338,40,13520,2]
[null,"2024-02-29",2024,"Q1","15502","2 ","I-5: HALSEY TO LANE COUNTY LINE","0503-0103100J","BRIDGE APPROACH SLAB COLD PLANE PAVEMENT REMOVAL, 2.5 INCHES DEEP","SQYD",175,27,4725,1]
[null,"2024-02-29",2024,"Q1","15506","1 ","OR35: US26 OVERCROSSING BRIDGE","0503-0103100J","BRIDGE APPROACH SLAB COLD PLANE PAVEMENT REMOVAL, 3-7 INCHES DEEP","SQYD",300,40,12000,1]
[null,"2024-02-29",2024,"Q1","15502","2 ","I-5: HALSEY TO LANE COUNTY LINE","0503-0103100J","BRIDGE APPROACH SLAB COLD PLANE PAVEMENT REMOVAL, 2.5 INCHES DEEP","SQYD",175,29,5075,1]
[null,"2024-02-29",2024,"Q1","15502","2 ","I-5: HALSEY TO LANE COUNTY LINE","0503-0103100J","BRIDGE APPROACH SLAB COLD PLANE PAVEMENT REMOVAL, 2.5 INCHES DEEP","SQYD",177,26,4602,1]
[null,"2024-02-29",2024,"Q1","15502","2 ","I-5: HALSEY TO LANE COUNTY LINE","0503-0103100J","BRIDGE APPROACH SLAB COLD PLANE PAVEMENT REMOVAL, 2.5 INCHES DEEP","SQYD",178,33,5874,1]
[null,"2024-02-29",2024,"Q1","15502","2 ","I-5: HALSEY TO LANE COUNTY LINE","0503-0103100J","BRIDGE APPROACH SLAB COLD PLANE PAVEMENT REMOVAL, 2.5 INCHES DEEP","SQYD",178,33,5874,1]
[null,"2024-02-29",2024,"Q1","15502","2 ","I-5: HALSEY TO LANE COUNTY LINE","0503-0103100J","BRIDGE APPROACH SLAB COLD PLANE PAVEMENT REMOVAL, 2.5 INCHES DEEP","SQYD",177,26,4602,1]
[null,"2024-02-29",2024,"Q1","15502","2 ","I-5: HALSEY TO LANE COUNTY LINE","0503-0103100J","BRIDGE APPROACH SLAB COLD PLANE PAVEMENT REMOVAL, 2.5 INCHES DEEP","SQYD",178,40,7120,2]
[null,"2024-02-29",2024,"Q1","15506","1 ","OR35: US26 OVERCROSSING BRIDGE","0503-0103100J","BRIDGE APPROACH SLAB COLD PLANE PAVEMENT REMOVAL, 3-7 INCHES DEEP","SQYD",300,25.75,7725,2]
[null,"2024-02-29",2024,"Q1","15502","2 ","I-5: HALSEY TO LANE COUNTY LINE","0503-0103100J","BRIDGE APPROACH SLAB COLD PLANE PAVEMENT REMOVAL, 2.5 INCHES DEEP","SQYD",175,40,7000,2]
[null,"2024-02-29",2024,"Q1","15502","2 ","I-5: HALSEY TO LANE COUNTY LINE","0503-0103100J","BRIDGE APPROACH SLAB COLD PLANE PAVEMENT REMOVAL, 2.5 INCHES DEEP","SQYD",175,40,7000,2]
[null,"2024-02-29",2024,"Q1","15502","2 ","I-5: HALSEY TO LANE COUNTY LINE","0503-0103100J","BRIDGE APPROACH SLAB COLD PLANE PAVEMENT REMOVAL, 2.5 INCHES DEEP","SQYD",178,40,7120,2]
[null,"2024-02-29",2024,"Q1","15502","2 ","I-5: HALSEY TO LANE COUNTY LINE","0503-0103100J","BRIDGE APPROACH SLAB COLD PLANE PAVEMENT REMOVAL, 2.5 INCHES DEEP","SQYD",177,40,7080,2]
[null,"2024-02-29",2024,"Q1","15502","2 ","I-5: HALSEY TO LANE COUNTY LINE","0503-0103100J","BRIDGE APPROACH SLAB COLD PLANE PAVEMENT REMOVAL, 2.5 INCHES DEEP","SQYD",177,40,7080,2]
[null,"2024-02-29",2024,"Q1","15506","1 ","OR35: US26 OVERCROSSING BRIDGE","0503-0103100J","BRIDGE APPROACH SLAB COLD PLANE PAVEMENT REMOVAL, 3-7 INCHES DEEP","SQYD",300,21,6300,3]
[null,"2024-02-29",2024,"Q1","15506","1 ","OR35: US26 OVERCROSSING BRIDGE","0503-0103100J","BRIDGE APPROACH SLAB COLD PLANE PAVEMENT REMOVAL, 3-7 INCHES DEEP","SQYD",300,37,11100,4]
[null,"2024-02-29",2024,"Q1","15506","1 ","OR35: US26 OVERCROSSING BRIDGE","0503-0103100J","BRIDGE APPROACH SLAB COLD PLANE PAVEMENT REMOVAL, 3-7 INCHES DEEP","SQYD",300,66,19800,5]
[null,"2024-02-29",2024,"Q1","15502","2 ","I-5: HALSEY TO LANE COUNTY LINE","0504-0100000J","CLASS 2 PREPARATION","SQYD",7,320,2240,1]
[null,"2024-02-29",2024,"Q1","15502","2 ","I-5: HALSEY TO LANE COUNTY LINE","0504-0100000J","CLASS 2 PREPARATION","SQYD",7,300,2100,1]
[null,"2024-02-29",2024,"Q1","15502","2 ","I-5: HALSEY TO LANE COUNTY LINE","0504-0100000J","CLASS 2 PREPARATION","SQYD",32,300,9600,1]
[null,"2024-02-29",2024,"Q1","15502","2 ","I-5: HALSEY TO LANE COUNTY LINE","0504-0100000J","CLASS 2 PREPARATION","SQYD",32,300,9600,1]
[null,"2024-02-29",2024,"Q1","15502","2 ","I-5: HALSEY TO LANE COUNTY LINE","0504-0100000J","CLASS 2 PREPARATION","SQYD",7,300,2100,1]
[null,"2024-02-29",2024,"Q1","15502","2 ","I-5: HALSEY TO LANE COUNTY LINE","0504-0100000J","CLASS 2 PREPARATION","SQYD",7,300,2100,1]
[null,"2024-02-29",2024,"Q1","15502","2 ","I-5: HALSEY TO LANE COUNTY LINE","0504-0100000J","CLASS 2 PREPARATION","SQYD",7,350,2450,2]
[null,"2024-02-29",2024,"Q1","15502","2 ","I-5: HALSEY TO LANE COUNTY LINE","0504-0100000J","CLASS 2 PREPARATION","SQYD",32,350,11200,2]
[null,"2024-02-29",2024,"Q1","15502","2 ","I-5: HALSEY TO LANE COUNTY LINE","0504-0100000J","CLASS 2 PREPARATION","SQYD",7,350,2450,2]
[null,"2024-02-29",2024,"Q1","15502","2 ","I-5: HALSEY TO LANE COUNTY LINE","0504-0100000J","CLASS 2 PREPARATION","SQYD",32,350,11200,2]
[null,"2024-02-29",2024,"Q1","15502","2 ","I-5: HALSEY TO LANE COUNTY LINE","0504-0100000J","CLASS 2 PREPARATION","SQYD",7,350,2450,2]
[null,"2024-02-29",2024,"Q1","15502","2 ","I-5: HALSEY TO LANE COUNTY LINE","0504-0100000J","CLASS 2 PREPARATION","SQYD",7,350,2450,2]
[null,"2024-02-29",2024,"Q1","15502","2 ","I-5: HALSEY TO LANE COUNTY LINE","0504-0102000J","BONDED MEMBRANE REMOVAL","SQYD",338,18,6084,1]
[null,"2024-02-29",2024,"Q1","15502","2 ","I-5: HALSEY TO LANE COUNTY LINE","0504-0102000J","BONDED MEMBRANE REMOVAL","SQYD",342,18,6156,1]
[null,"2024-02-29",2024,"Q1","15502","2 ","I-5: HALSEY TO LANE COUNTY LINE","0504-0102000J","BONDED MEMBRANE REMOVAL","SQYD",338,18,6084,1]
[null,"2024-02-29",2024,"Q1","15502","2 ","I-5: HALSEY TO LANE COUNTY LINE","0504-0102000J","BONDED MEMBRANE REMOVAL","SQYD",342,18,6156,1]
[null,"2024-02-29",2024,"Q1","15502","2 ","I-5: HALSEY TO LANE COUNTY LINE","0504-0102000J","BONDED MEMBRANE REMOVAL","SQYD",342,30,10260,2]
[null,"2024-02-29",2024,"Q1","15502","2 ","I-5: HALSEY TO LANE COUNTY LINE","0504-0102000J","BONDED MEMBRANE REMOVAL","SQYD",342,30,10260,2]
[null,"2024-02-29",2024,"Q1","15502","2 ","I-5: HALSEY TO LANE COUNTY LINE","0504-0102000J","BONDED MEMBRANE REMOVAL","SQYD",338,30,10140,2]
[null,"2024-02-29",2024,"Q1","15502","2 ","I-5: HALSEY TO LANE COUNTY LINE","0504-0102000J","BONDED MEMBRANE REMOVAL","SQYD",338,30,10140,2]
[null,"2024-02-29",2024,"Q1","15506","1 ","OR35: US26 OVERCROSSING BRIDGE","0505-0100000J","CONCRETE DECK MICROMILLING, 1 INCH DEPTH","SQYD",500,40,20000,1]
[null,"2024-02-29",2024,"Q1","15506","1 ","OR35: US26 OVERCROSSING BRIDGE","0505-0100000J","CONCRETE DECK MICROMILLING, 1 INCH DEPTH","SQYD",500,52,26000,2]
[null,"2024-02-29",2024,"Q1","15506","1 ","OR35: US26 OVERCROSSING BRIDGE","0505-0100000J","CONCRETE DECK MICROMILLING, 1 INCH DEPTH","SQYD",500,28.5,14250,3]
[null,"2024-02-29",2024,"Q1","15506","1 ","OR35: US26 OVERCROSSING BRIDGE","0505-0100000J","CONCRETE DECK MICROMILLING, 1 INCH DEPTH","SQYD",500,47,23500,4]
[null,"2024-02-29",2024,"Q1","15506","1 ","OR35: US26 OVERCROSSING BRIDGE","0505-0100000J","CONCRETE DECK MICROMILLING, 1 INCH DEPTH","SQYD",500,68,34000,5]
[null,"2024-02-29",2024,"Q1","15506","1 ","OR35: US26 OVERCROSSING BRIDGE","0505-0102000J","DEEP CUT HYDRODEMOLITION, 1 INCH DEPTH","SQYD",500,200,100000,1]
[null,"2024-02-29",2024,"Q1","15506","1 ","OR35: US26 OVERCROSSING BRIDGE","0505-0102000J","DEEP CUT HYDRODEMOLITION, 1 INCH DEPTH","SQYD",500,211,105500,2]
[null,"2024-02-29",2024,"Q1","15506","1 ","OR35: US26 OVERCROSSING BRIDGE","0505-0102000J","DEEP CUT HYDRODEMOLITION, 1 INCH DEPTH","SQYD",500,145,72500,3]
[null,"2024-02-29",2024,"Q1","15506","1 ","OR35: US26 OVERCROSSING BRIDGE","0505-0102000J","DEEP CUT HYDRODEMOLITION, 1 INCH DEPTH","SQYD",500,121,60500,4]
[null,"2024-02-29",2024,"Q1","15506","1 ","OR35: US26 OVERCROSSING BRIDGE","0505-0102000J","DEEP CUT HYDRODEMOLITION, 1 INCH DEPTH","SQYD",500,260,130000,5]
[null,"2024-02-29",2024,"Q1","15506","1 ","OR35: US26 OVERCROSSING BRIDGE","0530-0104000A","REINFORCEMENT, GRADE 100","LB",12700,4.3307086614173231,55000,1]
[null,"2024-02-29",2024,"Q1","15506","1 ","OR35: US26 OVERCROSSING BRIDGE","0530-0104000A","REINFORCEMENT, GRADE 100","LB",12700,2.7559055118110236,35000,2]
[null,"2024-02-29",2024,"Q1","15506","1 ","OR35: US26 OVERCROSSING BRIDGE","0530-0104000A","REINFORCEMENT, GRADE 100","LB",12700,9.0551181102362204,115000,3]
[null,"2024-02-29",2024,"Q1","15506","1 ","OR35: US26 OVERCROSSING BRIDGE","0530-0104000A","REINFORCEMENT, GRADE 100","LB",12700,7.8740157480314963,100000,4]
[null,"2024-02-29",2024,"Q1","15506","1 ","OR35: US26 OVERCROSSING BRIDGE","0530-0104000A","REINFORCEMENT, GRADE 100","LB",12700,0.69291338582677164,8800,5]
[null,"2024-02-29",2024,"Q1","15506","1 ","OR35: US26 OVERCROSSING BRIDGE","0540-0203100A","DECK CONCRETE, CLASS HPC4500","CUYD",40,3250,130000,1]
[null,"2024-02-29",2024,"Q1","15506","1 ","OR35: US26 OVERCROSSING BRIDGE","0540-0203100A","DECK CONCRETE, CLASS HPC4500","CUYD",40,6250,250000,2]
[null,"2024-02-29",2024,"Q1","15506","1 ","OR35: US26 OVERCROSSING BRIDGE","0540-0203100A","DECK CONCRETE, CLASS HPC4500","CUYD",40,6250,250000,3]
[null,"2024-02-29",2024,"Q1","15506","1 ","OR35: US26 OVERCROSSING BRIDGE","0540-0203100A","DECK CONCRETE, CLASS HPC4500","CUYD",40,6250,250000,4]
[null,"2024-02-29",2024,"Q1","15506","1 ","OR35: US26 OVERCROSSING BRIDGE","0540-0203100A","DECK CONCRETE, CLASS HPC4500","CUYD",40,4500,180000,5]
[null,"2024-02-29",2024,"Q1","15506","1 ","OR35: US26 OVERCROSSING BRIDGE","0545-0100100J","REINFORCED CONCRETE BRIDGE APPROACH SLABS","SQYD",140,650,91000,1]
[null,"2024-02-29",2024,"Q1","15506","1 ","OR35: US26 OVERCROSSING BRIDGE","0545-0100100J","REINFORCED CONCRETE BRIDGE APPROACH SLABS","SQYD",140,575,80500,2]
[null,"2024-02-29",2024,"Q1","15506","1 ","OR35: US26 OVERCROSSING BRIDGE","0545-0100100J","REINFORCED CONCRETE BRIDGE APPROACH SLABS","SQYD",140,825,115500,3]
[null,"2024-02-29",2024,"Q1","15506","1 ","OR35: US26 OVERCROSSING BRIDGE","0545-0100100J","REINFORCED CONCRETE BRIDGE APPROACH SLABS","SQYD",140,740,103600,4]
[null,"2024-02-29",2024,"Q1","15506","1 ","OR35: US26 OVERCROSSING BRIDGE","0545-0100100J","REINFORCED CONCRETE BRIDGE APPROACH SLABS","SQYD",140,580,81200,5]
[null,"2024-02-29",2024,"Q1","15502","2 ","I-5: HALSEY TO LANE COUNTY LINE","0556-0300000J","FURNISH MPCO MATERIAL","SQYD",624,24,14976,1]
[null,"2024-02-29",2024,"Q1","15502","2 ","I-5: HALSEY TO LANE COUNTY LINE","0556-0300000J","FURNISH MPCO MATERIAL","SQYD",624,23,14352,1]
[null,"2024-02-29",2024,"Q1","15502","2 ","I-5: HALSEY TO LANE COUNTY LINE","0556-0300000J","FURNISH MPCO MATERIAL","SQYD",624,25,15600,2]
[null,"2024-02-29",2024,"Q1","15502","2 ","I-5: HALSEY TO LANE COUNTY LINE","0556-0300000J","FURNISH MPCO MATERIAL","SQYD",624,25,15600,2]
[null,"2024-02-29",2024,"Q1","15502","2 ","I-5: HALSEY TO LANE COUNTY LINE","0556-0500000J","CONSTRUCT MPCO","SQYD",624,23,14352,1]
[null,"2024-02-29",2024,"Q1","15502","2 ","I-5: HALSEY TO LANE COUNTY LINE","0556-0500000J","CONSTRUCT MPCO","SQYD",624,24,14976,1]
[null,"2024-02-29",2024,"Q1","15502","2 ","I-5: HALSEY TO LANE COUNTY LINE","0556-0500000J","CONSTRUCT MPCO","SQYD",624,25,15600,2]
[null,"2024-02-29",2024,"Q1","15502","2 ","I-5: HALSEY TO LANE COUNTY LINE","0556-0500000J","CONSTRUCT MPCO","SQYD",624,25,15600,2]
[null,"2024-02-29",2024,"Q1","15506","1 ","OR35: US26 OVERCROSSING BRIDGE","0559-0300000K","STRUCTURAL CONCRETE OVERLAY MATERIAL","CUYD",33,800,26400,1]
[null,"2024-02-29",2024,"Q1","15506","1 ","OR35: US26 OVERCROSSING BRIDGE","0559-0300000K","STRUCTURAL CONCRETE OVERLAY MATERIAL","CUYD",33,600,19800,2]
[null,"2024-02-29",2024,"Q1","15506","1 ","OR35: US26 OVERCROSSING BRIDGE","0559-0300000K","STRUCTURAL CONCRETE OVERLAY MATERIAL","CUYD",33,595,19635,3]
[null,"2024-02-29",2024,"Q1","15506","1 ","OR35: US26 OVERCROSSING BRIDGE","0559-0300000K","STRUCTURAL CONCRETE OVERLAY MATERIAL","CUYD",33,580,19140,4]
[null,"2024-02-29",2024,"Q1","15506","1 ","OR35: US26 OVERCROSSING BRIDGE","0559-0300000K","STRUCTURAL CONCRETE OVERLAY MATERIAL","CUYD",33,830,27390,5]
[null,"2024-02-29",2024,"Q1","15506","1 ","OR35: US26 OVERCROSSING BRIDGE","0559-0302000J","CONSTRUCT STRUCTURAL CONCRETE OVERLAY","SQYD",470,100,47000,1]
[null,"2024-02-29",2024,"Q1","15506","1 ","OR35: US26 OVERCROSSING BRIDGE","0559-0302000J","CONSTRUCT STRUCTURAL CONCRETE OVERLAY","SQYD",470,184.5,86715,2]
[null,"2024-02-29",2024,"Q1","15506","1 ","OR35: US26 OVERCROSSING BRIDGE","0559-0302000J","CONSTRUCT STRUCTURAL CONCRETE OVERLAY","SQYD",470,65,30550,3]
[null,"2024-02-29",2024,"Q1","15506","1 ","OR35: US26 OVERCROSSING BRIDGE","0559-0302000J","CONSTRUCT STRUCTURAL CONCRETE OVERLAY","SQYD",470,125,58750,4]
[null,"2024-02-29",2024,"Q1","15506","1 ","OR35: US26 OVERCROSSING BRIDGE","0559-0302000J","CONSTRUCT STRUCTURAL CONCRETE OVERLAY","SQYD",470,270,126900,5]
[null,"2024-02-29",2024,"Q1","15506","1 ","OR35: US26 OVERCROSSING BRIDGE","0559-0401000J","SAW CUT TEXTURING","SQYD",610,6,3660,1]
[null,"2024-02-29",2024,"Q1","15506","1 ","OR35: US26 OVERCROSSING BRIDGE","0559-0401000J","SAW CUT TEXTURING","SQYD",610,20,12200,2]
[null,"2024-02-29",2024,"Q1","15506","1 ","OR35: US26 OVERCROSSING BRIDGE","0559-0401000J","SAW CUT TEXTURING","SQYD",610,12,7320,3]
[null,"2024-02-29",2024,"Q1","15506","1 ","OR35: US26 OVERCROSSING BRIDGE","0559-0401000J","SAW CUT TEXTURING","SQYD",610,8,4880,4]
[null,"2024-02-29",2024,"Q1","15506","1 ","OR35: US26 OVERCROSSING BRIDGE","0559-0401000J","SAW CUT TEXTURING","SQYD",610,41,25010,5]
[null,"2024-02-29",2024,"Q1","15506","1 ","OR35: US26 OVERCROSSING BRIDGE","0584-0100000F","ELASTOMERIC CONCRETE NOSING","FOOT",180,125,22500,1]
[null,"2024-02-29",2024,"Q1","15502","2 ","I-5: HALSEY TO LANE COUNTY LINE","0584-0100000F","ELASTOMERIC CONCRETE NOSING","FOOT",44,180,7920,1]
[null,"2024-02-29",2024,"Q1","15502","2 ","I-5: HALSEY TO LANE COUNTY LINE","0584-0100000F","ELASTOMERIC CONCRETE NOSING","FOOT",44,180,7920,1]
[null,"2024-02-29",2024,"Q1","15502","2 ","I-5: HALSEY TO LANE COUNTY LINE","0584-0100000F","ELASTOMERIC CONCRETE NOSING","FOOT",44,200,8800,2]
[null,"2024-02-29",2024,"Q1","15502","2 ","I-5: HALSEY TO LANE COUNTY LINE","0584-0100000F","ELASTOMERIC CONCRETE NOSING","FOOT",44,200,8800,2]
[null,"2024-02-29",2024,"Q1","15506","1 ","OR35: US26 OVERCROSSING BRIDGE","0584-0100000F","ELASTOMERIC CONCRETE NOSING","FOOT",180,200,36000,2]
[null,"2024-02-29",2024,"Q1","15506","1 ","OR35: US26 OVERCROSSING BRIDGE","0584-0100000F","ELASTOMERIC CONCRETE NOSING","FOOT",180,215,38700,3]
[null,"2024-02-29",2024,"Q1","15506","1 ","OR35: US26 OVERCROSSING BRIDGE","0584-0100000F","ELASTOMERIC CONCRETE NOSING","FOOT",180,171,30780,4]
[null,"2024-02-29",2024,"Q1","15506","1 ","OR35: US26 OVERCROSSING BRIDGE","0584-0100000F","ELASTOMERIC CONCRETE NOSING","FOOT",180,175,31500,5]
[null,"2024-02-29",2024,"Q1","15506","1 ","OR35: US26 OVERCROSSING BRIDGE","0584-0101000K","ELASTOMERIC CONCRETE NOSING MATERIAL FOR REPAIR","CUYD",2.2000000000000002,12499.999999999998,27500,1]
[null,"2024-02-29",2024,"Q1","15506","1 ","OR35: US26 OVERCROSSING BRIDGE","0584-0101000K","ELASTOMERIC CONCRETE NOSING MATERIAL FOR REPAIR","CUYD",2.2000000000000002,4400,9680,2]
[null,"2024-02-29",2024,"Q1","15506","1 ","OR35: US26 OVERCROSSING BRIDGE","0584-0101000K","ELASTOMERIC CONCRETE NOSING MATERIAL FOR REPAIR","CUYD",2.2000000000000002,4800,10560,3]
[null,"2024-02-29",2024,"Q1","15506","1 ","OR35: US26 OVERCROSSING BRIDGE","0584-0101000K","ELASTOMERIC CONCRETE NOSING MATERIAL FOR REPAIR","CUYD",2.2000000000000002,2750,6050,4]
[null,"2024-02-29",2024,"Q1","15506","1 ","OR35: US26 OVERCROSSING BRIDGE","0584-0101000K","ELASTOMERIC CONCRETE NOSING MATERIAL FOR REPAIR","CUYD",2.2000000000000002,2800,6160,5]
[null,"2024-02-29",2024,"Q1","15506","1 ","OR35: US26 OVERCROSSING BRIDGE","0585-0206100A","POURED JOINT SEAL","FOOT",48,104.16666666666667,5000,1]
[null,"2024-02-29",2024,"Q1","15506","1 ","OR35: US26 OVERCROSSING BRIDGE","0585-0206100A","POURED JOINT SEAL","FOOT",48,40.979166666666664,1967,2]
[null,"2024-02-29",2024,"Q1","15506","1 ","OR35: US26 OVERCROSSING BRIDGE","0585-0206100A","POURED JOINT SEAL","FOOT",48,125,6000,3]
[null,"2024-02-29",2024,"Q1","15506","1 ","OR35: US26 OVERCROSSING BRIDGE","0585-0206100A","POURED JOINT SEAL","FOOT",48,36.458333333333336,1750,4]
[null,"2024-02-29",2024,"Q1","15506","1 ","OR35: US26 OVERCROSSING BRIDGE","0585-0206100A","POURED JOINT SEAL","FOOT",48,37.083333333333336,1780,5]
[null,"2024-02-29",2024,"Q1","15506","1 ","OR35: US26 OVERCROSSING BRIDGE","0585-0215000A","PRECOMPRESSED FOAM SILICONE JOINT SEAL","FOOT",48,125,6000,1]
[null,"2024-02-29",2024,"Q1","15506","1 ","OR35: US26 OVERCROSSING BRIDGE","0585-0215000A","PRECOMPRESSED FOAM SILICONE JOINT SEAL","FOOT",48,78.125,3750,2]
[null,"2024-02-29",2024,"Q1","15506","1 ","OR35: US26 OVERCROSSING BRIDGE","0585-0215000A","PRECOMPRESSED FOAM SILICONE JOINT SEAL","FOOT",48,125,6000,3]
[null,"2024-02-29",2024,"Q1","15506","1 ","OR35: US26 OVERCROSSING BRIDGE","0585-0215000A","PRECOMPRESSED FOAM SILICONE JOINT SEAL","FOOT",48,75,3600,4]
[null,"2024-02-29",2024,"Q1","15506","1 ","OR35: US26 OVERCROSSING BRIDGE","0585-0215000A","PRECOMPRESSED FOAM SILICONE JOINT SEAL","FOOT",48,76.25,3660,5]
[null,"2024-02-29",2024,"Q1","15502","2 ","I-5: HALSEY TO LANE COUNTY LINE","0585-0400000A","HOT APPLIED JOINT SEALANT","FOOT",87,28.735632183908045,2500,1]
[null,"2024-02-29",2024,"Q1","15506","1 ","OR35: US26 OVERCROSSING BRIDGE","0585-0400000A","HOT APPLIED JOINT SEALANT","FOOT",96,33.854166666666664,3250,1]
[null,"2024-02-29",2024,"Q1","15502","2 ","I-5: HALSEY TO LANE COUNTY LINE","0585-0400000A","HOT APPLIED JOINT SEALANT","FOOT",87,27.586206896551722,2400,1]
[null,"2024-02-29",2024,"Q1","15506","1 ","OR35: US26 OVERCROSSING BRIDGE","0585-0400000A","HOT APPLIED JOINT SEALANT","FOOT",96,14.729166666666666,1414,2]
[null,"2024-02-29",2024,"Q1","15502","2 ","I-5: HALSEY TO LANE COUNTY LINE","0585-0400000A","HOT APPLIED JOINT SEALANT","FOOT",87,28.735632183908045,2500,2]
[null,"2024-02-29",2024,"Q1","15502","2 ","I-5: HALSEY TO LANE COUNTY LINE","0585-0400000A","HOT APPLIED JOINT SEALANT","FOOT",87,28.735632183908045,2500,2]
[null,"2024-02-29",2024,"Q1","15506","1 ","OR35: US26 OVERCROSSING BRIDGE","0585-0400000A","HOT APPLIED JOINT SEALANT","FOOT",96,41.666666666666664,4000,3]
[null,"2024-02-29",2024,"Q1","15506","1 ","OR35: US26 OVERCROSSING BRIDGE","0585-0400000A","HOT APPLIED JOINT SEALANT","FOOT",96,23.958333333333332,2300,4]
[null,"2024-02-29",2024,"Q1","15506","1 ","OR35: US26 OVERCROSSING BRIDGE","0585-0400000A","HOT APPLIED JOINT SEALANT","FOOT",96,24.375,2340,5]
[null,"2024-02-29",2024,"Q1","15506","1 ","OR35: US26 OVERCROSSING BRIDGE","0587-0105000A","3 TUBE CURB MOUNT RAIL","FOOT",394,387.0558375634518,152500,1]
[null,"2024-02-29",2024,"Q1","15506","1 ","OR35: US26 OVERCROSSING BRIDGE","0587-0105000A","3 TUBE CURB MOUNT RAIL","FOOT",394,507.61421319796955,200000,2]
[null,"2024-02-29",2024,"Q1","15506","1 ","OR35: US26 OVERCROSSING BRIDGE","0587-0105000A","3 TUBE CURB MOUNT RAIL","FOOT",394,672.58883248730967,265000,3]
[null,"2024-02-29",2024,"Q1","15506","1 ","OR35: US26 OVERCROSSING BRIDGE","0587-0105000A","3 TUBE CURB MOUNT RAIL","FOOT",394,507.61421319796955,200000,4]
[null,"2024-02-29",2024,"Q1","15506","1 ","OR35: US26 OVERCROSSING BRIDGE","0587-0105000A","3 TUBE CURB MOUNT RAIL","FOOT",394,487.30964467005077,192000,5]
[null,"2024-02-29",2024,"Q1","15502","2 ","I-5: HALSEY TO LANE COUNTY LINE","0587-0139000A","RECTANGULAR TUBE RETROFIT","FOOT",166,102.40963855421687,17000,1]
[null,"2024-02-29",2024,"Q1","15502","2 ","I-5: HALSEY TO LANE COUNTY LINE","0587-0139000A","RECTANGULAR TUBE RETROFIT","FOOT",166,102.40963855421687,17000,1]
[null,"2024-02-29",2024,"Q1","15502","2 ","I-5: HALSEY TO LANE COUNTY LINE","0587-0139000A","RECTANGULAR TUBE RETROFIT","FOOT",166,102.40963855421687,17000,1]
[null,"2024-02-29",2024,"Q1","15502","2 ","I-5: HALSEY TO LANE COUNTY LINE","0587-0139000A","RECTANGULAR TUBE RETROFIT","FOOT",166,102.40963855421687,17000,1]
[null,"2024-02-29",2024,"Q1","15502","2 ","I-5: HALSEY TO LANE COUNTY LINE","0587-0139000A","RECTANGULAR TUBE RETROFIT","FOOT",298,104.02684563758389,31000,1]
[null,"2024-02-29",2024,"Q1","15502","2 ","I-5: HALSEY TO LANE COUNTY LINE","0587-0139000A","RECTANGULAR TUBE RETROFIT","FOOT",298,104.02684563758389,31000,1]
[null,"2024-02-29",2024,"Q1","15502","2 ","I-5: HALSEY TO LANE COUNTY LINE","0587-0139000A","RECTANGULAR TUBE RETROFIT","FOOT",298,107.38255033557047,32000,2]
[null,"2024-02-29",2024,"Q1","15502","2 ","I-5: HALSEY TO LANE COUNTY LINE","0587-0139000A","RECTANGULAR TUBE RETROFIT","FOOT",298,107.38255033557047,32000,2]
[null,"2024-02-29",2024,"Q1","15502","2 ","I-5: HALSEY TO LANE COUNTY LINE","0587-0139000A","RECTANGULAR TUBE RETROFIT","FOOT",166,102.40963855421687,17000,2]
[null,"2024-02-29",2024,"Q1","15502","2 ","I-5: HALSEY TO LANE COUNTY LINE","0587-0139000A","RECTANGULAR TUBE RETROFIT","FOOT",166,102.40963855421687,17000,2]
[null,"2024-02-29",2024,"Q1","15502","2 ","I-5: HALSEY TO LANE COUNTY LINE","0587-0139000A","RECTANGULAR TUBE RETROFIT","FOOT",166,102.40963855421687,17000,2]
[null,"2024-02-29",2024,"Q1","15502","2 ","I-5: HALSEY TO LANE COUNTY LINE","0587-0139000A","RECTANGULAR TUBE RETROFIT","FOOT",166,102.40963855421687,17000,2]
[null,"2024-02-29",2024,"Q1","15502","2 ","I-5: HALSEY TO LANE COUNTY LINE","0590-0100000J","POLYMER MEMBRANE","SQFT",3042,5,15210,1]
[null,"2024-02-29",2024,"Q1","15502","2 ","I-5: HALSEY TO LANE COUNTY LINE","0590-0100000J","POLYMER MEMBRANE","SQFT",3042,5,15210,1]
[null,"2024-02-29",2024,"Q1","15502","2 ","I-5: HALSEY TO LANE COUNTY LINE","0590-0100000J","POLYMER MEMBRANE","SQFT",3071,5,15355,1]
[null,"2024-02-29",2024,"Q1","15502","2 ","I-5: HALSEY TO LANE COUNTY LINE","0590-0100000J","POLYMER MEMBRANE","SQFT",3071,5,15355,1]
[null,"2024-02-29",2024,"Q1","15502","2 ","I-5: HALSEY TO LANE COUNTY LINE","0590-0100000J","POLYMER MEMBRANE","SQFT",3071,6,18426,2]
[null,"2024-02-29",2024,"Q1","15502","2 ","I-5: HALSEY TO LANE COUNTY LINE","0590-0100000J","POLYMER MEMBRANE","SQFT",3071,6,18426,2]
[null,"2024-02-29",2024,"Q1","15502","2 ","I-5: HALSEY TO LANE COUNTY LINE","0590-0100000J","POLYMER MEMBRANE","SQFT",3042,6,18252,2]
[null,"2024-02-29",2024,"Q1","15502","2 ","I-5: HALSEY TO LANE COUNTY LINE","0590-0100000J","POLYMER MEMBRANE","SQFT",3042,6,18252,2]
[null,"2024-02-29",2024,"Q1","15502","2 ","I-5: HALSEY TO LANE COUNTY LINE","0620-0112000J","COLD PLANE PAVEMENT REMOVAL, 2 - 4 INCHES DEEP","SQYD",1200,4,4800,1]
[null,"2024-02-29",2024,"Q1","15502","2 ","I-5: HALSEY TO LANE COUNTY LINE","0620-0112000J","COLD PLANE PAVEMENT REMOVAL, 2 - 4 INCHES DEEP","SQYD",1200,1.5,1800,2]
[null,"2024-02-29",2024,"Q1","15506","1 ","OR35: US26 OVERCROSSING BRIDGE","0620-0120000J","COLD PLANE PAVEMENT REMOVAL, 2 INCHES DEEP","SQYD",4800,7.5,36000,1]
[null,"2024-02-29",2024,"Q1","15502","2 ","I-5: HALSEY TO LANE COUNTY LINE","0620-0120000J","COLD PLANE PAVEMENT REMOVAL, 2 INCHES DEEP","SQYD",303000,1.7,515100,1]
[null,"2024-02-29",2024,"Q1","15502","2 ","I-5: HALSEY TO LANE COUNTY LINE","0620-0120000J","COLD PLANE PAVEMENT REMOVAL, 2 INCHES DEEP","SQYD",303000,1.35,409050,2]
[null,"2024-02-29",2024,"Q1","15506","1 ","OR35: US26 OVERCROSSING BRIDGE","0620-0120000J","COLD PLANE PAVEMENT REMOVAL, 2 INCHES DEEP","SQYD",4800,6,28800,2]
[null,"2024-02-29",2024,"Q1","15506","1 ","OR35: US26 OVERCROSSING BRIDGE","0620-0120000J","COLD PLANE PAVEMENT REMOVAL, 2 INCHES DEEP","SQYD",4800,4.5,21600,3]
[null,"2024-02-29",2024,"Q1","15506","1 ","OR35: US26 OVERCROSSING BRIDGE","0620-0120000J","COLD PLANE PAVEMENT REMOVAL, 2 INCHES DEEP","SQYD",4800,18,86400,4]
[null,"2024-02-29",2024,"Q1","15506","1 ","OR35: US26 OVERCROSSING BRIDGE","0620-0120000J","COLD PLANE PAVEMENT REMOVAL, 2 INCHES DEEP","SQYD",4800,8,38400,5]
[null,"2024-02-29",2024,"Q1","15502","2 ","I-5: HALSEY TO LANE COUNTY LINE","0620-0125000J","COLD PLANE PAVEMENT REMOVAL, 6 INCHES DEEP","SQYD",180000,3.9,702000,1]
[null,"2024-02-29",2024,"Q1","15502","2 ","I-5: HALSEY TO LANE COUNTY LINE","0620-0125000J","COLD PLANE PAVEMENT REMOVAL, 6 INCHES DEEP","SQYD",180000,2.7,486000,2]
[null,"2024-02-29",2024,"Q1","15505","3 ","US101: REEDSPORT LANE RECONFIGURATION","0640-0100000M","AGGREGATE BASE","TON",85,80,6800,1]
[null,"2024-02-29",2024,"Q1","15505","3 ","US101: REEDSPORT LANE RECONFIGURATION","0640-0100000M","AGGREGATE BASE","TON",85,185,15725,2]
[null,"2024-02-29",2024,"Q1","15505","3 ","US101: REEDSPORT LANE RECONFIGURATION","0640-0100000M","AGGREGATE BASE","TON",85,49,4165,3]
[null,"2024-02-29",2024,"Q1","15502","2 ","I-5: HALSEY TO LANE COUNTY LINE","0640-0101000M","AGGREGATE SHOULDERS","TON",857.2,35,30002,1]
[null,"2024-02-29",2024,"Q1","15502","2 ","I-5: HALSEY TO LANE COUNTY LINE","0640-0101000M","AGGREGATE SHOULDERS","TON",857.2,110,94292,2]
[null,"2024-02-29",2024,"Q1","15502","2 ","I-5: HALSEY TO LANE COUNTY LINE","0705-0101000M","EMULSIFIED ASPHALT IN FOG COAT","TON",90,1,90,1]
[null,"2024-02-29",2024,"Q1","15502","2 ","I-5: HALSEY TO LANE COUNTY LINE","0705-0101000M","EMULSIFIED ASPHALT IN FOG COAT","TON",90,0.01,0.9,2]
[null,"2024-02-29",2024,"Q1","15502","2 ","I-5: HALSEY TO LANE COUNTY LINE","0730-0100000M","EMULSIFIED ASPHALT FOR TACK COAT","TON",200,1,200,1]
[null,"2024-02-29",2024,"Q1","15502","2 ","I-5: HALSEY TO LANE COUNTY LINE","0730-0100000M","EMULSIFIED ASPHALT FOR TACK COAT","TON",200,0.01,2,2]
[null,"2024-02-29",2024,"Q1","15506","1 ","OR35: US26 OVERCROSSING BRIDGE","0744-0302000M","LEVEL 3, 1/2 INCH ACP MIXTURE","TON",580,185,107300,1]
[null,"2024-02-29",2024,"Q1","15505","3 ","US101: REEDSPORT LANE RECONFIGURATION","0744-0302000M","LEVEL 3, 1/2 INCH ACP MIXTURE","TON",22,600,13200,1]
[null,"2024-02-29",2024,"Q1","15506","1 ","OR35: US26 OVERCROSSING BRIDGE","0744-0302000M","LEVEL 3, 1/2 INCH ACP MIXTURE","TON",580,220.5,127890,2]
[null,"2024-02-29",2024,"Q1","15505","3 ","US101: REEDSPORT LANE RECONFIGURATION","0744-0302000M","LEVEL 3, 1/2 INCH ACP MIXTURE","TON",22,285,6270,2]
[null,"2024-02-29",2024,"Q1","15505","3 ","US101: REEDSPORT LANE RECONFIGURATION","0744-0302000M","LEVEL 3, 1/2 INCH ACP MIXTURE","TON",22,375,8250,3]
[null,"2024-02-29",2024,"Q1","15506","1 ","OR35: US26 OVERCROSSING BRIDGE","0744-0302000M","LEVEL 3, 1/2 INCH ACP MIXTURE","TON",580,185,107300,3]
[null,"2024-02-29",2024,"Q1","15506","1 ","OR35: US26 OVERCROSSING BRIDGE","0744-0302000M","LEVEL 3, 1/2 INCH ACP MIXTURE","TON",580,180,104400,4]
[null,"2024-02-29",2024,"Q1","15506","1 ","OR35: US26 OVERCROSSING BRIDGE","0744-0302000M","LEVEL 3, 1/2 INCH ACP MIXTURE","TON",580,300,174000,5]
[null,"2024-02-29",2024,"Q1","15502","2 ","I-5: HALSEY TO LANE COUNTY LINE","0745-0241000M","LEVEL 2, 1/2 INCH ACP IN TEMPORARY","TON",3400,115,391000,1]
[null,"2024-02-29",2024,"Q1","15502","2 ","I-5: HALSEY TO LANE COUNTY LINE","0745-0241000M","LEVEL 2, 1/2 INCH ACP IN TEMPORARY","TON",3400,105,357000,2]
[null,"2024-02-29",2024,"Q1","15502","2 ","I-5: HALSEY TO LANE COUNTY LINE","0745-0402000M","LEVEL 4, 1/2 INCH ACP","TON",95600,88,8412800,1]
[null,"2024-02-29",2024,"Q1","15502","2 ","I-5: HALSEY TO LANE COUNTY LINE","0745-0402000M","LEVEL 4, 1/2 INCH ACP","TON",95600,85,8126000,2]
[null,"2024-02-29",2024,"Q1","15502","2 ","I-5: HALSEY TO LANE COUNTY LINE","0745-0620000M","PG 64-22 ASPHALT IN LEVEL 2, 1/2 INCH ACP","TON",210,1,210,1]
[null,"2024-02-29",2024,"Q1","15502","2 ","I-5: HALSEY TO LANE COUNTY LINE","0745-0620000M","PG 64-22 ASPHALT IN LEVEL 2, 1/2 INCH ACP","TON",210,0.01,2.1,2]
[null,"2024-02-29",2024,"Q1","15502","2 ","I-5: HALSEY TO LANE COUNTY LINE","0745-0640100M","PG 70-22ER ASPHALT IN LEVEL 4, 1/2 INCH ACP","TON",5736,1,5736,1]
[null,"2024-02-29",2024,"Q1","15502","2 ","I-5: HALSEY TO LANE COUNTY LINE","0745-0640100M","PG 70-22ER ASPHALT IN LEVEL 4, 1/2 INCH ACP","TON",5736,0.01,57.36,2]
[null,"2024-02-29",2024,"Q1","15502","2 ","I-5: HALSEY TO LANE COUNTY LINE","0745-0900000E","CORE CORRELATION OF NUCLEAR GAUGE READINGS","EACH",5,2300,11500,1]
[null,"2024-02-29",2024,"Q1","15502","2 ","I-5: HALSEY TO LANE COUNTY LINE","0745-0900000E","CORE CORRELATION OF NUCLEAR GAUGE READINGS","EACH",5,2500,12500,2]
[null,"2024-02-29",2024,"Q1","15502","2 ","I-5: HALSEY TO LANE COUNTY LINE","0748-0103000J","6 INCH ASPHALT CONCRETE PAVEMENT REPAIR","SQYD",6000,5,30000,1]
[null,"2024-02-29",2024,"Q1","15502","2 ","I-5: HALSEY TO LANE COUNTY LINE","0748-0103000J","6 INCH ASPHALT CONCRETE PAVEMENT REPAIR","SQYD",6000,14,84000,2]
[null,"2024-02-29",2024,"Q1","15505","3 ","US101: REEDSPORT LANE RECONFIGURATION","0759-0103000F","CONCRETE CURBS, CURB AND GUTTER","FOOT",62,110,6820,1]
[null,"2024-02-29",2024,"Q1","15505","3 ","US101: REEDSPORT LANE RECONFIGURATION","0759-0103000F","CONCRETE CURBS, CURB AND GUTTER","FOOT",62,86.5,5363,2]
[null,"2024-02-29",2024,"Q1","15505","3 ","US101: REEDSPORT LANE RECONFIGURATION","0759-0103000F","CONCRETE CURBS, CURB AND GUTTER","FOOT",62,60,3720,3]
[null,"2024-02-29",2024,"Q1","15505","3 ","US101: REEDSPORT LANE RECONFIGURATION","0759-0110000F","CONCRETE CURBS, STANDARD CURB","FOOT",20,100,2000,1]
[null,"2024-02-29",2024,"Q1","15505","3 ","US101: REEDSPORT LANE RECONFIGURATION","0759-0110000F","CONCRETE CURBS, STANDARD CURB","FOOT",20,100,2000,2]
[null,"2024-02-29",2024,"Q1","15505","3 ","US101: REEDSPORT LANE RECONFIGURATION","0759-0110000F","CONCRETE CURBS, STANDARD CURB","FOOT",20,70,1400,3]
[null,"2024-02-29",2024,"Q1","15505","3 ","US101: REEDSPORT LANE RECONFIGURATION","0759-0128000J","CONCRETE WALKS","SQFT",396,17,6732,1]
[null,"2024-02-29",2024,"Q1","15505","3 ","US101: REEDSPORT LANE RECONFIGURATION","0759-0128000J","CONCRETE WALKS","SQFT",396,33.5,13266,2]
[null,"2024-02-29",2024,"Q1","15505","3 ","US101: REEDSPORT LANE RECONFIGURATION","0759-0128000J","CONCRETE WALKS","SQFT",396,28,11088,3]
[null,"2024-02-29",2024,"Q1","15505","3 ","US101: REEDSPORT LANE RECONFIGURATION","0759-0154100E","EXTRA FOR NEW CURB RAMPS","EACH",2,400,800,1]
[null,"2024-02-29",2024,"Q1","15505","3 ","US101: REEDSPORT LANE RECONFIGURATION","0759-0154100E","EXTRA FOR NEW CURB RAMPS","EACH",2,1800,3600,2]
[null,"2024-02-29",2024,"Q1","15505","3 ","US101: REEDSPORT LANE RECONFIGURATION","0759-0154100E","EXTRA FOR NEW CURB RAMPS","EACH",2,1500,3000,3]
[null,"2024-02-29",2024,"Q1","15505","3 ","US101: REEDSPORT LANE RECONFIGURATION","0759-0510000J","TRUNCATED DOMES ON NEW SURFACES","SQFT",20,68,1360,1]
[null,"2024-02-29",2024,"Q1","15505","3 ","US101: REEDSPORT LANE RECONFIGURATION","0759-0510000J","TRUNCATED DOMES ON NEW SURFACES","SQFT",20,35,700,2]
[null,"2024-02-29",2024,"Q1","15505","3 ","US101: REEDSPORT LANE RECONFIGURATION","0759-0510000J","TRUNCATED DOMES ON NEW SURFACES","SQFT",20,33,660,3]
[null,"2024-02-29",2024,"Q1","15502","2 ","I-5: HALSEY TO LANE COUNTY LINE","0810-0126000E","GUARDRAIL TRANSITION","EACH",22,4000,88000,1]
[null,"2024-02-29",2024,"Q1","15506","1 ","OR35: US26 OVERCROSSING BRIDGE","0810-0126000E","GUARDRAIL TRANSITION","EACH",4,5800,23200,1]
[null,"2024-02-29",2024,"Q1","15502","2 ","I-5: HALSEY TO LANE COUNTY LINE","0810-0126000E","GUARDRAIL TRANSITION","EACH",22,4000,88000,2]
[null,"2024-02-29",2024,"Q1","15506","1 ","OR35: US26 OVERCROSSING BRIDGE","0810-0126000E","GUARDRAIL TRANSITION","EACH",4,5000,20000,2]
[null,"2024-02-29",2024,"Q1","15506","1 ","OR35: US26 OVERCROSSING BRIDGE","0810-0126000E","GUARDRAIL TRANSITION","EACH",4,7800,31200,3]
[null,"2024-02-29",2024,"Q1","15506","1 ","OR35: US26 OVERCROSSING BRIDGE","0810-0126000E","GUARDRAIL TRANSITION","EACH",4,5800,23200,4]
[null,"2024-02-29",2024,"Q1","15506","1 ","OR35: US26 OVERCROSSING BRIDGE","0810-0126000E","GUARDRAIL TRANSITION","EACH",4,4170,16680,5]
[null,"2024-02-29",2024,"Q1","15502","2 ","I-5: HALSEY TO LANE COUNTY LINE","0810-0128000E","GUARDRAIL CONNECTIONS","EACH",2,350,700,1]
[null,"2024-02-29",2024,"Q1","15506","1 ","OR35: US26 OVERCROSSING BRIDGE","0810-0128000E","GUARDRAIL CONNECTIONS","EACH",4,500,2000,1]
[null,"2024-02-29",2024,"Q1","15506","1 ","OR35: US26 OVERCROSSING BRIDGE","0810-0128000E","GUARDRAIL CONNECTIONS","EACH",4,612,2448,2]
[null,"2024-02-29",2024,"Q1","15502","2 ","I-5: HALSEY TO LANE COUNTY LINE","0810-0128000E","GUARDRAIL CONNECTIONS","EACH",2,360,720,2]
[null,"2024-02-29",2024,"Q1","15506","1 ","OR35: US26 OVERCROSSING BRIDGE","0810-0128000E","GUARDRAIL CONNECTIONS","EACH",4,700,2800,3]
[null,"2024-02-29",2024,"Q1","15506","1 ","OR35: US26 OVERCROSSING BRIDGE","0810-0128000E","GUARDRAIL CONNECTIONS","EACH",4,500,2000,4]
[null,"2024-02-29",2024,"Q1","15506","1 ","OR35: US26 OVERCROSSING BRIDGE","0810-0128000E","GUARDRAIL CONNECTIONS","EACH",4,510,2040,5]
[null,"2024-02-29",2024,"Q1","15502","2 ","I-5: HALSEY TO LANE COUNTY LINE","0810-0129000E","GUARDRAIL TERMINALS, NON-FLARED","EACH",44,3700,162800,1]
[null,"2024-02-29",2024,"Q1","15502","2 ","I-5: HALSEY TO LANE COUNTY LINE","0810-0129000E","GUARDRAIL TERMINALS, NON-FLARED","EACH",44,3800,167200,2]
[null,"2024-02-29",2024,"Q1","15502","2 ","I-5: HALSEY TO LANE COUNTY LINE","0810-0132200E","GUARDRAIL TERMINALS, DOWNSTREAM ANCHOR TERMINAL","EACH",23,1300,29900,1]
[null,"2024-02-29",2024,"Q1","15502","2 ","I-5: HALSEY TO LANE COUNTY LINE","0810-0132200E","GUARDRAIL TERMINALS, DOWNSTREAM ANCHOR TERMINAL","EACH",23,1250,28750,2]
[null,"2024-02-29",2024,"Q1","15502","2 ","I-5: HALSEY TO LANE COUNTY LINE","0810-0145000E","EXTRA FOR HAND DUG GUARDRAIL POST HOLES","EACH",23,200,4600,1]
[null,"2024-02-29",2024,"Q1","15506","1 ","OR35: US26 OVERCROSSING BRIDGE","0810-0145000E","EXTRA FOR HAND DUG GUARDRAIL POST HOLES","EACH",4,250,1000,1]
[null,"2024-02-29",2024,"Q1","15502","2 ","I-5: HALSEY TO LANE COUNTY LINE","0810-0145000E","EXTRA FOR HAND DUG GUARDRAIL POST HOLES","EACH",23,205,4715,2]
[null,"2024-02-29",2024,"Q1","15506","1 ","OR35: US26 OVERCROSSING BRIDGE","0810-0145000E","EXTRA FOR HAND DUG GUARDRAIL POST HOLES","EACH",4,275.5,1102,2]
[null,"2024-02-29",2024,"Q1","15506","1 ","OR35: US26 OVERCROSSING BRIDGE","0810-0145000E","EXTRA FOR HAND DUG GUARDRAIL POST HOLES","EACH",4,250,1000,3]
[null,"2024-02-29",2024,"Q1","15506","1 ","OR35: US26 OVERCROSSING BRIDGE","0810-0145000E","EXTRA FOR HAND DUG GUARDRAIL POST HOLES","EACH",4,250,1000,4]
[null,"2024-02-29",2024,"Q1","15506","1 ","OR35: US26 OVERCROSSING BRIDGE","0810-0145000E","EXTRA FOR HAND DUG GUARDRAIL POST HOLES","EACH",4,230,920,5]
[null,"2024-02-29",2024,"Q1","15506","1 ","OR35: US26 OVERCROSSING BRIDGE","0810-0146100F","MIDWEST GUARDRAIL SYSTEM, TYPE 2A WEATHERIZED","FOOT",50,80,4000,1]
[null,"2024-02-29",2024,"Q1","15502","2 ","I-5: HALSEY TO LANE COUNTY LINE","0810-0146100F","MIDWEST GUARDRAIL SYSTEM, TYPE 2A","FOOT",22575,29,654675,1]
[null,"2024-02-29",2024,"Q1","15502","2 ","I-5: HALSEY TO LANE COUNTY LINE","0810-0146100F","MIDWEST GUARDRAIL SYSTEM, TYPE 3","FOOT",275,60,16500,1]
[null,"2024-02-29",2024,"Q1","15506","1 ","OR35: US26 OVERCROSSING BRIDGE","0810-0146100F","MIDWEST GUARDRAIL SYSTEM, TYPE 3 WEATHERIZED","FOOT",50,95,4750,1]
[null,"2024-02-29",2024,"Q1","15506","1 ","OR35: US26 OVERCROSSING BRIDGE","0810-0146100F","MIDWEST GUARDRAIL SYSTEM, TYPE 2A WEATHERIZED","FOOT",50,49,2450,2]
[null,"2024-02-29",2024,"Q1","15506","1 ","OR35: US26 OVERCROSSING BRIDGE","0810-0146100F","MIDWEST GUARDRAIL SYSTEM, TYPE 3 WEATHERIZED","FOOT",50,116.5,5825,2]
[null,"2024-02-29",2024,"Q1","15502","2 ","I-5: HALSEY TO LANE COUNTY LINE","0810-0146100F","MIDWEST GUARDRAIL SYSTEM, TYPE 3","FOOT",275,62,17050,2]
[null,"2024-02-29",2024,"Q1","15502","2 ","I-5: HALSEY TO LANE COUNTY LINE","0810-0146100F","MIDWEST GUARDRAIL SYSTEM, TYPE 2A","FOOT",22575,30,677250,2]
[null,"2024-02-29",2024,"Q1","15506","1 ","OR35: US26 OVERCROSSING BRIDGE","0810-0146100F","MIDWEST GUARDRAIL SYSTEM, TYPE 2A WEATHERIZED","FOOT",50,85,4250,3]
[null,"2024-02-29",2024,"Q1","15506","1 ","OR35: US26 OVERCROSSING BRIDGE","0810-0146100F","MIDWEST GUARDRAIL SYSTEM, TYPE 3 WEATHERIZED","FOOT",50,105,5250,3]
[null,"2024-02-29",2024,"Q1","15506","1 ","OR35: US26 OVERCROSSING BRIDGE","0810-0146100F","MIDWEST GUARDRAIL SYSTEM, TYPE 2A WEATHERIZED","FOOT",50,80,4000,4]
[null,"2024-02-29",2024,"Q1","15506","1 ","OR35: US26 OVERCROSSING BRIDGE","0810-0146100F","MIDWEST GUARDRAIL SYSTEM, TYPE 3 WEATHERIZED","FOOT",50,95,4750,4]
[null,"2024-02-29",2024,"Q1","15506","1 ","OR35: US26 OVERCROSSING BRIDGE","0810-0146100F","MIDWEST GUARDRAIL SYSTEM, TYPE 3 WEATHERIZED","FOOT",50,97,4850,5]
[null,"2024-02-29",2024,"Q1","15506","1 ","OR35: US26 OVERCROSSING BRIDGE","0810-0146100F","MIDWEST GUARDRAIL SYSTEM, TYPE 2A WEATHERIZED","FOOT",50,41,2050,5]
[null,"2024-02-29",2024,"Q1","15506","1 ","OR35: US26 OVERCROSSING BRIDGE","0810-0147000E","GUARDRAIL HEIGHT CONVERSION, TYPE 2A WEATHERIZED","EACH",4,1500,6000,1]
[null,"2024-02-29",2024,"Q1","15502","2 ","I-5: HALSEY TO LANE COUNTY LINE","0810-0147000E","GUARDRAIL HEIGHT CONVERSION, TYPE 2A","EACH",16,925,14800,1]
[null,"2024-02-29",2024,"Q1","15506","1 ","OR35: US26 OVERCROSSING BRIDGE","0810-0147000E","GUARDRAIL HEIGHT CONVERSION, TYPE 2A WEATHERIZED","EACH",4,1100,4400,2]
[null,"2024-02-29",2024,"Q1","15502","2 ","I-5: HALSEY TO LANE COUNTY LINE","0810-0147000E","GUARDRAIL HEIGHT CONVERSION, TYPE 2A","EACH",16,950,15200,2]
[null,"2024-02-29",2024,"Q1","15506","1 ","OR35: US26 OVERCROSSING BRIDGE","0810-0147000E","GUARDRAIL HEIGHT CONVERSION, TYPE 2A WEATHERIZED","EACH",4,1750,7000,3]
[null,"2024-02-29",2024,"Q1","15506","1 ","OR35: US26 OVERCROSSING BRIDGE","0810-0147000E","GUARDRAIL HEIGHT CONVERSION, TYPE 2A WEATHERIZED","EACH",4,1500,6000,4]
[null,"2024-02-29",2024,"Q1","15506","1 ","OR35: US26 OVERCROSSING BRIDGE","0810-0147000E","GUARDRAIL HEIGHT CONVERSION, TYPE 2A WEATHERIZED","EACH",4,920,3680,5]
[null,"2024-02-29",2024,"Q1","15502","2 ","I-5: HALSEY TO LANE COUNTY LINE","0820-0127000F","CONCRETE BARRIER, TALL","FOOT",1350,190,256500,1]
[null,"2024-02-29",2024,"Q1","15502","2 ","I-5: HALSEY TO LANE COUNTY LINE","0820-0127000F","CONCRETE BARRIER, TALL","FOOT",1350,200,270000,2]
[null,"2024-02-29",2024,"Q1","15502","2 ","I-5: HALSEY TO LANE COUNTY LINE","0820-0400000F","SECURING CONCRETE BARRIER","FOOT",1350,23,31050,1]
[null,"2024-02-29",2024,"Q1","15502","2 ","I-5: HALSEY TO LANE COUNTY LINE","0820-0400000F","SECURING CONCRETE BARRIER","FOOT",1350,25,33750,2]
[null,"2024-02-29",2024,"Q1","15502","2 ","I-5: HALSEY TO LANE COUNTY LINE","0840-0100000E","DELINEATORS, TYPE 1","EACH",394,80,31520,1]
[null,"2024-02-29",2024,"Q1","15502","2 ","I-5: HALSEY TO LANE COUNTY LINE","0840-0100000E","DELINEATORS, TYPE 1","EACH",394,80,31520,2]
[null,"2024-02-29",2024,"Q1","15506","1 ","OR35: US26 OVERCROSSING BRIDGE","0840-0104200E","DELINEATORS, TYPE 4  ALTERNATE 2","EACH",4,60,240,1]
[null,"2024-02-29",2024,"Q1","15502","2 ","I-5: HALSEY TO LANE COUNTY LINE","0840-0104200E","DELINEATORS, TYPE 4  ALTERNATE 2","EACH",114,50,5700,1]
[null,"2024-02-29",2024,"Q1","15502","2 ","I-5: HALSEY TO LANE COUNTY LINE","0840-0104200E","DELINEATORS, TYPE 4  ALTERNATE 2","EACH",114,52,5928,2]
[null,"2024-02-29",2024,"Q1","15506","1 ","OR35: US26 OVERCROSSING BRIDGE","0840-0104200E","DELINEATORS, TYPE 4  ALTERNATE 2","EACH",4,92,368,2]
[null,"2024-02-29",2024,"Q1","15506","1 ","OR35: US26 OVERCROSSING BRIDGE","0840-0104200E","DELINEATORS, TYPE 4  ALTERNATE 2","EACH",4,55,220,3]
[null,"2024-02-29",2024,"Q1","15506","1 ","OR35: US26 OVERCROSSING BRIDGE","0840-0104200E","DELINEATORS, TYPE 4  ALTERNATE 2","EACH",4,50,200,4]
[null,"2024-02-29",2024,"Q1","15506","1 ","OR35: US26 OVERCROSSING BRIDGE","0840-0104200E","DELINEATORS, TYPE 4  ALTERNATE 2","EACH",4,200,800,5]
[null,"2024-02-29",2024,"Q1","15502","2 ","I-5: HALSEY TO LANE COUNTY LINE","0840-0105000E","DELINEATORS, TYPE 5","EACH",54,18,972,1]
[null,"2024-02-29",2024,"Q1","15502","2 ","I-5: HALSEY TO LANE COUNTY LINE","0840-0105000E","DELINEATORS, TYPE 5","EACH",54,20,1080,2]
[null,"2024-02-29",2024,"Q1","15502","2 ","I-5: HALSEY TO LANE COUNTY LINE","0840-0105500E","DELINEATORS, TYPE 7","EACH",228,450,102600,1]
[null,"2024-02-29",2024,"Q1","15502","2 ","I-5: HALSEY TO LANE COUNTY LINE","0840-0105500E","DELINEATORS, TYPE 7","EACH",228,500,114000,2]
[null,"2024-02-29",2024,"Q1","15502","2 ","I-5: HALSEY TO LANE COUNTY LINE","0840-0106000E","MILEPOST MARKER POSTS","EACH",28,250,7000,1]
[null,"2024-02-29",2024,"Q1","15502","2 ","I-5: HALSEY TO LANE COUNTY LINE","0840-0106000E","MILEPOST MARKER POSTS","EACH",28,250,7000,2]
[null,"2024-02-29",2024,"Q1","15502","2 ","I-5: HALSEY TO LANE COUNTY LINE","0842-0401000E","BRIDGE IDENTIFICATION MARKERS","EACH",1,180,180,1]
[null,"2024-02-29",2024,"Q1","15506","1 ","OR35: US26 OVERCROSSING BRIDGE","0842-0401000E","BRIDGE IDENTIFICATION MARKERS","EACH",2,250,500,1]
[null,"2024-02-29",2024,"Q1","15502","2 ","I-5: HALSEY TO LANE COUNTY LINE","0842-0401000E","BRIDGE IDENTIFICATION MARKERS","EACH",1,190,190,1]
[null,"2024-02-29",2024,"Q1","15502","2 ","I-5: HALSEY TO LANE COUNTY LINE","0842-0401000E","BRIDGE IDENTIFICATION MARKERS","EACH",1,180,180,1]
[null,"2024-02-29",2024,"Q1","15502","2 ","I-5: HALSEY TO LANE COUNTY LINE","0842-0401000E","BRIDGE IDENTIFICATION MARKERS","EACH",1,180,180,1]
[null,"2024-02-29",2024,"Q1","15502","2 ","I-5: HALSEY TO LANE COUNTY LINE","0842-0401000E","BRIDGE IDENTIFICATION MARKERS","EACH",1,180,180,1]
[null,"2024-02-29",2024,"Q1","15502","2 ","I-5: HALSEY TO LANE COUNTY LINE","0842-0401000E","BRIDGE IDENTIFICATION MARKERS","EACH",1,180,180,1]
[null,"2024-02-29",2024,"Q1","15502","2 ","I-5: HALSEY TO LANE COUNTY LINE","0842-0401000E","BRIDGE IDENTIFICATION MARKERS","EACH",1,200,200,2]
[null,"2024-02-29",2024,"Q1","15502","2 ","I-5: HALSEY TO LANE COUNTY LINE","0842-0401000E","BRIDGE IDENTIFICATION MARKERS","EACH",1,200,200,2]
[null,"2024-02-29",2024,"Q1","15506","1 ","OR35: US26 OVERCROSSING BRIDGE","0842-0401000E","BRIDGE IDENTIFICATION MARKERS","EACH",2,318.5,637,2]
[null,"2024-02-29",2024,"Q1","15502","2 ","I-5: HALSEY TO LANE COUNTY LINE","0842-0401000E","BRIDGE IDENTIFICATION MARKERS","EACH",1,200,200,2]
[null,"2024-02-29",2024,"Q1","15502","2 ","I-5: HALSEY TO LANE COUNTY LINE","0842-0401000E","BRIDGE IDENTIFICATION MARKERS","EACH",1,200,200,2]
[null,"2024-02-29",2024,"Q1","15502","2 ","I-5: HALSEY TO LANE COUNTY LINE","0842-0401000E","BRIDGE IDENTIFICATION MARKERS","EACH",1,200,200,2]
[null,"2024-02-29",2024,"Q1","15502","2 ","I-5: HALSEY TO LANE COUNTY LINE","0842-0401000E","BRIDGE IDENTIFICATION MARKERS","EACH",1,200,200,2]
[null,"2024-02-29",2024,"Q1","15506","1 ","OR35: US26 OVERCROSSING BRIDGE","0842-0401000E","BRIDGE IDENTIFICATION MARKERS","EACH",2,250,500,3]
[null,"2024-02-29",2024,"Q1","15506","1 ","OR35: US26 OVERCROSSING BRIDGE","0842-0401000E","BRIDGE IDENTIFICATION MARKERS","EACH",2,250,500,4]
[null,"2024-02-29",2024,"Q1","15506","1 ","OR35: US26 OVERCROSSING BRIDGE","0842-0401000E","BRIDGE IDENTIFICATION MARKERS","EACH",2,200,400,5]
[null,"2024-02-29",2024,"Q1","15502","2 ","I-5: HALSEY TO LANE COUNTY LINE","0855-0101100E","MONO-DIRECTIONAL WHITE TYPE IAR MARKERS","EACH",24,10,240,1]
[null,"2024-02-29",2024,"Q1","15505","3 ","US101: REEDSPORT LANE RECONFIGURATION","0855-0101100E","MONO-DIRECTIONAL WHITE TYPE IAR MARKERS","EACH",68,9,612,1]
[null,"2024-02-29",2024,"Q1","15502","2 ","I-5: HALSEY TO LANE COUNTY LINE","0855-0101100E","MONO-DIRECTIONAL WHITE TYPE IAR MARKERS","EACH",24,10,240,2]
[null,"2024-02-29",2024,"Q1","15505","3 ","US101: REEDSPORT LANE RECONFIGURATION","0855-0101100E","MONO-DIRECTIONAL WHITE TYPE IAR MARKERS","EACH",68,8.5,578,2]
[null,"2024-02-29",2024,"Q1","15505","3 ","US101: REEDSPORT LANE RECONFIGURATION","0855-0101100E","MONO-DIRECTIONAL WHITE TYPE IAR MARKERS","EACH",68,7,476,3]
[null,"2024-02-29",2024,"Q1","15505","3 ","US101: REEDSPORT LANE RECONFIGURATION","0855-0103100E","BI-DIRECTIONAL YELLOW TYPE IAR MARKERS","EACH",115,9,1035,1]
[null,"2024-02-29",2024,"Q1","15505","3 ","US101: REEDSPORT LANE RECONFIGURATION","0855-0103100E","BI-DIRECTIONAL YELLOW TYPE IAR MARKERS","EACH",115,8.5,977.5,2]
[null,"2024-02-29",2024,"Q1","15505","3 ","US101: REEDSPORT LANE RECONFIGURATION","0855-0103100E","BI-DIRECTIONAL YELLOW TYPE IAR MARKERS","EACH",115,7,805,3]
[null,"2024-02-29",2024,"Q1","15502","2 ","I-5: HALSEY TO LANE COUNTY LINE","0855-0106100E","MONO-DIRECTIONAL WHITE TYPE IAR MARKERS, RECESSED","EACH",3309,17,56253,1]
[null,"2024-02-29",2024,"Q1","15502","2 ","I-5: HALSEY TO LANE COUNTY LINE","0855-0106100E","MONO-DIRECTIONAL WHITE TYPE IAR MARKERS, RECESSED","EACH",3309,18,59562,2]
[null,"2024-02-29",2024,"Q1","15506","1 ","OR35: US26 OVERCROSSING BRIDGE","0855-0107100E","BI-DIRECTIONAL YELLOW TYPE IAR MARKERS, RECESSED","EACH",28,75,2100,1]
[null,"2024-02-29",2024,"Q1","15506","1 ","OR35: US26 OVERCROSSING BRIDGE","0855-0107100E","BI-DIRECTIONAL YELLOW TYPE IAR MARKERS, RECESSED","EACH",28,165,4620,2]
[null,"2024-02-29",2024,"Q1","15506","1 ","OR35: US26 OVERCROSSING BRIDGE","0855-0107100E","BI-DIRECTIONAL YELLOW TYPE IAR MARKERS, RECESSED","EACH",28,85,2380,3]
[null,"2024-02-29",2024,"Q1","15506","1 ","OR35: US26 OVERCROSSING BRIDGE","0855-0107100E","BI-DIRECTIONAL YELLOW TYPE IAR MARKERS, RECESSED","EACH",28,75,2100,4]
[null,"2024-02-29",2024,"Q1","15506","1 ","OR35: US26 OVERCROSSING BRIDGE","0855-0107100E","BI-DIRECTIONAL YELLOW TYPE IAR MARKERS, RECESSED","EACH",28,76,2128,5]
[null,"2024-02-29",2024,"Q1","15502","2 ","I-5: HALSEY TO LANE COUNTY LINE","0855-0109100E","BI-DIRECTIONAL BLUE TYPE IAR MARKERS, RECESSED","EACH",36,55,1980,1]
[null,"2024-02-29",2024,"Q1","15502","2 ","I-5: HALSEY TO LANE COUNTY LINE","0855-0109100E","BI-DIRECTIONAL BLUE TYPE IAR MARKERS, RECESSED","EACH",36,58,2088,2]
[null,"2024-02-29",2024,"Q1","15506","1 ","OR35: US26 OVERCROSSING BRIDGE","0857-0101000L","CONTINUOUS RUMBLE STRIPS","MILE",0.2,7500,1500,1]
[null,"2024-02-29",2024,"Q1","15502","2 ","I-5: HALSEY TO LANE COUNTY LINE","0857-0101000L","CONTINUOUS RUMBLE STRIPS","MILE",25,2100,52500,1]
[null,"2024-02-29",2024,"Q1","15502","2 ","I-5: HALSEY TO LANE COUNTY LINE","0857-0101000L","CONTINUOUS RUMBLE STRIPS","MILE",25,2100,52500,2]
[null,"2024-02-29",2024,"Q1","15506","1 ","OR35: US26 OVERCROSSING BRIDGE","0857-0101000L","CONTINUOUS RUMBLE STRIPS","MILE",0.2,20500,4100,2]
[null,"2024-02-29",2024,"Q1","15506","1 ","OR35: US26 OVERCROSSING BRIDGE","0857-0101000L","CONTINUOUS RUMBLE STRIPS","MILE",0.2,8000,1600,3]
[null,"2024-02-29",2024,"Q1","15506","1 ","OR35: US26 OVERCROSSING BRIDGE","0857-0101000L","CONTINUOUS RUMBLE STRIPS","MILE",0.2,7500,1500,4]
[null,"2024-02-29",2024,"Q1","15506","1 ","OR35: US26 OVERCROSSING BRIDGE","0857-0101000L","CONTINUOUS RUMBLE STRIPS","MILE",0.2,7630,1526,5]
[null,"2024-02-29",2024,"Q1","15506","1 ","OR35: US26 OVERCROSSING BRIDGE","0857-0101500L","GAP PATTERN RUMBLE STRIPS","MILE",0.4,7500,3000,1]
[null,"2024-02-29",2024,"Q1","15502","2 ","I-5: HALSEY TO LANE COUNTY LINE","0857-0101500L","GAP PATTERN RUMBLE STRIPS","MILE",24,2100,50400,1]
[null,"2024-02-29",2024,"Q1","15502","2 ","I-5: HALSEY TO LANE COUNTY LINE","0857-0101500L","GAP PATTERN RUMBLE STRIPS","MILE",24,2100,50400,2]
[null,"2024-02-29",2024,"Q1","15506","1 ","OR35: US26 OVERCROSSING BRIDGE","0857-0101500L","GAP PATTERN RUMBLE STRIPS","MILE",0.4,20500,8200,2]
[null,"2024-02-29",2024,"Q1","15506","1 ","OR35: US26 OVERCROSSING BRIDGE","0857-0101500L","GAP PATTERN RUMBLE STRIPS","MILE",0.4,8000,3200,3]
[null,"2024-02-29",2024,"Q1","15506","1 ","OR35: US26 OVERCROSSING BRIDGE","0857-0101500L","GAP PATTERN RUMBLE STRIPS","MILE",0.4,7500,3000,4]
[null,"2024-02-29",2024,"Q1","15506","1 ","OR35: US26 OVERCROSSING BRIDGE","0857-0101500L","GAP PATTERN RUMBLE STRIPS","MILE",0.4,7630,3052,5]
[null,"2024-02-29",2024,"Q1","15506","1 ","OR35: US26 OVERCROSSING BRIDGE","0865-0116630F","THERMOPLASTIC, EXTRUDED, GROOVED, NON-PROFILED","FOOT",4200,5,21000,1]
[null,"2024-02-29",2024,"Q1","15506","1 ","OR35: US26 OVERCROSSING BRIDGE","0865-0116630F","THERMOPLASTIC, EXTRUDED, GROOVED, NON-PROFILED","FOOT",4200,6.4,26880,2]
[null,"2024-02-29",2024,"Q1","15506","1 ","OR35: US26 OVERCROSSING BRIDGE","0865-0116630F","THERMOPLASTIC, EXTRUDED, GROOVED, NON-PROFILED","FOOT",4200,5.5,23100,3]
[null,"2024-02-29",2024,"Q1","15506","1 ","OR35: US26 OVERCROSSING BRIDGE","0865-0116630F","THERMOPLASTIC, EXTRUDED, GROOVED, NON-PROFILED","FOOT",4200,5,21000,4]
[null,"2024-02-29",2024,"Q1","15506","1 ","OR35: US26 OVERCROSSING BRIDGE","0865-0116630F","THERMOPLASTIC, EXTRUDED, GROOVED, NON-PROFILED","FOOT",4200,5,21000,5]
[null,"2024-02-29",2024,"Q1","15505","3 ","US101: REEDSPORT LANE RECONFIGURATION","0865-0119600F","THERMOPLASTIC, SPRAYED, SURFACE, NON-PROFILED","FOOT",24711,1,24711,1]
[null,"2024-02-29",2024,"Q1","15505","3 ","US101: REEDSPORT LANE RECONFIGURATION","0865-0119600F","THERMOPLASTIC, SPRAYED, SURFACE, NON-PROFILED","FOOT",24711,1.5,37066.5,2]
[null,"2024-02-29",2024,"Q1","15505","3 ","US101: REEDSPORT LANE RECONFIGURATION","0865-0119600F","THERMOPLASTIC, SPRAYED, SURFACE, NON-PROFILED","FOOT",24711,1.7,42008.7,3]
[null,"2024-02-29",2024,"Q1","15502","2 ","I-5: HALSEY TO LANE COUNTY LINE","0865-0205000F","THERMOPLASTIC, WET WEATHER, SURFACE, NON-PROFILED","FOOT",2800,2.5,7000,1]
[null,"2024-02-29",2024,"Q1","15502","2 ","I-5: HALSEY TO LANE COUNTY LINE","0865-0205000F","THERMOPLASTIC, WET WEATHER, SURFACE, NON-PROFILED","FOOT",2800,2.7,7560,2]
[null,"2024-02-29",2024,"Q1","15502","2 ","I-5: HALSEY TO LANE COUNTY LINE","0865-0207000F","THERMOPLASTIC, WET WEATHER, GROOVED, NON-PROFILED","FOOT",329100,2.2999999999999998,756930,1]
[null,"2024-02-29",2024,"Q1","15502","2 ","I-5: HALSEY TO LANE COUNTY LINE","0865-0207000F","THERMOPLASTIC, WET WEATHER, GROOVED, NON-PROFILED","FOOT",329100,2.4,789840,2]
[null,"2024-02-29",2024,"Q1","15502","2 ","I-5: HALSEY TO LANE COUNTY LINE","0867-0103100E","PAVEMENT LEGEND, TYPE B-HS: ARROWS","EACH",4,450,1800,1]
[null,"2024-02-29",2024,"Q1","15505","3 ","US101: REEDSPORT LANE RECONFIGURATION","0867-0103100E","PAVEMENT LEGEND, TYPE B-HS: ARROWS","EACH",28,555,15540,1]
[null,"2024-02-29",2024,"Q1","15502","2 ","I-5: HALSEY TO LANE COUNTY LINE","0867-0103100E","PAVEMENT LEGEND, TYPE B-HS: ARROWS","EACH",4,500,2000,2]
[null,"2024-02-29",2024,"Q1","15505","3 ","US101: REEDSPORT LANE RECONFIGURATION","0867-0103100E","PAVEMENT LEGEND, TYPE B-HS: ARROWS","EACH",28,450,12600,2]
[null,"2024-02-29",2024,"Q1","15505","3 ","US101: REEDSPORT LANE RECONFIGURATION","0867-0103100E","PAVEMENT LEGEND, TYPE B-HS: ARROWS","EACH",28,375,10500,3]
[null,"2024-02-29",2024,"Q1","15505","3 ","US101: REEDSPORT LANE RECONFIGURATION","0867-0131000E","PAVEMENT LEGEND, TYPE B-HS: BICYCLE LANE STENCIL","EACH",10,500,5000,1]
[null,"2024-02-29",2024,"Q1","15505","3 ","US101: REEDSPORT LANE RECONFIGURATION","0867-0131000E","PAVEMENT LEGEND, TYPE B-HS: BICYCLE LANE STENCIL","EACH",10,400,4000,2]
[null,"2024-02-29",2024,"Q1","15505","3 ","US101: REEDSPORT LANE RECONFIGURATION","0867-0131000E","PAVEMENT LEGEND, TYPE B-HS: BICYCLE LANE STENCIL","EACH",10,345,3450,3]
[null,"2024-02-29",2024,"Q1","15505","3 ","US101: REEDSPORT LANE RECONFIGURATION","0867-0145100J","PAVEMENT BAR, TYPE B-HS","SQFT",774,14,10836,1]
[null,"2024-02-29",2024,"Q1","15502","2 ","I-5: HALSEY TO LANE COUNTY LINE","0867-0145100J","PAVEMENT BAR, TYPE B-HS","SQFT",323,18,5814,1]
[null,"2024-02-29",2024,"Q1","15502","2 ","I-5: HALSEY TO LANE COUNTY LINE","0867-0145100J","PAVEMENT BAR, TYPE B-HS","SQFT",323,18,5814,2]
[null,"2024-02-29",2024,"Q1","15505","3 ","US101: REEDSPORT LANE RECONFIGURATION","0867-0145100J","PAVEMENT BAR, TYPE B-HS","SQFT",774,15,11610,2]
[null,"2024-02-29",2024,"Q1","15505","3 ","US101: REEDSPORT LANE RECONFIGURATION","0867-0145100J","PAVEMENT BAR, TYPE B-HS","SQFT",774,14,10836,3]
[null,"2024-02-29",2024,"Q1","15505","3 ","US101: REEDSPORT LANE RECONFIGURATION","0905-0100000A","REMOVE EXISTING SIGNS","LS",1,1500,1500,1]
[null,"2024-02-29",2024,"Q1","15502","2 ","I-5: HALSEY TO LANE COUNTY LINE","0905-0100000A","REMOVE EXISTING SIGNS","LS",1,11000,11000,1]
[null,"2024-02-29",2024,"Q1","15502","2 ","I-5: HALSEY TO LANE COUNTY LINE","0905-0100000A","REMOVE EXISTING SIGNS","LS",1,55000,55000,2]
[null,"2024-02-29",2024,"Q1","15505","3 ","US101: REEDSPORT LANE RECONFIGURATION","0905-0100000A","REMOVE EXISTING SIGNS","LS",1,155,155,2]
[null,"2024-02-29",2024,"Q1","15505","3 ","US101: REEDSPORT LANE RECONFIGURATION","0905-0100000A","REMOVE EXISTING SIGNS","LS",1,300,300,3]
[null,"2024-02-29",2024,"Q1","15505","3 ","US101: REEDSPORT LANE RECONFIGURATION","0910-0100000K","WOOD SIGN POSTS","FBM",60,20,1200,1]
[null,"2024-02-29",2024,"Q1","15505","3 ","US101: REEDSPORT LANE RECONFIGURATION","0910-0100000K","WOOD SIGN POSTS","FBM",60,31,1860,2]
[null,"2024-02-29",2024,"Q1","15505","3 ","US101: REEDSPORT LANE RECONFIGURATION","0910-0100000K","WOOD SIGN POSTS","FBM",60,36,2160,3]
[null,"2024-02-29",2024,"Q1","15502","2 ","I-5: HALSEY TO LANE COUNTY LINE","0920-0100000A","SIGN SUPPORT FOOTINGS","CUYD",19,2210.5263157894738,42000,1]
[null,"2024-02-29",2024,"Q1","15502","2 ","I-5: HALSEY TO LANE COUNTY LINE","0920-0100000A","SIGN SUPPORT FOOTINGS","CUYD",19,3052.6315789473683,58000,2]
[null,"2024-02-29",2024,"Q1","15506","1 ","OR35: US26 OVERCROSSING BRIDGE","0930-0105000A","BRIDGE STRUCTURE MOUNTS","LB",360,48.611111111111114,17500,1]
[null,"2024-02-29",2024,"Q1","15506","1 ","OR35: US26 OVERCROSSING BRIDGE","0930-0105000A","BRIDGE STRUCTURE MOUNTS","LB",360,27.777777777777779,10000,2]
[null,"2024-02-29",2024,"Q1","15506","1 ","OR35: US26 OVERCROSSING BRIDGE","0930-0105000A","BRIDGE STRUCTURE MOUNTS","LB",360,27.777777777777779,10000,3]
[null,"2024-02-29",2024,"Q1","15506","1 ","OR35: US26 OVERCROSSING BRIDGE","0930-0105000A","BRIDGE STRUCTURE MOUNTS","LB",360,55.555555555555557,20000,4]
[null,"2024-02-29",2024,"Q1","15506","1 ","OR35: US26 OVERCROSSING BRIDGE","0930-0105000A","BRIDGE STRUCTURE MOUNTS","LB",360,96.666666666666671,34800,5]
[null,"2024-02-29",2024,"Q1","15502","2 ","I-5: HALSEY TO LANE COUNTY LINE","0930-0111000A","MULTI-POST BREAKAWAY SIGN SUPPORTS","LB",1900,7.8947368421052628,15000,1]
[null,"2024-02-29",2024,"Q1","15502","2 ","I-5: HALSEY TO LANE COUNTY LINE","0930-0111000A","MULTI-POST BREAKAWAY SIGN SUPPORTS","LB",1900,2.6315789473684212,5000,2]
[null,"2024-02-29",2024,"Q1","15502","2 ","I-5: HALSEY TO LANE COUNTY LINE","0930-0112000A","TRIANGULAR BASE BREAKAWAY SIGN SUPPORTS","LB",3027,9.2500825900231245,28000,1]
[null,"2024-02-29",2024,"Q1","15502","2 ","I-5: HALSEY TO LANE COUNTY LINE","0930-0112000A","TRIANGULAR BASE BREAKAWAY SIGN SUPPORTS","LB",3027,1.8169805087545425,5500,2]
[null,"2024-02-29",2024,"Q1","15502","2 ","I-5: HALSEY TO LANE COUNTY LINE","0930-0114000A","PERFORATED STEEL SQUARE TUBE SLIP BASE SIGN SUPPORTS","LB",2700,6.666666666666667,18000,1]
[null,"2024-02-29",2024,"Q1","15502","2 ","I-5: HALSEY TO LANE COUNTY LINE","0930-0114000A","PERFORATED STEEL SQUARE TUBE SLIP BASE SIGN SUPPORTS","LB",2700,1.2962962962962963,3500,2]
[null,"2024-02-29",2024,"Q1","15502","2 ","I-5: HALSEY TO LANE COUNTY LINE","0930-0117000A","PERFORATED STEEL SQUARE TUBE ANCHOR SIGN SUPPORTS","LB",1800,6.1111111111111107,11000,1]
[null,"2024-02-29",2024,"Q1","15502","2 ","I-5: HALSEY TO LANE COUNTY LINE","0930-0117000A","PERFORATED STEEL SQUARE TUBE ANCHOR SIGN SUPPORTS","LB",1800,1.6666666666666667,3000,2]
[null,"2024-02-29",2024,"Q1","15502","2 ","I-5: HALSEY TO LANE COUNTY LINE","0940-0201000J","SIGNS, STANDARD SHEETING, EXTRUDED ALUMINUM","SQFT",2750,33,90750,1]
[null,"2024-02-29",2024,"Q1","15502","2 ","I-5: HALSEY TO LANE COUNTY LINE","0940-0201000J","SIGNS, STANDARD SHEETING, EXTRUDED ALUMINUM","SQFT",2750,4.5,12375,2]
[null,"2024-02-29",2024,"Q1","15502","2 ","I-5: HALSEY TO LANE COUNTY LINE","0940-0202000J","SIGNS, STANDARD SHEETING, SHEET ALUMINUM","SQFT",1230,26,31980,1]
[null,"2024-02-29",2024,"Q1","15505","3 ","US101: REEDSPORT LANE RECONFIGURATION","0940-0202000J","SIGNS, STANDARD SHEETING, SHEET ALUMINUM","SQFT",55.5,28,1554,1]
[null,"2024-02-29",2024,"Q1","15505","3 ","US101: REEDSPORT LANE RECONFIGURATION","0940-0202000J","SIGNS, STANDARD SHEETING, SHEET ALUMINUM","SQFT",55.5,50,2775,2]
[null,"2024-02-29",2024,"Q1","15502","2 ","I-5: HALSEY TO LANE COUNTY LINE","0940-0202000J","SIGNS, STANDARD SHEETING, SHEET ALUMINUM","SQFT",1230,15.5,19065,2]
[null,"2024-02-29",2024,"Q1","15505","3 ","US101: REEDSPORT LANE RECONFIGURATION","0940-0202000J","SIGNS, STANDARD SHEETING, SHEET ALUMINUM","SQFT",55.5,30,1665,3]
[null,"2024-02-29",2024,"Q1","15502","2 ","I-5: HALSEY TO LANE COUNTY LINE","0940-0204100J","SIGNS, WIDE ANGLE SHEETING, EXTRUDED ALUMINUM","SQFT",400,37,14800,1]
[null,"2024-02-29",2024,"Q1","15502","2 ","I-5: HALSEY TO LANE COUNTY LINE","0940-0204100J","SIGNS, WIDE ANGLE SHEETING, EXTRUDED ALUMINUM","SQFT",400,6,2400,2]
[null,"2024-02-29",2024,"Q1","15505","3 ","US101: REEDSPORT LANE RECONFIGURATION","0940-0205100J","SIGNS, WIDE ANGLE SHEETING, SHEET ALUMINUM","SQFT",48,28,1344,1]
[null,"2024-02-29",2024,"Q1","15505","3 ","US101: REEDSPORT LANE RECONFIGURATION","0940-0205100J","SIGNS, WIDE ANGLE SHEETING, SHEET ALUMINUM","SQFT",48,92,4416,2]
[null,"2024-02-29",2024,"Q1","15505","3 ","US101: REEDSPORT LANE RECONFIGURATION","0940-0205100J","SIGNS, WIDE ANGLE SHEETING, SHEET ALUMINUM","SQFT",48,38,1824,3]
[null,"2024-02-29",2024,"Q1","15505","3 ","US101: REEDSPORT LANE RECONFIGURATION","0963-0102000F","42 INCH DIAMETER SIGNAL SUPPORT DRILLED SHAFT","FOOT",22,1400,30800,1]
[null,"2024-02-29",2024,"Q1","15505","3 ","US101: REEDSPORT LANE RECONFIGURATION","0963-0102000F","42 INCH DIAMETER SIGNAL SUPPORT DRILLED SHAFT","FOOT",22,418,9196,2]
[null,"2024-02-29",2024,"Q1","15505","3 ","US101: REEDSPORT LANE RECONFIGURATION","0963-0102000F","42 INCH DIAMETER SIGNAL SUPPORT DRILLED SHAFT","FOOT",22,2200,48400,3]
[null,"2024-02-29",2024,"Q1","15505","3 ","US101: REEDSPORT LANE RECONFIGURATION","0970-0100000A","POLE FOUNDATIONS","EACH",4,5500,22000,1]
[null,"2024-02-29",2024,"Q1","15505","3 ","US101: REEDSPORT LANE RECONFIGURATION","0970-0100000A","POLE FOUNDATIONS","EACH",4,3925,15700,2]
[null,"2024-02-29",2024,"Q1","15505","3 ","US101: REEDSPORT LANE RECONFIGURATION","0970-0100000A","POLE FOUNDATIONS","EACH",4,2700,10800,3]
[null,"2024-02-29",2024,"Q1","15505","3 ","US101: REEDSPORT LANE RECONFIGURATION","0970-0104000A","LUMINAIRES, LAMPS, AND BALLASTS","EACH",4,750,3000,1]
[null,"2024-02-29",2024,"Q1","15505","3 ","US101: REEDSPORT LANE RECONFIGURATION","0970-0104000A","LUMINAIRES, LAMPS, AND BALLASTS","EACH",4,550,2200,2]
[null,"2024-02-29",2024,"Q1","15505","3 ","US101: REEDSPORT LANE RECONFIGURATION","0970-0104000A","LUMINAIRES, LAMPS, AND BALLASTS","EACH",4,500,2000,3]
[null,"2024-02-29",2024,"Q1","15505","3 ","US101: REEDSPORT LANE RECONFIGURATION","0970-0105000A","SWITCHING, CONDUIT, AND WIRING","FOOT",385,168.83116883116884,65000,1]
[null,"2024-02-29",2024,"Q1","15505","3 ","US101: REEDSPORT LANE RECONFIGURATION","0970-0105000A","SWITCHING, CONDUIT, AND WIRING","FOOT",385,90.909090909090907,35000,2]
[null,"2024-02-29",2024,"Q1","15505","3 ","US101: REEDSPORT LANE RECONFIGURATION","0970-0105000A","SWITCHING, CONDUIT, AND WIRING","FOOT",385,205.83116883116884,79245,3]
[null,"2024-02-29",2024,"Q1","15505","3 ","US101: REEDSPORT LANE RECONFIGURATION","0970-0200000A","LIGHTING POLES AND ARMS","EACH",4,10000,40000,1]
[null,"2024-02-29",2024,"Q1","15505","3 ","US101: REEDSPORT LANE RECONFIGURATION","0970-0200000A","LIGHTING POLES AND ARMS","EACH",4,5725,22900,2]
[null,"2024-02-29",2024,"Q1","15505","3 ","US101: REEDSPORT LANE RECONFIGURATION","0970-0200000A","LIGHTING POLES AND ARMS","EACH",4,5625,22500,3]
[null,"2024-02-29",2024,"Q1","15505","3 ","US101: REEDSPORT LANE RECONFIGURATION","0990-0102000A","TRAFFIC SIGNAL MODIFICATION, OREGON COAST HWY. AT 19TH ST.","EACH",1,13000,13000,1]
[null,"2024-02-29",2024,"Q1","15505","3 ","US101: REEDSPORT LANE RECONFIGURATION","0990-0102000A","TRAFFIC SIGNAL MODIFICATION, OREGON COAST HWY. AT 22ND ST.","EACH",1,20000,20000,1]
[null,"2024-02-29",2024,"Q1","15505","3 ","US101: REEDSPORT LANE RECONFIGURATION","0990-0102000A","TRAFFIC SIGNAL MODIFICATION, OREGON COAST HWY. AT 19TH ST.","EACH",1,20000,20000,2]
[null,"2024-02-29",2024,"Q1","15505","3 ","US101: REEDSPORT LANE RECONFIGURATION","0990-0102000A","TRAFFIC SIGNAL MODIFICATION, OREGON COAST HWY. AT 22ND ST.","EACH",1,21250,21250,2]
[null,"2024-02-29",2024,"Q1","15505","3 ","US101: REEDSPORT LANE RECONFIGURATION","0990-0102000A","TRAFFIC SIGNAL MODIFICATION, OREGON COAST HWY. AT 19TH ST.","EACH",1,46740,46740,3]
[null,"2024-02-29",2024,"Q1","15505","3 ","US101: REEDSPORT LANE RECONFIGURATION","0990-0102000A","TRAFFIC SIGNAL MODIFICATION, OREGON COAST HWY. AT 22ND ST.","EACH",1,39960,39960,3]
[null,"2024-02-29",2024,"Q1","15505","3 ","US101: REEDSPORT LANE RECONFIGURATION","0990-0106000A","FLASHING BEACON INSTALLATION, OREGON COAST HWY. AT 20TH ST.","EACH",1,55555,55555,1]
[null,"2024-02-29",2024,"Q1","15505","3 ","US101: REEDSPORT LANE RECONFIGURATION","0990-0106000A","FLASHING BEACON INSTALLATION, OREGON COAST HWY. AT 20TH ST.","EACH",1,75700,75700,2]
[null,"2024-02-29",2024,"Q1","15505","3 ","US101: REEDSPORT LANE RECONFIGURATION","0990-0106000A","FLASHING BEACON INSTALLATION, OREGON COAST HWY. AT 20TH ST.","EACH",1,47568,47568,3]
[null,"2024-02-29",2024,"Q1","15502","2 ","I-5: HALSEY TO LANE COUNTY LINE","0990-0107000A","AUTOMATIC TRAFFIC RECORDER INSTALLATION, MP 214.5","EACH",1,16000,16000,1]
[null,"2024-02-29",2024,"Q1","15502","2 ","I-5: HALSEY TO LANE COUNTY LINE","0990-0107000A","AUTOMATIC TRAFFIC RECORDER INSTALLATION, MP 214.5","EACH",1,16500,16500,2]
[null,"2024-02-29",2024,"Q1","15502","2 ","I-5: HALSEY TO LANE COUNTY LINE","1030-0108000R","PERMANENT SEEDING","ACRE",0.5,4200,2100,1]
[null,"2024-02-29",2024,"Q1","15502","2 ","I-5: HALSEY TO LANE COUNTY LINE","1030-0108000R","PERMANENT SEEDING","ACRE",0.5,5000,2500,2]
[null,"2024-02-22",2024,"Q1","15498","2 ","I-5: AURORA DONALD INTERCHANGE (EXIT 278) PHASE 2","0100-0101000T","TRAINING","HOUR",9300,20,186000,1]
[null,"2024-02-22",2024,"Q1","15498","2 ","I-5: AURORA DONALD INTERCHANGE (EXIT 278) PHASE 2","0100-0101000T","TRAINING","HOUR",9300,20,186000,2]
[null,"2024-02-22",2024,"Q1","15498","2 ","I-5: AURORA DONALD INTERCHANGE (EXIT 278) PHASE 2","0100-0101000T","TRAINING","HOUR",9300,20,186000,3]
[null,"2024-02-22",2024,"Q1","15498","2 ","I-5: AURORA DONALD INTERCHANGE (EXIT 278) PHASE 2","0100-0101000T","TRAINING","HOUR",9300,20,186000,4]
[null,"2024-02-22",2024,"Q1","15498","2 ","I-5: AURORA DONALD INTERCHANGE (EXIT 278) PHASE 2","0100-0101000T","TRAINING","HOUR",9300,20,186000,5]
[null,"2024-02-22",2024,"Q1","15498","2 ","I-5: AURORA DONALD INTERCHANGE (EXIT 278) PHASE 2","0100-0101000T","TRAINING","HOUR",9300,20,186000,6]
[null,"2024-02-22",2024,"Q1","15498","2 ","I-5: AURORA DONALD INTERCHANGE (EXIT 278) PHASE 2","0100-0101000T","TRAINING","HOUR",9300,20,186000,7]
[null,"2024-02-22",2024,"Q1","15498","2 ","I-5: AURORA DONALD INTERCHANGE (EXIT 278) PHASE 2","0222-0102000J","TEMPORARY SIGNS","SQFT",5000,25,125000,1]
[null,"2024-02-22",2024,"Q1","15498","2 ","I-5: AURORA DONALD INTERCHANGE (EXIT 278) PHASE 2","0222-0102000J","TEMPORARY SIGNS","SQFT",5000,40,200000,2]
[null,"2024-02-22",2024,"Q1","15498","2 ","I-5: AURORA DONALD INTERCHANGE (EXIT 278) PHASE 2","0222-0102000J","TEMPORARY SIGNS","SQFT",5000,28,140000,3]
[null,"2024-02-22",2024,"Q1","15498","2 ","I-5: AURORA DONALD INTERCHANGE (EXIT 278) PHASE 2","0222-0102000J","TEMPORARY SIGNS","SQFT",5000,27,135000,4]
[null,"2024-02-22",2024,"Q1","15498","2 ","I-5: AURORA DONALD INTERCHANGE (EXIT 278) PHASE 2","0222-0102000J","TEMPORARY SIGNS","SQFT",5000,25,125000,5]
[null,"2024-02-22",2024,"Q1","15498","2 ","I-5: AURORA DONALD INTERCHANGE (EXIT 278) PHASE 2","0222-0102000J","TEMPORARY SIGNS","SQFT",5000,35,175000,6]
[null,"2024-02-22",2024,"Q1","15498","2 ","I-5: AURORA DONALD INTERCHANGE (EXIT 278) PHASE 2","0222-0102000J","TEMPORARY SIGNS","SQFT",5000,25,125000,7]
[null,"2024-02-22",2024,"Q1","15498","2 ","I-5: AURORA DONALD INTERCHANGE (EXIT 278) PHASE 2","0222-0162000E","SEQUENTIAL ARROW SIGNS","EACH",2,7000,14000,1]
[null,"2024-02-22",2024,"Q1","15498","2 ","I-5: AURORA DONALD INTERCHANGE (EXIT 278) PHASE 2","0222-0162000E","SEQUENTIAL ARROW SIGNS","EACH",2,6000,12000,2]
[null,"2024-02-22",2024,"Q1","15498","2 ","I-5: AURORA DONALD INTERCHANGE (EXIT 278) PHASE 2","0222-0162000E","SEQUENTIAL ARROW SIGNS","EACH",2,10000,20000,3]
[null,"2024-02-22",2024,"Q1","15498","2 ","I-5: AURORA DONALD INTERCHANGE (EXIT 278) PHASE 2","0222-0162000E","SEQUENTIAL ARROW SIGNS","EACH",2,9000,18000,4]
[null,"2024-02-22",2024,"Q1","15498","2 ","I-5: AURORA DONALD INTERCHANGE (EXIT 278) PHASE 2","0222-0162000E","SEQUENTIAL ARROW SIGNS","EACH",2,5000,10000,5]
[null,"2024-02-22",2024,"Q1","15498","2 ","I-5: AURORA DONALD INTERCHANGE (EXIT 278) PHASE 2","0222-0162000E","SEQUENTIAL ARROW SIGNS","EACH",2,5500,11000,6]
[null,"2024-02-22",2024,"Q1","15498","2 ","I-5: AURORA DONALD INTERCHANGE (EXIT 278) PHASE 2","0222-0162000E","SEQUENTIAL ARROW SIGNS","EACH",2,11500,23000,7]
[null,"2024-02-22",2024,"Q1","15498","2 ","I-5: AURORA DONALD INTERCHANGE (EXIT 278) PHASE 2","0222-0164000E","PORTABLE CHANGEABLE MESSAGE SIGNS","EACH",10,16500,165000,1]
[null,"2024-02-22",2024,"Q1","15498","2 ","I-5: AURORA DONALD INTERCHANGE (EXIT 278) PHASE 2","0222-0164000E","PORTABLE CHANGEABLE MESSAGE SIGNS","EACH",10,19000,190000,2]
[null,"2024-02-22",2024,"Q1","15498","2 ","I-5: AURORA DONALD INTERCHANGE (EXIT 278) PHASE 2","0222-0164000E","PORTABLE CHANGEABLE MESSAGE SIGNS","EACH",10,7000,70000,3]
[null,"2024-02-22",2024,"Q1","15498","2 ","I-5: AURORA DONALD INTERCHANGE (EXIT 278) PHASE 2","0222-0164000E","PORTABLE CHANGEABLE MESSAGE SIGNS","EACH",10,16000,160000,4]
[null,"2024-02-22",2024,"Q1","15498","2 ","I-5: AURORA DONALD INTERCHANGE (EXIT 278) PHASE 2","0222-0164000E","PORTABLE CHANGEABLE MESSAGE SIGNS","EACH",10,8000,80000,5]
[null,"2024-02-22",2024,"Q1","15498","2 ","I-5: AURORA DONALD INTERCHANGE (EXIT 278) PHASE 2","0222-0164000E","PORTABLE CHANGEABLE MESSAGE SIGNS","EACH",10,17500,175000,6]
[null,"2024-02-22",2024,"Q1","15498","2 ","I-5: AURORA DONALD INTERCHANGE (EXIT 278) PHASE 2","0222-0164000E","PORTABLE CHANGEABLE MESSAGE SIGNS","EACH",10,20700,207000,7]
[null,"2024-02-22",2024,"Q1","15498","2 ","I-5: AURORA DONALD INTERCHANGE (EXIT 278) PHASE 2","0222-0167500E","RADAR SPEED TRAILER","EACH",4,10000,40000,1]
[null,"2024-02-22",2024,"Q1","15498","2 ","I-5: AURORA DONALD INTERCHANGE (EXIT 278) PHASE 2","0222-0167500E","RADAR SPEED TRAILER","EACH",4,9000,36000,2]
[null,"2024-02-22",2024,"Q1","15498","2 ","I-5: AURORA DONALD INTERCHANGE (EXIT 278) PHASE 2","0222-0167500E","RADAR SPEED TRAILER","EACH",4,9500,38000,3]
[null,"2024-02-22",2024,"Q1","15498","2 ","I-5: AURORA DONALD INTERCHANGE (EXIT 278) PHASE 2","0222-0167500E","RADAR SPEED TRAILER","EACH",4,15000,60000,4]
[null,"2024-02-22",2024,"Q1","15498","2 ","I-5: AURORA DONALD INTERCHANGE (EXIT 278) PHASE 2","0222-0167500E","RADAR SPEED TRAILER","EACH",4,10000,40000,5]
[null,"2024-02-22",2024,"Q1","15498","2 ","I-5: AURORA DONALD INTERCHANGE (EXIT 278) PHASE 2","0222-0167500E","RADAR SPEED TRAILER","EACH",4,8000,32000,6]
[null,"2024-02-22",2024,"Q1","15498","2 ","I-5: AURORA DONALD INTERCHANGE (EXIT 278) PHASE 2","0222-0167500E","RADAR SPEED TRAILER","EACH",4,15700,62800,7]
[null,"2024-02-22",2024,"Q1","15498","2 ","I-5: AURORA DONALD INTERCHANGE (EXIT 278) PHASE 2","0223-0168000T","FLAGGERS","HOUR",2500,68.900000000000006,172250,1]
[null,"2024-02-22",2024,"Q1","15498","2 ","I-5: AURORA DONALD INTERCHANGE (EXIT 278) PHASE 2","0223-0168000T","FLAGGERS","HOUR",2500,72,180000,2]
[null,"2024-02-22",2024,"Q1","15498","2 ","I-5: AURORA DONALD INTERCHANGE (EXIT 278) PHASE 2","0223-0168000T","FLAGGERS","HOUR",2500,75,187500,3]
[null,"2024-02-22",2024,"Q1","15498","2 ","I-5: AURORA DONALD INTERCHANGE (EXIT 278) PHASE 2","0223-0168000T","FLAGGERS","HOUR",2500,70,175000,4]
[null,"2024-02-22",2024,"Q1","15498","2 ","I-5: AURORA DONALD INTERCHANGE (EXIT 278) PHASE 2","0223-0168000T","FLAGGERS","HOUR",2500,70,175000,5]
[null,"2024-02-22",2024,"Q1","15498","2 ","I-5: AURORA DONALD INTERCHANGE (EXIT 278) PHASE 2","0223-0168000T","FLAGGERS","HOUR",2500,64,160000,6]
[null,"2024-02-22",2024,"Q1","15498","2 ","I-5: AURORA DONALD INTERCHANGE (EXIT 278) PHASE 2","0223-0168000T","FLAGGERS","HOUR",2500,69,172500,7]
[null,"2024-02-22",2024,"Q1","15498","2 ","I-5: AURORA DONALD INTERCHANGE (EXIT 278) PHASE 2","0223-0168100E","FLAGGER STATION LIGHTING","EACH",6,3540,21240,1]
[null,"2024-02-22",2024,"Q1","15498","2 ","I-5: AURORA DONALD INTERCHANGE (EXIT 278) PHASE 2","0223-0168100E","FLAGGER STATION LIGHTING","EACH",6,4200,25200,2]
[null,"2024-02-22",2024,"Q1","15498","2 ","I-5: AURORA DONALD INTERCHANGE (EXIT 278) PHASE 2","0223-0168100E","FLAGGER STATION LIGHTING","EACH",6,4500,27000,3]
[null,"2024-02-22",2024,"Q1","15498","2 ","I-5: AURORA DONALD INTERCHANGE (EXIT 278) PHASE 2","0223-0168100E","FLAGGER STATION LIGHTING","EACH",6,300,1800,4]
[null,"2024-02-22",2024,"Q1","15498","2 ","I-5: AURORA DONALD INTERCHANGE (EXIT 278) PHASE 2","0223-0168100E","FLAGGER STATION LIGHTING","EACH",6,1200,7200,5]
[null,"2024-02-22",2024,"Q1","15498","2 ","I-5: AURORA DONALD INTERCHANGE (EXIT 278) PHASE 2","0223-0168100E","FLAGGER STATION LIGHTING","EACH",6,1750,10500,6]
[null,"2024-02-22",2024,"Q1","15498","2 ","I-5: AURORA DONALD INTERCHANGE (EXIT 278) PHASE 2","0223-0168100E","FLAGGER STATION LIGHTING","EACH",6,4000,24000,7]
[null,"2024-02-22",2024,"Q1","15498","2 ","I-5: AURORA DONALD INTERCHANGE (EXIT 278) PHASE 2","0223-0169000E","TRAFFIC CONTROL SUPERVISOR","EACH",520,830,431600,1]
[null,"2024-02-22",2024,"Q1","15498","2 ","I-5: AURORA DONALD INTERCHANGE (EXIT 278) PHASE 2","0223-0169000E","TRAFFIC CONTROL SUPERVISOR","EACH",520,750,390000,2]
[null,"2024-02-22",2024,"Q1","15498","2 ","I-5: AURORA DONALD INTERCHANGE (EXIT 278) PHASE 2","0223-0169000E","TRAFFIC CONTROL SUPERVISOR","EACH",520,950,494000,3]
[null,"2024-02-22",2024,"Q1","15498","2 ","I-5: AURORA DONALD INTERCHANGE (EXIT 278) PHASE 2","0223-0169000E","TRAFFIC CONTROL SUPERVISOR","EACH",520,1200,624000,4]
[null,"2024-02-22",2024,"Q1","15498","2 ","I-5: AURORA DONALD INTERCHANGE (EXIT 278) PHASE 2","0223-0169000E","TRAFFIC CONTROL SUPERVISOR","EACH",520,750,390000,5]
[null,"2024-02-22",2024,"Q1","15498","2 ","I-5: AURORA DONALD INTERCHANGE (EXIT 278) PHASE 2","0223-0169000E","TRAFFIC CONTROL SUPERVISOR","EACH",520,1000,520000,6]
[null,"2024-02-22",2024,"Q1","15498","2 ","I-5: AURORA DONALD INTERCHANGE (EXIT 278) PHASE 2","0223-0169000E","TRAFFIC CONTROL SUPERVISOR","EACH",520,1200,624000,7]
[null,"2024-02-22",2024,"Q1","15498","2 ","I-5: AURORA DONALD INTERCHANGE (EXIT 278) PHASE 2","0223-0169500T","BPA SAFETY WATCHER","HOUR",400,131,52400,1]
[null,"2024-02-22",2024,"Q1","15498","2 ","I-5: AURORA DONALD INTERCHANGE (EXIT 278) PHASE 2","0223-0169500T","BPA SAFETY WATCHER","HOUR",400,170,68000,2]
[null,"2024-02-22",2024,"Q1","15498","2 ","I-5: AURORA DONALD INTERCHANGE (EXIT 278) PHASE 2","0223-0169500T","BPA SAFETY WATCHER","HOUR",400,150,60000,3]
[null,"2024-02-22",2024,"Q1","15498","2 ","I-5: AURORA DONALD INTERCHANGE (EXIT 278) PHASE 2","0223-0169500T","BPA SAFETY WATCHER","HOUR",400,125,50000,4]
[null,"2024-02-22",2024,"Q1","15498","2 ","I-5: AURORA DONALD INTERCHANGE (EXIT 278) PHASE 2","0223-0169500T","BPA SAFETY WATCHER","HOUR",400,160,64000,5]
[null,"2024-02-22",2024,"Q1","15498","2 ","I-5: AURORA DONALD INTERCHANGE (EXIT 278) PHASE 2","0223-0169500T","BPA SAFETY WATCHER","HOUR",400,145,58000,6]
[null,"2024-02-22",2024,"Q1","15498","2 ","I-5: AURORA DONALD INTERCHANGE (EXIT 278) PHASE 2","0223-0169500T","BPA SAFETY WATCHER","HOUR",400,150,60000,7]
[null,"2024-02-22",2024,"Q1","15498","2 ","I-5: AURORA DONALD INTERCHANGE (EXIT 278) PHASE 2","0224-0104000E","TEMPORARY BARRICADES, TYPE II","EACH",40,91.5,3660,1]
[null,"2024-02-22",2024,"Q1","15498","2 ","I-5: AURORA DONALD INTERCHANGE (EXIT 278) PHASE 2","0224-0104000E","TEMPORARY BARRICADES, TYPE II","EACH",40,70,2800,2]
[null,"2024-02-22",2024,"Q1","15498","2 ","I-5: AURORA DONALD INTERCHANGE (EXIT 278) PHASE 2","0224-0104000E","TEMPORARY BARRICADES, TYPE II","EACH",40,90,3600,3]
[null,"2024-02-22",2024,"Q1","15498","2 ","I-5: AURORA DONALD INTERCHANGE (EXIT 278) PHASE 2","0224-0104000E","TEMPORARY BARRICADES, TYPE II","EACH",40,100,4000,4]
[null,"2024-02-22",2024,"Q1","15498","2 ","I-5: AURORA DONALD INTERCHANGE (EXIT 278) PHASE 2","0224-0104000E","TEMPORARY BARRICADES, TYPE II","EACH",40,25,1000,5]
[null,"2024-02-22",2024,"Q1","15498","2 ","I-5: AURORA DONALD INTERCHANGE (EXIT 278) PHASE 2","0224-0104000E","TEMPORARY BARRICADES, TYPE II","EACH",40,65,2600,6]
[null,"2024-02-22",2024,"Q1","15498","2 ","I-5: AURORA DONALD INTERCHANGE (EXIT 278) PHASE 2","0224-0104000E","TEMPORARY BARRICADES, TYPE II","EACH",40,50,2000,7]
[null,"2024-02-22",2024,"Q1","15498","2 ","I-5: AURORA DONALD INTERCHANGE (EXIT 278) PHASE 2","0224-0105000E","TEMPORARY BARRICADES, TYPE III","EACH",60,286,17160,1]
[null,"2024-02-22",2024,"Q1","15498","2 ","I-5: AURORA DONALD INTERCHANGE (EXIT 278) PHASE 2","0224-0105000E","TEMPORARY BARRICADES, TYPE III","EACH",60,275,16500,2]
[null,"2024-02-22",2024,"Q1","15498","2 ","I-5: AURORA DONALD INTERCHANGE (EXIT 278) PHASE 2","0224-0105000E","TEMPORARY BARRICADES, TYPE III","EACH",60,275,16500,3]
[null,"2024-02-22",2024,"Q1","15498","2 ","I-5: AURORA DONALD INTERCHANGE (EXIT 278) PHASE 2","0224-0105000E","TEMPORARY BARRICADES, TYPE III","EACH",60,150,9000,4]
[null,"2024-02-22",2024,"Q1","15498","2 ","I-5: AURORA DONALD INTERCHANGE (EXIT 278) PHASE 2","0224-0105000E","TEMPORARY BARRICADES, TYPE III","EACH",60,200,12000,5]
[null,"2024-02-22",2024,"Q1","15498","2 ","I-5: AURORA DONALD INTERCHANGE (EXIT 278) PHASE 2","0224-0105000E","TEMPORARY BARRICADES, TYPE III","EACH",60,250,15000,6]
[null,"2024-02-22",2024,"Q1","15498","2 ","I-5: AURORA DONALD INTERCHANGE (EXIT 278) PHASE 2","0224-0105000E","TEMPORARY BARRICADES, TYPE III","EACH",60,250,15000,7]
[null,"2024-02-22",2024,"Q1","15498","2 ","I-5: AURORA DONALD INTERCHANGE (EXIT 278) PHASE 2","0224-0145000E","TEMPORARY PLASTIC DRUMS","EACH",700,66.81,46767,1]
[null,"2024-02-22",2024,"Q1","15498","2 ","I-5: AURORA DONALD INTERCHANGE (EXIT 278) PHASE 2","0224-0145000E","TEMPORARY PLASTIC DRUMS","EACH",700,70,49000,2]
[null,"2024-02-22",2024,"Q1","15498","2 ","I-5: AURORA DONALD INTERCHANGE (EXIT 278) PHASE 2","0224-0145000E","TEMPORARY PLASTIC DRUMS","EACH",700,65,45500,3]
[null,"2024-02-22",2024,"Q1","15498","2 ","I-5: AURORA DONALD INTERCHANGE (EXIT 278) PHASE 2","0224-0145000E","TEMPORARY PLASTIC DRUMS","EACH",700,100,70000,4]
[null,"2024-02-22",2024,"Q1","15498","2 ","I-5: AURORA DONALD INTERCHANGE (EXIT 278) PHASE 2","0224-0145000E","TEMPORARY PLASTIC DRUMS","EACH",700,25,17500,5]
[null,"2024-02-22",2024,"Q1","15498","2 ","I-5: AURORA DONALD INTERCHANGE (EXIT 278) PHASE 2","0224-0145000E","TEMPORARY PLASTIC DRUMS","EACH",700,65,45500,6]
[null,"2024-02-22",2024,"Q1","15498","2 ","I-5: AURORA DONALD INTERCHANGE (EXIT 278) PHASE 2","0224-0145000E","TEMPORARY PLASTIC DRUMS","EACH",700,50,35000,7]
[null,"2024-02-22",2024,"Q1","15498","2 ","I-5: AURORA DONALD INTERCHANGE (EXIT 278) PHASE 2","0225-0149000E","TEMPORARY FLEXIBLE PAVEMENT MARKERS","EACH",6000,2.2999999999999998,13800,1]
[null,"2024-02-22",2024,"Q1","15498","2 ","I-5: AURORA DONALD INTERCHANGE (EXIT 278) PHASE 2","0225-0149000E","TEMPORARY FLEXIBLE PAVEMENT MARKERS","EACH",6000,2.5,15000,2]
[null,"2024-02-22",2024,"Q1","15498","2 ","I-5: AURORA DONALD INTERCHANGE (EXIT 278) PHASE 2","0225-0149000E","TEMPORARY FLEXIBLE PAVEMENT MARKERS","EACH",6000,5,30000,3]
[null,"2024-02-22",2024,"Q1","15498","2 ","I-5: AURORA DONALD INTERCHANGE (EXIT 278) PHASE 2","0225-0149000E","TEMPORARY FLEXIBLE PAVEMENT MARKERS","EACH",6000,0.7,4200,4]
[null,"2024-02-22",2024,"Q1","15498","2 ","I-5: AURORA DONALD INTERCHANGE (EXIT 278) PHASE 2","0225-0149000E","TEMPORARY FLEXIBLE PAVEMENT MARKERS","EACH",6000,2,12000,5]
[null,"2024-02-22",2024,"Q1","15498","2 ","I-5: AURORA DONALD INTERCHANGE (EXIT 278) PHASE 2","0225-0149000E","TEMPORARY FLEXIBLE PAVEMENT MARKERS","EACH",6000,4,24000,6]
[null,"2024-02-22",2024,"Q1","15498","2 ","I-5: AURORA DONALD INTERCHANGE (EXIT 278) PHASE 2","0225-0149000E","TEMPORARY FLEXIBLE PAVEMENT MARKERS","EACH",6000,1.55,9300,7]
[null,"2024-02-22",2024,"Q1","15498","2 ","I-5: AURORA DONALD INTERCHANGE (EXIT 278) PHASE 2","0225-0153000F","TEMPORARY STRIPING","FOOT",215000,0.21,45150,1]
[null,"2024-02-22",2024,"Q1","15498","2 ","I-5: AURORA DONALD INTERCHANGE (EXIT 278) PHASE 2","0225-0153000F","TEMPORARY STRIPING","FOOT",215000,0.2,43000,2]
[null,"2024-02-22",2024,"Q1","15498","2 ","I-5: AURORA DONALD INTERCHANGE (EXIT 278) PHASE 2","0225-0153000F","TEMPORARY STRIPING","FOOT",215000,0.25,53750,3]
[null,"2024-02-22",2024,"Q1","15498","2 ","I-5: AURORA DONALD INTERCHANGE (EXIT 278) PHASE 2","0225-0153000F","TEMPORARY STRIPING","FOOT",215000,0.2,43000,4]
[null,"2024-02-22",2024,"Q1","15498","2 ","I-5: AURORA DONALD INTERCHANGE (EXIT 278) PHASE 2","0225-0153000F","TEMPORARY STRIPING","FOOT",215000,0.18,38700,5]
[null,"2024-02-22",2024,"Q1","15498","2 ","I-5: AURORA DONALD INTERCHANGE (EXIT 278) PHASE 2","0225-0153000F","TEMPORARY STRIPING","FOOT",215000,0.18,38700,6]
[null,"2024-02-22",2024,"Q1","15498","2 ","I-5: AURORA DONALD INTERCHANGE (EXIT 278) PHASE 2","0225-0153000F","TEMPORARY STRIPING","FOOT",215000,0.2,43000,7]
[null,"2024-02-22",2024,"Q1","15498","2 ","I-5: AURORA DONALD INTERCHANGE (EXIT 278) PHASE 2","0225-0153100E","TEMPORARY PAVEMENT LEGENDS","EACH",38,143,5434,1]
[null,"2024-02-22",2024,"Q1","15498","2 ","I-5: AURORA DONALD INTERCHANGE (EXIT 278) PHASE 2","0225-0153100E","TEMPORARY PAVEMENT LEGENDS","EACH",38,130,4940,2]
[null,"2024-02-22",2024,"Q1","15498","2 ","I-5: AURORA DONALD INTERCHANGE (EXIT 278) PHASE 2","0225-0153100E","TEMPORARY PAVEMENT LEGENDS","EACH",38,125,4750,3]
[null,"2024-02-22",2024,"Q1","15498","2 ","I-5: AURORA DONALD INTERCHANGE (EXIT 278) PHASE 2","0225-0153100E","TEMPORARY PAVEMENT LEGENDS","EACH",38,125,4750,4]
[null,"2024-02-22",2024,"Q1","15498","2 ","I-5: AURORA DONALD INTERCHANGE (EXIT 278) PHASE 2","0225-0153100E","TEMPORARY PAVEMENT LEGENDS","EACH",38,125,4750,5]
[null,"2024-02-22",2024,"Q1","15498","2 ","I-5: AURORA DONALD INTERCHANGE (EXIT 278) PHASE 2","0225-0153100E","TEMPORARY PAVEMENT LEGENDS","EACH",38,125,4750,6]
[null,"2024-02-22",2024,"Q1","15498","2 ","I-5: AURORA DONALD INTERCHANGE (EXIT 278) PHASE 2","0225-0153100E","TEMPORARY PAVEMENT LEGENDS","EACH",38,125,4750,7]
[null,"2024-02-22",2024,"Q1","15498","2 ","I-5: AURORA DONALD INTERCHANGE (EXIT 278) PHASE 2","0225-0153200J","TEMPORARY PAVEMENT BARS","SQFT",600,6.85,4110,1]
[null,"2024-02-22",2024,"Q1","15498","2 ","I-5: AURORA DONALD INTERCHANGE (EXIT 278) PHASE 2","0225-0153200J","TEMPORARY PAVEMENT BARS","SQFT",600,6.5,3900,2]
[null,"2024-02-22",2024,"Q1","15498","2 ","I-5: AURORA DONALD INTERCHANGE (EXIT 278) PHASE 2","0225-0153200J","TEMPORARY PAVEMENT BARS","SQFT",600,6,3600,3]
[null,"2024-02-22",2024,"Q1","15498","2 ","I-5: AURORA DONALD INTERCHANGE (EXIT 278) PHASE 2","0225-0153200J","TEMPORARY PAVEMENT BARS","SQFT",600,6,3600,4]
[null,"2024-02-22",2024,"Q1","15498","2 ","I-5: AURORA DONALD INTERCHANGE (EXIT 278) PHASE 2","0225-0153200J","TEMPORARY PAVEMENT BARS","SQFT",600,6,3600,5]
[null,"2024-02-22",2024,"Q1","15498","2 ","I-5: AURORA DONALD INTERCHANGE (EXIT 278) PHASE 2","0225-0153200J","TEMPORARY PAVEMENT BARS","SQFT",600,6,3600,6]
[null,"2024-02-22",2024,"Q1","15498","2 ","I-5: AURORA DONALD INTERCHANGE (EXIT 278) PHASE 2","0225-0153200J","TEMPORARY PAVEMENT BARS","SQFT",600,6,3600,7]
[null,"2024-02-22",2024,"Q1","15498","2 ","I-5: AURORA DONALD INTERCHANGE (EXIT 278) PHASE 2","0225-0154000F","STRIPE REMOVAL","FOOT",76000,0.67,50920,1]
[null,"2024-02-22",2024,"Q1","15498","2 ","I-5: AURORA DONALD INTERCHANGE (EXIT 278) PHASE 2","0225-0154000F","STRIPE REMOVAL","FOOT",76000,0.6,45600,2]
[null,"2024-02-22",2024,"Q1","15498","2 ","I-5: AURORA DONALD INTERCHANGE (EXIT 278) PHASE 2","0225-0154000F","STRIPE REMOVAL","FOOT",76000,0.5,38000,3]
[null,"2024-02-22",2024,"Q1","15498","2 ","I-5: AURORA DONALD INTERCHANGE (EXIT 278) PHASE 2","0225-0154000F","STRIPE REMOVAL","FOOT",76000,0.65,49400,4]
[null,"2024-02-22",2024,"Q1","15498","2 ","I-5: AURORA DONALD INTERCHANGE (EXIT 278) PHASE 2","0225-0154000F","STRIPE REMOVAL","FOOT",76000,0.57999999999999996,44080,5]
[null,"2024-02-22",2024,"Q1","15498","2 ","I-5: AURORA DONALD INTERCHANGE (EXIT 278) PHASE 2","0225-0154000F","STRIPE REMOVAL","FOOT",76000,0.57999999999999996,44080,6]
[null,"2024-02-22",2024,"Q1","15498","2 ","I-5: AURORA DONALD INTERCHANGE (EXIT 278) PHASE 2","0225-0154000F","STRIPE REMOVAL","FOOT",76000,0.6,45600,7]
[null,"2024-02-22",2024,"Q1","15498","2 ","I-5: AURORA DONALD INTERCHANGE (EXIT 278) PHASE 2","0225-0155100J","LEGEND REMOVAL","SQFT",480,9.15,4392,1]
[null,"2024-02-22",2024,"Q1","15498","2 ","I-5: AURORA DONALD INTERCHANGE (EXIT 278) PHASE 2","0225-0155100J","LEGEND REMOVAL","SQFT",480,9,4320,2]
[null,"2024-02-22",2024,"Q1","15498","2 ","I-5: AURORA DONALD INTERCHANGE (EXIT 278) PHASE 2","0225-0155100J","LEGEND REMOVAL","SQFT",480,8,3840,3]
[null,"2024-02-22",2024,"Q1","15498","2 ","I-5: AURORA DONALD INTERCHANGE (EXIT 278) PHASE 2","0225-0155100J","LEGEND REMOVAL","SQFT",480,8,3840,4]
[null,"2024-02-22",2024,"Q1","15498","2 ","I-5: AURORA DONALD INTERCHANGE (EXIT 278) PHASE 2","0225-0155100J","LEGEND REMOVAL","SQFT",480,8,3840,5]
[null,"2024-02-22",2024,"Q1","15498","2 ","I-5: AURORA DONALD INTERCHANGE (EXIT 278) PHASE 2","0225-0155100J","LEGEND REMOVAL","SQFT",480,8,3840,6]
[null,"2024-02-22",2024,"Q1","15498","2 ","I-5: AURORA DONALD INTERCHANGE (EXIT 278) PHASE 2","0225-0155100J","LEGEND REMOVAL","SQFT",480,8,3840,7]
[null,"2024-02-22",2024,"Q1","15498","2 ","I-5: AURORA DONALD INTERCHANGE (EXIT 278) PHASE 2","0225-0156000J","BAR REMOVAL","SQFT",150,9.15,1372.5,1]
[null,"2024-02-22",2024,"Q1","15498","2 ","I-5: AURORA DONALD INTERCHANGE (EXIT 278) PHASE 2","0225-0156000J","BAR REMOVAL","SQFT",150,9,1350,2]
[null,"2024-02-22",2024,"Q1","15498","2 ","I-5: AURORA DONALD INTERCHANGE (EXIT 278) PHASE 2","0225-0156000J","BAR REMOVAL","SQFT",150,8,1200,3]
[null,"2024-02-22",2024,"Q1","15498","2 ","I-5: AURORA DONALD INTERCHANGE (EXIT 278) PHASE 2","0225-0156000J","BAR REMOVAL","SQFT",150,8,1200,4]
[null,"2024-02-22",2024,"Q1","15498","2 ","I-5: AURORA DONALD INTERCHANGE (EXIT 278) PHASE 2","0225-0156000J","BAR REMOVAL","SQFT",150,8,1200,5]
[null,"2024-02-22",2024,"Q1","15498","2 ","I-5: AURORA DONALD INTERCHANGE (EXIT 278) PHASE 2","0225-0156000J","BAR REMOVAL","SQFT",150,8,1200,6]
[null,"2024-02-22",2024,"Q1","15498","2 ","I-5: AURORA DONALD INTERCHANGE (EXIT 278) PHASE 2","0225-0156000J","BAR REMOVAL","SQFT",150,8,1200,7]
[null,"2024-02-22",2024,"Q1","15498","2 ","I-5: AURORA DONALD INTERCHANGE (EXIT 278) PHASE 2","0226-0126100F","TEMPORARY BARRIER","FOOT",49700,18,894600,1]
[null,"2024-02-22",2024,"Q1","15498","2 ","I-5: AURORA DONALD INTERCHANGE (EXIT 278) PHASE 2","0226-0126100F","TEMPORARY BARRIER","FOOT",49700,16,795200,2]
[null,"2024-02-22",2024,"Q1","15498","2 ","I-5: AURORA DONALD INTERCHANGE (EXIT 278) PHASE 2","0226-0126100F","TEMPORARY BARRIER","FOOT",49700,20,994000,3]
[null,"2024-02-22",2024,"Q1","15498","2 ","I-5: AURORA DONALD INTERCHANGE (EXIT 278) PHASE 2","0226-0126100F","TEMPORARY BARRIER","FOOT",49700,20,994000,4]
[null,"2024-02-22",2024,"Q1","15498","2 ","I-5: AURORA DONALD INTERCHANGE (EXIT 278) PHASE 2","0226-0126100F","TEMPORARY BARRIER","FOOT",49700,18,894600,5]
[null,"2024-02-22",2024,"Q1","15498","2 ","I-5: AURORA DONALD INTERCHANGE (EXIT 278) PHASE 2","0226-0126100F","TEMPORARY BARRIER","FOOT",49700,15,745500,6]
[null,"2024-02-22",2024,"Q1","15498","2 ","I-5: AURORA DONALD INTERCHANGE (EXIT 278) PHASE 2","0226-0126100F","TEMPORARY BARRIER","FOOT",49700,18,894600,7]
[null,"2024-02-22",2024,"Q1","15498","2 ","I-5: AURORA DONALD INTERCHANGE (EXIT 278) PHASE 2","0226-0133000E","TEMPORARY IMPACT ATTENUATOR, SAND BARREL SYSTEM","EACH",4,2500,10000,1]
[null,"2024-02-22",2024,"Q1","15498","2 ","I-5: AURORA DONALD INTERCHANGE (EXIT 278) PHASE 2","0226-0133000E","TEMPORARY IMPACT ATTENUATOR, SAND BARREL SYSTEM","EACH",4,5700,22800,2]
[null,"2024-02-22",2024,"Q1","15498","2 ","I-5: AURORA DONALD INTERCHANGE (EXIT 278) PHASE 2","0226-0133000E","TEMPORARY IMPACT ATTENUATOR, SAND BARREL SYSTEM","EACH",4,2750,11000,3]
[null,"2024-02-22",2024,"Q1","15498","2 ","I-5: AURORA DONALD INTERCHANGE (EXIT 278) PHASE 2","0226-0133000E","TEMPORARY IMPACT ATTENUATOR, SAND BARREL SYSTEM","EACH",4,2500,10000,4]
[null,"2024-02-22",2024,"Q1","15498","2 ","I-5: AURORA DONALD INTERCHANGE (EXIT 278) PHASE 2","0226-0133000E","TEMPORARY IMPACT ATTENUATOR, SAND BARREL SYSTEM","EACH",4,2500,10000,5]
[null,"2024-02-22",2024,"Q1","15498","2 ","I-5: AURORA DONALD INTERCHANGE (EXIT 278) PHASE 2","0226-0133000E","TEMPORARY IMPACT ATTENUATOR, SAND BARREL SYSTEM","EACH",4,5000,20000,6]
[null,"2024-02-22",2024,"Q1","15498","2 ","I-5: AURORA DONALD INTERCHANGE (EXIT 278) PHASE 2","0226-0133000E","TEMPORARY IMPACT ATTENUATOR, SAND BARREL SYSTEM","EACH",4,2500,10000,7]
[null,"2024-02-22",2024,"Q1","15498","2 ","I-5: AURORA DONALD INTERCHANGE (EXIT 278) PHASE 2","0226-0134000E","TEMPORARY IMPACT ATTENUATOR, NARROW SITE SYSTEM","EACH",20,1000,20000,1]
[null,"2024-02-22",2024,"Q1","15498","2 ","I-5: AURORA DONALD INTERCHANGE (EXIT 278) PHASE 2","0226-0134000E","TEMPORARY IMPACT ATTENUATOR, NARROW SITE SYSTEM","EACH",20,7400,148000,2]
[null,"2024-02-22",2024,"Q1","15498","2 ","I-5: AURORA DONALD INTERCHANGE (EXIT 278) PHASE 2","0226-0134000E","TEMPORARY IMPACT ATTENUATOR, NARROW SITE SYSTEM","EACH",20,2750,55000,3]
[null,"2024-02-22",2024,"Q1","15498","2 ","I-5: AURORA DONALD INTERCHANGE (EXIT 278) PHASE 2","0226-0134000E","TEMPORARY IMPACT ATTENUATOR, NARROW SITE SYSTEM","EACH",20,1000,20000,4]
[null,"2024-02-22",2024,"Q1","15498","2 ","I-5: AURORA DONALD INTERCHANGE (EXIT 278) PHASE 2","0226-0134000E","TEMPORARY IMPACT ATTENUATOR, NARROW SITE SYSTEM","EACH",20,2500,50000,5]
[null,"2024-02-22",2024,"Q1","15498","2 ","I-5: AURORA DONALD INTERCHANGE (EXIT 278) PHASE 2","0226-0134000E","TEMPORARY IMPACT ATTENUATOR, NARROW SITE SYSTEM","EACH",20,6500,130000,6]
[null,"2024-02-22",2024,"Q1","15498","2 ","I-5: AURORA DONALD INTERCHANGE (EXIT 278) PHASE 2","0226-0134000E","TEMPORARY IMPACT ATTENUATOR, NARROW SITE SYSTEM","EACH",20,2500,50000,7]
[null,"2024-02-22",2024,"Q1","15498","2 ","I-5: AURORA DONALD INTERCHANGE (EXIT 278) PHASE 2","0226-0136000E","MOVING TEMPORARY IMPACT ATTENUATORS, SAND BARREL SYSTEM","EACH",4,1000,4000,1]
[null,"2024-02-22",2024,"Q1","15498","2 ","I-5: AURORA DONALD INTERCHANGE (EXIT 278) PHASE 2","0226-0136000E","MOVING TEMPORARY IMPACT ATTENUATORS, SAND BARREL SYSTEM","EACH",4,850,3400,2]
[null,"2024-02-22",2024,"Q1","15498","2 ","I-5: AURORA DONALD INTERCHANGE (EXIT 278) PHASE 2","0226-0136000E","MOVING TEMPORARY IMPACT ATTENUATORS, SAND BARREL SYSTEM","EACH",4,1000,4000,3]
[null,"2024-02-22",2024,"Q1","15498","2 ","I-5: AURORA DONALD INTERCHANGE (EXIT 278) PHASE 2","0226-0136000E","MOVING TEMPORARY IMPACT ATTENUATORS, SAND BARREL SYSTEM","EACH",4,1000,4000,4]
[null,"2024-02-22",2024,"Q1","15498","2 ","I-5: AURORA DONALD INTERCHANGE (EXIT 278) PHASE 2","0226-0136000E","MOVING TEMPORARY IMPACT ATTENUATORS, SAND BARREL SYSTEM","EACH",4,950,3800,5]
[null,"2024-02-22",2024,"Q1","15498","2 ","I-5: AURORA DONALD INTERCHANGE (EXIT 278) PHASE 2","0226-0136000E","MOVING TEMPORARY IMPACT ATTENUATORS, SAND BARREL SYSTEM","EACH",4,750,3000,6]
[null,"2024-02-22",2024,"Q1","15498","2 ","I-5: AURORA DONALD INTERCHANGE (EXIT 278) PHASE 2","0226-0136000E","MOVING TEMPORARY IMPACT ATTENUATORS, SAND BARREL SYSTEM","EACH",4,950,3800,7]
[null,"2024-02-22",2024,"Q1","15498","2 ","I-5: AURORA DONALD INTERCHANGE (EXIT 278) PHASE 2","0226-0137000E","MOVING TEMPORARY IMPACT ATTENUATORS, NARROW SITE SYSTEM","EACH",9,1000,9000,1]
[null,"2024-02-22",2024,"Q1","15498","2 ","I-5: AURORA DONALD INTERCHANGE (EXIT 278) PHASE 2","0226-0137000E","MOVING TEMPORARY IMPACT ATTENUATORS, NARROW SITE SYSTEM","EACH",9,630,5670,2]
[null,"2024-02-22",2024,"Q1","15498","2 ","I-5: AURORA DONALD INTERCHANGE (EXIT 278) PHASE 2","0226-0137000E","MOVING TEMPORARY IMPACT ATTENUATORS, NARROW SITE SYSTEM","EACH",9,1000,9000,3]
[null,"2024-02-22",2024,"Q1","15498","2 ","I-5: AURORA DONALD INTERCHANGE (EXIT 278) PHASE 2","0226-0137000E","MOVING TEMPORARY IMPACT ATTENUATORS, NARROW SITE SYSTEM","EACH",9,1000,9000,4]
[null,"2024-02-22",2024,"Q1","15498","2 ","I-5: AURORA DONALD INTERCHANGE (EXIT 278) PHASE 2","0226-0137000E","MOVING TEMPORARY IMPACT ATTENUATORS, NARROW SITE SYSTEM","EACH",9,850,7650,5]
[null,"2024-02-22",2024,"Q1","15498","2 ","I-5: AURORA DONALD INTERCHANGE (EXIT 278) PHASE 2","0226-0137000E","MOVING TEMPORARY IMPACT ATTENUATORS, NARROW SITE SYSTEM","EACH",9,550,4950,6]
[null,"2024-02-22",2024,"Q1","15498","2 ","I-5: AURORA DONALD INTERCHANGE (EXIT 278) PHASE 2","0226-0137000E","MOVING TEMPORARY IMPACT ATTENUATORS, NARROW SITE SYSTEM","EACH",9,850,7650,7]
[null,"2024-02-22",2024,"Q1","15498","2 ","I-5: AURORA DONALD INTERCHANGE (EXIT 278) PHASE 2","0226-0138000E","TEMPORARY IMPACT ATTENUATOR, TRUCK MOUNTED","EACH",5,18000,90000,1]
[null,"2024-02-22",2024,"Q1","15498","2 ","I-5: AURORA DONALD INTERCHANGE (EXIT 278) PHASE 2","0226-0138000E","TEMPORARY IMPACT ATTENUATOR, TRUCK MOUNTED","EACH",5,60000,300000,2]
[null,"2024-02-22",2024,"Q1","15498","2 ","I-5: AURORA DONALD INTERCHANGE (EXIT 278) PHASE 2","0226-0138000E","TEMPORARY IMPACT ATTENUATOR, TRUCK MOUNTED","EACH",5,25000,125000,3]
[null,"2024-02-22",2024,"Q1","15498","2 ","I-5: AURORA DONALD INTERCHANGE (EXIT 278) PHASE 2","0226-0138000E","TEMPORARY IMPACT ATTENUATOR, TRUCK MOUNTED","EACH",5,40000,200000,4]
[null,"2024-02-22",2024,"Q1","15498","2 ","I-5: AURORA DONALD INTERCHANGE (EXIT 278) PHASE 2","0226-0138000E","TEMPORARY IMPACT ATTENUATOR, TRUCK MOUNTED","EACH",5,15000,75000,5]
[null,"2024-02-22",2024,"Q1","15498","2 ","I-5: AURORA DONALD INTERCHANGE (EXIT 278) PHASE 2","0226-0138000E","TEMPORARY IMPACT ATTENUATOR, TRUCK MOUNTED","EACH",5,55000,275000,6]
[null,"2024-02-22",2024,"Q1","15498","2 ","I-5: AURORA DONALD INTERCHANGE (EXIT 278) PHASE 2","0226-0138000E","TEMPORARY IMPACT ATTENUATOR, TRUCK MOUNTED","EACH",5,50000,250000,7]
[null,"2024-02-22",2024,"Q1","15498","2 ","I-5: AURORA DONALD INTERCHANGE (EXIT 278) PHASE 2","0226-0141100E","REFLECTIVE BARRIER PANELS","EACH",4000,20,80000,1]
[null,"2024-02-22",2024,"Q1","15498","2 ","I-5: AURORA DONALD INTERCHANGE (EXIT 278) PHASE 2","0226-0141100E","REFLECTIVE BARRIER PANELS","EACH",4000,27,108000,2]
[null,"2024-02-22",2024,"Q1","15498","2 ","I-5: AURORA DONALD INTERCHANGE (EXIT 278) PHASE 2","0226-0141100E","REFLECTIVE BARRIER PANELS","EACH",4000,25,100000,3]
[null,"2024-02-22",2024,"Q1","15498","2 ","I-5: AURORA DONALD INTERCHANGE (EXIT 278) PHASE 2","0226-0141100E","REFLECTIVE BARRIER PANELS","EACH",4000,25,100000,4]
[null,"2024-02-22",2024,"Q1","15498","2 ","I-5: AURORA DONALD INTERCHANGE (EXIT 278) PHASE 2","0226-0141100E","REFLECTIVE BARRIER PANELS","EACH",4000,23,92000,5]
[null,"2024-02-22",2024,"Q1","15498","2 ","I-5: AURORA DONALD INTERCHANGE (EXIT 278) PHASE 2","0226-0141100E","REFLECTIVE BARRIER PANELS","EACH",4000,25,100000,6]
[null,"2024-02-22",2024,"Q1","15498","2 ","I-5: AURORA DONALD INTERCHANGE (EXIT 278) PHASE 2","0226-0141100E","REFLECTIVE BARRIER PANELS","EACH",4000,23,92000,7]
[null,"2024-02-22",2024,"Q1","15498","2 ","I-5: AURORA DONALD INTERCHANGE (EXIT 278) PHASE 2","0226-0141300E","REPAIR TEMPORARY IMPACT ATTENUATOR, NARROW SITE SYSTEM","EACH",30,1,30,1]
[null,"2024-02-22",2024,"Q1","15498","2 ","I-5: AURORA DONALD INTERCHANGE (EXIT 278) PHASE 2","0226-0141300E","REPAIR TEMPORARY IMPACT ATTENUATOR, NARROW SITE SYSTEM","EACH",30,550,16500,2]
[null,"2024-02-22",2024,"Q1","15498","2 ","I-5: AURORA DONALD INTERCHANGE (EXIT 278) PHASE 2","0226-0141300E","REPAIR TEMPORARY IMPACT ATTENUATOR, NARROW SITE SYSTEM","EACH",30,100,3000,3]
[null,"2024-02-22",2024,"Q1","15498","2 ","I-5: AURORA DONALD INTERCHANGE (EXIT 278) PHASE 2","0226-0141300E","REPAIR TEMPORARY IMPACT ATTENUATOR, NARROW SITE SYSTEM","EACH",30,0.01,0.3,4]
[null,"2024-02-22",2024,"Q1","15498","2 ","I-5: AURORA DONALD INTERCHANGE (EXIT 278) PHASE 2","0226-0141300E","REPAIR TEMPORARY IMPACT ATTENUATOR, NARROW SITE SYSTEM","EACH",30,100,3000,5]
[null,"2024-02-22",2024,"Q1","15498","2 ","I-5: AURORA DONALD INTERCHANGE (EXIT 278) PHASE 2","0226-0141300E","REPAIR TEMPORARY IMPACT ATTENUATOR, NARROW SITE SYSTEM","EACH",30,500,15000,6]
[null,"2024-02-22",2024,"Q1","15498","2 ","I-5: AURORA DONALD INTERCHANGE (EXIT 278) PHASE 2","0226-0141300E","REPAIR TEMPORARY IMPACT ATTENUATOR, NARROW SITE SYSTEM","EACH",30,100,3000,7]
[null,"2024-02-22",2024,"Q1","15498","2 ","I-5: AURORA DONALD INTERCHANGE (EXIT 278) PHASE 2","0226-0141400E","REPAIR TEMPORARY IMPACT ATTENUATOR, TRUCK MOUNTED","EACH",5,1,5,1]
[null,"2024-02-22",2024,"Q1","15498","2 ","I-5: AURORA DONALD INTERCHANGE (EXIT 278) PHASE 2","0226-0141400E","REPAIR TEMPORARY IMPACT ATTENUATOR, TRUCK MOUNTED","EACH",5,1100,5500,2]
[null,"2024-02-22",2024,"Q1","15498","2 ","I-5: AURORA DONALD INTERCHANGE (EXIT 278) PHASE 2","0226-0141400E","REPAIR TEMPORARY IMPACT ATTENUATOR, TRUCK MOUNTED","EACH",5,500,2500,3]
[null,"2024-02-22",2024,"Q1","15498","2 ","I-5: AURORA DONALD INTERCHANGE (EXIT 278) PHASE 2","0226-0141400E","REPAIR TEMPORARY IMPACT ATTENUATOR, TRUCK MOUNTED","EACH",5,0.01,0.05,4]
[null,"2024-02-22",2024,"Q1","15498","2 ","I-5: AURORA DONALD INTERCHANGE (EXIT 278) PHASE 2","0226-0141400E","REPAIR TEMPORARY IMPACT ATTENUATOR, TRUCK MOUNTED","EACH",5,5000,25000,5]
[null,"2024-02-22",2024,"Q1","15498","2 ","I-5: AURORA DONALD INTERCHANGE (EXIT 278) PHASE 2","0226-0141400E","REPAIR TEMPORARY IMPACT ATTENUATOR, TRUCK MOUNTED","EACH",5,1000,5000,6]
[null,"2024-02-22",2024,"Q1","15498","2 ","I-5: AURORA DONALD INTERCHANGE (EXIT 278) PHASE 2","0226-0141400E","REPAIR TEMPORARY IMPACT ATTENUATOR, TRUCK MOUNTED","EACH",5,30000,150000,7]
[null,"2024-02-22",2024,"Q1","15498","2 ","I-5: AURORA DONALD INTERCHANGE (EXIT 278) PHASE 2","0226-0141500E","REPAIR TEMPORARY IMPACT ATTENUATOR, SAND MODULE","EACH",130,1,130,1]
[null,"2024-02-22",2024,"Q1","15498","2 ","I-5: AURORA DONALD INTERCHANGE (EXIT 278) PHASE 2","0226-0141500E","REPAIR TEMPORARY IMPACT ATTENUATOR, SAND MODULE","EACH",130,700,91000,2]
[null,"2024-02-22",2024,"Q1","15498","2 ","I-5: AURORA DONALD INTERCHANGE (EXIT 278) PHASE 2","0226-0141500E","REPAIR TEMPORARY IMPACT ATTENUATOR, SAND MODULE","EACH",130,50,6500,3]
[null,"2024-02-22",2024,"Q1","15498","2 ","I-5: AURORA DONALD INTERCHANGE (EXIT 278) PHASE 2","0226-0141500E","REPAIR TEMPORARY IMPACT ATTENUATOR, SAND MODULE","EACH",130,0.01,1.3,4]
[null,"2024-02-22",2024,"Q1","15498","2 ","I-5: AURORA DONALD INTERCHANGE (EXIT 278) PHASE 2","0226-0141500E","REPAIR TEMPORARY IMPACT ATTENUATOR, SAND MODULE","EACH",130,50,6500,5]
[null,"2024-02-22",2024,"Q1","15498","2 ","I-5: AURORA DONALD INTERCHANGE (EXIT 278) PHASE 2","0226-0141500E","REPAIR TEMPORARY IMPACT ATTENUATOR, SAND MODULE","EACH",130,650,84500,6]
[null,"2024-02-22",2024,"Q1","15498","2 ","I-5: AURORA DONALD INTERCHANGE (EXIT 278) PHASE 2","0226-0141500E","REPAIR TEMPORARY IMPACT ATTENUATOR, SAND MODULE","EACH",130,50,6500,7]
[null,"2024-02-22",2024,"Q1","15498","2 ","I-5: AURORA DONALD INTERCHANGE (EXIT 278) PHASE 2","0226-0141800F","TEMPORARY GLARE SCREENS","FOOT",1800,29,52200,1]
[null,"2024-02-22",2024,"Q1","15498","2 ","I-5: AURORA DONALD INTERCHANGE (EXIT 278) PHASE 2","0226-0141800F","TEMPORARY GLARE SCREENS","FOOT",1800,45,81000,2]
[null,"2024-02-22",2024,"Q1","15498","2 ","I-5: AURORA DONALD INTERCHANGE (EXIT 278) PHASE 2","0226-0141800F","TEMPORARY GLARE SCREENS","FOOT",1800,30,54000,3]
[null,"2024-02-22",2024,"Q1","15498","2 ","I-5: AURORA DONALD INTERCHANGE (EXIT 278) PHASE 2","0226-0141800F","TEMPORARY GLARE SCREENS","FOOT",1800,30,54000,4]
[null,"2024-02-22",2024,"Q1","15498","2 ","I-5: AURORA DONALD INTERCHANGE (EXIT 278) PHASE 2","0226-0141800F","TEMPORARY GLARE SCREENS","FOOT",1800,30,54000,5]
[null,"2024-02-22",2024,"Q1","15498","2 ","I-5: AURORA DONALD INTERCHANGE (EXIT 278) PHASE 2","0226-0141800F","TEMPORARY GLARE SCREENS","FOOT",1800,43,77400,6]
[null,"2024-02-22",2024,"Q1","15498","2 ","I-5: AURORA DONALD INTERCHANGE (EXIT 278) PHASE 2","0226-0141800F","TEMPORARY GLARE SCREENS","FOOT",1800,29.3,52740,7]
[null,"2024-02-22",2024,"Q1","15498","2 ","I-5: AURORA DONALD INTERCHANGE (EXIT 278) PHASE 2","0226-0141900F","MOVING TEMPORARY GLARE SCREENS","FOOT",2700,12.5,33750,1]
[null,"2024-02-22",2024,"Q1","15498","2 ","I-5: AURORA DONALD INTERCHANGE (EXIT 278) PHASE 2","0226-0141900F","MOVING TEMPORARY GLARE SCREENS","FOOT",2700,11,29700,2]
[null,"2024-02-22",2024,"Q1","15498","2 ","I-5: AURORA DONALD INTERCHANGE (EXIT 278) PHASE 2","0226-0141900F","MOVING TEMPORARY GLARE SCREENS","FOOT",2700,13,35100,3]
[null,"2024-02-22",2024,"Q1","15498","2 ","I-5: AURORA DONALD INTERCHANGE (EXIT 278) PHASE 2","0226-0141900F","MOVING TEMPORARY GLARE SCREENS","FOOT",2700,12,32400,4]
[null,"2024-02-22",2024,"Q1","15498","2 ","I-5: AURORA DONALD INTERCHANGE (EXIT 278) PHASE 2","0226-0141900F","MOVING TEMPORARY GLARE SCREENS","FOOT",2700,12.5,33750,5]
[null,"2024-02-22",2024,"Q1","15498","2 ","I-5: AURORA DONALD INTERCHANGE (EXIT 278) PHASE 2","0226-0141900F","MOVING TEMPORARY GLARE SCREENS","FOOT",2700,10,27000,6]
[null,"2024-02-22",2024,"Q1","15498","2 ","I-5: AURORA DONALD INTERCHANGE (EXIT 278) PHASE 2","0226-0141900F","MOVING TEMPORARY GLARE SCREENS","FOOT",2700,12.5,33750,7]
[null,"2024-02-22",2024,"Q1","15498","2 ","I-5: AURORA DONALD INTERCHANGE (EXIT 278) PHASE 2","0227-0157000A","TEMPORARY ILLUMINATION","LS",1,200000,200000,1]
[null,"2024-02-22",2024,"Q1","15498","2 ","I-5: AURORA DONALD INTERCHANGE (EXIT 278) PHASE 2","0227-0157000A","TEMPORARY ILLUMINATION","LS",1,190000,190000,2]
[null,"2024-02-22",2024,"Q1","15498","2 ","I-5: AURORA DONALD INTERCHANGE (EXIT 278) PHASE 2","0227-0157000A","TEMPORARY ILLUMINATION","LS",1,200000,200000,3]
[null,"2024-02-22",2024,"Q1","15498","2 ","I-5: AURORA DONALD INTERCHANGE (EXIT 278) PHASE 2","0227-0157000A","TEMPORARY ILLUMINATION","LS",1,200000,200000,4]
[null,"2024-02-22",2024,"Q1","15498","2 ","I-5: AURORA DONALD INTERCHANGE (EXIT 278) PHASE 2","0227-0157000A","TEMPORARY ILLUMINATION","LS",1,180000,180000,5]
[null,"2024-02-22",2024,"Q1","15498","2 ","I-5: AURORA DONALD INTERCHANGE (EXIT 278) PHASE 2","0227-0157000A","TEMPORARY ILLUMINATION","LS",1,198000,198000,6]
[null,"2024-02-22",2024,"Q1","15498","2 ","I-5: AURORA DONALD INTERCHANGE (EXIT 278) PHASE 2","0227-0157000A","TEMPORARY ILLUMINATION","LS",1,179071,179071,7]
[null,"2024-02-22",2024,"Q1","15498","2 ","I-5: AURORA DONALD INTERCHANGE (EXIT 278) PHASE 2","0228-0141600F","PEDESTRIAN CHANNELIZING DEVICES","FOOT",315,40,12600,1]
[null,"2024-02-22",2024,"Q1","15498","2 ","I-5: AURORA DONALD INTERCHANGE (EXIT 278) PHASE 2","0228-0141600F","PEDESTRIAN CHANNELIZING DEVICES","FOOT",315,40,12600,2]
[null,"2024-02-22",2024,"Q1","15498","2 ","I-5: AURORA DONALD INTERCHANGE (EXIT 278) PHASE 2","0228-0141600F","PEDESTRIAN CHANNELIZING DEVICES","FOOT",315,60,18900,3]
[null,"2024-02-22",2024,"Q1","15498","2 ","I-5: AURORA DONALD INTERCHANGE (EXIT 278) PHASE 2","0228-0141600F","PEDESTRIAN CHANNELIZING DEVICES","FOOT",315,50,15750,4]
[null,"2024-02-22",2024,"Q1","15498","2 ","I-5: AURORA DONALD INTERCHANGE (EXIT 278) PHASE 2","0228-0141600F","PEDESTRIAN CHANNELIZING DEVICES","FOOT",315,25,7875,5]
[null,"2024-02-22",2024,"Q1","15498","2 ","I-5: AURORA DONALD INTERCHANGE (EXIT 278) PHASE 2","0228-0141600F","PEDESTRIAN CHANNELIZING DEVICES","FOOT",315,35,11025,6]
[null,"2024-02-22",2024,"Q1","15498","2 ","I-5: AURORA DONALD INTERCHANGE (EXIT 278) PHASE 2","0228-0141600F","PEDESTRIAN CHANNELIZING DEVICES","FOOT",315,30,9450,7]
[null,"2024-02-22",2024,"Q1","15498","2 ","I-5: AURORA DONALD INTERCHANGE (EXIT 278) PHASE 2","0228-0167670E","TEMPORARY CURB RAMP, CONSTRUCTED","EACH",2,3000,6000,1]
[null,"2024-02-22",2024,"Q1","15498","2 ","I-5: AURORA DONALD INTERCHANGE (EXIT 278) PHASE 2","0228-0167670E","TEMPORARY CURB RAMP, CONSTRUCTED","EACH",2,2700,5400,2]
[null,"2024-02-22",2024,"Q1","15498","2 ","I-5: AURORA DONALD INTERCHANGE (EXIT 278) PHASE 2","0228-0167670E","TEMPORARY CURB RAMP, CONSTRUCTED","EACH",2,4000,8000,3]
[null,"2024-02-22",2024,"Q1","15498","2 ","I-5: AURORA DONALD INTERCHANGE (EXIT 278) PHASE 2","0228-0167670E","TEMPORARY CURB RAMP, CONSTRUCTED","EACH",2,2000,4000,4]
[null,"2024-02-22",2024,"Q1","15498","2 ","I-5: AURORA DONALD INTERCHANGE (EXIT 278) PHASE 2","0228-0167670E","TEMPORARY CURB RAMP, CONSTRUCTED","EACH",2,2000,4000,5]
[null,"2024-02-22",2024,"Q1","15498","2 ","I-5: AURORA DONALD INTERCHANGE (EXIT 278) PHASE 2","0228-0167670E","TEMPORARY CURB RAMP, CONSTRUCTED","EACH",2,10000,20000,6]
[null,"2024-02-22",2024,"Q1","15498","2 ","I-5: AURORA DONALD INTERCHANGE (EXIT 278) PHASE 2","0228-0167670E","TEMPORARY CURB RAMP, CONSTRUCTED","EACH",2,2100,4200,7]
[null,"2024-02-22",2024,"Q1","15498","2 ","I-5: AURORA DONALD INTERCHANGE (EXIT 278) PHASE 2","0230-0200000A","CONSTRUCT AND REMOVE TEMPORARY ROADBED AND SURFACING","LS",1,3950000,3950000,1]
[null,"2024-02-22",2024,"Q1","15498","2 ","I-5: AURORA DONALD INTERCHANGE (EXIT 278) PHASE 2","0230-0200000A","CONSTRUCT AND REMOVE TEMPORARY ROADBED AND SURFACING","LS",1,3200000,3200000,2]
[null,"2024-02-22",2024,"Q1","15498","2 ","I-5: AURORA DONALD INTERCHANGE (EXIT 278) PHASE 2","0230-0200000A","CONSTRUCT AND REMOVE TEMPORARY ROADBED AND SURFACING","LS",1,2775000,2775000,3]
[null,"2024-02-22",2024,"Q1","15498","2 ","I-5: AURORA DONALD INTERCHANGE (EXIT 278) PHASE 2","0230-0200000A","CONSTRUCT AND REMOVE TEMPORARY ROADBED AND SURFACING","LS",1,2750000,2750000,4]
[null,"2024-02-22",2024,"Q1","15498","2 ","I-5: AURORA DONALD INTERCHANGE (EXIT 278) PHASE 2","0230-0200000A","CONSTRUCT AND REMOVE TEMPORARY ROADBED AND SURFACING","LS",1,3200000,3200000,5]
[null,"2024-02-22",2024,"Q1","15498","2 ","I-5: AURORA DONALD INTERCHANGE (EXIT 278) PHASE 2","0230-0200000A","CONSTRUCT AND REMOVE TEMPORARY ROADBED AND SURFACING","LS",1,2600000,2600000,6]
[null,"2024-02-22",2024,"Q1","15498","2 ","I-5: AURORA DONALD INTERCHANGE (EXIT 278) PHASE 2","0230-0200000A","CONSTRUCT AND REMOVE TEMPORARY ROADBED AND SURFACING","LS",1,3050000,3050000,7]
[null,"2024-02-22",2024,"Q1","15498","2 ","I-5: AURORA DONALD INTERCHANGE (EXIT 278) PHASE 2","0240-0100000A","TEMPORARY DRAINAGE FACILITIES","LS",1,300000,300000,1]
[null,"2024-02-22",2024,"Q1","15498","2 ","I-5: AURORA DONALD INTERCHANGE (EXIT 278) PHASE 2","0240-0100000A","TEMPORARY DRAINAGE FACILITIES","LS",1,110000,110000,2]
[null,"2024-02-22",2024,"Q1","15498","2 ","I-5: AURORA DONALD INTERCHANGE (EXIT 278) PHASE 2","0240-0100000A","TEMPORARY DRAINAGE FACILITIES","LS",1,165000,165000,3]
[null,"2024-02-22",2024,"Q1","15498","2 ","I-5: AURORA DONALD INTERCHANGE (EXIT 278) PHASE 2","0240-0100000A","TEMPORARY DRAINAGE FACILITIES","LS",1,175000,175000,4]
[null,"2024-02-22",2024,"Q1","15498","2 ","I-5: AURORA DONALD INTERCHANGE (EXIT 278) PHASE 2","0240-0100000A","TEMPORARY DRAINAGE FACILITIES","LS",1,500000,500000,5]
[null,"2024-02-22",2024,"Q1","15498","2 ","I-5: AURORA DONALD INTERCHANGE (EXIT 278) PHASE 2","0240-0100000A","TEMPORARY DRAINAGE FACILITIES","LS",1,185000,185000,6]
[null,"2024-02-22",2024,"Q1","15498","2 ","I-5: AURORA DONALD INTERCHANGE (EXIT 278) PHASE 2","0240-0100000A","TEMPORARY DRAINAGE FACILITIES","LS",1,225000,225000,7]
[null,"2024-02-22",2024,"Q1","15498","2 ","I-5: AURORA DONALD INTERCHANGE (EXIT 278) PHASE 2","0245-0100000A","TEMPORARY WATER MANAGEMENT FACILITY AT STATION \"DW\" 6+25","LS",1,15000,15000,1]
[null,"2024-02-22",2024,"Q1","15498","2 ","I-5: AURORA DONALD INTERCHANGE (EXIT 278) PHASE 2","0245-0100000A","TEMPORARY WATER MANAGEMENT FACILITY AT STATION \"DW\" 6+25","LS",1,10000,10000,2]
[null,"2024-02-22",2024,"Q1","15498","2 ","I-5: AURORA DONALD INTERCHANGE (EXIT 278) PHASE 2","0245-0100000A","TEMPORARY WATER MANAGEMENT FACILITY AT STATION \"DW\" 6+25","LS",1,7500,7500,3]
[null,"2024-02-22",2024,"Q1","15498","2 ","I-5: AURORA DONALD INTERCHANGE (EXIT 278) PHASE 2","0245-0100000A","TEMPORARY WATER MANAGEMENT FACILITY AT STATION \"DW\" 6+25","LS",1,40000,40000,4]
[null,"2024-02-22",2024,"Q1","15498","2 ","I-5: AURORA DONALD INTERCHANGE (EXIT 278) PHASE 2","0245-0100000A","TEMPORARY WATER MANAGEMENT FACILITY AT STATION \"DW\" 6+25","LS",1,100000,100000,5]
[null,"2024-02-22",2024,"Q1","15498","2 ","I-5: AURORA DONALD INTERCHANGE (EXIT 278) PHASE 2","0245-0100000A","TEMPORARY WATER MANAGEMENT FACILITY AT STATION \"DW\" 6+25","LS",1,10000,10000,6]
[null,"2024-02-22",2024,"Q1","15498","2 ","I-5: AURORA DONALD INTERCHANGE (EXIT 278) PHASE 2","0245-0100000A","TEMPORARY WATER MANAGEMENT FACILITY AT STATION \"DW\" 6+25","LS",1,175000,175000,7]
[null,"2024-02-22",2024,"Q1","15498","2 ","I-5: AURORA DONALD INTERCHANGE (EXIT 278) PHASE 2","0256-0109100A","TEMPORARY RETAINING WALL A","LS",1,5000,5000,1]
[null,"2024-02-22",2024,"Q1","15498","2 ","I-5: AURORA DONALD INTERCHANGE (EXIT 278) PHASE 2","0256-0109100A","TEMPORARY RETAINING WALL B","LS",1,5000,5000,1]
[null,"2024-02-22",2024,"Q1","15498","2 ","I-5: AURORA DONALD INTERCHANGE (EXIT 278) PHASE 2","0256-0109100A","TEMPORARY RETAINING WALL D","LS",1,5000,5000,1]
[null,"2024-02-22",2024,"Q1","15498","2 ","I-5: AURORA DONALD INTERCHANGE (EXIT 278) PHASE 2","0256-0109100A","TEMPORARY RETAINING WALL E","LS",1,5000,5000,1]
[null,"2024-02-22",2024,"Q1","15498","2 ","I-5: AURORA DONALD INTERCHANGE (EXIT 278) PHASE 2","0256-0109100A","TEMPORARY RETAINING WALL C","LS",1,5000,5000,1]
[null,"2024-02-22",2024,"Q1","15498","2 ","I-5: AURORA DONALD INTERCHANGE (EXIT 278) PHASE 2","0256-0109100A","TEMPORARY RETAINING WALL F","LS",1,5000,5000,1]
[null,"2024-02-22",2024,"Q1","15498","2 ","I-5: AURORA DONALD INTERCHANGE (EXIT 278) PHASE 2","0256-0109100A","TEMPORARY RETAINING WALL E","LS",1,80000,80000,2]
[null,"2024-02-22",2024,"Q1","15498","2 ","I-5: AURORA DONALD INTERCHANGE (EXIT 278) PHASE 2","0256-0109100A","TEMPORARY RETAINING WALL B","LS",1,40000,40000,2]
[null,"2024-02-22",2024,"Q1","15498","2 ","I-5: AURORA DONALD INTERCHANGE (EXIT 278) PHASE 2","0256-0109100A","TEMPORARY RETAINING WALL F","LS",1,80000,80000,2]
[null,"2024-02-22",2024,"Q1","15498","2 ","I-5: AURORA DONALD INTERCHANGE (EXIT 278) PHASE 2","0256-0109100A","TEMPORARY RETAINING WALL D","LS",1,45000,45000,2]
[null,"2024-02-22",2024,"Q1","15498","2 ","I-5: AURORA DONALD INTERCHANGE (EXIT 278) PHASE 2","0256-0109100A","TEMPORARY RETAINING WALL A","LS",1,40000,40000,2]
[null,"2024-02-22",2024,"Q1","15498","2 ","I-5: AURORA DONALD INTERCHANGE (EXIT 278) PHASE 2","0256-0109100A","TEMPORARY RETAINING WALL C","LS",1,45000,45000,2]
[null,"2024-02-22",2024,"Q1","15498","2 ","I-5: AURORA DONALD INTERCHANGE (EXIT 278) PHASE 2","0256-0109100A","TEMPORARY RETAINING WALL E","LS",1,30000,30000,3]
[null,"2024-02-22",2024,"Q1","15498","2 ","I-5: AURORA DONALD INTERCHANGE (EXIT 278) PHASE 2","0256-0109100A","TEMPORARY RETAINING WALL C","LS",1,30000,30000,3]
[null,"2024-02-22",2024,"Q1","15498","2 ","I-5: AURORA DONALD INTERCHANGE (EXIT 278) PHASE 2","0256-0109100A","TEMPORARY RETAINING WALL F","LS",1,30000,30000,3]
[null,"2024-02-22",2024,"Q1","15498","2 ","I-5: AURORA DONALD INTERCHANGE (EXIT 278) PHASE 2","0256-0109100A","TEMPORARY RETAINING WALL A","LS",1,30000,30000,3]
[null,"2024-02-22",2024,"Q1","15498","2 ","I-5: AURORA DONALD INTERCHANGE (EXIT 278) PHASE 2","0256-0109100A","TEMPORARY RETAINING WALL B","LS",1,30000,30000,3]
[null,"2024-02-22",2024,"Q1","15498","2 ","I-5: AURORA DONALD INTERCHANGE (EXIT 278) PHASE 2","0256-0109100A","TEMPORARY RETAINING WALL D","LS",1,30000,30000,3]
[null,"2024-02-22",2024,"Q1","15498","2 ","I-5: AURORA DONALD INTERCHANGE (EXIT 278) PHASE 2","0256-0109100A","TEMPORARY RETAINING WALL C","LS",1,150000,150000,4]
[null,"2024-02-22",2024,"Q1","15498","2 ","I-5: AURORA DONALD INTERCHANGE (EXIT 278) PHASE 2","0256-0109100A","TEMPORARY RETAINING WALL A","LS",1,150000,150000,4]
[null,"2024-02-22",2024,"Q1","15498","2 ","I-5: AURORA DONALD INTERCHANGE (EXIT 278) PHASE 2","0256-0109100A","TEMPORARY RETAINING WALL E","LS",1,0.01,0.01,4]
[null,"2024-02-22",2024,"Q1","15498","2 ","I-5: AURORA DONALD INTERCHANGE (EXIT 278) PHASE 2","0256-0109100A","TEMPORARY RETAINING WALL F","LS",1,0.01,0.01,4]
[null,"2024-02-22",2024,"Q1","15498","2 ","I-5: AURORA DONALD INTERCHANGE (EXIT 278) PHASE 2","0256-0109100A","TEMPORARY RETAINING WALL D","LS",1,150000,150000,4]
[null,"2024-02-22",2024,"Q1","15498","2 ","I-5: AURORA DONALD INTERCHANGE (EXIT 278) PHASE 2","0256-0109100A","TEMPORARY RETAINING WALL B","LS",1,150000,150000,4]
[null,"2024-02-22",2024,"Q1","15498","2 ","I-5: AURORA DONALD INTERCHANGE (EXIT 278) PHASE 2","0256-0109100A","TEMPORARY RETAINING WALL D","LS",1,40000,40000,5]
[null,"2024-02-22",2024,"Q1","15498","2 ","I-5: AURORA DONALD INTERCHANGE (EXIT 278) PHASE 2","0256-0109100A","TEMPORARY RETAINING WALL E","LS",1,40000,40000,5]
[null,"2024-02-22",2024,"Q1","15498","2 ","I-5: AURORA DONALD INTERCHANGE (EXIT 278) PHASE 2","0256-0109100A","TEMPORARY RETAINING WALL F","LS",1,40000,40000,5]
[null,"2024-02-22",2024,"Q1","15498","2 ","I-5: AURORA DONALD INTERCHANGE (EXIT 278) PHASE 2","0256-0109100A","TEMPORARY RETAINING WALL C","LS",1,40000,40000,5]
[null,"2024-02-22",2024,"Q1","15498","2 ","I-5: AURORA DONALD INTERCHANGE (EXIT 278) PHASE 2","0256-0109100A","TEMPORARY RETAINING WALL B","LS",1,40000,40000,5]
[null,"2024-02-22",2024,"Q1","15498","2 ","I-5: AURORA DONALD INTERCHANGE (EXIT 278) PHASE 2","0256-0109100A","TEMPORARY RETAINING WALL A","LS",1,40000,40000,5]
[null,"2024-02-22",2024,"Q1","15498","2 ","I-5: AURORA DONALD INTERCHANGE (EXIT 278) PHASE 2","0256-0109100A","TEMPORARY RETAINING WALL F","LS",1,130000,130000,6]
[null,"2024-02-22",2024,"Q1","15498","2 ","I-5: AURORA DONALD INTERCHANGE (EXIT 278) PHASE 2","0256-0109100A","TEMPORARY RETAINING WALL A","LS",1,25000,25000,6]
[null,"2024-02-22",2024,"Q1","15498","2 ","I-5: AURORA DONALD INTERCHANGE (EXIT 278) PHASE 2","0256-0109100A","TEMPORARY RETAINING WALL B","LS",1,25000,25000,6]
[null,"2024-02-22",2024,"Q1","15498","2 ","I-5: AURORA DONALD INTERCHANGE (EXIT 278) PHASE 2","0256-0109100A","TEMPORARY RETAINING WALL C","LS",1,30000,30000,6]
[null,"2024-02-22",2024,"Q1","15498","2 ","I-5: AURORA DONALD INTERCHANGE (EXIT 278) PHASE 2","0256-0109100A","TEMPORARY RETAINING WALL D","LS",1,30000,30000,6]
[null,"2024-02-22",2024,"Q1","15498","2 ","I-5: AURORA DONALD INTERCHANGE (EXIT 278) PHASE 2","0256-0109100A","TEMPORARY RETAINING WALL E","LS",1,120000,120000,6]
[null,"2024-02-22",2024,"Q1","15498","2 ","I-5: AURORA DONALD INTERCHANGE (EXIT 278) PHASE 2","0256-0109100A","TEMPORARY RETAINING WALL D","LS",1,35400,35400,7]
[null,"2024-02-22",2024,"Q1","15498","2 ","I-5: AURORA DONALD INTERCHANGE (EXIT 278) PHASE 2","0256-0109100A","TEMPORARY RETAINING WALL E","LS",1,72500,72500,7]
[null,"2024-02-22",2024,"Q1","15498","2 ","I-5: AURORA DONALD INTERCHANGE (EXIT 278) PHASE 2","0256-0109100A","TEMPORARY RETAINING WALL B","LS",1,34200,34200,7]
[null,"2024-02-22",2024,"Q1","15498","2 ","I-5: AURORA DONALD INTERCHANGE (EXIT 278) PHASE 2","0256-0109100A","TEMPORARY RETAINING WALL A","LS",1,40900,40900,7]
[null,"2024-02-22",2024,"Q1","15498","2 ","I-5: AURORA DONALD INTERCHANGE (EXIT 278) PHASE 2","0256-0109100A","TEMPORARY RETAINING WALL C","LS",1,47300,47300,7]
[null,"2024-02-22",2024,"Q1","15498","2 ","I-5: AURORA DONALD INTERCHANGE (EXIT 278) PHASE 2","0256-0109100A","TEMPORARY RETAINING WALL F","LS",1,72500,72500,7]
[null,"2024-02-22",2024,"Q1","15498","2 ","I-5: AURORA DONALD INTERCHANGE (EXIT 278) PHASE 2","0280-0101000J","PLASTIC SHEETING","SQYD",5000,4.75,23750,1]
[null,"2024-02-22",2024,"Q1","15498","2 ","I-5: AURORA DONALD INTERCHANGE (EXIT 278) PHASE 2","0280-0101000J","PLASTIC SHEETING","SQYD",5000,1.5,7500,2]
[null,"2024-02-22",2024,"Q1","15498","2 ","I-5: AURORA DONALD INTERCHANGE (EXIT 278) PHASE 2","0280-0101000J","PLASTIC SHEETING","SQYD",5000,3,15000,3]
[null,"2024-02-22",2024,"Q1","15498","2 ","I-5: AURORA DONALD INTERCHANGE (EXIT 278) PHASE 2","0280-0101000J","PLASTIC SHEETING","SQYD",5000,3,15000,4]
[null,"2024-02-22",2024,"Q1","15498","2 ","I-5: AURORA DONALD INTERCHANGE (EXIT 278) PHASE 2","0280-0101000J","PLASTIC SHEETING","SQYD",5000,2.25,11250,5]
[null,"2024-02-22",2024,"Q1","15498","2 ","I-5: AURORA DONALD INTERCHANGE (EXIT 278) PHASE 2","0280-0101000J","PLASTIC SHEETING","SQYD",5000,8,40000,6]
[null,"2024-02-22",2024,"Q1","15498","2 ","I-5: AURORA DONALD INTERCHANGE (EXIT 278) PHASE 2","0280-0101000J","PLASTIC SHEETING","SQYD",5000,3.2,16000,7]
[null,"2024-02-22",2024,"Q1","15498","2 ","I-5: AURORA DONALD INTERCHANGE (EXIT 278) PHASE 2","0280-0104010R","TEMPORARY MULCHING, HYDROMULCH","ACRE",9,2000,18000,1]
[null,"2024-02-22",2024,"Q1","15498","2 ","I-5: AURORA DONALD INTERCHANGE (EXIT 278) PHASE 2","0280-0104010R","TEMPORARY MULCHING, HYDROMULCH","ACRE",9,2000,18000,2]
[null,"2024-02-22",2024,"Q1","15498","2 ","I-5: AURORA DONALD INTERCHANGE (EXIT 278) PHASE 2","0280-0104010R","TEMPORARY MULCHING, HYDROMULCH","ACRE",9,2000,18000,3]
[null,"2024-02-22",2024,"Q1","15498","2 ","I-5: AURORA DONALD INTERCHANGE (EXIT 278) PHASE 2","0280-0104010R","TEMPORARY MULCHING, HYDROMULCH","ACRE",9,2000,18000,4]
[null,"2024-02-22",2024,"Q1","15498","2 ","I-5: AURORA DONALD INTERCHANGE (EXIT 278) PHASE 2","0280-0104010R","TEMPORARY MULCHING, HYDROMULCH","ACRE",9,1850,16650,5]
[null,"2024-02-22",2024,"Q1","15498","2 ","I-5: AURORA DONALD INTERCHANGE (EXIT 278) PHASE 2","0280-0104010R","TEMPORARY MULCHING, HYDROMULCH","ACRE",9,1850,16650,6]
[null,"2024-02-22",2024,"Q1","15498","2 ","I-5: AURORA DONALD INTERCHANGE (EXIT 278) PHASE 2","0280-0104010R","TEMPORARY MULCHING, HYDROMULCH","ACRE",9,1850,16650,7]
[null,"2024-02-22",2024,"Q1","15498","2 ","I-5: AURORA DONALD INTERCHANGE (EXIT 278) PHASE 2","0280-0104020R","TEMPORARY MULCHING, STRAW","ACRE",10,3000,30000,1]
[null,"2024-02-22",2024,"Q1","15498","2 ","I-5: AURORA DONALD INTERCHANGE (EXIT 278) PHASE 2","0280-0104020R","TEMPORARY MULCHING, STRAW","ACRE",10,3000,30000,2]
[null,"2024-02-22",2024,"Q1","15498","2 ","I-5: AURORA DONALD INTERCHANGE (EXIT 278) PHASE 2","0280-0104020R","TEMPORARY MULCHING, STRAW","ACRE",10,3000,30000,3]
[null,"2024-02-22",2024,"Q1","15498","2 ","I-5: AURORA DONALD INTERCHANGE (EXIT 278) PHASE 2","0280-0104020R","TEMPORARY MULCHING, STRAW","ACRE",10,2000,20000,4]
[null,"2024-02-22",2024,"Q1","15498","2 ","I-5: AURORA DONALD INTERCHANGE (EXIT 278) PHASE 2","0280-0104020R","TEMPORARY MULCHING, STRAW","ACRE",10,2800,28000,5]
[null,"2024-02-22",2024,"Q1","15498","2 ","I-5: AURORA DONALD INTERCHANGE (EXIT 278) PHASE 2","0280-0104020R","TEMPORARY MULCHING, STRAW","ACRE",10,2800,28000,6]
[null,"2024-02-22",2024,"Q1","15498","2 ","I-5: AURORA DONALD INTERCHANGE (EXIT 278) PHASE 2","0280-0104020R","TEMPORARY MULCHING, STRAW","ACRE",10,2800,28000,7]
[null,"2024-02-22",2024,"Q1","15498","2 ","I-5: AURORA DONALD INTERCHANGE (EXIT 278) PHASE 2","0280-0105020J","MATTING, TYPE B","SQYD",1030,10,10300,1]
[null,"2024-02-22",2024,"Q1","15498","2 ","I-5: AURORA DONALD INTERCHANGE (EXIT 278) PHASE 2","0280-0105020J","MATTING, TYPE B","SQYD",1030,7.5,7725,2]
[null,"2024-02-22",2024,"Q1","15498","2 ","I-5: AURORA DONALD INTERCHANGE (EXIT 278) PHASE 2","0280-0105020J","MATTING, TYPE B","SQYD",1030,7.5,7725,3]
[null,"2024-02-22",2024,"Q1","15498","2 ","I-5: AURORA DONALD INTERCHANGE (EXIT 278) PHASE 2","0280-0105020J","MATTING, TYPE B","SQYD",1030,6.5,6695,4]
[null,"2024-02-22",2024,"Q1","15498","2 ","I-5: AURORA DONALD INTERCHANGE (EXIT 278) PHASE 2","0280-0105020J","MATTING, TYPE B","SQYD",1030,7,7210,5]
[null,"2024-02-22",2024,"Q1","15498","2 ","I-5: AURORA DONALD INTERCHANGE (EXIT 278) PHASE 2","0280-0105020J","MATTING, TYPE B","SQYD",1030,7,7210,6]
[null,"2024-02-22",2024,"Q1","15498","2 ","I-5: AURORA DONALD INTERCHANGE (EXIT 278) PHASE 2","0280-0105020J","MATTING, TYPE B","SQYD",1030,7,7210,7]
[null,"2024-02-22",2024,"Q1","15498","2 ","I-5: AURORA DONALD INTERCHANGE (EXIT 278) PHASE 2","0280-0106060E","CHECK DAM, TYPE 6","EACH",166,175,29050,1]
[null,"2024-02-22",2024,"Q1","15498","2 ","I-5: AURORA DONALD INTERCHANGE (EXIT 278) PHASE 2","0280-0106060E","CHECK DAM, TYPE 6","EACH",166,160,26560,2]
[null,"2024-02-22",2024,"Q1","15498","2 ","I-5: AURORA DONALD INTERCHANGE (EXIT 278) PHASE 2","0280-0106060E","CHECK DAM, TYPE 6","EACH",166,160,26560,3]
[null,"2024-02-22",2024,"Q1","15498","2 ","I-5: AURORA DONALD INTERCHANGE (EXIT 278) PHASE 2","0280-0106060E","CHECK DAM, TYPE 6","EACH",166,125,20750,4]
[null,"2024-02-22",2024,"Q1","15498","2 ","I-5: AURORA DONALD INTERCHANGE (EXIT 278) PHASE 2","0280-0106060E","CHECK DAM, TYPE 6","EACH",166,175,29050,5]
[null,"2024-02-22",2024,"Q1","15498","2 ","I-5: AURORA DONALD INTERCHANGE (EXIT 278) PHASE 2","0280-0106060E","CHECK DAM, TYPE 6","EACH",166,150,24900,6]
[null,"2024-02-22",2024,"Q1","15498","2 ","I-5: AURORA DONALD INTERCHANGE (EXIT 278) PHASE 2","0280-0106060E","CHECK DAM, TYPE 6","EACH",166,150,24900,7]
[null,"2024-02-22",2024,"Q1","15498","2 ","I-5: AURORA DONALD INTERCHANGE (EXIT 278) PHASE 2","0280-0110010E","CONSTRUCTION ENTRANCE, TYPE 1","EACH",7,4500,31500,1]
[null,"2024-02-22",2024,"Q1","15498","2 ","I-5: AURORA DONALD INTERCHANGE (EXIT 278) PHASE 2","0280-0110010E","CONSTRUCTION ENTRANCE, TYPE 1","EACH",7,2500,17500,2]
[null,"2024-02-22",2024,"Q1","15498","2 ","I-5: AURORA DONALD INTERCHANGE (EXIT 278) PHASE 2","0280-0110010E","CONSTRUCTION ENTRANCE, TYPE 1","EACH",7,3500,24500,3]
[null,"2024-02-22",2024,"Q1","15498","2 ","I-5: AURORA DONALD INTERCHANGE (EXIT 278) PHASE 2","0280-0110010E","CONSTRUCTION ENTRANCE, TYPE 1","EACH",7,4000,28000,4]
[null,"2024-02-22",2024,"Q1","15498","2 ","I-5: AURORA DONALD INTERCHANGE (EXIT 278) PHASE 2","0280-0110010E","CONSTRUCTION ENTRANCE, TYPE 1","EACH",7,4500,31500,5]
[null,"2024-02-22",2024,"Q1","15498","2 ","I-5: AURORA DONALD INTERCHANGE (EXIT 278) PHASE 2","0280-0110010E","CONSTRUCTION ENTRANCE, TYPE 1","EACH",7,4100,28700,6]
[null,"2024-02-22",2024,"Q1","15498","2 ","I-5: AURORA DONALD INTERCHANGE (EXIT 278) PHASE 2","0280-0110010E","CONSTRUCTION ENTRANCE, TYPE 1","EACH",7,3800,26600,7]
[null,"2024-02-22",2024,"Q1","15498","2 ","I-5: AURORA DONALD INTERCHANGE (EXIT 278) PHASE 2","0280-0112500E","CONCRETE WASHOUT FACILITY","EACH",1,5000,5000,1]
[null,"2024-02-22",2024,"Q1","15498","2 ","I-5: AURORA DONALD INTERCHANGE (EXIT 278) PHASE 2","0280-0112500E","CONCRETE WASHOUT FACILITY","EACH",1,1000,1000,2]
[null,"2024-02-22",2024,"Q1","15498","2 ","I-5: AURORA DONALD INTERCHANGE (EXIT 278) PHASE 2","0280-0112500E","CONCRETE WASHOUT FACILITY","EACH",1,15000,15000,3]
[null,"2024-02-22",2024,"Q1","15498","2 ","I-5: AURORA DONALD INTERCHANGE (EXIT 278) PHASE 2","0280-0112500E","CONCRETE WASHOUT FACILITY","EACH",1,2000,2000,4]
[null,"2024-02-22",2024,"Q1","15498","2 ","I-5: AURORA DONALD INTERCHANGE (EXIT 278) PHASE 2","0280-0112500E","CONCRETE WASHOUT FACILITY","EACH",1,1500,1500,5]
[null,"2024-02-22",2024,"Q1","15498","2 ","I-5: AURORA DONALD INTERCHANGE (EXIT 278) PHASE 2","0280-0112500E","CONCRETE WASHOUT FACILITY","EACH",1,2500,2500,6]
[null,"2024-02-22",2024,"Q1","15498","2 ","I-5: AURORA DONALD INTERCHANGE (EXIT 278) PHASE 2","0280-0112500E","CONCRETE WASHOUT FACILITY","EACH",1,5200,5200,7]
[null,"2024-02-22",2024,"Q1","15498","2 ","I-5: AURORA DONALD INTERCHANGE (EXIT 278) PHASE 2","0280-0113000F","SEDIMENT FENCE","FOOT",4500,2.5,11250,1]
[null,"2024-02-22",2024,"Q1","15498","2 ","I-5: AURORA DONALD INTERCHANGE (EXIT 278) PHASE 2","0280-0113000F","SEDIMENT FENCE","FOOT",4500,3,13500,2]
[null,"2024-02-22",2024,"Q1","15498","2 ","I-5: AURORA DONALD INTERCHANGE (EXIT 278) PHASE 2","0280-0113000F","SEDIMENT FENCE","FOOT",4500,4,18000,3]
[null,"2024-02-22",2024,"Q1","15498","2 ","I-5: AURORA DONALD INTERCHANGE (EXIT 278) PHASE 2","0280-0113000F","SEDIMENT FENCE","FOOT",4500,4,18000,4]
[null,"2024-02-22",2024,"Q1","15498","2 ","I-5: AURORA DONALD INTERCHANGE (EXIT 278) PHASE 2","0280-0113000F","SEDIMENT FENCE","FOOT",4500,6,27000,5]
[null,"2024-02-22",2024,"Q1","15498","2 ","I-5: AURORA DONALD INTERCHANGE (EXIT 278) PHASE 2","0280-0113000F","SEDIMENT FENCE","FOOT",4500,4,18000,6]
[null,"2024-02-22",2024,"Q1","15498","2 ","I-5: AURORA DONALD INTERCHANGE (EXIT 278) PHASE 2","0280-0113000F","SEDIMENT FENCE","FOOT",4500,2.5,11250,7]
[null,"2024-02-22",2024,"Q1","15498","2 ","I-5: AURORA DONALD INTERCHANGE (EXIT 278) PHASE 2","0280-0114030E","INLET PROTECTION, TYPE 3","EACH",130,150,19500,1]
[null,"2024-02-22",2024,"Q1","15498","2 ","I-5: AURORA DONALD INTERCHANGE (EXIT 278) PHASE 2","0280-0114030E","INLET PROTECTION, TYPE 3","EACH",130,110,14300,2]
[null,"2024-02-22",2024,"Q1","15498","2 ","I-5: AURORA DONALD INTERCHANGE (EXIT 278) PHASE 2","0280-0114030E","INLET PROTECTION, TYPE 3","EACH",130,100,13000,3]
[null,"2024-02-22",2024,"Q1","15498","2 ","I-5: AURORA DONALD INTERCHANGE (EXIT 278) PHASE 2","0280-0114030E","INLET PROTECTION, TYPE 3","EACH",130,125,16250,4]
[null,"2024-02-22",2024,"Q1","15498","2 ","I-5: AURORA DONALD INTERCHANGE (EXIT 278) PHASE 2","0280-0114030E","INLET PROTECTION, TYPE 3","EACH",130,108,14040,5]
[null,"2024-02-22",2024,"Q1","15498","2 ","I-5: AURORA DONALD INTERCHANGE (EXIT 278) PHASE 2","0280-0114030E","INLET PROTECTION, TYPE 3","EACH",130,140,18200,6]
[null,"2024-02-22",2024,"Q1","15498","2 ","I-5: AURORA DONALD INTERCHANGE (EXIT 278) PHASE 2","0280-0114030E","INLET PROTECTION, TYPE 3","EACH",130,130,16900,7]
[null,"2024-02-22",2024,"Q1","15498","2 ","I-5: AURORA DONALD INTERCHANGE (EXIT 278) PHASE 2","0280-0114040E","INLET PROTECTION, TYPE 4","EACH",10,150,1500,1]
[null,"2024-02-22",2024,"Q1","15498","2 ","I-5: AURORA DONALD INTERCHANGE (EXIT 278) PHASE 2","0280-0114040E","INLET PROTECTION, TYPE 4","EACH",10,90,900,2]
[null,"2024-02-22",2024,"Q1","15498","2 ","I-5: AURORA DONALD INTERCHANGE (EXIT 278) PHASE 2","0280-0114040E","INLET PROTECTION, TYPE 4","EACH",10,80,800,3]
[null,"2024-02-22",2024,"Q1","15498","2 ","I-5: AURORA DONALD INTERCHANGE (EXIT 278) PHASE 2","0280-0114040E","INLET PROTECTION, TYPE 4","EACH",10,125,1250,4]
[null,"2024-02-22",2024,"Q1","15498","2 ","I-5: AURORA DONALD INTERCHANGE (EXIT 278) PHASE 2","0280-0114040E","INLET PROTECTION, TYPE 4","EACH",10,146,1460,5]
[null,"2024-02-22",2024,"Q1","15498","2 ","I-5: AURORA DONALD INTERCHANGE (EXIT 278) PHASE 2","0280-0114040E","INLET PROTECTION, TYPE 4","EACH",10,145,1450,6]
[null,"2024-02-22",2024,"Q1","15498","2 ","I-5: AURORA DONALD INTERCHANGE (EXIT 278) PHASE 2","0280-0114040E","INLET PROTECTION, TYPE 4","EACH",10,130,1300,7]
[null,"2024-02-22",2024,"Q1","15498","2 ","I-5: AURORA DONALD INTERCHANGE (EXIT 278) PHASE 2","0280-0114070E","INLET PROTECTION, TYPE 7","EACH",17,150,2550,1]
[null,"2024-02-22",2024,"Q1","15498","2 ","I-5: AURORA DONALD INTERCHANGE (EXIT 278) PHASE 2","0280-0114070E","INLET PROTECTION, TYPE 7","EACH",17,130,2210,2]
[null,"2024-02-22",2024,"Q1","15498","2 ","I-5: AURORA DONALD INTERCHANGE (EXIT 278) PHASE 2","0280-0114070E","INLET PROTECTION, TYPE 7","EACH",17,130,2210,3]
[null,"2024-02-22",2024,"Q1","15498","2 ","I-5: AURORA DONALD INTERCHANGE (EXIT 278) PHASE 2","0280-0114070E","INLET PROTECTION, TYPE 7","EACH",17,125,2125,4]
[null,"2024-02-22",2024,"Q1","15498","2 ","I-5: AURORA DONALD INTERCHANGE (EXIT 278) PHASE 2","0280-0114070E","INLET PROTECTION, TYPE 7","EACH",17,73,1241,5]
[null,"2024-02-22",2024,"Q1","15498","2 ","I-5: AURORA DONALD INTERCHANGE (EXIT 278) PHASE 2","0280-0114070E","INLET PROTECTION, TYPE 7","EACH",17,170,2890,6]
[null,"2024-02-22",2024,"Q1","15498","2 ","I-5: AURORA DONALD INTERCHANGE (EXIT 278) PHASE 2","0280-0114070E","INLET PROTECTION, TYPE 7","EACH",17,120,2040,7]
[null,"2024-02-22",2024,"Q1","15498","2 ","I-5: AURORA DONALD INTERCHANGE (EXIT 278) PHASE 2","0280-0115030F","SEDIMENT BARRIER, TYPE 3","FOOT",12450,3.5,43575,1]
[null,"2024-02-22",2024,"Q1","15498","2 ","I-5: AURORA DONALD INTERCHANGE (EXIT 278) PHASE 2","0280-0115030F","SEDIMENT BARRIER, TYPE 3","FOOT",12450,4,49800,2]
[null,"2024-02-22",2024,"Q1","15498","2 ","I-5: AURORA DONALD INTERCHANGE (EXIT 278) PHASE 2","0280-0115030F","SEDIMENT BARRIER, TYPE 3","FOOT",12450,4,49800,3]
[null,"2024-02-22",2024,"Q1","15498","2 ","I-5: AURORA DONALD INTERCHANGE (EXIT 278) PHASE 2","0280-0115030F","SEDIMENT BARRIER, TYPE 3","FOOT",12450,5,62250,4]
[null,"2024-02-22",2024,"Q1","15498","2 ","I-5: AURORA DONALD INTERCHANGE (EXIT 278) PHASE 2","0280-0115030F","SEDIMENT BARRIER, TYPE 3","FOOT",12450,3,37350,5]
[null,"2024-02-22",2024,"Q1","15498","2 ","I-5: AURORA DONALD INTERCHANGE (EXIT 278) PHASE 2","0280-0115030F","SEDIMENT BARRIER, TYPE 3","FOOT",12450,5.5,68475,6]
[null,"2024-02-22",2024,"Q1","15498","2 ","I-5: AURORA DONALD INTERCHANGE (EXIT 278) PHASE 2","0280-0115030F","SEDIMENT BARRIER, TYPE 3","FOOT",12450,3.5,43575,7]
[null,"2024-02-22",2024,"Q1","15498","2 ","I-5: AURORA DONALD INTERCHANGE (EXIT 278) PHASE 2","0290-0100000A","POLLUTION CONTROL PLAN","LS",1,500,500,1]
[null,"2024-02-22",2024,"Q1","15498","2 ","I-5: AURORA DONALD INTERCHANGE (EXIT 278) PHASE 2","0290-0100000A","POLLUTION CONTROL PLAN","LS",1,2500,2500,2]
[null,"2024-02-22",2024,"Q1","15498","2 ","I-5: AURORA DONALD INTERCHANGE (EXIT 278) PHASE 2","0290-0100000A","POLLUTION CONTROL PLAN","LS",1,550,550,3]
[null,"2024-02-22",2024,"Q1","15498","2 ","I-5: AURORA DONALD INTERCHANGE (EXIT 278) PHASE 2","0290-0100000A","POLLUTION CONTROL PLAN","LS",1,3000,3000,4]
[null,"2024-02-22",2024,"Q1","15498","2 ","I-5: AURORA DONALD INTERCHANGE (EXIT 278) PHASE 2","0290-0100000A","POLLUTION CONTROL PLAN","LS",1,500,500,5]
[null,"2024-02-22",2024,"Q1","15498","2 ","I-5: AURORA DONALD INTERCHANGE (EXIT 278) PHASE 2","0290-0100000A","POLLUTION CONTROL PLAN","LS",1,5000,5000,6]
[null,"2024-02-22",2024,"Q1","15498","2 ","I-5: AURORA DONALD INTERCHANGE (EXIT 278) PHASE 2","0290-0100000A","POLLUTION CONTROL PLAN","LS",1,1000,1000,7]
[null,"2024-02-22",2024,"Q1","15498","2 ","I-5: AURORA DONALD INTERCHANGE (EXIT 278) PHASE 2","0290-0102000A","WORK CONTAINMENT PLAN","LS",1,500,500,1]
[null,"2024-02-22",2024,"Q1","15498","2 ","I-5: AURORA DONALD INTERCHANGE (EXIT 278) PHASE 2","0290-0102000A","WORK CONTAINMENT PLAN","LS",1,2500,2500,2]
[null,"2024-02-22",2024,"Q1","15498","2 ","I-5: AURORA DONALD INTERCHANGE (EXIT 278) PHASE 2","0290-0102000A","WORK CONTAINMENT PLAN","LS",1,550,550,3]
[null,"2024-02-22",2024,"Q1","15498","2 ","I-5: AURORA DONALD INTERCHANGE (EXIT 278) PHASE 2","0290-0102000A","WORK CONTAINMENT PLAN","LS",1,1000,1000,4]
[null,"2024-02-22",2024,"Q1","15498","2 ","I-5: AURORA DONALD INTERCHANGE (EXIT 278) PHASE 2","0290-0102000A","WORK CONTAINMENT PLAN","LS",1,500,500,5]
[null,"2024-02-22",2024,"Q1","15498","2 ","I-5: AURORA DONALD INTERCHANGE (EXIT 278) PHASE 2","0290-0102000A","WORK CONTAINMENT PLAN","LS",1,2500,2500,6]
[null,"2024-02-22",2024,"Q1","15498","2 ","I-5: AURORA DONALD INTERCHANGE (EXIT 278) PHASE 2","0290-0102000A","WORK CONTAINMENT PLAN","LS",1,5900,5900,7]
[null,"2024-02-22",2024,"Q1","15498","2 ","I-5: AURORA DONALD INTERCHANGE (EXIT 278) PHASE 2","0290-0200000A","TURBIDITY MONITORING","LS",1,2500,2500,1]
[null,"2024-02-22",2024,"Q1","15498","2 ","I-5: AURORA DONALD INTERCHANGE (EXIT 278) PHASE 2","0290-0200000A","TURBIDITY MONITORING","LS",1,4500,4500,2]
[null,"2024-02-22",2024,"Q1","15498","2 ","I-5: AURORA DONALD INTERCHANGE (EXIT 278) PHASE 2","0290-0200000A","TURBIDITY MONITORING","LS",1,30000,30000,3]
[null,"2024-02-22",2024,"Q1","15498","2 ","I-5: AURORA DONALD INTERCHANGE (EXIT 278) PHASE 2","0290-0200000A","TURBIDITY MONITORING","LS",1,1000,1000,4]
[null,"2024-02-22",2024,"Q1","15498","2 ","I-5: AURORA DONALD INTERCHANGE (EXIT 278) PHASE 2","0290-0200000A","TURBIDITY MONITORING","LS",1,5000,5000,5]
[null,"2024-02-22",2024,"Q1","15498","2 ","I-5: AURORA DONALD INTERCHANGE (EXIT 278) PHASE 2","0290-0200000A","TURBIDITY MONITORING","LS",1,1000,1000,6]
[null,"2024-02-22",2024,"Q1","15498","2 ","I-5: AURORA DONALD INTERCHANGE (EXIT 278) PHASE 2","0290-0200000A","TURBIDITY MONITORING","LS",1,56000,56000,7]
[null,"2024-02-22",2024,"Q1","15498","2 ","I-5: AURORA DONALD INTERCHANGE (EXIT 278) PHASE 2","0294-0100000A","HEALTH AND SAFETY PLAN","LS",1,1500,1500,1]
[null,"2024-02-22",2024,"Q1","15498","2 ","I-5: AURORA DONALD INTERCHANGE (EXIT 278) PHASE 2","0294-0100000A","HEALTH AND SAFETY PLAN","LS",1,3000,3000,2]
[null,"2024-02-22",2024,"Q1","15498","2 ","I-5: AURORA DONALD INTERCHANGE (EXIT 278) PHASE 2","0294-0100000A","HEALTH AND SAFETY PLAN","LS",1,550,550,3]
[null,"2024-02-22",2024,"Q1","15498","2 ","I-5: AURORA DONALD INTERCHANGE (EXIT 278) PHASE 2","0294-0100000A","HEALTH AND SAFETY PLAN","LS",1,5000,5000,4]
[null,"2024-02-22",2024,"Q1","15498","2 ","I-5: AURORA DONALD INTERCHANGE (EXIT 278) PHASE 2","0294-0100000A","HEALTH AND SAFETY PLAN","LS",1,500,500,5]
[null,"2024-02-22",2024,"Q1","15498","2 ","I-5: AURORA DONALD INTERCHANGE (EXIT 278) PHASE 2","0294-0100000A","HEALTH AND SAFETY PLAN","LS",1,5000,5000,6]
[null,"2024-02-22",2024,"Q1","15498","2 ","I-5: AURORA DONALD INTERCHANGE (EXIT 278) PHASE 2","0294-0100000A","HEALTH AND SAFETY PLAN","LS",1,1500,1500,7]
[null,"2024-02-22",2024,"Q1","15498","2 ","I-5: AURORA DONALD INTERCHANGE (EXIT 278) PHASE 2","0294-0200010M","CONTAMINATED SOIL DISPOSAL","TON",12952,40,518080,1]
[null,"2024-02-22",2024,"Q1","15498","2 ","I-5: AURORA DONALD INTERCHANGE (EXIT 278) PHASE 2","0294-0200010M","CONTAMINATED SOIL DISPOSAL","TON",12952,70,906640,2]
[null,"2024-02-22",2024,"Q1","15498","2 ","I-5: AURORA DONALD INTERCHANGE (EXIT 278) PHASE 2","0294-0200010M","CONTAMINATED SOIL DISPOSAL","TON",12952,80,1036160,3]
[null,"2024-02-22",2024,"Q1","15498","2 ","I-5: AURORA DONALD INTERCHANGE (EXIT 278) PHASE 2","0294-0200010M","CONTAMINATED SOIL DISPOSAL","TON",12952,20,259040,4]
[null,"2024-02-22",2024,"Q1","15498","2 ","I-5: AURORA DONALD INTERCHANGE (EXIT 278) PHASE 2","0294-0200010M","CONTAMINATED SOIL DISPOSAL","TON",12952,70,906640,5]
[null,"2024-02-22",2024,"Q1","15498","2 ","I-5: AURORA DONALD INTERCHANGE (EXIT 278) PHASE 2","0294-0200010M","CONTAMINATED SOIL DISPOSAL","TON",12952,85,1100920,6]
[null,"2024-02-22",2024,"Q1","15498","2 ","I-5: AURORA DONALD INTERCHANGE (EXIT 278) PHASE 2","0294-0200010M","CONTAMINATED SOIL DISPOSAL","TON",12952,70,906640,7]
[null,"2024-02-22",2024,"Q1","15498","2 ","I-5: AURORA DONALD INTERCHANGE (EXIT 278) PHASE 2","0294-0700000E","SOIL SAMPLE COLLECTION AND ANALYTICAL TESTING","EACH",3,4500,13500,1]
[null,"2024-02-22",2024,"Q1","15498","2 ","I-5: AURORA DONALD INTERCHANGE (EXIT 278) PHASE 2","0294-0700000E","SOIL SAMPLE COLLECTION AND ANALYTICAL TESTING","EACH",3,1200,3600,2]
[null,"2024-02-22",2024,"Q1","15498","2 ","I-5: AURORA DONALD INTERCHANGE (EXIT 278) PHASE 2","0294-0700000E","SOIL SAMPLE COLLECTION AND ANALYTICAL TESTING","EACH",3,3000,9000,3]
[null,"2024-02-22",2024,"Q1","15498","2 ","I-5: AURORA DONALD INTERCHANGE (EXIT 278) PHASE 2","0294-0700000E","SOIL SAMPLE COLLECTION AND ANALYTICAL TESTING","EACH",3,3000,9000,4]
[null,"2024-02-22",2024,"Q1","15498","2 ","I-5: AURORA DONALD INTERCHANGE (EXIT 278) PHASE 2","0294-0700000E","SOIL SAMPLE COLLECTION AND ANALYTICAL TESTING","EACH",3,2500,7500,5]
[null,"2024-02-22",2024,"Q1","15498","2 ","I-5: AURORA DONALD INTERCHANGE (EXIT 278) PHASE 2","0294-0700000E","SOIL SAMPLE COLLECTION AND ANALYTICAL TESTING","EACH",3,1250,3750,6]
[null,"2024-02-22",2024,"Q1","15498","2 ","I-5: AURORA DONALD INTERCHANGE (EXIT 278) PHASE 2","0294-0700000E","SOIL SAMPLE COLLECTION AND ANALYTICAL TESTING","EACH",3,2000,6000,7]
[null,"2024-02-22",2024,"Q1","15498","2 ","I-5: AURORA DONALD INTERCHANGE (EXIT 278) PHASE 2","0298-0400000A","ABANDON WATER WELLS","LS",1,5500,5500,1]
[null,"2024-02-22",2024,"Q1","15498","2 ","I-5: AURORA DONALD INTERCHANGE (EXIT 278) PHASE 2","0298-0400000A","ABANDON WATER WELLS","LS",1,33000,33000,2]
[null,"2024-02-22",2024,"Q1","15498","2 ","I-5: AURORA DONALD INTERCHANGE (EXIT 278) PHASE 2","0298-0400000A","ABANDON WATER WELLS","LS",1,25000,25000,3]
[null,"2024-02-22",2024,"Q1","15498","2 ","I-5: AURORA DONALD INTERCHANGE (EXIT 278) PHASE 2","0298-0400000A","ABANDON WATER WELLS","LS",1,40000,40000,4]
[null,"2024-02-22",2024,"Q1","15498","2 ","I-5: AURORA DONALD INTERCHANGE (EXIT 278) PHASE 2","0298-0400000A","ABANDON WATER WELLS","LS",1,15000,15000,5]
[null,"2024-02-22",2024,"Q1","15498","2 ","I-5: AURORA DONALD INTERCHANGE (EXIT 278) PHASE 2","0298-0400000A","ABANDON WATER WELLS","LS",1,25000,25000,6]
[null,"2024-02-22",2024,"Q1","15498","2 ","I-5: AURORA DONALD INTERCHANGE (EXIT 278) PHASE 2","0298-0400000A","ABANDON WATER WELLS","LS",1,15000,15000,7]
[null,"2024-02-22",2024,"Q1","15498","2 ","I-5: AURORA DONALD INTERCHANGE (EXIT 278) PHASE 2","0310-0106000A","REMOVAL OF STRUCTURES AND OBSTRUCTIONS","LS",1,375000,375000,1]
[null,"2024-02-22",2024,"Q1","15498","2 ","I-5: AURORA DONALD INTERCHANGE (EXIT 278) PHASE 2","0310-0106000A","REMOVAL OF STRUCTURES AND OBSTRUCTIONS","LS",1,380000,380000,2]
[null,"2024-02-22",2024,"Q1","15498","2 ","I-5: AURORA DONALD INTERCHANGE (EXIT 278) PHASE 2","0310-0106000A","REMOVAL OF STRUCTURES AND OBSTRUCTIONS","LS",1,350000,350000,3]
[null,"2024-02-22",2024,"Q1","15498","2 ","I-5: AURORA DONALD INTERCHANGE (EXIT 278) PHASE 2","0310-0106000A","REMOVAL OF STRUCTURES AND OBSTRUCTIONS","LS",1,700000,700000,4]
[null,"2024-02-22",2024,"Q1","15498","2 ","I-5: AURORA DONALD INTERCHANGE (EXIT 278) PHASE 2","0310-0106000A","REMOVAL OF STRUCTURES AND OBSTRUCTIONS","LS",1,350000,350000,5]
[null,"2024-02-22",2024,"Q1","15498","2 ","I-5: AURORA DONALD INTERCHANGE (EXIT 278) PHASE 2","0310-0106000A","REMOVAL OF STRUCTURES AND OBSTRUCTIONS","LS",1,450000,450000,6]
[null,"2024-02-22",2024,"Q1","15498","2 ","I-5: AURORA DONALD INTERCHANGE (EXIT 278) PHASE 2","0310-0106000A","REMOVAL OF STRUCTURES AND OBSTRUCTIONS","LS",1,1200000,1200000,7]
[null,"2024-02-22",2024,"Q1","15498","2 ","I-5: AURORA DONALD INTERCHANGE (EXIT 278) PHASE 2","0320-0100000A","CLEARING AND GRUBBING","ACRE",29,12931.034482758621,375000,1]
[null,"2024-02-22",2024,"Q1","15498","2 ","I-5: AURORA DONALD INTERCHANGE (EXIT 278) PHASE 2","0320-0100000A","CLEARING AND GRUBBING","ACRE",29,4137.9310344827591,120000,2]
[null,"2024-02-22",2024,"Q1","15498","2 ","I-5: AURORA DONALD INTERCHANGE (EXIT 278) PHASE 2","0320-0100000A","CLEARING AND GRUBBING","ACRE",29,10344.827586206897,300000,3]
[null,"2024-02-22",2024,"Q1","15498","2 ","I-5: AURORA DONALD INTERCHANGE (EXIT 278) PHASE 2","0320-0100000A","CLEARING AND GRUBBING","ACRE",29,6896.5517241379312,200000,4]
[null,"2024-02-22",2024,"Q1","15498","2 ","I-5: AURORA DONALD INTERCHANGE (EXIT 278) PHASE 2","0320-0100000A","CLEARING AND GRUBBING","ACRE",29,6896.5517241379312,200000,5]
[null,"2024-02-22",2024,"Q1","15498","2 ","I-5: AURORA DONALD INTERCHANGE (EXIT 278) PHASE 2","0320-0100000A","CLEARING AND GRUBBING","ACRE",29,4310.3448275862065,125000,6]
[null,"2024-02-22",2024,"Q1","15498","2 ","I-5: AURORA DONALD INTERCHANGE (EXIT 278) PHASE 2","0320-0100000A","CLEARING AND GRUBBING","ACRE",29,25862.068965517243,750000,7]
[null,"2024-02-22",2024,"Q1","15498","2 ","I-5: AURORA DONALD INTERCHANGE (EXIT 278) PHASE 2","0330-0101000K","DITCH EXCAVATION","CUYD",354,31,10974,1]
[null,"2024-02-22",2024,"Q1","15498","2 ","I-5: AURORA DONALD INTERCHANGE (EXIT 278) PHASE 2","0330-0101000K","DITCH EXCAVATION","CUYD",354,30,10620,2]
[null,"2024-02-22",2024,"Q1","15498","2 ","I-5: AURORA DONALD INTERCHANGE (EXIT 278) PHASE 2","0330-0101000K","DITCH EXCAVATION","CUYD",354,50,17700,3]
[null,"2024-02-22",2024,"Q1","15498","2 ","I-5: AURORA DONALD INTERCHANGE (EXIT 278) PHASE 2","0330-0101000K","DITCH EXCAVATION","CUYD",354,60,21240,4]
[null,"2024-02-22",2024,"Q1","15498","2 ","I-5: AURORA DONALD INTERCHANGE (EXIT 278) PHASE 2","0330-0101000K","DITCH EXCAVATION","CUYD",354,50,17700,5]
[null,"2024-02-22",2024,"Q1","15498","2 ","I-5: AURORA DONALD INTERCHANGE (EXIT 278) PHASE 2","0330-0101000K","DITCH EXCAVATION","CUYD",354,51,18054,6]
[null,"2024-02-22",2024,"Q1","15498","2 ","I-5: AURORA DONALD INTERCHANGE (EXIT 278) PHASE 2","0330-0101000K","DITCH EXCAVATION","CUYD",354,34,12036,7]
[null,"2024-02-22",2024,"Q1","15498","2 ","I-5: AURORA DONALD INTERCHANGE (EXIT 278) PHASE 2","0330-0105000K","GENERAL EXCAVATION","CUYD",142000,22.2,3152400,1]
[null,"2024-02-22",2024,"Q1","15498","2 ","I-5: AURORA DONALD INTERCHANGE (EXIT 278) PHASE 2","0330-0105000K","GENERAL EXCAVATION","CUYD",142000,21,2982000,2]
[null,"2024-02-22",2024,"Q1","15498","2 ","I-5: AURORA DONALD INTERCHANGE (EXIT 278) PHASE 2","0330-0105000K","GENERAL EXCAVATION","CUYD",142000,20,2840000,3]
[null,"2024-02-22",2024,"Q1","15498","2 ","I-5: AURORA DONALD INTERCHANGE (EXIT 278) PHASE 2","0330-0105000K","GENERAL EXCAVATION","CUYD",142000,25,3550000,4]
[null,"2024-02-22",2024,"Q1","15498","2 ","I-5: AURORA DONALD INTERCHANGE (EXIT 278) PHASE 2","0330-0105000K","GENERAL EXCAVATION","CUYD",142000,30,4260000,5]
[null,"2024-02-22",2024,"Q1","15498","2 ","I-5: AURORA DONALD INTERCHANGE (EXIT 278) PHASE 2","0330-0105000K","GENERAL EXCAVATION","CUYD",142000,21,2982000,6]
[null,"2024-02-22",2024,"Q1","15498","2 ","I-5: AURORA DONALD INTERCHANGE (EXIT 278) PHASE 2","0330-0105000K","GENERAL EXCAVATION","CUYD",142000,32,4544000,7]
[null,"2024-02-22",2024,"Q1","15498","2 ","I-5: AURORA DONALD INTERCHANGE (EXIT 278) PHASE 2","0330-0126000K","STONE EMBANKMENT","CUYD",257,54.9,14109.3,1]
[null,"2024-02-22",2024,"Q1","15498","2 ","I-5: AURORA DONALD INTERCHANGE (EXIT 278) PHASE 2","0330-0126000K","STONE EMBANKMENT","CUYD",520,60,31200,1]
[null,"2024-02-22",2024,"Q1","15498","2 ","I-5: AURORA DONALD INTERCHANGE (EXIT 278) PHASE 2","0330-0126000K","STONE EMBANKMENT","CUYD",520,50,26000,2]
[null,"2024-02-22",2024,"Q1","15498","2 ","I-5: AURORA DONALD INTERCHANGE (EXIT 278) PHASE 2","0330-0126000K","STONE EMBANKMENT","CUYD",257,60,15420,2]
[null,"2024-02-22",2024,"Q1","15498","2 ","I-5: AURORA DONALD INTERCHANGE (EXIT 278) PHASE 2","0330-0126000K","STONE EMBANKMENT","CUYD",257,90,23130,3]
[null,"2024-02-22",2024,"Q1","15498","2 ","I-5: AURORA DONALD INTERCHANGE (EXIT 278) PHASE 2","0330-0126000K","STONE EMBANKMENT","CUYD",520,95,49400,3]
[null,"2024-02-22",2024,"Q1","15498","2 ","I-5: AURORA DONALD INTERCHANGE (EXIT 278) PHASE 2","0330-0126000K","STONE EMBANKMENT","CUYD",257,100,25700,4]
[null,"2024-02-22",2024,"Q1","15498","2 ","I-5: AURORA DONALD INTERCHANGE (EXIT 278) PHASE 2","0330-0126000K","STONE EMBANKMENT","CUYD",520,100,52000,4]
[null,"2024-02-22",2024,"Q1","15498","2 ","I-5: AURORA DONALD INTERCHANGE (EXIT 278) PHASE 2","0330-0126000K","STONE EMBANKMENT","CUYD",257,96,24672,5]
[null,"2024-02-22",2024,"Q1","15498","2 ","I-5: AURORA DONALD INTERCHANGE (EXIT 278) PHASE 2","0330-0126000K","STONE EMBANKMENT","CUYD",520,115,59800,5]
[null,"2024-02-22",2024,"Q1","15498","2 ","I-5: AURORA DONALD INTERCHANGE (EXIT 278) PHASE 2","0330-0126000K","STONE EMBANKMENT","CUYD",520,98,50960,6]
[null,"2024-02-22",2024,"Q1","15498","2 ","I-5: AURORA DONALD INTERCHANGE (EXIT 278) PHASE 2","0330-0126000K","STONE EMBANKMENT","CUYD",257,96,24672,6]
[null,"2024-02-22",2024,"Q1","15498","2 ","I-5: AURORA DONALD INTERCHANGE (EXIT 278) PHASE 2","0330-0126000K","STONE EMBANKMENT","CUYD",257,110,28270,7]
[null,"2024-02-22",2024,"Q1","15498","2 ","I-5: AURORA DONALD INTERCHANGE (EXIT 278) PHASE 2","0330-0126000K","STONE EMBANKMENT","CUYD",520,100,52000,7]
[null,"2024-02-22",2024,"Q1","15498","2 ","I-5: AURORA DONALD INTERCHANGE (EXIT 278) PHASE 2","0330-0132000K","EXTRA FOR SELECTED GRANULAR BACKFILL MATERIAL","CUYD",1950,69,134550,1]
[null,"2024-02-22",2024,"Q1","15498","2 ","I-5: AURORA DONALD INTERCHANGE (EXIT 278) PHASE 2","0330-0132000K","EXTRA FOR SELECTED GRANULAR BACKFILL MATERIAL","CUYD",1950,16,31200,2]
[null,"2024-02-22",2024,"Q1","15498","2 ","I-5: AURORA DONALD INTERCHANGE (EXIT 278) PHASE 2","0330-0132000K","EXTRA FOR SELECTED GRANULAR BACKFILL MATERIAL","CUYD",1950,60,117000,3]
[null,"2024-02-22",2024,"Q1","15498","2 ","I-5: AURORA DONALD INTERCHANGE (EXIT 278) PHASE 2","0330-0132000K","EXTRA FOR SELECTED GRANULAR BACKFILL MATERIAL","CUYD",1950,38,74100,4]
[null,"2024-02-22",2024,"Q1","15498","2 ","I-5: AURORA DONALD INTERCHANGE (EXIT 278) PHASE 2","0330-0132000K","EXTRA FOR SELECTED GRANULAR BACKFILL MATERIAL","CUYD",1950,13,25350,5]
[null,"2024-02-22",2024,"Q1","15498","2 ","I-5: AURORA DONALD INTERCHANGE (EXIT 278) PHASE 2","0330-0132000K","EXTRA FOR SELECTED GRANULAR BACKFILL MATERIAL","CUYD",1950,62,120900,6]
[null,"2024-02-22",2024,"Q1","15498","2 ","I-5: AURORA DONALD INTERCHANGE (EXIT 278) PHASE 2","0330-0132000K","EXTRA FOR SELECTED GRANULAR BACKFILL MATERIAL","CUYD",1950,77,150150,7]
[null,"2024-02-22",2024,"Q1","15498","2 ","I-5: AURORA DONALD INTERCHANGE (EXIT 278) PHASE 2","0344-0102000J","TREATED SUBGRADE, 12 INCHES THICK","SQYD",93500,6.5,607750,1]
[null,"2024-02-22",2024,"Q1","15498","2 ","I-5: AURORA DONALD INTERCHANGE (EXIT 278) PHASE 2","0344-0102000J","TREATED SUBGRADE, 12 INCHES THICK","SQYD",93500,7,654500,2]
[null,"2024-02-22",2024,"Q1","15498","2 ","I-5: AURORA DONALD INTERCHANGE (EXIT 278) PHASE 2","0344-0102000J","TREATED SUBGRADE, 12 INCHES THICK","SQYD",93500,7,654500,3]
[null,"2024-02-22",2024,"Q1","15498","2 ","I-5: AURORA DONALD INTERCHANGE (EXIT 278) PHASE 2","0344-0102000J","TREATED SUBGRADE, 12 INCHES THICK","SQYD",93500,10,935000,4]
[null,"2024-02-22",2024,"Q1","15498","2 ","I-5: AURORA DONALD INTERCHANGE (EXIT 278) PHASE 2","0344-0102000J","TREATED SUBGRADE, 12 INCHES THICK","SQYD",93500,5.8,542300,5]
[null,"2024-02-22",2024,"Q1","15498","2 ","I-5: AURORA DONALD INTERCHANGE (EXIT 278) PHASE 2","0344-0102000J","TREATED SUBGRADE, 12 INCHES THICK","SQYD",93500,6.75,631125,6]
[null,"2024-02-22",2024,"Q1","15498","2 ","I-5: AURORA DONALD INTERCHANGE (EXIT 278) PHASE 2","0344-0102000J","TREATED SUBGRADE, 12 INCHES THICK","SQYD",93500,8,748000,7]
[null,"2024-02-22",2024,"Q1","15498","2 ","I-5: AURORA DONALD INTERCHANGE (EXIT 278) PHASE 2","0350-0100000J","DRAINAGE GEOTEXTILE, TYPE 1","SQYD",150,6,900,1]
[null,"2024-02-22",2024,"Q1","15498","2 ","I-5: AURORA DONALD INTERCHANGE (EXIT 278) PHASE 2","0350-0100000J","DRAINAGE GEOTEXTILE, TYPE 1","SQYD",150,2,300,2]
[null,"2024-02-22",2024,"Q1","15498","2 ","I-5: AURORA DONALD INTERCHANGE (EXIT 278) PHASE 2","0350-0100000J","DRAINAGE GEOTEXTILE, TYPE 1","SQYD",150,5,750,3]
[null,"2024-02-22",2024,"Q1","15498","2 ","I-5: AURORA DONALD INTERCHANGE (EXIT 278) PHASE 2","0350-0100000J","DRAINAGE GEOTEXTILE, TYPE 1","SQYD",150,5,750,4]
[null,"2024-02-22",2024,"Q1","15498","2 ","I-5: AURORA DONALD INTERCHANGE (EXIT 278) PHASE 2","0350-0100000J","DRAINAGE GEOTEXTILE, TYPE 1","SQYD",150,3,450,5]
[null,"2024-02-22",2024,"Q1","15498","2 ","I-5: AURORA DONALD INTERCHANGE (EXIT 278) PHASE 2","0350-0100000J","DRAINAGE GEOTEXTILE, TYPE 1","SQYD",150,5,750,6]
[null,"2024-02-22",2024,"Q1","15498","2 ","I-5: AURORA DONALD INTERCHANGE (EXIT 278) PHASE 2","0350-0100000J","DRAINAGE GEOTEXTILE, TYPE 1","SQYD",150,2.5,375,7]
[null,"2024-02-22",2024,"Q1","15498","2 ","I-5: AURORA DONALD INTERCHANGE (EXIT 278) PHASE 2","0350-0101000J","DRAINAGE GEOTEXTILE, TYPE 2","SQYD",3094,3.4499999999999997,10674.3,1]
[null,"2024-02-22",2024,"Q1","15498","2 ","I-5: AURORA DONALD INTERCHANGE (EXIT 278) PHASE 2","0350-0101000J","DRAINAGE GEOTEXTILE, TYPE 2","SQYD",3094,2,6188,2]
[null,"2024-02-22",2024,"Q1","15498","2 ","I-5: AURORA DONALD INTERCHANGE (EXIT 278) PHASE 2","0350-0101000J","DRAINAGE GEOTEXTILE, TYPE 2","SQYD",3094,3,9282,3]
[null,"2024-02-22",2024,"Q1","15498","2 ","I-5: AURORA DONALD INTERCHANGE (EXIT 278) PHASE 2","0350-0101000J","DRAINAGE GEOTEXTILE, TYPE 2","SQYD",3094,5,15470,4]
[null,"2024-02-22",2024,"Q1","15498","2 ","I-5: AURORA DONALD INTERCHANGE (EXIT 278) PHASE 2","0350-0101000J","DRAINAGE GEOTEXTILE, TYPE 2","SQYD",3094,3,9282,5]
[null,"2024-02-22",2024,"Q1","15498","2 ","I-5: AURORA DONALD INTERCHANGE (EXIT 278) PHASE 2","0350-0101000J","DRAINAGE GEOTEXTILE, TYPE 2","SQYD",3094,3,9282,6]
[null,"2024-02-22",2024,"Q1","15498","2 ","I-5: AURORA DONALD INTERCHANGE (EXIT 278) PHASE 2","0350-0101000J","DRAINAGE GEOTEXTILE, TYPE 2","SQYD",3094,2.2999999999999998,7116.2,7]
[null,"2024-02-22",2024,"Q1","15498","2 ","I-5: AURORA DONALD INTERCHANGE (EXIT 278) PHASE 2","0350-0105000J","SUBGRADE GEOTEXTILE","SQYD",105000,1.4,147000,1]
[null,"2024-02-22",2024,"Q1","15498","2 ","I-5: AURORA DONALD INTERCHANGE (EXIT 278) PHASE 2","0350-0105000J","SUBGRADE GEOTEXTILE","SQYD",105000,1.5,157500,2]
[null,"2024-02-22",2024,"Q1","15498","2 ","I-5: AURORA DONALD INTERCHANGE (EXIT 278) PHASE 2","0350-0105000J","SUBGRADE GEOTEXTILE","SQYD",105000,1,105000,3]
[null,"2024-02-22",2024,"Q1","15498","2 ","I-5: AURORA DONALD INTERCHANGE (EXIT 278) PHASE 2","0350-0105000J","SUBGRADE GEOTEXTILE","SQYD",105000,4,420000,4]
[null,"2024-02-22",2024,"Q1","15498","2 ","I-5: AURORA DONALD INTERCHANGE (EXIT 278) PHASE 2","0350-0105000J","SUBGRADE GEOTEXTILE","SQYD",105000,1.5,157500,5]
[null,"2024-02-22",2024,"Q1","15498","2 ","I-5: AURORA DONALD INTERCHANGE (EXIT 278) PHASE 2","0350-0105000J","SUBGRADE GEOTEXTILE","SQYD",105000,1.1000000000000001,115500,6]
[null,"2024-02-22",2024,"Q1","15498","2 ","I-5: AURORA DONALD INTERCHANGE (EXIT 278) PHASE 2","0350-0105000J","SUBGRADE GEOTEXTILE","SQYD",105000,1.45,152250,7]
[null,"2024-02-22",2024,"Q1","15498","2 ","I-5: AURORA DONALD INTERCHANGE (EXIT 278) PHASE 2","0390-0105000K","LOOSE RIPRAP, CLASS 50","CUYD",28,300,8400,1]
[null,"2024-02-22",2024,"Q1","15498","2 ","I-5: AURORA DONALD INTERCHANGE (EXIT 278) PHASE 2","0390-0105000K","LOOSE RIPRAP, CLASS 50","CUYD",28,140,3920,2]
[null,"2024-02-22",2024,"Q1","15498","2 ","I-5: AURORA DONALD INTERCHANGE (EXIT 278) PHASE 2","0390-0105000K","LOOSE RIPRAP, CLASS 50","CUYD",28,240,6720,3]
[null,"2024-02-22",2024,"Q1","15498","2 ","I-5: AURORA DONALD INTERCHANGE (EXIT 278) PHASE 2","0390-0105000K","LOOSE RIPRAP, CLASS 50","CUYD",28,300,8400,4]
[null,"2024-02-22",2024,"Q1","15498","2 ","I-5: AURORA DONALD INTERCHANGE (EXIT 278) PHASE 2","0390-0105000K","LOOSE RIPRAP, CLASS 50","CUYD",28,150,4200,5]
[null,"2024-02-22",2024,"Q1","15498","2 ","I-5: AURORA DONALD INTERCHANGE (EXIT 278) PHASE 2","0390-0105000K","LOOSE RIPRAP, CLASS 50","CUYD",28,255,7140,6]
[null,"2024-02-22",2024,"Q1","15498","2 ","I-5: AURORA DONALD INTERCHANGE (EXIT 278) PHASE 2","0390-0105000K","LOOSE RIPRAP, CLASS 50","CUYD",28,190,5320,7]
[null,"2024-02-22",2024,"Q1","15498","2 ","I-5: AURORA DONALD INTERCHANGE (EXIT 278) PHASE 2","0390-0129000K","KEYED RIPRAP, CLASS 50","CUYD",23,300,6900,1]
[null,"2024-02-22",2024,"Q1","15498","2 ","I-5: AURORA DONALD INTERCHANGE (EXIT 278) PHASE 2","0390-0129000K","KEYED RIPRAP, CLASS 50","CUYD",23,210,4830,2]
[null,"2024-02-22",2024,"Q1","15498","2 ","I-5: AURORA DONALD INTERCHANGE (EXIT 278) PHASE 2","0390-0129000K","KEYED RIPRAP, CLASS 50","CUYD",23,315,7245,3]
[null,"2024-02-22",2024,"Q1","15498","2 ","I-5: AURORA DONALD INTERCHANGE (EXIT 278) PHASE 2","0390-0129000K","KEYED RIPRAP, CLASS 50","CUYD",23,350,8050,4]
[null,"2024-02-22",2024,"Q1","15498","2 ","I-5: AURORA DONALD INTERCHANGE (EXIT 278) PHASE 2","0390-0129000K","KEYED RIPRAP, CLASS 50","CUYD",23,170,3910,5]
[null,"2024-02-22",2024,"Q1","15498","2 ","I-5: AURORA DONALD INTERCHANGE (EXIT 278) PHASE 2","0390-0129000K","KEYED RIPRAP, CLASS 50","CUYD",23,335,7705,6]
[null,"2024-02-22",2024,"Q1","15498","2 ","I-5: AURORA DONALD INTERCHANGE (EXIT 278) PHASE 2","0390-0129000K","KEYED RIPRAP, CLASS 50","CUYD",23,230,5290,7]
[null,"2024-02-22",2024,"Q1","15498","2 ","I-5: AURORA DONALD INTERCHANGE (EXIT 278) PHASE 2","0390-0139000E","RIPRAP BASINS","EACH",12,1200,14400,1]
[null,"2024-02-22",2024,"Q1","15498","2 ","I-5: AURORA DONALD INTERCHANGE (EXIT 278) PHASE 2","0390-0139000E","RIPRAP BASINS","EACH",12,650,7800,2]
[null,"2024-02-22",2024,"Q1","15498","2 ","I-5: AURORA DONALD INTERCHANGE (EXIT 278) PHASE 2","0390-0139000E","RIPRAP BASINS","EACH",12,1500,18000,3]
[null,"2024-02-22",2024,"Q1","15498","2 ","I-5: AURORA DONALD INTERCHANGE (EXIT 278) PHASE 2","0390-0139000E","RIPRAP BASINS","EACH",12,1700,20400,4]
[null,"2024-02-22",2024,"Q1","15498","2 ","I-5: AURORA DONALD INTERCHANGE (EXIT 278) PHASE 2","0390-0139000E","RIPRAP BASINS","EACH",12,1000,12000,5]
[null,"2024-02-22",2024,"Q1","15498","2 ","I-5: AURORA DONALD INTERCHANGE (EXIT 278) PHASE 2","0390-0139000E","RIPRAP BASINS","EACH",12,1630,19560,6]
[null,"2024-02-22",2024,"Q1","15498","2 ","I-5: AURORA DONALD INTERCHANGE (EXIT 278) PHASE 2","0390-0139000E","RIPRAP BASINS","EACH",12,1400,16800,7]
[null,"2024-02-22",2024,"Q1","15498","2 ","I-5: AURORA DONALD INTERCHANGE (EXIT 278) PHASE 2","0405-0106000K","TRENCH FOUNDATION","CUYD",153,250,38250,1]
[null,"2024-02-22",2024,"Q1","15498","2 ","I-5: AURORA DONALD INTERCHANGE (EXIT 278) PHASE 2","0405-0106000K","TRENCH FOUNDATION","CUYD",153,90,13770,2]
[null,"2024-02-22",2024,"Q1","15498","2 ","I-5: AURORA DONALD INTERCHANGE (EXIT 278) PHASE 2","0405-0106000K","TRENCH FOUNDATION","CUYD",153,150,22950,3]
[null,"2024-02-22",2024,"Q1","15498","2 ","I-5: AURORA DONALD INTERCHANGE (EXIT 278) PHASE 2","0405-0106000K","TRENCH FOUNDATION","CUYD",153,110,16830,4]
[null,"2024-02-22",2024,"Q1","15498","2 ","I-5: AURORA DONALD INTERCHANGE (EXIT 278) PHASE 2","0405-0106000K","TRENCH FOUNDATION","CUYD",153,190.1,29085.3,5]
[null,"2024-02-22",2024,"Q1","15498","2 ","I-5: AURORA DONALD INTERCHANGE (EXIT 278) PHASE 2","0405-0106000K","TRENCH FOUNDATION","CUYD",153,160,24480,6]
[null,"2024-02-22",2024,"Q1","15498","2 ","I-5: AURORA DONALD INTERCHANGE (EXIT 278) PHASE 2","0405-0106000K","TRENCH FOUNDATION","CUYD",153,200,30600,7]
[null,"2024-02-22",2024,"Q1","15498","2 ","I-5: AURORA DONALD INTERCHANGE (EXIT 278) PHASE 2","0415-0100000F","MAINLINE VIDEO INSPECTION","FOOT",22000,8.15,179300,1]
[null,"2024-02-22",2024,"Q1","15498","2 ","I-5: AURORA DONALD INTERCHANGE (EXIT 278) PHASE 2","0415-0100000F","MAINLINE VIDEO INSPECTION","FOOT",22000,10,220000,2]
[null,"2024-02-22",2024,"Q1","15498","2 ","I-5: AURORA DONALD INTERCHANGE (EXIT 278) PHASE 2","0415-0100000F","MAINLINE VIDEO INSPECTION","FOOT",22000,5,110000,3]
[null,"2024-02-22",2024,"Q1","15498","2 ","I-5: AURORA DONALD INTERCHANGE (EXIT 278) PHASE 2","0415-0100000F","MAINLINE VIDEO INSPECTION","FOOT",22000,3,66000,4]
[null,"2024-02-22",2024,"Q1","15498","2 ","I-5: AURORA DONALD INTERCHANGE (EXIT 278) PHASE 2","0415-0100000F","MAINLINE VIDEO INSPECTION","FOOT",22000,10,220000,5]
[null,"2024-02-22",2024,"Q1","15498","2 ","I-5: AURORA DONALD INTERCHANGE (EXIT 278) PHASE 2","0415-0100000F","MAINLINE VIDEO INSPECTION","FOOT",22000,12,264000,6]
[null,"2024-02-22",2024,"Q1","15498","2 ","I-5: AURORA DONALD INTERCHANGE (EXIT 278) PHASE 2","0415-0100000F","MAINLINE VIDEO INSPECTION","FOOT",22000,10,220000,7]
[null,"2024-02-22",2024,"Q1","15498","2 ","I-5: AURORA DONALD INTERCHANGE (EXIT 278) PHASE 2","0430-0100060F","6 INCH DRAIN PIPE","FOOT",3169,32,101408,1]
[null,"2024-02-22",2024,"Q1","15498","2 ","I-5: AURORA DONALD INTERCHANGE (EXIT 278) PHASE 2","0430-0100060F","6 INCH DRAIN PIPE","FOOT",3169,32,101408,2]
[null,"2024-02-22",2024,"Q1","15498","2 ","I-5: AURORA DONALD INTERCHANGE (EXIT 278) PHASE 2","0430-0100060F","6 INCH DRAIN PIPE","FOOT",3169,25,79225,3]
[null,"2024-02-22",2024,"Q1","15498","2 ","I-5: AURORA DONALD INTERCHANGE (EXIT 278) PHASE 2","0430-0100060F","6 INCH DRAIN PIPE","FOOT",3169,36,114084,4]
[null,"2024-02-22",2024,"Q1","15498","2 ","I-5: AURORA DONALD INTERCHANGE (EXIT 278) PHASE 2","0430-0100060F","6 INCH DRAIN PIPE","FOOT",3169,61,193309,5]
[null,"2024-02-22",2024,"Q1","15498","2 ","I-5: AURORA DONALD INTERCHANGE (EXIT 278) PHASE 2","0430-0100060F","6 INCH DRAIN PIPE","FOOT",3169,30,95070,6]
[null,"2024-02-22",2024,"Q1","15498","2 ","I-5: AURORA DONALD INTERCHANGE (EXIT 278) PHASE 2","0430-0100060F","6 INCH DRAIN PIPE","FOOT",3169,40,126760,7]
[null,"2024-02-22",2024,"Q1","15498","2 ","I-5: AURORA DONALD INTERCHANGE (EXIT 278) PHASE 2","0430-0101000E","SUBSURFACE DRAIN OUTLETS","EACH",9,1850,16650,1]
[null,"2024-02-22",2024,"Q1","15498","2 ","I-5: AURORA DONALD INTERCHANGE (EXIT 278) PHASE 2","0430-0101000E","SUBSURFACE DRAIN OUTLETS","EACH",9,890,8010,2]
[null,"2024-02-22",2024,"Q1","15498","2 ","I-5: AURORA DONALD INTERCHANGE (EXIT 278) PHASE 2","0430-0101000E","SUBSURFACE DRAIN OUTLETS","EACH",9,1200,10800,3]
[null,"2024-02-22",2024,"Q1","15498","2 ","I-5: AURORA DONALD INTERCHANGE (EXIT 278) PHASE 2","0430-0101000E","SUBSURFACE DRAIN OUTLETS","EACH",9,2000,18000,4]
[null,"2024-02-22",2024,"Q1","15498","2 ","I-5: AURORA DONALD INTERCHANGE (EXIT 278) PHASE 2","0430-0101000E","SUBSURFACE DRAIN OUTLETS","EACH",9,1100,9900,5]
[null,"2024-02-22",2024,"Q1","15498","2 ","I-5: AURORA DONALD INTERCHANGE (EXIT 278) PHASE 2","0430-0101000E","SUBSURFACE DRAIN OUTLETS","EACH",9,1200,10800,6]
[null,"2024-02-22",2024,"Q1","15498","2 ","I-5: AURORA DONALD INTERCHANGE (EXIT 278) PHASE 2","0430-0101000E","SUBSURFACE DRAIN OUTLETS","EACH",9,3250,29250,7]
[null,"2024-02-22",2024,"Q1","15498","2 ","I-5: AURORA DONALD INTERCHANGE (EXIT 278) PHASE 2","0445-010012AF","12 INCH CULVERT PIPE, 5 FT DEPTH","FOOT",284,154,43736,1]
[null,"2024-02-22",2024,"Q1","15498","2 ","I-5: AURORA DONALD INTERCHANGE (EXIT 278) PHASE 2","0445-010012AF","12 INCH CULVERT PIPE, 5 FT DEPTH","FOOT",284,93,26412,2]
[null,"2024-02-22",2024,"Q1","15498","2 ","I-5: AURORA DONALD INTERCHANGE (EXIT 278) PHASE 2","0445-010012AF","12 INCH CULVERT PIPE, 5 FT DEPTH","FOOT",284,95,26980,3]
[null,"2024-02-22",2024,"Q1","15498","2 ","I-5: AURORA DONALD INTERCHANGE (EXIT 278) PHASE 2","0445-010012AF","12 INCH CULVERT PIPE, 5 FT DEPTH","FOOT",284,90,25560,4]
[null,"2024-02-22",2024,"Q1","15498","2 ","I-5: AURORA DONALD INTERCHANGE (EXIT 278) PHASE 2","0445-010012AF","12 INCH CULVERT PIPE, 5 FT DEPTH","FOOT",284,156,44304,5]
[null,"2024-02-22",2024,"Q1","15498","2 ","I-5: AURORA DONALD INTERCHANGE (EXIT 278) PHASE 2","0445-010012AF","12 INCH CULVERT PIPE, 5 FT DEPTH","FOOT",284,100,28400,6]
[null,"2024-02-22",2024,"Q1","15498","2 ","I-5: AURORA DONALD INTERCHANGE (EXIT 278) PHASE 2","0445-010012AF","12 INCH CULVERT PIPE, 5 FT DEPTH","FOOT",284,98,27832,7]
[null,"2024-02-22",2024,"Q1","15498","2 ","I-5: AURORA DONALD INTERCHANGE (EXIT 278) PHASE 2","0445-010012BF","12 INCH CULVERT PIPE, 10 FT DEPTH","FOOT",78,120,9360,1]
[null,"2024-02-22",2024,"Q1","15498","2 ","I-5: AURORA DONALD INTERCHANGE (EXIT 278) PHASE 2","0445-010012BF","12 INCH CULVERT PIPE, 10 FT DEPTH","FOOT",78,141,10998,2]
[null,"2024-02-22",2024,"Q1","15498","2 ","I-5: AURORA DONALD INTERCHANGE (EXIT 278) PHASE 2","0445-010012BF","12 INCH CULVERT PIPE, 10 FT DEPTH","FOOT",78,190,14820,3]
[null,"2024-02-22",2024,"Q1","15498","2 ","I-5: AURORA DONALD INTERCHANGE (EXIT 278) PHASE 2","0445-010012BF","12 INCH CULVERT PIPE, 10 FT DEPTH","FOOT",78,270,21060,4]
[null,"2024-02-22",2024,"Q1","15498","2 ","I-5: AURORA DONALD INTERCHANGE (EXIT 278) PHASE 2","0445-010012BF","12 INCH CULVERT PIPE, 10 FT DEPTH","FOOT",78,260,20280,5]
[null,"2024-02-22",2024,"Q1","15498","2 ","I-5: AURORA DONALD INTERCHANGE (EXIT 278) PHASE 2","0445-010012BF","12 INCH CULVERT PIPE, 10 FT DEPTH","FOOT",78,200,15600,6]
[null,"2024-02-22",2024,"Q1","15498","2 ","I-5: AURORA DONALD INTERCHANGE (EXIT 278) PHASE 2","0445-010012BF","12 INCH CULVERT PIPE, 10 FT DEPTH","FOOT",78,165,12870,7]
[null,"2024-02-22",2024,"Q1","15498","2 ","I-5: AURORA DONALD INTERCHANGE (EXIT 278) PHASE 2","0445-010018AF","18 INCH CULVERT PIPE, 5 FT DEPTH","FOOT",13,290,3770,1]
[null,"2024-02-22",2024,"Q1","15498","2 ","I-5: AURORA DONALD INTERCHANGE (EXIT 278) PHASE 2","0445-010018AF","18 INCH CULVERT PIPE, 5 FT DEPTH","FOOT",13,153,1989,2]
[null,"2024-02-22",2024,"Q1","15498","2 ","I-5: AURORA DONALD INTERCHANGE (EXIT 278) PHASE 2","0445-010018AF","18 INCH CULVERT PIPE, 5 FT DEPTH","FOOT",13,210,2730,3]
[null,"2024-02-22",2024,"Q1","15498","2 ","I-5: AURORA DONALD INTERCHANGE (EXIT 278) PHASE 2","0445-010018AF","18 INCH CULVERT PIPE, 5 FT DEPTH","FOOT",13,600,7800,4]
[null,"2024-02-22",2024,"Q1","15498","2 ","I-5: AURORA DONALD INTERCHANGE (EXIT 278) PHASE 2","0445-010018AF","18 INCH CULVERT PIPE, 5 FT DEPTH","FOOT",13,297,3861,5]
[null,"2024-02-22",2024,"Q1","15498","2 ","I-5: AURORA DONALD INTERCHANGE (EXIT 278) PHASE 2","0445-010018AF","18 INCH CULVERT PIPE, 5 FT DEPTH","FOOT",13,225,2925,6]
[null,"2024-02-22",2024,"Q1","15498","2 ","I-5: AURORA DONALD INTERCHANGE (EXIT 278) PHASE 2","0445-010018AF","18 INCH CULVERT PIPE, 5 FT DEPTH","FOOT",13,170,2210,7]
[null,"2024-02-22",2024,"Q1","15498","2 ","I-5: AURORA DONALD INTERCHANGE (EXIT 278) PHASE 2","0445-0100940F","96 INCH CULVERT PIPE","FOOT",137,485,66445,1]
[null,"2024-02-22",2024,"Q1","15498","2 ","I-5: AURORA DONALD INTERCHANGE (EXIT 278) PHASE 2","0445-0100940F","96 INCH CULVERT PIPE","FOOT",137,870,119190,2]
[null,"2024-02-22",2024,"Q1","15498","2 ","I-5: AURORA DONALD INTERCHANGE (EXIT 278) PHASE 2","0445-0100940F","96 INCH CULVERT PIPE","FOOT",137,370,50690,3]
[null,"2024-02-22",2024,"Q1","15498","2 ","I-5: AURORA DONALD INTERCHANGE (EXIT 278) PHASE 2","0445-0100940F","96 INCH CULVERT PIPE","FOOT",137,500,68500,4]
[null,"2024-02-22",2024,"Q1","15498","2 ","I-5: AURORA DONALD INTERCHANGE (EXIT 278) PHASE 2","0445-0100940F","96 INCH CULVERT PIPE","FOOT",137,1100,150700,5]
[null,"2024-02-22",2024,"Q1","15498","2 ","I-5: AURORA DONALD INTERCHANGE (EXIT 278) PHASE 2","0445-0100940F","96 INCH CULVERT PIPE","FOOT",137,385,52745,6]
[null,"2024-02-22",2024,"Q1","15498","2 ","I-5: AURORA DONALD INTERCHANGE (EXIT 278) PHASE 2","0445-0100940F","96 INCH CULVERT PIPE","FOOT",137,500,68500,7]
[null,"2024-02-22",2024,"Q1","15498","2 ","I-5: AURORA DONALD INTERCHANGE (EXIT 278) PHASE 2","0445-035006AF","6 INCH STORM SEWER PIPE, 5 FT DEPTH","FOOT",220,80,17600,1]
[null,"2024-02-22",2024,"Q1","15498","2 ","I-5: AURORA DONALD INTERCHANGE (EXIT 278) PHASE 2","0445-035006AF","6 INCH STORM SEWER PIPE, 5 FT DEPTH","FOOT",220,71,15620,2]
[null,"2024-02-22",2024,"Q1","15498","2 ","I-5: AURORA DONALD INTERCHANGE (EXIT 278) PHASE 2","0445-035006AF","6 INCH STORM SEWER PIPE, 5 FT DEPTH","FOOT",220,100,22000,3]
[null,"2024-02-22",2024,"Q1","15498","2 ","I-5: AURORA DONALD INTERCHANGE (EXIT 278) PHASE 2","0445-035006AF","6 INCH STORM SEWER PIPE, 5 FT DEPTH","FOOT",220,90,19800,4]
[null,"2024-02-22",2024,"Q1","15498","2 ","I-5: AURORA DONALD INTERCHANGE (EXIT 278) PHASE 2","0445-035006AF","6 INCH STORM SEWER PIPE, 5 FT DEPTH","FOOT",220,85,18700,5]
[null,"2024-02-22",2024,"Q1","15498","2 ","I-5: AURORA DONALD INTERCHANGE (EXIT 278) PHASE 2","0445-035006AF","6 INCH STORM SEWER PIPE, 5 FT DEPTH","FOOT",220,110,24200,6]
[null,"2024-02-22",2024,"Q1","15498","2 ","I-5: AURORA DONALD INTERCHANGE (EXIT 278) PHASE 2","0445-035006AF","6 INCH STORM SEWER PIPE, 5 FT DEPTH","FOOT",220,95,20900,7]
[null,"2024-02-22",2024,"Q1","15498","2 ","I-5: AURORA DONALD INTERCHANGE (EXIT 278) PHASE 2","0445-035012AF","12 INCH STORM SEWER PIPE, 5 FT DEPTH","FOOT",3672,139,510408,1]
[null,"2024-02-22",2024,"Q1","15498","2 ","I-5: AURORA DONALD INTERCHANGE (EXIT 278) PHASE 2","0445-035012AF","12 INCH STORM SEWER PIPE, 5 FT DEPTH","FOOT",3672,85,312120,2]
[null,"2024-02-22",2024,"Q1","15498","2 ","I-5: AURORA DONALD INTERCHANGE (EXIT 278) PHASE 2","0445-035012AF","12 INCH STORM SEWER PIPE, 5 FT DEPTH","FOOT",3672,100,367200,3]
[null,"2024-02-22",2024,"Q1","15498","2 ","I-5: AURORA DONALD INTERCHANGE (EXIT 278) PHASE 2","0445-035012AF","12 INCH STORM SEWER PIPE, 5 FT DEPTH","FOOT",3672,100,367200,4]
[null,"2024-02-22",2024,"Q1","15498","2 ","I-5: AURORA DONALD INTERCHANGE (EXIT 278) PHASE 2","0445-035012AF","12 INCH STORM SEWER PIPE, 5 FT DEPTH","FOOT",3672,141,517752,5]
[null,"2024-02-22",2024,"Q1","15498","2 ","I-5: AURORA DONALD INTERCHANGE (EXIT 278) PHASE 2","0445-035012AF","12 INCH STORM SEWER PIPE, 5 FT DEPTH","FOOT",3672,105,385560,6]
[null,"2024-02-22",2024,"Q1","15498","2 ","I-5: AURORA DONALD INTERCHANGE (EXIT 278) PHASE 2","0445-035012AF","12 INCH STORM SEWER PIPE, 5 FT DEPTH","FOOT",3672,110,403920,7]
[null,"2024-02-22",2024,"Q1","15498","2 ","I-5: AURORA DONALD INTERCHANGE (EXIT 278) PHASE 2","0445-035012BF","12 INCH STORM SEWER PIPE, 10 FT DEPTH","FOOT",1576,240,378240,1]
[null,"2024-02-22",2024,"Q1","15498","2 ","I-5: AURORA DONALD INTERCHANGE (EXIT 278) PHASE 2","0445-035012BF","12 INCH STORM SEWER PIPE, 10 FT DEPTH","FOOT",1576,106,167056,2]
[null,"2024-02-22",2024,"Q1","15498","2 ","I-5: AURORA DONALD INTERCHANGE (EXIT 278) PHASE 2","0445-035012BF","12 INCH STORM SEWER PIPE, 10 FT DEPTH","FOOT",1576,130,204880,3]
[null,"2024-02-22",2024,"Q1","15498","2 ","I-5: AURORA DONALD INTERCHANGE (EXIT 278) PHASE 2","0445-035012BF","12 INCH STORM SEWER PIPE, 10 FT DEPTH","FOOT",1576,140,220640,4]
[null,"2024-02-22",2024,"Q1","15498","2 ","I-5: AURORA DONALD INTERCHANGE (EXIT 278) PHASE 2","0445-035012BF","12 INCH STORM SEWER PIPE, 10 FT DEPTH","FOOT",1576,190,299440,5]
[null,"2024-02-22",2024,"Q1","15498","2 ","I-5: AURORA DONALD INTERCHANGE (EXIT 278) PHASE 2","0445-035012BF","12 INCH STORM SEWER PIPE, 10 FT DEPTH","FOOT",1576,140,220640,6]
[null,"2024-02-22",2024,"Q1","15498","2 ","I-5: AURORA DONALD INTERCHANGE (EXIT 278) PHASE 2","0445-035012BF","12 INCH STORM SEWER PIPE, 10 FT DEPTH","FOOT",1576,145,228520,7]
[null,"2024-02-22",2024,"Q1","15498","2 ","I-5: AURORA DONALD INTERCHANGE (EXIT 278) PHASE 2","0445-035012CF","12 INCH STORM SEWER PIPE, 20 FT DEPTH","FOOT",160,355,56800,1]
[null,"2024-02-22",2024,"Q1","15498","2 ","I-5: AURORA DONALD INTERCHANGE (EXIT 278) PHASE 2","0445-035012CF","12 INCH STORM SEWER PIPE, 20 FT DEPTH","FOOT",160,137,21920,2]
[null,"2024-02-22",2024,"Q1","15498","2 ","I-5: AURORA DONALD INTERCHANGE (EXIT 278) PHASE 2","0445-035012CF","12 INCH STORM SEWER PIPE, 20 FT DEPTH","FOOT",160,340,54400,3]
[null,"2024-02-22",2024,"Q1","15498","2 ","I-5: AURORA DONALD INTERCHANGE (EXIT 278) PHASE 2","0445-035012CF","12 INCH STORM SEWER PIPE, 20 FT DEPTH","FOOT",160,215,34400,4]
[null,"2024-02-22",2024,"Q1","15498","2 ","I-5: AURORA DONALD INTERCHANGE (EXIT 278) PHASE 2","0445-035012CF","12 INCH STORM SEWER PIPE, 20 FT DEPTH","FOOT",160,370,59200,5]
[null,"2024-02-22",2024,"Q1","15498","2 ","I-5: AURORA DONALD INTERCHANGE (EXIT 278) PHASE 2","0445-035012CF","12 INCH STORM SEWER PIPE, 20 FT DEPTH","FOOT",160,360,57600,6]
[null,"2024-02-22",2024,"Q1","15498","2 ","I-5: AURORA DONALD INTERCHANGE (EXIT 278) PHASE 2","0445-035012CF","12 INCH STORM SEWER PIPE, 20 FT DEPTH","FOOT",160,220,35200,7]
[null,"2024-02-22",2024,"Q1","15498","2 ","I-5: AURORA DONALD INTERCHANGE (EXIT 278) PHASE 2","0445-035018AF","18 INCH STORM SEWER PIPE, 5 FT DEPTH","FOOT",262,255,66810,1]
[null,"2024-02-22",2024,"Q1","15498","2 ","I-5: AURORA DONALD INTERCHANGE (EXIT 278) PHASE 2","0445-035018AF","18 INCH STORM SEWER PIPE, 5 FT DEPTH","FOOT",262,161,42182,2]
[null,"2024-02-22",2024,"Q1","15498","2 ","I-5: AURORA DONALD INTERCHANGE (EXIT 278) PHASE 2","0445-035018AF","18 INCH STORM SEWER PIPE, 5 FT DEPTH","FOOT",262,200,52400,3]
[null,"2024-02-22",2024,"Q1","15498","2 ","I-5: AURORA DONALD INTERCHANGE (EXIT 278) PHASE 2","0445-035018AF","18 INCH STORM SEWER PIPE, 5 FT DEPTH","FOOT",262,235,61570,4]
[null,"2024-02-22",2024,"Q1","15498","2 ","I-5: AURORA DONALD INTERCHANGE (EXIT 278) PHASE 2","0445-035018AF","18 INCH STORM SEWER PIPE, 5 FT DEPTH","FOOT",262,220,57640,5]
[null,"2024-02-22",2024,"Q1","15498","2 ","I-5: AURORA DONALD INTERCHANGE (EXIT 278) PHASE 2","0445-035018AF","18 INCH STORM SEWER PIPE, 5 FT DEPTH","FOOT",262,210,55020,6]
[null,"2024-02-22",2024,"Q1","15498","2 ","I-5: AURORA DONALD INTERCHANGE (EXIT 278) PHASE 2","0445-035018AF","18 INCH STORM SEWER PIPE, 5 FT DEPTH","FOOT",262,245,64190,7]
[null,"2024-02-22",2024,"Q1","15498","2 ","I-5: AURORA DONALD INTERCHANGE (EXIT 278) PHASE 2","0445-035018BF","18 INCH STORM SEWER PIPE, 10 FT DEPTH","FOOT",301,290,87290,1]
[null,"2024-02-22",2024,"Q1","15498","2 ","I-5: AURORA DONALD INTERCHANGE (EXIT 278) PHASE 2","0445-035018BF","18 INCH STORM SEWER PIPE, 10 FT DEPTH","FOOT",301,184,55384,2]
[null,"2024-02-22",2024,"Q1","15498","2 ","I-5: AURORA DONALD INTERCHANGE (EXIT 278) PHASE 2","0445-035018BF","18 INCH STORM SEWER PIPE, 10 FT DEPTH","FOOT",301,240,72240,3]
[null,"2024-02-22",2024,"Q1","15498","2 ","I-5: AURORA DONALD INTERCHANGE (EXIT 278) PHASE 2","0445-035018BF","18 INCH STORM SEWER PIPE, 10 FT DEPTH","FOOT",301,240,72240,4]
[null,"2024-02-22",2024,"Q1","15498","2 ","I-5: AURORA DONALD INTERCHANGE (EXIT 278) PHASE 2","0445-035018BF","18 INCH STORM SEWER PIPE, 10 FT DEPTH","FOOT",301,256,77056,5]
[null,"2024-02-22",2024,"Q1","15498","2 ","I-5: AURORA DONALD INTERCHANGE (EXIT 278) PHASE 2","0445-035018BF","18 INCH STORM SEWER PIPE, 10 FT DEPTH","FOOT",301,250,75250,6]
[null,"2024-02-22",2024,"Q1","15498","2 ","I-5: AURORA DONALD INTERCHANGE (EXIT 278) PHASE 2","0445-035018BF","18 INCH STORM SEWER PIPE, 10 FT DEPTH","FOOT",301,230,69230,7]
[null,"2024-02-22",2024,"Q1","15498","2 ","I-5: AURORA DONALD INTERCHANGE (EXIT 278) PHASE 2","0445-035018CF","18 INCH STORM SEWER PIPE, 20 FT DEPTH","FOOT",158,400,63200,1]
[null,"2024-02-22",2024,"Q1","15498","2 ","I-5: AURORA DONALD INTERCHANGE (EXIT 278) PHASE 2","0445-035018CF","18 INCH STORM SEWER PIPE, 20 FT DEPTH","FOOT",158,152,24016,2]
[null,"2024-02-22",2024,"Q1","15498","2 ","I-5: AURORA DONALD INTERCHANGE (EXIT 278) PHASE 2","0445-035018CF","18 INCH STORM SEWER PIPE, 20 FT DEPTH","FOOT",158,415,65570,3]
[null,"2024-02-22",2024,"Q1","15498","2 ","I-5: AURORA DONALD INTERCHANGE (EXIT 278) PHASE 2","0445-035018CF","18 INCH STORM SEWER PIPE, 20 FT DEPTH","FOOT",158,300,47400,4]
[null,"2024-02-22",2024,"Q1","15498","2 ","I-5: AURORA DONALD INTERCHANGE (EXIT 278) PHASE 2","0445-035018CF","18 INCH STORM SEWER PIPE, 20 FT DEPTH","FOOT",158,373,58934,5]
[null,"2024-02-22",2024,"Q1","15498","2 ","I-5: AURORA DONALD INTERCHANGE (EXIT 278) PHASE 2","0445-035018CF","18 INCH STORM SEWER PIPE, 20 FT DEPTH","FOOT",158,440,69520,6]
[null,"2024-02-22",2024,"Q1","15498","2 ","I-5: AURORA DONALD INTERCHANGE (EXIT 278) PHASE 2","0445-035018CF","18 INCH STORM SEWER PIPE, 20 FT DEPTH","FOOT",158,280,44240,7]
[null,"2024-02-22",2024,"Q1","15498","2 ","I-5: AURORA DONALD INTERCHANGE (EXIT 278) PHASE 2","0445-035018DF","18 INCH STORM SEWER PIPE, OVER 20 FT DEPTH","FOOT",90,485,43650,1]
[null,"2024-02-22",2024,"Q1","15498","2 ","I-5: AURORA DONALD INTERCHANGE (EXIT 278) PHASE 2","0445-035018DF","18 INCH STORM SEWER PIPE, OVER 20 FT DEPTH","FOOT",90,273,24570,2]
[null,"2024-02-22",2024,"Q1","15498","2 ","I-5: AURORA DONALD INTERCHANGE (EXIT 278) PHASE 2","0445-035018DF","18 INCH STORM SEWER PIPE, OVER 20 FT DEPTH","FOOT",90,540,48600,3]
[null,"2024-02-22",2024,"Q1","15498","2 ","I-5: AURORA DONALD INTERCHANGE (EXIT 278) PHASE 2","0445-035018DF","18 INCH STORM SEWER PIPE, OVER 20 FT DEPTH","FOOT",90,370,33300,4]
[null,"2024-02-22",2024,"Q1","15498","2 ","I-5: AURORA DONALD INTERCHANGE (EXIT 278) PHASE 2","0445-035018DF","18 INCH STORM SEWER PIPE, OVER 20 FT DEPTH","FOOT",90,375,33750,5]
[null,"2024-02-22",2024,"Q1","15498","2 ","I-5: AURORA DONALD INTERCHANGE (EXIT 278) PHASE 2","0445-035018DF","18 INCH STORM SEWER PIPE, OVER 20 FT DEPTH","FOOT",90,575,51750,6]
[null,"2024-02-22",2024,"Q1","15498","2 ","I-5: AURORA DONALD INTERCHANGE (EXIT 278) PHASE 2","0445-035018DF","18 INCH STORM SEWER PIPE, OVER 20 FT DEPTH","FOOT",90,515,46350,7]
[null,"2024-02-22",2024,"Q1","15498","2 ","I-5: AURORA DONALD INTERCHANGE (EXIT 278) PHASE 2","0445-035024AF","24 INCH STORM SEWER PIPE, 5 FT DEPTH","FOOT",175,270,47250,1]
[null,"2024-02-22",2024,"Q1","15498","2 ","I-5: AURORA DONALD INTERCHANGE (EXIT 278) PHASE 2","0445-035024AF","24 INCH STORM SEWER PIPE, 5 FT DEPTH","FOOT",175,151,26425,2]
[null,"2024-02-22",2024,"Q1","15498","2 ","I-5: AURORA DONALD INTERCHANGE (EXIT 278) PHASE 2","0445-035024AF","24 INCH STORM SEWER PIPE, 5 FT DEPTH","FOOT",175,180,31500,3]
[null,"2024-02-22",2024,"Q1","15498","2 ","I-5: AURORA DONALD INTERCHANGE (EXIT 278) PHASE 2","0445-035024AF","24 INCH STORM SEWER PIPE, 5 FT DEPTH","FOOT",175,235,41125,4]
[null,"2024-02-22",2024,"Q1","15498","2 ","I-5: AURORA DONALD INTERCHANGE (EXIT 278) PHASE 2","0445-035024AF","24 INCH STORM SEWER PIPE, 5 FT DEPTH","FOOT",175,208,36400,5]
[null,"2024-02-22",2024,"Q1","15498","2 ","I-5: AURORA DONALD INTERCHANGE (EXIT 278) PHASE 2","0445-035024AF","24 INCH STORM SEWER PIPE, 5 FT DEPTH","FOOT",175,190,33250,6]
[null,"2024-02-22",2024,"Q1","15498","2 ","I-5: AURORA DONALD INTERCHANGE (EXIT 278) PHASE 2","0445-035024AF","24 INCH STORM SEWER PIPE, 5 FT DEPTH","FOOT",175,240,42000,7]
[null,"2024-02-22",2024,"Q1","15498","2 ","I-5: AURORA DONALD INTERCHANGE (EXIT 278) PHASE 2","0445-035024BF","24 INCH STORM SEWER PIPE, 10 FT DEPTH","FOOT",480,310,148800,1]
[null,"2024-02-22",2024,"Q1","15498","2 ","I-5: AURORA DONALD INTERCHANGE (EXIT 278) PHASE 2","0445-035024BF","24 INCH STORM SEWER PIPE, 10 FT DEPTH","FOOT",480,154,73920,2]
[null,"2024-02-22",2024,"Q1","15498","2 ","I-5: AURORA DONALD INTERCHANGE (EXIT 278) PHASE 2","0445-035024BF","24 INCH STORM SEWER PIPE, 10 FT DEPTH","FOOT",480,165,79200,3]
[null,"2024-02-22",2024,"Q1","15498","2 ","I-5: AURORA DONALD INTERCHANGE (EXIT 278) PHASE 2","0445-035024BF","24 INCH STORM SEWER PIPE, 10 FT DEPTH","FOOT",480,245,117600,4]
[null,"2024-02-22",2024,"Q1","15498","2 ","I-5: AURORA DONALD INTERCHANGE (EXIT 278) PHASE 2","0445-035024BF","24 INCH STORM SEWER PIPE, 10 FT DEPTH","FOOT",480,295,141600,5]
[null,"2024-02-22",2024,"Q1","15498","2 ","I-5: AURORA DONALD INTERCHANGE (EXIT 278) PHASE 2","0445-035024BF","24 INCH STORM SEWER PIPE, 10 FT DEPTH","FOOT",480,175,84000,6]
[null,"2024-02-22",2024,"Q1","15498","2 ","I-5: AURORA DONALD INTERCHANGE (EXIT 278) PHASE 2","0445-035024BF","24 INCH STORM SEWER PIPE, 10 FT DEPTH","FOOT",480,330,158400,7]
[null,"2024-02-22",2024,"Q1","15498","2 ","I-5: AURORA DONALD INTERCHANGE (EXIT 278) PHASE 2","0445-035030CF","30 INCH STORM SEWER PIPE, 20 FT DEPTH","FOOT",400,505,202000,1]
[null,"2024-02-22",2024,"Q1","15498","2 ","I-5: AURORA DONALD INTERCHANGE (EXIT 278) PHASE 2","0445-035030CF","30 INCH STORM SEWER PIPE, 20 FT DEPTH","FOOT",400,266,106400,2]
[null,"2024-02-22",2024,"Q1","15498","2 ","I-5: AURORA DONALD INTERCHANGE (EXIT 278) PHASE 2","0445-035030CF","30 INCH STORM SEWER PIPE, 20 FT DEPTH","FOOT",400,400,160000,3]
[null,"2024-02-22",2024,"Q1","15498","2 ","I-5: AURORA DONALD INTERCHANGE (EXIT 278) PHASE 2","0445-035030CF","30 INCH STORM SEWER PIPE, 20 FT DEPTH","FOOT",400,450,180000,4]
[null,"2024-02-22",2024,"Q1","15498","2 ","I-5: AURORA DONALD INTERCHANGE (EXIT 278) PHASE 2","0445-035030CF","30 INCH STORM SEWER PIPE, 20 FT DEPTH","FOOT",400,500,200000,5]
[null,"2024-02-22",2024,"Q1","15498","2 ","I-5: AURORA DONALD INTERCHANGE (EXIT 278) PHASE 2","0445-035030CF","30 INCH STORM SEWER PIPE, 20 FT DEPTH","FOOT",400,430,172000,6]
[null,"2024-02-22",2024,"Q1","15498","2 ","I-5: AURORA DONALD INTERCHANGE (EXIT 278) PHASE 2","0445-035030CF","30 INCH STORM SEWER PIPE, 20 FT DEPTH","FOOT",400,410,164000,7]
[null,"2024-02-22",2024,"Q1","15498","2 ","I-5: AURORA DONALD INTERCHANGE (EXIT 278) PHASE 2","0445-035030DF","30 INCH STORM SEWER PIPE, OVER 20 FT DEPTH","FOOT",453,540,244620,1]
[null,"2024-02-22",2024,"Q1","15498","2 ","I-5: AURORA DONALD INTERCHANGE (EXIT 278) PHASE 2","0445-035030DF","30 INCH STORM SEWER PIPE, OVER 20 FT DEPTH","FOOT",453,285,129105,2]
[null,"2024-02-22",2024,"Q1","15498","2 ","I-5: AURORA DONALD INTERCHANGE (EXIT 278) PHASE 2","0445-035030DF","30 INCH STORM SEWER PIPE, OVER 20 FT DEPTH","FOOT",453,570,258210,3]
[null,"2024-02-22",2024,"Q1","15498","2 ","I-5: AURORA DONALD INTERCHANGE (EXIT 278) PHASE 2","0445-035030DF","30 INCH STORM SEWER PIPE, OVER 20 FT DEPTH","FOOT",453,470,212910,4]
[null,"2024-02-22",2024,"Q1","15498","2 ","I-5: AURORA DONALD INTERCHANGE (EXIT 278) PHASE 2","0445-035030DF","30 INCH STORM SEWER PIPE, OVER 20 FT DEPTH","FOOT",453,600,271800,5]
[null,"2024-02-22",2024,"Q1","15498","2 ","I-5: AURORA DONALD INTERCHANGE (EXIT 278) PHASE 2","0445-035030DF","30 INCH STORM SEWER PIPE, OVER 20 FT DEPTH","FOOT",453,595,269535,6]
[null,"2024-02-22",2024,"Q1","15498","2 ","I-5: AURORA DONALD INTERCHANGE (EXIT 278) PHASE 2","0445-035030DF","30 INCH STORM SEWER PIPE, OVER 20 FT DEPTH","FOOT",453,360,163080,7]
[null,"2024-02-22",2024,"Q1","15498","2 ","I-5: AURORA DONALD INTERCHANGE (EXIT 278) PHASE 2","0445-0680000E","SLIP JOINTS, 6 X 6 X 6 INCH","EACH",14,85,1190,1]
[null,"2024-02-22",2024,"Q1","15498","2 ","I-5: AURORA DONALD INTERCHANGE (EXIT 278) PHASE 2","0445-0680000E","SLIP JOINTS, 6 X 6 X 6 INCH","EACH",14,350,4900,2]
[null,"2024-02-22",2024,"Q1","15498","2 ","I-5: AURORA DONALD INTERCHANGE (EXIT 278) PHASE 2","0445-0680000E","SLIP JOINTS, 6 X 6 X 6 INCH","EACH",14,100,1400,3]
[null,"2024-02-22",2024,"Q1","15498","2 ","I-5: AURORA DONALD INTERCHANGE (EXIT 278) PHASE 2","0445-0680000E","SLIP JOINTS, 6 X 6 X 6 INCH","EACH",14,300,4200,4]
[null,"2024-02-22",2024,"Q1","15498","2 ","I-5: AURORA DONALD INTERCHANGE (EXIT 278) PHASE 2","0445-0680000E","SLIP JOINTS, 6 X 6 X 6 INCH","EACH",14,400,5600,5]
[null,"2024-02-22",2024,"Q1","15498","2 ","I-5: AURORA DONALD INTERCHANGE (EXIT 278) PHASE 2","0445-0680000E","SLIP JOINTS, 6 X 6 X 6 INCH","EACH",14,95,1330,6]
[null,"2024-02-22",2024,"Q1","15498","2 ","I-5: AURORA DONALD INTERCHANGE (EXIT 278) PHASE 2","0445-0680000E","SLIP JOINTS, 6 X 6 X 6 INCH","EACH",14,160,2240,7]
[null,"2024-02-22",2024,"Q1","15498","2 ","I-5: AURORA DONALD INTERCHANGE (EXIT 278) PHASE 2","0445-0700120E","SLOPED END SECTIONS, 12 INCH","EACH",16,200,3200,1]
[null,"2024-02-22",2024,"Q1","15498","2 ","I-5: AURORA DONALD INTERCHANGE (EXIT 278) PHASE 2","0445-0700120E","SLOPED END SECTIONS, 12 INCH","EACH",16,450,7200,2]
[null,"2024-02-22",2024,"Q1","15498","2 ","I-5: AURORA DONALD INTERCHANGE (EXIT 278) PHASE 2","0445-0700120E","SLOPED END SECTIONS, 12 INCH","EACH",16,500,8000,3]
[null,"2024-02-22",2024,"Q1","15498","2 ","I-5: AURORA DONALD INTERCHANGE (EXIT 278) PHASE 2","0445-0700120E","SLOPED END SECTIONS, 12 INCH","EACH",16,900,14400,4]
[null,"2024-02-22",2024,"Q1","15498","2 ","I-5: AURORA DONALD INTERCHANGE (EXIT 278) PHASE 2","0445-0700120E","SLOPED END SECTIONS, 12 INCH","EACH",16,600,9600,5]
[null,"2024-02-22",2024,"Q1","15498","2 ","I-5: AURORA DONALD INTERCHANGE (EXIT 278) PHASE 2","0445-0700120E","SLOPED END SECTIONS, 12 INCH","EACH",16,535,8560,6]
[null,"2024-02-22",2024,"Q1","15498","2 ","I-5: AURORA DONALD INTERCHANGE (EXIT 278) PHASE 2","0445-0700120E","SLOPED END SECTIONS, 12 INCH","EACH",16,330,5280,7]
[null,"2024-02-22",2024,"Q1","15498","2 ","I-5: AURORA DONALD INTERCHANGE (EXIT 278) PHASE 2","0445-0700180E","SLOPED END SECTIONS, 18 INCH","EACH",2,200,400,1]
[null,"2024-02-22",2024,"Q1","15498","2 ","I-5: AURORA DONALD INTERCHANGE (EXIT 278) PHASE 2","0445-0700180E","SLOPED END SECTIONS, 18 INCH","EACH",2,1100,2200,2]
[null,"2024-02-22",2024,"Q1","15498","2 ","I-5: AURORA DONALD INTERCHANGE (EXIT 278) PHASE 2","0445-0700180E","SLOPED END SECTIONS, 18 INCH","EACH",2,1200,2400,3]
[null,"2024-02-22",2024,"Q1","15498","2 ","I-5: AURORA DONALD INTERCHANGE (EXIT 278) PHASE 2","0445-0700180E","SLOPED END SECTIONS, 18 INCH","EACH",2,3000,6000,4]
[null,"2024-02-22",2024,"Q1","15498","2 ","I-5: AURORA DONALD INTERCHANGE (EXIT 278) PHASE 2","0445-0700180E","SLOPED END SECTIONS, 18 INCH","EACH",2,2100,4200,5]
[null,"2024-02-22",2024,"Q1","15498","2 ","I-5: AURORA DONALD INTERCHANGE (EXIT 278) PHASE 2","0445-0700180E","SLOPED END SECTIONS, 18 INCH","EACH",2,1200,2400,6]
[null,"2024-02-22",2024,"Q1","15498","2 ","I-5: AURORA DONALD INTERCHANGE (EXIT 278) PHASE 2","0445-0700180E","SLOPED END SECTIONS, 18 INCH","EACH",2,460,920,7]
[null,"2024-02-22",2024,"Q1","15498","2 ","I-5: AURORA DONALD INTERCHANGE (EXIT 278) PHASE 2","0445-0735010E","CONCRETE PIPE ANCHORS","EACH",1,1925,1925,1]
[null,"2024-02-22",2024,"Q1","15498","2 ","I-5: AURORA DONALD INTERCHANGE (EXIT 278) PHASE 2","0445-0735010E","CONCRETE PIPE ANCHORS","EACH",1,5000,5000,2]
[null,"2024-02-22",2024,"Q1","15498","2 ","I-5: AURORA DONALD INTERCHANGE (EXIT 278) PHASE 2","0445-0735010E","CONCRETE PIPE ANCHORS","EACH",1,3000,3000,3]
[null,"2024-02-22",2024,"Q1","15498","2 ","I-5: AURORA DONALD INTERCHANGE (EXIT 278) PHASE 2","0445-0735010E","CONCRETE PIPE ANCHORS","EACH",1,7000,7000,4]
[null,"2024-02-22",2024,"Q1","15498","2 ","I-5: AURORA DONALD INTERCHANGE (EXIT 278) PHASE 2","0445-0735010E","CONCRETE PIPE ANCHORS","EACH",1,2100,2100,5]
[null,"2024-02-22",2024,"Q1","15498","2 ","I-5: AURORA DONALD INTERCHANGE (EXIT 278) PHASE 2","0445-0735010E","CONCRETE PIPE ANCHORS","EACH",1,3200,3200,6]
[null,"2024-02-22",2024,"Q1","15498","2 ","I-5: AURORA DONALD INTERCHANGE (EXIT 278) PHASE 2","0445-0735010E","CONCRETE PIPE ANCHORS","EACH",1,2400,2400,7]
[null,"2024-02-22",2024,"Q1","15498","2 ","I-5: AURORA DONALD INTERCHANGE (EXIT 278) PHASE 2","0460-0100000J","PAVED CULVERT END SLOPES","SQFT",700,40,28000,1]
[null,"2024-02-22",2024,"Q1","15498","2 ","I-5: AURORA DONALD INTERCHANGE (EXIT 278) PHASE 2","0460-0100000J","PAVED CULVERT END SLOPES","SQFT",700,55,38500,2]
[null,"2024-02-22",2024,"Q1","15498","2 ","I-5: AURORA DONALD INTERCHANGE (EXIT 278) PHASE 2","0460-0100000J","PAVED CULVERT END SLOPES","SQFT",700,50,35000,3]
[null,"2024-02-22",2024,"Q1","15498","2 ","I-5: AURORA DONALD INTERCHANGE (EXIT 278) PHASE 2","0460-0100000J","PAVED CULVERT END SLOPES","SQFT",700,42,29400,4]
[null,"2024-02-22",2024,"Q1","15498","2 ","I-5: AURORA DONALD INTERCHANGE (EXIT 278) PHASE 2","0460-0100000J","PAVED CULVERT END SLOPES","SQFT",700,50,35000,5]
[null,"2024-02-22",2024,"Q1","15498","2 ","I-5: AURORA DONALD INTERCHANGE (EXIT 278) PHASE 2","0460-0100000J","PAVED CULVERT END SLOPES","SQFT",700,50,35000,6]
[null,"2024-02-22",2024,"Q1","15498","2 ","I-5: AURORA DONALD INTERCHANGE (EXIT 278) PHASE 2","0460-0100000J","PAVED CULVERT END SLOPES","SQFT",700,38,26600,7]
[null,"2024-02-22",2024,"Q1","15498","2 ","I-5: AURORA DONALD INTERCHANGE (EXIT 278) PHASE 2","0470-0101000E","CONCRETE STORM SEWER MANHOLES","EACH",9,6600,59400,1]
[null,"2024-02-22",2024,"Q1","15498","2 ","I-5: AURORA DONALD INTERCHANGE (EXIT 278) PHASE 2","0470-0101000E","CONCRETE STORM SEWER MANHOLES","EACH",9,7900,71100,2]
[null,"2024-02-22",2024,"Q1","15498","2 ","I-5: AURORA DONALD INTERCHANGE (EXIT 278) PHASE 2","0470-0101000E","CONCRETE STORM SEWER MANHOLES","EACH",9,7000,63000,3]
[null,"2024-02-22",2024,"Q1","15498","2 ","I-5: AURORA DONALD INTERCHANGE (EXIT 278) PHASE 2","0470-0101000E","CONCRETE STORM SEWER MANHOLES","EACH",9,9000,81000,4]
[null,"2024-02-22",2024,"Q1","15498","2 ","I-5: AURORA DONALD INTERCHANGE (EXIT 278) PHASE 2","0470-0101000E","CONCRETE STORM SEWER MANHOLES","EACH",9,9400,84600,5]
[null,"2024-02-22",2024,"Q1","15498","2 ","I-5: AURORA DONALD INTERCHANGE (EXIT 278) PHASE 2","0470-0101000E","CONCRETE STORM SEWER MANHOLES","EACH",9,7500,67500,6]
[null,"2024-02-22",2024,"Q1","15498","2 ","I-5: AURORA DONALD INTERCHANGE (EXIT 278) PHASE 2","0470-0101000E","CONCRETE STORM SEWER MANHOLES","EACH",9,8500,76500,7]
[null,"2024-02-22",2024,"Q1","15498","2 ","I-5: AURORA DONALD INTERCHANGE (EXIT 278) PHASE 2","0470-0103000E","CONCRETE MANHOLES, WITH INLET","EACH",18,6700,120600,1]
[null,"2024-02-22",2024,"Q1","15498","2 ","I-5: AURORA DONALD INTERCHANGE (EXIT 278) PHASE 2","0470-0103000E","CONCRETE MANHOLES, WITH INLET","EACH",18,6500,117000,2]
[null,"2024-02-22",2024,"Q1","15498","2 ","I-5: AURORA DONALD INTERCHANGE (EXIT 278) PHASE 2","0470-0103000E","CONCRETE MANHOLES, WITH INLET","EACH",18,10000,180000,3]
[null,"2024-02-22",2024,"Q1","15498","2 ","I-5: AURORA DONALD INTERCHANGE (EXIT 278) PHASE 2","0470-0103000E","CONCRETE MANHOLES, WITH INLET","EACH",18,9000,162000,4]
[null,"2024-02-22",2024,"Q1","15498","2 ","I-5: AURORA DONALD INTERCHANGE (EXIT 278) PHASE 2","0470-0103000E","CONCRETE MANHOLES, WITH INLET","EACH",18,7500,135000,5]
[null,"2024-02-22",2024,"Q1","15498","2 ","I-5: AURORA DONALD INTERCHANGE (EXIT 278) PHASE 2","0470-0103000E","CONCRETE MANHOLES, WITH INLET","EACH",18,8900,160200,6]
[null,"2024-02-22",2024,"Q1","15498","2 ","I-5: AURORA DONALD INTERCHANGE (EXIT 278) PHASE 2","0470-0103000E","CONCRETE MANHOLES, WITH INLET","EACH",18,7400,133200,7]
[null,"2024-02-22",2024,"Q1","15498","2 ","I-5: AURORA DONALD INTERCHANGE (EXIT 278) PHASE 2","0470-0106000E","CONCRETE MANHOLES, LARGE PRECAST","EACH",12,11800,141600,1]
[null,"2024-02-22",2024,"Q1","15498","2 ","I-5: AURORA DONALD INTERCHANGE (EXIT 278) PHASE 2","0470-0106000E","CONCRETE MANHOLES, LARGE PRECAST","EACH",12,13700,164400,2]
[null,"2024-02-22",2024,"Q1","15498","2 ","I-5: AURORA DONALD INTERCHANGE (EXIT 278) PHASE 2","0470-0106000E","CONCRETE MANHOLES, LARGE PRECAST","EACH",12,15000,180000,3]
[null,"2024-02-22",2024,"Q1","15498","2 ","I-5: AURORA DONALD INTERCHANGE (EXIT 278) PHASE 2","0470-0106000E","CONCRETE MANHOLES, LARGE PRECAST","EACH",12,13000,156000,4]
[null,"2024-02-22",2024,"Q1","15498","2 ","I-5: AURORA DONALD INTERCHANGE (EXIT 278) PHASE 2","0470-0106000E","CONCRETE MANHOLES, LARGE PRECAST","EACH",12,19000,228000,5]
[null,"2024-02-22",2024,"Q1","15498","2 ","I-5: AURORA DONALD INTERCHANGE (EXIT 278) PHASE 2","0470-0106000E","CONCRETE MANHOLES, LARGE PRECAST","EACH",12,16400,196800,6]
[null,"2024-02-22",2024,"Q1","15498","2 ","I-5: AURORA DONALD INTERCHANGE (EXIT 278) PHASE 2","0470-0106000E","CONCRETE MANHOLES, LARGE PRECAST","EACH",12,16150,193800,7]
[null,"2024-02-22",2024,"Q1","15498","2 ","I-5: AURORA DONALD INTERCHANGE (EXIT 278) PHASE 2","0470-0110000E","CONCRETE MANHOLES, WATER QUALITY","EACH",1,7500,7500,1]
[null,"2024-02-22",2024,"Q1","15498","2 ","I-5: AURORA DONALD INTERCHANGE (EXIT 278) PHASE 2","0470-0110000E","CONCRETE MANHOLES, WATER QUALITY","EACH",1,16600,16600,2]
[null,"2024-02-22",2024,"Q1","15498","2 ","I-5: AURORA DONALD INTERCHANGE (EXIT 278) PHASE 2","0470-0110000E","CONCRETE MANHOLES, WATER QUALITY","EACH",1,20000,20000,3]
[null,"2024-02-22",2024,"Q1","15498","2 ","I-5: AURORA DONALD INTERCHANGE (EXIT 278) PHASE 2","0470-0110000E","CONCRETE MANHOLES, WATER QUALITY","EACH",1,20000,20000,4]
[null,"2024-02-22",2024,"Q1","15498","2 ","I-5: AURORA DONALD INTERCHANGE (EXIT 278) PHASE 2","0470-0110000E","CONCRETE MANHOLES, WATER QUALITY","EACH",1,18000,18000,5]
[null,"2024-02-22",2024,"Q1","15498","2 ","I-5: AURORA DONALD INTERCHANGE (EXIT 278) PHASE 2","0470-0110000E","CONCRETE MANHOLES, WATER QUALITY","EACH",1,21500,21500,6]
[null,"2024-02-22",2024,"Q1","15498","2 ","I-5: AURORA DONALD INTERCHANGE (EXIT 278) PHASE 2","0470-0110000E","CONCRETE MANHOLES, WATER QUALITY","EACH",1,18000,18000,7]
[null,"2024-02-22",2024,"Q1","15498","2 ","I-5: AURORA DONALD INTERCHANGE (EXIT 278) PHASE 2","0470-0307000E","CONCRETE INLETS, TYPE CG-2","EACH",13,3850,50050,1]
[null,"2024-02-22",2024,"Q1","15498","2 ","I-5: AURORA DONALD INTERCHANGE (EXIT 278) PHASE 2","0470-0307000E","CONCRETE INLETS, TYPE CG-2","EACH",13,3200,41600,2]
[null,"2024-02-22",2024,"Q1","15498","2 ","I-5: AURORA DONALD INTERCHANGE (EXIT 278) PHASE 2","0470-0307000E","CONCRETE INLETS, TYPE CG-2","EACH",13,6000,78000,3]
[null,"2024-02-22",2024,"Q1","15498","2 ","I-5: AURORA DONALD INTERCHANGE (EXIT 278) PHASE 2","0470-0307000E","CONCRETE INLETS, TYPE CG-2","EACH",13,6000,78000,4]
[null,"2024-02-22",2024,"Q1","15498","2 ","I-5: AURORA DONALD INTERCHANGE (EXIT 278) PHASE 2","0470-0307000E","CONCRETE INLETS, TYPE CG-2","EACH",13,3000,39000,5]
[null,"2024-02-22",2024,"Q1","15498","2 ","I-5: AURORA DONALD INTERCHANGE (EXIT 278) PHASE 2","0470-0307000E","CONCRETE INLETS, TYPE CG-2","EACH",13,7300,94900,6]
[null,"2024-02-22",2024,"Q1","15498","2 ","I-5: AURORA DONALD INTERCHANGE (EXIT 278) PHASE 2","0470-0307000E","CONCRETE INLETS, TYPE CG-2","EACH",13,7745,100685,7]
[null,"2024-02-22",2024,"Q1","15498","2 ","I-5: AURORA DONALD INTERCHANGE (EXIT 278) PHASE 2","0470-0311000E","CONCRETE INLETS, TYPE D","EACH",12,3900,46800,1]
[null,"2024-02-22",2024,"Q1","15498","2 ","I-5: AURORA DONALD INTERCHANGE (EXIT 278) PHASE 2","0470-0311000E","CONCRETE INLETS, TYPE D","EACH",12,3300,39600,2]
[null,"2024-02-22",2024,"Q1","15498","2 ","I-5: AURORA DONALD INTERCHANGE (EXIT 278) PHASE 2","0470-0311000E","CONCRETE INLETS, TYPE D","EACH",12,4000,48000,3]
[null,"2024-02-22",2024,"Q1","15498","2 ","I-5: AURORA DONALD INTERCHANGE (EXIT 278) PHASE 2","0470-0311000E","CONCRETE INLETS, TYPE D","EACH",12,6000,72000,4]
[null,"2024-02-22",2024,"Q1","15498","2 ","I-5: AURORA DONALD INTERCHANGE (EXIT 278) PHASE 2","0470-0311000E","CONCRETE INLETS, TYPE D","EACH",12,3200,38400,5]
[null,"2024-02-22",2024,"Q1","15498","2 ","I-5: AURORA DONALD INTERCHANGE (EXIT 278) PHASE 2","0470-0311000E","CONCRETE INLETS, TYPE D","EACH",12,4400,52800,6]
[null,"2024-02-22",2024,"Q1","15498","2 ","I-5: AURORA DONALD INTERCHANGE (EXIT 278) PHASE 2","0470-0311000E","CONCRETE INLETS, TYPE D","EACH",12,3700,44400,7]
[null,"2024-02-22",2024,"Q1","15498","2 ","I-5: AURORA DONALD INTERCHANGE (EXIT 278) PHASE 2","0470-0313000E","CONCRETE INLETS, TYPE G-1","EACH",1,4200,4200,1]
[null,"2024-02-22",2024,"Q1","15498","2 ","I-5: AURORA DONALD INTERCHANGE (EXIT 278) PHASE 2","0470-0313000E","CONCRETE INLETS, TYPE G-1","EACH",1,2500,2500,2]
[null,"2024-02-22",2024,"Q1","15498","2 ","I-5: AURORA DONALD INTERCHANGE (EXIT 278) PHASE 2","0470-0313000E","CONCRETE INLETS, TYPE G-1","EACH",1,5500,5500,3]
[null,"2024-02-22",2024,"Q1","15498","2 ","I-5: AURORA DONALD INTERCHANGE (EXIT 278) PHASE 2","0470-0313000E","CONCRETE INLETS, TYPE G-1","EACH",1,6000,6000,4]
[null,"2024-02-22",2024,"Q1","15498","2 ","I-5: AURORA DONALD INTERCHANGE (EXIT 278) PHASE 2","0470-0313000E","CONCRETE INLETS, TYPE G-1","EACH",1,3800,3800,5]
[null,"2024-02-22",2024,"Q1","15498","2 ","I-5: AURORA DONALD INTERCHANGE (EXIT 278) PHASE 2","0470-0313000E","CONCRETE INLETS, TYPE G-1","EACH",1,6100,6100,6]
[null,"2024-02-22",2024,"Q1","15498","2 ","I-5: AURORA DONALD INTERCHANGE (EXIT 278) PHASE 2","0470-0313000E","CONCRETE INLETS, TYPE G-1","EACH",1,3650,3650,7]
[null,"2024-02-22",2024,"Q1","15498","2 ","I-5: AURORA DONALD INTERCHANGE (EXIT 278) PHASE 2","0470-0315000E","CONCRETE INLETS, TYPE G-2","EACH",17,3900,66300,1]
[null,"2024-02-22",2024,"Q1","15498","2 ","I-5: AURORA DONALD INTERCHANGE (EXIT 278) PHASE 2","0470-0315000E","CONCRETE INLETS, TYPE G-2","EACH",17,3100,52700,2]
[null,"2024-02-22",2024,"Q1","15498","2 ","I-5: AURORA DONALD INTERCHANGE (EXIT 278) PHASE 2","0470-0315000E","CONCRETE INLETS, TYPE G-2","EACH",17,5500,93500,3]
[null,"2024-02-22",2024,"Q1","15498","2 ","I-5: AURORA DONALD INTERCHANGE (EXIT 278) PHASE 2","0470-0315000E","CONCRETE INLETS, TYPE G-2","EACH",17,6000,102000,4]
[null,"2024-02-22",2024,"Q1","15498","2 ","I-5: AURORA DONALD INTERCHANGE (EXIT 278) PHASE 2","0470-0315000E","CONCRETE INLETS, TYPE G-2","EACH",17,3000,51000,5]
[null,"2024-02-22",2024,"Q1","15498","2 ","I-5: AURORA DONALD INTERCHANGE (EXIT 278) PHASE 2","0470-0315000E","CONCRETE INLETS, TYPE G-2","EACH",17,6500,110500,6]
[null,"2024-02-22",2024,"Q1","15498","2 ","I-5: AURORA DONALD INTERCHANGE (EXIT 278) PHASE 2","0470-0315000E","CONCRETE INLETS, TYPE G-2","EACH",17,3500,59500,7]
[null,"2024-02-22",2024,"Q1","15498","2 ","I-5: AURORA DONALD INTERCHANGE (EXIT 278) PHASE 2","0470-0317000E","CONCRETE INLETS, TYPE G-2M","EACH",1,5000,5000,1]
[null,"2024-02-22",2024,"Q1","15498","2 ","I-5: AURORA DONALD INTERCHANGE (EXIT 278) PHASE 2","0470-0317000E","CONCRETE INLETS, TYPE G-2M","EACH",1,3100,3100,2]
[null,"2024-02-22",2024,"Q1","15498","2 ","I-5: AURORA DONALD INTERCHANGE (EXIT 278) PHASE 2","0470-0317000E","CONCRETE INLETS, TYPE G-2M","EACH",1,6000,6000,3]
[null,"2024-02-22",2024,"Q1","15498","2 ","I-5: AURORA DONALD INTERCHANGE (EXIT 278) PHASE 2","0470-0317000E","CONCRETE INLETS, TYPE G-2M","EACH",1,7000,7000,4]
[null,"2024-02-22",2024,"Q1","15498","2 ","I-5: AURORA DONALD INTERCHANGE (EXIT 278) PHASE 2","0470-0317000E","CONCRETE INLETS, TYPE G-2M","EACH",1,3000,3000,5]
[null,"2024-02-22",2024,"Q1","15498","2 ","I-5: AURORA DONALD INTERCHANGE (EXIT 278) PHASE 2","0470-0317000E","CONCRETE INLETS, TYPE G-2M","EACH",1,6500,6500,6]
[null,"2024-02-22",2024,"Q1","15498","2 ","I-5: AURORA DONALD INTERCHANGE (EXIT 278) PHASE 2","0470-0317000E","CONCRETE INLETS, TYPE G-2M","EACH",1,3500,3500,7]
[null,"2024-02-22",2024,"Q1","15498","2 ","I-5: AURORA DONALD INTERCHANGE (EXIT 278) PHASE 2","0470-0319000E","CONCRETE INLETS, TYPE G-2MA","EACH",4,4000,16000,1]
[null,"2024-02-22",2024,"Q1","15498","2 ","I-5: AURORA DONALD INTERCHANGE (EXIT 278) PHASE 2","0470-0319000E","CONCRETE INLETS, TYPE G-2MA","EACH",4,4800,19200,2]
[null,"2024-02-22",2024,"Q1","15498","2 ","I-5: AURORA DONALD INTERCHANGE (EXIT 278) PHASE 2","0470-0319000E","CONCRETE INLETS, TYPE G-2MA","EACH",4,6000,24000,3]
[null,"2024-02-22",2024,"Q1","15498","2 ","I-5: AURORA DONALD INTERCHANGE (EXIT 278) PHASE 2","0470-0319000E","CONCRETE INLETS, TYPE G-2MA","EACH",4,7000,28000,4]
[null,"2024-02-22",2024,"Q1","15498","2 ","I-5: AURORA DONALD INTERCHANGE (EXIT 278) PHASE 2","0470-0319000E","CONCRETE INLETS, TYPE G-2MA","EACH",4,3000,12000,5]
[null,"2024-02-22",2024,"Q1","15498","2 ","I-5: AURORA DONALD INTERCHANGE (EXIT 278) PHASE 2","0470-0319000E","CONCRETE INLETS, TYPE G-2MA","EACH",4,6900,27600,6]
[null,"2024-02-22",2024,"Q1","15498","2 ","I-5: AURORA DONALD INTERCHANGE (EXIT 278) PHASE 2","0470-0319000E","CONCRETE INLETS, TYPE G-2MA","EACH",4,7250,29000,7]
[null,"2024-02-22",2024,"Q1","15498","2 ","I-5: AURORA DONALD INTERCHANGE (EXIT 278) PHASE 2","0480-0100000F","DRAINAGE CURBS","FOOT",230,45,10350,1]
[null,"2024-02-22",2024,"Q1","15498","2 ","I-5: AURORA DONALD INTERCHANGE (EXIT 278) PHASE 2","0480-0100000F","DRAINAGE CURBS","FOOT",230,30,6900,2]
[null,"2024-02-22",2024,"Q1","15498","2 ","I-5: AURORA DONALD INTERCHANGE (EXIT 278) PHASE 2","0480-0100000F","DRAINAGE CURBS","FOOT",230,55,12650,3]
[null,"2024-02-22",2024,"Q1","15498","2 ","I-5: AURORA DONALD INTERCHANGE (EXIT 278) PHASE 2","0480-0100000F","DRAINAGE CURBS","FOOT",230,40,9200,4]
[null,"2024-02-22",2024,"Q1","15498","2 ","I-5: AURORA DONALD INTERCHANGE (EXIT 278) PHASE 2","0480-0100000F","DRAINAGE CURBS","FOOT",230,63,14490,5]
[null,"2024-02-22",2024,"Q1","15498","2 ","I-5: AURORA DONALD INTERCHANGE (EXIT 278) PHASE 2","0480-0100000F","DRAINAGE CURBS","FOOT",230,30,6900,6]
[null,"2024-02-22",2024,"Q1","15498","2 ","I-5: AURORA DONALD INTERCHANGE (EXIT 278) PHASE 2","0480-0100000F","DRAINAGE CURBS","FOOT",230,20,4600,7]
[null,"2024-02-22",2024,"Q1","15498","2 ","I-5: AURORA DONALD INTERCHANGE (EXIT 278) PHASE 2","0490-0104000E","CONNECTION TO EXISTING STRUCTURES","EACH",8,2250,18000,1]
[null,"2024-02-22",2024,"Q1","15498","2 ","I-5: AURORA DONALD INTERCHANGE (EXIT 278) PHASE 2","0490-0104000E","CONNECTION TO EXISTING STRUCTURES","EACH",8,2400,19200,2]
[null,"2024-02-22",2024,"Q1","15498","2 ","I-5: AURORA DONALD INTERCHANGE (EXIT 278) PHASE 2","0490-0104000E","CONNECTION TO EXISTING STRUCTURES","EACH",8,2500,20000,3]
[null,"2024-02-22",2024,"Q1","15498","2 ","I-5: AURORA DONALD INTERCHANGE (EXIT 278) PHASE 2","0490-0104000E","CONNECTION TO EXISTING STRUCTURES","EACH",8,3000,24000,4]
[null,"2024-02-22",2024,"Q1","15498","2 ","I-5: AURORA DONALD INTERCHANGE (EXIT 278) PHASE 2","0490-0104000E","CONNECTION TO EXISTING STRUCTURES","EACH",8,2200,17600,5]
[null,"2024-02-22",2024,"Q1","15498","2 ","I-5: AURORA DONALD INTERCHANGE (EXIT 278) PHASE 2","0490-0104000E","CONNECTION TO EXISTING STRUCTURES","EACH",8,2900,23200,6]
[null,"2024-02-22",2024,"Q1","15498","2 ","I-5: AURORA DONALD INTERCHANGE (EXIT 278) PHASE 2","0490-0104000E","CONNECTION TO EXISTING STRUCTURES","EACH",8,1500,12000,7]
[null,"2024-02-22",2024,"Q1","15498","2 ","I-5: AURORA DONALD INTERCHANGE (EXIT 278) PHASE 2","0490-0117000E","FILLING ABANDONED STRUCTURES","EACH",16,2700,43200,1]
[null,"2024-02-22",2024,"Q1","15498","2 ","I-5: AURORA DONALD INTERCHANGE (EXIT 278) PHASE 2","0490-0117000E","FILLING ABANDONED STRUCTURES","EACH",16,4500,72000,2]
[null,"2024-02-22",2024,"Q1","15498","2 ","I-5: AURORA DONALD INTERCHANGE (EXIT 278) PHASE 2","0490-0117000E","FILLING ABANDONED STRUCTURES","EACH",16,1000,16000,3]
[null,"2024-02-22",2024,"Q1","15498","2 ","I-5: AURORA DONALD INTERCHANGE (EXIT 278) PHASE 2","0490-0117000E","FILLING ABANDONED STRUCTURES","EACH",16,4000,64000,4]
[null,"2024-02-22",2024,"Q1","15498","2 ","I-5: AURORA DONALD INTERCHANGE (EXIT 278) PHASE 2","0490-0117000E","FILLING ABANDONED STRUCTURES","EACH",16,1600,25600,5]
[null,"2024-02-22",2024,"Q1","15498","2 ","I-5: AURORA DONALD INTERCHANGE (EXIT 278) PHASE 2","0490-0117000E","FILLING ABANDONED STRUCTURES","EACH",16,1350,21600,6]
[null,"2024-02-22",2024,"Q1","15498","2 ","I-5: AURORA DONALD INTERCHANGE (EXIT 278) PHASE 2","0490-0117000E","FILLING ABANDONED STRUCTURES","EACH",16,2600,41600,7]
[null,"2024-02-22",2024,"Q1","15498","2 ","I-5: AURORA DONALD INTERCHANGE (EXIT 278) PHASE 2","0490-0120000E","MINOR ADJUSTMENT OF MANHOLES","EACH",7,1500,10500,1]
[null,"2024-02-22",2024,"Q1","15498","2 ","I-5: AURORA DONALD INTERCHANGE (EXIT 278) PHASE 2","0490-0120000E","MINOR ADJUSTMENT OF MANHOLES","EACH",7,1500,10500,2]
[null,"2024-02-22",2024,"Q1","15498","2 ","I-5: AURORA DONALD INTERCHANGE (EXIT 278) PHASE 2","0490-0120000E","MINOR ADJUSTMENT OF MANHOLES","EACH",7,600,4200,3]
[null,"2024-02-22",2024,"Q1","15498","2 ","I-5: AURORA DONALD INTERCHANGE (EXIT 278) PHASE 2","0490-0120000E","MINOR ADJUSTMENT OF MANHOLES","EACH",7,4000,28000,4]
[null,"2024-02-22",2024,"Q1","15498","2 ","I-5: AURORA DONALD INTERCHANGE (EXIT 278) PHASE 2","0490-0120000E","MINOR ADJUSTMENT OF MANHOLES","EACH",7,1600,11200,5]
[null,"2024-02-22",2024,"Q1","15498","2 ","I-5: AURORA DONALD INTERCHANGE (EXIT 278) PHASE 2","0490-0120000E","MINOR ADJUSTMENT OF MANHOLES","EACH",7,660,4620,6]
[null,"2024-02-22",2024,"Q1","15498","2 ","I-5: AURORA DONALD INTERCHANGE (EXIT 278) PHASE 2","0490-0120000E","MINOR ADJUSTMENT OF MANHOLES","EACH",7,1800,12600,7]
[null,"2024-02-22",2024,"Q1","15498","2 ","I-5: AURORA DONALD INTERCHANGE (EXIT 278) PHASE 2","0490-0121000E","MAJOR ADJUSTMENT OF MANHOLES","EACH",3,2500,7500,1]
[null,"2024-02-22",2024,"Q1","15498","2 ","I-5: AURORA DONALD INTERCHANGE (EXIT 278) PHASE 2","0490-0121000E","MAJOR ADJUSTMENT OF MANHOLES","EACH",3,2700,8100,2]
[null,"2024-02-22",2024,"Q1","15498","2 ","I-5: AURORA DONALD INTERCHANGE (EXIT 278) PHASE 2","0490-0121000E","MAJOR ADJUSTMENT OF MANHOLES","EACH",3,2500,7500,3]
[null,"2024-02-22",2024,"Q1","15498","2 ","I-5: AURORA DONALD INTERCHANGE (EXIT 278) PHASE 2","0490-0121000E","MAJOR ADJUSTMENT OF MANHOLES","EACH",3,5000,15000,4]
[null,"2024-02-22",2024,"Q1","15498","2 ","I-5: AURORA DONALD INTERCHANGE (EXIT 278) PHASE 2","0490-0121000E","MAJOR ADJUSTMENT OF MANHOLES","EACH",3,2500,7500,5]
[null,"2024-02-22",2024,"Q1","15498","2 ","I-5: AURORA DONALD INTERCHANGE (EXIT 278) PHASE 2","0490-0121000E","MAJOR ADJUSTMENT OF MANHOLES","EACH",3,2450,7350,6]
[null,"2024-02-22",2024,"Q1","15498","2 ","I-5: AURORA DONALD INTERCHANGE (EXIT 278) PHASE 2","0490-0121000E","MAJOR ADJUSTMENT OF MANHOLES","EACH",3,4100,12300,7]
[null,"2024-02-22",2024,"Q1","15498","2 ","I-5: AURORA DONALD INTERCHANGE (EXIT 278) PHASE 2","0490-0123000E","EXTRA FOR MANHOLES OVER EXISTING SEWERS","EACH",5,3750,18750,1]
[null,"2024-02-22",2024,"Q1","15498","2 ","I-5: AURORA DONALD INTERCHANGE (EXIT 278) PHASE 2","0490-0123000E","EXTRA FOR MANHOLES OVER EXISTING SEWERS","EACH",5,3900,19500,2]
[null,"2024-02-22",2024,"Q1","15498","2 ","I-5: AURORA DONALD INTERCHANGE (EXIT 278) PHASE 2","0490-0123000E","EXTRA FOR MANHOLES OVER EXISTING SEWERS","EACH",5,2000,10000,3]
[null,"2024-02-22",2024,"Q1","15498","2 ","I-5: AURORA DONALD INTERCHANGE (EXIT 278) PHASE 2","0490-0123000E","EXTRA FOR MANHOLES OVER EXISTING SEWERS","EACH",5,4000,20000,4]
[null,"2024-02-22",2024,"Q1","15498","2 ","I-5: AURORA DONALD INTERCHANGE (EXIT 278) PHASE 2","0490-0123000E","EXTRA FOR MANHOLES OVER EXISTING SEWERS","EACH",5,2000,10000,5]
[null,"2024-02-22",2024,"Q1","15498","2 ","I-5: AURORA DONALD INTERCHANGE (EXIT 278) PHASE 2","0490-0123000E","EXTRA FOR MANHOLES OVER EXISTING SEWERS","EACH",5,1900,9500,6]
[null,"2024-02-22",2024,"Q1","15498","2 ","I-5: AURORA DONALD INTERCHANGE (EXIT 278) PHASE 2","0490-0123000E","EXTRA FOR MANHOLES OVER EXISTING SEWERS","EACH",5,2400,12000,7]
[null,"2024-02-22",2024,"Q1","15498","2 ","I-5: AURORA DONALD INTERCHANGE (EXIT 278) PHASE 2","0501-0100000A","BRIDGE REMOVAL WORK","SQFT",1,350000,350000,1]
[null,"2024-02-22",2024,"Q1","15498","2 ","I-5: AURORA DONALD INTERCHANGE (EXIT 278) PHASE 2","0501-0100000A","BRIDGE REMOVAL WORK","SQFT",1,430000,430000,2]
[null,"2024-02-22",2024,"Q1","15498","2 ","I-5: AURORA DONALD INTERCHANGE (EXIT 278) PHASE 2","0501-0100000A","BRIDGE REMOVAL WORK","SQFT",1,200000,200000,3]
[null,"2024-02-22",2024,"Q1","15498","2 ","I-5: AURORA DONALD INTERCHANGE (EXIT 278) PHASE 2","0501-0100000A","BRIDGE REMOVAL WORK","SQFT",1,637000,637000,4]
[null,"2024-02-22",2024,"Q1","15498","2 ","I-5: AURORA DONALD INTERCHANGE (EXIT 278) PHASE 2","0501-0100000A","BRIDGE REMOVAL WORK","SQFT",1,400000,400000,5]
[null,"2024-02-22",2024,"Q1","15498","2 ","I-5: AURORA DONALD INTERCHANGE (EXIT 278) PHASE 2","0501-0100000A","BRIDGE REMOVAL WORK","SQFT",1,250000,250000,6]
[null,"2024-02-22",2024,"Q1","15498","2 ","I-5: AURORA DONALD INTERCHANGE (EXIT 278) PHASE 2","0501-0100000A","BRIDGE REMOVAL WORK","SQFT",1,500000,500000,7]
[null,"2024-02-22",2024,"Q1","15498","2 ","I-5: AURORA DONALD INTERCHANGE (EXIT 278) PHASE 2","0510-0100000A","SHORING, CRIBBING, AND COFFERDAMS","SQYD",1,750000,750000,1]
[null,"2024-02-22",2024,"Q1","15498","2 ","I-5: AURORA DONALD INTERCHANGE (EXIT 278) PHASE 2","0510-0100000A","SHORING, CRIBBING, AND COFFERDAMS","SQYD",1,390000,390000,2]
[null,"2024-02-22",2024,"Q1","15498","2 ","I-5: AURORA DONALD INTERCHANGE (EXIT 278) PHASE 2","0510-0100000A","SHORING, CRIBBING, AND COFFERDAMS","SQYD",1,200000,200000,3]
[null,"2024-02-22",2024,"Q1","15498","2 ","I-5: AURORA DONALD INTERCHANGE (EXIT 278) PHASE 2","0510-0100000A","SHORING, CRIBBING, AND COFFERDAMS","SQYD",1,500000,500000,4]
[null,"2024-02-22",2024,"Q1","15498","2 ","I-5: AURORA DONALD INTERCHANGE (EXIT 278) PHASE 2","0510-0100000A","SHORING, CRIBBING, AND COFFERDAMS","SQYD",1,400000,400000,5]
[null,"2024-02-22",2024,"Q1","15498","2 ","I-5: AURORA DONALD INTERCHANGE (EXIT 278) PHASE 2","0510-0100000A","SHORING, CRIBBING, AND COFFERDAMS","SQYD",1,350000,350000,6]
[null,"2024-02-22",2024,"Q1","15498","2 ","I-5: AURORA DONALD INTERCHANGE (EXIT 278) PHASE 2","0510-0100000A","SHORING, CRIBBING, AND COFFERDAMS","SQYD",1,350000,350000,7]
[null,"2024-02-22",2024,"Q1","15498","2 ","I-5: AURORA DONALD INTERCHANGE (EXIT 278) PHASE 2","0510-0101000A","STRUCTURE EXCAVATION","CUYD",175,285.71428571428572,50000,1]
[null,"2024-02-22",2024,"Q1","15498","2 ","I-5: AURORA DONALD INTERCHANGE (EXIT 278) PHASE 2","0510-0101000A","STRUCTURE EXCAVATION","CUYD",1121,26.226583407671722,29400,1]
[null,"2024-02-22",2024,"Q1","15498","2 ","I-5: AURORA DONALD INTERCHANGE (EXIT 278) PHASE 2","0510-0101000A","STRUCTURE EXCAVATION","CUYD",1159,194.13287316652287,225000,1]
[null,"2024-02-22",2024,"Q1","15498","2 ","I-5: AURORA DONALD INTERCHANGE (EXIT 278) PHASE 2","0510-0101000A","STRUCTURE EXCAVATION","CUYD",175,114.28571428571429,20000,2]
[null,"2024-02-22",2024,"Q1","15498","2 ","I-5: AURORA DONALD INTERCHANGE (EXIT 278) PHASE 2","0510-0101000A","STRUCTURE EXCAVATION","CUYD",1121,18.73327386262266,21000,2]
[null,"2024-02-22",2024,"Q1","15498","2 ","I-5: AURORA DONALD INTERCHANGE (EXIT 278) PHASE 2","0510-0101000A","STRUCTURE EXCAVATION","CUYD",1159,21.570319240724764,25000,2]
[null,"2024-02-22",2024,"Q1","15498","2 ","I-5: AURORA DONALD INTERCHANGE (EXIT 278) PHASE 2","0510-0101000A","STRUCTURE EXCAVATION","CUYD",1159,34.51251078515962,40000,3]
[null,"2024-02-22",2024,"Q1","15498","2 ","I-5: AURORA DONALD INTERCHANGE (EXIT 278) PHASE 2","0510-0101000A","STRUCTURE EXCAVATION","CUYD",175,45.714285714285715,8000,3]
[null,"2024-02-22",2024,"Q1","15498","2 ","I-5: AURORA DONALD INTERCHANGE (EXIT 278) PHASE 2","0510-0101000A","STRUCTURE EXCAVATION","CUYD",1121,22.301516503122212,25000,3]
[null,"2024-02-22",2024,"Q1","15498","2 ","I-5: AURORA DONALD INTERCHANGE (EXIT 278) PHASE 2","0510-0101000A","STRUCTURE EXCAVATION","CUYD",175,342.85714285714283,60000,4]
[null,"2024-02-22",2024,"Q1","15498","2 ","I-5: AURORA DONALD INTERCHANGE (EXIT 278) PHASE 2","0510-0101000A","STRUCTURE EXCAVATION","CUYD",1159,60.396893874029338,70000,4]
[null,"2024-02-22",2024,"Q1","15498","2 ","I-5: AURORA DONALD INTERCHANGE (EXIT 278) PHASE 2","0510-0101000A","STRUCTURE EXCAVATION","CUYD",1121,66.904549509366632,75000,4]
[null,"2024-02-22",2024,"Q1","15498","2 ","I-5: AURORA DONALD INTERCHANGE (EXIT 278) PHASE 2","0510-0101000A","STRUCTURE EXCAVATION","CUYD",1159,129.42191544434857,150000,5]
[null,"2024-02-22",2024,"Q1","15498","2 ","I-5: AURORA DONALD INTERCHANGE (EXIT 278) PHASE 2","0510-0101000A","STRUCTURE EXCAVATION","CUYD",1121,89.206066012488847,100000,5]
[null,"2024-02-22",2024,"Q1","15498","2 ","I-5: AURORA DONALD INTERCHANGE (EXIT 278) PHASE 2","0510-0101000A","STRUCTURE EXCAVATION","CUYD",175,285.71428571428572,50000,5]
[null,"2024-02-22",2024,"Q1","15498","2 ","I-5: AURORA DONALD INTERCHANGE (EXIT 278) PHASE 2","0510-0101000A","STRUCTURE EXCAVATION","CUYD",175,50.857142857142854,8900,6]
[null,"2024-02-22",2024,"Q1","15498","2 ","I-5: AURORA DONALD INTERCHANGE (EXIT 278) PHASE 2","0510-0101000A","STRUCTURE EXCAVATION","CUYD",1121,25.066904549509367,28100,6]
[null,"2024-02-22",2024,"Q1","15498","2 ","I-5: AURORA DONALD INTERCHANGE (EXIT 278) PHASE 2","0510-0101000A","STRUCTURE EXCAVATION","CUYD",1159,38.826574633304574,45000,6]
[null,"2024-02-22",2024,"Q1","15498","2 ","I-5: AURORA DONALD INTERCHANGE (EXIT 278) PHASE 2","0510-0101000A","STRUCTURE EXCAVATION","CUYD",175,424,74200,7]
[null,"2024-02-22",2024,"Q1","15498","2 ","I-5: AURORA DONALD INTERCHANGE (EXIT 278) PHASE 2","0510-0101000A","STRUCTURE EXCAVATION","CUYD",1159,94.909404659188951,110000,7]
[null,"2024-02-22",2024,"Q1","15498","2 ","I-5: AURORA DONALD INTERCHANGE (EXIT 278) PHASE 2","0510-0101000A","STRUCTURE EXCAVATION","CUYD",1121,66.280107047279216,74300,7]
[null,"2024-02-22",2024,"Q1","15498","2 ","I-5: AURORA DONALD INTERCHANGE (EXIT 278) PHASE 2","0510-0106000A","GRANULAR WALL BACKFILL","CUYD",90,127.77777777777777,11500,1]
[null,"2024-02-22",2024,"Q1","15498","2 ","I-5: AURORA DONALD INTERCHANGE (EXIT 278) PHASE 2","0510-0106000A","GRANULAR WALL BACKFILL","CUYD",90,77.777777777777771,7000,2]
[null,"2024-02-22",2024,"Q1","15498","2 ","I-5: AURORA DONALD INTERCHANGE (EXIT 278) PHASE 2","0510-0106000A","GRANULAR WALL BACKFILL","CUYD",90,111.11111111111111,10000,3]
[null,"2024-02-22",2024,"Q1","15498","2 ","I-5: AURORA DONALD INTERCHANGE (EXIT 278) PHASE 2","0510-0106000A","GRANULAR WALL BACKFILL","CUYD",90,144.44444444444446,13000,4]
[null,"2024-02-22",2024,"Q1","15498","2 ","I-5: AURORA DONALD INTERCHANGE (EXIT 278) PHASE 2","0510-0106000A","GRANULAR WALL BACKFILL","CUYD",90,555.55555555555554,50000,5]
[null,"2024-02-22",2024,"Q1","15498","2 ","I-5: AURORA DONALD INTERCHANGE (EXIT 278) PHASE 2","0510-0106000A","GRANULAR WALL BACKFILL","CUYD",90,92.222222222222229,8300,6]
[null,"2024-02-22",2024,"Q1","15498","2 ","I-5: AURORA DONALD INTERCHANGE (EXIT 278) PHASE 2","0510-0106000A","GRANULAR WALL BACKFILL","CUYD",90,155.55555555555554,14000,7]
[null,"2024-02-22",2024,"Q1","15498","2 ","I-5: AURORA DONALD INTERCHANGE (EXIT 278) PHASE 2","0510-0108000A","GRANULAR STRUCTURE BACKFILL","CUYD",587,93.69676320272572,55000,1]
[null,"2024-02-22",2024,"Q1","15498","2 ","I-5: AURORA DONALD INTERCHANGE (EXIT 278) PHASE 2","0510-0108000A","GRANULAR STRUCTURE BACKFILL","CUYD",490,83.673469387755105,41000,1]
[null,"2024-02-22",2024,"Q1","15498","2 ","I-5: AURORA DONALD INTERCHANGE (EXIT 278) PHASE 2","0510-0108000A","GRANULAR STRUCTURE BACKFILL","CUYD",490,65.306122448979593,32000,2]
[null,"2024-02-22",2024,"Q1","15498","2 ","I-5: AURORA DONALD INTERCHANGE (EXIT 278) PHASE 2","0510-0108000A","GRANULAR STRUCTURE BACKFILL","CUYD",587,68.143100511073257,40000,2]
[null,"2024-02-22",2024,"Q1","15498","2 ","I-5: AURORA DONALD INTERCHANGE (EXIT 278) PHASE 2","0510-0108000A","GRANULAR STRUCTURE BACKFILL","CUYD",490,71.428571428571431,35000,3]
[null,"2024-02-22",2024,"Q1","15498","2 ","I-5: AURORA DONALD INTERCHANGE (EXIT 278) PHASE 2","0510-0108000A","GRANULAR STRUCTURE BACKFILL","CUYD",587,68.143100511073257,40000,3]
[null,"2024-02-22",2024,"Q1","15498","2 ","I-5: AURORA DONALD INTERCHANGE (EXIT 278) PHASE 2","0510-0108000A","GRANULAR STRUCTURE BACKFILL","CUYD",490,112.24489795918367,55000,4]
[null,"2024-02-22",2024,"Q1","15498","2 ","I-5: AURORA DONALD INTERCHANGE (EXIT 278) PHASE 2","0510-0108000A","GRANULAR STRUCTURE BACKFILL","CUYD",587,68.143100511073257,40000,4]
[null,"2024-02-22",2024,"Q1","15498","2 ","I-5: AURORA DONALD INTERCHANGE (EXIT 278) PHASE 2","0510-0108000A","GRANULAR STRUCTURE BACKFILL","CUYD",490,81.632653061224488,40000,5]
[null,"2024-02-22",2024,"Q1","15498","2 ","I-5: AURORA DONALD INTERCHANGE (EXIT 278) PHASE 2","0510-0108000A","GRANULAR STRUCTURE BACKFILL","CUYD",587,170.35775127768312,100000,5]
[null,"2024-02-22",2024,"Q1","15498","2 ","I-5: AURORA DONALD INTERCHANGE (EXIT 278) PHASE 2","0510-0108000A","GRANULAR STRUCTURE BACKFILL","CUYD",587,71.550255536626921,42000,6]
[null,"2024-02-22",2024,"Q1","15498","2 ","I-5: AURORA DONALD INTERCHANGE (EXIT 278) PHASE 2","0510-0108000A","GRANULAR STRUCTURE BACKFILL","CUYD",490,75.510204081632651,37000,6]
[null,"2024-02-22",2024,"Q1","15498","2 ","I-5: AURORA DONALD INTERCHANGE (EXIT 278) PHASE 2","0510-0108000A","GRANULAR STRUCTURE BACKFILL","CUYD",587,95.400340715502551,56000,7]
[null,"2024-02-22",2024,"Q1","15498","2 ","I-5: AURORA DONALD INTERCHANGE (EXIT 278) PHASE 2","0510-0108000A","GRANULAR STRUCTURE BACKFILL","CUYD",490,155.10204081632654,76000,7]
[null,"2024-02-22",2024,"Q1","15498","2 ","I-5: AURORA DONALD INTERCHANGE (EXIT 278) PHASE 2","0520-0100000A","FURNISH PILE DRIVING EQUIPMENT","LS",1,75000,75000,1]
[null,"2024-02-22",2024,"Q1","15498","2 ","I-5: AURORA DONALD INTERCHANGE (EXIT 278) PHASE 2","0520-0100000A","FURNISH PILE DRIVING EQUIPMENT","LS",1,170000,170000,2]
[null,"2024-02-22",2024,"Q1","15498","2 ","I-5: AURORA DONALD INTERCHANGE (EXIT 278) PHASE 2","0520-0100000A","FURNISH PILE DRIVING EQUIPMENT","LS",1,190000,190000,3]
[null,"2024-02-22",2024,"Q1","15498","2 ","I-5: AURORA DONALD INTERCHANGE (EXIT 278) PHASE 2","0520-0100000A","FURNISH PILE DRIVING EQUIPMENT","LS",1,300000,300000,4]
[null,"2024-02-22",2024,"Q1","15498","2 ","I-5: AURORA DONALD INTERCHANGE (EXIT 278) PHASE 2","0520-0100000A","FURNISH PILE DRIVING EQUIPMENT","LS",1,200000,200000,5]
[null,"2024-02-22",2024,"Q1","15498","2 ","I-5: AURORA DONALD INTERCHANGE (EXIT 278) PHASE 2","0520-0100000A","FURNISH PILE DRIVING EQUIPMENT","LS",1,250000,250000,6]
[null,"2024-02-22",2024,"Q1","15498","2 ","I-5: AURORA DONALD INTERCHANGE (EXIT 278) PHASE 2","0520-0100000A","FURNISH PILE DRIVING EQUIPMENT","LS",1,150000,150000,7]
[null,"2024-02-22",2024,"Q1","15498","2 ","I-5: AURORA DONALD INTERCHANGE (EXIT 278) PHASE 2","0520-0127000F","FURNISH PP 16 X 0.5 STEEL PILES","FOOT",4290,65,278850,1]
[null,"2024-02-22",2024,"Q1","15498","2 ","I-5: AURORA DONALD INTERCHANGE (EXIT 278) PHASE 2","0520-0127000F","FURNISH PP 16 X 0.5 STEEL PILES","FOOT",4290,78,334620,2]
[null,"2024-02-22",2024,"Q1","15498","2 ","I-5: AURORA DONALD INTERCHANGE (EXIT 278) PHASE 2","0520-0127000F","FURNISH PP 16 X 0.5 STEEL PILES","FOOT",4290,80,343200,3]
[null,"2024-02-22",2024,"Q1","15498","2 ","I-5: AURORA DONALD INTERCHANGE (EXIT 278) PHASE 2","0520-0127000F","FURNISH PP 16 X 0.5 STEEL PILES","FOOT",4290,70,300300,4]
[null,"2024-02-22",2024,"Q1","15498","2 ","I-5: AURORA DONALD INTERCHANGE (EXIT 278) PHASE 2","0520-0127000F","FURNISH PP 16 X 0.5 STEEL PILES","FOOT",4290,68,291720,5]
[null,"2024-02-22",2024,"Q1","15498","2 ","I-5: AURORA DONALD INTERCHANGE (EXIT 278) PHASE 2","0520-0127000F","FURNISH PP 16 X 0.5 STEEL PILES","FOOT",4290,80,343200,6]
[null,"2024-02-22",2024,"Q1","15498","2 ","I-5: AURORA DONALD INTERCHANGE (EXIT 278) PHASE 2","0520-0127000F","FURNISH PP 16 X 0.5 STEEL PILES","FOOT",4290,68,291720,7]
[null,"2024-02-22",2024,"Q1","15498","2 ","I-5: AURORA DONALD INTERCHANGE (EXIT 278) PHASE 2","0520-0141000F","FURNISH PP 16 X 0.5 TEST PILES","FOOT",470,70,32900,1]
[null,"2024-02-22",2024,"Q1","15498","2 ","I-5: AURORA DONALD INTERCHANGE (EXIT 278) PHASE 2","0520-0141000F","FURNISH PP 16 X 0.5 TEST PILES","FOOT",470,71,33370,2]
[null,"2024-02-22",2024,"Q1","15498","2 ","I-5: AURORA DONALD INTERCHANGE (EXIT 278) PHASE 2","0520-0141000F","FURNISH PP 16 X 0.5 TEST PILES","FOOT",470,110,51700,3]
[null,"2024-02-22",2024,"Q1","15498","2 ","I-5: AURORA DONALD INTERCHANGE (EXIT 278) PHASE 2","0520-0141000F","FURNISH PP 16 X 0.5 TEST PILES","FOOT",470,70,32900,4]
[null,"2024-02-22",2024,"Q1","15498","2 ","I-5: AURORA DONALD INTERCHANGE (EXIT 278) PHASE 2","0520-0141000F","FURNISH PP 16 X 0.5 TEST PILES","FOOT",470,61.5,28905,5]
[null,"2024-02-22",2024,"Q1","15498","2 ","I-5: AURORA DONALD INTERCHANGE (EXIT 278) PHASE 2","0520-0141000F","FURNISH PP 16 X 0.5 TEST PILES","FOOT",470,105,49350,6]
[null,"2024-02-22",2024,"Q1","15498","2 ","I-5: AURORA DONALD INTERCHANGE (EXIT 278) PHASE 2","0520-0141000F","FURNISH PP 16 X 0.5 TEST PILES","FOOT",470,61.5,28905,7]
[null,"2024-02-22",2024,"Q1","15498","2 ","I-5: AURORA DONALD INTERCHANGE (EXIT 278) PHASE 2","0520-0312000E","DRIVE PP 16 X 0.5 STEEL PILES","EACH",82,2500,205000,1]
[null,"2024-02-22",2024,"Q1","15498","2 ","I-5: AURORA DONALD INTERCHANGE (EXIT 278) PHASE 2","0520-0312000E","DRIVE PP 16 X 0.5 STEEL PILES","EACH",82,1600,131200,2]
[null,"2024-02-22",2024,"Q1","15498","2 ","I-5: AURORA DONALD INTERCHANGE (EXIT 278) PHASE 2","0520-0312000E","DRIVE PP 16 X 0.5 STEEL PILES","EACH",82,2700,221400,3]
[null,"2024-02-22",2024,"Q1","15498","2 ","I-5: AURORA DONALD INTERCHANGE (EXIT 278) PHASE 2","0520-0312000E","DRIVE PP 16 X 0.5 STEEL PILES","EACH",82,6000,492000,4]
[null,"2024-02-22",2024,"Q1","15498","2 ","I-5: AURORA DONALD INTERCHANGE (EXIT 278) PHASE 2","0520-0312000E","DRIVE PP 16 X 0.5 STEEL PILES","EACH",82,1400,114800,5]
[null,"2024-02-22",2024,"Q1","15498","2 ","I-5: AURORA DONALD INTERCHANGE (EXIT 278) PHASE 2","0520-0312000E","DRIVE PP 16 X 0.5 STEEL PILES","EACH",82,2500,205000,6]
[null,"2024-02-22",2024,"Q1","15498","2 ","I-5: AURORA DONALD INTERCHANGE (EXIT 278) PHASE 2","0520-0312000E","DRIVE PP 16 X 0.5 STEEL PILES","EACH",82,1400,114800,7]
[null,"2024-02-22",2024,"Q1","15498","2 ","I-5: AURORA DONALD INTERCHANGE (EXIT 278) PHASE 2","0520-0325000E","DRIVE TEST PILES","EACH",6,4500,27000,1]
[null,"2024-02-22",2024,"Q1","15498","2 ","I-5: AURORA DONALD INTERCHANGE (EXIT 278) PHASE 2","0520-0325000E","DRIVE TEST PILES","EACH",6,2400,14400,2]
[null,"2024-02-22",2024,"Q1","15498","2 ","I-5: AURORA DONALD INTERCHANGE (EXIT 278) PHASE 2","0520-0325000E","DRIVE TEST PILES","EACH",6,2700,16200,3]
[null,"2024-02-22",2024,"Q1","15498","2 ","I-5: AURORA DONALD INTERCHANGE (EXIT 278) PHASE 2","0520-0325000E","DRIVE TEST PILES","EACH",6,7000,42000,4]
[null,"2024-02-22",2024,"Q1","15498","2 ","I-5: AURORA DONALD INTERCHANGE (EXIT 278) PHASE 2","0520-0325000E","DRIVE TEST PILES","EACH",6,2100,12600,5]
[null,"2024-02-22",2024,"Q1","15498","2 ","I-5: AURORA DONALD INTERCHANGE (EXIT 278) PHASE 2","0520-0325000E","DRIVE TEST PILES","EACH",6,3750,22500,6]
[null,"2024-02-22",2024,"Q1","15498","2 ","I-5: AURORA DONALD INTERCHANGE (EXIT 278) PHASE 2","0520-0325000E","DRIVE TEST PILES","EACH",6,2100,12600,7]
[null,"2024-02-22",2024,"Q1","15498","2 ","I-5: AURORA DONALD INTERCHANGE (EXIT 278) PHASE 2","0520-0329000E","PILE LOAD TEST (DYNAMIC)","EACH",6,5000,30000,1]
[null,"2024-02-22",2024,"Q1","15498","2 ","I-5: AURORA DONALD INTERCHANGE (EXIT 278) PHASE 2","0520-0329000E","PILE LOAD TEST (DYNAMIC)","EACH",6,5700,34200,2]
[null,"2024-02-22",2024,"Q1","15498","2 ","I-5: AURORA DONALD INTERCHANGE (EXIT 278) PHASE 2","0520-0329000E","PILE LOAD TEST (DYNAMIC)","EACH",6,3000,18000,3]
[null,"2024-02-22",2024,"Q1","15498","2 ","I-5: AURORA DONALD INTERCHANGE (EXIT 278) PHASE 2","0520-0329000E","PILE LOAD TEST (DYNAMIC)","EACH",6,8000,48000,4]
[null,"2024-02-22",2024,"Q1","15498","2 ","I-5: AURORA DONALD INTERCHANGE (EXIT 278) PHASE 2","0520-0329000E","PILE LOAD TEST (DYNAMIC)","EACH",6,5000,30000,5]
[null,"2024-02-22",2024,"Q1","15498","2 ","I-5: AURORA DONALD INTERCHANGE (EXIT 278) PHASE 2","0520-0329000E","PILE LOAD TEST (DYNAMIC)","EACH",6,3500,21000,6]
[null,"2024-02-22",2024,"Q1","15498","2 ","I-5: AURORA DONALD INTERCHANGE (EXIT 278) PHASE 2","0520-0329000E","PILE LOAD TEST (DYNAMIC)","EACH",6,5000,30000,7]
[null,"2024-02-22",2024,"Q1","15498","2 ","I-5: AURORA DONALD INTERCHANGE (EXIT 278) PHASE 2","0520-0423000E","PP 16 X 0.5 STEEL PILE SPLICES","EACH",2,2500,5000,1]
[null,"2024-02-22",2024,"Q1","15498","2 ","I-5: AURORA DONALD INTERCHANGE (EXIT 278) PHASE 2","0520-0423000E","PP 16 X 0.5 STEEL PILE SPLICES","EACH",2,1,2,2]
[null,"2024-02-22",2024,"Q1","15498","2 ","I-5: AURORA DONALD INTERCHANGE (EXIT 278) PHASE 2","0520-0423000E","PP 16 X 0.5 STEEL PILE SPLICES","EACH",2,900,1800,3]
[null,"2024-02-22",2024,"Q1","15498","2 ","I-5: AURORA DONALD INTERCHANGE (EXIT 278) PHASE 2","0520-0423000E","PP 16 X 0.5 STEEL PILE SPLICES","EACH",2,1500,3000,4]
[null,"2024-02-22",2024,"Q1","15498","2 ","I-5: AURORA DONALD INTERCHANGE (EXIT 278) PHASE 2","0520-0423000E","PP 16 X 0.5 STEEL PILE SPLICES","EACH",2,1,2,5]
[null,"2024-02-22",2024,"Q1","15498","2 ","I-5: AURORA DONALD INTERCHANGE (EXIT 278) PHASE 2","0520-0423000E","PP 16 X 0.5 STEEL PILE SPLICES","EACH",2,825,1650,6]
[null,"2024-02-22",2024,"Q1","15498","2 ","I-5: AURORA DONALD INTERCHANGE (EXIT 278) PHASE 2","0520-0423000E","PP 16 X 0.5 STEEL PILE SPLICES","EACH",2,1,2,7]
[null,"2024-02-22",2024,"Q1","15498","2 ","I-5: AURORA DONALD INTERCHANGE (EXIT 278) PHASE 2","0530-0104000A","REINFORCEMENT, GRADE 60","LB",64100,3.9001560062402496,250000,1]
[null,"2024-02-22",2024,"Q1","15498","2 ","I-5: AURORA DONALD INTERCHANGE (EXIT 278) PHASE 2","0530-0104000A","REINFORCEMENT, GRADE 80","LB",100206,1.7464024110332714,175000,1]
[null,"2024-02-22",2024,"Q1","15498","2 ","I-5: AURORA DONALD INTERCHANGE (EXIT 278) PHASE 2","0530-0104000A","REINFORCEMENT, GRADE 60","LB",16000,2.5,40000,1]
[null,"2024-02-22",2024,"Q1","15498","2 ","I-5: AURORA DONALD INTERCHANGE (EXIT 278) PHASE 2","0530-0104000A","REINFORCEMENT, GRADE 100","LB",1410,2.1276595744680851,3000,1]
[null,"2024-02-22",2024,"Q1","15498","2 ","I-5: AURORA DONALD INTERCHANGE (EXIT 278) PHASE 2","0530-0104000A","REINFORCEMENT, GRADE 60","LB",29600,2.1317567567567566,63100,1]
[null,"2024-02-22",2024,"Q1","15498","2 ","I-5: AURORA DONALD INTERCHANGE (EXIT 278) PHASE 2","0530-0104000A","REINFORCEMENT, GRADE 80","LB",100206,1.5967107758018482,160000,2]
[null,"2024-02-22",2024,"Q1","15498","2 ","I-5: AURORA DONALD INTERCHANGE (EXIT 278) PHASE 2","0530-0104000A","REINFORCEMENT, GRADE 60","LB",64100,1.8720748829953198,120000,2]
[null,"2024-02-22",2024,"Q1","15498","2 ","I-5: AURORA DONALD INTERCHANGE (EXIT 278) PHASE 2","0530-0104000A","REINFORCEMENT, GRADE 60","LB",16000,2.8125,45000,2]
[null,"2024-02-22",2024,"Q1","15498","2 ","I-5: AURORA DONALD INTERCHANGE (EXIT 278) PHASE 2","0530-0104000A","REINFORCEMENT, GRADE 100","LB",1410,4.2553191489361701,6000,2]
[null,"2024-02-22",2024,"Q1","15498","2 ","I-5: AURORA DONALD INTERCHANGE (EXIT 278) PHASE 2","0530-0104000A","REINFORCEMENT, GRADE 60","LB",29600,1.8581081081081081,55000,2]
[null,"2024-02-22",2024,"Q1","15498","2 ","I-5: AURORA DONALD INTERCHANGE (EXIT 278) PHASE 2","0530-0104000A","REINFORCEMENT, GRADE 100","LB",1410,4.6099290780141846,6500,3]
[null,"2024-02-22",2024,"Q1","15498","2 ","I-5: AURORA DONALD INTERCHANGE (EXIT 278) PHASE 2","0530-0104000A","REINFORCEMENT, GRADE 60","LB",29600,1.8581081081081081,55000,3]
[null,"2024-02-22",2024,"Q1","15498","2 ","I-5: AURORA DONALD INTERCHANGE (EXIT 278) PHASE 2","0530-0104000A","REINFORCEMENT, GRADE 60","LB",64100,2.0280811232449296,130000,3]
[null,"2024-02-22",2024,"Q1","15498","2 ","I-5: AURORA DONALD INTERCHANGE (EXIT 278) PHASE 2","0530-0104000A","REINFORCEMENT, GRADE 60","LB",16000,3.125,50000,3]
[null,"2024-02-22",2024,"Q1","15498","2 ","I-5: AURORA DONALD INTERCHANGE (EXIT 278) PHASE 2","0530-0104000A","REINFORCEMENT, GRADE 80","LB",100206,1.7464024110332714,175000,3]
[null,"2024-02-22",2024,"Q1","15498","2 ","I-5: AURORA DONALD INTERCHANGE (EXIT 278) PHASE 2","0530-0104000A","REINFORCEMENT, GRADE 60","LB",64100,1.4040561622464898,90000,4]
[null,"2024-02-22",2024,"Q1","15498","2 ","I-5: AURORA DONALD INTERCHANGE (EXIT 278) PHASE 2","0530-0104000A","REINFORCEMENT, GRADE 80","LB",100206,1.3971219288266172,140000,4]
[null,"2024-02-22",2024,"Q1","15498","2 ","I-5: AURORA DONALD INTERCHANGE (EXIT 278) PHASE 2","0530-0104000A","REINFORCEMENT, GRADE 60","LB",29600,2.0270270270270272,60000,4]
[null,"2024-02-22",2024,"Q1","15498","2 ","I-5: AURORA DONALD INTERCHANGE (EXIT 278) PHASE 2","0530-0104000A","REINFORCEMENT, GRADE 60","LB",16000,2.1875,35000,4]
[null,"2024-02-22",2024,"Q1","15498","2 ","I-5: AURORA DONALD INTERCHANGE (EXIT 278) PHASE 2","0530-0104000A","REINFORCEMENT, GRADE 100","LB",1410,3.5460992907801416,5000,4]
[null,"2024-02-22",2024,"Q1","15498","2 ","I-5: AURORA DONALD INTERCHANGE (EXIT 278) PHASE 2","0530-0104000A","REINFORCEMENT, GRADE 60","LB",64100,1.6380655226209049,105000,5]
[null,"2024-02-22",2024,"Q1","15498","2 ","I-5: AURORA DONALD INTERCHANGE (EXIT 278) PHASE 2","0530-0104000A","REINFORCEMENT, GRADE 60","LB",16000,2.5,40000,5]
[null,"2024-02-22",2024,"Q1","15498","2 ","I-5: AURORA DONALD INTERCHANGE (EXIT 278) PHASE 2","0530-0104000A","REINFORCEMENT, GRADE 60","LB",29600,1.6891891891891893,50000,5]
[null,"2024-02-22",2024,"Q1","15498","2 ","I-5: AURORA DONALD INTERCHANGE (EXIT 278) PHASE 2","0530-0104000A","REINFORCEMENT, GRADE 100","LB",1410,3.5460992907801416,5000,5]
[null,"2024-02-22",2024,"Q1","15498","2 ","I-5: AURORA DONALD INTERCHANGE (EXIT 278) PHASE 2","0530-0104000A","REINFORCEMENT, GRADE 80","LB",100206,1.3971219288266172,140000,5]
[null,"2024-02-22",2024,"Q1","15498","2 ","I-5: AURORA DONALD INTERCHANGE (EXIT 278) PHASE 2","0530-0104000A","REINFORCEMENT, GRADE 80","LB",100206,2.2453745284713489,225000,6]
[null,"2024-02-22",2024,"Q1","15498","2 ","I-5: AURORA DONALD INTERCHANGE (EXIT 278) PHASE 2","0530-0104000A","REINFORCEMENT, GRADE 60","LB",64100,2.7301092043681749,175000,6]
[null,"2024-02-22",2024,"Q1","15498","2 ","I-5: AURORA DONALD INTERCHANGE (EXIT 278) PHASE 2","0530-0104000A","REINFORCEMENT, GRADE 60","LB",16000,2.8125,45000,6]
[null,"2024-02-22",2024,"Q1","15498","2 ","I-5: AURORA DONALD INTERCHANGE (EXIT 278) PHASE 2","0530-0104000A","REINFORCEMENT, GRADE 100","LB",1410,4.2553191489361701,6000,6]
[null,"2024-02-22",2024,"Q1","15498","2 ","I-5: AURORA DONALD INTERCHANGE (EXIT 278) PHASE 2","0530-0104000A","REINFORCEMENT, GRADE 60","LB",29600,2.1959459459459461,65000,6]
[null,"2024-02-22",2024,"Q1","15498","2 ","I-5: AURORA DONALD INTERCHANGE (EXIT 278) PHASE 2","0530-0104000A","REINFORCEMENT, GRADE 80","LB",100206,1.3971219288266172,140000,7]
[null,"2024-02-22",2024,"Q1","15498","2 ","I-5: AURORA DONALD INTERCHANGE (EXIT 278) PHASE 2","0530-0104000A","REINFORCEMENT, GRADE 60","LB",64100,1.6380655226209049,105000,7]
[null,"2024-02-22",2024,"Q1","15498","2 ","I-5: AURORA DONALD INTERCHANGE (EXIT 278) PHASE 2","0530-0104000A","REINFORCEMENT, GRADE 100","LB",1410,3.5460992907801416,5000,7]
[null,"2024-02-22",2024,"Q1","15498","2 ","I-5: AURORA DONALD INTERCHANGE (EXIT 278) PHASE 2","0530-0104000A","REINFORCEMENT, GRADE 60","LB",16000,2.5,40000,7]
[null,"2024-02-22",2024,"Q1","15498","2 ","I-5: AURORA DONALD INTERCHANGE (EXIT 278) PHASE 2","0530-0104000A","REINFORCEMENT, GRADE 60","LB",29600,1.6891891891891893,50000,7]
[null,"2024-02-22",2024,"Q1","15498","2 ","I-5: AURORA DONALD INTERCHANGE (EXIT 278) PHASE 2","0530-0104100A","COATED REINFORCEMENT, GRADE 80","LB",135300,1.8477457501847745,250000,1]
[null,"2024-02-22",2024,"Q1","15498","2 ","I-5: AURORA DONALD INTERCHANGE (EXIT 278) PHASE 2","0530-0104100A","COATED REINFORCEMENT, GRADE 80","LB",135300,2.2172949002217295,300000,2]
[null,"2024-02-22",2024,"Q1","15498","2 ","I-5: AURORA DONALD INTERCHANGE (EXIT 278) PHASE 2","0530-0104100A","COATED REINFORCEMENT, GRADE 80","LB",135300,2.0325203252032522,275000,3]
[null,"2024-02-22",2024,"Q1","15498","2 ","I-5: AURORA DONALD INTERCHANGE (EXIT 278) PHASE 2","0530-0104100A","COATED REINFORCEMENT, GRADE 80","LB",135300,1.5521064301552105,210000,4]
[null,"2024-02-22",2024,"Q1","15498","2 ","I-5: AURORA DONALD INTERCHANGE (EXIT 278) PHASE 2","0530-0104100A","COATED REINFORCEMENT, GRADE 80","LB",135300,1.9216555801921655,260000,5]
[null,"2024-02-22",2024,"Q1","15498","2 ","I-5: AURORA DONALD INTERCHANGE (EXIT 278) PHASE 2","0530-0104100A","COATED REINFORCEMENT, GRADE 80","LB",135300,2.9563932002956395,400000,6]
[null,"2024-02-22",2024,"Q1","15498","2 ","I-5: AURORA DONALD INTERCHANGE (EXIT 278) PHASE 2","0530-0104100A","COATED REINFORCEMENT, GRADE 80","LB",135300,1.9216555801921655,260000,7]
[null,"2024-02-22",2024,"Q1","15498","2 ","I-5: AURORA DONALD INTERCHANGE (EXIT 278) PHASE 2","0540-0102000A","FOUNDATION CONCRETE, CLASS 4000","CUYD",689,703.91872278664732,485000,1]
[null,"2024-02-22",2024,"Q1","15498","2 ","I-5: AURORA DONALD INTERCHANGE (EXIT 278) PHASE 2","0540-0102000A","FOUNDATION CONCRETE, CLASS 4000","CUYD",689,827.28592162554423,570000,2]
[null,"2024-02-22",2024,"Q1","15498","2 ","I-5: AURORA DONALD INTERCHANGE (EXIT 278) PHASE 2","0540-0102000A","FOUNDATION CONCRETE, CLASS 4000","CUYD",689,1233.6719883889696,850000,3]
[null,"2024-02-22",2024,"Q1","15498","2 ","I-5: AURORA DONALD INTERCHANGE (EXIT 278) PHASE 2","0540-0102000A","FOUNDATION CONCRETE, CLASS 4000","CUYD",689,725.6894049346879,500000,4]
[null,"2024-02-22",2024,"Q1","15498","2 ","I-5: AURORA DONALD INTERCHANGE (EXIT 278) PHASE 2","0540-0102000A","FOUNDATION CONCRETE, CLASS 4000","CUYD",689,725.6894049346879,500000,5]
[null,"2024-02-22",2024,"Q1","15498","2 ","I-5: AURORA DONALD INTERCHANGE (EXIT 278) PHASE 2","0540-0102000A","FOUNDATION CONCRETE, CLASS 4000","CUYD",689,1596.5166908563135,1100000,6]
[null,"2024-02-22",2024,"Q1","15498","2 ","I-5: AURORA DONALD INTERCHANGE (EXIT 278) PHASE 2","0540-0102000A","FOUNDATION CONCRETE, CLASS 4000","CUYD",689,725.6894049346879,500000,7]
[null,"2024-02-22",2024,"Q1","15498","2 ","I-5: AURORA DONALD INTERCHANGE (EXIT 278) PHASE 2","0540-0203100A","DECK CONCRETE, CLASS HPC4500","CUYD",606,1443.8943894389438,875000,1]
[null,"2024-02-22",2024,"Q1","15498","2 ","I-5: AURORA DONALD INTERCHANGE (EXIT 278) PHASE 2","0540-0203100A","DECK CONCRETE, CLASS HPC4500","CUYD",606,1468.6468646864687,890000,2]
[null,"2024-02-22",2024,"Q1","15498","2 ","I-5: AURORA DONALD INTERCHANGE (EXIT 278) PHASE 2","0540-0203100A","DECK CONCRETE, CLASS HPC4500","CUYD",606,1815.1815181518152,1100000,3]
[null,"2024-02-22",2024,"Q1","15498","2 ","I-5: AURORA DONALD INTERCHANGE (EXIT 278) PHASE 2","0540-0203100A","DECK CONCRETE, CLASS HPC4500","CUYD",606,1650.1650165016501,1000000,4]
[null,"2024-02-22",2024,"Q1","15498","2 ","I-5: AURORA DONALD INTERCHANGE (EXIT 278) PHASE 2","0540-0203100A","DECK CONCRETE, CLASS HPC4500","CUYD",606,1278.8778877887789,775000,5]
[null,"2024-02-22",2024,"Q1","15498","2 ","I-5: AURORA DONALD INTERCHANGE (EXIT 278) PHASE 2","0540-0203100A","DECK CONCRETE, CLASS HPC4500","CUYD",606,2351.4851485148515,1425000,6]
[null,"2024-02-22",2024,"Q1","15498","2 ","I-5: AURORA DONALD INTERCHANGE (EXIT 278) PHASE 2","0540-0203100A","DECK CONCRETE, CLASS HPC4500","CUYD",606,1278.8778877887789,775000,7]
[null,"2024-02-22",2024,"Q1","15498","2 ","I-5: AURORA DONALD INTERCHANGE (EXIT 278) PHASE 2","0540-0301000A","GENERAL STRUCTURAL CONCRETE, CLASS 3300","CUYD",136,2573.5294117647059,350000,1]
[null,"2024-02-22",2024,"Q1","15498","2 ","I-5: AURORA DONALD INTERCHANGE (EXIT 278) PHASE 2","0540-0301000A","GENERAL STRUCTURAL CONCRETE, CLASS 3300","CUYD",136,2058.8235294117649,280000,2]
[null,"2024-02-22",2024,"Q1","15498","2 ","I-5: AURORA DONALD INTERCHANGE (EXIT 278) PHASE 2","0540-0301000A","GENERAL STRUCTURAL CONCRETE, CLASS 3300","CUYD",136,2426.4705882352941,330000,3]
[null,"2024-02-22",2024,"Q1","15498","2 ","I-5: AURORA DONALD INTERCHANGE (EXIT 278) PHASE 2","0540-0301000A","GENERAL STRUCTURAL CONCRETE, CLASS 3300","CUYD",136,1176.4705882352941,160000,4]
[null,"2024-02-22",2024,"Q1","15498","2 ","I-5: AURORA DONALD INTERCHANGE (EXIT 278) PHASE 2","0540-0301000A","GENERAL STRUCTURAL CONCRETE, CLASS 3300","CUYD",136,1838.2352941176471,250000,5]
[null,"2024-02-22",2024,"Q1","15498","2 ","I-5: AURORA DONALD INTERCHANGE (EXIT 278) PHASE 2","0540-0301000A","GENERAL STRUCTURAL CONCRETE, CLASS 3300","CUYD",136,2941.1764705882351,400000,6]
[null,"2024-02-22",2024,"Q1","15498","2 ","I-5: AURORA DONALD INTERCHANGE (EXIT 278) PHASE 2","0540-0301000A","GENERAL STRUCTURAL CONCRETE, CLASS 3300","CUYD",136,1838.2352941176471,250000,7]
[null,"2024-02-22",2024,"Q1","15498","2 ","I-5: AURORA DONALD INTERCHANGE (EXIT 278) PHASE 2","0540-0302000A","GENERAL STRUCTURAL CONCRETE, CLASS 4000","CUYD",205,853.65853658536582,175000,1]
[null,"2024-02-22",2024,"Q1","15498","2 ","I-5: AURORA DONALD INTERCHANGE (EXIT 278) PHASE 2","0540-0302000A","GENERAL STRUCTURAL CONCRETE, CLASS 4000","CUYD",327,1681.9571865443424,550000,1]
[null,"2024-02-22",2024,"Q1","15498","2 ","I-5: AURORA DONALD INTERCHANGE (EXIT 278) PHASE 2","0540-0302000A","GENERAL STRUCTURAL CONCRETE, CLASS 4000","CUYD",327,2278.2874617737002,745000,2]
[null,"2024-02-22",2024,"Q1","15498","2 ","I-5: AURORA DONALD INTERCHANGE (EXIT 278) PHASE 2","0540-0302000A","GENERAL STRUCTURAL CONCRETE, CLASS 4000","CUYD",205,780.48780487804879,160000,2]
[null,"2024-02-22",2024,"Q1","15498","2 ","I-5: AURORA DONALD INTERCHANGE (EXIT 278) PHASE 2","0540-0302000A","GENERAL STRUCTURAL CONCRETE, CLASS 4000","CUYD",205,1219.5121951219512,250000,3]
[null,"2024-02-22",2024,"Q1","15498","2 ","I-5: AURORA DONALD INTERCHANGE (EXIT 278) PHASE 2","0540-0302000A","GENERAL STRUCTURAL CONCRETE, CLASS 4000","CUYD",327,1146.788990825688,375000,3]
[null,"2024-02-22",2024,"Q1","15498","2 ","I-5: AURORA DONALD INTERCHANGE (EXIT 278) PHASE 2","0540-0302000A","GENERAL STRUCTURAL CONCRETE, CLASS 4000","CUYD",205,1463.4146341463415,300000,4]
[null,"2024-02-22",2024,"Q1","15498","2 ","I-5: AURORA DONALD INTERCHANGE (EXIT 278) PHASE 2","0540-0302000A","GENERAL STRUCTURAL CONCRETE, CLASS 4000","CUYD",327,1987.7675840978593,650000,4]
[null,"2024-02-22",2024,"Q1","15498","2 ","I-5: AURORA DONALD INTERCHANGE (EXIT 278) PHASE 2","0540-0302000A","GENERAL STRUCTURAL CONCRETE, CLASS 4000","CUYD",205,682.92682926829264,140000,5]
[null,"2024-02-22",2024,"Q1","15498","2 ","I-5: AURORA DONALD INTERCHANGE (EXIT 278) PHASE 2","0540-0302000A","GENERAL STRUCTURAL CONCRETE, CLASS 4000","CUYD",327,1987.7675840978593,650000,5]
[null,"2024-02-22",2024,"Q1","15498","2 ","I-5: AURORA DONALD INTERCHANGE (EXIT 278) PHASE 2","0540-0302000A","GENERAL STRUCTURAL CONCRETE, CLASS 4000","CUYD",205,1707.3170731707316,350000,6]
[null,"2024-02-22",2024,"Q1","15498","2 ","I-5: AURORA DONALD INTERCHANGE (EXIT 278) PHASE 2","0540-0302000A","GENERAL STRUCTURAL CONCRETE, CLASS 4000","CUYD",327,1758.4097859327217,575000,6]
[null,"2024-02-22",2024,"Q1","15498","2 ","I-5: AURORA DONALD INTERCHANGE (EXIT 278) PHASE 2","0540-0302000A","GENERAL STRUCTURAL CONCRETE, CLASS 4000","CUYD",327,1987.7675840978593,650000,7]
[null,"2024-02-22",2024,"Q1","15498","2 ","I-5: AURORA DONALD INTERCHANGE (EXIT 278) PHASE 2","0540-0302000A","GENERAL STRUCTURAL CONCRETE, CLASS 4000","CUYD",205,1039.5121951219512,213100,7]
[null,"2024-02-22",2024,"Q1","15498","2 ","I-5: AURORA DONALD INTERCHANGE (EXIT 278) PHASE 2","0540-0401000J","SAW CUT TEXTURING","SQYD",2834,6.8999999999999995,19554.599999999999,1]
[null,"2024-02-22",2024,"Q1","15498","2 ","I-5: AURORA DONALD INTERCHANGE (EXIT 278) PHASE 2","0540-0401000J","SAW CUT TEXTURING","SQYD",2834,8,22672,2]
[null,"2024-02-22",2024,"Q1","15498","2 ","I-5: AURORA DONALD INTERCHANGE (EXIT 278) PHASE 2","0540-0401000J","SAW CUT TEXTURING","SQYD",2834,8,22672,3]
[null,"2024-02-22",2024,"Q1","15498","2 ","I-5: AURORA DONALD INTERCHANGE (EXIT 278) PHASE 2","0540-0401000J","SAW CUT TEXTURING","SQYD",2834,10,28340,4]
[null,"2024-02-22",2024,"Q1","15498","2 ","I-5: AURORA DONALD INTERCHANGE (EXIT 278) PHASE 2","0540-0401000J","SAW CUT TEXTURING","SQYD",2834,7,19838,5]
[null,"2024-02-22",2024,"Q1","15498","2 ","I-5: AURORA DONALD INTERCHANGE (EXIT 278) PHASE 2","0540-0401000J","SAW CUT TEXTURING","SQYD",2834,5.75,16295.5,6]
[null,"2024-02-22",2024,"Q1","15498","2 ","I-5: AURORA DONALD INTERCHANGE (EXIT 278) PHASE 2","0540-0401000J","SAW CUT TEXTURING","SQYD",2834,7,19838,7]
[null,"2024-02-22",2024,"Q1","15498","2 ","I-5: AURORA DONALD INTERCHANGE (EXIT 278) PHASE 2","0543-0100000J","ARCHITECTURAL TREATMENT STRUCTURE #24308","SQYD",241,22,5302,1]
[null,"2024-02-22",2024,"Q1","15498","2 ","I-5: AURORA DONALD INTERCHANGE (EXIT 278) PHASE 2","0543-0100000J","ARCHITECTURAL TREATMENT","SQYD",390,103,40170,1]
[null,"2024-02-22",2024,"Q1","15498","2 ","I-5: AURORA DONALD INTERCHANGE (EXIT 278) PHASE 2","0543-0100000J","ARCHITECTURAL TREATMENT STRUCTURE #24309","SQYD",326,22,7172,1]
[null,"2024-02-22",2024,"Q1","15498","2 ","I-5: AURORA DONALD INTERCHANGE (EXIT 278) PHASE 2","0543-0100000J","ARCHITECTURAL TREATMENT STRUCTURE #24309","SQYD",326,75,24450,2]
[null,"2024-02-22",2024,"Q1","15498","2 ","I-5: AURORA DONALD INTERCHANGE (EXIT 278) PHASE 2","0543-0100000J","ARCHITECTURAL TREATMENT STRUCTURE #24308","SQYD",241,75,18075,2]
[null,"2024-02-22",2024,"Q1","15498","2 ","I-5: AURORA DONALD INTERCHANGE (EXIT 278) PHASE 2","0543-0100000J","ARCHITECTURAL TREATMENT","SQYD",390,110,42900,2]
[null,"2024-02-22",2024,"Q1","15498","2 ","I-5: AURORA DONALD INTERCHANGE (EXIT 278) PHASE 2","0543-0100000J","ARCHITECTURAL TREATMENT","SQYD",390,75,29250,3]
[null,"2024-02-22",2024,"Q1","15498","2 ","I-5: AURORA DONALD INTERCHANGE (EXIT 278) PHASE 2","0543-0100000J","ARCHITECTURAL TREATMENT STRUCTURE #24308","SQYD",241,40,9640,3]
[null,"2024-02-22",2024,"Q1","15498","2 ","I-5: AURORA DONALD INTERCHANGE (EXIT 278) PHASE 2","0543-0100000J","ARCHITECTURAL TREATMENT STRUCTURE #24309","SQYD",326,40,13040,3]
[null,"2024-02-22",2024,"Q1","15498","2 ","I-5: AURORA DONALD INTERCHANGE (EXIT 278) PHASE 2","0543-0100000J","ARCHITECTURAL TREATMENT","SQYD",390,100,39000,4]
[null,"2024-02-22",2024,"Q1","15498","2 ","I-5: AURORA DONALD INTERCHANGE (EXIT 278) PHASE 2","0543-0100000J","ARCHITECTURAL TREATMENT STRUCTURE #24308","SQYD",241,30,7230,4]
[null,"2024-02-22",2024,"Q1","15498","2 ","I-5: AURORA DONALD INTERCHANGE (EXIT 278) PHASE 2","0543-0100000J","ARCHITECTURAL TREATMENT STRUCTURE #24309","SQYD",326,30,9780,4]
[null,"2024-02-22",2024,"Q1","15498","2 ","I-5: AURORA DONALD INTERCHANGE (EXIT 278) PHASE 2","0543-0100000J","ARCHITECTURAL TREATMENT STRUCTURE #24308","SQYD",241,66,15906,5]
[null,"2024-02-22",2024,"Q1","15498","2 ","I-5: AURORA DONALD INTERCHANGE (EXIT 278) PHASE 2","0543-0100000J","ARCHITECTURAL TREATMENT","SQYD",390,100,39000,5]
[null,"2024-02-22",2024,"Q1","15498","2 ","I-5: AURORA DONALD INTERCHANGE (EXIT 278) PHASE 2","0543-0100000J","ARCHITECTURAL TREATMENT STRUCTURE #24309","SQYD",326,66,21516,5]
[null,"2024-02-22",2024,"Q1","15498","2 ","I-5: AURORA DONALD INTERCHANGE (EXIT 278) PHASE 2","0543-0100000J","ARCHITECTURAL TREATMENT STRUCTURE #24309","SQYD",326,25,8150,6]
[null,"2024-02-22",2024,"Q1","15498","2 ","I-5: AURORA DONALD INTERCHANGE (EXIT 278) PHASE 2","0543-0100000J","ARCHITECTURAL TREATMENT STRUCTURE #24308","SQYD",241,25,6025,6]
[null,"2024-02-22",2024,"Q1","15498","2 ","I-5: AURORA DONALD INTERCHANGE (EXIT 278) PHASE 2","0543-0100000J","ARCHITECTURAL TREATMENT","SQYD",390,75,29250,6]
[null,"2024-02-22",2024,"Q1","15498","2 ","I-5: AURORA DONALD INTERCHANGE (EXIT 278) PHASE 2","0543-0100000J","ARCHITECTURAL TREATMENT STRUCTURE #24308","SQYD",241,66,15906,7]
[null,"2024-02-22",2024,"Q1","15498","2 ","I-5: AURORA DONALD INTERCHANGE (EXIT 278) PHASE 2","0543-0100000J","ARCHITECTURAL TREATMENT","SQYD",390,100,39000,7]
[null,"2024-02-22",2024,"Q1","15498","2 ","I-5: AURORA DONALD INTERCHANGE (EXIT 278) PHASE 2","0543-0100000J","ARCHITECTURAL TREATMENT STRUCTURE #24309","SQYD",326,66,21516,7]
[null,"2024-02-22",2024,"Q1","15498","2 ","I-5: AURORA DONALD INTERCHANGE (EXIT 278) PHASE 2","0543-0200000A","TEST PANELS","LS",1,6000,6000,1]
[null,"2024-02-22",2024,"Q1","15498","2 ","I-5: AURORA DONALD INTERCHANGE (EXIT 278) PHASE 2","0543-0200000A","TEST PANELS","LS",1,5500,5500,2]
[null,"2024-02-22",2024,"Q1","15498","2 ","I-5: AURORA DONALD INTERCHANGE (EXIT 278) PHASE 2","0543-0200000A","TEST PANELS","LS",1,7000,7000,3]
[null,"2024-02-22",2024,"Q1","15498","2 ","I-5: AURORA DONALD INTERCHANGE (EXIT 278) PHASE 2","0543-0200000A","TEST PANELS","LS",1,10000,10000,4]
[null,"2024-02-22",2024,"Q1","15498","2 ","I-5: AURORA DONALD INTERCHANGE (EXIT 278) PHASE 2","0543-0200000A","TEST PANELS","LS",1,5000,5000,5]
[null,"2024-02-22",2024,"Q1","15498","2 ","I-5: AURORA DONALD INTERCHANGE (EXIT 278) PHASE 2","0543-0200000A","TEST PANELS","LS",1,7500,7500,6]
[null,"2024-02-22",2024,"Q1","15498","2 ","I-5: AURORA DONALD INTERCHANGE (EXIT 278) PHASE 2","0543-0200000A","TEST PANELS","LS",1,5000,5000,7]
[null,"2024-02-22",2024,"Q1","15498","2 ","I-5: AURORA DONALD INTERCHANGE (EXIT 278) PHASE 2","0545-0100100J","REINFORCED CONCRETE BRIDGE APPROACH SLABS","SQYD",659,515,339385,1]
[null,"2024-02-22",2024,"Q1","15498","2 ","I-5: AURORA DONALD INTERCHANGE (EXIT 278) PHASE 2","0545-0100100J","REINFORCED CONCRETE BRIDGE APPROACH SLABS","SQYD",659,570,375630,2]
[null,"2024-02-22",2024,"Q1","15498","2 ","I-5: AURORA DONALD INTERCHANGE (EXIT 278) PHASE 2","0545-0100100J","REINFORCED CONCRETE BRIDGE APPROACH SLABS","SQYD",659,600,395400,3]
[null,"2024-02-22",2024,"Q1","15498","2 ","I-5: AURORA DONALD INTERCHANGE (EXIT 278) PHASE 2","0545-0100100J","REINFORCED CONCRETE BRIDGE APPROACH SLABS","SQYD",659,550,362450,4]
[null,"2024-02-22",2024,"Q1","15498","2 ","I-5: AURORA DONALD INTERCHANGE (EXIT 278) PHASE 2","0545-0100100J","REINFORCED CONCRETE BRIDGE APPROACH SLABS","SQYD",659,500,329500,5]
[null,"2024-02-22",2024,"Q1","15498","2 ","I-5: AURORA DONALD INTERCHANGE (EXIT 278) PHASE 2","0545-0100100J","REINFORCED CONCRETE BRIDGE APPROACH SLABS","SQYD",659,850,560150,6]
[null,"2024-02-22",2024,"Q1","15498","2 ","I-5: AURORA DONALD INTERCHANGE (EXIT 278) PHASE 2","0545-0100100J","REINFORCED CONCRETE BRIDGE APPROACH SLABS","SQYD",659,500,329500,7]
[null,"2024-02-22",2024,"Q1","15498","2 ","I-5: AURORA DONALD INTERCHANGE (EXIT 278) PHASE 2","0550-0142000F","33 INCH PRECAST PRESTRESSED BOX BEAMS","FOOT",3444,725,2496900,1]
[null,"2024-02-22",2024,"Q1","15498","2 ","I-5: AURORA DONALD INTERCHANGE (EXIT 278) PHASE 2","0550-0142000F","33 INCH PRECAST PRESTRESSED BOX BEAMS","FOOT",3444,800,2755200,2]
[null,"2024-02-22",2024,"Q1","15498","2 ","I-5: AURORA DONALD INTERCHANGE (EXIT 278) PHASE 2","0550-0142000F","33 INCH PRECAST PRESTRESSED BOX BEAMS","FOOT",3444,1100,3788400,3]
[null,"2024-02-22",2024,"Q1","15498","2 ","I-5: AURORA DONALD INTERCHANGE (EXIT 278) PHASE 2","0550-0142000F","33 INCH PRECAST PRESTRESSED BOX BEAMS","FOOT",3444,810,2789640,4]
[null,"2024-02-22",2024,"Q1","15498","2 ","I-5: AURORA DONALD INTERCHANGE (EXIT 278) PHASE 2","0550-0142000F","33 INCH PRECAST PRESTRESSED BOX BEAMS","FOOT",3444,700,2410800,5]
[null,"2024-02-22",2024,"Q1","15498","2 ","I-5: AURORA DONALD INTERCHANGE (EXIT 278) PHASE 2","0550-0142000F","33 INCH PRECAST PRESTRESSED BOX BEAMS","FOOT",3444,1350,4649400,6]
[null,"2024-02-22",2024,"Q1","15498","2 ","I-5: AURORA DONALD INTERCHANGE (EXIT 278) PHASE 2","0550-0142000F","33 INCH PRECAST PRESTRESSED BOX BEAMS","FOOT",3444,750,2583000,7]
[null,"2024-02-22",2024,"Q1","15498","2 ","I-5: AURORA DONALD INTERCHANGE (EXIT 278) PHASE 2","0564-0100000A","FALL ARREST SYSTEM","LS",1,20000,20000,1]
[null,"2024-02-22",2024,"Q1","15498","2 ","I-5: AURORA DONALD INTERCHANGE (EXIT 278) PHASE 2","0564-0100000A","FALL ARREST SYSTEM","LS",1,60000,60000,2]
[null,"2024-02-22",2024,"Q1","15498","2 ","I-5: AURORA DONALD INTERCHANGE (EXIT 278) PHASE 2","0564-0100000A","FALL ARREST SYSTEM","LS",1,22000,22000,3]
[null,"2024-02-22",2024,"Q1","15498","2 ","I-5: AURORA DONALD INTERCHANGE (EXIT 278) PHASE 2","0564-0100000A","FALL ARREST SYSTEM","LS",1,16000,16000,4]
[null,"2024-02-22",2024,"Q1","15498","2 ","I-5: AURORA DONALD INTERCHANGE (EXIT 278) PHASE 2","0564-0100000A","FALL ARREST SYSTEM","LS",1,50000,50000,5]
[null,"2024-02-22",2024,"Q1","15498","2 ","I-5: AURORA DONALD INTERCHANGE (EXIT 278) PHASE 2","0564-0100000A","FALL ARREST SYSTEM","LS",1,22500,22500,6]
[null,"2024-02-22",2024,"Q1","15498","2 ","I-5: AURORA DONALD INTERCHANGE (EXIT 278) PHASE 2","0564-0100000A","FALL ARREST SYSTEM","LS",1,50000,50000,7]
[null,"2024-02-22",2024,"Q1","15498","2 ","I-5: AURORA DONALD INTERCHANGE (EXIT 278) PHASE 2","0582-0020000E","BEARING DEVICES, 8 INCH WIDE, 42 INCH LONG, 2.25 INCH THICK","EACH",42,2300,96600,1]
[null,"2024-02-22",2024,"Q1","15498","2 ","I-5: AURORA DONALD INTERCHANGE (EXIT 278) PHASE 2","0582-0020000E","BEARING DEVICES, 8 INCH WIDE, 42 INCH LONG, 2.25 INCH THICK","EACH",42,600,25200,2]
[null,"2024-02-22",2024,"Q1","15498","2 ","I-5: AURORA DONALD INTERCHANGE (EXIT 278) PHASE 2","0582-0020000E","BEARING DEVICES, 8 INCH WIDE, 42 INCH LONG, 2.25 INCH THICK","EACH",42,1100,46200,3]
[null,"2024-02-22",2024,"Q1","15498","2 ","I-5: AURORA DONALD INTERCHANGE (EXIT 278) PHASE 2","0582-0020000E","BEARING DEVICES, 8 INCH WIDE, 42 INCH LONG, 2.25 INCH THICK","EACH",42,1000,42000,4]
[null,"2024-02-22",2024,"Q1","15498","2 ","I-5: AURORA DONALD INTERCHANGE (EXIT 278) PHASE 2","0582-0020000E","BEARING DEVICES, 8 INCH WIDE, 42 INCH LONG, 2.25 INCH THICK","EACH",42,500,21000,5]
[null,"2024-02-22",2024,"Q1","15498","2 ","I-5: AURORA DONALD INTERCHANGE (EXIT 278) PHASE 2","0582-0020000E","BEARING DEVICES, 8 INCH WIDE, 42 INCH LONG, 2.25 INCH THICK","EACH",42,1250,52500,6]
[null,"2024-02-22",2024,"Q1","15498","2 ","I-5: AURORA DONALD INTERCHANGE (EXIT 278) PHASE 2","0582-0020000E","BEARING DEVICES, 8 INCH WIDE, 42 INCH LONG, 2.25 INCH THICK","EACH",42,500,21000,7]
[null,"2024-02-22",2024,"Q1","15498","2 ","I-5: AURORA DONALD INTERCHANGE (EXIT 278) PHASE 2","0583-0202000F","GRC CONDUIT SYSTEM, 1 INCH DIAMETER","FOOT",190,16,3040,1]
[null,"2024-02-22",2024,"Q1","15498","2 ","I-5: AURORA DONALD INTERCHANGE (EXIT 278) PHASE 2","0583-0202000F","GRC CONDUIT SYSTEM, 3/4 INCH DIAMETER","FOOT",210,11,2310,1]
[null,"2024-02-22",2024,"Q1","15498","2 ","I-5: AURORA DONALD INTERCHANGE (EXIT 278) PHASE 2","0583-0202000F","GRC CONDUIT SYSTEM, 3/4 INCH DIAMETER","FOOT",210,40,8400,2]
[null,"2024-02-22",2024,"Q1","15498","2 ","I-5: AURORA DONALD INTERCHANGE (EXIT 278) PHASE 2","0583-0202000F","GRC CONDUIT SYSTEM, 1 INCH DIAMETER","FOOT",190,40,7600,2]
[null,"2024-02-22",2024,"Q1","15498","2 ","I-5: AURORA DONALD INTERCHANGE (EXIT 278) PHASE 2","0583-0202000F","GRC CONDUIT SYSTEM, 3/4 INCH DIAMETER","FOOT",210,40,8400,3]
[null,"2024-02-22",2024,"Q1","15498","2 ","I-5: AURORA DONALD INTERCHANGE (EXIT 278) PHASE 2","0583-0202000F","GRC CONDUIT SYSTEM, 1 INCH DIAMETER","FOOT",190,40,7600,3]
[null,"2024-02-22",2024,"Q1","15498","2 ","I-5: AURORA DONALD INTERCHANGE (EXIT 278) PHASE 2","0583-0202000F","GRC CONDUIT SYSTEM, 1 INCH DIAMETER","FOOT",190,40,7600,4]
[null,"2024-02-22",2024,"Q1","15498","2 ","I-5: AURORA DONALD INTERCHANGE (EXIT 278) PHASE 2","0583-0202000F","GRC CONDUIT SYSTEM, 3/4 INCH DIAMETER","FOOT",210,40,8400,4]
[null,"2024-02-22",2024,"Q1","15498","2 ","I-5: AURORA DONALD INTERCHANGE (EXIT 278) PHASE 2","0583-0202000F","GRC CONDUIT SYSTEM, 3/4 INCH DIAMETER","FOOT",210,35,7350,5]
[null,"2024-02-22",2024,"Q1","15498","2 ","I-5: AURORA DONALD INTERCHANGE (EXIT 278) PHASE 2","0583-0202000F","GRC CONDUIT SYSTEM, 1 INCH DIAMETER","FOOT",190,35,6650,5]
[null,"2024-02-22",2024,"Q1","15498","2 ","I-5: AURORA DONALD INTERCHANGE (EXIT 278) PHASE 2","0583-0202000F","GRC CONDUIT SYSTEM, 1 INCH DIAMETER","FOOT",190,35,6650,6]
[null,"2024-02-22",2024,"Q1","15498","2 ","I-5: AURORA DONALD INTERCHANGE (EXIT 278) PHASE 2","0583-0202000F","GRC CONDUIT SYSTEM, 3/4 INCH DIAMETER","FOOT",210,35,7350,6]
[null,"2024-02-22",2024,"Q1","15498","2 ","I-5: AURORA DONALD INTERCHANGE (EXIT 278) PHASE 2","0583-0202000F","GRC CONDUIT SYSTEM, 1 INCH DIAMETER","FOOT",190,35,6650,7]
[null,"2024-02-22",2024,"Q1","15498","2 ","I-5: AURORA DONALD INTERCHANGE (EXIT 278) PHASE 2","0583-0202000F","GRC CONDUIT SYSTEM, 3/4 INCH DIAMETER","FOOT",210,35,7350,7]
[null,"2024-02-22",2024,"Q1","15498","2 ","I-5: AURORA DONALD INTERCHANGE (EXIT 278) PHASE 2","0585-0200100A","ASPHALTIC PLUG JOINT SEALS","FOOT",156,150.64102564102564,23500,1]
[null,"2024-02-22",2024,"Q1","15498","2 ","I-5: AURORA DONALD INTERCHANGE (EXIT 278) PHASE 2","0585-0200100A","ASPHALTIC PLUG JOINT SEALS","FOOT",156,320.5128205128205,50000,2]
[null,"2024-02-22",2024,"Q1","15498","2 ","I-5: AURORA DONALD INTERCHANGE (EXIT 278) PHASE 2","0585-0200100A","ASPHALTIC PLUG JOINT SEALS","FOOT",156,243.58974358974359,38000,3]
[null,"2024-02-22",2024,"Q1","15498","2 ","I-5: AURORA DONALD INTERCHANGE (EXIT 278) PHASE 2","0585-0200100A","ASPHALTIC PLUG JOINT SEALS","FOOT",156,128.2051282051282,20000,4]
[null,"2024-02-22",2024,"Q1","15498","2 ","I-5: AURORA DONALD INTERCHANGE (EXIT 278) PHASE 2","0585-0200100A","ASPHALTIC PLUG JOINT SEALS","FOOT",156,160.25641025641025,25000,5]
[null,"2024-02-22",2024,"Q1","15498","2 ","I-5: AURORA DONALD INTERCHANGE (EXIT 278) PHASE 2","0585-0200100A","ASPHALTIC PLUG JOINT SEALS","FOOT",156,320.5128205128205,50000,6]
[null,"2024-02-22",2024,"Q1","15498","2 ","I-5: AURORA DONALD INTERCHANGE (EXIT 278) PHASE 2","0585-0200100A","ASPHALTIC PLUG JOINT SEALS","FOOT",156,160.25641025641025,25000,7]
[null,"2024-02-22",2024,"Q1","15498","2 ","I-5: AURORA DONALD INTERCHANGE (EXIT 278) PHASE 2","0587-0126100A","TYPE \"F\" CONCRETE RAIL, 42 INCH","FOOT",428,327.10280373831773,140000,1]
[null,"2024-02-22",2024,"Q1","15498","2 ","I-5: AURORA DONALD INTERCHANGE (EXIT 278) PHASE 2","0587-0126100A","TYPE \"F\" CONCRETE RAIL, 42 INCH","FOOT",428,257.00934579439252,110000,2]
[null,"2024-02-22",2024,"Q1","15498","2 ","I-5: AURORA DONALD INTERCHANGE (EXIT 278) PHASE 2","0587-0126100A","TYPE \"F\" CONCRETE RAIL, 42 INCH","FOOT",428,233.64485981308411,100000,3]
[null,"2024-02-22",2024,"Q1","15498","2 ","I-5: AURORA DONALD INTERCHANGE (EXIT 278) PHASE 2","0587-0126100A","TYPE \"F\" CONCRETE RAIL, 42 INCH","FOOT",428,350.46728971962619,150000,4]
[null,"2024-02-22",2024,"Q1","15498","2 ","I-5: AURORA DONALD INTERCHANGE (EXIT 278) PHASE 2","0587-0126100A","TYPE \"F\" CONCRETE RAIL, 42 INCH","FOOT",428,233.64485981308411,100000,5]
[null,"2024-02-22",2024,"Q1","15498","2 ","I-5: AURORA DONALD INTERCHANGE (EXIT 278) PHASE 2","0587-0126100A","TYPE \"F\" CONCRETE RAIL, 42 INCH","FOOT",428,245.32710280373831,105000,6]
[null,"2024-02-22",2024,"Q1","15498","2 ","I-5: AURORA DONALD INTERCHANGE (EXIT 278) PHASE 2","0587-0126100A","TYPE \"F\" CONCRETE RAIL, 42 INCH","FOOT",428,233.64485981308411,100000,7]
[null,"2024-02-22",2024,"Q1","15498","2 ","I-5: AURORA DONALD INTERCHANGE (EXIT 278) PHASE 2","0596-A002000A","RETAINING WALL, MSE","SQFT",2170,357.14285714285717,775000,1]
[null,"2024-02-22",2024,"Q1","15498","2 ","I-5: AURORA DONALD INTERCHANGE (EXIT 278) PHASE 2","0596-A002000A","RETAINING WALL, MSE","SQFT",2929,315.80744281324684,925000,1]
[null,"2024-02-22",2024,"Q1","15498","2 ","I-5: AURORA DONALD INTERCHANGE (EXIT 278) PHASE 2","0596-A002000A","RETAINING WALL, MSE","SQFT",2170,161.29032258064515,350000,2]
[null,"2024-02-22",2024,"Q1","15498","2 ","I-5: AURORA DONALD INTERCHANGE (EXIT 278) PHASE 2","0596-A002000A","RETAINING WALL, MSE","SQFT",2929,160.4643222942984,470000,2]
[null,"2024-02-22",2024,"Q1","15498","2 ","I-5: AURORA DONALD INTERCHANGE (EXIT 278) PHASE 2","0596-A002000A","RETAINING WALL, MSE","SQFT",2170,207.37327188940091,450000,3]
[null,"2024-02-22",2024,"Q1","15498","2 ","I-5: AURORA DONALD INTERCHANGE (EXIT 278) PHASE 2","0596-A002000A","RETAINING WALL, MSE","SQFT",2929,187.77739842949813,550000,3]
[null,"2024-02-22",2024,"Q1","15498","2 ","I-5: AURORA DONALD INTERCHANGE (EXIT 278) PHASE 2","0596-A002000A","RETAINING WALL, MSE","SQFT",2929,221.91874359849777,650000,4]
[null,"2024-02-22",2024,"Q1","15498","2 ","I-5: AURORA DONALD INTERCHANGE (EXIT 278) PHASE 2","0596-A002000A","RETAINING WALL, MSE","SQFT",2170,253.45622119815667,550000,4]
[null,"2024-02-22",2024,"Q1","15498","2 ","I-5: AURORA DONALD INTERCHANGE (EXIT 278) PHASE 2","0596-A002000A","RETAINING WALL, MSE","SQFT",2929,105.83817002389894,310000,5]
[null,"2024-02-22",2024,"Q1","15498","2 ","I-5: AURORA DONALD INTERCHANGE (EXIT 278) PHASE 2","0596-A002000A","RETAINING WALL, MSE","SQFT",2170,103.68663594470046,225000,5]
[null,"2024-02-22",2024,"Q1","15498","2 ","I-5: AURORA DONALD INTERCHANGE (EXIT 278) PHASE 2","0596-A002000A","RETAINING WALL, MSE","SQFT",2929,341.41345168999658,1000000,6]
[null,"2024-02-22",2024,"Q1","15498","2 ","I-5: AURORA DONALD INTERCHANGE (EXIT 278) PHASE 2","0596-A002000A","RETAINING WALL, MSE","SQFT",2170,345.62211981566821,750000,6]
[null,"2024-02-22",2024,"Q1","15498","2 ","I-5: AURORA DONALD INTERCHANGE (EXIT 278) PHASE 2","0596-A002000A","RETAINING WALL, MSE","SQFT",2929,182.65619665414818,535000,7]
[null,"2024-02-22",2024,"Q1","15498","2 ","I-5: AURORA DONALD INTERCHANGE (EXIT 278) PHASE 2","0596-A002000A","RETAINING WALL, MSE","SQFT",2170,191.2442396313364,415000,7]
[null,"2024-02-22",2024,"Q1","15498","2 ","I-5: AURORA DONALD INTERCHANGE (EXIT 278) PHASE 2","0596-D001000F","PREDRILLING AND ENCASING SOLDIER PILES","FOOT",1673,140,234220,1]
[null,"2024-02-22",2024,"Q1","15498","2 ","I-5: AURORA DONALD INTERCHANGE (EXIT 278) PHASE 2","0596-D001000F","PREDRILLING AND ENCASING SOLDIER PILES","FOOT",1673,155,259315,2]
[null,"2024-02-22",2024,"Q1","15498","2 ","I-5: AURORA DONALD INTERCHANGE (EXIT 278) PHASE 2","0596-D001000F","PREDRILLING AND ENCASING SOLDIER PILES","FOOT",1673,230,384790,3]
[null,"2024-02-22",2024,"Q1","15498","2 ","I-5: AURORA DONALD INTERCHANGE (EXIT 278) PHASE 2","0596-D001000F","PREDRILLING AND ENCASING SOLDIER PILES","FOOT",1673,160,267680,4]
[null,"2024-02-22",2024,"Q1","15498","2 ","I-5: AURORA DONALD INTERCHANGE (EXIT 278) PHASE 2","0596-D001000F","PREDRILLING AND ENCASING SOLDIER PILES","FOOT",1673,180,301140,5]
[null,"2024-02-22",2024,"Q1","15498","2 ","I-5: AURORA DONALD INTERCHANGE (EXIT 278) PHASE 2","0596-D001000F","PREDRILLING AND ENCASING SOLDIER PILES","FOOT",1673,375,627375,6]
[null,"2024-02-22",2024,"Q1","15498","2 ","I-5: AURORA DONALD INTERCHANGE (EXIT 278) PHASE 2","0596-D001000F","PREDRILLING AND ENCASING SOLDIER PILES","FOOT",1673,205,342965,7]
[null,"2024-02-22",2024,"Q1","15498","2 ","I-5: AURORA DONALD INTERCHANGE (EXIT 278) PHASE 2","0596-D002000F","W18 X 55 STEEL SOLDIER PILES","FOOT",473,55,26015,1]
[null,"2024-02-22",2024,"Q1","15498","2 ","I-5: AURORA DONALD INTERCHANGE (EXIT 278) PHASE 2","0596-D002000F","W18 X 40 STEEL SOLDIER PILES","FOOT",1157,42,48594,1]
[null,"2024-02-22",2024,"Q1","15498","2 ","I-5: AURORA DONALD INTERCHANGE (EXIT 278) PHASE 2","0596-D002000F","W18 X 40 STEEL SOLDIER PILES","FOOT",1157,45,52065,2]
[null,"2024-02-22",2024,"Q1","15498","2 ","I-5: AURORA DONALD INTERCHANGE (EXIT 278) PHASE 2","0596-D002000F","W18 X 55 STEEL SOLDIER PILES","FOOT",473,60,28380,2]
[null,"2024-02-22",2024,"Q1","15498","2 ","I-5: AURORA DONALD INTERCHANGE (EXIT 278) PHASE 2","0596-D002000F","W18 X 55 STEEL SOLDIER PILES","FOOT",473,45,21285,3]
[null,"2024-02-22",2024,"Q1","15498","2 ","I-5: AURORA DONALD INTERCHANGE (EXIT 278) PHASE 2","0596-D002000F","W18 X 40 STEEL SOLDIER PILES","FOOT",1157,40,46280,3]
[null,"2024-02-22",2024,"Q1","15498","2 ","I-5: AURORA DONALD INTERCHANGE (EXIT 278) PHASE 2","0596-D002000F","W18 X 55 STEEL SOLDIER PILES","FOOT",473,60,28380,4]
[null,"2024-02-22",2024,"Q1","15498","2 ","I-5: AURORA DONALD INTERCHANGE (EXIT 278) PHASE 2","0596-D002000F","W18 X 40 STEEL SOLDIER PILES","FOOT",1157,45,52065,4]
[null,"2024-02-22",2024,"Q1","15498","2 ","I-5: AURORA DONALD INTERCHANGE (EXIT 278) PHASE 2","0596-D002000F","W18 X 40 STEEL SOLDIER PILES","FOOT",1157,36,41652,5]
[null,"2024-02-22",2024,"Q1","15498","2 ","I-5: AURORA DONALD INTERCHANGE (EXIT 278) PHASE 2","0596-D002000F","W18 X 55 STEEL SOLDIER PILES","FOOT",473,43,20339,5]
[null,"2024-02-22",2024,"Q1","15498","2 ","I-5: AURORA DONALD INTERCHANGE (EXIT 278) PHASE 2","0596-D002000F","W18 X 40 STEEL SOLDIER PILES","FOOT",1157,80,92560,6]
[null,"2024-02-22",2024,"Q1","15498","2 ","I-5: AURORA DONALD INTERCHANGE (EXIT 278) PHASE 2","0596-D002000F","W18 X 55 STEEL SOLDIER PILES","FOOT",473,100,47300,6]
[null,"2024-02-22",2024,"Q1","15498","2 ","I-5: AURORA DONALD INTERCHANGE (EXIT 278) PHASE 2","0596-D002000F","W18 X 55 STEEL SOLDIER PILES","FOOT",473,120,56760,7]
[null,"2024-02-22",2024,"Q1","15498","2 ","I-5: AURORA DONALD INTERCHANGE (EXIT 278) PHASE 2","0596-D002000F","W18 X 40 STEEL SOLDIER PILES","FOOT",1157,76,87932,7]
[null,"2024-02-22",2024,"Q1","15498","2 ","I-5: AURORA DONALD INTERCHANGE (EXIT 278) PHASE 2","0596-D003000J","LAGGING","SQFT",3200,17.5,56000,1]
[null,"2024-02-22",2024,"Q1","15498","2 ","I-5: AURORA DONALD INTERCHANGE (EXIT 278) PHASE 2","0596-D003000J","LAGGING","SQFT",3200,21,67200,2]
[null,"2024-02-22",2024,"Q1","15498","2 ","I-5: AURORA DONALD INTERCHANGE (EXIT 278) PHASE 2","0596-D003000J","LAGGING","SQFT",3200,30,96000,3]
[null,"2024-02-22",2024,"Q1","15498","2 ","I-5: AURORA DONALD INTERCHANGE (EXIT 278) PHASE 2","0596-D003000J","LAGGING","SQFT",3200,25,80000,4]
[null,"2024-02-22",2024,"Q1","15498","2 ","I-5: AURORA DONALD INTERCHANGE (EXIT 278) PHASE 2","0596-D003000J","LAGGING","SQFT",3200,23,73600,5]
[null,"2024-02-22",2024,"Q1","15498","2 ","I-5: AURORA DONALD INTERCHANGE (EXIT 278) PHASE 2","0596-D003000J","LAGGING","SQFT",3200,40,128000,6]
[null,"2024-02-22",2024,"Q1","15498","2 ","I-5: AURORA DONALD INTERCHANGE (EXIT 278) PHASE 2","0596-D003000J","LAGGING","SQFT",3200,19.5,62400,7]
[null,"2024-02-22",2024,"Q1","15498","2 ","I-5: AURORA DONALD INTERCHANGE (EXIT 278) PHASE 2","0596-D004000A","WALL DRAINAGE AND FILTER SYSTEM","LS",1,50000,50000,1]
[null,"2024-02-22",2024,"Q1","15498","2 ","I-5: AURORA DONALD INTERCHANGE (EXIT 278) PHASE 2","0596-D004000A","WALL DRAINAGE AND FILTER SYSTEM","LS",1,30000,30000,2]
[null,"2024-02-22",2024,"Q1","15498","2 ","I-5: AURORA DONALD INTERCHANGE (EXIT 278) PHASE 2","0596-D004000A","WALL DRAINAGE AND FILTER SYSTEM","LS",1,15000,15000,3]
[null,"2024-02-22",2024,"Q1","15498","2 ","I-5: AURORA DONALD INTERCHANGE (EXIT 278) PHASE 2","0596-D004000A","WALL DRAINAGE AND FILTER SYSTEM","LS",1,60000,60000,4]
[null,"2024-02-22",2024,"Q1","15498","2 ","I-5: AURORA DONALD INTERCHANGE (EXIT 278) PHASE 2","0596-D004000A","WALL DRAINAGE AND FILTER SYSTEM","LS",1,15000,15000,5]
[null,"2024-02-22",2024,"Q1","15498","2 ","I-5: AURORA DONALD INTERCHANGE (EXIT 278) PHASE 2","0596-D004000A","WALL DRAINAGE AND FILTER SYSTEM","LS",1,14200,14200,6]
[null,"2024-02-22",2024,"Q1","15498","2 ","I-5: AURORA DONALD INTERCHANGE (EXIT 278) PHASE 2","0596-D004000A","WALL DRAINAGE AND FILTER SYSTEM","LS",1,34630,34630,7]
[null,"2024-02-22",2024,"Q1","15498","2 ","I-5: AURORA DONALD INTERCHANGE (EXIT 278) PHASE 2","0599-0100000J","CONCRETE SLOPE PAVING","SQFT",6060,19.100000000000001,115746,1]
[null,"2024-02-22",2024,"Q1","15498","2 ","I-5: AURORA DONALD INTERCHANGE (EXIT 278) PHASE 2","0599-0100000J","CONCRETE SLOPE PAVING","SQFT",6060,21,127260,2]
[null,"2024-02-22",2024,"Q1","15498","2 ","I-5: AURORA DONALD INTERCHANGE (EXIT 278) PHASE 2","0599-0100000J","CONCRETE SLOPE PAVING","SQFT",6060,25,151500,3]
[null,"2024-02-22",2024,"Q1","15498","2 ","I-5: AURORA DONALD INTERCHANGE (EXIT 278) PHASE 2","0599-0100000J","CONCRETE SLOPE PAVING","SQFT",6060,30,181800,4]
[null,"2024-02-22",2024,"Q1","15498","2 ","I-5: AURORA DONALD INTERCHANGE (EXIT 278) PHASE 2","0599-0100000J","CONCRETE SLOPE PAVING","SQFT",6060,19,115140,5]
[null,"2024-02-22",2024,"Q1","15498","2 ","I-5: AURORA DONALD INTERCHANGE (EXIT 278) PHASE 2","0599-0100000J","CONCRETE SLOPE PAVING","SQFT",6060,18.25,110595,6]
[null,"2024-02-22",2024,"Q1","15498","2 ","I-5: AURORA DONALD INTERCHANGE (EXIT 278) PHASE 2","0599-0100000J","CONCRETE SLOPE PAVING","SQFT",6060,11.4,69084,7]
[null,"2024-02-22",2024,"Q1","15498","2 ","I-5: AURORA DONALD INTERCHANGE (EXIT 278) PHASE 2","0599-0103000F","SLOPE PAVING CURBS","FOOT",89,227,20203,1]
[null,"2024-02-22",2024,"Q1","15498","2 ","I-5: AURORA DONALD INTERCHANGE (EXIT 278) PHASE 2","0599-0103000F","SLOPE PAVING CURBS","FOOT",89,150,13350,2]
[null,"2024-02-22",2024,"Q1","15498","2 ","I-5: AURORA DONALD INTERCHANGE (EXIT 278) PHASE 2","0599-0103000F","SLOPE PAVING CURBS","FOOT",89,175,15575,3]
[null,"2024-02-22",2024,"Q1","15498","2 ","I-5: AURORA DONALD INTERCHANGE (EXIT 278) PHASE 2","0599-0103000F","SLOPE PAVING CURBS","FOOT",89,100,8900,4]
[null,"2024-02-22",2024,"Q1","15498","2 ","I-5: AURORA DONALD INTERCHANGE (EXIT 278) PHASE 2","0599-0103000F","SLOPE PAVING CURBS","FOOT",89,136,12104,5]
[null,"2024-02-22",2024,"Q1","15498","2 ","I-5: AURORA DONALD INTERCHANGE (EXIT 278) PHASE 2","0599-0103000F","SLOPE PAVING CURBS","FOOT",89,200,17800,6]
[null,"2024-02-22",2024,"Q1","15498","2 ","I-5: AURORA DONALD INTERCHANGE (EXIT 278) PHASE 2","0599-0103000F","SLOPE PAVING CURBS","FOOT",89,186,16554,7]
[null,"2024-02-22",2024,"Q1","15498","2 ","I-5: AURORA DONALD INTERCHANGE (EXIT 278) PHASE 2","0620-0104000J","COLD PLANE PAVEMENT REMOVAL, 0 - 2 INCHES DEEP","SQYD",12000,3.65,43800,1]
[null,"2024-02-22",2024,"Q1","15498","2 ","I-5: AURORA DONALD INTERCHANGE (EXIT 278) PHASE 2","0620-0104000J","COLD PLANE PAVEMENT REMOVAL, 0 - 2 INCHES DEEP","SQYD",12000,3,36000,2]
[null,"2024-02-22",2024,"Q1","15498","2 ","I-5: AURORA DONALD INTERCHANGE (EXIT 278) PHASE 2","0620-0104000J","COLD PLANE PAVEMENT REMOVAL, 0 - 2 INCHES DEEP","SQYD",12000,3.25,39000,3]
[null,"2024-02-22",2024,"Q1","15498","2 ","I-5: AURORA DONALD INTERCHANGE (EXIT 278) PHASE 2","0620-0104000J","COLD PLANE PAVEMENT REMOVAL, 0 - 2 INCHES DEEP","SQYD",12000,3,36000,4]
[null,"2024-02-22",2024,"Q1","15498","2 ","I-5: AURORA DONALD INTERCHANGE (EXIT 278) PHASE 2","0620-0104000J","COLD PLANE PAVEMENT REMOVAL, 0 - 2 INCHES DEEP","SQYD",12000,5,60000,5]
[null,"2024-02-22",2024,"Q1","15498","2 ","I-5: AURORA DONALD INTERCHANGE (EXIT 278) PHASE 2","0620-0104000J","COLD PLANE PAVEMENT REMOVAL, 0 - 2 INCHES DEEP","SQYD",12000,2.5,30000,6]
[null,"2024-02-22",2024,"Q1","15498","2 ","I-5: AURORA DONALD INTERCHANGE (EXIT 278) PHASE 2","0620-0104000J","COLD PLANE PAVEMENT REMOVAL, 0 - 2 INCHES DEEP","SQYD",12000,2.9,34800,7]
[null,"2024-02-22",2024,"Q1","15498","2 ","I-5: AURORA DONALD INTERCHANGE (EXIT 278) PHASE 2","0620-0120000J","COLD PLANE PAVEMENT REMOVAL, 2 INCHES DEEP","SQYD",37500,3.65,136875,1]
[null,"2024-02-22",2024,"Q1","15498","2 ","I-5: AURORA DONALD INTERCHANGE (EXIT 278) PHASE 2","0620-0120000J","COLD PLANE PAVEMENT REMOVAL, 2 INCHES DEEP","SQYD",37500,2,75000,2]
[null,"2024-02-22",2024,"Q1","15498","2 ","I-5: AURORA DONALD INTERCHANGE (EXIT 278) PHASE 2","0620-0120000J","COLD PLANE PAVEMENT REMOVAL, 2 INCHES DEEP","SQYD",37500,3.25,121875,3]
[null,"2024-02-22",2024,"Q1","15498","2 ","I-5: AURORA DONALD INTERCHANGE (EXIT 278) PHASE 2","0620-0120000J","COLD PLANE PAVEMENT REMOVAL, 2 INCHES DEEP","SQYD",37500,3,112500,4]
[null,"2024-02-22",2024,"Q1","15498","2 ","I-5: AURORA DONALD INTERCHANGE (EXIT 278) PHASE 2","0620-0120000J","COLD PLANE PAVEMENT REMOVAL, 2 INCHES DEEP","SQYD",37500,3.5,131250,5]
[null,"2024-02-22",2024,"Q1","15498","2 ","I-5: AURORA DONALD INTERCHANGE (EXIT 278) PHASE 2","0620-0120000J","COLD PLANE PAVEMENT REMOVAL, 2 INCHES DEEP","SQYD",37500,3,112500,6]
[null,"2024-02-22",2024,"Q1","15498","2 ","I-5: AURORA DONALD INTERCHANGE (EXIT 278) PHASE 2","0620-0120000J","COLD PLANE PAVEMENT REMOVAL, 2 INCHES DEEP","SQYD",37500,3.1,116250,7]
[null,"2024-02-22",2024,"Q1","15498","2 ","I-5: AURORA DONALD INTERCHANGE (EXIT 278) PHASE 2","0620-0123000J","COLD PLANE PAVEMENT REMOVAL, 4 INCHES DEEP","SQYD",2800,7.85,21980,1]
[null,"2024-02-22",2024,"Q1","15498","2 ","I-5: AURORA DONALD INTERCHANGE (EXIT 278) PHASE 2","0620-0123000J","COLD PLANE PAVEMENT REMOVAL, 4 INCHES DEEP","SQYD",2800,6.5,18200,2]
[null,"2024-02-22",2024,"Q1","15498","2 ","I-5: AURORA DONALD INTERCHANGE (EXIT 278) PHASE 2","0620-0123000J","COLD PLANE PAVEMENT REMOVAL, 4 INCHES DEEP","SQYD",2800,5.5,15400,3]
[null,"2024-02-22",2024,"Q1","15498","2 ","I-5: AURORA DONALD INTERCHANGE (EXIT 278) PHASE 2","0620-0123000J","COLD PLANE PAVEMENT REMOVAL, 4 INCHES DEEP","SQYD",2800,5,14000,4]
[null,"2024-02-22",2024,"Q1","15498","2 ","I-5: AURORA DONALD INTERCHANGE (EXIT 278) PHASE 2","0620-0123000J","COLD PLANE PAVEMENT REMOVAL, 4 INCHES DEEP","SQYD",2800,6.5,18200,5]
[null,"2024-02-22",2024,"Q1","15498","2 ","I-5: AURORA DONALD INTERCHANGE (EXIT 278) PHASE 2","0620-0123000J","COLD PLANE PAVEMENT REMOVAL, 4 INCHES DEEP","SQYD",2800,5.25,14700,6]
[null,"2024-02-22",2024,"Q1","15498","2 ","I-5: AURORA DONALD INTERCHANGE (EXIT 278) PHASE 2","0620-0123000J","COLD PLANE PAVEMENT REMOVAL, 4 INCHES DEEP","SQYD",2800,7.3,20440,7]
[null,"2024-02-22",2024,"Q1","15498","2 ","I-5: AURORA DONALD INTERCHANGE (EXIT 278) PHASE 2","0641-0102000M","AGGREGATE BASE","TON",85500,32.14,2747970,1]
[null,"2024-02-22",2024,"Q1","15498","2 ","I-5: AURORA DONALD INTERCHANGE (EXIT 278) PHASE 2","0641-0102000M","AGGREGATE BASE","TON",85500,32,2736000,2]
[null,"2024-02-22",2024,"Q1","15498","2 ","I-5: AURORA DONALD INTERCHANGE (EXIT 278) PHASE 2","0641-0102000M","AGGREGATE BASE","TON",85500,35,2992500,3]
[null,"2024-02-22",2024,"Q1","15498","2 ","I-5: AURORA DONALD INTERCHANGE (EXIT 278) PHASE 2","0641-0102000M","AGGREGATE BASE","TON",85500,31,2650500,4]
[null,"2024-02-22",2024,"Q1","15498","2 ","I-5: AURORA DONALD INTERCHANGE (EXIT 278) PHASE 2","0641-0102000M","AGGREGATE BASE","TON",85500,35,2992500,5]
[null,"2024-02-22",2024,"Q1","15498","2 ","I-5: AURORA DONALD INTERCHANGE (EXIT 278) PHASE 2","0641-0102000M","AGGREGATE BASE","TON",85500,36.5,3120750,6]
[null,"2024-02-22",2024,"Q1","15498","2 ","I-5: AURORA DONALD INTERCHANGE (EXIT 278) PHASE 2","0641-0102000M","AGGREGATE BASE","TON",85500,40,3420000,7]
[null,"2024-02-22",2024,"Q1","15498","2 ","I-5: AURORA DONALD INTERCHANGE (EXIT 278) PHASE 2","0730-0100000M","EMULSIFIED ASPHALT FOR TACK COAT","TON",80,0.01,0.8,1]
[null,"2024-02-22",2024,"Q1","15498","2 ","I-5: AURORA DONALD INTERCHANGE (EXIT 278) PHASE 2","0730-0100000M","EMULSIFIED ASPHALT FOR TACK COAT","TON",80,825,66000,2]
[null,"2024-02-22",2024,"Q1","15498","2 ","I-5: AURORA DONALD INTERCHANGE (EXIT 278) PHASE 2","0730-0100000M","EMULSIFIED ASPHALT FOR TACK COAT","TON",80,1,80,3]
[null,"2024-02-22",2024,"Q1","15498","2 ","I-5: AURORA DONALD INTERCHANGE (EXIT 278) PHASE 2","0730-0100000M","EMULSIFIED ASPHALT FOR TACK COAT","TON",80,0.01,0.8,4]
[null,"2024-02-22",2024,"Q1","15498","2 ","I-5: AURORA DONALD INTERCHANGE (EXIT 278) PHASE 2","0730-0100000M","EMULSIFIED ASPHALT FOR TACK COAT","TON",80,1,80,5]
[null,"2024-02-22",2024,"Q1","15498","2 ","I-5: AURORA DONALD INTERCHANGE (EXIT 278) PHASE 2","0730-0100000M","EMULSIFIED ASPHALT FOR TACK COAT","TON",80,1,80,6]
[null,"2024-02-22",2024,"Q1","15498","2 ","I-5: AURORA DONALD INTERCHANGE (EXIT 278) PHASE 2","0730-0100000M","EMULSIFIED ASPHALT FOR TACK COAT","TON",80,650,52000,7]
[null,"2024-02-22",2024,"Q1","15498","2 ","I-5: AURORA DONALD INTERCHANGE (EXIT 278) PHASE 2","0745-0302000M","LEVEL 3, 1/2 INCH ACP","TON",31500,106.5,3354750,1]
[null,"2024-02-22",2024,"Q1","15498","2 ","I-5: AURORA DONALD INTERCHANGE (EXIT 278) PHASE 2","0745-0302000M","LEVEL 3, 1/2 INCH ACP","TON",31500,74,2331000,2]
[null,"2024-02-22",2024,"Q1","15498","2 ","I-5: AURORA DONALD INTERCHANGE (EXIT 278) PHASE 2","0745-0302000M","LEVEL 3, 1/2 INCH ACP","TON",31500,115,3622500,3]
[null,"2024-02-22",2024,"Q1","15498","2 ","I-5: AURORA DONALD INTERCHANGE (EXIT 278) PHASE 2","0745-0302000M","LEVEL 3, 1/2 INCH ACP","TON",31500,105,3307500,4]
[null,"2024-02-22",2024,"Q1","15498","2 ","I-5: AURORA DONALD INTERCHANGE (EXIT 278) PHASE 2","0745-0302000M","LEVEL 3, 1/2 INCH ACP","TON",31500,112,3528000,5]
[null,"2024-02-22",2024,"Q1","15498","2 ","I-5: AURORA DONALD INTERCHANGE (EXIT 278) PHASE 2","0745-0302000M","LEVEL 3, 1/2 INCH ACP","TON",31500,103.44,3258360,6]
[null,"2024-02-22",2024,"Q1","15498","2 ","I-5: AURORA DONALD INTERCHANGE (EXIT 278) PHASE 2","0745-0302000M","LEVEL 3, 1/2 INCH ACP","TON",31500,128,4032000,7]
[null,"2024-02-22",2024,"Q1","15498","2 ","I-5: AURORA DONALD INTERCHANGE (EXIT 278) PHASE 2","0745-0331000M","LEVEL 3, 1/2 INCH ACP IN LEVELING","TON",590,155,91450,1]
[null,"2024-02-22",2024,"Q1","15498","2 ","I-5: AURORA DONALD INTERCHANGE (EXIT 278) PHASE 2","0745-0331000M","LEVEL 3, 1/2 INCH ACP IN LEVELING","TON",590,123,72570,2]
[null,"2024-02-22",2024,"Q1","15498","2 ","I-5: AURORA DONALD INTERCHANGE (EXIT 278) PHASE 2","0745-0331000M","LEVEL 3, 1/2 INCH ACP IN LEVELING","TON",590,165,97350,3]
[null,"2024-02-22",2024,"Q1","15498","2 ","I-5: AURORA DONALD INTERCHANGE (EXIT 278) PHASE 2","0745-0331000M","LEVEL 3, 1/2 INCH ACP IN LEVELING","TON",590,150,88500,4]
[null,"2024-02-22",2024,"Q1","15498","2 ","I-5: AURORA DONALD INTERCHANGE (EXIT 278) PHASE 2","0745-0331000M","LEVEL 3, 1/2 INCH ACP IN LEVELING","TON",590,170,100300,5]
[null,"2024-02-22",2024,"Q1","15498","2 ","I-5: AURORA DONALD INTERCHANGE (EXIT 278) PHASE 2","0745-0331000M","LEVEL 3, 1/2 INCH ACP IN LEVELING","TON",590,145.72999999999999,85980.7,6]
[null,"2024-02-22",2024,"Q1","15498","2 ","I-5: AURORA DONALD INTERCHANGE (EXIT 278) PHASE 2","0745-0331000M","LEVEL 3, 1/2 INCH ACP IN LEVELING","TON",590,195,115050,7]
[null,"2024-02-22",2024,"Q1","15498","2 ","I-5: AURORA DONALD INTERCHANGE (EXIT 278) PHASE 2","0745-0402000M","LEVEL 4, 1/2 INCH ACP","TON",21000,116,2436000,1]
[null,"2024-02-22",2024,"Q1","15498","2 ","I-5: AURORA DONALD INTERCHANGE (EXIT 278) PHASE 2","0745-0402000M","LEVEL 4, 1/2 INCH ACP","TON",21000,82,1722000,2]
[null,"2024-02-22",2024,"Q1","15498","2 ","I-5: AURORA DONALD INTERCHANGE (EXIT 278) PHASE 2","0745-0402000M","LEVEL 4, 1/2 INCH ACP","TON",21000,125,2625000,3]
[null,"2024-02-22",2024,"Q1","15498","2 ","I-5: AURORA DONALD INTERCHANGE (EXIT 278) PHASE 2","0745-0402000M","LEVEL 4, 1/2 INCH ACP","TON",21000,112,2352000,4]
[null,"2024-02-22",2024,"Q1","15498","2 ","I-5: AURORA DONALD INTERCHANGE (EXIT 278) PHASE 2","0745-0402000M","LEVEL 4, 1/2 INCH ACP","TON",21000,119,2499000,5]
[null,"2024-02-22",2024,"Q1","15498","2 ","I-5: AURORA DONALD INTERCHANGE (EXIT 278) PHASE 2","0745-0402000M","LEVEL 4, 1/2 INCH ACP","TON",21000,111.01,2331210,6]
[null,"2024-02-22",2024,"Q1","15498","2 ","I-5: AURORA DONALD INTERCHANGE (EXIT 278) PHASE 2","0745-0402000M","LEVEL 4, 1/2 INCH ACP","TON",21000,134,2814000,7]
[null,"2024-02-22",2024,"Q1","15498","2 ","I-5: AURORA DONALD INTERCHANGE (EXIT 278) PHASE 2","0745-0620000M","PG 64-22 ASPHALT IN LEVEL 3, 1/2 INCH ACP","TON",2000,0.01,20,1]
[null,"2024-02-22",2024,"Q1","15498","2 ","I-5: AURORA DONALD INTERCHANGE (EXIT 278) PHASE 2","0745-0620000M","PG 64-22 ASPHALT IN LEVEL 3, 1/2 INCH ACP","TON",2000,525,1050000,2]
[null,"2024-02-22",2024,"Q1","15498","2 ","I-5: AURORA DONALD INTERCHANGE (EXIT 278) PHASE 2","0745-0620000M","PG 64-22 ASPHALT IN LEVEL 3, 1/2 INCH ACP","TON",2000,1,2000,3]
[null,"2024-02-22",2024,"Q1","15498","2 ","I-5: AURORA DONALD INTERCHANGE (EXIT 278) PHASE 2","0745-0620000M","PG 64-22 ASPHALT IN LEVEL 3, 1/2 INCH ACP","TON",2000,0.01,20,4]
[null,"2024-02-22",2024,"Q1","15498","2 ","I-5: AURORA DONALD INTERCHANGE (EXIT 278) PHASE 2","0745-0620000M","PG 64-22 ASPHALT IN LEVEL 3, 1/2 INCH ACP","TON",2000,1,2000,5]
[null,"2024-02-22",2024,"Q1","15498","2 ","I-5: AURORA DONALD INTERCHANGE (EXIT 278) PHASE 2","0745-0620000M","PG 64-22 ASPHALT IN LEVEL 3, 1/2 INCH ACP","TON",2000,1,2000,6]
[null,"2024-02-22",2024,"Q1","15498","2 ","I-5: AURORA DONALD INTERCHANGE (EXIT 278) PHASE 2","0745-0620000M","PG 64-22 ASPHALT IN LEVEL 3, 1/2 INCH ACP","TON",2000,1,2000,7]
[null,"2024-02-22",2024,"Q1","15498","2 ","I-5: AURORA DONALD INTERCHANGE (EXIT 278) PHASE 2","0745-0640100M","PG 70-22ER ASPHALT IN LEVEL 4, 1/2 INCH ACP","TON",1300,0.01,13,1]
[null,"2024-02-22",2024,"Q1","15498","2 ","I-5: AURORA DONALD INTERCHANGE (EXIT 278) PHASE 2","0745-0640100M","PG 70-22ER ASPHALT IN LEVEL 4, 1/2 INCH ACP","TON",1300,615,799500,2]
[null,"2024-02-22",2024,"Q1","15498","2 ","I-5: AURORA DONALD INTERCHANGE (EXIT 278) PHASE 2","0745-0640100M","PG 70-22ER ASPHALT IN LEVEL 4, 1/2 INCH ACP","TON",1300,1,1300,3]
[null,"2024-02-22",2024,"Q1","15498","2 ","I-5: AURORA DONALD INTERCHANGE (EXIT 278) PHASE 2","0745-0640100M","PG 70-22ER ASPHALT IN LEVEL 4, 1/2 INCH ACP","TON",1300,0.01,13,4]
[null,"2024-02-22",2024,"Q1","15498","2 ","I-5: AURORA DONALD INTERCHANGE (EXIT 278) PHASE 2","0745-0640100M","PG 70-22ER ASPHALT IN LEVEL 4, 1/2 INCH ACP","TON",1300,1,1300,5]
[null,"2024-02-22",2024,"Q1","15498","2 ","I-5: AURORA DONALD INTERCHANGE (EXIT 278) PHASE 2","0745-0640100M","PG 70-22ER ASPHALT IN LEVEL 4, 1/2 INCH ACP","TON",1300,1,1300,6]
[null,"2024-02-22",2024,"Q1","15498","2 ","I-5: AURORA DONALD INTERCHANGE (EXIT 278) PHASE 2","0745-0640100M","PG 70-22ER ASPHALT IN LEVEL 4, 1/2 INCH ACP","TON",1300,1,1300,7]
[null,"2024-02-22",2024,"Q1","15498","2 ","I-5: AURORA DONALD INTERCHANGE (EXIT 278) PHASE 2","0745-0900000E","CORE CORRELATION OF NUCLEAR GAUGE READINGS","EACH",21,3500,73500,1]
[null,"2024-02-22",2024,"Q1","15498","2 ","I-5: AURORA DONALD INTERCHANGE (EXIT 278) PHASE 2","0745-0900000E","CORE CORRELATION OF NUCLEAR GAUGE READINGS","EACH",21,3000,63000,2]
[null,"2024-02-22",2024,"Q1","15498","2 ","I-5: AURORA DONALD INTERCHANGE (EXIT 278) PHASE 2","0745-0900000E","CORE CORRELATION OF NUCLEAR GAUGE READINGS","EACH",21,3000,63000,3]
[null,"2024-02-22",2024,"Q1","15498","2 ","I-5: AURORA DONALD INTERCHANGE (EXIT 278) PHASE 2","0745-0900000E","CORE CORRELATION OF NUCLEAR GAUGE READINGS","EACH",21,1500,31500,4]
[null,"2024-02-22",2024,"Q1","15498","2 ","I-5: AURORA DONALD INTERCHANGE (EXIT 278) PHASE 2","0745-0900000E","CORE CORRELATION OF NUCLEAR GAUGE READINGS","EACH",21,2806,58926,5]
[null,"2024-02-22",2024,"Q1","15498","2 ","I-5: AURORA DONALD INTERCHANGE (EXIT 278) PHASE 2","0745-0900000E","CORE CORRELATION OF NUCLEAR GAUGE READINGS","EACH",21,2813,59073,6]
[null,"2024-02-22",2024,"Q1","15498","2 ","I-5: AURORA DONALD INTERCHANGE (EXIT 278) PHASE 2","0745-0900000E","CORE CORRELATION OF NUCLEAR GAUGE READINGS","EACH",21,3900,81900,7]
[null,"2024-02-22",2024,"Q1","15498","2 ","I-5: AURORA DONALD INTERCHANGE (EXIT 278) PHASE 2","0749-0100000E","EXTRA FOR ASPHALT APPROACHES","EACH",10,3500,35000,1]
[null,"2024-02-22",2024,"Q1","15498","2 ","I-5: AURORA DONALD INTERCHANGE (EXIT 278) PHASE 2","0749-0100000E","EXTRA FOR ASPHALT APPROACHES","EACH",10,2300,23000,2]
[null,"2024-02-22",2024,"Q1","15498","2 ","I-5: AURORA DONALD INTERCHANGE (EXIT 278) PHASE 2","0749-0100000E","EXTRA FOR ASPHALT APPROACHES","EACH",10,7500,75000,3]
[null,"2024-02-22",2024,"Q1","15498","2 ","I-5: AURORA DONALD INTERCHANGE (EXIT 278) PHASE 2","0749-0100000E","EXTRA FOR ASPHALT APPROACHES","EACH",10,6000,60000,4]
[null,"2024-02-22",2024,"Q1","15498","2 ","I-5: AURORA DONALD INTERCHANGE (EXIT 278) PHASE 2","0749-0100000E","EXTRA FOR ASPHALT APPROACHES","EACH",10,3090,30900,5]
[null,"2024-02-22",2024,"Q1","15498","2 ","I-5: AURORA DONALD INTERCHANGE (EXIT 278) PHASE 2","0749-0100000E","EXTRA FOR ASPHALT APPROACHES","EACH",10,7550,75500,6]
[null,"2024-02-22",2024,"Q1","15498","2 ","I-5: AURORA DONALD INTERCHANGE (EXIT 278) PHASE 2","0749-0100000E","EXTRA FOR ASPHALT APPROACHES","EACH",10,2600,26000,7]
[null,"2024-02-22",2024,"Q1","15498","2 ","I-5: AURORA DONALD INTERCHANGE (EXIT 278) PHASE 2","0755-0108000J","CONTINUOUSLY REINFORCED CONCRETE PAVEMENT 12 INCHES THICK","SQYD",16500,132,2178000,1]
[null,"2024-02-22",2024,"Q1","15498","2 ","I-5: AURORA DONALD INTERCHANGE (EXIT 278) PHASE 2","0755-0108000J","CONTINUOUSLY REINFORCED CONCRETE PAVEMENT 12 INCHES THICK","SQYD",16500,320,5280000,2]
[null,"2024-02-22",2024,"Q1","15498","2 ","I-5: AURORA DONALD INTERCHANGE (EXIT 278) PHASE 2","0755-0108000J","CONTINUOUSLY REINFORCED CONCRETE PAVEMENT 12 INCHES THICK","SQYD",16500,345,5692500,3]
[null,"2024-02-22",2024,"Q1","15498","2 ","I-5: AURORA DONALD INTERCHANGE (EXIT 278) PHASE 2","0755-0108000J","CONTINUOUSLY REINFORCED CONCRETE PAVEMENT 12 INCHES THICK","SQYD",16500,325,5362500,4]
[null,"2024-02-22",2024,"Q1","15498","2 ","I-5: AURORA DONALD INTERCHANGE (EXIT 278) PHASE 2","0755-0108000J","CONTINUOUSLY REINFORCED CONCRETE PAVEMENT 12 INCHES THICK","SQYD",16500,450,7425000,5]
[null,"2024-02-22",2024,"Q1","15498","2 ","I-5: AURORA DONALD INTERCHANGE (EXIT 278) PHASE 2","0755-0108000J","CONTINUOUSLY REINFORCED CONCRETE PAVEMENT 12 INCHES THICK","SQYD",16500,310,5115000,6]
[null,"2024-02-22",2024,"Q1","15498","2 ","I-5: AURORA DONALD INTERCHANGE (EXIT 278) PHASE 2","0755-0108000J","CONTINUOUSLY REINFORCED CONCRETE PAVEMENT 12 INCHES THICK","SQYD",16500,351,5791500,7]
[null,"2024-02-22",2024,"Q1","15498","2 ","I-5: AURORA DONALD INTERCHANGE (EXIT 278) PHASE 2","0755-0400000F","TERMINAL EXPANSION JOINT","FOOT",156,250,39000,1]
[null,"2024-02-22",2024,"Q1","15498","2 ","I-5: AURORA DONALD INTERCHANGE (EXIT 278) PHASE 2","0755-0400000F","TERMINAL EXPANSION JOINT","FOOT",156,750,117000,2]
[null,"2024-02-22",2024,"Q1","15498","2 ","I-5: AURORA DONALD INTERCHANGE (EXIT 278) PHASE 2","0755-0400000F","TERMINAL EXPANSION JOINT","FOOT",156,700,109200,3]
[null,"2024-02-22",2024,"Q1","15498","2 ","I-5: AURORA DONALD INTERCHANGE (EXIT 278) PHASE 2","0755-0400000F","TERMINAL EXPANSION JOINT","FOOT",156,700,109200,4]
[null,"2024-02-22",2024,"Q1","15498","2 ","I-5: AURORA DONALD INTERCHANGE (EXIT 278) PHASE 2","0755-0400000F","TERMINAL EXPANSION JOINT","FOOT",156,150,23400,5]
[null,"2024-02-22",2024,"Q1","15498","2 ","I-5: AURORA DONALD INTERCHANGE (EXIT 278) PHASE 2","0755-0400000F","TERMINAL EXPANSION JOINT","FOOT",156,750,117000,6]
[null,"2024-02-22",2024,"Q1","15498","2 ","I-5: AURORA DONALD INTERCHANGE (EXIT 278) PHASE 2","0755-0400000F","TERMINAL EXPANSION JOINT","FOOT",156,600,93600,7]
[null,"2024-02-22",2024,"Q1","15498","2 ","I-5: AURORA DONALD INTERCHANGE (EXIT 278) PHASE 2","0759-0103000F","CONCRETE CURBS, CURB AND GUTTER","FOOT",1800,45,81000,1]
[null,"2024-02-22",2024,"Q1","15498","2 ","I-5: AURORA DONALD INTERCHANGE (EXIT 278) PHASE 2","0759-0103000F","CONCRETE CURBS, CURB AND GUTTER","FOOT",1800,66,118800,2]
[null,"2024-02-22",2024,"Q1","15498","2 ","I-5: AURORA DONALD INTERCHANGE (EXIT 278) PHASE 2","0759-0103000F","CONCRETE CURBS, CURB AND GUTTER","FOOT",1800,65,117000,3]
[null,"2024-02-22",2024,"Q1","15498","2 ","I-5: AURORA DONALD INTERCHANGE (EXIT 278) PHASE 2","0759-0103000F","CONCRETE CURBS, CURB AND GUTTER","FOOT",1800,70,126000,4]
[null,"2024-02-22",2024,"Q1","15498","2 ","I-5: AURORA DONALD INTERCHANGE (EXIT 278) PHASE 2","0759-0103000F","CONCRETE CURBS, CURB AND GUTTER","FOOT",1800,58,104400,5]
[null,"2024-02-22",2024,"Q1","15498","2 ","I-5: AURORA DONALD INTERCHANGE (EXIT 278) PHASE 2","0759-0103000F","CONCRETE CURBS, CURB AND GUTTER","FOOT",1800,65,117000,6]
[null,"2024-02-22",2024,"Q1","15498","2 ","I-5: AURORA DONALD INTERCHANGE (EXIT 278) PHASE 2","0759-0103000F","CONCRETE CURBS, CURB AND GUTTER","FOOT",1800,49,88200,7]
[null,"2024-02-22",2024,"Q1","15498","2 ","I-5: AURORA DONALD INTERCHANGE (EXIT 278) PHASE 2","0759-0106000F","CONCRETE CURBS, LOW PROFILE MOUNTABLE CURB","FOOT",4800,27,129600,1]
[null,"2024-02-22",2024,"Q1","15498","2 ","I-5: AURORA DONALD INTERCHANGE (EXIT 278) PHASE 2","0759-0106000F","CONCRETE CURBS, LOW PROFILE MOUNTABLE CURB","FOOT",4800,42,201600,2]
[null,"2024-02-22",2024,"Q1","15498","2 ","I-5: AURORA DONALD INTERCHANGE (EXIT 278) PHASE 2","0759-0106000F","CONCRETE CURBS, LOW PROFILE MOUNTABLE CURB","FOOT",4800,42,201600,3]
[null,"2024-02-22",2024,"Q1","15498","2 ","I-5: AURORA DONALD INTERCHANGE (EXIT 278) PHASE 2","0759-0106000F","CONCRETE CURBS, LOW PROFILE MOUNTABLE CURB","FOOT",4800,50,240000,4]
[null,"2024-02-22",2024,"Q1","15498","2 ","I-5: AURORA DONALD INTERCHANGE (EXIT 278) PHASE 2","0759-0106000F","CONCRETE CURBS, LOW PROFILE MOUNTABLE CURB","FOOT",4800,31,148800,5]
[null,"2024-02-22",2024,"Q1","15498","2 ","I-5: AURORA DONALD INTERCHANGE (EXIT 278) PHASE 2","0759-0106000F","CONCRETE CURBS, LOW PROFILE MOUNTABLE CURB","FOOT",4800,42.5,204000,6]
[null,"2024-02-22",2024,"Q1","15498","2 ","I-5: AURORA DONALD INTERCHANGE (EXIT 278) PHASE 2","0759-0106000F","CONCRETE CURBS, LOW PROFILE MOUNTABLE CURB","FOOT",4800,33,158400,7]
[null,"2024-02-22",2024,"Q1","15498","2 ","I-5: AURORA DONALD INTERCHANGE (EXIT 278) PHASE 2","0759-0110000F","CONCRETE CURBS, STANDARD CURB","FOOT",370,29,10730,1]
[null,"2024-02-22",2024,"Q1","15498","2 ","I-5: AURORA DONALD INTERCHANGE (EXIT 278) PHASE 2","0759-0110000F","CONCRETE CURBS, STANDARD CURB","FOOT",370,55,20350,2]
[null,"2024-02-22",2024,"Q1","15498","2 ","I-5: AURORA DONALD INTERCHANGE (EXIT 278) PHASE 2","0759-0110000F","CONCRETE CURBS, STANDARD CURB","FOOT",370,55,20350,3]
[null,"2024-02-22",2024,"Q1","15498","2 ","I-5: AURORA DONALD INTERCHANGE (EXIT 278) PHASE 2","0759-0110000F","CONCRETE CURBS, STANDARD CURB","FOOT",370,60,22200,4]
[null,"2024-02-22",2024,"Q1","15498","2 ","I-5: AURORA DONALD INTERCHANGE (EXIT 278) PHASE 2","0759-0110000F","CONCRETE CURBS, STANDARD CURB","FOOT",370,33,12210,5]
[null,"2024-02-22",2024,"Q1","15498","2 ","I-5: AURORA DONALD INTERCHANGE (EXIT 278) PHASE 2","0759-0110000F","CONCRETE CURBS, STANDARD CURB","FOOT",370,62.5,23125,6]
[null,"2024-02-22",2024,"Q1","15498","2 ","I-5: AURORA DONALD INTERCHANGE (EXIT 278) PHASE 2","0759-0110000F","CONCRETE CURBS, STANDARD CURB","FOOT",370,35,12950,7]
[null,"2024-02-22",2024,"Q1","15498","2 ","I-5: AURORA DONALD INTERCHANGE (EXIT 278) PHASE 2","0759-0118000F","CONCRETE CURBS, MOUNTABLE CURB","FOOT",70,36,2520,1]
[null,"2024-02-22",2024,"Q1","15498","2 ","I-5: AURORA DONALD INTERCHANGE (EXIT 278) PHASE 2","0759-0118000F","CONCRETE CURBS, MOUNTABLE CURB","FOOT",70,65,4550,2]
[null,"2024-02-22",2024,"Q1","15498","2 ","I-5: AURORA DONALD INTERCHANGE (EXIT 278) PHASE 2","0759-0118000F","CONCRETE CURBS, MOUNTABLE CURB","FOOT",70,75,5250,3]
[null,"2024-02-22",2024,"Q1","15498","2 ","I-5: AURORA DONALD INTERCHANGE (EXIT 278) PHASE 2","0759-0118000F","CONCRETE CURBS, MOUNTABLE CURB","FOOT",70,70,4900,4]
[null,"2024-02-22",2024,"Q1","15498","2 ","I-5: AURORA DONALD INTERCHANGE (EXIT 278) PHASE 2","0759-0118000F","CONCRETE CURBS, MOUNTABLE CURB","FOOT",70,39,2730,5]
[null,"2024-02-22",2024,"Q1","15498","2 ","I-5: AURORA DONALD INTERCHANGE (EXIT 278) PHASE 2","0759-0118000F","CONCRETE CURBS, MOUNTABLE CURB","FOOT",70,73,5110,6]
[null,"2024-02-22",2024,"Q1","15498","2 ","I-5: AURORA DONALD INTERCHANGE (EXIT 278) PHASE 2","0759-0118000F","CONCRETE CURBS, MOUNTABLE CURB","FOOT",70,41,2870,7]
[null,"2024-02-22",2024,"Q1","15498","2 ","I-5: AURORA DONALD INTERCHANGE (EXIT 278) PHASE 2","0759-0122000J","CONCRETE ISLANDS","SQFT",58000,11.5,667000,1]
[null,"2024-02-22",2024,"Q1","15498","2 ","I-5: AURORA DONALD INTERCHANGE (EXIT 278) PHASE 2","0759-0122000J","CONCRETE ISLANDS","SQFT",58000,11.5,667000,2]
[null,"2024-02-22",2024,"Q1","15498","2 ","I-5: AURORA DONALD INTERCHANGE (EXIT 278) PHASE 2","0759-0122000J","CONCRETE ISLANDS","SQFT",58000,15,870000,3]
[null,"2024-02-22",2024,"Q1","15498","2 ","I-5: AURORA DONALD INTERCHANGE (EXIT 278) PHASE 2","0759-0122000J","CONCRETE ISLANDS","SQFT",58000,8,464000,4]
[null,"2024-02-22",2024,"Q1","15498","2 ","I-5: AURORA DONALD INTERCHANGE (EXIT 278) PHASE 2","0759-0122000J","CONCRETE ISLANDS","SQFT",58000,14,812000,5]
[null,"2024-02-22",2024,"Q1","15498","2 ","I-5: AURORA DONALD INTERCHANGE (EXIT 278) PHASE 2","0759-0122000J","CONCRETE ISLANDS","SQFT",58000,13,754000,6]
[null,"2024-02-22",2024,"Q1","15498","2 ","I-5: AURORA DONALD INTERCHANGE (EXIT 278) PHASE 2","0759-0122000J","CONCRETE ISLANDS","SQFT",58000,10.5,609000,7]
[null,"2024-02-22",2024,"Q1","15498","2 ","I-5: AURORA DONALD INTERCHANGE (EXIT 278) PHASE 2","0759-0126000J","CONCRETE DRIVEWAYS","SQFT",480,16.25,7800,1]
[null,"2024-02-22",2024,"Q1","15498","2 ","I-5: AURORA DONALD INTERCHANGE (EXIT 278) PHASE 2","0759-0126000J","CONCRETE DRIVEWAYS","SQFT",480,16,7680,2]
[null,"2024-02-22",2024,"Q1","15498","2 ","I-5: AURORA DONALD INTERCHANGE (EXIT 278) PHASE 2","0759-0126000J","CONCRETE DRIVEWAYS","SQFT",480,28,13440,3]
[null,"2024-02-22",2024,"Q1","15498","2 ","I-5: AURORA DONALD INTERCHANGE (EXIT 278) PHASE 2","0759-0126000J","CONCRETE DRIVEWAYS","SQFT",480,22,10560,4]
[null,"2024-02-22",2024,"Q1","15498","2 ","I-5: AURORA DONALD INTERCHANGE (EXIT 278) PHASE 2","0759-0126000J","CONCRETE DRIVEWAYS","SQFT",480,550,264000,5]
[null,"2024-02-22",2024,"Q1","15498","2 ","I-5: AURORA DONALD INTERCHANGE (EXIT 278) PHASE 2","0759-0126000J","CONCRETE DRIVEWAYS","SQFT",480,27,12960,6]
[null,"2024-02-22",2024,"Q1","15498","2 ","I-5: AURORA DONALD INTERCHANGE (EXIT 278) PHASE 2","0759-0126000J","CONCRETE DRIVEWAYS","SQFT",480,17.25,8280,7]
[null,"2024-02-22",2024,"Q1","15498","2 ","I-5: AURORA DONALD INTERCHANGE (EXIT 278) PHASE 2","0759-0128000J","CONCRETE WALKS","SQFT",15500,11.75,182125,1]
[null,"2024-02-22",2024,"Q1","15498","2 ","I-5: AURORA DONALD INTERCHANGE (EXIT 278) PHASE 2","0759-0128000J","CONCRETE WALKS","SQFT",15500,8,124000,2]
[null,"2024-02-22",2024,"Q1","15498","2 ","I-5: AURORA DONALD INTERCHANGE (EXIT 278) PHASE 2","0759-0128000J","CONCRETE WALKS","SQFT",15500,11,170500,3]
[null,"2024-02-22",2024,"Q1","15498","2 ","I-5: AURORA DONALD INTERCHANGE (EXIT 278) PHASE 2","0759-0128000J","CONCRETE WALKS","SQFT",15500,12,186000,4]
[null,"2024-02-22",2024,"Q1","15498","2 ","I-5: AURORA DONALD INTERCHANGE (EXIT 278) PHASE 2","0759-0128000J","CONCRETE WALKS","SQFT",15500,14,217000,5]
[null,"2024-02-22",2024,"Q1","15498","2 ","I-5: AURORA DONALD INTERCHANGE (EXIT 278) PHASE 2","0759-0128000J","CONCRETE WALKS","SQFT",15500,10.5,162750,6]
[null,"2024-02-22",2024,"Q1","15498","2 ","I-5: AURORA DONALD INTERCHANGE (EXIT 278) PHASE 2","0759-0128000J","CONCRETE WALKS","SQFT",15500,12,186000,7]
[null,"2024-02-22",2024,"Q1","15498","2 ","I-5: AURORA DONALD INTERCHANGE (EXIT 278) PHASE 2","0759-0140000J","6 INCH CONCRETE SURFACING","SQFT",1100,16.5,18150,1]
[null,"2024-02-22",2024,"Q1","15498","2 ","I-5: AURORA DONALD INTERCHANGE (EXIT 278) PHASE 2","0759-0140000J","6 INCH CONCRETE SURFACING","SQFT",1100,11.5,12650,2]
[null,"2024-02-22",2024,"Q1","15498","2 ","I-5: AURORA DONALD INTERCHANGE (EXIT 278) PHASE 2","0759-0140000J","6 INCH CONCRETE SURFACING","SQFT",1100,21,23100,3]
[null,"2024-02-22",2024,"Q1","15498","2 ","I-5: AURORA DONALD INTERCHANGE (EXIT 278) PHASE 2","0759-0140000J","6 INCH CONCRETE SURFACING","SQFT",1100,16,17600,4]
[null,"2024-02-22",2024,"Q1","15498","2 ","I-5: AURORA DONALD INTERCHANGE (EXIT 278) PHASE 2","0759-0140000J","6 INCH CONCRETE SURFACING","SQFT",1100,23,25300,5]
[null,"2024-02-22",2024,"Q1","15498","2 ","I-5: AURORA DONALD INTERCHANGE (EXIT 278) PHASE 2","0759-0140000J","6 INCH CONCRETE SURFACING","SQFT",1100,20.5,22550,6]
[null,"2024-02-22",2024,"Q1","15498","2 ","I-5: AURORA DONALD INTERCHANGE (EXIT 278) PHASE 2","0759-0140000J","6 INCH CONCRETE SURFACING","SQFT",1100,16,17600,7]
[null,"2024-02-22",2024,"Q1","15498","2 ","I-5: AURORA DONALD INTERCHANGE (EXIT 278) PHASE 2","0759-0154100E","EXTRA FOR NEW CURB RAMPS","EACH",31,2750,85250,1]
[null,"2024-02-22",2024,"Q1","15498","2 ","I-5: AURORA DONALD INTERCHANGE (EXIT 278) PHASE 2","0759-0154100E","EXTRA FOR NEW CURB RAMPS","EACH",31,230,7130,2]
[null,"2024-02-22",2024,"Q1","15498","2 ","I-5: AURORA DONALD INTERCHANGE (EXIT 278) PHASE 2","0759-0154100E","EXTRA FOR NEW CURB RAMPS","EACH",31,1000,31000,3]
[null,"2024-02-22",2024,"Q1","15498","2 ","I-5: AURORA DONALD INTERCHANGE (EXIT 278) PHASE 2","0759-0154100E","EXTRA FOR NEW CURB RAMPS","EACH",31,1000,31000,4]
[null,"2024-02-22",2024,"Q1","15498","2 ","I-5: AURORA DONALD INTERCHANGE (EXIT 278) PHASE 2","0759-0154100E","EXTRA FOR NEW CURB RAMPS","EACH",31,3900,120900,5]
[null,"2024-02-22",2024,"Q1","15498","2 ","I-5: AURORA DONALD INTERCHANGE (EXIT 278) PHASE 2","0759-0154100E","EXTRA FOR NEW CURB RAMPS","EACH",31,825,25575,6]
[null,"2024-02-22",2024,"Q1","15498","2 ","I-5: AURORA DONALD INTERCHANGE (EXIT 278) PHASE 2","0759-0154100E","EXTRA FOR NEW CURB RAMPS","EACH",31,4065,126015,7]
[null,"2024-02-22",2024,"Q1","15498","2 ","I-5: AURORA DONALD INTERCHANGE (EXIT 278) PHASE 2","0759-0510000J","TRUNCATED DOMES ON NEW SURFACES","SQFT",398,35,13930,1]
[null,"2024-02-22",2024,"Q1","15498","2 ","I-5: AURORA DONALD INTERCHANGE (EXIT 278) PHASE 2","0759-0510000J","TRUNCATED DOMES ON NEW SURFACES","SQFT",398,60,23880,2]
[null,"2024-02-22",2024,"Q1","15498","2 ","I-5: AURORA DONALD INTERCHANGE (EXIT 278) PHASE 2","0759-0510000J","TRUNCATED DOMES ON NEW SURFACES","SQFT",398,55,21890,3]
[null,"2024-02-22",2024,"Q1","15498","2 ","I-5: AURORA DONALD INTERCHANGE (EXIT 278) PHASE 2","0759-0510000J","TRUNCATED DOMES ON NEW SURFACES","SQFT",398,50,19900,4]
[null,"2024-02-22",2024,"Q1","15498","2 ","I-5: AURORA DONALD INTERCHANGE (EXIT 278) PHASE 2","0759-0510000J","TRUNCATED DOMES ON NEW SURFACES","SQFT",398,36,14328,5]
[null,"2024-02-22",2024,"Q1","15498","2 ","I-5: AURORA DONALD INTERCHANGE (EXIT 278) PHASE 2","0759-0510000J","TRUNCATED DOMES ON NEW SURFACES","SQFT",398,50,19900,6]
[null,"2024-02-22",2024,"Q1","15498","2 ","I-5: AURORA DONALD INTERCHANGE (EXIT 278) PHASE 2","0759-0510000J","TRUNCATED DOMES ON NEW SURFACES","SQFT",398,32.5,12935,7]
[null,"2024-02-22",2024,"Q1","15498","2 ","I-5: AURORA DONALD INTERCHANGE (EXIT 278) PHASE 2","0759-0520000J","TRUNCATED DOMES ON EXISTING SURFACES","SQFT",26,100,2600,1]
[null,"2024-02-22",2024,"Q1","15498","2 ","I-5: AURORA DONALD INTERCHANGE (EXIT 278) PHASE 2","0759-0520000J","TRUNCATED DOMES ON EXISTING SURFACES","SQFT",26,100,2600,2]
[null,"2024-02-22",2024,"Q1","15498","2 ","I-5: AURORA DONALD INTERCHANGE (EXIT 278) PHASE 2","0759-0520000J","TRUNCATED DOMES ON EXISTING SURFACES","SQFT",26,44,1144,3]
[null,"2024-02-22",2024,"Q1","15498","2 ","I-5: AURORA DONALD INTERCHANGE (EXIT 278) PHASE 2","0759-0520000J","TRUNCATED DOMES ON EXISTING SURFACES","SQFT",26,90,2340,4]
[null,"2024-02-22",2024,"Q1","15498","2 ","I-5: AURORA DONALD INTERCHANGE (EXIT 278) PHASE 2","0759-0520000J","TRUNCATED DOMES ON EXISTING SURFACES","SQFT",26,68,1768,5]
[null,"2024-02-22",2024,"Q1","15498","2 ","I-5: AURORA DONALD INTERCHANGE (EXIT 278) PHASE 2","0759-0520000J","TRUNCATED DOMES ON EXISTING SURFACES","SQFT",26,90,2340,6]
[null,"2024-02-22",2024,"Q1","15498","2 ","I-5: AURORA DONALD INTERCHANGE (EXIT 278) PHASE 2","0759-0520000J","TRUNCATED DOMES ON EXISTING SURFACES","SQFT",26,150,3900,7]
[null,"2024-02-22",2024,"Q1","15498","2 ","I-5: AURORA DONALD INTERCHANGE (EXIT 278) PHASE 2","0810-0126000E","GUARDRAIL TRANSITION","EACH",1,4800,4800,1]
[null,"2024-02-22",2024,"Q1","15498","2 ","I-5: AURORA DONALD INTERCHANGE (EXIT 278) PHASE 2","0810-0126000E","GUARDRAIL TRANSITION","EACH",1,4500,4500,2]
[null,"2024-02-22",2024,"Q1","15498","2 ","I-5: AURORA DONALD INTERCHANGE (EXIT 278) PHASE 2","0810-0126000E","GUARDRAIL TRANSITION","EACH",1,5000,5000,3]
[null,"2024-02-22",2024,"Q1","15498","2 ","I-5: AURORA DONALD INTERCHANGE (EXIT 278) PHASE 2","0810-0126000E","GUARDRAIL TRANSITION","EACH",1,6000,6000,4]
[null,"2024-02-22",2024,"Q1","15498","2 ","I-5: AURORA DONALD INTERCHANGE (EXIT 278) PHASE 2","0810-0126000E","GUARDRAIL TRANSITION","EACH",1,4750,4750,5]
[null,"2024-02-22",2024,"Q1","15498","2 ","I-5: AURORA DONALD INTERCHANGE (EXIT 278) PHASE 2","0810-0126000E","GUARDRAIL TRANSITION","EACH",1,4100,4100,6]
[null,"2024-02-22",2024,"Q1","15498","2 ","I-5: AURORA DONALD INTERCHANGE (EXIT 278) PHASE 2","0810-0126000E","GUARDRAIL TRANSITION","EACH",1,4050,4050,7]
[null,"2024-02-22",2024,"Q1","15498","2 ","I-5: AURORA DONALD INTERCHANGE (EXIT 278) PHASE 2","0810-0128000E","GUARDRAIL CONNECTIONS","EACH",1,1200,1200,1]
[null,"2024-02-22",2024,"Q1","15498","2 ","I-5: AURORA DONALD INTERCHANGE (EXIT 278) PHASE 2","0810-0128000E","GUARDRAIL CONNECTIONS","EACH",1,550,550,2]
[null,"2024-02-22",2024,"Q1","15498","2 ","I-5: AURORA DONALD INTERCHANGE (EXIT 278) PHASE 2","0810-0128000E","GUARDRAIL CONNECTIONS","EACH",1,1200,1200,3]
[null,"2024-02-22",2024,"Q1","15498","2 ","I-5: AURORA DONALD INTERCHANGE (EXIT 278) PHASE 2","0810-0128000E","GUARDRAIL CONNECTIONS","EACH",1,2000,2000,4]
[null,"2024-02-22",2024,"Q1","15498","2 ","I-5: AURORA DONALD INTERCHANGE (EXIT 278) PHASE 2","0810-0128000E","GUARDRAIL CONNECTIONS","EACH",1,1100,1100,5]
[null,"2024-02-22",2024,"Q1","15498","2 ","I-5: AURORA DONALD INTERCHANGE (EXIT 278) PHASE 2","0810-0128000E","GUARDRAIL CONNECTIONS","EACH",1,500,500,6]
[null,"2024-02-22",2024,"Q1","15498","2 ","I-5: AURORA DONALD INTERCHANGE (EXIT 278) PHASE 2","0810-0128000E","GUARDRAIL CONNECTIONS","EACH",1,575,575,7]
[null,"2024-02-22",2024,"Q1","15498","2 ","I-5: AURORA DONALD INTERCHANGE (EXIT 278) PHASE 2","0810-0129000E","GUARDRAIL TERMINALS, NON-FLARED","EACH",1,4600,4600,1]
[null,"2024-02-22",2024,"Q1","15498","2 ","I-5: AURORA DONALD INTERCHANGE (EXIT 278) PHASE 2","0810-0129000E","GUARDRAIL TERMINALS, NON-FLARED","EACH",1,4600,4600,2]
[null,"2024-02-22",2024,"Q1","15498","2 ","I-5: AURORA DONALD INTERCHANGE (EXIT 278) PHASE 2","0810-0129000E","GUARDRAIL TERMINALS, NON-FLARED","EACH",1,5000,5000,3]
[null,"2024-02-22",2024,"Q1","15498","2 ","I-5: AURORA DONALD INTERCHANGE (EXIT 278) PHASE 2","0810-0129000E","GUARDRAIL TERMINALS, NON-FLARED","EACH",1,6000,6000,4]
[null,"2024-02-22",2024,"Q1","15498","2 ","I-5: AURORA DONALD INTERCHANGE (EXIT 278) PHASE 2","0810-0129000E","GUARDRAIL TERMINALS, NON-FLARED","EACH",1,4500,4500,5]
[null,"2024-02-22",2024,"Q1","15498","2 ","I-5: AURORA DONALD INTERCHANGE (EXIT 278) PHASE 2","0810-0129000E","GUARDRAIL TERMINALS, NON-FLARED","EACH",1,4025,4025,6]
[null,"2024-02-22",2024,"Q1","15498","2 ","I-5: AURORA DONALD INTERCHANGE (EXIT 278) PHASE 2","0810-0129000E","GUARDRAIL TERMINALS, NON-FLARED","EACH",1,3550,3550,7]
[null,"2024-02-22",2024,"Q1","15498","2 ","I-5: AURORA DONALD INTERCHANGE (EXIT 278) PHASE 2","0810-0131000E","GUARDRAIL TERMINALS, NON-FLARED, TEST LEVEL 2","EACH",1,4000,4000,1]
[null,"2024-02-22",2024,"Q1","15498","2 ","I-5: AURORA DONALD INTERCHANGE (EXIT 278) PHASE 2","0810-0131000E","GUARDRAIL TERMINALS, NON-FLARED, TEST LEVEL 2","EACH",1,4800,4800,2]
[null,"2024-02-22",2024,"Q1","15498","2 ","I-5: AURORA DONALD INTERCHANGE (EXIT 278) PHASE 2","0810-0131000E","GUARDRAIL TERMINALS, NON-FLARED, TEST LEVEL 2","EACH",1,4500,4500,3]
[null,"2024-02-22",2024,"Q1","15498","2 ","I-5: AURORA DONALD INTERCHANGE (EXIT 278) PHASE 2","0810-0131000E","GUARDRAIL TERMINALS, NON-FLARED, TEST LEVEL 2","EACH",1,5000,5000,4]
[null,"2024-02-22",2024,"Q1","15498","2 ","I-5: AURORA DONALD INTERCHANGE (EXIT 278) PHASE 2","0810-0131000E","GUARDRAIL TERMINALS, NON-FLARED, TEST LEVEL 2","EACH",1,4000,4000,5]
[null,"2024-02-22",2024,"Q1","15498","2 ","I-5: AURORA DONALD INTERCHANGE (EXIT 278) PHASE 2","0810-0131000E","GUARDRAIL TERMINALS, NON-FLARED, TEST LEVEL 2","EACH",1,4150,4150,6]
[null,"2024-02-22",2024,"Q1","15498","2 ","I-5: AURORA DONALD INTERCHANGE (EXIT 278) PHASE 2","0810-0131000E","GUARDRAIL TERMINALS, NON-FLARED, TEST LEVEL 2","EACH",1,3000,3000,7]
[null,"2024-02-22",2024,"Q1","15498","2 ","I-5: AURORA DONALD INTERCHANGE (EXIT 278) PHASE 2","0810-0132000E","GUARDRAIL TERMINALS, FLARED, TEST LEVEL 2","EACH",1,3800,3800,1]
[null,"2024-02-22",2024,"Q1","15498","2 ","I-5: AURORA DONALD INTERCHANGE (EXIT 278) PHASE 2","0810-0132000E","GUARDRAIL TERMINALS, FLARED, TEST LEVEL 2","EACH",1,4400,4400,2]
[null,"2024-02-22",2024,"Q1","15498","2 ","I-5: AURORA DONALD INTERCHANGE (EXIT 278) PHASE 2","0810-0132000E","GUARDRAIL TERMINALS, FLARED, TEST LEVEL 2","EACH",1,4500,4500,3]
[null,"2024-02-22",2024,"Q1","15498","2 ","I-5: AURORA DONALD INTERCHANGE (EXIT 278) PHASE 2","0810-0132000E","GUARDRAIL TERMINALS, FLARED, TEST LEVEL 2","EACH",1,5000,5000,4]
[null,"2024-02-22",2024,"Q1","15498","2 ","I-5: AURORA DONALD INTERCHANGE (EXIT 278) PHASE 2","0810-0132000E","GUARDRAIL TERMINALS, FLARED, TEST LEVEL 2","EACH",1,3800,3800,5]
[null,"2024-02-22",2024,"Q1","15498","2 ","I-5: AURORA DONALD INTERCHANGE (EXIT 278) PHASE 2","0810-0132000E","GUARDRAIL TERMINALS, FLARED, TEST LEVEL 2","EACH",1,3850,3850,6]
[null,"2024-02-22",2024,"Q1","15498","2 ","I-5: AURORA DONALD INTERCHANGE (EXIT 278) PHASE 2","0810-0132000E","GUARDRAIL TERMINALS, FLARED, TEST LEVEL 2","EACH",1,3450,3450,7]
[null,"2024-02-22",2024,"Q1","15498","2 ","I-5: AURORA DONALD INTERCHANGE (EXIT 278) PHASE 2","0810-0132200E","GUARDRAIL TERMINALS, DOWNSTREAM ANCHOR TERMINAL","EACH",1,2300,2300,1]
[null,"2024-02-22",2024,"Q1","15498","2 ","I-5: AURORA DONALD INTERCHANGE (EXIT 278) PHASE 2","0810-0132200E","GUARDRAIL TERMINALS, DOWNSTREAM ANCHOR TERMINAL","EACH",1,1450,1450,2]
[null,"2024-02-22",2024,"Q1","15498","2 ","I-5: AURORA DONALD INTERCHANGE (EXIT 278) PHASE 2","0810-0132200E","GUARDRAIL TERMINALS, DOWNSTREAM ANCHOR TERMINAL","EACH",1,2500,2500,3]
[null,"2024-02-22",2024,"Q1","15498","2 ","I-5: AURORA DONALD INTERCHANGE (EXIT 278) PHASE 2","0810-0132200E","GUARDRAIL TERMINALS, DOWNSTREAM ANCHOR TERMINAL","EACH",1,4000,4000,4]
[null,"2024-02-22",2024,"Q1","15498","2 ","I-5: AURORA DONALD INTERCHANGE (EXIT 278) PHASE 2","0810-0132200E","GUARDRAIL TERMINALS, DOWNSTREAM ANCHOR TERMINAL","EACH",1,2200,2200,5]
[null,"2024-02-22",2024,"Q1","15498","2 ","I-5: AURORA DONALD INTERCHANGE (EXIT 278) PHASE 2","0810-0132200E","GUARDRAIL TERMINALS, DOWNSTREAM ANCHOR TERMINAL","EACH",1,1275,1275,6]
[null,"2024-02-22",2024,"Q1","15498","2 ","I-5: AURORA DONALD INTERCHANGE (EXIT 278) PHASE 2","0810-0132200E","GUARDRAIL TERMINALS, DOWNSTREAM ANCHOR TERMINAL","EACH",1,2000,2000,7]
[null,"2024-02-22",2024,"Q1","15498","2 ","I-5: AURORA DONALD INTERCHANGE (EXIT 278) PHASE 2","0810-0146100F","MIDWEST GUARDRAIL SYSTEM, TYPE 3","FOOT",12.5,76,950,1]
[null,"2024-02-22",2024,"Q1","15498","2 ","I-5: AURORA DONALD INTERCHANGE (EXIT 278) PHASE 2","0810-0146100F","MIDWEST GUARDRAIL SYSTEM, TYPE 2A","FOOT",1125,38,42750,1]
[null,"2024-02-22",2024,"Q1","15498","2 ","I-5: AURORA DONALD INTERCHANGE (EXIT 278) PHASE 2","0810-0146100F","MIDWEST GUARDRAIL SYSTEM, TYPE 3","FOOT",12.5,78,975,2]
[null,"2024-02-22",2024,"Q1","15498","2 ","I-5: AURORA DONALD INTERCHANGE (EXIT 278) PHASE 2","0810-0146100F","MIDWEST GUARDRAIL SYSTEM, TYPE 2A","FOOT",1125,38,42750,2]
[null,"2024-02-22",2024,"Q1","15498","2 ","I-5: AURORA DONALD INTERCHANGE (EXIT 278) PHASE 2","0810-0146100F","MIDWEST GUARDRAIL SYSTEM, TYPE 2A","FOOT",1125,42,47250,3]
[null,"2024-02-22",2024,"Q1","15498","2 ","I-5: AURORA DONALD INTERCHANGE (EXIT 278) PHASE 2","0810-0146100F","MIDWEST GUARDRAIL SYSTEM, TYPE 3","FOOT",12.5,85,1062.5,3]
[null,"2024-02-22",2024,"Q1","15498","2 ","I-5: AURORA DONALD INTERCHANGE (EXIT 278) PHASE 2","0810-0146100F","MIDWEST GUARDRAIL SYSTEM, TYPE 2A","FOOT",1125,45,50625,4]
[null,"2024-02-22",2024,"Q1","15498","2 ","I-5: AURORA DONALD INTERCHANGE (EXIT 278) PHASE 2","0810-0146100F","MIDWEST GUARDRAIL SYSTEM, TYPE 3","FOOT",12.5,85,1062.5,4]
[null,"2024-02-22",2024,"Q1","15498","2 ","I-5: AURORA DONALD INTERCHANGE (EXIT 278) PHASE 2","0810-0146100F","MIDWEST GUARDRAIL SYSTEM, TYPE 3","FOOT",12.5,76,950,5]
[null,"2024-02-22",2024,"Q1","15498","2 ","I-5: AURORA DONALD INTERCHANGE (EXIT 278) PHASE 2","0810-0146100F","MIDWEST GUARDRAIL SYSTEM, TYPE 2A","FOOT",1125,38,42750,5]
[null,"2024-02-22",2024,"Q1","15498","2 ","I-5: AURORA DONALD INTERCHANGE (EXIT 278) PHASE 2","0810-0146100F","MIDWEST GUARDRAIL SYSTEM, TYPE 3","FOOT",12.5,68,850,6]
[null,"2024-02-22",2024,"Q1","15498","2 ","I-5: AURORA DONALD INTERCHANGE (EXIT 278) PHASE 2","0810-0146100F","MIDWEST GUARDRAIL SYSTEM, TYPE 2A","FOOT",1125,33,37125,6]
[null,"2024-02-22",2024,"Q1","15498","2 ","I-5: AURORA DONALD INTERCHANGE (EXIT 278) PHASE 2","0810-0146100F","MIDWEST GUARDRAIL SYSTEM, TYPE 2A","FOOT",1125,30,33750,7]
[null,"2024-02-22",2024,"Q1","15498","2 ","I-5: AURORA DONALD INTERCHANGE (EXIT 278) PHASE 2","0810-0146100F","MIDWEST GUARDRAIL SYSTEM, TYPE 3","FOOT",12.5,70,875,7]
[null,"2024-02-22",2024,"Q1","15498","2 ","I-5: AURORA DONALD INTERCHANGE (EXIT 278) PHASE 2","0811-0101000F","CABLE BARRIER, TEST LEVEL 3","FOOT",5403,37,199911,1]
[null,"2024-02-22",2024,"Q1","15498","2 ","I-5: AURORA DONALD INTERCHANGE (EXIT 278) PHASE 2","0811-0101000F","CABLE BARRIER, TEST LEVEL 3","FOOT",5403,37,199911,2]
[null,"2024-02-22",2024,"Q1","15498","2 ","I-5: AURORA DONALD INTERCHANGE (EXIT 278) PHASE 2","0811-0101000F","CABLE BARRIER, TEST LEVEL 3","FOOT",5403,40,216120,3]
[null,"2024-02-22",2024,"Q1","15498","2 ","I-5: AURORA DONALD INTERCHANGE (EXIT 278) PHASE 2","0811-0101000F","CABLE BARRIER, TEST LEVEL 3","FOOT",5403,42,226926,4]
[null,"2024-02-22",2024,"Q1","15498","2 ","I-5: AURORA DONALD INTERCHANGE (EXIT 278) PHASE 2","0811-0101000F","CABLE BARRIER, TEST LEVEL 3","FOOT",5403,37,199911,5]
[null,"2024-02-22",2024,"Q1","15498","2 ","I-5: AURORA DONALD INTERCHANGE (EXIT 278) PHASE 2","0811-0101000F","CABLE BARRIER, TEST LEVEL 3","FOOT",5403,32,172896,6]
[null,"2024-02-22",2024,"Q1","15498","2 ","I-5: AURORA DONALD INTERCHANGE (EXIT 278) PHASE 2","0811-0101000F","CABLE BARRIER, TEST LEVEL 3","FOOT",5403,40,216120,7]
[null,"2024-02-22",2024,"Q1","15498","2 ","I-5: AURORA DONALD INTERCHANGE (EXIT 278) PHASE 2","0811-0103000E","CABLE BARRIER TERMINALS","EACH",8,6500,52000,1]
[null,"2024-02-22",2024,"Q1","15498","2 ","I-5: AURORA DONALD INTERCHANGE (EXIT 278) PHASE 2","0811-0103000E","CABLE BARRIER TERMINALS","EACH",8,7500,60000,2]
[null,"2024-02-22",2024,"Q1","15498","2 ","I-5: AURORA DONALD INTERCHANGE (EXIT 278) PHASE 2","0811-0103000E","CABLE BARRIER TERMINALS","EACH",8,7000,56000,3]
[null,"2024-02-22",2024,"Q1","15498","2 ","I-5: AURORA DONALD INTERCHANGE (EXIT 278) PHASE 2","0811-0103000E","CABLE BARRIER TERMINALS","EACH",8,8000,64000,4]
[null,"2024-02-22",2024,"Q1","15498","2 ","I-5: AURORA DONALD INTERCHANGE (EXIT 278) PHASE 2","0811-0103000E","CABLE BARRIER TERMINALS","EACH",8,6365,50920,5]
[null,"2024-02-22",2024,"Q1","15498","2 ","I-5: AURORA DONALD INTERCHANGE (EXIT 278) PHASE 2","0811-0103000E","CABLE BARRIER TERMINALS","EACH",8,6500,52000,6]
[null,"2024-02-22",2024,"Q1","15498","2 ","I-5: AURORA DONALD INTERCHANGE (EXIT 278) PHASE 2","0811-0103000E","CABLE BARRIER TERMINALS","EACH",8,6250,50000,7]
[null,"2024-02-22",2024,"Q1","15498","2 ","I-5: AURORA DONALD INTERCHANGE (EXIT 278) PHASE 2","0820-0100000F","CONCRETE BARRIER","FOOT",1837,133,244321,1]
[null,"2024-02-22",2024,"Q1","15498","2 ","I-5: AURORA DONALD INTERCHANGE (EXIT 278) PHASE 2","0820-0100000F","CONCRETE BARRIER","FOOT",1837,183,336171,2]
[null,"2024-02-22",2024,"Q1","15498","2 ","I-5: AURORA DONALD INTERCHANGE (EXIT 278) PHASE 2","0820-0100000F","CONCRETE BARRIER","FOOT",1837,160,293920,3]
[null,"2024-02-22",2024,"Q1","15498","2 ","I-5: AURORA DONALD INTERCHANGE (EXIT 278) PHASE 2","0820-0100000F","CONCRETE BARRIER","FOOT",1837,150,275550,4]
[null,"2024-02-22",2024,"Q1","15498","2 ","I-5: AURORA DONALD INTERCHANGE (EXIT 278) PHASE 2","0820-0100000F","CONCRETE BARRIER","FOOT",1837,133,244321,5]
[null,"2024-02-22",2024,"Q1","15498","2 ","I-5: AURORA DONALD INTERCHANGE (EXIT 278) PHASE 2","0820-0100000F","CONCRETE BARRIER","FOOT",1837,175,321475,6]
[null,"2024-02-22",2024,"Q1","15498","2 ","I-5: AURORA DONALD INTERCHANGE (EXIT 278) PHASE 2","0820-0100000F","CONCRETE BARRIER","FOOT",1837,133,244321,7]
[null,"2024-02-22",2024,"Q1","15498","2 ","I-5: AURORA DONALD INTERCHANGE (EXIT 278) PHASE 2","0820-0127000F","CONCRETE BARRIER, TALL","FOOT",3974,183,727242,1]
[null,"2024-02-22",2024,"Q1","15498","2 ","I-5: AURORA DONALD INTERCHANGE (EXIT 278) PHASE 2","0820-0127000F","CONCRETE BARRIER, TALL","FOOT",3974,218,866332,2]
[null,"2024-02-22",2024,"Q1","15498","2 ","I-5: AURORA DONALD INTERCHANGE (EXIT 278) PHASE 2","0820-0127000F","CONCRETE BARRIER, TALL","FOOT",3974,200,794800,3]
[null,"2024-02-22",2024,"Q1","15498","2 ","I-5: AURORA DONALD INTERCHANGE (EXIT 278) PHASE 2","0820-0127000F","CONCRETE BARRIER, TALL","FOOT",3974,200,794800,4]
[null,"2024-02-22",2024,"Q1","15498","2 ","I-5: AURORA DONALD INTERCHANGE (EXIT 278) PHASE 2","0820-0127000F","CONCRETE BARRIER, TALL","FOOT",3974,175,695450,5]
[null,"2024-02-22",2024,"Q1","15498","2 ","I-5: AURORA DONALD INTERCHANGE (EXIT 278) PHASE 2","0820-0127000F","CONCRETE BARRIER, TALL","FOOT",3974,200,794800,6]
[null,"2024-02-22",2024,"Q1","15498","2 ","I-5: AURORA DONALD INTERCHANGE (EXIT 278) PHASE 2","0820-0127000F","CONCRETE BARRIER, TALL","FOOT",3974,175,695450,7]
[null,"2024-02-22",2024,"Q1","15498","2 ","I-5: AURORA DONALD INTERCHANGE (EXIT 278) PHASE 2","0820-0400000F","SECURING CONCRETE BARRIER","FOOT",4257,39.199999999999996,166874.4,1]
[null,"2024-02-22",2024,"Q1","15498","2 ","I-5: AURORA DONALD INTERCHANGE (EXIT 278) PHASE 2","0820-0400000F","SECURING CONCRETE BARRIER","FOOT",4257,26,110682,2]
[null,"2024-02-22",2024,"Q1","15498","2 ","I-5: AURORA DONALD INTERCHANGE (EXIT 278) PHASE 2","0820-0400000F","SECURING CONCRETE BARRIER","FOOT",4257,45,191565,3]
[null,"2024-02-22",2024,"Q1","15498","2 ","I-5: AURORA DONALD INTERCHANGE (EXIT 278) PHASE 2","0820-0400000F","SECURING CONCRETE BARRIER","FOOT",4257,25,106425,4]
[null,"2024-02-22",2024,"Q1","15498","2 ","I-5: AURORA DONALD INTERCHANGE (EXIT 278) PHASE 2","0820-0400000F","SECURING CONCRETE BARRIER","FOOT",4257,39.19,166831.82999999999,5]
[null,"2024-02-22",2024,"Q1","15498","2 ","I-5: AURORA DONALD INTERCHANGE (EXIT 278) PHASE 2","0820-0400000F","SECURING CONCRETE BARRIER","FOOT",4257,23,97911,6]
[null,"2024-02-22",2024,"Q1","15498","2 ","I-5: AURORA DONALD INTERCHANGE (EXIT 278) PHASE 2","0820-0400000F","SECURING CONCRETE BARRIER","FOOT",4257,39.199999999999996,166874.4,7]
[null,"2024-02-22",2024,"Q1","15498","2 ","I-5: AURORA DONALD INTERCHANGE (EXIT 278) PHASE 2","0820-0510000F","REMOVE AND REINSTALL EXISTING CONCRETE BARRIER, TALL","FOOT",431,20,8620,1]
[null,"2024-02-22",2024,"Q1","15498","2 ","I-5: AURORA DONALD INTERCHANGE (EXIT 278) PHASE 2","0820-0510000F","REMOVE AND REINSTALL EXISTING CONCRETE BARRIER, TALL","FOOT",431,29,12499,2]
[null,"2024-02-22",2024,"Q1","15498","2 ","I-5: AURORA DONALD INTERCHANGE (EXIT 278) PHASE 2","0820-0510000F","REMOVE AND REINSTALL EXISTING CONCRETE BARRIER, TALL","FOOT",431,18,7758,3]
[null,"2024-02-22",2024,"Q1","15498","2 ","I-5: AURORA DONALD INTERCHANGE (EXIT 278) PHASE 2","0820-0510000F","REMOVE AND REINSTALL EXISTING CONCRETE BARRIER, TALL","FOOT",431,30,12930,4]
[null,"2024-02-22",2024,"Q1","15498","2 ","I-5: AURORA DONALD INTERCHANGE (EXIT 278) PHASE 2","0820-0510000F","REMOVE AND REINSTALL EXISTING CONCRETE BARRIER, TALL","FOOT",431,15,6465,5]
[null,"2024-02-22",2024,"Q1","15498","2 ","I-5: AURORA DONALD INTERCHANGE (EXIT 278) PHASE 2","0820-0510000F","REMOVE AND REINSTALL EXISTING CONCRETE BARRIER, TALL","FOOT",431,25,10775,6]
[null,"2024-02-22",2024,"Q1","15498","2 ","I-5: AURORA DONALD INTERCHANGE (EXIT 278) PHASE 2","0820-0510000F","REMOVE AND REINSTALL EXISTING CONCRETE BARRIER, TALL","FOOT",431,15,6465,7]
[null,"2024-02-22",2024,"Q1","15498","2 ","I-5: AURORA DONALD INTERCHANGE (EXIT 278) PHASE 2","0830-0123000E","IMPACT ATTENUATOR, TYPE J","EACH",2,50500,101000,1]
[null,"2024-02-22",2024,"Q1","15498","2 ","I-5: AURORA DONALD INTERCHANGE (EXIT 278) PHASE 2","0830-0123000E","IMPACT ATTENUATOR, TYPE J","EACH",2,50000,100000,2]
[null,"2024-02-22",2024,"Q1","15498","2 ","I-5: AURORA DONALD INTERCHANGE (EXIT 278) PHASE 2","0830-0123000E","IMPACT ATTENUATOR, TYPE J","EACH",2,50000,100000,3]
[null,"2024-02-22",2024,"Q1","15498","2 ","I-5: AURORA DONALD INTERCHANGE (EXIT 278) PHASE 2","0830-0123000E","IMPACT ATTENUATOR, TYPE J","EACH",2,40000,80000,4]
[null,"2024-02-22",2024,"Q1","15498","2 ","I-5: AURORA DONALD INTERCHANGE (EXIT 278) PHASE 2","0830-0123000E","IMPACT ATTENUATOR, TYPE J","EACH",2,37875,75750,5]
[null,"2024-02-22",2024,"Q1","15498","2 ","I-5: AURORA DONALD INTERCHANGE (EXIT 278) PHASE 2","0830-0123000E","IMPACT ATTENUATOR, TYPE J","EACH",2,45500,91000,6]
[null,"2024-02-22",2024,"Q1","15498","2 ","I-5: AURORA DONALD INTERCHANGE (EXIT 278) PHASE 2","0830-0123000E","IMPACT ATTENUATOR, TYPE J","EACH",2,39000,78000,7]
[null,"2024-02-22",2024,"Q1","15498","2 ","I-5: AURORA DONALD INTERCHANGE (EXIT 278) PHASE 2","0840-0100000E","DELINEATORS, TYPE 1","EACH",220,80,17600,1]
[null,"2024-02-22",2024,"Q1","15498","2 ","I-5: AURORA DONALD INTERCHANGE (EXIT 278) PHASE 2","0840-0100000E","DELINEATORS, TYPE 1","EACH",220,85,18700,2]
[null,"2024-02-22",2024,"Q1","15498","2 ","I-5: AURORA DONALD INTERCHANGE (EXIT 278) PHASE 2","0840-0100000E","DELINEATORS, TYPE 1","EACH",220,82,18040,3]
[null,"2024-02-22",2024,"Q1","15498","2 ","I-5: AURORA DONALD INTERCHANGE (EXIT 278) PHASE 2","0840-0100000E","DELINEATORS, TYPE 1","EACH",220,75,16500,4]
[null,"2024-02-22",2024,"Q1","15498","2 ","I-5: AURORA DONALD INTERCHANGE (EXIT 278) PHASE 2","0840-0100000E","DELINEATORS, TYPE 1","EACH",220,20,4400,5]
[null,"2024-02-22",2024,"Q1","15498","2 ","I-5: AURORA DONALD INTERCHANGE (EXIT 278) PHASE 2","0840-0100000E","DELINEATORS, TYPE 1","EACH",220,75,16500,6]
[null,"2024-02-22",2024,"Q1","15498","2 ","I-5: AURORA DONALD INTERCHANGE (EXIT 278) PHASE 2","0840-0100000E","DELINEATORS, TYPE 1","EACH",220,100,22000,7]
[null,"2024-02-22",2024,"Q1","15498","2 ","I-5: AURORA DONALD INTERCHANGE (EXIT 278) PHASE 2","0840-0104200E","DELINEATORS, TYPE 4  ALTERNATE 2","EACH",50,60,3000,1]
[null,"2024-02-22",2024,"Q1","15498","2 ","I-5: AURORA DONALD INTERCHANGE (EXIT 278) PHASE 2","0840-0104200E","DELINEATORS, TYPE 4  ALTERNATE 2","EACH",50,55,2750,2]
[null,"2024-02-22",2024,"Q1","15498","2 ","I-5: AURORA DONALD INTERCHANGE (EXIT 278) PHASE 2","0840-0104200E","DELINEATORS, TYPE 4  ALTERNATE 2","EACH",50,60,3000,3]
[null,"2024-02-22",2024,"Q1","15498","2 ","I-5: AURORA DONALD INTERCHANGE (EXIT 278) PHASE 2","0840-0104200E","DELINEATORS, TYPE 4  ALTERNATE 2","EACH",50,55,2750,4]
[null,"2024-02-22",2024,"Q1","15498","2 ","I-5: AURORA DONALD INTERCHANGE (EXIT 278) PHASE 2","0840-0104200E","DELINEATORS, TYPE 4  ALTERNATE 2","EACH",50,50,2500,5]
[null,"2024-02-22",2024,"Q1","15498","2 ","I-5: AURORA DONALD INTERCHANGE (EXIT 278) PHASE 2","0840-0104200E","DELINEATORS, TYPE 4  ALTERNATE 2","EACH",50,50,2500,6]
[null,"2024-02-22",2024,"Q1","15498","2 ","I-5: AURORA DONALD INTERCHANGE (EXIT 278) PHASE 2","0840-0104200E","DELINEATORS, TYPE 4  ALTERNATE 2","EACH",50,100,5000,7]
[null,"2024-02-22",2024,"Q1","15498","2 ","I-5: AURORA DONALD INTERCHANGE (EXIT 278) PHASE 2","0840-0105000E","DELINEATORS, TYPE 5","EACH",160,20,3200,1]
[null,"2024-02-22",2024,"Q1","15498","2 ","I-5: AURORA DONALD INTERCHANGE (EXIT 278) PHASE 2","0840-0105000E","DELINEATORS, TYPE 5","EACH",160,30,4800,2]
[null,"2024-02-22",2024,"Q1","15498","2 ","I-5: AURORA DONALD INTERCHANGE (EXIT 278) PHASE 2","0840-0105000E","DELINEATORS, TYPE 5","EACH",160,20,3200,3]
[null,"2024-02-22",2024,"Q1","15498","2 ","I-5: AURORA DONALD INTERCHANGE (EXIT 278) PHASE 2","0840-0105000E","DELINEATORS, TYPE 5","EACH",160,18,2880,4]
[null,"2024-02-22",2024,"Q1","15498","2 ","I-5: AURORA DONALD INTERCHANGE (EXIT 278) PHASE 2","0840-0105000E","DELINEATORS, TYPE 5","EACH",160,20,3200,5]
[null,"2024-02-22",2024,"Q1","15498","2 ","I-5: AURORA DONALD INTERCHANGE (EXIT 278) PHASE 2","0840-0105000E","DELINEATORS, TYPE 5","EACH",160,25,4000,6]
[null,"2024-02-22",2024,"Q1","15498","2 ","I-5: AURORA DONALD INTERCHANGE (EXIT 278) PHASE 2","0840-0105000E","DELINEATORS, TYPE 5","EACH",160,75,12000,7]
[null,"2024-02-22",2024,"Q1","15498","2 ","I-5: AURORA DONALD INTERCHANGE (EXIT 278) PHASE 2","0840-0106000E","MILEPOST MARKER POSTS","EACH",4,300,1200,1]
[null,"2024-02-22",2024,"Q1","15498","2 ","I-5: AURORA DONALD INTERCHANGE (EXIT 278) PHASE 2","0840-0106000E","MILEPOST MARKER POSTS","EACH",4,300,1200,2]
[null,"2024-02-22",2024,"Q1","15498","2 ","I-5: AURORA DONALD INTERCHANGE (EXIT 278) PHASE 2","0840-0106000E","MILEPOST MARKER POSTS","EACH",4,300,1200,3]
[null,"2024-02-22",2024,"Q1","15498","2 ","I-5: AURORA DONALD INTERCHANGE (EXIT 278) PHASE 2","0840-0106000E","MILEPOST MARKER POSTS","EACH",4,300,1200,4]
[null,"2024-02-22",2024,"Q1","15498","2 ","I-5: AURORA DONALD INTERCHANGE (EXIT 278) PHASE 2","0840-0106000E","MILEPOST MARKER POSTS","EACH",4,275,1100,5]
[null,"2024-02-22",2024,"Q1","15498","2 ","I-5: AURORA DONALD INTERCHANGE (EXIT 278) PHASE 2","0840-0106000E","MILEPOST MARKER POSTS","EACH",4,275,1100,6]
[null,"2024-02-22",2024,"Q1","15498","2 ","I-5: AURORA DONALD INTERCHANGE (EXIT 278) PHASE 2","0840-0106000E","MILEPOST MARKER POSTS","EACH",4,250,1000,7]
[null,"2024-02-22",2024,"Q1","15498","2 ","I-5: AURORA DONALD INTERCHANGE (EXIT 278) PHASE 2","0842-0101001E","FACILITY FIELD MARKERS, TYPE S1 GREEN","EACH",7,75,525,1]
[null,"2024-02-22",2024,"Q1","15498","2 ","I-5: AURORA DONALD INTERCHANGE (EXIT 278) PHASE 2","0842-0101001E","FACILITY FIELD MARKERS, TYPE S1 GREEN","EACH",7,170,1190,2]
[null,"2024-02-22",2024,"Q1","15498","2 ","I-5: AURORA DONALD INTERCHANGE (EXIT 278) PHASE 2","0842-0101001E","FACILITY FIELD MARKERS, TYPE S1 GREEN","EACH",7,80,560,3]
[null,"2024-02-22",2024,"Q1","15498","2 ","I-5: AURORA DONALD INTERCHANGE (EXIT 278) PHASE 2","0842-0101001E","FACILITY FIELD MARKERS, TYPE S1 GREEN","EACH",7,100,700,4]
[null,"2024-02-22",2024,"Q1","15498","2 ","I-5: AURORA DONALD INTERCHANGE (EXIT 278) PHASE 2","0842-0101001E","FACILITY FIELD MARKERS, TYPE S1 GREEN","EACH",7,75,525,5]
[null,"2024-02-22",2024,"Q1","15498","2 ","I-5: AURORA DONALD INTERCHANGE (EXIT 278) PHASE 2","0842-0101001E","FACILITY FIELD MARKERS, TYPE S1 GREEN","EACH",7,150,1050,6]
[null,"2024-02-22",2024,"Q1","15498","2 ","I-5: AURORA DONALD INTERCHANGE (EXIT 278) PHASE 2","0842-0101001E","FACILITY FIELD MARKERS, TYPE S1 GREEN","EACH",7,150,1050,7]
[null,"2024-02-22",2024,"Q1","15498","2 ","I-5: AURORA DONALD INTERCHANGE (EXIT 278) PHASE 2","0842-0102001E","FACILITY FIELD MARKERS, TYPE S1 RED","EACH",7,75,525,1]
[null,"2024-02-22",2024,"Q1","15498","2 ","I-5: AURORA DONALD INTERCHANGE (EXIT 278) PHASE 2","0842-0102001E","FACILITY FIELD MARKERS, TYPE S1 RED","EACH",7,170,1190,2]
[null,"2024-02-22",2024,"Q1","15498","2 ","I-5: AURORA DONALD INTERCHANGE (EXIT 278) PHASE 2","0842-0102001E","FACILITY FIELD MARKERS, TYPE S1 RED","EACH",7,80,560,3]
[null,"2024-02-22",2024,"Q1","15498","2 ","I-5: AURORA DONALD INTERCHANGE (EXIT 278) PHASE 2","0842-0102001E","FACILITY FIELD MARKERS, TYPE S1 RED","EACH",7,100,700,4]
[null,"2024-02-22",2024,"Q1","15498","2 ","I-5: AURORA DONALD INTERCHANGE (EXIT 278) PHASE 2","0842-0102001E","FACILITY FIELD MARKERS, TYPE S1 RED","EACH",7,75,525,5]
[null,"2024-02-22",2024,"Q1","15498","2 ","I-5: AURORA DONALD INTERCHANGE (EXIT 278) PHASE 2","0842-0102001E","FACILITY FIELD MARKERS, TYPE S1 RED","EACH",7,150,1050,6]
[null,"2024-02-22",2024,"Q1","15498","2 ","I-5: AURORA DONALD INTERCHANGE (EXIT 278) PHASE 2","0842-0102001E","FACILITY FIELD MARKERS, TYPE S1 RED","EACH",7,150,1050,7]
[null,"2024-02-22",2024,"Q1","15498","2 ","I-5: AURORA DONALD INTERCHANGE (EXIT 278) PHASE 2","0842-0103001E","FACILITY FIELD MARKERS, TYPE S2","EACH",14,150,2100,1]
[null,"2024-02-22",2024,"Q1","15498","2 ","I-5: AURORA DONALD INTERCHANGE (EXIT 278) PHASE 2","0842-0103001E","FACILITY FIELD MARKERS, TYPE S2","EACH",14,230,3220,2]
[null,"2024-02-22",2024,"Q1","15498","2 ","I-5: AURORA DONALD INTERCHANGE (EXIT 278) PHASE 2","0842-0103001E","FACILITY FIELD MARKERS, TYPE S2","EACH",14,165,2310,3]
[null,"2024-02-22",2024,"Q1","15498","2 ","I-5: AURORA DONALD INTERCHANGE (EXIT 278) PHASE 2","0842-0103001E","FACILITY FIELD MARKERS, TYPE S2","EACH",14,150,2100,4]
[null,"2024-02-22",2024,"Q1","15498","2 ","I-5: AURORA DONALD INTERCHANGE (EXIT 278) PHASE 2","0842-0103001E","FACILITY FIELD MARKERS, TYPE S2","EACH",14,150,2100,5]
[null,"2024-02-22",2024,"Q1","15498","2 ","I-5: AURORA DONALD INTERCHANGE (EXIT 278) PHASE 2","0842-0103001E","FACILITY FIELD MARKERS, TYPE S2","EACH",14,200,2800,6]
[null,"2024-02-22",2024,"Q1","15498","2 ","I-5: AURORA DONALD INTERCHANGE (EXIT 278) PHASE 2","0842-0103001E","FACILITY FIELD MARKERS, TYPE S2","EACH",14,225,3150,7]
[null,"2024-02-22",2024,"Q1","15498","2 ","I-5: AURORA DONALD INTERCHANGE (EXIT 278) PHASE 2","0842-0104001E","FACILITY FIELD MARKERS, TYPE S3","EACH",2,80,160,1]
[null,"2024-02-22",2024,"Q1","15498","2 ","I-5: AURORA DONALD INTERCHANGE (EXIT 278) PHASE 2","0842-0104001E","FACILITY FIELD MARKERS, TYPE S3","EACH",2,230,460,2]
[null,"2024-02-22",2024,"Q1","15498","2 ","I-5: AURORA DONALD INTERCHANGE (EXIT 278) PHASE 2","0842-0104001E","FACILITY FIELD MARKERS, TYPE S3","EACH",2,275,550,3]
[null,"2024-02-22",2024,"Q1","15498","2 ","I-5: AURORA DONALD INTERCHANGE (EXIT 278) PHASE 2","0842-0104001E","FACILITY FIELD MARKERS, TYPE S3","EACH",2,125,250,4]
[null,"2024-02-22",2024,"Q1","15498","2 ","I-5: AURORA DONALD INTERCHANGE (EXIT 278) PHASE 2","0842-0104001E","FACILITY FIELD MARKERS, TYPE S3","EACH",2,250,500,5]
[null,"2024-02-22",2024,"Q1","15498","2 ","I-5: AURORA DONALD INTERCHANGE (EXIT 278) PHASE 2","0842-0104001E","FACILITY FIELD MARKERS, TYPE S3","EACH",2,200,400,6]
[null,"2024-02-22",2024,"Q1","15498","2 ","I-5: AURORA DONALD INTERCHANGE (EXIT 278) PHASE 2","0842-0104001E","FACILITY FIELD MARKERS, TYPE S3","EACH",2,250,500,7]
[null,"2024-02-22",2024,"Q1","15498","2 ","I-5: AURORA DONALD INTERCHANGE (EXIT 278) PHASE 2","0842-0401000E","BRIDGE IDENTIFICATION MARKERS","EACH",2,250,500,1]
[null,"2024-02-22",2024,"Q1","15498","2 ","I-5: AURORA DONALD INTERCHANGE (EXIT 278) PHASE 2","0842-0401000E","BRIDGE IDENTIFICATION MARKERS","EACH",2,230,460,2]
[null,"2024-02-22",2024,"Q1","15498","2 ","I-5: AURORA DONALD INTERCHANGE (EXIT 278) PHASE 2","0842-0401000E","BRIDGE IDENTIFICATION MARKERS","EACH",2,275,550,3]
[null,"2024-02-22",2024,"Q1","15498","2 ","I-5: AURORA DONALD INTERCHANGE (EXIT 278) PHASE 2","0842-0401000E","BRIDGE IDENTIFICATION MARKERS","EACH",2,300,600,4]
[null,"2024-02-22",2024,"Q1","15498","2 ","I-5: AURORA DONALD INTERCHANGE (EXIT 278) PHASE 2","0842-0401000E","BRIDGE IDENTIFICATION MARKERS","EACH",2,250,500,5]
[null,"2024-02-22",2024,"Q1","15498","2 ","I-5: AURORA DONALD INTERCHANGE (EXIT 278) PHASE 2","0842-0401000E","BRIDGE IDENTIFICATION MARKERS","EACH",2,200,400,6]
[null,"2024-02-22",2024,"Q1","15498","2 ","I-5: AURORA DONALD INTERCHANGE (EXIT 278) PHASE 2","0842-0401000E","BRIDGE IDENTIFICATION MARKERS","EACH",2,350,700,7]
[null,"2024-02-22",2024,"Q1","15498","2 ","I-5: AURORA DONALD INTERCHANGE (EXIT 278) PHASE 2","0855-0100100E","MONO-DIRECTIONAL WHITE TYPE I MARKERS","EACH",140,8.25,1155,1]
[null,"2024-02-22",2024,"Q1","15498","2 ","I-5: AURORA DONALD INTERCHANGE (EXIT 278) PHASE 2","0855-0100100E","MONO-DIRECTIONAL WHITE TYPE I MARKERS","EACH",140,9,1260,2]
[null,"2024-02-22",2024,"Q1","15498","2 ","I-5: AURORA DONALD INTERCHANGE (EXIT 278) PHASE 2","0855-0100100E","MONO-DIRECTIONAL WHITE TYPE I MARKERS","EACH",140,10,1400,3]
[null,"2024-02-22",2024,"Q1","15498","2 ","I-5: AURORA DONALD INTERCHANGE (EXIT 278) PHASE 2","0855-0100100E","MONO-DIRECTIONAL WHITE TYPE I MARKERS","EACH",140,8.25,1155,4]
[null,"2024-02-22",2024,"Q1","15498","2 ","I-5: AURORA DONALD INTERCHANGE (EXIT 278) PHASE 2","0855-0100100E","MONO-DIRECTIONAL WHITE TYPE I MARKERS","EACH",140,8.25,1155,5]
[null,"2024-02-22",2024,"Q1","15498","2 ","I-5: AURORA DONALD INTERCHANGE (EXIT 278) PHASE 2","0855-0100100E","MONO-DIRECTIONAL WHITE TYPE I MARKERS","EACH",140,8.25,1155,6]
[null,"2024-02-22",2024,"Q1","15498","2 ","I-5: AURORA DONALD INTERCHANGE (EXIT 278) PHASE 2","0855-0100100E","MONO-DIRECTIONAL WHITE TYPE I MARKERS","EACH",140,8.25,1155,7]
[null,"2024-02-22",2024,"Q1","15498","2 ","I-5: AURORA DONALD INTERCHANGE (EXIT 278) PHASE 2","0855-0102100E","BI-DIRECTIONAL YELLOW TYPE I MARKERS","EACH",320,8.5,2720,1]
[null,"2024-02-22",2024,"Q1","15498","2 ","I-5: AURORA DONALD INTERCHANGE (EXIT 278) PHASE 2","0855-0102100E","BI-DIRECTIONAL YELLOW TYPE I MARKERS","EACH",320,9,2880,2]
[null,"2024-02-22",2024,"Q1","15498","2 ","I-5: AURORA DONALD INTERCHANGE (EXIT 278) PHASE 2","0855-0102100E","BI-DIRECTIONAL YELLOW TYPE I MARKERS","EACH",320,10,3200,3]
[null,"2024-02-22",2024,"Q1","15498","2 ","I-5: AURORA DONALD INTERCHANGE (EXIT 278) PHASE 2","0855-0102100E","BI-DIRECTIONAL YELLOW TYPE I MARKERS","EACH",320,8.25,2640,4]
[null,"2024-02-22",2024,"Q1","15498","2 ","I-5: AURORA DONALD INTERCHANGE (EXIT 278) PHASE 2","0855-0102100E","BI-DIRECTIONAL YELLOW TYPE I MARKERS","EACH",320,8.25,2640,5]
[null,"2024-02-22",2024,"Q1","15498","2 ","I-5: AURORA DONALD INTERCHANGE (EXIT 278) PHASE 2","0855-0102100E","BI-DIRECTIONAL YELLOW TYPE I MARKERS","EACH",320,8.25,2640,6]
[null,"2024-02-22",2024,"Q1","15498","2 ","I-5: AURORA DONALD INTERCHANGE (EXIT 278) PHASE 2","0855-0102100E","BI-DIRECTIONAL YELLOW TYPE I MARKERS","EACH",320,8.25,2640,7]
[null,"2024-02-22",2024,"Q1","15498","2 ","I-5: AURORA DONALD INTERCHANGE (EXIT 278) PHASE 2","0855-0106100E","MONO-DIRECTIONAL WHITE TYPE IAR MARKERS, RECESSED","EACH",620,16.5,10230,1]
[null,"2024-02-22",2024,"Q1","15498","2 ","I-5: AURORA DONALD INTERCHANGE (EXIT 278) PHASE 2","0855-0106100E","MONO-DIRECTIONAL WHITE TYPE IAR MARKERS, RECESSED","EACH",620,18,11160,2]
[null,"2024-02-22",2024,"Q1","15498","2 ","I-5: AURORA DONALD INTERCHANGE (EXIT 278) PHASE 2","0855-0106100E","MONO-DIRECTIONAL WHITE TYPE IAR MARKERS, RECESSED","EACH",620,20,12400,3]
[null,"2024-02-22",2024,"Q1","15498","2 ","I-5: AURORA DONALD INTERCHANGE (EXIT 278) PHASE 2","0855-0106100E","MONO-DIRECTIONAL WHITE TYPE IAR MARKERS, RECESSED","EACH",620,16.5,10230,4]
[null,"2024-02-22",2024,"Q1","15498","2 ","I-5: AURORA DONALD INTERCHANGE (EXIT 278) PHASE 2","0855-0106100E","MONO-DIRECTIONAL WHITE TYPE IAR MARKERS, RECESSED","EACH",620,16.5,10230,5]
[null,"2024-02-22",2024,"Q1","15498","2 ","I-5: AURORA DONALD INTERCHANGE (EXIT 278) PHASE 2","0855-0106100E","MONO-DIRECTIONAL WHITE TYPE IAR MARKERS, RECESSED","EACH",620,16.5,10230,6]
[null,"2024-02-22",2024,"Q1","15498","2 ","I-5: AURORA DONALD INTERCHANGE (EXIT 278) PHASE 2","0855-0106100E","MONO-DIRECTIONAL WHITE TYPE IAR MARKERS, RECESSED","EACH",620,16.5,10230,7]
[null,"2024-02-22",2024,"Q1","15498","2 ","I-5: AURORA DONALD INTERCHANGE (EXIT 278) PHASE 2","0856-0101000E","PERMANENT SURFACE MOUNTED TUBULAR MARKERS","EACH",30,250,7500,1]
[null,"2024-02-22",2024,"Q1","15498","2 ","I-5: AURORA DONALD INTERCHANGE (EXIT 278) PHASE 2","0856-0101000E","PERMANENT SURFACE MOUNTED TUBULAR MARKERS","EACH",30,280,8400,2]
[null,"2024-02-22",2024,"Q1","15498","2 ","I-5: AURORA DONALD INTERCHANGE (EXIT 278) PHASE 2","0856-0101000E","PERMANENT SURFACE MOUNTED TUBULAR MARKERS","EACH",30,275,8250,3]
[null,"2024-02-22",2024,"Q1","15498","2 ","I-5: AURORA DONALD INTERCHANGE (EXIT 278) PHASE 2","0856-0101000E","PERMANENT SURFACE MOUNTED TUBULAR MARKERS","EACH",30,150,4500,4]
[null,"2024-02-22",2024,"Q1","15498","2 ","I-5: AURORA DONALD INTERCHANGE (EXIT 278) PHASE 2","0856-0101000E","PERMANENT SURFACE MOUNTED TUBULAR MARKERS","EACH",30,250,7500,5]
[null,"2024-02-22",2024,"Q1","15498","2 ","I-5: AURORA DONALD INTERCHANGE (EXIT 278) PHASE 2","0856-0101000E","PERMANENT SURFACE MOUNTED TUBULAR MARKERS","EACH",30,250,7500,6]
[null,"2024-02-22",2024,"Q1","15498","2 ","I-5: AURORA DONALD INTERCHANGE (EXIT 278) PHASE 2","0856-0101000E","PERMANENT SURFACE MOUNTED TUBULAR MARKERS","EACH",30,250,7500,7]
[null,"2024-02-22",2024,"Q1","15498","2 ","I-5: AURORA DONALD INTERCHANGE (EXIT 278) PHASE 2","0857-0101000L","CONTINUOUS RUMBLE STRIPS","MILE",1.2,4000,4800,1]
[null,"2024-02-22",2024,"Q1","15498","2 ","I-5: AURORA DONALD INTERCHANGE (EXIT 278) PHASE 2","0857-0101000L","CONTINUOUS RUMBLE STRIPS","MILE",1.2,4000,4800,2]
[null,"2024-02-22",2024,"Q1","15498","2 ","I-5: AURORA DONALD INTERCHANGE (EXIT 278) PHASE 2","0857-0101000L","CONTINUOUS RUMBLE STRIPS","MILE",1.2,3500,4200,3]
[null,"2024-02-22",2024,"Q1","15498","2 ","I-5: AURORA DONALD INTERCHANGE (EXIT 278) PHASE 2","0857-0101000L","CONTINUOUS RUMBLE STRIPS","MILE",1.2,3500,4200,4]
[null,"2024-02-22",2024,"Q1","15498","2 ","I-5: AURORA DONALD INTERCHANGE (EXIT 278) PHASE 2","0857-0101000L","CONTINUOUS RUMBLE STRIPS","MILE",1.2,3500,4200,5]
[null,"2024-02-22",2024,"Q1","15498","2 ","I-5: AURORA DONALD INTERCHANGE (EXIT 278) PHASE 2","0857-0101000L","CONTINUOUS RUMBLE STRIPS","MILE",1.2,3500,4200,6]
[null,"2024-02-22",2024,"Q1","15498","2 ","I-5: AURORA DONALD INTERCHANGE (EXIT 278) PHASE 2","0857-0101000L","CONTINUOUS RUMBLE STRIPS","MILE",1.2,3500,4200,7]
[null,"2024-02-22",2024,"Q1","15498","2 ","I-5: AURORA DONALD INTERCHANGE (EXIT 278) PHASE 2","0857-0101500L","GAP PATTERN RUMBLE STRIPS","MILE",1.55,3200,4960,1]
[null,"2024-02-22",2024,"Q1","15498","2 ","I-5: AURORA DONALD INTERCHANGE (EXIT 278) PHASE 2","0857-0101500L","GAP PATTERN RUMBLE STRIPS","MILE",1.55,3200,4960,2]
[null,"2024-02-22",2024,"Q1","15498","2 ","I-5: AURORA DONALD INTERCHANGE (EXIT 278) PHASE 2","0857-0101500L","GAP PATTERN RUMBLE STRIPS","MILE",1.55,3000,4650,3]
[null,"2024-02-22",2024,"Q1","15498","2 ","I-5: AURORA DONALD INTERCHANGE (EXIT 278) PHASE 2","0857-0101500L","GAP PATTERN RUMBLE STRIPS","MILE",1.55,2800,4340,4]
[null,"2024-02-22",2024,"Q1","15498","2 ","I-5: AURORA DONALD INTERCHANGE (EXIT 278) PHASE 2","0857-0101500L","GAP PATTERN RUMBLE STRIPS","MILE",1.55,2800,4340,5]
[null,"2024-02-22",2024,"Q1","15498","2 ","I-5: AURORA DONALD INTERCHANGE (EXIT 278) PHASE 2","0857-0101500L","GAP PATTERN RUMBLE STRIPS","MILE",1.55,2800,4340,6]
[null,"2024-02-22",2024,"Q1","15498","2 ","I-5: AURORA DONALD INTERCHANGE (EXIT 278) PHASE 2","0857-0101500L","GAP PATTERN RUMBLE STRIPS","MILE",1.55,2800,4340,7]
[null,"2024-02-22",2024,"Q1","15498","2 ","I-5: AURORA DONALD INTERCHANGE (EXIT 278) PHASE 2","0865-0116600F","THERMOPLASTIC, EXTRUDED, SURFACE, PROFILED","FOOT",48100,1.45,69745,1]
[null,"2024-02-22",2024,"Q1","15498","2 ","I-5: AURORA DONALD INTERCHANGE (EXIT 278) PHASE 2","0865-0116600F","THERMOPLASTIC, EXTRUDED, SURFACE, PROFILED","FOOT",48100,1.6,76960,2]
[null,"2024-02-22",2024,"Q1","15498","2 ","I-5: AURORA DONALD INTERCHANGE (EXIT 278) PHASE 2","0865-0116600F","THERMOPLASTIC, EXTRUDED, SURFACE, PROFILED","FOOT",48100,1.5,72150,3]
[null,"2024-02-22",2024,"Q1","15498","2 ","I-5: AURORA DONALD INTERCHANGE (EXIT 278) PHASE 2","0865-0116600F","THERMOPLASTIC, EXTRUDED, SURFACE, PROFILED","FOOT",48100,1.45,69745,4]
[null,"2024-02-22",2024,"Q1","15498","2 ","I-5: AURORA DONALD INTERCHANGE (EXIT 278) PHASE 2","0865-0116600F","THERMOPLASTIC, EXTRUDED, SURFACE, PROFILED","FOOT",48100,1.45,69745,5]
[null,"2024-02-22",2024,"Q1","15498","2 ","I-5: AURORA DONALD INTERCHANGE (EXIT 278) PHASE 2","0865-0116600F","THERMOPLASTIC, EXTRUDED, SURFACE, PROFILED","FOOT",48100,1.5,72150,6]
[null,"2024-02-22",2024,"Q1","15498","2 ","I-5: AURORA DONALD INTERCHANGE (EXIT 278) PHASE 2","0865-0116600F","THERMOPLASTIC, EXTRUDED, SURFACE, PROFILED","FOOT",48100,1.45,69745,7]
[null,"2024-02-22",2024,"Q1","15498","2 ","I-5: AURORA DONALD INTERCHANGE (EXIT 278) PHASE 2","0865-0207000F","THERMOPLASTIC, WET WEATHER, GROOVED, NON-PROFILED","FOOT",38000,2.5,95000,1]
[null,"2024-02-22",2024,"Q1","15498","2 ","I-5: AURORA DONALD INTERCHANGE (EXIT 278) PHASE 2","0865-0207000F","THERMOPLASTIC, WET WEATHER, GROOVED, NON-PROFILED","FOOT",38000,2.8,106400,2]
[null,"2024-02-22",2024,"Q1","15498","2 ","I-5: AURORA DONALD INTERCHANGE (EXIT 278) PHASE 2","0865-0207000F","THERMOPLASTIC, WET WEATHER, GROOVED, NON-PROFILED","FOOT",38000,2.5,95000,3]
[null,"2024-02-22",2024,"Q1","15498","2 ","I-5: AURORA DONALD INTERCHANGE (EXIT 278) PHASE 2","0865-0207000F","THERMOPLASTIC, WET WEATHER, GROOVED, NON-PROFILED","FOOT",38000,2.48,94240,4]
[null,"2024-02-22",2024,"Q1","15498","2 ","I-5: AURORA DONALD INTERCHANGE (EXIT 278) PHASE 2","0865-0207000F","THERMOPLASTIC, WET WEATHER, GROOVED, NON-PROFILED","FOOT",38000,2.48,94240,5]
[null,"2024-02-22",2024,"Q1","15498","2 ","I-5: AURORA DONALD INTERCHANGE (EXIT 278) PHASE 2","0865-0207000F","THERMOPLASTIC, WET WEATHER, GROOVED, NON-PROFILED","FOOT",38000,2.5,95000,6]
[null,"2024-02-22",2024,"Q1","15498","2 ","I-5: AURORA DONALD INTERCHANGE (EXIT 278) PHASE 2","0865-0207000F","THERMOPLASTIC, WET WEATHER, GROOVED, NON-PROFILED","FOOT",38000,2.48,94240,7]
[null,"2024-02-22",2024,"Q1","15498","2 ","I-5: AURORA DONALD INTERCHANGE (EXIT 278) PHASE 2","0867-0103000E","PAVEMENT LEGEND, TYPE B: ARROWS","EACH",53,500,26500,1]
[null,"2024-02-22",2024,"Q1","15498","2 ","I-5: AURORA DONALD INTERCHANGE (EXIT 278) PHASE 2","0867-0103000E","PAVEMENT LEGEND, TYPE B: ARROWS","EACH",53,570,30210,2]
[null,"2024-02-22",2024,"Q1","15498","2 ","I-5: AURORA DONALD INTERCHANGE (EXIT 278) PHASE 2","0867-0103000E","PAVEMENT LEGEND, TYPE B: ARROWS","EACH",53,550,29150,3]
[null,"2024-02-22",2024,"Q1","15498","2 ","I-5: AURORA DONALD INTERCHANGE (EXIT 278) PHASE 2","0867-0103000E","PAVEMENT LEGEND, TYPE B: ARROWS","EACH",53,500,26500,4]
[null,"2024-02-22",2024,"Q1","15498","2 ","I-5: AURORA DONALD INTERCHANGE (EXIT 278) PHASE 2","0867-0103000E","PAVEMENT LEGEND, TYPE B: ARROWS","EACH",53,500,26500,5]
[null,"2024-02-22",2024,"Q1","15498","2 ","I-5: AURORA DONALD INTERCHANGE (EXIT 278) PHASE 2","0867-0103000E","PAVEMENT LEGEND, TYPE B: ARROWS","EACH",53,500,26500,6]
[null,"2024-02-22",2024,"Q1","15498","2 ","I-5: AURORA DONALD INTERCHANGE (EXIT 278) PHASE 2","0867-0103000E","PAVEMENT LEGEND, TYPE B: ARROWS","EACH",53,500,26500,7]
[null,"2024-02-22",2024,"Q1","15498","2 ","I-5: AURORA DONALD INTERCHANGE (EXIT 278) PHASE 2","0867-0145100J","PAVEMENT BAR, TYPE B-HS","SQFT",1600,13.5,21600,1]
[null,"2024-02-22",2024,"Q1","15498","2 ","I-5: AURORA DONALD INTERCHANGE (EXIT 278) PHASE 2","0867-0145100J","PAVEMENT BAR, TYPE B-HS","SQFT",1600,15,24000,2]
[null,"2024-02-22",2024,"Q1","15498","2 ","I-5: AURORA DONALD INTERCHANGE (EXIT 278) PHASE 2","0867-0145100J","PAVEMENT BAR, TYPE B-HS","SQFT",1600,15,24000,3]
[null,"2024-02-22",2024,"Q1","15498","2 ","I-5: AURORA DONALD INTERCHANGE (EXIT 278) PHASE 2","0867-0145100J","PAVEMENT BAR, TYPE B-HS","SQFT",1600,13.5,21600,4]
[null,"2024-02-22",2024,"Q1","15498","2 ","I-5: AURORA DONALD INTERCHANGE (EXIT 278) PHASE 2","0867-0145100J","PAVEMENT BAR, TYPE B-HS","SQFT",1600,13.5,21600,5]
[null,"2024-02-22",2024,"Q1","15498","2 ","I-5: AURORA DONALD INTERCHANGE (EXIT 278) PHASE 2","0867-0145100J","PAVEMENT BAR, TYPE B-HS","SQFT",1600,13.5,21600,6]
[null,"2024-02-22",2024,"Q1","15498","2 ","I-5: AURORA DONALD INTERCHANGE (EXIT 278) PHASE 2","0867-0145100J","PAVEMENT BAR, TYPE B-HS","SQFT",1600,13.5,21600,7]
[null,"2024-02-22",2024,"Q1","15498","2 ","I-5: AURORA DONALD INTERCHANGE (EXIT 278) PHASE 2","0867-0169000E","PAVEMENT LEGEND, TYPE B: YIELD LINE TRIANGLE","EACH",20,85,1700,1]
[null,"2024-02-22",2024,"Q1","15498","2 ","I-5: AURORA DONALD INTERCHANGE (EXIT 278) PHASE 2","0867-0169000E","PAVEMENT LEGEND, TYPE B: YIELD LINE TRIANGLE","EACH",20,97,1940,2]
[null,"2024-02-22",2024,"Q1","15498","2 ","I-5: AURORA DONALD INTERCHANGE (EXIT 278) PHASE 2","0867-0169000E","PAVEMENT LEGEND, TYPE B: YIELD LINE TRIANGLE","EACH",20,100,2000,3]
[null,"2024-02-22",2024,"Q1","15498","2 ","I-5: AURORA DONALD INTERCHANGE (EXIT 278) PHASE 2","0867-0169000E","PAVEMENT LEGEND, TYPE B: YIELD LINE TRIANGLE","EACH",20,85,1700,4]
[null,"2024-02-22",2024,"Q1","15498","2 ","I-5: AURORA DONALD INTERCHANGE (EXIT 278) PHASE 2","0867-0169000E","PAVEMENT LEGEND, TYPE B: YIELD LINE TRIANGLE","EACH",20,85,1700,5]
[null,"2024-02-22",2024,"Q1","15498","2 ","I-5: AURORA DONALD INTERCHANGE (EXIT 278) PHASE 2","0867-0169000E","PAVEMENT LEGEND, TYPE B: YIELD LINE TRIANGLE","EACH",20,85,1700,6]
[null,"2024-02-22",2024,"Q1","15498","2 ","I-5: AURORA DONALD INTERCHANGE (EXIT 278) PHASE 2","0867-0169000E","PAVEMENT LEGEND, TYPE B: YIELD LINE TRIANGLE","EACH",20,85,1700,7]
[null,"2024-02-22",2024,"Q1","15498","2 ","I-5: AURORA DONALD INTERCHANGE (EXIT 278) PHASE 2","0902-0101000E","CROSSWALK CLOSURE SUPPORTS","EACH",10,1250,12500,1]
[null,"2024-02-22",2024,"Q1","15498","2 ","I-5: AURORA DONALD INTERCHANGE (EXIT 278) PHASE 2","0902-0101000E","CROSSWALK CLOSURE SUPPORTS","EACH",10,1300,13000,2]
[null,"2024-02-22",2024,"Q1","15498","2 ","I-5: AURORA DONALD INTERCHANGE (EXIT 278) PHASE 2","0902-0101000E","CROSSWALK CLOSURE SUPPORTS","EACH",10,1300,13000,3]
[null,"2024-02-22",2024,"Q1","15498","2 ","I-5: AURORA DONALD INTERCHANGE (EXIT 278) PHASE 2","0902-0101000E","CROSSWALK CLOSURE SUPPORTS","EACH",10,1200,12000,4]
[null,"2024-02-22",2024,"Q1","15498","2 ","I-5: AURORA DONALD INTERCHANGE (EXIT 278) PHASE 2","0902-0101000E","CROSSWALK CLOSURE SUPPORTS","EACH",10,1200,12000,5]
[null,"2024-02-22",2024,"Q1","15498","2 ","I-5: AURORA DONALD INTERCHANGE (EXIT 278) PHASE 2","0902-0101000E","CROSSWALK CLOSURE SUPPORTS","EACH",10,1150,11500,6]
[null,"2024-02-22",2024,"Q1","15498","2 ","I-5: AURORA DONALD INTERCHANGE (EXIT 278) PHASE 2","0902-0101000E","CROSSWALK CLOSURE SUPPORTS","EACH",10,1100,11000,7]
[null,"2024-02-22",2024,"Q1","15498","2 ","I-5: AURORA DONALD INTERCHANGE (EXIT 278) PHASE 2","0905-0100000A","REMOVE EXISTING SIGNS","LS",1,20000,20000,1]
[null,"2024-02-22",2024,"Q1","15498","2 ","I-5: AURORA DONALD INTERCHANGE (EXIT 278) PHASE 2","0905-0100000A","REMOVE EXISTING SIGNS","LS",1,12000,12000,2]
[null,"2024-02-22",2024,"Q1","15498","2 ","I-5: AURORA DONALD INTERCHANGE (EXIT 278) PHASE 2","0905-0100000A","REMOVE EXISTING SIGNS","LS",1,20000,20000,3]
[null,"2024-02-22",2024,"Q1","15498","2 ","I-5: AURORA DONALD INTERCHANGE (EXIT 278) PHASE 2","0905-0100000A","REMOVE EXISTING SIGNS","LS",1,25000,25000,4]
[null,"2024-02-22",2024,"Q1","15498","2 ","I-5: AURORA DONALD INTERCHANGE (EXIT 278) PHASE 2","0905-0100000A","REMOVE EXISTING SIGNS","LS",1,19500,19500,5]
[null,"2024-02-22",2024,"Q1","15498","2 ","I-5: AURORA DONALD INTERCHANGE (EXIT 278) PHASE 2","0905-0100000A","REMOVE EXISTING SIGNS","LS",1,10500,10500,6]
[null,"2024-02-22",2024,"Q1","15498","2 ","I-5: AURORA DONALD INTERCHANGE (EXIT 278) PHASE 2","0905-0100000A","REMOVE EXISTING SIGNS","LS",1,8220,8220,7]
[null,"2024-02-22",2024,"Q1","15498","2 ","I-5: AURORA DONALD INTERCHANGE (EXIT 278) PHASE 2","0905-0101000A","REMOVE AND REINSTALL EXISTING SIGNS","LS",1,10000,10000,1]
[null,"2024-02-22",2024,"Q1","15498","2 ","I-5: AURORA DONALD INTERCHANGE (EXIT 278) PHASE 2","0905-0101000A","REMOVE AND REINSTALL EXISTING SIGNS","LS",1,2300,2300,2]
[null,"2024-02-22",2024,"Q1","15498","2 ","I-5: AURORA DONALD INTERCHANGE (EXIT 278) PHASE 2","0905-0101000A","REMOVE AND REINSTALL EXISTING SIGNS","LS",1,10000,10000,3]
[null,"2024-02-22",2024,"Q1","15498","2 ","I-5: AURORA DONALD INTERCHANGE (EXIT 278) PHASE 2","0905-0101000A","REMOVE AND REINSTALL EXISTING SIGNS","LS",1,12000,12000,4]
[null,"2024-02-22",2024,"Q1","15498","2 ","I-5: AURORA DONALD INTERCHANGE (EXIT 278) PHASE 2","0905-0101000A","REMOVE AND REINSTALL EXISTING SIGNS","LS",1,9500,9500,5]
[null,"2024-02-22",2024,"Q1","15498","2 ","I-5: AURORA DONALD INTERCHANGE (EXIT 278) PHASE 2","0905-0101000A","REMOVE AND REINSTALL EXISTING SIGNS","LS",1,2000,2000,6]
[null,"2024-02-22",2024,"Q1","15498","2 ","I-5: AURORA DONALD INTERCHANGE (EXIT 278) PHASE 2","0905-0101000A","REMOVE AND REINSTALL EXISTING SIGNS","LS",1,10250,10250,7]
[null,"2024-02-22",2024,"Q1","15498","2 ","I-5: AURORA DONALD INTERCHANGE (EXIT 278) PHASE 2","0910-0100000K","WOOD SIGN POSTS","FBM",1475,13.5,19912.5,1]
[null,"2024-02-22",2024,"Q1","15498","2 ","I-5: AURORA DONALD INTERCHANGE (EXIT 278) PHASE 2","0910-0100000K","WOOD SIGN POSTS","FBM",1475,18,26550,2]
[null,"2024-02-22",2024,"Q1","15498","2 ","I-5: AURORA DONALD INTERCHANGE (EXIT 278) PHASE 2","0910-0100000K","WOOD SIGN POSTS","FBM",1475,15,22125,3]
[null,"2024-02-22",2024,"Q1","15498","2 ","I-5: AURORA DONALD INTERCHANGE (EXIT 278) PHASE 2","0910-0100000K","WOOD SIGN POSTS","FBM",1475,14,20650,4]
[null,"2024-02-22",2024,"Q1","15498","2 ","I-5: AURORA DONALD INTERCHANGE (EXIT 278) PHASE 2","0910-0100000K","WOOD SIGN POSTS","FBM",1475,13.5,19912.5,5]
[null,"2024-02-22",2024,"Q1","15498","2 ","I-5: AURORA DONALD INTERCHANGE (EXIT 278) PHASE 2","0910-0100000K","WOOD SIGN POSTS","FBM",1475,16,23600,6]
[null,"2024-02-22",2024,"Q1","15498","2 ","I-5: AURORA DONALD INTERCHANGE (EXIT 278) PHASE 2","0910-0100000K","WOOD SIGN POSTS","FBM",1475,19,28025,7]
[null,"2024-02-22",2024,"Q1","15498","2 ","I-5: AURORA DONALD INTERCHANGE (EXIT 278) PHASE 2","0920-0100000A","SIGN SUPPORT FOOTINGS","CUYD",22,2954.5454545454545,65000,1]
[null,"2024-02-22",2024,"Q1","15498","2 ","I-5: AURORA DONALD INTERCHANGE (EXIT 278) PHASE 2","0920-0100000A","SIGN SUPPORT FOOTINGS","CUYD",22,3636.3636363636365,80000,2]
[null,"2024-02-22",2024,"Q1","15498","2 ","I-5: AURORA DONALD INTERCHANGE (EXIT 278) PHASE 2","0920-0100000A","SIGN SUPPORT FOOTINGS","CUYD",22,2727.2727272727275,60000,3]
[null,"2024-02-22",2024,"Q1","15498","2 ","I-5: AURORA DONALD INTERCHANGE (EXIT 278) PHASE 2","0920-0100000A","SIGN SUPPORT FOOTINGS","CUYD",22,2727.2727272727275,60000,4]
[null,"2024-02-22",2024,"Q1","15498","2 ","I-5: AURORA DONALD INTERCHANGE (EXIT 278) PHASE 2","0920-0100000A","SIGN SUPPORT FOOTINGS","CUYD",22,2500,55000,5]
[null,"2024-02-22",2024,"Q1","15498","2 ","I-5: AURORA DONALD INTERCHANGE (EXIT 278) PHASE 2","0920-0100000A","SIGN SUPPORT FOOTINGS","CUYD",22,3181.818181818182,70000,6]
[null,"2024-02-22",2024,"Q1","15498","2 ","I-5: AURORA DONALD INTERCHANGE (EXIT 278) PHASE 2","0920-0100000A","SIGN SUPPORT FOOTINGS","CUYD",22,3135.2272727272725,68975,7]
[null,"2024-02-22",2024,"Q1","15498","2 ","I-5: AURORA DONALD INTERCHANGE (EXIT 278) PHASE 2","0921-0501000F","60 INCH DIAMETER SIGN SUPPORT DRILLED SHAFT FOUNDATION","FOOT",22,1500,33000,1]
[null,"2024-02-22",2024,"Q1","15498","2 ","I-5: AURORA DONALD INTERCHANGE (EXIT 278) PHASE 2","0921-0501000F","60 INCH DIAMETER SIGN SUPPORT DRILLED SHAFT FOUNDATION","FOOT",22,1100,24200,2]
[null,"2024-02-22",2024,"Q1","15498","2 ","I-5: AURORA DONALD INTERCHANGE (EXIT 278) PHASE 2","0921-0501000F","60 INCH DIAMETER SIGN SUPPORT DRILLED SHAFT FOUNDATION","FOOT",22,2700,59400,3]
[null,"2024-02-22",2024,"Q1","15498","2 ","I-5: AURORA DONALD INTERCHANGE (EXIT 278) PHASE 2","0921-0501000F","60 INCH DIAMETER SIGN SUPPORT DRILLED SHAFT FOUNDATION","FOOT",22,2000,44000,4]
[null,"2024-02-22",2024,"Q1","15498","2 ","I-5: AURORA DONALD INTERCHANGE (EXIT 278) PHASE 2","0921-0501000F","60 INCH DIAMETER SIGN SUPPORT DRILLED SHAFT FOUNDATION","FOOT",22,2400,52800,5]
[null,"2024-02-22",2024,"Q1","15498","2 ","I-5: AURORA DONALD INTERCHANGE (EXIT 278) PHASE 2","0921-0501000F","60 INCH DIAMETER SIGN SUPPORT DRILLED SHAFT FOUNDATION","FOOT",22,2500,55000,6]
[null,"2024-02-22",2024,"Q1","15498","2 ","I-5: AURORA DONALD INTERCHANGE (EXIT 278) PHASE 2","0921-0501000F","60 INCH DIAMETER SIGN SUPPORT DRILLED SHAFT FOUNDATION","FOOT",22,4000,88000,7]
[null,"2024-02-22",2024,"Q1","15498","2 ","I-5: AURORA DONALD INTERCHANGE (EXIT 278) PHASE 2","0930-0104000A","MONOTUBE CANTILEVER SIGN STRUCTURES","LB",14600,6.1643835616438354,90000,1]
[null,"2024-02-22",2024,"Q1","15498","2 ","I-5: AURORA DONALD INTERCHANGE (EXIT 278) PHASE 2","0930-0104000A","MONOTUBE CANTILEVER SIGN STRUCTURES","LB",14600,7.1917808219178081,105000,2]
[null,"2024-02-22",2024,"Q1","15498","2 ","I-5: AURORA DONALD INTERCHANGE (EXIT 278) PHASE 2","0930-0104000A","MONOTUBE CANTILEVER SIGN STRUCTURES","LB",14600,5.4794520547945202,80000,3]
[null,"2024-02-22",2024,"Q1","15498","2 ","I-5: AURORA DONALD INTERCHANGE (EXIT 278) PHASE 2","0930-0104000A","MONOTUBE CANTILEVER SIGN STRUCTURES","LB",14600,6.1643835616438354,90000,4]
[null,"2024-02-22",2024,"Q1","15498","2 ","I-5: AURORA DONALD INTERCHANGE (EXIT 278) PHASE 2","0930-0104000A","MONOTUBE CANTILEVER SIGN STRUCTURES","LB",14600,8.9041095890410951,130000,5]
[null,"2024-02-22",2024,"Q1","15498","2 ","I-5: AURORA DONALD INTERCHANGE (EXIT 278) PHASE 2","0930-0104000A","MONOTUBE CANTILEVER SIGN STRUCTURES","LB",14600,6.1643835616438354,90000,6]
[null,"2024-02-22",2024,"Q1","15498","2 ","I-5: AURORA DONALD INTERCHANGE (EXIT 278) PHASE 2","0930-0104000A","MONOTUBE CANTILEVER SIGN STRUCTURES","LB",14600,8.4537671232876708,123425,7]
[null,"2024-02-22",2024,"Q1","15498","2 ","I-5: AURORA DONALD INTERCHANGE (EXIT 278) PHASE 2","0930-0105000A","BRIDGE STRUCTURE MOUNTS","LB",6400,12.5,80000,1]
[null,"2024-02-22",2024,"Q1","15498","2 ","I-5: AURORA DONALD INTERCHANGE (EXIT 278) PHASE 2","0930-0105000A","BRIDGE STRUCTURE MOUNTS","LB",6400,7.03125,45000,2]
[null,"2024-02-22",2024,"Q1","15498","2 ","I-5: AURORA DONALD INTERCHANGE (EXIT 278) PHASE 2","0930-0105000A","BRIDGE STRUCTURE MOUNTS","LB",6400,11.71875,75000,3]
[null,"2024-02-22",2024,"Q1","15498","2 ","I-5: AURORA DONALD INTERCHANGE (EXIT 278) PHASE 2","0930-0105000A","BRIDGE STRUCTURE MOUNTS","LB",6400,12.5,80000,4]
[null,"2024-02-22",2024,"Q1","15498","2 ","I-5: AURORA DONALD INTERCHANGE (EXIT 278) PHASE 2","0930-0105000A","BRIDGE STRUCTURE MOUNTS","LB",6400,10.9375,70000,5]
[null,"2024-02-22",2024,"Q1","15498","2 ","I-5: AURORA DONALD INTERCHANGE (EXIT 278) PHASE 2","0930-0105000A","BRIDGE STRUCTURE MOUNTS","LB",6400,6.25,40000,6]
[null,"2024-02-22",2024,"Q1","15498","2 ","I-5: AURORA DONALD INTERCHANGE (EXIT 278) PHASE 2","0930-0105000A","BRIDGE STRUCTURE MOUNTS","LB",6400,13.8125,88400,7]
[null,"2024-02-22",2024,"Q1","15498","2 ","I-5: AURORA DONALD INTERCHANGE (EXIT 278) PHASE 2","0930-0106000A","EXIT NUMBER SIGN MOUNTS","LB",80,9.375,750,1]
[null,"2024-02-22",2024,"Q1","15498","2 ","I-5: AURORA DONALD INTERCHANGE (EXIT 278) PHASE 2","0930-0106000A","EXIT NUMBER SIGN MOUNTS","LB",80,10.625,850,2]
[null,"2024-02-22",2024,"Q1","15498","2 ","I-5: AURORA DONALD INTERCHANGE (EXIT 278) PHASE 2","0930-0106000A","EXIT NUMBER SIGN MOUNTS","LB",80,8.75,700,3]
[null,"2024-02-22",2024,"Q1","15498","2 ","I-5: AURORA DONALD INTERCHANGE (EXIT 278) PHASE 2","0930-0106000A","EXIT NUMBER SIGN MOUNTS","LB",80,12.5,1000,4]
[null,"2024-02-22",2024,"Q1","15498","2 ","I-5: AURORA DONALD INTERCHANGE (EXIT 278) PHASE 2","0930-0106000A","EXIT NUMBER SIGN MOUNTS","LB",80,8.125,650,5]
[null,"2024-02-22",2024,"Q1","15498","2 ","I-5: AURORA DONALD INTERCHANGE (EXIT 278) PHASE 2","0930-0106000A","EXIT NUMBER SIGN MOUNTS","LB",80,9.375,750,6]
[null,"2024-02-22",2024,"Q1","15498","2 ","I-5: AURORA DONALD INTERCHANGE (EXIT 278) PHASE 2","0930-0106000A","EXIT NUMBER SIGN MOUNTS","LB",80,6.25,500,7]
[null,"2024-02-22",2024,"Q1","15498","2 ","I-5: AURORA DONALD INTERCHANGE (EXIT 278) PHASE 2","0930-0110000A","SECONDARY SIGN MOUNTS","LB",300,1.6666666666666667,500,1]
[null,"2024-02-22",2024,"Q1","15498","2 ","I-5: AURORA DONALD INTERCHANGE (EXIT 278) PHASE 2","0930-0110000A","SECONDARY SIGN MOUNTS","LB",300,5.666666666666667,1700,2]
[null,"2024-02-22",2024,"Q1","15498","2 ","I-5: AURORA DONALD INTERCHANGE (EXIT 278) PHASE 2","0930-0110000A","SECONDARY SIGN MOUNTS","LB",300,1.8333333333333333,550,3]
[null,"2024-02-22",2024,"Q1","15498","2 ","I-5: AURORA DONALD INTERCHANGE (EXIT 278) PHASE 2","0930-0110000A","SECONDARY SIGN MOUNTS","LB",300,3.3333333333333335,1000,4]
[null,"2024-02-22",2024,"Q1","15498","2 ","I-5: AURORA DONALD INTERCHANGE (EXIT 278) PHASE 2","0930-0110000A","SECONDARY SIGN MOUNTS","LB",300,1.6666666666666667,500,5]
[null,"2024-02-22",2024,"Q1","15498","2 ","I-5: AURORA DONALD INTERCHANGE (EXIT 278) PHASE 2","0930-0110000A","SECONDARY SIGN MOUNTS","LB",300,5,1500,6]
[null,"2024-02-22",2024,"Q1","15498","2 ","I-5: AURORA DONALD INTERCHANGE (EXIT 278) PHASE 2","0930-0110000A","SECONDARY SIGN MOUNTS","LB",300,10,3000,7]
[null,"2024-02-22",2024,"Q1","15498","2 ","I-5: AURORA DONALD INTERCHANGE (EXIT 278) PHASE 2","0930-0111000A","MULTI-POST BREAKAWAY SIGN SUPPORTS","LB",1832,10.098253275109171,18500,1]
[null,"2024-02-22",2024,"Q1","15498","2 ","I-5: AURORA DONALD INTERCHANGE (EXIT 278) PHASE 2","0930-0111000A","MULTI-POST BREAKAWAY SIGN SUPPORTS","LB",1832,10.37117903930131,19000,2]
[null,"2024-02-22",2024,"Q1","15498","2 ","I-5: AURORA DONALD INTERCHANGE (EXIT 278) PHASE 2","0930-0111000A","MULTI-POST BREAKAWAY SIGN SUPPORTS","LB",1832,9.825327510917031,18000,3]
[null,"2024-02-22",2024,"Q1","15498","2 ","I-5: AURORA DONALD INTERCHANGE (EXIT 278) PHASE 2","0930-0111000A","MULTI-POST BREAKAWAY SIGN SUPPORTS","LB",1832,9.825327510917031,18000,4]
[null,"2024-02-22",2024,"Q1","15498","2 ","I-5: AURORA DONALD INTERCHANGE (EXIT 278) PHASE 2","0930-0111000A","MULTI-POST BREAKAWAY SIGN SUPPORTS","LB",1832,8.7336244541484724,16000,5]
[null,"2024-02-22",2024,"Q1","15498","2 ","I-5: AURORA DONALD INTERCHANGE (EXIT 278) PHASE 2","0930-0111000A","MULTI-POST BREAKAWAY SIGN SUPPORTS","LB",1832,9.0065502183406121,16500,6]
[null,"2024-02-22",2024,"Q1","15498","2 ","I-5: AURORA DONALD INTERCHANGE (EXIT 278) PHASE 2","0930-0111000A","MULTI-POST BREAKAWAY SIGN SUPPORTS","LB",1832,10.37117903930131,19000,7]
[null,"2024-02-22",2024,"Q1","15498","2 ","I-5: AURORA DONALD INTERCHANGE (EXIT 278) PHASE 2","0930-0112000A","TRIANGULAR BASE BREAKAWAY SIGN SUPPORTS","LB",4555,12.623490669593853,57500,1]
[null,"2024-02-22",2024,"Q1","15498","2 ","I-5: AURORA DONALD INTERCHANGE (EXIT 278) PHASE 2","0930-0112000A","TRIANGULAR BASE BREAKAWAY SIGN SUPPORTS","LB",4555,10.757409440175632,49000,2]
[null,"2024-02-22",2024,"Q1","15498","2 ","I-5: AURORA DONALD INTERCHANGE (EXIT 278) PHASE 2","0930-0112000A","TRIANGULAR BASE BREAKAWAY SIGN SUPPORTS","LB",4555,12.074643249176729,55000,3]
[null,"2024-02-22",2024,"Q1","15498","2 ","I-5: AURORA DONALD INTERCHANGE (EXIT 278) PHASE 2","0930-0112000A","TRIANGULAR BASE BREAKAWAY SIGN SUPPORTS","LB",4555,12.074643249176729,55000,4]
[null,"2024-02-22",2024,"Q1","15498","2 ","I-5: AURORA DONALD INTERCHANGE (EXIT 278) PHASE 2","0930-0112000A","TRIANGULAR BASE BREAKAWAY SIGN SUPPORTS","LB",4555,10.97694840834248,50000,5]
[null,"2024-02-22",2024,"Q1","15498","2 ","I-5: AURORA DONALD INTERCHANGE (EXIT 278) PHASE 2","0930-0112000A","TRIANGULAR BASE BREAKAWAY SIGN SUPPORTS","LB",4555,9.5499451152579589,43500,6]
[null,"2024-02-22",2024,"Q1","15498","2 ","I-5: AURORA DONALD INTERCHANGE (EXIT 278) PHASE 2","0930-0112000A","TRIANGULAR BASE BREAKAWAY SIGN SUPPORTS","LB",4555,12.733260153677278,58000,7]
[null,"2024-02-22",2024,"Q1","15498","2 ","I-5: AURORA DONALD INTERCHANGE (EXIT 278) PHASE 2","0930-0114000A","PERFORATED STEEL SQUARE TUBE SLIP BASE SIGN SUPPORTS","LB",1170,12.820512820512821,15000,1]
[null,"2024-02-22",2024,"Q1","15498","2 ","I-5: AURORA DONALD INTERCHANGE (EXIT 278) PHASE 2","0930-0114000A","PERFORATED STEEL SQUARE TUBE SLIP BASE SIGN SUPPORTS","LB",1170,11.965811965811966,14000,2]
[null,"2024-02-22",2024,"Q1","15498","2 ","I-5: AURORA DONALD INTERCHANGE (EXIT 278) PHASE 2","0930-0114000A","PERFORATED STEEL SQUARE TUBE SLIP BASE SIGN SUPPORTS","LB",1170,12.820512820512821,15000,3]
[null,"2024-02-22",2024,"Q1","15498","2 ","I-5: AURORA DONALD INTERCHANGE (EXIT 278) PHASE 2","0930-0114000A","PERFORATED STEEL SQUARE TUBE SLIP BASE SIGN SUPPORTS","LB",1170,13.675213675213675,16000,4]
[null,"2024-02-22",2024,"Q1","15498","2 ","I-5: AURORA DONALD INTERCHANGE (EXIT 278) PHASE 2","0930-0114000A","PERFORATED STEEL SQUARE TUBE SLIP BASE SIGN SUPPORTS","LB",1170,12.393162393162394,14500,5]
[null,"2024-02-22",2024,"Q1","15498","2 ","I-5: AURORA DONALD INTERCHANGE (EXIT 278) PHASE 2","0930-0114000A","PERFORATED STEEL SQUARE TUBE SLIP BASE SIGN SUPPORTS","LB",1170,10.897435897435898,12750,6]
[null,"2024-02-22",2024,"Q1","15498","2 ","I-5: AURORA DONALD INTERCHANGE (EXIT 278) PHASE 2","0930-0114000A","PERFORATED STEEL SQUARE TUBE SLIP BASE SIGN SUPPORTS","LB",1170,9.1025641025641022,10650,7]
[null,"2024-02-22",2024,"Q1","15498","2 ","I-5: AURORA DONALD INTERCHANGE (EXIT 278) PHASE 2","0930-0117000A","PERFORATED STEEL SQUARE TUBE ANCHOR SIGN SUPPORTS","LB",1340,6.7164179104477615,9000,1]
[null,"2024-02-22",2024,"Q1","15498","2 ","I-5: AURORA DONALD INTERCHANGE (EXIT 278) PHASE 2","0930-0117000A","PERFORATED STEEL SQUARE TUBE ANCHOR SIGN SUPPORTS","LB",1340,8.2089552238805972,11000,2]
[null,"2024-02-22",2024,"Q1","15498","2 ","I-5: AURORA DONALD INTERCHANGE (EXIT 278) PHASE 2","0930-0117000A","PERFORATED STEEL SQUARE TUBE ANCHOR SIGN SUPPORTS","LB",1340,7.4626865671641793,10000,3]
[null,"2024-02-22",2024,"Q1","15498","2 ","I-5: AURORA DONALD INTERCHANGE (EXIT 278) PHASE 2","0930-0117000A","PERFORATED STEEL SQUARE TUBE ANCHOR SIGN SUPPORTS","LB",1340,7.4626865671641793,10000,4]
[null,"2024-02-22",2024,"Q1","15498","2 ","I-5: AURORA DONALD INTERCHANGE (EXIT 278) PHASE 2","0930-0117000A","PERFORATED STEEL SQUARE TUBE ANCHOR SIGN SUPPORTS","LB",1340,6.5671641791044779,8800,5]
[null,"2024-02-22",2024,"Q1","15498","2 ","I-5: AURORA DONALD INTERCHANGE (EXIT 278) PHASE 2","0930-0117000A","PERFORATED STEEL SQUARE TUBE ANCHOR SIGN SUPPORTS","LB",1340,7.4626865671641793,10000,6]
[null,"2024-02-22",2024,"Q1","15498","2 ","I-5: AURORA DONALD INTERCHANGE (EXIT 278) PHASE 2","0930-0117000A","PERFORATED STEEL SQUARE TUBE ANCHOR SIGN SUPPORTS","LB",1340,6.6417910447761193,8900,7]
[null,"2024-02-22",2024,"Q1","15498","2 ","I-5: AURORA DONALD INTERCHANGE (EXIT 278) PHASE 2","0940-0201000J","SIGNS, STANDARD SHEETING, EXTRUDED ALUMINUM","SQFT",560,30,16800,1]
[null,"2024-02-22",2024,"Q1","15498","2 ","I-5: AURORA DONALD INTERCHANGE (EXIT 278) PHASE 2","0940-0201000J","SIGNS, STANDARD SHEETING, EXTRUDED ALUMINUM","SQFT",560,44,24640,2]
[null,"2024-02-22",2024,"Q1","15498","2 ","I-5: AURORA DONALD INTERCHANGE (EXIT 278) PHASE 2","0940-0201000J","SIGNS, STANDARD SHEETING, EXTRUDED ALUMINUM","SQFT",560,33,18480,3]
[null,"2024-02-22",2024,"Q1","15498","2 ","I-5: AURORA DONALD INTERCHANGE (EXIT 278) PHASE 2","0940-0201000J","SIGNS, STANDARD SHEETING, EXTRUDED ALUMINUM","SQFT",560,30,16800,4]
[null,"2024-02-22",2024,"Q1","15498","2 ","I-5: AURORA DONALD INTERCHANGE (EXIT 278) PHASE 2","0940-0201000J","SIGNS, STANDARD SHEETING, EXTRUDED ALUMINUM","SQFT",560,30,16800,5]
[null,"2024-02-22",2024,"Q1","15498","2 ","I-5: AURORA DONALD INTERCHANGE (EXIT 278) PHASE 2","0940-0201000J","SIGNS, STANDARD SHEETING, EXTRUDED ALUMINUM","SQFT",560,38,21280,6]
[null,"2024-02-22",2024,"Q1","15498","2 ","I-5: AURORA DONALD INTERCHANGE (EXIT 278) PHASE 2","0940-0201000J","SIGNS, STANDARD SHEETING, EXTRUDED ALUMINUM","SQFT",560,38,21280,7]
[null,"2024-02-22",2024,"Q1","15498","2 ","I-5: AURORA DONALD INTERCHANGE (EXIT 278) PHASE 2","0940-0202000J","SIGNS, STANDARD SHEETING, SHEET ALUMINUM","SQFT",910,20,18200,1]
[null,"2024-02-22",2024,"Q1","15498","2 ","I-5: AURORA DONALD INTERCHANGE (EXIT 278) PHASE 2","0940-0202000J","SIGNS, STANDARD SHEETING, SHEET ALUMINUM","SQFT",910,47,42770,2]
[null,"2024-02-22",2024,"Q1","15498","2 ","I-5: AURORA DONALD INTERCHANGE (EXIT 278) PHASE 2","0940-0202000J","SIGNS, STANDARD SHEETING, SHEET ALUMINUM","SQFT",910,22,20020,3]
[null,"2024-02-22",2024,"Q1","15498","2 ","I-5: AURORA DONALD INTERCHANGE (EXIT 278) PHASE 2","0940-0202000J","SIGNS, STANDARD SHEETING, SHEET ALUMINUM","SQFT",910,20,18200,4]
[null,"2024-02-22",2024,"Q1","15498","2 ","I-5: AURORA DONALD INTERCHANGE (EXIT 278) PHASE 2","0940-0202000J","SIGNS, STANDARD SHEETING, SHEET ALUMINUM","SQFT",910,20,18200,5]
[null,"2024-02-22",2024,"Q1","15498","2 ","I-5: AURORA DONALD INTERCHANGE (EXIT 278) PHASE 2","0940-0202000J","SIGNS, STANDARD SHEETING, SHEET ALUMINUM","SQFT",910,41,37310,6]
[null,"2024-02-22",2024,"Q1","15498","2 ","I-5: AURORA DONALD INTERCHANGE (EXIT 278) PHASE 2","0940-0202000J","SIGNS, STANDARD SHEETING, SHEET ALUMINUM","SQFT",910,30,27300,7]
[null,"2024-02-22",2024,"Q1","15498","2 ","I-5: AURORA DONALD INTERCHANGE (EXIT 278) PHASE 2","0940-0204100J","SIGNS, WIDE ANGLE SHEETING, EXTRUDED ALUMINUM","SQFT",620,35,21700,1]
[null,"2024-02-22",2024,"Q1","15498","2 ","I-5: AURORA DONALD INTERCHANGE (EXIT 278) PHASE 2","0940-0204100J","SIGNS, WIDE ANGLE SHEETING, EXTRUDED ALUMINUM","SQFT",620,32,19840,2]
[null,"2024-02-22",2024,"Q1","15498","2 ","I-5: AURORA DONALD INTERCHANGE (EXIT 278) PHASE 2","0940-0204100J","SIGNS, WIDE ANGLE SHEETING, EXTRUDED ALUMINUM","SQFT",620,38,23560,3]
[null,"2024-02-22",2024,"Q1","15498","2 ","I-5: AURORA DONALD INTERCHANGE (EXIT 278) PHASE 2","0940-0204100J","SIGNS, WIDE ANGLE SHEETING, EXTRUDED ALUMINUM","SQFT",620,35,21700,4]
[null,"2024-02-22",2024,"Q1","15498","2 ","I-5: AURORA DONALD INTERCHANGE (EXIT 278) PHASE 2","0940-0204100J","SIGNS, WIDE ANGLE SHEETING, EXTRUDED ALUMINUM","SQFT",620,35,21700,5]
[null,"2024-02-22",2024,"Q1","15498","2 ","I-5: AURORA DONALD INTERCHANGE (EXIT 278) PHASE 2","0940-0204100J","SIGNS, WIDE ANGLE SHEETING, EXTRUDED ALUMINUM","SQFT",620,28,17360,6]
[null,"2024-02-22",2024,"Q1","15498","2 ","I-5: AURORA DONALD INTERCHANGE (EXIT 278) PHASE 2","0940-0204100J","SIGNS, WIDE ANGLE SHEETING, EXTRUDED ALUMINUM","SQFT",620,41,25420,7]
[null,"2024-02-22",2024,"Q1","15498","2 ","I-5: AURORA DONALD INTERCHANGE (EXIT 278) PHASE 2","0940-0205100J","SIGNS, WIDE ANGLE SHEETING, SHEET ALUMINUM","SQFT",50,35,1750,1]
[null,"2024-02-22",2024,"Q1","15498","2 ","I-5: AURORA DONALD INTERCHANGE (EXIT 278) PHASE 2","0940-0205100J","SIGNS, WIDE ANGLE SHEETING, SHEET ALUMINUM","SQFT",50,44,2200,2]
[null,"2024-02-22",2024,"Q1","15498","2 ","I-5: AURORA DONALD INTERCHANGE (EXIT 278) PHASE 2","0940-0205100J","SIGNS, WIDE ANGLE SHEETING, SHEET ALUMINUM","SQFT",50,38,1900,3]
[null,"2024-02-22",2024,"Q1","15498","2 ","I-5: AURORA DONALD INTERCHANGE (EXIT 278) PHASE 2","0940-0205100J","SIGNS, WIDE ANGLE SHEETING, SHEET ALUMINUM","SQFT",50,35,1750,4]
[null,"2024-02-22",2024,"Q1","15498","2 ","I-5: AURORA DONALD INTERCHANGE (EXIT 278) PHASE 2","0940-0205100J","SIGNS, WIDE ANGLE SHEETING, SHEET ALUMINUM","SQFT",50,35,1750,5]
[null,"2024-02-22",2024,"Q1","15498","2 ","I-5: AURORA DONALD INTERCHANGE (EXIT 278) PHASE 2","0940-0205100J","SIGNS, WIDE ANGLE SHEETING, SHEET ALUMINUM","SQFT",50,38,1900,6]
[null,"2024-02-22",2024,"Q1","15498","2 ","I-5: AURORA DONALD INTERCHANGE (EXIT 278) PHASE 2","0940-0205100J","SIGNS, WIDE ANGLE SHEETING, SHEET ALUMINUM","SQFT",50,39,1950,7]
[null,"2024-02-22",2024,"Q1","15498","2 ","I-5: AURORA DONALD INTERCHANGE (EXIT 278) PHASE 2","0942-0100000E","PERMANENT TYPE III BARRICADES","EACH",2,2000,4000,1]
[null,"2024-02-22",2024,"Q1","15498","2 ","I-5: AURORA DONALD INTERCHANGE (EXIT 278) PHASE 2","0942-0100000E","PERMANENT TYPE III BARRICADES","EACH",2,3300,6600,2]
[null,"2024-02-22",2024,"Q1","15498","2 ","I-5: AURORA DONALD INTERCHANGE (EXIT 278) PHASE 2","0942-0100000E","PERMANENT TYPE III BARRICADES","EACH",2,2000,4000,3]
[null,"2024-02-22",2024,"Q1","15498","2 ","I-5: AURORA DONALD INTERCHANGE (EXIT 278) PHASE 2","0942-0100000E","PERMANENT TYPE III BARRICADES","EACH",2,2000,4000,4]
[null,"2024-02-22",2024,"Q1","15498","2 ","I-5: AURORA DONALD INTERCHANGE (EXIT 278) PHASE 2","0942-0100000E","PERMANENT TYPE III BARRICADES","EACH",2,1750,3500,5]
[null,"2024-02-22",2024,"Q1","15498","2 ","I-5: AURORA DONALD INTERCHANGE (EXIT 278) PHASE 2","0942-0100000E","PERMANENT TYPE III BARRICADES","EACH",2,2850,5700,6]
[null,"2024-02-22",2024,"Q1","15498","2 ","I-5: AURORA DONALD INTERCHANGE (EXIT 278) PHASE 2","0942-0100000E","PERMANENT TYPE III BARRICADES","EACH",2,2400,4800,7]
[null,"2024-02-22",2024,"Q1","15498","2 ","I-5: AURORA DONALD INTERCHANGE (EXIT 278) PHASE 2","0950-0101000A","REMOVAL OF ELECTRICAL SYSTEMS","LS",1,10000,10000,1]
[null,"2024-02-22",2024,"Q1","15498","2 ","I-5: AURORA DONALD INTERCHANGE (EXIT 278) PHASE 2","0950-0101000A","REMOVAL OF ELECTRICAL SYSTEMS","LS",1,10000,10000,2]
[null,"2024-02-22",2024,"Q1","15498","2 ","I-5: AURORA DONALD INTERCHANGE (EXIT 278) PHASE 2","0950-0101000A","REMOVAL OF ELECTRICAL SYSTEMS","LS",1,10000,10000,3]
[null,"2024-02-22",2024,"Q1","15498","2 ","I-5: AURORA DONALD INTERCHANGE (EXIT 278) PHASE 2","0950-0101000A","REMOVAL OF ELECTRICAL SYSTEMS","LS",1,12000,12000,4]
[null,"2024-02-22",2024,"Q1","15498","2 ","I-5: AURORA DONALD INTERCHANGE (EXIT 278) PHASE 2","0950-0101000A","REMOVAL OF ELECTRICAL SYSTEMS","LS",1,8900,8900,5]
[null,"2024-02-22",2024,"Q1","15498","2 ","I-5: AURORA DONALD INTERCHANGE (EXIT 278) PHASE 2","0950-0101000A","REMOVAL OF ELECTRICAL SYSTEMS","LS",1,8900,8900,6]
[null,"2024-02-22",2024,"Q1","15498","2 ","I-5: AURORA DONALD INTERCHANGE (EXIT 278) PHASE 2","0950-0101000A","REMOVAL OF ELECTRICAL SYSTEMS","LS",1,8900,8900,7]
[null,"2024-02-22",2024,"Q1","15498","2 ","I-5: AURORA DONALD INTERCHANGE (EXIT 278) PHASE 2","0963-0101000F","36 INCH DIAMETER SIGNAL SUPPORT DRILLED SHAFT","FOOT",18.5,750,13875,1]
[null,"2024-02-22",2024,"Q1","15498","2 ","I-5: AURORA DONALD INTERCHANGE (EXIT 278) PHASE 2","0963-0101000F","36 INCH DIAMETER SIGNAL SUPPORT DRILLED SHAFT","FOOT",18.5,850,15725,2]
[null,"2024-02-22",2024,"Q1","15498","2 ","I-5: AURORA DONALD INTERCHANGE (EXIT 278) PHASE 2","0963-0101000F","36 INCH DIAMETER SIGNAL SUPPORT DRILLED SHAFT","FOOT",18.5,810,14985,3]
[null,"2024-02-22",2024,"Q1","15498","2 ","I-5: AURORA DONALD INTERCHANGE (EXIT 278) PHASE 2","0963-0101000F","36 INCH DIAMETER SIGNAL SUPPORT DRILLED SHAFT","FOOT",18.5,1000,18500,4]
[null,"2024-02-22",2024,"Q1","15498","2 ","I-5: AURORA DONALD INTERCHANGE (EXIT 278) PHASE 2","0963-0101000F","36 INCH DIAMETER SIGNAL SUPPORT DRILLED SHAFT","FOOT",18.5,745,13782.5,5]
[null,"2024-02-22",2024,"Q1","15498","2 ","I-5: AURORA DONALD INTERCHANGE (EXIT 278) PHASE 2","0963-0101000F","36 INCH DIAMETER SIGNAL SUPPORT DRILLED SHAFT","FOOT",18.5,745,13782.5,6]
[null,"2024-02-22",2024,"Q1","15498","2 ","I-5: AURORA DONALD INTERCHANGE (EXIT 278) PHASE 2","0963-0101000F","36 INCH DIAMETER SIGNAL SUPPORT DRILLED SHAFT","FOOT",18.5,745,13782.5,7]
[null,"2024-02-22",2024,"Q1","15498","2 ","I-5: AURORA DONALD INTERCHANGE (EXIT 278) PHASE 2","0963-0102000F","42 INCH DIAMETER SIGNAL SUPPORT DRILLED SHAFT","FOOT",193,850,164050,1]
[null,"2024-02-22",2024,"Q1","15498","2 ","I-5: AURORA DONALD INTERCHANGE (EXIT 278) PHASE 2","0963-0102000F","42 INCH DIAMETER SIGNAL SUPPORT DRILLED SHAFT","FOOT",193,910,175630,2]
[null,"2024-02-22",2024,"Q1","15498","2 ","I-5: AURORA DONALD INTERCHANGE (EXIT 278) PHASE 2","0963-0102000F","42 INCH DIAMETER SIGNAL SUPPORT DRILLED SHAFT","FOOT",193,875,168875,3]
[null,"2024-02-22",2024,"Q1","15498","2 ","I-5: AURORA DONALD INTERCHANGE (EXIT 278) PHASE 2","0963-0102000F","42 INCH DIAMETER SIGNAL SUPPORT DRILLED SHAFT","FOOT",193,1100,212300,4]
[null,"2024-02-22",2024,"Q1","15498","2 ","I-5: AURORA DONALD INTERCHANGE (EXIT 278) PHASE 2","0963-0102000F","42 INCH DIAMETER SIGNAL SUPPORT DRILLED SHAFT","FOOT",193,800,154400,5]
[null,"2024-02-22",2024,"Q1","15498","2 ","I-5: AURORA DONALD INTERCHANGE (EXIT 278) PHASE 2","0963-0102000F","42 INCH DIAMETER SIGNAL SUPPORT DRILLED SHAFT","FOOT",193,800,154400,6]
[null,"2024-02-22",2024,"Q1","15498","2 ","I-5: AURORA DONALD INTERCHANGE (EXIT 278) PHASE 2","0963-0102000F","42 INCH DIAMETER SIGNAL SUPPORT DRILLED SHAFT","FOOT",193,800,154400,7]
[null,"2024-02-22",2024,"Q1","15498","2 ","I-5: AURORA DONALD INTERCHANGE (EXIT 278) PHASE 2","0965-0100000A","CAMERA POLES AND FOUNDATIONS","LS",1,50000,50000,1]
[null,"2024-02-22",2024,"Q1","15498","2 ","I-5: AURORA DONALD INTERCHANGE (EXIT 278) PHASE 2","0965-0100000A","CAMERA POLES AND FOUNDATIONS","LS",1,53000,53000,2]
[null,"2024-02-22",2024,"Q1","15498","2 ","I-5: AURORA DONALD INTERCHANGE (EXIT 278) PHASE 2","0965-0100000A","CAMERA POLES AND FOUNDATIONS","LS",1,50000,50000,3]
[null,"2024-02-22",2024,"Q1","15498","2 ","I-5: AURORA DONALD INTERCHANGE (EXIT 278) PHASE 2","0965-0100000A","CAMERA POLES AND FOUNDATIONS","LS",1,60000,60000,4]
[null,"2024-02-22",2024,"Q1","15498","2 ","I-5: AURORA DONALD INTERCHANGE (EXIT 278) PHASE 2","0965-0100000A","CAMERA POLES AND FOUNDATIONS","LS",1,46094,46094,5]
[null,"2024-02-22",2024,"Q1","15498","2 ","I-5: AURORA DONALD INTERCHANGE (EXIT 278) PHASE 2","0965-0100000A","CAMERA POLES AND FOUNDATIONS","LS",1,46250,46250,6]
[null,"2024-02-22",2024,"Q1","15498","2 ","I-5: AURORA DONALD INTERCHANGE (EXIT 278) PHASE 2","0965-0100000A","CAMERA POLES AND FOUNDATIONS","LS",1,46094,46094,7]
[null,"2024-02-22",2024,"Q1","15498","2 ","I-5: AURORA DONALD INTERCHANGE (EXIT 278) PHASE 2","0970-0100000A","POLE FOUNDATIONS","EACH",44,2272.7272727272725,100000,1]
[null,"2024-02-22",2024,"Q1","15498","2 ","I-5: AURORA DONALD INTERCHANGE (EXIT 278) PHASE 2","0970-0100000A","POLE FOUNDATIONS","EACH",44,2386.3636363636365,105000,2]
[null,"2024-02-22",2024,"Q1","15498","2 ","I-5: AURORA DONALD INTERCHANGE (EXIT 278) PHASE 2","0970-0100000A","POLE FOUNDATIONS","EACH",44,2272.7272727272725,100000,3]
[null,"2024-02-22",2024,"Q1","15498","2 ","I-5: AURORA DONALD INTERCHANGE (EXIT 278) PHASE 2","0970-0100000A","POLE FOUNDATIONS","EACH",44,2500,110000,4]
[null,"2024-02-22",2024,"Q1","15498","2 ","I-5: AURORA DONALD INTERCHANGE (EXIT 278) PHASE 2","0970-0100000A","POLE FOUNDATIONS","EACH",44,2089.7727272727275,91950,5]
[null,"2024-02-22",2024,"Q1","15498","2 ","I-5: AURORA DONALD INTERCHANGE (EXIT 278) PHASE 2","0970-0100000A","POLE FOUNDATIONS","EACH",44,2089.7727272727275,91950,6]
[null,"2024-02-22",2024,"Q1","15498","2 ","I-5: AURORA DONALD INTERCHANGE (EXIT 278) PHASE 2","0970-0100000A","POLE FOUNDATIONS","EACH",44,2089.7727272727275,91950,7]
[null,"2024-02-22",2024,"Q1","15498","2 ","I-5: AURORA DONALD INTERCHANGE (EXIT 278) PHASE 2","0970-0104000A","LUMINAIRES, LAMPS, AND BALLASTS","EACH",50,600,30000,1]
[null,"2024-02-22",2024,"Q1","15498","2 ","I-5: AURORA DONALD INTERCHANGE (EXIT 278) PHASE 2","0970-0104000A","LUMINAIRES, LAMPS, AND BALLASTS","EACH",50,580,29000,2]
[null,"2024-02-22",2024,"Q1","15498","2 ","I-5: AURORA DONALD INTERCHANGE (EXIT 278) PHASE 2","0970-0104000A","LUMINAIRES, LAMPS, AND BALLASTS","EACH",50,500,25000,3]
[null,"2024-02-22",2024,"Q1","15498","2 ","I-5: AURORA DONALD INTERCHANGE (EXIT 278) PHASE 2","0970-0104000A","LUMINAIRES, LAMPS, AND BALLASTS","EACH",50,600,30000,4]
[null,"2024-02-22",2024,"Q1","15498","2 ","I-5: AURORA DONALD INTERCHANGE (EXIT 278) PHASE 2","0970-0104000A","LUMINAIRES, LAMPS, AND BALLASTS","EACH",50,500.4,25020,5]
[null,"2024-02-22",2024,"Q1","15498","2 ","I-5: AURORA DONALD INTERCHANGE (EXIT 278) PHASE 2","0970-0104000A","LUMINAIRES, LAMPS, AND BALLASTS","EACH",50,510,25500,6]
[null,"2024-02-22",2024,"Q1","15498","2 ","I-5: AURORA DONALD INTERCHANGE (EXIT 278) PHASE 2","0970-0104000A","LUMINAIRES, LAMPS, AND BALLASTS","EACH",50,500.4,25020,7]
[null,"2024-02-22",2024,"Q1","15498","2 ","I-5: AURORA DONALD INTERCHANGE (EXIT 278) PHASE 2","0970-0105000A","SWITCHING, CONDUIT, AND WIRING","FOOT",10100,64.356435643564353,650000,1]
[null,"2024-02-22",2024,"Q1","15498","2 ","I-5: AURORA DONALD INTERCHANGE (EXIT 278) PHASE 2","0970-0105000A","SWITCHING, CONDUIT, AND WIRING","FOOT",10100,66.237623762376231,669000,2]
[null,"2024-02-22",2024,"Q1","15498","2 ","I-5: AURORA DONALD INTERCHANGE (EXIT 278) PHASE 2","0970-0105000A","SWITCHING, CONDUIT, AND WIRING","FOOT",10100,63.366336633663366,640000,3]
[null,"2024-02-22",2024,"Q1","15498","2 ","I-5: AURORA DONALD INTERCHANGE (EXIT 278) PHASE 2","0970-0105000A","SWITCHING, CONDUIT, AND WIRING","FOOT",10100,64.356435643564353,650000,4]
[null,"2024-02-22",2024,"Q1","15498","2 ","I-5: AURORA DONALD INTERCHANGE (EXIT 278) PHASE 2","0970-0105000A","SWITCHING, CONDUIT, AND WIRING","FOOT",10100,57.920792079207921,585000,5]
[null,"2024-02-22",2024,"Q1","15498","2 ","I-5: AURORA DONALD INTERCHANGE (EXIT 278) PHASE 2","0970-0105000A","SWITCHING, CONDUIT, AND WIRING","FOOT",10100,59.405940594059409,600000,6]
[null,"2024-02-22",2024,"Q1","15498","2 ","I-5: AURORA DONALD INTERCHANGE (EXIT 278) PHASE 2","0970-0105000A","SWITCHING, CONDUIT, AND WIRING","FOOT",10100,59.405940594059409,600000,7]
[null,"2024-02-22",2024,"Q1","15498","2 ","I-5: AURORA DONALD INTERCHANGE (EXIT 278) PHASE 2","0970-0200000A","LIGHTING POLES AND ARMS","EACH",44,5340.909090909091,235000,1]
[null,"2024-02-22",2024,"Q1","15498","2 ","I-5: AURORA DONALD INTERCHANGE (EXIT 278) PHASE 2","0970-0200000A","LIGHTING POLES AND ARMS","EACH",44,5340.909090909091,235000,2]
[null,"2024-02-22",2024,"Q1","15498","2 ","I-5: AURORA DONALD INTERCHANGE (EXIT 278) PHASE 2","0970-0200000A","LIGHTING POLES AND ARMS","EACH",44,5113.636363636364,225000,3]
[null,"2024-02-22",2024,"Q1","15498","2 ","I-5: AURORA DONALD INTERCHANGE (EXIT 278) PHASE 2","0970-0200000A","LIGHTING POLES AND ARMS","EACH",44,5227.272727272727,230000,4]
[null,"2024-02-22",2024,"Q1","15498","2 ","I-5: AURORA DONALD INTERCHANGE (EXIT 278) PHASE 2","0970-0200000A","LIGHTING POLES AND ARMS","EACH",44,4681.818181818182,206000,5]
[null,"2024-02-22",2024,"Q1","15498","2 ","I-5: AURORA DONALD INTERCHANGE (EXIT 278) PHASE 2","0970-0200000A","LIGHTING POLES AND ARMS","EACH",44,4772.727272727273,210000,6]
[null,"2024-02-22",2024,"Q1","15498","2 ","I-5: AURORA DONALD INTERCHANGE (EXIT 278) PHASE 2","0970-0200000A","LIGHTING POLES AND ARMS","EACH",44,4670.022727272727,205481,7]
[null,"2024-02-22",2024,"Q1","15498","2 ","I-5: AURORA DONALD INTERCHANGE (EXIT 278) PHASE 2","0985-0110000A","ELECTRICAL SYSTEMS INSTALLATION","LS",1,115000,115000,1]
[null,"2024-02-22",2024,"Q1","15498","2 ","I-5: AURORA DONALD INTERCHANGE (EXIT 278) PHASE 2","0985-0110000A","ELECTRICAL SYSTEMS INSTALLATION","LS",1,114000,114000,2]
[null,"2024-02-22",2024,"Q1","15498","2 ","I-5: AURORA DONALD INTERCHANGE (EXIT 278) PHASE 2","0985-0110000A","ELECTRICAL SYSTEMS INSTALLATION","LS",1,100000,100000,3]
[null,"2024-02-22",2024,"Q1","15498","2 ","I-5: AURORA DONALD INTERCHANGE (EXIT 278) PHASE 2","0985-0110000A","ELECTRICAL SYSTEMS INSTALLATION","LS",1,120000,120000,4]
[null,"2024-02-22",2024,"Q1","15498","2 ","I-5: AURORA DONALD INTERCHANGE (EXIT 278) PHASE 2","0985-0110000A","ELECTRICAL SYSTEMS INSTALLATION","LS",1,100000,100000,5]
[null,"2024-02-22",2024,"Q1","15498","2 ","I-5: AURORA DONALD INTERCHANGE (EXIT 278) PHASE 2","0985-0110000A","ELECTRICAL SYSTEMS INSTALLATION","LS",1,100000,100000,6]
[null,"2024-02-22",2024,"Q1","15498","2 ","I-5: AURORA DONALD INTERCHANGE (EXIT 278) PHASE 2","0985-0110000A","ELECTRICAL SYSTEMS INSTALLATION","LS",1,99611,99611,7]
[null,"2024-02-22",2024,"Q1","15498","2 ","I-5: AURORA DONALD INTERCHANGE (EXIT 278) PHASE 2","0987-0100000A","TELECOMMUNICATIONS, MATERIAL","LS",1,5000,5000,1]
[null,"2024-02-22",2024,"Q1","15498","2 ","I-5: AURORA DONALD INTERCHANGE (EXIT 278) PHASE 2","0987-0100000A","TELECOMMUNICATIONS, MATERIAL","LS",1,5200,5200,2]
[null,"2024-02-22",2024,"Q1","15498","2 ","I-5: AURORA DONALD INTERCHANGE (EXIT 278) PHASE 2","0987-0100000A","TELECOMMUNICATIONS, MATERIAL","LS",1,5000,5000,3]
[null,"2024-02-22",2024,"Q1","15498","2 ","I-5: AURORA DONALD INTERCHANGE (EXIT 278) PHASE 2","0987-0100000A","TELECOMMUNICATIONS, MATERIAL","LS",1,7000,7000,4]
[null,"2024-02-22",2024,"Q1","15498","2 ","I-5: AURORA DONALD INTERCHANGE (EXIT 278) PHASE 2","0987-0100000A","TELECOMMUNICATIONS, MATERIAL","LS",1,4500,4500,5]
[null,"2024-02-22",2024,"Q1","15498","2 ","I-5: AURORA DONALD INTERCHANGE (EXIT 278) PHASE 2","0987-0100000A","TELECOMMUNICATIONS, MATERIAL","LS",1,4500,4500,6]
[null,"2024-02-22",2024,"Q1","15498","2 ","I-5: AURORA DONALD INTERCHANGE (EXIT 278) PHASE 2","0987-0100000A","TELECOMMUNICATIONS, MATERIAL","LS",1,4500,4500,7]
[null,"2024-02-22",2024,"Q1","15498","2 ","I-5: AURORA DONALD INTERCHANGE (EXIT 278) PHASE 2","0987-0110000A","TELECOMMUNICATIONS, INSTALLATION","LS",1,125000,125000,1]
[null,"2024-02-22",2024,"Q1","15498","2 ","I-5: AURORA DONALD INTERCHANGE (EXIT 278) PHASE 2","0987-0110000A","TELECOMMUNICATIONS, INSTALLATION","LS",1,126000,126000,2]
[null,"2024-02-22",2024,"Q1","15498","2 ","I-5: AURORA DONALD INTERCHANGE (EXIT 278) PHASE 2","0987-0110000A","TELECOMMUNICATIONS, INSTALLATION","LS",1,120000,120000,3]
[null,"2024-02-22",2024,"Q1","15498","2 ","I-5: AURORA DONALD INTERCHANGE (EXIT 278) PHASE 2","0987-0110000A","TELECOMMUNICATIONS, INSTALLATION","LS",1,125000,125000,4]
[null,"2024-02-22",2024,"Q1","15498","2 ","I-5: AURORA DONALD INTERCHANGE (EXIT 278) PHASE 2","0987-0110000A","TELECOMMUNICATIONS, INSTALLATION","LS",1,110000,110000,5]
[null,"2024-02-22",2024,"Q1","15498","2 ","I-5: AURORA DONALD INTERCHANGE (EXIT 278) PHASE 2","0987-0110000A","TELECOMMUNICATIONS, INSTALLATION","LS",1,110000,110000,6]
[null,"2024-02-22",2024,"Q1","15498","2 ","I-5: AURORA DONALD INTERCHANGE (EXIT 278) PHASE 2","0987-0110000A","TELECOMMUNICATIONS, INSTALLATION","LS",1,109897,109897,7]
[null,"2024-02-22",2024,"Q1","15498","2 ","I-5: AURORA DONALD INTERCHANGE (EXIT 278) PHASE 2","0990-0101000A","TRAFFIC SIGNAL INSTALLATION, I-5 NB RAMPS","EACH",1,325000,325000,1]
[null,"2024-02-22",2024,"Q1","15498","2 ","I-5: AURORA DONALD INTERCHANGE (EXIT 278) PHASE 2","0990-0101000A","TRAFFIC SIGNAL INSTALLATION, EHLEN RD AT BENTS RD","EACH",1,450000,450000,1]
[null,"2024-02-22",2024,"Q1","15498","2 ","I-5: AURORA DONALD INTERCHANGE (EXIT 278) PHASE 2","0990-0101000A","TRAFFIC SIGNAL INSTALLATION, I-5 SB RAMPS","EACH",1,340000,340000,1]
[null,"2024-02-22",2024,"Q1","15498","2 ","I-5: AURORA DONALD INTERCHANGE (EXIT 278) PHASE 2","0990-0101000A","TRAFFIC SIGNAL INSTALLATION, I-5 SB RAMPS","EACH",1,346000,346000,2]
[null,"2024-02-22",2024,"Q1","15498","2 ","I-5: AURORA DONALD INTERCHANGE (EXIT 278) PHASE 2","0990-0101000A","TRAFFIC SIGNAL INSTALLATION, I-5 NB RAMPS","EACH",1,332000,332000,2]
[null,"2024-02-22",2024,"Q1","15498","2 ","I-5: AURORA DONALD INTERCHANGE (EXIT 278) PHASE 2","0990-0101000A","TRAFFIC SIGNAL INSTALLATION, EHLEN RD AT BENTS RD","EACH",1,459000,459000,2]
[null,"2024-02-22",2024,"Q1","15498","2 ","I-5: AURORA DONALD INTERCHANGE (EXIT 278) PHASE 2","0990-0101000A","TRAFFIC SIGNAL INSTALLATION, EHLEN RD AT BENTS RD","EACH",1,440000,440000,3]
[null,"2024-02-22",2024,"Q1","15498","2 ","I-5: AURORA DONALD INTERCHANGE (EXIT 278) PHASE 2","0990-0101000A","TRAFFIC SIGNAL INSTALLATION, I-5 SB RAMPS","EACH",1,330000,330000,3]
[null,"2024-02-22",2024,"Q1","15498","2 ","I-5: AURORA DONALD INTERCHANGE (EXIT 278) PHASE 2","0990-0101000A","TRAFFIC SIGNAL INSTALLATION, I-5 NB RAMPS","EACH",1,320000,320000,3]
[null,"2024-02-22",2024,"Q1","15498","2 ","I-5: AURORA DONALD INTERCHANGE (EXIT 278) PHASE 2","0990-0101000A","TRAFFIC SIGNAL INSTALLATION, I-5 NB RAMPS","EACH",1,330000,330000,4]
[null,"2024-02-22",2024,"Q1","15498","2 ","I-5: AURORA DONALD INTERCHANGE (EXIT 278) PHASE 2","0990-0101000A","TRAFFIC SIGNAL INSTALLATION, I-5 SB RAMPS","EACH",1,340000,340000,4]
[null,"2024-02-22",2024,"Q1","15498","2 ","I-5: AURORA DONALD INTERCHANGE (EXIT 278) PHASE 2","0990-0101000A","TRAFFIC SIGNAL INSTALLATION, EHLEN RD AT BENTS RD","EACH",1,450000,450000,4]
[null,"2024-02-22",2024,"Q1","15498","2 ","I-5: AURORA DONALD INTERCHANGE (EXIT 278) PHASE 2","0990-0101000A","TRAFFIC SIGNAL INSTALLATION, I-5 SB RAMPS","EACH",1,300000,300000,5]
[null,"2024-02-22",2024,"Q1","15498","2 ","I-5: AURORA DONALD INTERCHANGE (EXIT 278) PHASE 2","0990-0101000A","TRAFFIC SIGNAL INSTALLATION, EHLEN RD AT BENTS RD","EACH",1,405000,405000,5]
[null,"2024-02-22",2024,"Q1","15498","2 ","I-5: AURORA DONALD INTERCHANGE (EXIT 278) PHASE 2","0990-0101000A","TRAFFIC SIGNAL INSTALLATION, I-5 NB RAMPS","EACH",1,300000,300000,5]
[null,"2024-02-22",2024,"Q1","15498","2 ","I-5: AURORA DONALD INTERCHANGE (EXIT 278) PHASE 2","0990-0101000A","TRAFFIC SIGNAL INSTALLATION, I-5 NB RAMPS","EACH",1,295000,295000,6]
[null,"2024-02-22",2024,"Q1","15498","2 ","I-5: AURORA DONALD INTERCHANGE (EXIT 278) PHASE 2","0990-0101000A","TRAFFIC SIGNAL INSTALLATION, I-5 SB RAMPS","EACH",1,305000,305000,6]
[null,"2024-02-22",2024,"Q1","15498","2 ","I-5: AURORA DONALD INTERCHANGE (EXIT 278) PHASE 2","0990-0101000A","TRAFFIC SIGNAL INSTALLATION, EHLEN RD AT BENTS RD","EACH",1,401000,401000,6]
[null,"2024-02-22",2024,"Q1","15498","2 ","I-5: AURORA DONALD INTERCHANGE (EXIT 278) PHASE 2","0990-0101000A","TRAFFIC SIGNAL INSTALLATION, I-5 SB RAMPS","EACH",1,302060,302060,7]
[null,"2024-02-22",2024,"Q1","15498","2 ","I-5: AURORA DONALD INTERCHANGE (EXIT 278) PHASE 2","0990-0101000A","TRAFFIC SIGNAL INSTALLATION, EHLEN RD AT BENTS RD","EACH",1,400702,400702,7]
[null,"2024-02-22",2024,"Q1","15498","2 ","I-5: AURORA DONALD INTERCHANGE (EXIT 278) PHASE 2","0990-0101000A","TRAFFIC SIGNAL INSTALLATION, I-5 NB RAMPS","EACH",1,290104,290104,7]
[null,"2024-02-22",2024,"Q1","15498","2 ","I-5: AURORA DONALD INTERCHANGE (EXIT 278) PHASE 2","1011-0100000A","STORAGE POND, D01416","LS",1,50000,50000,1]
[null,"2024-02-22",2024,"Q1","15498","2 ","I-5: AURORA DONALD INTERCHANGE (EXIT 278) PHASE 2","1011-0100000A","STORAGE POND, C","LS",1,35000,35000,1]
[null,"2024-02-22",2024,"Q1","15498","2 ","I-5: AURORA DONALD INTERCHANGE (EXIT 278) PHASE 2","1011-0100000A","STORAGE POND, D00947","LS",1,195000,195000,1]
[null,"2024-02-22",2024,"Q1","15498","2 ","I-5: AURORA DONALD INTERCHANGE (EXIT 278) PHASE 2","1011-0100000A","STORAGE POND, D00947","LS",1,160000,160000,2]
[null,"2024-02-22",2024,"Q1","15498","2 ","I-5: AURORA DONALD INTERCHANGE (EXIT 278) PHASE 2","1011-0100000A","STORAGE POND, D01416","LS",1,40000,40000,2]
[null,"2024-02-22",2024,"Q1","15498","2 ","I-5: AURORA DONALD INTERCHANGE (EXIT 278) PHASE 2","1011-0100000A","STORAGE POND, C","LS",1,30000,30000,2]
[null,"2024-02-22",2024,"Q1","15498","2 ","I-5: AURORA DONALD INTERCHANGE (EXIT 278) PHASE 2","1011-0100000A","STORAGE POND, C","LS",1,40000,40000,3]
[null,"2024-02-22",2024,"Q1","15498","2 ","I-5: AURORA DONALD INTERCHANGE (EXIT 278) PHASE 2","1011-0100000A","STORAGE POND, D01416","LS",1,45000,45000,3]
[null,"2024-02-22",2024,"Q1","15498","2 ","I-5: AURORA DONALD INTERCHANGE (EXIT 278) PHASE 2","1011-0100000A","STORAGE POND, D00947","LS",1,160000,160000,3]
[null,"2024-02-22",2024,"Q1","15498","2 ","I-5: AURORA DONALD INTERCHANGE (EXIT 278) PHASE 2","1011-0100000A","STORAGE POND, D01416","LS",1,60000,60000,4]
[null,"2024-02-22",2024,"Q1","15498","2 ","I-5: AURORA DONALD INTERCHANGE (EXIT 278) PHASE 2","1011-0100000A","STORAGE POND, D00947","LS",1,280000,280000,4]
[null,"2024-02-22",2024,"Q1","15498","2 ","I-5: AURORA DONALD INTERCHANGE (EXIT 278) PHASE 2","1011-0100000A","STORAGE POND, C","LS",1,35000,35000,4]
[null,"2024-02-22",2024,"Q1","15498","2 ","I-5: AURORA DONALD INTERCHANGE (EXIT 278) PHASE 2","1011-0100000A","STORAGE POND, D00947","LS",1,340000,340000,5]
[null,"2024-02-22",2024,"Q1","15498","2 ","I-5: AURORA DONALD INTERCHANGE (EXIT 278) PHASE 2","1011-0100000A","STORAGE POND, D01416","LS",1,75000,75000,5]
[null,"2024-02-22",2024,"Q1","15498","2 ","I-5: AURORA DONALD INTERCHANGE (EXIT 278) PHASE 2","1011-0100000A","STORAGE POND, C","LS",1,50000,50000,5]
[null,"2024-02-22",2024,"Q1","15498","2 ","I-5: AURORA DONALD INTERCHANGE (EXIT 278) PHASE 2","1011-0100000A","STORAGE POND, C","LS",1,40250,40250,6]
[null,"2024-02-22",2024,"Q1","15498","2 ","I-5: AURORA DONALD INTERCHANGE (EXIT 278) PHASE 2","1011-0100000A","STORAGE POND, D00947","LS",1,165700,165700,6]
[null,"2024-02-22",2024,"Q1","15498","2 ","I-5: AURORA DONALD INTERCHANGE (EXIT 278) PHASE 2","1011-0100000A","STORAGE POND, D01416","LS",1,47300,47300,6]
[null,"2024-02-22",2024,"Q1","15498","2 ","I-5: AURORA DONALD INTERCHANGE (EXIT 278) PHASE 2","1011-0100000A","STORAGE POND, C","LS",1,54600,54600,7]
[null,"2024-02-22",2024,"Q1","15498","2 ","I-5: AURORA DONALD INTERCHANGE (EXIT 278) PHASE 2","1011-0100000A","STORAGE POND, D01416","LS",1,428700,428700,7]
[null,"2024-02-22",2024,"Q1","15498","2 ","I-5: AURORA DONALD INTERCHANGE (EXIT 278) PHASE 2","1011-0100000A","STORAGE POND, D00947","LS",1,90100,90100,7]
[null,"2024-02-22",2024,"Q1","15498","2 ","I-5: AURORA DONALD INTERCHANGE (EXIT 278) PHASE 2","1012-0100000A","WATER QUALITY SWALE, D00950","LS",1,35000,35000,1]
[null,"2024-02-22",2024,"Q1","15498","2 ","I-5: AURORA DONALD INTERCHANGE (EXIT 278) PHASE 2","1012-0100000A","WATER QUALITY SWALE, D01417","LS",1,27500,27500,1]
[null,"2024-02-22",2024,"Q1","15498","2 ","I-5: AURORA DONALD INTERCHANGE (EXIT 278) PHASE 2","1012-0100000A","WATER QUALITY SWALE, D01415","LS",1,12500,12500,1]
[null,"2024-02-22",2024,"Q1","15498","2 ","I-5: AURORA DONALD INTERCHANGE (EXIT 278) PHASE 2","1012-0100000A","WATER QUALITY SWALE, D00948","LS",1,17500,17500,1]
[null,"2024-02-22",2024,"Q1","15498","2 ","I-5: AURORA DONALD INTERCHANGE (EXIT 278) PHASE 2","1012-0100000A","WATER QUALITY SWALE, A","LS",1,11000,11000,1]
[null,"2024-02-22",2024,"Q1","15498","2 ","I-5: AURORA DONALD INTERCHANGE (EXIT 278) PHASE 2","1012-0100000A","WATER QUALITY SWALE, D00949","LS",1,25000,25000,1]
[null,"2024-02-22",2024,"Q1","15498","2 ","I-5: AURORA DONALD INTERCHANGE (EXIT 278) PHASE 2","1012-0100000A","WATER QUALITY SWALE, D00950","LS",1,39000,39000,2]
[null,"2024-02-22",2024,"Q1","15498","2 ","I-5: AURORA DONALD INTERCHANGE (EXIT 278) PHASE 2","1012-0100000A","WATER QUALITY SWALE, D01415","LS",1,12000,12000,2]
[null,"2024-02-22",2024,"Q1","15498","2 ","I-5: AURORA DONALD INTERCHANGE (EXIT 278) PHASE 2","1012-0100000A","WATER QUALITY SWALE, D00949","LS",1,28000,28000,2]
[null,"2024-02-22",2024,"Q1","15498","2 ","I-5: AURORA DONALD INTERCHANGE (EXIT 278) PHASE 2","1012-0100000A","WATER QUALITY SWALE, D00948","LS",1,18000,18000,2]
[null,"2024-02-22",2024,"Q1","15498","2 ","I-5: AURORA DONALD INTERCHANGE (EXIT 278) PHASE 2","1012-0100000A","WATER QUALITY SWALE, D01417","LS",1,26000,26000,2]
[null,"2024-02-22",2024,"Q1","15498","2 ","I-5: AURORA DONALD INTERCHANGE (EXIT 278) PHASE 2","1012-0100000A","WATER QUALITY SWALE, A","LS",1,12000,12000,2]
[null,"2024-02-22",2024,"Q1","15498","2 ","I-5: AURORA DONALD INTERCHANGE (EXIT 278) PHASE 2","1012-0100000A","WATER QUALITY SWALE, D00950","LS",1,40000,40000,3]
[null,"2024-02-22",2024,"Q1","15498","2 ","I-5: AURORA DONALD INTERCHANGE (EXIT 278) PHASE 2","1012-0100000A","WATER QUALITY SWALE, D01417","LS",1,27000,27000,3]
[null,"2024-02-22",2024,"Q1","15498","2 ","I-5: AURORA DONALD INTERCHANGE (EXIT 278) PHASE 2","1012-0100000A","WATER QUALITY SWALE, A","LS",1,11000,11000,3]
[null,"2024-02-22",2024,"Q1","15498","2 ","I-5: AURORA DONALD INTERCHANGE (EXIT 278) PHASE 2","1012-0100000A","WATER QUALITY SWALE, D00949","LS",1,30000,30000,3]
[null,"2024-02-22",2024,"Q1","15498","2 ","I-5: AURORA DONALD INTERCHANGE (EXIT 278) PHASE 2","1012-0100000A","WATER QUALITY SWALE, D01415","LS",1,13000,13000,3]
[null,"2024-02-22",2024,"Q1","15498","2 ","I-5: AURORA DONALD INTERCHANGE (EXIT 278) PHASE 2","1012-0100000A","WATER QUALITY SWALE, D00948","LS",1,20000,20000,3]
[null,"2024-02-22",2024,"Q1","15498","2 ","I-5: AURORA DONALD INTERCHANGE (EXIT 278) PHASE 2","1012-0100000A","WATER QUALITY SWALE, D00949","LS",1,23000,23000,4]
[null,"2024-02-22",2024,"Q1","15498","2 ","I-5: AURORA DONALD INTERCHANGE (EXIT 278) PHASE 2","1012-0100000A","WATER QUALITY SWALE, A","LS",1,12000,12000,4]
[null,"2024-02-22",2024,"Q1","15498","2 ","I-5: AURORA DONALD INTERCHANGE (EXIT 278) PHASE 2","1012-0100000A","WATER QUALITY SWALE, D01417","LS",1,34000,34000,4]
[null,"2024-02-22",2024,"Q1","15498","2 ","I-5: AURORA DONALD INTERCHANGE (EXIT 278) PHASE 2","1012-0100000A","WATER QUALITY SWALE, D00950","LS",1,34000,34000,4]
[null,"2024-02-22",2024,"Q1","15498","2 ","I-5: AURORA DONALD INTERCHANGE (EXIT 278) PHASE 2","1012-0100000A","WATER QUALITY SWALE, D01415","LS",1,12000,12000,4]
[null,"2024-02-22",2024,"Q1","15498","2 ","I-5: AURORA DONALD INTERCHANGE (EXIT 278) PHASE 2","1012-0100000A","WATER QUALITY SWALE, D00948","LS",1,23000,23000,4]
[null,"2024-02-22",2024,"Q1","15498","2 ","I-5: AURORA DONALD INTERCHANGE (EXIT 278) PHASE 2","1012-0100000A","WATER QUALITY SWALE, D01417","LS",1,35000,35000,5]
[null,"2024-02-22",2024,"Q1","15498","2 ","I-5: AURORA DONALD INTERCHANGE (EXIT 278) PHASE 2","1012-0100000A","WATER QUALITY SWALE, D00948","LS",1,30000,30000,5]
[null,"2024-02-22",2024,"Q1","15498","2 ","I-5: AURORA DONALD INTERCHANGE (EXIT 278) PHASE 2","1012-0100000A","WATER QUALITY SWALE, A","LS",1,20000,20000,5]
[null,"2024-02-22",2024,"Q1","15498","2 ","I-5: AURORA DONALD INTERCHANGE (EXIT 278) PHASE 2","1012-0100000A","WATER QUALITY SWALE, D00950","LS",1,55000,55000,5]
[null,"2024-02-22",2024,"Q1","15498","2 ","I-5: AURORA DONALD INTERCHANGE (EXIT 278) PHASE 2","1012-0100000A","WATER QUALITY SWALE, D01415","LS",1,20000,20000,5]
[null,"2024-02-22",2024,"Q1","15498","2 ","I-5: AURORA DONALD INTERCHANGE (EXIT 278) PHASE 2","1012-0100000A","WATER QUALITY SWALE, D00949","LS",1,40000,40000,5]
[null,"2024-02-22",2024,"Q1","15498","2 ","I-5: AURORA DONALD INTERCHANGE (EXIT 278) PHASE 2","1012-0100000A","WATER QUALITY SWALE, D00948","LS",1,18800,18800,6]
[null,"2024-02-22",2024,"Q1","15498","2 ","I-5: AURORA DONALD INTERCHANGE (EXIT 278) PHASE 2","1012-0100000A","WATER QUALITY SWALE, D00950","LS",1,35750,35750,6]
[null,"2024-02-22",2024,"Q1","15498","2 ","I-5: AURORA DONALD INTERCHANGE (EXIT 278) PHASE 2","1012-0100000A","WATER QUALITY SWALE, A","LS",1,10500,10500,6]
[null,"2024-02-22",2024,"Q1","15498","2 ","I-5: AURORA DONALD INTERCHANGE (EXIT 278) PHASE 2","1012-0100000A","WATER QUALITY SWALE, D01415","LS",1,11725,11725,6]
[null,"2024-02-22",2024,"Q1","15498","2 ","I-5: AURORA DONALD INTERCHANGE (EXIT 278) PHASE 2","1012-0100000A","WATER QUALITY SWALE, D00949","LS",1,26850,26850,6]
[null,"2024-02-22",2024,"Q1","15498","2 ","I-5: AURORA DONALD INTERCHANGE (EXIT 278) PHASE 2","1012-0100000A","WATER QUALITY SWALE, D01417","LS",1,25675,25675,6]
[null,"2024-02-22",2024,"Q1","15498","2 ","I-5: AURORA DONALD INTERCHANGE (EXIT 278) PHASE 2","1012-0100000A","WATER QUALITY SWALE, A","LS",1,17300,17300,7]
[null,"2024-02-22",2024,"Q1","15498","2 ","I-5: AURORA DONALD INTERCHANGE (EXIT 278) PHASE 2","1012-0100000A","WATER QUALITY SWALE, D01417","LS",1,46400,46400,7]
[null,"2024-02-22",2024,"Q1","15498","2 ","I-5: AURORA DONALD INTERCHANGE (EXIT 278) PHASE 2","1012-0100000A","WATER QUALITY SWALE, D00950","LS",1,57000,57000,7]
[null,"2024-02-22",2024,"Q1","15498","2 ","I-5: AURORA DONALD INTERCHANGE (EXIT 278) PHASE 2","1012-0100000A","WATER QUALITY SWALE, D00949","LS",1,39300,39300,7]
[null,"2024-02-22",2024,"Q1","15498","2 ","I-5: AURORA DONALD INTERCHANGE (EXIT 278) PHASE 2","1012-0100000A","WATER QUALITY SWALE, D00948","LS",1,32200,32200,7]
[null,"2024-02-22",2024,"Q1","15498","2 ","I-5: AURORA DONALD INTERCHANGE (EXIT 278) PHASE 2","1012-0100000A","WATER QUALITY SWALE, D01415","LS",1,21200,21200,7]
[null,"2024-02-22",2024,"Q1","15498","2 ","I-5: AURORA DONALD INTERCHANGE (EXIT 278) PHASE 2","1013-0100000A","BIOSLOPE A","LS",1,45000,45000,1]
[null,"2024-02-22",2024,"Q1","15498","2 ","I-5: AURORA DONALD INTERCHANGE (EXIT 278) PHASE 2","1013-0100000A","BIOSLOPE D","LS",1,62500,62500,1]
[null,"2024-02-22",2024,"Q1","15498","2 ","I-5: AURORA DONALD INTERCHANGE (EXIT 278) PHASE 2","1013-0100000A","BIOSLOPE C","LS",1,42500,42500,1]
[null,"2024-02-22",2024,"Q1","15498","2 ","I-5: AURORA DONALD INTERCHANGE (EXIT 278) PHASE 2","1013-0100000A","BIOSLOPE G","LS",1,8000,8000,1]
[null,"2024-02-22",2024,"Q1","15498","2 ","I-5: AURORA DONALD INTERCHANGE (EXIT 278) PHASE 2","1013-0100000A","BIOSLOPE E","LS",1,15000,15000,1]
[null,"2024-02-22",2024,"Q1","15498","2 ","I-5: AURORA DONALD INTERCHANGE (EXIT 278) PHASE 2","1013-0100000A","BIOSLOPE F","LS",1,15000,15000,1]
[null,"2024-02-22",2024,"Q1","15498","2 ","I-5: AURORA DONALD INTERCHANGE (EXIT 278) PHASE 2","1013-0100000A","BIOSLOPE B","LS",1,11000,11000,1]
[null,"2024-02-22",2024,"Q1","15498","2 ","I-5: AURORA DONALD INTERCHANGE (EXIT 278) PHASE 2","1013-0100000A","BIOSLOPE B","LS",1,12000,12000,2]
[null,"2024-02-22",2024,"Q1","15498","2 ","I-5: AURORA DONALD INTERCHANGE (EXIT 278) PHASE 2","1013-0100000A","BIOSLOPE F","LS",1,17000,17000,2]
[null,"2024-02-22",2024,"Q1","15498","2 ","I-5: AURORA DONALD INTERCHANGE (EXIT 278) PHASE 2","1013-0100000A","BIOSLOPE D","LS",1,69000,69000,2]
[null,"2024-02-22",2024,"Q1","15498","2 ","I-5: AURORA DONALD INTERCHANGE (EXIT 278) PHASE 2","1013-0100000A","BIOSLOPE A","LS",1,49000,49000,2]
[null,"2024-02-22",2024,"Q1","15498","2 ","I-5: AURORA DONALD INTERCHANGE (EXIT 278) PHASE 2","1013-0100000A","BIOSLOPE C","LS",1,47000,47000,2]
[null,"2024-02-22",2024,"Q1","15498","2 ","I-5: AURORA DONALD INTERCHANGE (EXIT 278) PHASE 2","1013-0100000A","BIOSLOPE E","LS",1,15000,15000,2]
[null,"2024-02-22",2024,"Q1","15498","2 ","I-5: AURORA DONALD INTERCHANGE (EXIT 278) PHASE 2","1013-0100000A","BIOSLOPE G","LS",1,11000,11000,2]
[null,"2024-02-22",2024,"Q1","15498","2 ","I-5: AURORA DONALD INTERCHANGE (EXIT 278) PHASE 2","1013-0100000A","BIOSLOPE G","LS",1,12000,12000,3]
[null,"2024-02-22",2024,"Q1","15498","2 ","I-5: AURORA DONALD INTERCHANGE (EXIT 278) PHASE 2","1013-0100000A","BIOSLOPE B","LS",1,15000,15000,3]
[null,"2024-02-22",2024,"Q1","15498","2 ","I-5: AURORA DONALD INTERCHANGE (EXIT 278) PHASE 2","1013-0100000A","BIOSLOPE E","LS",1,15000,15000,3]
[null,"2024-02-22",2024,"Q1","15498","2 ","I-5: AURORA DONALD INTERCHANGE (EXIT 278) PHASE 2","1013-0100000A","BIOSLOPE C","LS",1,55000,55000,3]
[null,"2024-02-22",2024,"Q1","15498","2 ","I-5: AURORA DONALD INTERCHANGE (EXIT 278) PHASE 2","1013-0100000A","BIOSLOPE D","LS",1,85000,85000,3]
[null,"2024-02-22",2024,"Q1","15498","2 ","I-5: AURORA DONALD INTERCHANGE (EXIT 278) PHASE 2","1013-0100000A","BIOSLOPE F","LS",1,20000,20000,3]
[null,"2024-02-22",2024,"Q1","15498","2 ","I-5: AURORA DONALD INTERCHANGE (EXIT 278) PHASE 2","1013-0100000A","BIOSLOPE A","LS",1,60000,60000,3]
[null,"2024-02-22",2024,"Q1","15498","2 ","I-5: AURORA DONALD INTERCHANGE (EXIT 278) PHASE 2","1013-0100000A","BIOSLOPE A","LS",1,60000,60000,4]
[null,"2024-02-22",2024,"Q1","15498","2 ","I-5: AURORA DONALD INTERCHANGE (EXIT 278) PHASE 2","1013-0100000A","BIOSLOPE B","LS",1,15000,15000,4]
[null,"2024-02-22",2024,"Q1","15498","2 ","I-5: AURORA DONALD INTERCHANGE (EXIT 278) PHASE 2","1013-0100000A","BIOSLOPE E","LS",1,17000,17000,4]
[null,"2024-02-22",2024,"Q1","15498","2 ","I-5: AURORA DONALD INTERCHANGE (EXIT 278) PHASE 2","1013-0100000A","BIOSLOPE D","LS",1,88000,88000,4]
[null,"2024-02-22",2024,"Q1","15498","2 ","I-5: AURORA DONALD INTERCHANGE (EXIT 278) PHASE 2","1013-0100000A","BIOSLOPE G","LS",1,13000,13000,4]
[null,"2024-02-22",2024,"Q1","15498","2 ","I-5: AURORA DONALD INTERCHANGE (EXIT 278) PHASE 2","1013-0100000A","BIOSLOPE F","LS",1,20000,20000,4]
[null,"2024-02-22",2024,"Q1","15498","2 ","I-5: AURORA DONALD INTERCHANGE (EXIT 278) PHASE 2","1013-0100000A","BIOSLOPE C","LS",1,60000,60000,4]
[null,"2024-02-22",2024,"Q1","15498","2 ","I-5: AURORA DONALD INTERCHANGE (EXIT 278) PHASE 2","1013-0100000A","BIOSLOPE B","LS",1,18620,18620,5]
[null,"2024-02-22",2024,"Q1","15498","2 ","I-5: AURORA DONALD INTERCHANGE (EXIT 278) PHASE 2","1013-0100000A","BIOSLOPE F","LS",1,30000,30000,5]
[null,"2024-02-22",2024,"Q1","15498","2 ","I-5: AURORA DONALD INTERCHANGE (EXIT 278) PHASE 2","1013-0100000A","BIOSLOPE C","LS",1,71000,71000,5]
[null,"2024-02-22",2024,"Q1","15498","2 ","I-5: AURORA DONALD INTERCHANGE (EXIT 278) PHASE 2","1013-0100000A","BIOSLOPE D","LS",1,130000,130000,5]
[null,"2024-02-22",2024,"Q1","15498","2 ","I-5: AURORA DONALD INTERCHANGE (EXIT 278) PHASE 2","1013-0100000A","BIOSLOPE G","LS",1,20000,20000,5]
[null,"2024-02-22",2024,"Q1","15498","2 ","I-5: AURORA DONALD INTERCHANGE (EXIT 278) PHASE 2","1013-0100000A","BIOSLOPE A","LS",1,80000,80000,5]
[null,"2024-02-22",2024,"Q1","15498","2 ","I-5: AURORA DONALD INTERCHANGE (EXIT 278) PHASE 2","1013-0100000A","BIOSLOPE E","LS",1,25000,25000,5]
[null,"2024-02-22",2024,"Q1","15498","2 ","I-5: AURORA DONALD INTERCHANGE (EXIT 278) PHASE 2","1013-0100000A","BIOSLOPE F","LS",1,20800,20800,6]
[null,"2024-02-22",2024,"Q1","15498","2 ","I-5: AURORA DONALD INTERCHANGE (EXIT 278) PHASE 2","1013-0100000A","BIOSLOPE B","LS",1,15225,15225,6]
[null,"2024-02-22",2024,"Q1","15498","2 ","I-5: AURORA DONALD INTERCHANGE (EXIT 278) PHASE 2","1013-0100000A","BIOSLOPE D","LS",1,93600,93600,6]
[null,"2024-02-22",2024,"Q1","15498","2 ","I-5: AURORA DONALD INTERCHANGE (EXIT 278) PHASE 2","1013-0100000A","BIOSLOPE G","LS",1,12575,12575,6]
[null,"2024-02-22",2024,"Q1","15498","2 ","I-5: AURORA DONALD INTERCHANGE (EXIT 278) PHASE 2","1013-0100000A","BIOSLOPE A","LS",1,64850,64850,6]
[null,"2024-02-22",2024,"Q1","15498","2 ","I-5: AURORA DONALD INTERCHANGE (EXIT 278) PHASE 2","1013-0100000A","BIOSLOPE C","LS",1,60075,60075,6]
[null,"2024-02-22",2024,"Q1","15498","2 ","I-5: AURORA DONALD INTERCHANGE (EXIT 278) PHASE 2","1013-0100000A","BIOSLOPE E","LS",1,19125,19125,6]
[null,"2024-02-22",2024,"Q1","15498","2 ","I-5: AURORA DONALD INTERCHANGE (EXIT 278) PHASE 2","1013-0100000A","BIOSLOPE B","LS",1,18100,18100,7]
[null,"2024-02-22",2024,"Q1","15498","2 ","I-5: AURORA DONALD INTERCHANGE (EXIT 278) PHASE 2","1013-0100000A","BIOSLOPE D","LS",1,98800,98800,7]
[null,"2024-02-22",2024,"Q1","15498","2 ","I-5: AURORA DONALD INTERCHANGE (EXIT 278) PHASE 2","1013-0100000A","BIOSLOPE G","LS",1,14500,14500,7]
[null,"2024-02-22",2024,"Q1","15498","2 ","I-5: AURORA DONALD INTERCHANGE (EXIT 278) PHASE 2","1013-0100000A","BIOSLOPE E","LS",1,21500,21500,7]
[null,"2024-02-22",2024,"Q1","15498","2 ","I-5: AURORA DONALD INTERCHANGE (EXIT 278) PHASE 2","1013-0100000A","BIOSLOPE C","LS",1,67000,67000,7]
[null,"2024-02-22",2024,"Q1","15498","2 ","I-5: AURORA DONALD INTERCHANGE (EXIT 278) PHASE 2","1013-0100000A","BIOSLOPE A","LS",1,70700,70700,7]
[null,"2024-02-22",2024,"Q1","15498","2 ","I-5: AURORA DONALD INTERCHANGE (EXIT 278) PHASE 2","1013-0100000A","BIOSLOPE F","LS",1,24800,24800,7]
[null,"2024-02-22",2024,"Q1","15498","2 ","I-5: AURORA DONALD INTERCHANGE (EXIT 278) PHASE 2","1030-0101000R","WEED CONTROL","ACRE",21.65,1600,34640,1]
[null,"2024-02-22",2024,"Q1","15498","2 ","I-5: AURORA DONALD INTERCHANGE (EXIT 278) PHASE 2","1030-0101000R","WEED CONTROL","ACRE",21.65,1800.0000000000002,38970,2]
[null,"2024-02-22",2024,"Q1","15498","2 ","I-5: AURORA DONALD INTERCHANGE (EXIT 278) PHASE 2","1030-0101000R","WEED CONTROL","ACRE",21.65,1700,36805,3]
[null,"2024-02-22",2024,"Q1","15498","2 ","I-5: AURORA DONALD INTERCHANGE (EXIT 278) PHASE 2","1030-0101000R","WEED CONTROL","ACRE",21.65,1000.0000000000001,21650,4]
[null,"2024-02-22",2024,"Q1","15498","2 ","I-5: AURORA DONALD INTERCHANGE (EXIT 278) PHASE 2","1030-0101000R","WEED CONTROL","ACRE",21.65,1600,34640,5]
[null,"2024-02-22",2024,"Q1","15498","2 ","I-5: AURORA DONALD INTERCHANGE (EXIT 278) PHASE 2","1030-0101000R","WEED CONTROL","ACRE",21.65,1600,34640,6]
[null,"2024-02-22",2024,"Q1","15498","2 ","I-5: AURORA DONALD INTERCHANGE (EXIT 278) PHASE 2","1030-0101000R","WEED CONTROL","ACRE",21.65,1600,34640,7]
[null,"2024-02-22",2024,"Q1","15498","2 ","I-5: AURORA DONALD INTERCHANGE (EXIT 278) PHASE 2","1030-0103000R","TEMPORARY SEEDING","ACRE",19,7725,146775,1]
[null,"2024-02-22",2024,"Q1","15498","2 ","I-5: AURORA DONALD INTERCHANGE (EXIT 278) PHASE 2","1030-0103000R","TEMPORARY SEEDING","ACRE",19,8800,167200,2]
[null,"2024-02-22",2024,"Q1","15498","2 ","I-5: AURORA DONALD INTERCHANGE (EXIT 278) PHASE 2","1030-0103000R","TEMPORARY SEEDING","ACRE",19,8400,159600,3]
[null,"2024-02-22",2024,"Q1","15498","2 ","I-5: AURORA DONALD INTERCHANGE (EXIT 278) PHASE 2","1030-0103000R","TEMPORARY SEEDING","ACRE",19,5000,95000,4]
[null,"2024-02-22",2024,"Q1","15498","2 ","I-5: AURORA DONALD INTERCHANGE (EXIT 278) PHASE 2","1030-0103000R","TEMPORARY SEEDING","ACRE",19,7715,146585,5]
[null,"2024-02-22",2024,"Q1","15498","2 ","I-5: AURORA DONALD INTERCHANGE (EXIT 278) PHASE 2","1030-0103000R","TEMPORARY SEEDING","ACRE",19,7725,146775,6]
[null,"2024-02-22",2024,"Q1","15498","2 ","I-5: AURORA DONALD INTERCHANGE (EXIT 278) PHASE 2","1030-0103000R","TEMPORARY SEEDING","ACRE",19,7715,146585,7]
[null,"2024-02-22",2024,"Q1","15498","2 ","I-5: AURORA DONALD INTERCHANGE (EXIT 278) PHASE 2","1030-0109000R","PERMANENT SEEDING, MIX NO. 1","ACRE",2.67,7460.0000000000009,19918.2,1]
[null,"2024-02-22",2024,"Q1","15498","2 ","I-5: AURORA DONALD INTERCHANGE (EXIT 278) PHASE 2","1030-0109000R","PERMANENT SEEDING, MIX NO. 1","ACRE",2.67,8500,22695,2]
[null,"2024-02-22",2024,"Q1","15498","2 ","I-5: AURORA DONALD INTERCHANGE (EXIT 278) PHASE 2","1030-0109000R","PERMANENT SEEDING, MIX NO. 1","ACRE",2.67,8200,21894,3]
[null,"2024-02-22",2024,"Q1","15498","2 ","I-5: AURORA DONALD INTERCHANGE (EXIT 278) PHASE 2","1030-0109000R","PERMANENT SEEDING, MIX NO. 1","ACRE",2.67,8000,21360,4]
[null,"2024-02-22",2024,"Q1","15498","2 ","I-5: AURORA DONALD INTERCHANGE (EXIT 278) PHASE 2","1030-0109000R","PERMANENT SEEDING, MIX NO. 1","ACRE",2.67,7455,19904.849999999999,5]
[null,"2024-02-22",2024,"Q1","15498","2 ","I-5: AURORA DONALD INTERCHANGE (EXIT 278) PHASE 2","1030-0109000R","PERMANENT SEEDING, MIX NO. 1","ACRE",2.67,7500,20025,6]
[null,"2024-02-22",2024,"Q1","15498","2 ","I-5: AURORA DONALD INTERCHANGE (EXIT 278) PHASE 2","1030-0109000R","PERMANENT SEEDING, MIX NO. 1","ACRE",2.67,7455,19904.849999999999,7]
[null,"2024-02-22",2024,"Q1","15498","2 ","I-5: AURORA DONALD INTERCHANGE (EXIT 278) PHASE 2","1030-0110000R","PERMANENT SEEDING, MIX NO. 2","ACRE",17.8,9540,169812,1]
[null,"2024-02-22",2024,"Q1","15498","2 ","I-5: AURORA DONALD INTERCHANGE (EXIT 278) PHASE 2","1030-0110000R","PERMANENT SEEDING, MIX NO. 2","ACRE",17.8,11000,195800,2]
[null,"2024-02-22",2024,"Q1","15498","2 ","I-5: AURORA DONALD INTERCHANGE (EXIT 278) PHASE 2","1030-0110000R","PERMANENT SEEDING, MIX NO. 2","ACRE",17.8,10000,178000,3]
[null,"2024-02-22",2024,"Q1","15498","2 ","I-5: AURORA DONALD INTERCHANGE (EXIT 278) PHASE 2","1030-0110000R","PERMANENT SEEDING, MIX NO. 2","ACRE",17.8,10000,178000,4]
[null,"2024-02-22",2024,"Q1","15498","2 ","I-5: AURORA DONALD INTERCHANGE (EXIT 278) PHASE 2","1030-0110000R","PERMANENT SEEDING, MIX NO. 2","ACRE",17.8,9538,169776.4,5]
[null,"2024-02-22",2024,"Q1","15498","2 ","I-5: AURORA DONALD INTERCHANGE (EXIT 278) PHASE 2","1030-0110000R","PERMANENT SEEDING, MIX NO. 2","ACRE",17.8,10000,178000,6]
[null,"2024-02-22",2024,"Q1","15498","2 ","I-5: AURORA DONALD INTERCHANGE (EXIT 278) PHASE 2","1030-0110000R","PERMANENT SEEDING, MIX NO. 2","ACRE",17.8,9538,169776.4,7]
[null,"2024-02-22",2024,"Q1","15498","2 ","I-5: AURORA DONALD INTERCHANGE (EXIT 278) PHASE 2","1030-0111000R","PERMANENT SEEDING, MIX NO. 3","ACRE",0.6,6750,4050,1]
[null,"2024-02-22",2024,"Q1","15498","2 ","I-5: AURORA DONALD INTERCHANGE (EXIT 278) PHASE 2","1030-0111000R","PERMANENT SEEDING, MIX NO. 3","ACRE",0.6,7700,4620,2]
[null,"2024-02-22",2024,"Q1","15498","2 ","I-5: AURORA DONALD INTERCHANGE (EXIT 278) PHASE 2","1030-0111000R","PERMANENT SEEDING, MIX NO. 3","ACRE",0.6,7400,4440,3]
[null,"2024-02-22",2024,"Q1","15498","2 ","I-5: AURORA DONALD INTERCHANGE (EXIT 278) PHASE 2","1030-0111000R","PERMANENT SEEDING, MIX NO. 3","ACRE",0.6,6500,3900,4]
[null,"2024-02-22",2024,"Q1","15498","2 ","I-5: AURORA DONALD INTERCHANGE (EXIT 278) PHASE 2","1030-0111000R","PERMANENT SEEDING, MIX NO. 3","ACRE",0.6,6750,4050,5]
[null,"2024-02-22",2024,"Q1","15498","2 ","I-5: AURORA DONALD INTERCHANGE (EXIT 278) PHASE 2","1030-0111000R","PERMANENT SEEDING, MIX NO. 3","ACRE",0.6,6750,4050,6]
[null,"2024-02-22",2024,"Q1","15498","2 ","I-5: AURORA DONALD INTERCHANGE (EXIT 278) PHASE 2","1030-0111000R","PERMANENT SEEDING, MIX NO. 3","ACRE",0.6,6750,4050,7]
[null,"2024-02-22",2024,"Q1","15498","2 ","I-5: AURORA DONALD INTERCHANGE (EXIT 278) PHASE 2","1030-0113000R","WETLAND SEEDING","ACRE",0.05,18000,900,1]
[null,"2024-02-22",2024,"Q1","15498","2 ","I-5: AURORA DONALD INTERCHANGE (EXIT 278) PHASE 2","1030-0113000R","WETLAND SEEDING","ACRE",0.05,21000,1050,2]
[null,"2024-02-22",2024,"Q1","15498","2 ","I-5: AURORA DONALD INTERCHANGE (EXIT 278) PHASE 2","1030-0113000R","WETLAND SEEDING","ACRE",0.05,20000,1000,3]
[null,"2024-02-22",2024,"Q1","15498","2 ","I-5: AURORA DONALD INTERCHANGE (EXIT 278) PHASE 2","1030-0113000R","WETLAND SEEDING","ACRE",0.05,30000,1500,4]
[null,"2024-02-22",2024,"Q1","15498","2 ","I-5: AURORA DONALD INTERCHANGE (EXIT 278) PHASE 2","1030-0113000R","WETLAND SEEDING","ACRE",0.05,18000,900,5]
[null,"2024-02-22",2024,"Q1","15498","2 ","I-5: AURORA DONALD INTERCHANGE (EXIT 278) PHASE 2","1030-0113000R","WETLAND SEEDING","ACRE",0.05,18000,900,6]
[null,"2024-02-22",2024,"Q1","15498","2 ","I-5: AURORA DONALD INTERCHANGE (EXIT 278) PHASE 2","1030-0113000R","WETLAND SEEDING","ACRE",0.05,18000,900,7]
[null,"2024-02-22",2024,"Q1","15498","2 ","I-5: AURORA DONALD INTERCHANGE (EXIT 278) PHASE 2","1030-0138000J","LAWN SEEDING","SQYD",2443,4.8499999999999996,11848.55,1]
[null,"2024-02-22",2024,"Q1","15498","2 ","I-5: AURORA DONALD INTERCHANGE (EXIT 278) PHASE 2","1030-0138000J","LAWN SEEDING","SQYD",2443,5,12215,2]
[null,"2024-02-22",2024,"Q1","15498","2 ","I-5: AURORA DONALD INTERCHANGE (EXIT 278) PHASE 2","1030-0138000J","LAWN SEEDING","SQYD",2443,5,12215,3]
[null,"2024-02-22",2024,"Q1","15498","2 ","I-5: AURORA DONALD INTERCHANGE (EXIT 278) PHASE 2","1030-0138000J","LAWN SEEDING","SQYD",2443,1.5,3664.5,4]
[null,"2024-02-22",2024,"Q1","15498","2 ","I-5: AURORA DONALD INTERCHANGE (EXIT 278) PHASE 2","1030-0138000J","LAWN SEEDING","SQYD",2443,4.8,11726.4,5]
[null,"2024-02-22",2024,"Q1","15498","2 ","I-5: AURORA DONALD INTERCHANGE (EXIT 278) PHASE 2","1030-0138000J","LAWN SEEDING","SQYD",2443,5,12215,6]
[null,"2024-02-22",2024,"Q1","15498","2 ","I-5: AURORA DONALD INTERCHANGE (EXIT 278) PHASE 2","1030-0138000J","LAWN SEEDING","SQYD",2443,4.8,11726.4,7]
[null,"2024-02-22",2024,"Q1","15498","2 ","I-5: AURORA DONALD INTERCHANGE (EXIT 278) PHASE 2","1040-0100000E","SOIL TESTING","EACH",4,500,2000,1]
[null,"2024-02-22",2024,"Q1","15498","2 ","I-5: AURORA DONALD INTERCHANGE (EXIT 278) PHASE 2","1040-0100000E","SOIL TESTING","EACH",4,340,1360,2]
[null,"2024-02-22",2024,"Q1","15498","2 ","I-5: AURORA DONALD INTERCHANGE (EXIT 278) PHASE 2","1040-0100000E","SOIL TESTING","EACH",4,550,2200,3]
[null,"2024-02-22",2024,"Q1","15498","2 ","I-5: AURORA DONALD INTERCHANGE (EXIT 278) PHASE 2","1040-0100000E","SOIL TESTING","EACH",4,500,2000,4]
[null,"2024-02-22",2024,"Q1","15498","2 ","I-5: AURORA DONALD INTERCHANGE (EXIT 278) PHASE 2","1040-0100000E","SOIL TESTING","EACH",4,450,1800,5]
[null,"2024-02-22",2024,"Q1","15498","2 ","I-5: AURORA DONALD INTERCHANGE (EXIT 278) PHASE 2","1040-0100000E","SOIL TESTING","EACH",4,750,3000,6]
[null,"2024-02-22",2024,"Q1","15498","2 ","I-5: AURORA DONALD INTERCHANGE (EXIT 278) PHASE 2","1040-0100000E","SOIL TESTING","EACH",4,500,2000,7]
[null,"2024-02-22",2024,"Q1","15498","2 ","I-5: AURORA DONALD INTERCHANGE (EXIT 278) PHASE 2","1040-0101000K","TOPSOIL","CUYD",637,90,57330,1]
[null,"2024-02-22",2024,"Q1","15498","2 ","I-5: AURORA DONALD INTERCHANGE (EXIT 278) PHASE 2","1040-0101000K","TOPSOIL","CUYD",637,90,57330,2]
[null,"2024-02-22",2024,"Q1","15498","2 ","I-5: AURORA DONALD INTERCHANGE (EXIT 278) PHASE 2","1040-0101000K","TOPSOIL","CUYD",637,85,54145,3]
[null,"2024-02-22",2024,"Q1","15498","2 ","I-5: AURORA DONALD INTERCHANGE (EXIT 278) PHASE 2","1040-0101000K","TOPSOIL","CUYD",637,100,63700,4]
[null,"2024-02-22",2024,"Q1","15498","2 ","I-5: AURORA DONALD INTERCHANGE (EXIT 278) PHASE 2","1040-0101000K","TOPSOIL","CUYD",637,80,50960,5]
[null,"2024-02-22",2024,"Q1","15498","2 ","I-5: AURORA DONALD INTERCHANGE (EXIT 278) PHASE 2","1040-0101000K","TOPSOIL","CUYD",637,80,50960,6]
[null,"2024-02-22",2024,"Q1","15498","2 ","I-5: AURORA DONALD INTERCHANGE (EXIT 278) PHASE 2","1040-0101000K","TOPSOIL","CUYD",637,80,50960,7]
[null,"2024-02-22",2024,"Q1","15498","2 ","I-5: AURORA DONALD INTERCHANGE (EXIT 278) PHASE 2","1040-0107000K","SOIL CONDITIONER","CUYD",73,100,7300,1]
[null,"2024-02-22",2024,"Q1","15498","2 ","I-5: AURORA DONALD INTERCHANGE (EXIT 278) PHASE 2","1040-0107000K","SOIL CONDITIONER","CUYD",73,100,7300,2]
[null,"2024-02-22",2024,"Q1","15498","2 ","I-5: AURORA DONALD INTERCHANGE (EXIT 278) PHASE 2","1040-0107000K","SOIL CONDITIONER","CUYD",73,100,7300,3]
[null,"2024-02-22",2024,"Q1","15498","2 ","I-5: AURORA DONALD INTERCHANGE (EXIT 278) PHASE 2","1040-0107000K","SOIL CONDITIONER","CUYD",73,110,8030,4]
[null,"2024-02-22",2024,"Q1","15498","2 ","I-5: AURORA DONALD INTERCHANGE (EXIT 278) PHASE 2","1040-0107000K","SOIL CONDITIONER","CUYD",73,90,6570,5]
[null,"2024-02-22",2024,"Q1","15498","2 ","I-5: AURORA DONALD INTERCHANGE (EXIT 278) PHASE 2","1040-0107000K","SOIL CONDITIONER","CUYD",73,90,6570,6]
[null,"2024-02-22",2024,"Q1","15498","2 ","I-5: AURORA DONALD INTERCHANGE (EXIT 278) PHASE 2","1040-0107000K","SOIL CONDITIONER","CUYD",73,90,6570,7]
[null,"2024-02-22",2024,"Q1","15498","2 ","I-5: AURORA DONALD INTERCHANGE (EXIT 278) PHASE 2","1040-0110000E","CONIFER TREES, 2 FT HEIGHT","EACH",82,55,4510,1]
[null,"2024-02-22",2024,"Q1","15498","2 ","I-5: AURORA DONALD INTERCHANGE (EXIT 278) PHASE 2","1040-0110000E","CONIFER TREES, 2 FT HEIGHT","EACH",82,55,4510,2]
[null,"2024-02-22",2024,"Q1","15498","2 ","I-5: AURORA DONALD INTERCHANGE (EXIT 278) PHASE 2","1040-0110000E","CONIFER TREES, 2 FT HEIGHT","EACH",82,55,4510,3]
[null,"2024-02-22",2024,"Q1","15498","2 ","I-5: AURORA DONALD INTERCHANGE (EXIT 278) PHASE 2","1040-0110000E","CONIFER TREES, 2 FT HEIGHT","EACH",82,175,14350,4]
[null,"2024-02-22",2024,"Q1","15498","2 ","I-5: AURORA DONALD INTERCHANGE (EXIT 278) PHASE 2","1040-0110000E","CONIFER TREES, 2 FT HEIGHT","EACH",82,50,4100,5]
[null,"2024-02-22",2024,"Q1","15498","2 ","I-5: AURORA DONALD INTERCHANGE (EXIT 278) PHASE 2","1040-0110000E","CONIFER TREES, 2 FT HEIGHT","EACH",82,50,4100,6]
[null,"2024-02-22",2024,"Q1","15498","2 ","I-5: AURORA DONALD INTERCHANGE (EXIT 278) PHASE 2","1040-0110000E","CONIFER TREES, 2 FT HEIGHT","EACH",82,50,4100,7]
[null,"2024-02-22",2024,"Q1","15498","2 ","I-5: AURORA DONALD INTERCHANGE (EXIT 278) PHASE 2","1040-0112000E","CONIFER TREES, 4 FT HEIGHT","EACH",30,325,9750,1]
[null,"2024-02-22",2024,"Q1","15498","2 ","I-5: AURORA DONALD INTERCHANGE (EXIT 278) PHASE 2","1040-0112000E","CONIFER TREES, 4 FT HEIGHT","EACH",30,340,10200,2]
[null,"2024-02-22",2024,"Q1","15498","2 ","I-5: AURORA DONALD INTERCHANGE (EXIT 278) PHASE 2","1040-0112000E","CONIFER TREES, 4 FT HEIGHT","EACH",30,330,9900,3]
[null,"2024-02-22",2024,"Q1","15498","2 ","I-5: AURORA DONALD INTERCHANGE (EXIT 278) PHASE 2","1040-0112000E","CONIFER TREES, 4 FT HEIGHT","EACH",30,325,9750,4]
[null,"2024-02-22",2024,"Q1","15498","2 ","I-5: AURORA DONALD INTERCHANGE (EXIT 278) PHASE 2","1040-0112000E","CONIFER TREES, 4 FT HEIGHT","EACH",30,300,9000,5]
[null,"2024-02-22",2024,"Q1","15498","2 ","I-5: AURORA DONALD INTERCHANGE (EXIT 278) PHASE 2","1040-0112000E","CONIFER TREES, 4 FT HEIGHT","EACH",30,300,9000,6]
[null,"2024-02-22",2024,"Q1","15498","2 ","I-5: AURORA DONALD INTERCHANGE (EXIT 278) PHASE 2","1040-0112000E","CONIFER TREES, 4 FT HEIGHT","EACH",30,300,9000,7]
[null,"2024-02-22",2024,"Q1","15498","2 ","I-5: AURORA DONALD INTERCHANGE (EXIT 278) PHASE 2","1040-0148000E","DECIDUOUS TREES, #2 CONTAINER","EACH",81,75,6075,1]
[null,"2024-02-22",2024,"Q1","15498","2 ","I-5: AURORA DONALD INTERCHANGE (EXIT 278) PHASE 2","1040-0148000E","DECIDUOUS TREES, #2 CONTAINER","EACH",81,85,6885,2]
[null,"2024-02-22",2024,"Q1","15498","2 ","I-5: AURORA DONALD INTERCHANGE (EXIT 278) PHASE 2","1040-0148000E","DECIDUOUS TREES, #2 CONTAINER","EACH",81,80,6480,3]
[null,"2024-02-22",2024,"Q1","15498","2 ","I-5: AURORA DONALD INTERCHANGE (EXIT 278) PHASE 2","1040-0148000E","DECIDUOUS TREES, #2 CONTAINER","EACH",81,175,14175,4]
[null,"2024-02-22",2024,"Q1","15498","2 ","I-5: AURORA DONALD INTERCHANGE (EXIT 278) PHASE 2","1040-0148000E","DECIDUOUS TREES, #2 CONTAINER","EACH",81,75,6075,5]
[null,"2024-02-22",2024,"Q1","15498","2 ","I-5: AURORA DONALD INTERCHANGE (EXIT 278) PHASE 2","1040-0148000E","DECIDUOUS TREES, #2 CONTAINER","EACH",81,75,6075,6]
[null,"2024-02-22",2024,"Q1","15498","2 ","I-5: AURORA DONALD INTERCHANGE (EXIT 278) PHASE 2","1040-0148000E","DECIDUOUS TREES, #2 CONTAINER","EACH",81,75,6075,7]
[null,"2024-02-22",2024,"Q1","15498","2 ","I-5: AURORA DONALD INTERCHANGE (EXIT 278) PHASE 2","1040-0153000E","SHRUBS, #1 CONTAINER","EACH",486,15,7290,1]
[null,"2024-02-22",2024,"Q1","15498","2 ","I-5: AURORA DONALD INTERCHANGE (EXIT 278) PHASE 2","1040-0153000E","SHRUBS, #1 CONTAINER","EACH",486,17,8262,2]
[null,"2024-02-22",2024,"Q1","15498","2 ","I-5: AURORA DONALD INTERCHANGE (EXIT 278) PHASE 2","1040-0153000E","SHRUBS, #1 CONTAINER","EACH",486,17,8262,3]
[null,"2024-02-22",2024,"Q1","15498","2 ","I-5: AURORA DONALD INTERCHANGE (EXIT 278) PHASE 2","1040-0153000E","SHRUBS, #1 CONTAINER","EACH",486,28,13608,4]
[null,"2024-02-22",2024,"Q1","15498","2 ","I-5: AURORA DONALD INTERCHANGE (EXIT 278) PHASE 2","1040-0153000E","SHRUBS, #1 CONTAINER","EACH",486,15,7290,5]
[null,"2024-02-22",2024,"Q1","15498","2 ","I-5: AURORA DONALD INTERCHANGE (EXIT 278) PHASE 2","1040-0153000E","SHRUBS, #1 CONTAINER","EACH",486,15,7290,6]
[null,"2024-02-22",2024,"Q1","15498","2 ","I-5: AURORA DONALD INTERCHANGE (EXIT 278) PHASE 2","1040-0153000E","SHRUBS, #1 CONTAINER","EACH",486,15,7290,7]
[null,"2024-02-22",2024,"Q1","15498","2 ","I-5: AURORA DONALD INTERCHANGE (EXIT 278) PHASE 2","1040-0154000E","SHRUBS, #2 CONTAINER","EACH",766,24,18384,1]
[null,"2024-02-22",2024,"Q1","15498","2 ","I-5: AURORA DONALD INTERCHANGE (EXIT 278) PHASE 2","1040-0154000E","SHRUBS, #2 CONTAINER","EACH",766,27,20682,2]
[null,"2024-02-22",2024,"Q1","15498","2 ","I-5: AURORA DONALD INTERCHANGE (EXIT 278) PHASE 2","1040-0154000E","SHRUBS, #2 CONTAINER","EACH",766,25,19150,3]
[null,"2024-02-22",2024,"Q1","15498","2 ","I-5: AURORA DONALD INTERCHANGE (EXIT 278) PHASE 2","1040-0154000E","SHRUBS, #2 CONTAINER","EACH",766,32,24512,4]
[null,"2024-02-22",2024,"Q1","15498","2 ","I-5: AURORA DONALD INTERCHANGE (EXIT 278) PHASE 2","1040-0154000E","SHRUBS, #2 CONTAINER","EACH",766,24,18384,5]
[null,"2024-02-22",2024,"Q1","15498","2 ","I-5: AURORA DONALD INTERCHANGE (EXIT 278) PHASE 2","1040-0154000E","SHRUBS, #2 CONTAINER","EACH",766,24,18384,6]
[null,"2024-02-22",2024,"Q1","15498","2 ","I-5: AURORA DONALD INTERCHANGE (EXIT 278) PHASE 2","1040-0154000E","SHRUBS, #2 CONTAINER","EACH",766,24,18384,7]
[null,"2024-02-22",2024,"Q1","15498","2 ","I-5: AURORA DONALD INTERCHANGE (EXIT 278) PHASE 2","1040-0193000K","WOOD CHIP MULCH","CUYD",386,80,30880,1]
[null,"2024-02-22",2024,"Q1","15498","2 ","I-5: AURORA DONALD INTERCHANGE (EXIT 278) PHASE 2","1040-0193000K","WOOD CHIP MULCH","CUYD",386,90,34740,2]
[null,"2024-02-22",2024,"Q1","15498","2 ","I-5: AURORA DONALD INTERCHANGE (EXIT 278) PHASE 2","1040-0193000K","WOOD CHIP MULCH","CUYD",386,85,32810,3]
[null,"2024-02-22",2024,"Q1","15498","2 ","I-5: AURORA DONALD INTERCHANGE (EXIT 278) PHASE 2","1040-0193000K","WOOD CHIP MULCH","CUYD",386,125,48250,4]
[null,"2024-02-22",2024,"Q1","15498","2 ","I-5: AURORA DONALD INTERCHANGE (EXIT 278) PHASE 2","1040-0193000K","WOOD CHIP MULCH","CUYD",386,80,30880,5]
[null,"2024-02-22",2024,"Q1","15498","2 ","I-5: AURORA DONALD INTERCHANGE (EXIT 278) PHASE 2","1040-0193000K","WOOD CHIP MULCH","CUYD",386,80,30880,6]
[null,"2024-02-22",2024,"Q1","15498","2 ","I-5: AURORA DONALD INTERCHANGE (EXIT 278) PHASE 2","1040-0193000K","WOOD CHIP MULCH","CUYD",386,80,30880,7]
[null,"2024-02-22",2024,"Q1","15498","2 ","I-5: AURORA DONALD INTERCHANGE (EXIT 278) PHASE 2","1050-0104000F","TYPE 2 FENCE","FOOT",3670,17.5,64225,1]
[null,"2024-02-22",2024,"Q1","15498","2 ","I-5: AURORA DONALD INTERCHANGE (EXIT 278) PHASE 2","1050-0104000F","TYPE 2 FENCE","FOOT",3670,20,73400,2]
[null,"2024-02-22",2024,"Q1","15498","2 ","I-5: AURORA DONALD INTERCHANGE (EXIT 278) PHASE 2","1050-0104000F","TYPE 2 FENCE","FOOT",3670,20,73400,3]
[null,"2024-02-22",2024,"Q1","15498","2 ","I-5: AURORA DONALD INTERCHANGE (EXIT 278) PHASE 2","1050-0104000F","TYPE 2 FENCE","FOOT",3670,20,73400,4]
[null,"2024-02-22",2024,"Q1","15498","2 ","I-5: AURORA DONALD INTERCHANGE (EXIT 278) PHASE 2","1050-0104000F","TYPE 2 FENCE","FOOT",3670,17.5,64225,5]
[null,"2024-02-22",2024,"Q1","15498","2 ","I-5: AURORA DONALD INTERCHANGE (EXIT 278) PHASE 2","1050-0104000F","TYPE 2 FENCE","FOOT",3670,17.5,64225,6]
[null,"2024-02-22",2024,"Q1","15498","2 ","I-5: AURORA DONALD INTERCHANGE (EXIT 278) PHASE 2","1050-0104000F","TYPE 2 FENCE","FOOT",3670,18,66060,7]
[null,"2024-02-22",2024,"Q1","15498","2 ","I-5: AURORA DONALD INTERCHANGE (EXIT 278) PHASE 2","1050-0118000E","24 FOOT DOUBLE GATES","EACH",1,5500,5500,1]
[null,"2024-02-22",2024,"Q1","15498","2 ","I-5: AURORA DONALD INTERCHANGE (EXIT 278) PHASE 2","1050-0118000E","24 FOOT DOUBLE GATES","EACH",1,6100,6100,2]
[null,"2024-02-22",2024,"Q1","15498","2 ","I-5: AURORA DONALD INTERCHANGE (EXIT 278) PHASE 2","1050-0118000E","24 FOOT DOUBLE GATES","EACH",1,6000,6000,3]
[null,"2024-02-22",2024,"Q1","15498","2 ","I-5: AURORA DONALD INTERCHANGE (EXIT 278) PHASE 2","1050-0118000E","24 FOOT DOUBLE GATES","EACH",1,6000,6000,4]
[null,"2024-02-22",2024,"Q1","15498","2 ","I-5: AURORA DONALD INTERCHANGE (EXIT 278) PHASE 2","1050-0118000E","24 FOOT DOUBLE GATES","EACH",1,5300,5300,5]
[null,"2024-02-22",2024,"Q1","15498","2 ","I-5: AURORA DONALD INTERCHANGE (EXIT 278) PHASE 2","1050-0118000E","24 FOOT DOUBLE GATES","EACH",1,5300,5300,6]
[null,"2024-02-22",2024,"Q1","15498","2 ","I-5: AURORA DONALD INTERCHANGE (EXIT 278) PHASE 2","1050-0118000E","24 FOOT DOUBLE GATES","EACH",1,5300,5300,7]
[null,"2024-02-22",2024,"Q1","15498","2 ","I-5: AURORA DONALD INTERCHANGE (EXIT 278) PHASE 2","1050-0119000E","28 FOOT DOUBLE GATES","EACH",1,5500,5500,1]
[null,"2024-02-22",2024,"Q1","15498","2 ","I-5: AURORA DONALD INTERCHANGE (EXIT 278) PHASE 2","1050-0119000E","28 FOOT DOUBLE GATES","EACH",1,6300,6300,2]
[null,"2024-02-22",2024,"Q1","15498","2 ","I-5: AURORA DONALD INTERCHANGE (EXIT 278) PHASE 2","1050-0119000E","28 FOOT DOUBLE GATES","EACH",1,6000,6000,3]
[null,"2024-02-22",2024,"Q1","15498","2 ","I-5: AURORA DONALD INTERCHANGE (EXIT 278) PHASE 2","1050-0119000E","28 FOOT DOUBLE GATES","EACH",1,6300,6300,4]
[null,"2024-02-22",2024,"Q1","15498","2 ","I-5: AURORA DONALD INTERCHANGE (EXIT 278) PHASE 2","1050-0119000E","28 FOOT DOUBLE GATES","EACH",1,5500,5500,5]
[null,"2024-02-22",2024,"Q1","15498","2 ","I-5: AURORA DONALD INTERCHANGE (EXIT 278) PHASE 2","1050-0119000E","28 FOOT DOUBLE GATES","EACH",1,5500,5500,6]
[null,"2024-02-22",2024,"Q1","15498","2 ","I-5: AURORA DONALD INTERCHANGE (EXIT 278) PHASE 2","1050-0119000E","28 FOOT DOUBLE GATES","EACH",1,5500,5500,7]
[null,"2024-02-22",2024,"Q1","15498","2 ","I-5: AURORA DONALD INTERCHANGE (EXIT 278) PHASE 2","1050-0135000F","CL-4 CHAIN LINK FENCE","FOOT",260,50,13000,1]
[null,"2024-02-22",2024,"Q1","15498","2 ","I-5: AURORA DONALD INTERCHANGE (EXIT 278) PHASE 2","1050-0135000F","CL-4R CHAIN LINK FENCE","FOOT",543,65,35295,1]
[null,"2024-02-22",2024,"Q1","15498","2 ","I-5: AURORA DONALD INTERCHANGE (EXIT 278) PHASE 2","1050-0135000F","CL-4 CHAIN LINK FENCE","FOOT",260,55,14300,2]
[null,"2024-02-22",2024,"Q1","15498","2 ","I-5: AURORA DONALD INTERCHANGE (EXIT 278) PHASE 2","1050-0135000F","CL-4R CHAIN LINK FENCE","FOOT",543,130,70590,2]
[null,"2024-02-22",2024,"Q1","15498","2 ","I-5: AURORA DONALD INTERCHANGE (EXIT 278) PHASE 2","1050-0135000F","CL-4R CHAIN LINK FENCE","FOOT",543,125,67875,3]
[null,"2024-02-22",2024,"Q1","15498","2 ","I-5: AURORA DONALD INTERCHANGE (EXIT 278) PHASE 2","1050-0135000F","CL-4 CHAIN LINK FENCE","FOOT",260,50,13000,3]
[null,"2024-02-22",2024,"Q1","15498","2 ","I-5: AURORA DONALD INTERCHANGE (EXIT 278) PHASE 2","1050-0135000F","CL-4R CHAIN LINK FENCE","FOOT",543,125,67875,4]
[null,"2024-02-22",2024,"Q1","15498","2 ","I-5: AURORA DONALD INTERCHANGE (EXIT 278) PHASE 2","1050-0135000F","CL-4 CHAIN LINK FENCE","FOOT",260,55,14300,4]
[null,"2024-02-22",2024,"Q1","15498","2 ","I-5: AURORA DONALD INTERCHANGE (EXIT 278) PHASE 2","1050-0135000F","CL-4 CHAIN LINK FENCE","FOOT",260,48,12480,5]
[null,"2024-02-22",2024,"Q1","15498","2 ","I-5: AURORA DONALD INTERCHANGE (EXIT 278) PHASE 2","1050-0135000F","CL-4R CHAIN LINK FENCE","FOOT",543,114,61902,5]
[null,"2024-02-22",2024,"Q1","15498","2 ","I-5: AURORA DONALD INTERCHANGE (EXIT 278) PHASE 2","1050-0135000F","CL-4 CHAIN LINK FENCE","FOOT",260,50,13000,6]
[null,"2024-02-22",2024,"Q1","15498","2 ","I-5: AURORA DONALD INTERCHANGE (EXIT 278) PHASE 2","1050-0135000F","CL-4R CHAIN LINK FENCE","FOOT",543,114,61902,6]
[null,"2024-02-22",2024,"Q1","15498","2 ","I-5: AURORA DONALD INTERCHANGE (EXIT 278) PHASE 2","1050-0135000F","CL-4R CHAIN LINK FENCE","FOOT",543,110,59730,7]
[null,"2024-02-22",2024,"Q1","15498","2 ","I-5: AURORA DONALD INTERCHANGE (EXIT 278) PHASE 2","1050-0135000F","CL-4 CHAIN LINK FENCE","FOOT",260,48,12480,7]
[null,"2024-02-22",2024,"Q1","15498","2 ","I-5: AURORA DONALD INTERCHANGE (EXIT 278) PHASE 2","1091-0100000A","STREAMBED ENHANCEMENT","LS",1,115000,115000,1]
[null,"2024-02-22",2024,"Q1","15498","2 ","I-5: AURORA DONALD INTERCHANGE (EXIT 278) PHASE 2","1091-0100000A","STREAMBED ENHANCEMENT","LS",1,95000,95000,2]
[null,"2024-02-22",2024,"Q1","15498","2 ","I-5: AURORA DONALD INTERCHANGE (EXIT 278) PHASE 2","1091-0100000A","STREAMBED ENHANCEMENT","LS",1,125000,125000,3]
[null,"2024-02-22",2024,"Q1","15498","2 ","I-5: AURORA DONALD INTERCHANGE (EXIT 278) PHASE 2","1091-0100000A","STREAMBED ENHANCEMENT","LS",1,60000,60000,4]
[null,"2024-02-22",2024,"Q1","15498","2 ","I-5: AURORA DONALD INTERCHANGE (EXIT 278) PHASE 2","1091-0100000A","STREAMBED ENHANCEMENT","LS",1,240000,240000,5]
[null,"2024-02-22",2024,"Q1","15498","2 ","I-5: AURORA DONALD INTERCHANGE (EXIT 278) PHASE 2","1091-0100000A","STREAMBED ENHANCEMENT","LS",1,131000,131000,6]
[null,"2024-02-22",2024,"Q1","15498","2 ","I-5: AURORA DONALD INTERCHANGE (EXIT 278) PHASE 2","1091-0100000A","STREAMBED ENHANCEMENT","LS",1,210000,210000,7]
[null,"2024-02-22",2024,"Q1","15498","2 ","I-5: AURORA DONALD INTERCHANGE (EXIT 278) PHASE 2","1999-9Z90000I","90 INCH SUBGRADE/EMBANKMENT FOUNDATION STABILIZATION","SQYD",350,180,63000,1]
[null,"2024-02-22",2024,"Q1","15498","2 ","I-5: AURORA DONALD INTERCHANGE (EXIT 278) PHASE 2","1999-9Z90000I","18 INCH SUBGRADE/EMBANKMENT FOUNDATION STABILIZATION","SQYD",22000,32,704000,1]
[null,"2024-02-22",2024,"Q1","15498","2 ","I-5: AURORA DONALD INTERCHANGE (EXIT 278) PHASE 2","1999-9Z90000I","90 INCH SUBGRADE/EMBANKMENT FOUNDATION STABILIZATION","SQYD",350,150,52500,2]
[null,"2024-02-22",2024,"Q1","15498","2 ","I-5: AURORA DONALD INTERCHANGE (EXIT 278) PHASE 2","1999-9Z90000I","18 INCH SUBGRADE/EMBANKMENT FOUNDATION STABILIZATION","SQYD",22000,30,660000,2]
[null,"2024-02-22",2024,"Q1","15498","2 ","I-5: AURORA DONALD INTERCHANGE (EXIT 278) PHASE 2","1999-9Z90000I","90 INCH SUBGRADE/EMBANKMENT FOUNDATION STABILIZATION","SQYD",350,250,87500,3]
[null,"2024-02-22",2024,"Q1","15498","2 ","I-5: AURORA DONALD INTERCHANGE (EXIT 278) PHASE 2","1999-9Z90000I","18 INCH SUBGRADE/EMBANKMENT FOUNDATION STABILIZATION","SQYD",22000,40,880000,3]
[null,"2024-02-22",2024,"Q1","15498","2 ","I-5: AURORA DONALD INTERCHANGE (EXIT 278) PHASE 2","1999-9Z90000I","18 INCH SUBGRADE/EMBANKMENT FOUNDATION STABILIZATION","SQYD",22000,35,770000,4]
[null,"2024-02-22",2024,"Q1","15498","2 ","I-5: AURORA DONALD INTERCHANGE (EXIT 278) PHASE 2","1999-9Z90000I","90 INCH SUBGRADE/EMBANKMENT FOUNDATION STABILIZATION","SQYD",350,300,105000,4]
[null,"2024-02-22",2024,"Q1","15498","2 ","I-5: AURORA DONALD INTERCHANGE (EXIT 278) PHASE 2","1999-9Z90000I","90 INCH SUBGRADE/EMBANKMENT FOUNDATION STABILIZATION","SQYD",350,240,84000,5]
[null,"2024-02-22",2024,"Q1","15498","2 ","I-5: AURORA DONALD INTERCHANGE (EXIT 278) PHASE 2","1999-9Z90000I","18 INCH SUBGRADE/EMBANKMENT FOUNDATION STABILIZATION","SQYD",22000,32,704000,5]
[null,"2024-02-22",2024,"Q1","15498","2 ","I-5: AURORA DONALD INTERCHANGE (EXIT 278) PHASE 2","1999-9Z90000I","90 INCH SUBGRADE/EMBANKMENT FOUNDATION STABILIZATION","SQYD",350,300,105000,6]
[null,"2024-02-22",2024,"Q1","15498","2 ","I-5: AURORA DONALD INTERCHANGE (EXIT 278) PHASE 2","1999-9Z90000I","18 INCH SUBGRADE/EMBANKMENT FOUNDATION STABILIZATION","SQYD",22000,50,1100000,6]
[null,"2024-02-22",2024,"Q1","15498","2 ","I-5: AURORA DONALD INTERCHANGE (EXIT 278) PHASE 2","1999-9Z90000I","18 INCH SUBGRADE/EMBANKMENT FOUNDATION STABILIZATION","SQYD",22000,62,1364000,7]
[null,"2024-02-22",2024,"Q1","15498","2 ","I-5: AURORA DONALD INTERCHANGE (EXIT 278) PHASE 2","1999-9Z90000I","90 INCH SUBGRADE/EMBANKMENT FOUNDATION STABILIZATION","SQYD",350,395,138250,7]
[null,"2024-02-22",2024,"Q1","15498","2 ","I-5: AURORA DONALD INTERCHANGE (EXIT 278) PHASE 2","1999-9Z90000J","CONSTRUCTION MATS","SQFT",4500,10,45000,1]
[null,"2024-02-22",2024,"Q1","15498","2 ","I-5: AURORA DONALD INTERCHANGE (EXIT 278) PHASE 2","1999-9Z90000J","CONSTRUCTION MATS","SQFT",4500,3.5,15750,2]
[null,"2024-02-22",2024,"Q1","15498","2 ","I-5: AURORA DONALD INTERCHANGE (EXIT 278) PHASE 2","1999-9Z90000J","CONSTRUCTION MATS","SQFT",4500,10,45000,3]
[null,"2024-02-22",2024,"Q1","15498","2 ","I-5: AURORA DONALD INTERCHANGE (EXIT 278) PHASE 2","1999-9Z90000J","CONSTRUCTION MATS","SQFT",4500,4,18000,4]
[null,"2024-02-22",2024,"Q1","15498","2 ","I-5: AURORA DONALD INTERCHANGE (EXIT 278) PHASE 2","1999-9Z90000J","CONSTRUCTION MATS","SQFT",4500,15,67500,5]
[null,"2024-02-22",2024,"Q1","15498","2 ","I-5: AURORA DONALD INTERCHANGE (EXIT 278) PHASE 2","1999-9Z90000J","CONSTRUCTION MATS","SQFT",4500,11,49500,6]
[null,"2024-02-22",2024,"Q1","15498","2 ","I-5: AURORA DONALD INTERCHANGE (EXIT 278) PHASE 2","1999-9Z90000J","CONSTRUCTION MATS","SQFT",4500,46,207000,7]
[null,"2024-02-08",2024,"Q1","15503","2 ","US20: EDDYVILLE - CLINE HILL","0222-0102000J","TEMPORARY SIGNS","SQFT",200,60,12000,1]
[null,"2024-02-08",2024,"Q1","15501","4 ","US20 AT LOCUST STREET (SISTERS)","0222-0102000J","TEMPORARY SIGNS","SQFT",1395,35,48825,1]
[null,"2024-02-08",2024,"Q1","15504","2 ","OR126: BLUE RIVER AND FISH HOLE BRIDGES","0222-0102000J","TEMPORARY SIGNS","SQFT",580,30,17400,1]
[null,"2024-02-08",2024,"Q1","15504","2 ","OR126: BLUE RIVER AND FISH HOLE BRIDGES","0222-0102000J","TEMPORARY SIGNS","SQFT",580,35,20300,2]
[null,"2024-02-08",2024,"Q1","15503","2 ","US20: EDDYVILLE - CLINE HILL","0222-0102000J","TEMPORARY SIGNS","SQFT",200,65,13000,2]
[null,"2024-02-08",2024,"Q1","15501","4 ","US20 AT LOCUST STREET (SISTERS)","0222-0102000J","TEMPORARY SIGNS","SQFT",1395,24,33480,2]
[null,"2024-02-08",2024,"Q1","15504","2 ","OR126: BLUE RIVER AND FISH HOLE BRIDGES","0222-0102000J","TEMPORARY SIGNS","SQFT",580,30,17400,3]
[null,"2024-02-08",2024,"Q1","15501","4 ","US20 AT LOCUST STREET (SISTERS)","0222-0102000J","TEMPORARY SIGNS","SQFT",1395,26,36270,3]
[null,"2024-02-08",2024,"Q1","15501","4 ","US20 AT LOCUST STREET (SISTERS)","0222-0102000J","TEMPORARY SIGNS","SQFT",1395,30,41850,4]
[null,"2024-02-08",2024,"Q1","15504","2 ","OR126: BLUE RIVER AND FISH HOLE BRIDGES","0222-0102000J","TEMPORARY SIGNS","SQFT",580,35,20300,4]
[null,"2024-02-08",2024,"Q1","15504","2 ","OR126: BLUE RIVER AND FISH HOLE BRIDGES","0222-0102000J","TEMPORARY SIGNS","SQFT",580,40,23200,5]
[null,"2024-02-08",2024,"Q1","15501","4 ","US20 AT LOCUST STREET (SISTERS)","0222-0102000J","TEMPORARY SIGNS","SQFT",1395,16,22320,5]
[null,"2024-02-08",2024,"Q1","15503","2 ","US20: EDDYVILLE - CLINE HILL","0222-0164000E","PORTABLE CHANGEABLE MESSAGE SIGNS","EACH",2,3800,7600,1]
[null,"2024-02-08",2024,"Q1","15501","4 ","US20 AT LOCUST STREET (SISTERS)","0222-0164000E","PORTABLE CHANGEABLE MESSAGE SIGNS","EACH",3,5000,15000,1]
[null,"2024-02-08",2024,"Q1","15504","2 ","OR126: BLUE RIVER AND FISH HOLE BRIDGES","0222-0164000E","PORTABLE CHANGEABLE MESSAGE SIGNS","EACH",2,10000,20000,1]
[null,"2024-02-08",2024,"Q1","15501","4 ","US20 AT LOCUST STREET (SISTERS)","0222-0164000E","PORTABLE CHANGEABLE MESSAGE SIGNS","EACH",3,10000,30000,2]
[null,"2024-02-08",2024,"Q1","15503","2 ","US20: EDDYVILLE - CLINE HILL","0222-0164000E","PORTABLE CHANGEABLE MESSAGE SIGNS","EACH",2,8900,17800,2]
[null,"2024-02-08",2024,"Q1","15504","2 ","OR126: BLUE RIVER AND FISH HOLE BRIDGES","0222-0164000E","PORTABLE CHANGEABLE MESSAGE SIGNS","EACH",2,15000,30000,2]
[null,"2024-02-08",2024,"Q1","15504","2 ","OR126: BLUE RIVER AND FISH HOLE BRIDGES","0222-0164000E","PORTABLE CHANGEABLE MESSAGE SIGNS","EACH",2,10000,20000,3]
[null,"2024-02-08",2024,"Q1","15501","4 ","US20 AT LOCUST STREET (SISTERS)","0222-0164000E","PORTABLE CHANGEABLE MESSAGE SIGNS","EACH",3,2750,8250,3]
[null,"2024-02-08",2024,"Q1","15501","4 ","US20 AT LOCUST STREET (SISTERS)","0222-0164000E","PORTABLE CHANGEABLE MESSAGE SIGNS","EACH",3,12000,36000,4]
[null,"2024-02-08",2024,"Q1","15504","2 ","OR126: BLUE RIVER AND FISH HOLE BRIDGES","0222-0164000E","PORTABLE CHANGEABLE MESSAGE SIGNS","EACH",2,7500,15000,4]
[null,"2024-02-08",2024,"Q1","15504","2 ","OR126: BLUE RIVER AND FISH HOLE BRIDGES","0222-0164000E","PORTABLE CHANGEABLE MESSAGE SIGNS","EACH",2,10000,20000,5]
[null,"2024-02-08",2024,"Q1","15501","4 ","US20 AT LOCUST STREET (SISTERS)","0222-0164000E","PORTABLE CHANGEABLE MESSAGE SIGNS","EACH",3,4500,13500,5]
[null,"2024-02-08",2024,"Q1","15501","4 ","US20 AT LOCUST STREET (SISTERS)","0223-0168000T","FLAGGERS","HOUR",800,78,62400,1]
[null,"2024-02-08",2024,"Q1","15503","2 ","US20: EDDYVILLE - CLINE HILL","0223-0168000T","FLAGGERS","HOUR",560,67,37520,1]
[null,"2024-02-08",2024,"Q1","15504","2 ","OR126: BLUE RIVER AND FISH HOLE BRIDGES","0223-0168000T","FLAGGERS","HOUR",400,61,24400,1]
[null,"2024-02-08",2024,"Q1","15503","2 ","US20: EDDYVILLE - CLINE HILL","0223-0168000T","FLAGGERS","HOUR",560,72.5,40600,2]
[null,"2024-02-08",2024,"Q1","15504","2 ","OR126: BLUE RIVER AND FISH HOLE BRIDGES","0223-0168000T","FLAGGERS","HOUR",400,62,24800,2]
[null,"2024-02-08",2024,"Q1","15501","4 ","US20 AT LOCUST STREET (SISTERS)","0223-0168000T","FLAGGERS","HOUR",800,68,54400,2]
[null,"2024-02-08",2024,"Q1","15504","2 ","OR126: BLUE RIVER AND FISH HOLE BRIDGES","0223-0168000T","FLAGGERS","HOUR",400,70,28000,3]
[null,"2024-02-08",2024,"Q1","15501","4 ","US20 AT LOCUST STREET (SISTERS)","0223-0168000T","FLAGGERS","HOUR",800,84,67200,3]
[null,"2024-02-08",2024,"Q1","15501","4 ","US20 AT LOCUST STREET (SISTERS)","0223-0168000T","FLAGGERS","HOUR",800,85,68000,4]
[null,"2024-02-08",2024,"Q1","15504","2 ","OR126: BLUE RIVER AND FISH HOLE BRIDGES","0223-0168000T","FLAGGERS","HOUR",400,68,27200,4]
[null,"2024-02-08",2024,"Q1","15501","4 ","US20 AT LOCUST STREET (SISTERS)","0223-0168000T","FLAGGERS","HOUR",800,77,61600,5]
[null,"2024-02-08",2024,"Q1","15504","2 ","OR126: BLUE RIVER AND FISH HOLE BRIDGES","0223-0168000T","FLAGGERS","HOUR",400,77,30800,5]
[null,"2024-02-08",2024,"Q1","15501","4 ","US20 AT LOCUST STREET (SISTERS)","0223-0168100E","FLAGGER STATION LIGHTING","EACH",4,1800,7200,1]
[null,"2024-02-08",2024,"Q1","15503","2 ","US20: EDDYVILLE - CLINE HILL","0223-0168100E","FLAGGER STATION LIGHTING","EACH",2,5500,11000,1]
[null,"2024-02-08",2024,"Q1","15504","2 ","OR126: BLUE RIVER AND FISH HOLE BRIDGES","0223-0168100E","FLAGGER STATION LIGHTING","EACH",4,100,400,1]
[null,"2024-02-08",2024,"Q1","15501","4 ","US20 AT LOCUST STREET (SISTERS)","0223-0168100E","FLAGGER STATION LIGHTING","EACH",4,3500,14000,2]
[null,"2024-02-08",2024,"Q1","15503","2 ","US20: EDDYVILLE - CLINE HILL","0223-0168100E","FLAGGER STATION LIGHTING","EACH",2,3950,7900,2]
[null,"2024-02-08",2024,"Q1","15504","2 ","OR126: BLUE RIVER AND FISH HOLE BRIDGES","0223-0168100E","FLAGGER STATION LIGHTING","EACH",4,2000,8000,2]
[null,"2024-02-08",2024,"Q1","15504","2 ","OR126: BLUE RIVER AND FISH HOLE BRIDGES","0223-0168100E","FLAGGER STATION LIGHTING","EACH",4,100,400,3]
[null,"2024-02-08",2024,"Q1","15501","4 ","US20 AT LOCUST STREET (SISTERS)","0223-0168100E","FLAGGER STATION LIGHTING","EACH",4,3775,15100,3]
[null,"2024-02-08",2024,"Q1","15501","4 ","US20 AT LOCUST STREET (SISTERS)","0223-0168100E","FLAGGER STATION LIGHTING","EACH",4,1800,7200,4]
[null,"2024-02-08",2024,"Q1","15504","2 ","OR126: BLUE RIVER AND FISH HOLE BRIDGES","0223-0168100E","FLAGGER STATION LIGHTING","EACH",4,750,3000,4]
[null,"2024-02-08",2024,"Q1","15504","2 ","OR126: BLUE RIVER AND FISH HOLE BRIDGES","0223-0168100E","FLAGGER STATION LIGHTING","EACH",4,850,3400,5]
[null,"2024-02-08",2024,"Q1","15501","4 ","US20 AT LOCUST STREET (SISTERS)","0223-0168100E","FLAGGER STATION LIGHTING","EACH",4,1000,4000,5]
[null,"2024-02-08",2024,"Q1","15501","4 ","US20 AT LOCUST STREET (SISTERS)","0223-0169000E","TRAFFIC CONTROL SUPERVISOR","EACH",60,150,9000,1]
[null,"2024-02-08",2024,"Q1","15501","4 ","US20 AT LOCUST STREET (SISTERS)","0223-0169000E","TRAFFIC CONTROL SUPERVISOR","EACH",60,550,33000,2]
[null,"2024-02-08",2024,"Q1","15501","4 ","US20 AT LOCUST STREET (SISTERS)","0223-0169000E","TRAFFIC CONTROL SUPERVISOR","EACH",60,216,12960,3]
[null,"2024-02-08",2024,"Q1","15501","4 ","US20 AT LOCUST STREET (SISTERS)","0223-0169000E","TRAFFIC CONTROL SUPERVISOR","EACH",60,150,9000,4]
[null,"2024-02-08",2024,"Q1","15501","4 ","US20 AT LOCUST STREET (SISTERS)","0223-0169000E","TRAFFIC CONTROL SUPERVISOR","EACH",60,1300,78000,5]
[null,"2024-02-08",2024,"Q1","15503","2 ","US20: EDDYVILLE - CLINE HILL","0223-0172000T","PILOT CARS","HOUR",280,85,23800,1]
[null,"2024-02-08",2024,"Q1","15503","2 ","US20: EDDYVILLE - CLINE HILL","0223-0172000T","PILOT CARS","HOUR",280,80.5,22540,2]
[null,"2024-02-08",2024,"Q1","15503","2 ","US20: EDDYVILLE - CLINE HILL","0223-0200000E","AUTOMATED FLAGGER ASSISTANCE DEVICE","EACH",2,5300,10600,1]
[null,"2024-02-08",2024,"Q1","15504","2 ","OR126: BLUE RIVER AND FISH HOLE BRIDGES","0223-0200000E","AUTOMATED FLAGGER ASSISTANCE DEVICE","EACH",4,150,600,1]
[null,"2024-02-08",2024,"Q1","15501","4 ","US20 AT LOCUST STREET (SISTERS)","0223-0200000E","AUTOMATED FLAGGER ASSISTANCE DEVICE","EACH",2,8500,17000,1]
[null,"2024-02-08",2024,"Q1","15501","4 ","US20 AT LOCUST STREET (SISTERS)","0223-0200000E","AUTOMATED FLAGGER ASSISTANCE DEVICE","EACH",2,9500,19000,2]
[null,"2024-02-08",2024,"Q1","15504","2 ","OR126: BLUE RIVER AND FISH HOLE BRIDGES","0223-0200000E","AUTOMATED FLAGGER ASSISTANCE DEVICE","EACH",4,3300,13200,2]
[null,"2024-02-08",2024,"Q1","15503","2 ","US20: EDDYVILLE - CLINE HILL","0223-0200000E","AUTOMATED FLAGGER ASSISTANCE DEVICE","EACH",2,11000,22000,2]
[null,"2024-02-08",2024,"Q1","15504","2 ","OR126: BLUE RIVER AND FISH HOLE BRIDGES","0223-0200000E","AUTOMATED FLAGGER ASSISTANCE DEVICE","EACH",4,2500,10000,3]
[null,"2024-02-08",2024,"Q1","15501","4 ","US20 AT LOCUST STREET (SISTERS)","0223-0200000E","AUTOMATED FLAGGER ASSISTANCE DEVICE","EACH",2,20355,40710,3]
[null,"2024-02-08",2024,"Q1","15504","2 ","OR126: BLUE RIVER AND FISH HOLE BRIDGES","0223-0200000E","AUTOMATED FLAGGER ASSISTANCE DEVICE","EACH",4,6500,26000,4]
[null,"2024-02-08",2024,"Q1","15501","4 ","US20 AT LOCUST STREET (SISTERS)","0223-0200000E","AUTOMATED FLAGGER ASSISTANCE DEVICE","EACH",2,3000,6000,4]
[null,"2024-02-08",2024,"Q1","15504","2 ","OR126: BLUE RIVER AND FISH HOLE BRIDGES","0223-0200000E","AUTOMATED FLAGGER ASSISTANCE DEVICE","EACH",4,6000,24000,5]
[null,"2024-02-08",2024,"Q1","15501","4 ","US20 AT LOCUST STREET (SISTERS)","0223-0200000E","AUTOMATED FLAGGER ASSISTANCE DEVICE","EACH",2,2500,5000,5]
[null,"2024-02-08",2024,"Q1","15501","4 ","US20 AT LOCUST STREET (SISTERS)","0224-0104000E","TEMPORARY BARRICADES, TYPE II","EACH",14,65,910,1]
[null,"2024-02-08",2024,"Q1","15501","4 ","US20 AT LOCUST STREET (SISTERS)","0224-0104000E","TEMPORARY BARRICADES, TYPE II","EACH",14,68,952,2]
[null,"2024-02-08",2024,"Q1","15501","4 ","US20 AT LOCUST STREET (SISTERS)","0224-0104000E","TEMPORARY BARRICADES, TYPE II","EACH",14,70,980,3]
[null,"2024-02-08",2024,"Q1","15501","4 ","US20 AT LOCUST STREET (SISTERS)","0224-0104000E","TEMPORARY BARRICADES, TYPE II","EACH",14,90,1260,4]
[null,"2024-02-08",2024,"Q1","15501","4 ","US20 AT LOCUST STREET (SISTERS)","0224-0104000E","TEMPORARY BARRICADES, TYPE II","EACH",14,150,2100,5]
[null,"2024-02-08",2024,"Q1","15501","4 ","US20 AT LOCUST STREET (SISTERS)","0224-0105000E","TEMPORARY BARRICADES, TYPE III","EACH",16,222,3552,1]
[null,"2024-02-08",2024,"Q1","15503","2 ","US20: EDDYVILLE - CLINE HILL","0224-0105000E","TEMPORARY BARRICADES, TYPE III","EACH",2,200,400,1]
[null,"2024-02-08",2024,"Q1","15504","2 ","OR126: BLUE RIVER AND FISH HOLE BRIDGES","0224-0105000E","TEMPORARY BARRICADES, TYPE III","EACH",8,185,1480,1]
[null,"2024-02-08",2024,"Q1","15503","2 ","US20: EDDYVILLE - CLINE HILL","0224-0105000E","TEMPORARY BARRICADES, TYPE III","EACH",2,450,900,2]
[null,"2024-02-08",2024,"Q1","15504","2 ","OR126: BLUE RIVER AND FISH HOLE BRIDGES","0224-0105000E","TEMPORARY BARRICADES, TYPE III","EACH",8,200,1600,2]
[null,"2024-02-08",2024,"Q1","15501","4 ","US20 AT LOCUST STREET (SISTERS)","0224-0105000E","TEMPORARY BARRICADES, TYPE III","EACH",16,225,3600,2]
[null,"2024-02-08",2024,"Q1","15501","4 ","US20 AT LOCUST STREET (SISTERS)","0224-0105000E","TEMPORARY BARRICADES, TYPE III","EACH",16,236,3776,3]
[null,"2024-02-08",2024,"Q1","15504","2 ","OR126: BLUE RIVER AND FISH HOLE BRIDGES","0224-0105000E","TEMPORARY BARRICADES, TYPE III","EACH",8,300,2400,3]
[null,"2024-02-08",2024,"Q1","15501","4 ","US20 AT LOCUST STREET (SISTERS)","0224-0105000E","TEMPORARY BARRICADES, TYPE III","EACH",16,215,3440,4]
[null,"2024-02-08",2024,"Q1","15504","2 ","OR126: BLUE RIVER AND FISH HOLE BRIDGES","0224-0105000E","TEMPORARY BARRICADES, TYPE III","EACH",8,200,1600,4]
[null,"2024-02-08",2024,"Q1","15504","2 ","OR126: BLUE RIVER AND FISH HOLE BRIDGES","0224-0105000E","TEMPORARY BARRICADES, TYPE III","EACH",8,175,1400,5]
[null,"2024-02-08",2024,"Q1","15501","4 ","US20 AT LOCUST STREET (SISTERS)","0224-0105000E","TEMPORARY BARRICADES, TYPE III","EACH",16,175,2800,5]
[null,"2024-02-08",2024,"Q1","15504","2 ","OR126: BLUE RIVER AND FISH HOLE BRIDGES","0224-0145000E","TEMPORARY PLASTIC DRUMS","EACH",48,60,2880,1]
[null,"2024-02-08",2024,"Q1","15503","2 ","US20: EDDYVILLE - CLINE HILL","0224-0145000E","TEMPORARY PLASTIC DRUMS","EACH",12,60,720,1]
[null,"2024-02-08",2024,"Q1","15501","4 ","US20 AT LOCUST STREET (SISTERS)","0224-0145000E","TEMPORARY PLASTIC DRUMS","EACH",18,60,1080,1]
[null,"2024-02-08",2024,"Q1","15501","4 ","US20 AT LOCUST STREET (SISTERS)","0224-0145000E","TEMPORARY PLASTIC DRUMS","EACH",18,60,1080,2]
[null,"2024-02-08",2024,"Q1","15504","2 ","OR126: BLUE RIVER AND FISH HOLE BRIDGES","0224-0145000E","TEMPORARY PLASTIC DRUMS","EACH",48,65,3120,2]
[null,"2024-02-08",2024,"Q1","15503","2 ","US20: EDDYVILLE - CLINE HILL","0224-0145000E","TEMPORARY PLASTIC DRUMS","EACH",12,110,1320,2]
[null,"2024-02-08",2024,"Q1","15501","4 ","US20 AT LOCUST STREET (SISTERS)","0224-0145000E","TEMPORARY PLASTIC DRUMS","EACH",18,59,1062,3]
[null,"2024-02-08",2024,"Q1","15504","2 ","OR126: BLUE RIVER AND FISH HOLE BRIDGES","0224-0145000E","TEMPORARY PLASTIC DRUMS","EACH",48,100,4800,3]
[null,"2024-02-08",2024,"Q1","15501","4 ","US20 AT LOCUST STREET (SISTERS)","0224-0145000E","TEMPORARY PLASTIC DRUMS","EACH",18,55,990,4]
[null,"2024-02-08",2024,"Q1","15504","2 ","OR126: BLUE RIVER AND FISH HOLE BRIDGES","0224-0145000E","TEMPORARY PLASTIC DRUMS","EACH",48,65,3120,4]
[null,"2024-02-08",2024,"Q1","15501","4 ","US20 AT LOCUST STREET (SISTERS)","0224-0145000E","TEMPORARY PLASTIC DRUMS","EACH",18,150,2700,5]
[null,"2024-02-08",2024,"Q1","15504","2 ","OR126: BLUE RIVER AND FISH HOLE BRIDGES","0224-0145000E","TEMPORARY PLASTIC DRUMS","EACH",48,65,3120,5]
[null,"2024-02-08",2024,"Q1","15504","2 ","OR126: BLUE RIVER AND FISH HOLE BRIDGES","0225-0150000F","TEMPORARY REMOVABLE TAPE","FOOT",3000,2.2999999999999998,6900,1]
[null,"2024-02-08",2024,"Q1","15504","2 ","OR126: BLUE RIVER AND FISH HOLE BRIDGES","0225-0150000F","TEMPORARY REMOVABLE TAPE","FOOT",3000,3.5,10500,2]
[null,"2024-02-08",2024,"Q1","15504","2 ","OR126: BLUE RIVER AND FISH HOLE BRIDGES","0225-0150000F","TEMPORARY REMOVABLE TAPE","FOOT",3000,1,3000,3]
[null,"2024-02-08",2024,"Q1","15504","2 ","OR126: BLUE RIVER AND FISH HOLE BRIDGES","0225-0150000F","TEMPORARY REMOVABLE TAPE","FOOT",3000,2.25,6750,4]
[null,"2024-02-08",2024,"Q1","15504","2 ","OR126: BLUE RIVER AND FISH HOLE BRIDGES","0225-0150000F","TEMPORARY REMOVABLE TAPE","FOOT",3000,3,9000,5]
[null,"2024-02-08",2024,"Q1","15504","2 ","OR126: BLUE RIVER AND FISH HOLE BRIDGES","0225-0153000F","TEMPORARY STRIPING","FOOT",5600,0.75,4200,1]
[null,"2024-02-08",2024,"Q1","15503","2 ","US20: EDDYVILLE - CLINE HILL","0225-0153000F","TEMPORARY STRIPING","FOOT",115946,0.16,18551.36,1]
[null,"2024-02-08",2024,"Q1","15501","4 ","US20 AT LOCUST STREET (SISTERS)","0225-0153000F","TEMPORARY STRIPING","FOOT",8200,0.33,2706,1]
[null,"2024-02-08",2024,"Q1","15501","4 ","US20 AT LOCUST STREET (SISTERS)","0225-0153000F","TEMPORARY STRIPING","FOOT",8200,0.37,3034,2]
[null,"2024-02-08",2024,"Q1","15503","2 ","US20: EDDYVILLE - CLINE HILL","0225-0153000F","TEMPORARY STRIPING","FOOT",115946,0.15000000000000002,17391.900000000001,2]
[null,"2024-02-08",2024,"Q1","15504","2 ","OR126: BLUE RIVER AND FISH HOLE BRIDGES","0225-0153000F","TEMPORARY STRIPING","FOOT",5600,0.55000000000000004,3080,2]
[null,"2024-02-08",2024,"Q1","15504","2 ","OR126: BLUE RIVER AND FISH HOLE BRIDGES","0225-0153000F","TEMPORARY STRIPING","FOOT",5600,0.8,4480,3]
[null,"2024-02-08",2024,"Q1","15501","4 ","US20 AT LOCUST STREET (SISTERS)","0225-0153000F","TEMPORARY STRIPING","FOOT",8200,0.39,3198,3]
[null,"2024-02-08",2024,"Q1","15504","2 ","OR126: BLUE RIVER AND FISH HOLE BRIDGES","0225-0153000F","TEMPORARY STRIPING","FOOT",5600,0.72,4032,4]
[null,"2024-02-08",2024,"Q1","15501","4 ","US20 AT LOCUST STREET (SISTERS)","0225-0153000F","TEMPORARY STRIPING","FOOT",8200,0.5,4100,4]
[null,"2024-02-08",2024,"Q1","15504","2 ","OR126: BLUE RIVER AND FISH HOLE BRIDGES","0225-0153000F","TEMPORARY STRIPING","FOOT",5600,0.88,4928,5]
[null,"2024-02-08",2024,"Q1","15501","4 ","US20 AT LOCUST STREET (SISTERS)","0225-0153000F","TEMPORARY STRIPING","FOOT",8200,4,32800,5]
[null,"2024-02-08",2024,"Q1","15503","2 ","US20: EDDYVILLE - CLINE HILL","0225-0153100E","TEMPORARY PAVEMENT LEGENDS","EACH",6,136,816,1]
[null,"2024-02-08",2024,"Q1","15503","2 ","US20: EDDYVILLE - CLINE HILL","0225-0153100E","TEMPORARY PAVEMENT LEGENDS","EACH",6,128,768,2]
[null,"2024-02-08",2024,"Q1","15503","2 ","US20: EDDYVILLE - CLINE HILL","0225-0153200J","TEMPORARY PAVEMENT BARS","SQFT",341,3,1023,1]
[null,"2024-02-08",2024,"Q1","15504","2 ","OR126: BLUE RIVER AND FISH HOLE BRIDGES","0225-0153200J","TEMPORARY PAVEMENT BARS","SQFT",192,5,960,1]
[null,"2024-02-08",2024,"Q1","15503","2 ","US20: EDDYVILLE - CLINE HILL","0225-0153200J","TEMPORARY PAVEMENT BARS","SQFT",341,2.6,886.6,2]
[null,"2024-02-08",2024,"Q1","15504","2 ","OR126: BLUE RIVER AND FISH HOLE BRIDGES","0225-0153200J","TEMPORARY PAVEMENT BARS","SQFT",192,8,1536,2]
[null,"2024-02-08",2024,"Q1","15504","2 ","OR126: BLUE RIVER AND FISH HOLE BRIDGES","0225-0153200J","TEMPORARY PAVEMENT BARS","SQFT",192,5,960,3]
[null,"2024-02-08",2024,"Q1","15504","2 ","OR126: BLUE RIVER AND FISH HOLE BRIDGES","0225-0153200J","TEMPORARY PAVEMENT BARS","SQFT",192,3.1999999999999997,614.4,4]
[null,"2024-02-08",2024,"Q1","15504","2 ","OR126: BLUE RIVER AND FISH HOLE BRIDGES","0225-0153200J","TEMPORARY PAVEMENT BARS","SQFT",192,3.75,720,5]
[null,"2024-02-08",2024,"Q1","15504","2 ","OR126: BLUE RIVER AND FISH HOLE BRIDGES","0225-0153800F","TEMPORARY TRANSVERSE RUMBLE STRIPS","FOOT",264,30,7920,1]
[null,"2024-02-08",2024,"Q1","15503","2 ","US20: EDDYVILLE - CLINE HILL","0225-0153800F","TEMPORARY TRANSVERSE RUMBLE STRIPS","FOOT",132,125,16500,1]
[null,"2024-02-08",2024,"Q1","15503","2 ","US20: EDDYVILLE - CLINE HILL","0225-0153800F","TEMPORARY TRANSVERSE RUMBLE STRIPS","FOOT",132,225,29700,2]
[null,"2024-02-08",2024,"Q1","15504","2 ","OR126: BLUE RIVER AND FISH HOLE BRIDGES","0225-0153800F","TEMPORARY TRANSVERSE RUMBLE STRIPS","FOOT",264,12,3168,2]
[null,"2024-02-08",2024,"Q1","15504","2 ","OR126: BLUE RIVER AND FISH HOLE BRIDGES","0225-0153800F","TEMPORARY TRANSVERSE RUMBLE STRIPS","FOOT",264,130,34320,3]
[null,"2024-02-08",2024,"Q1","15504","2 ","OR126: BLUE RIVER AND FISH HOLE BRIDGES","0225-0153800F","TEMPORARY TRANSVERSE RUMBLE STRIPS","FOOT",264,20,5280,4]
[null,"2024-02-08",2024,"Q1","15504","2 ","OR126: BLUE RIVER AND FISH HOLE BRIDGES","0225-0153800F","TEMPORARY TRANSVERSE RUMBLE STRIPS","FOOT",264,35,9240,5]
[null,"2024-02-08",2024,"Q1","15501","4 ","US20 AT LOCUST STREET (SISTERS)","0225-0154000F","STRIPE REMOVAL","FOOT",6800,0.34,2312,1]
[null,"2024-02-08",2024,"Q1","15504","2 ","OR126: BLUE RIVER AND FISH HOLE BRIDGES","0225-0154000F","STRIPE REMOVAL","FOOT",11200,0.5,5600,1]
[null,"2024-02-08",2024,"Q1","15504","2 ","OR126: BLUE RIVER AND FISH HOLE BRIDGES","0225-0154000F","STRIPE REMOVAL","FOOT",11200,0.65,7280,2]
[null,"2024-02-08",2024,"Q1","15501","4 ","US20 AT LOCUST STREET (SISTERS)","0225-0154000F","STRIPE REMOVAL","FOOT",6800,0.38,2584,2]
[null,"2024-02-08",2024,"Q1","15501","4 ","US20 AT LOCUST STREET (SISTERS)","0225-0154000F","STRIPE REMOVAL","FOOT",6800,0.4,2720,3]
[null,"2024-02-08",2024,"Q1","15504","2 ","OR126: BLUE RIVER AND FISH HOLE BRIDGES","0225-0154000F","STRIPE REMOVAL","FOOT",11200,0.6,6720,3]
[null,"2024-02-08",2024,"Q1","15504","2 ","OR126: BLUE RIVER AND FISH HOLE BRIDGES","0225-0154000F","STRIPE REMOVAL","FOOT",11200,0.49,5488,4]
[null,"2024-02-08",2024,"Q1","15501","4 ","US20 AT LOCUST STREET (SISTERS)","0225-0154000F","STRIPE REMOVAL","FOOT",6800,0.5,3400,4]
[null,"2024-02-08",2024,"Q1","15501","4 ","US20 AT LOCUST STREET (SISTERS)","0225-0154000F","STRIPE REMOVAL","FOOT",6800,1,6800,5]
[null,"2024-02-08",2024,"Q1","15504","2 ","OR126: BLUE RIVER AND FISH HOLE BRIDGES","0225-0154000F","STRIPE REMOVAL","FOOT",11200,0.6,6720,5]
[null,"2024-02-08",2024,"Q1","15501","4 ","US20 AT LOCUST STREET (SISTERS)","0225-0155100J","LEGEND REMOVAL","SQFT",270,2.65,715.5,1]
[null,"2024-02-08",2024,"Q1","15501","4 ","US20 AT LOCUST STREET (SISTERS)","0225-0155100J","LEGEND REMOVAL","SQFT",270,3,810,2]
[null,"2024-02-08",2024,"Q1","15501","4 ","US20 AT LOCUST STREET (SISTERS)","0225-0155100J","LEGEND REMOVAL","SQFT",270,3.15,850.5,3]
[null,"2024-02-08",2024,"Q1","15501","4 ","US20 AT LOCUST STREET (SISTERS)","0225-0155100J","LEGEND REMOVAL","SQFT",270,4,1080,4]
[null,"2024-02-08",2024,"Q1","15501","4 ","US20 AT LOCUST STREET (SISTERS)","0225-0155100J","LEGEND REMOVAL","SQFT",270,10,2700,5]
[null,"2024-02-08",2024,"Q1","15504","2 ","OR126: BLUE RIVER AND FISH HOLE BRIDGES","0225-0156000J","BAR REMOVAL","SQFT",192,6,1152,1]
[null,"2024-02-08",2024,"Q1","15504","2 ","OR126: BLUE RIVER AND FISH HOLE BRIDGES","0225-0156000J","BAR REMOVAL","SQFT",192,12,2304,2]
[null,"2024-02-08",2024,"Q1","15504","2 ","OR126: BLUE RIVER AND FISH HOLE BRIDGES","0225-0156000J","BAR REMOVAL","SQFT",192,8,1536,3]
[null,"2024-02-08",2024,"Q1","15504","2 ","OR126: BLUE RIVER AND FISH HOLE BRIDGES","0225-0156000J","BAR REMOVAL","SQFT",192,6,1152,4]
[null,"2024-02-08",2024,"Q1","15504","2 ","OR126: BLUE RIVER AND FISH HOLE BRIDGES","0225-0156000J","BAR REMOVAL","SQFT",192,7,1344,5]
[null,"2024-02-08",2024,"Q1","15504","2 ","OR126: BLUE RIVER AND FISH HOLE BRIDGES","0226-0126100F","TEMPORARY BARRIER","FOOT",2625,2,5250,1]
[null,"2024-02-08",2024,"Q1","15504","2 ","OR126: BLUE RIVER AND FISH HOLE BRIDGES","0226-0126100F","TEMPORARY BARRIER","FOOT",2625,18,47250,2]
[null,"2024-02-08",2024,"Q1","15504","2 ","OR126: BLUE RIVER AND FISH HOLE BRIDGES","0226-0126100F","TEMPORARY BARRIER","FOOT",2625,50,131250,3]
[null,"2024-02-08",2024,"Q1","15504","2 ","OR126: BLUE RIVER AND FISH HOLE BRIDGES","0226-0126100F","TEMPORARY BARRIER","FOOT",2625,30,78750,4]
[null,"2024-02-08",2024,"Q1","15504","2 ","OR126: BLUE RIVER AND FISH HOLE BRIDGES","0226-0126100F","TEMPORARY BARRIER","FOOT",2625,25,65625,5]
[null,"2024-02-08",2024,"Q1","15504","2 ","OR126: BLUE RIVER AND FISH HOLE BRIDGES","0226-0133000E","TEMPORARY IMPACT ATTENUATOR, SAND BARREL SYSTEM","EACH",4,3250,13000,1]
[null,"2024-02-08",2024,"Q1","15504","2 ","OR126: BLUE RIVER AND FISH HOLE BRIDGES","0226-0133000E","TEMPORARY IMPACT ATTENUATOR, SAND BARREL SYSTEM","EACH",4,2500,10000,2]
[null,"2024-02-08",2024,"Q1","15504","2 ","OR126: BLUE RIVER AND FISH HOLE BRIDGES","0226-0133000E","TEMPORARY IMPACT ATTENUATOR, SAND BARREL SYSTEM","EACH",4,4000,16000,3]
[null,"2024-02-08",2024,"Q1","15504","2 ","OR126: BLUE RIVER AND FISH HOLE BRIDGES","0226-0133000E","TEMPORARY IMPACT ATTENUATOR, SAND BARREL SYSTEM","EACH",4,7500,30000,4]
[null,"2024-02-08",2024,"Q1","15504","2 ","OR126: BLUE RIVER AND FISH HOLE BRIDGES","0226-0133000E","TEMPORARY IMPACT ATTENUATOR, SAND BARREL SYSTEM","EACH",4,2950,11800,5]
[null,"2024-02-08",2024,"Q1","15504","2 ","OR126: BLUE RIVER AND FISH HOLE BRIDGES","0226-0136000E","MOVING TEMPORARY IMPACT ATTENUATORS, SAND BARREL SYSTEM","EACH",4,1300,5200,1]
[null,"2024-02-08",2024,"Q1","15504","2 ","OR126: BLUE RIVER AND FISH HOLE BRIDGES","0226-0136000E","MOVING TEMPORARY IMPACT ATTENUATORS, SAND BARREL SYSTEM","EACH",4,1000,4000,2]
[null,"2024-02-08",2024,"Q1","15504","2 ","OR126: BLUE RIVER AND FISH HOLE BRIDGES","0226-0136000E","MOVING TEMPORARY IMPACT ATTENUATORS, SAND BARREL SYSTEM","EACH",4,1000,4000,3]
[null,"2024-02-08",2024,"Q1","15504","2 ","OR126: BLUE RIVER AND FISH HOLE BRIDGES","0226-0136000E","MOVING TEMPORARY IMPACT ATTENUATORS, SAND BARREL SYSTEM","EACH",4,2000,8000,4]
[null,"2024-02-08",2024,"Q1","15504","2 ","OR126: BLUE RIVER AND FISH HOLE BRIDGES","0226-0136000E","MOVING TEMPORARY IMPACT ATTENUATORS, SAND BARREL SYSTEM","EACH",4,1150,4600,5]
[null,"2024-02-08",2024,"Q1","15503","2 ","US20: EDDYVILLE - CLINE HILL","0226-0138000E","TEMPORARY IMPACT ATTENUATOR, TRUCK MOUNTED","EACH",2,14000,28000,1]
[null,"2024-02-08",2024,"Q1","15503","2 ","US20: EDDYVILLE - CLINE HILL","0226-0138000E","TEMPORARY IMPACT ATTENUATOR, TRUCK MOUNTED","EACH",2,10000,20000,2]
[null,"2024-02-08",2024,"Q1","15504","2 ","OR126: BLUE RIVER AND FISH HOLE BRIDGES","0226-0141100E","REFLECTIVE BARRIER PANELS","EACH",636,2.8499999999999996,1812.6,1]
[null,"2024-02-08",2024,"Q1","15504","2 ","OR126: BLUE RIVER AND FISH HOLE BRIDGES","0226-0141100E","REFLECTIVE BARRIER PANELS","EACH",636,35,22260,2]
[null,"2024-02-08",2024,"Q1","15504","2 ","OR126: BLUE RIVER AND FISH HOLE BRIDGES","0226-0141100E","REFLECTIVE BARRIER PANELS","EACH",636,30,19080,3]
[null,"2024-02-08",2024,"Q1","15504","2 ","OR126: BLUE RIVER AND FISH HOLE BRIDGES","0226-0141100E","REFLECTIVE BARRIER PANELS","EACH",636,20,12720,4]
[null,"2024-02-08",2024,"Q1","15504","2 ","OR126: BLUE RIVER AND FISH HOLE BRIDGES","0226-0141100E","REFLECTIVE BARRIER PANELS","EACH",636,39,24804,5]
[null,"2024-02-08",2024,"Q1","15503","2 ","US20: EDDYVILLE - CLINE HILL","0226-0141400E","REPAIR TEMPORARY IMPACT ATTENUATOR, TRUCK MOUNTED","EACH",4,600,2400,1]
[null,"2024-02-08",2024,"Q1","15503","2 ","US20: EDDYVILLE - CLINE HILL","0226-0141400E","REPAIR TEMPORARY IMPACT ATTENUATOR, TRUCK MOUNTED","EACH",4,100,400,2]
[null,"2024-02-08",2024,"Q1","15504","2 ","OR126: BLUE RIVER AND FISH HOLE BRIDGES","0226-0141500E","REPAIR TEMPORARY IMPACT ATTENUATOR, SAND MODULE","EACH",48,1,48,1]
[null,"2024-02-08",2024,"Q1","15504","2 ","OR126: BLUE RIVER AND FISH HOLE BRIDGES","0226-0141500E","REPAIR TEMPORARY IMPACT ATTENUATOR, SAND MODULE","EACH",48,1,48,2]
[null,"2024-02-08",2024,"Q1","15504","2 ","OR126: BLUE RIVER AND FISH HOLE BRIDGES","0226-0141500E","REPAIR TEMPORARY IMPACT ATTENUATOR, SAND MODULE","EACH",48,0.01,0.48,3]
[null,"2024-02-08",2024,"Q1","15504","2 ","OR126: BLUE RIVER AND FISH HOLE BRIDGES","0226-0141500E","REPAIR TEMPORARY IMPACT ATTENUATOR, SAND MODULE","EACH",48,1,48,4]
[null,"2024-02-08",2024,"Q1","15504","2 ","OR126: BLUE RIVER AND FISH HOLE BRIDGES","0226-0141500E","REPAIR TEMPORARY IMPACT ATTENUATOR, SAND MODULE","EACH",48,3,144,5]
[null,"2024-02-08",2024,"Q1","15504","2 ","OR126: BLUE RIVER AND FISH HOLE BRIDGES","0227-0158000E","PORTABLE TRAFFIC SIGNAL","EACH",3,2500,7500,1]
[null,"2024-02-08",2024,"Q1","15504","2 ","OR126: BLUE RIVER AND FISH HOLE BRIDGES","0227-0158000E","PORTABLE TRAFFIC SIGNAL","EACH",3,17000,51000,2]
[null,"2024-02-08",2024,"Q1","15504","2 ","OR126: BLUE RIVER AND FISH HOLE BRIDGES","0227-0158000E","PORTABLE TRAFFIC SIGNAL","EACH",3,20000,60000,3]
[null,"2024-02-08",2024,"Q1","15504","2 ","OR126: BLUE RIVER AND FISH HOLE BRIDGES","0227-0158000E","PORTABLE TRAFFIC SIGNAL","EACH",3,20000,60000,4]
[null,"2024-02-08",2024,"Q1","15504","2 ","OR126: BLUE RIVER AND FISH HOLE BRIDGES","0227-0158000E","PORTABLE TRAFFIC SIGNAL","EACH",3,17100,51300,5]
[null,"2024-02-08",2024,"Q1","15501","4 ","US20 AT LOCUST STREET (SISTERS)","0228-0141600F","PEDESTRIAN CHANNELIZING DEVICES","FOOT",400,45,18000,1]
[null,"2024-02-08",2024,"Q1","15501","4 ","US20 AT LOCUST STREET (SISTERS)","0228-0141600F","PEDESTRIAN CHANNELIZING DEVICES","FOOT",400,29,11600,2]
[null,"2024-02-08",2024,"Q1","15501","4 ","US20 AT LOCUST STREET (SISTERS)","0228-0141600F","PEDESTRIAN CHANNELIZING DEVICES","FOOT",400,32.5,13000,3]
[null,"2024-02-08",2024,"Q1","15501","4 ","US20 AT LOCUST STREET (SISTERS)","0228-0141600F","PEDESTRIAN CHANNELIZING DEVICES","FOOT",400,26,10400,4]
[null,"2024-02-08",2024,"Q1","15501","4 ","US20 AT LOCUST STREET (SISTERS)","0228-0141600F","PEDESTRIAN CHANNELIZING DEVICES","FOOT",400,39,15600,5]
[null,"2024-02-08",2024,"Q1","15501","4 ","US20 AT LOCUST STREET (SISTERS)","0228-0167670E","TEMPORARY CURB RAMP, PARALLEL","EACH",1,2500,2500,1]
[null,"2024-02-08",2024,"Q1","15501","4 ","US20 AT LOCUST STREET (SISTERS)","0228-0167670E","TEMPORARY CURB RAMP, PARALLEL","EACH",1,3000,3000,2]
[null,"2024-02-08",2024,"Q1","15501","4 ","US20 AT LOCUST STREET (SISTERS)","0228-0167670E","TEMPORARY CURB RAMP, PARALLEL","EACH",1,1365,1365,3]
[null,"2024-02-08",2024,"Q1","15501","4 ","US20 AT LOCUST STREET (SISTERS)","0228-0167670E","TEMPORARY CURB RAMP, PARALLEL","EACH",1,5000,5000,4]
[null,"2024-02-08",2024,"Q1","15501","4 ","US20 AT LOCUST STREET (SISTERS)","0228-0167670E","TEMPORARY CURB RAMP, PARALLEL","EACH",1,3330,3330,5]
[null,"2024-02-08",2024,"Q1","15501","4 ","US20 AT LOCUST STREET (SISTERS)","0228-0167680J","TEMPORARY WALKS","SQFT",150,15,2250,1]
[null,"2024-02-08",2024,"Q1","15501","4 ","US20 AT LOCUST STREET (SISTERS)","0228-0167680J","TEMPORARY WALKS","SQFT",150,5,750,2]
[null,"2024-02-08",2024,"Q1","15501","4 ","US20 AT LOCUST STREET (SISTERS)","0228-0167680J","TEMPORARY WALKS","SQFT",150,8.6999999999999993,1305,3]
[null,"2024-02-08",2024,"Q1","15501","4 ","US20 AT LOCUST STREET (SISTERS)","0228-0167680J","TEMPORARY WALKS","SQFT",150,12,1800,4]
[null,"2024-02-08",2024,"Q1","15501","4 ","US20 AT LOCUST STREET (SISTERS)","0228-0167680J","TEMPORARY WALKS","SQFT",150,32,4800,5]
[null,"2024-02-08",2024,"Q1","15504","2 ","OR126: BLUE RIVER AND FISH HOLE BRIDGES","0253-0106000A","TEMPORARY WORK ACCESS AND CONTAINMENT","LS",1,15000,15000,1]
[null,"2024-02-08",2024,"Q1","15504","2 ","OR126: BLUE RIVER AND FISH HOLE BRIDGES","0253-0106000A","TEMPORARY WORK ACCESS AND CONTAINMENT","LS",1,75000,75000,2]
[null,"2024-02-08",2024,"Q1","15504","2 ","OR126: BLUE RIVER AND FISH HOLE BRIDGES","0253-0106000A","TEMPORARY WORK ACCESS AND CONTAINMENT","LS",1,6000,6000,3]
[null,"2024-02-08",2024,"Q1","15504","2 ","OR126: BLUE RIVER AND FISH HOLE BRIDGES","0253-0106000A","TEMPORARY WORK ACCESS AND CONTAINMENT","LS",1,10000,10000,4]
[null,"2024-02-08",2024,"Q1","15504","2 ","OR126: BLUE RIVER AND FISH HOLE BRIDGES","0253-0106000A","TEMPORARY WORK ACCESS AND CONTAINMENT","LS",1,35000,35000,5]
[null,"2024-02-08",2024,"Q1","15501","4 ","US20 AT LOCUST STREET (SISTERS)","0280-0110000A","EROSION AND SEDIMENT CONTROL MANAGER","LS",1,5500,5500,1]
[null,"2024-02-08",2024,"Q1","15501","4 ","US20 AT LOCUST STREET (SISTERS)","0280-0110000A","EROSION AND SEDIMENT CONTROL MANAGER","LS",1,15000,15000,2]
[null,"2024-02-08",2024,"Q1","15501","4 ","US20 AT LOCUST STREET (SISTERS)","0280-0110000A","EROSION AND SEDIMENT CONTROL MANAGER","LS",1,2770,2770,3]
[null,"2024-02-08",2024,"Q1","15501","4 ","US20 AT LOCUST STREET (SISTERS)","0280-0110000A","EROSION AND SEDIMENT CONTROL MANAGER","LS",1,8500,8500,4]
[null,"2024-02-08",2024,"Q1","15501","4 ","US20 AT LOCUST STREET (SISTERS)","0280-0110000A","EROSION AND SEDIMENT CONTROL MANAGER","LS",1,5000,5000,5]
[null,"2024-02-08",2024,"Q1","15501","4 ","US20 AT LOCUST STREET (SISTERS)","0280-0110010E","CONSTRUCTION ENTRANCE, TYPE 1","EACH",3,1500,4500,1]
[null,"2024-02-08",2024,"Q1","15501","4 ","US20 AT LOCUST STREET (SISTERS)","0280-0110010E","CONSTRUCTION ENTRANCE, TYPE 1","EACH",3,2000,6000,2]
[null,"2024-02-08",2024,"Q1","15501","4 ","US20 AT LOCUST STREET (SISTERS)","0280-0110010E","CONSTRUCTION ENTRANCE, TYPE 1","EACH",3,3090,9270,3]
[null,"2024-02-08",2024,"Q1","15501","4 ","US20 AT LOCUST STREET (SISTERS)","0280-0110010E","CONSTRUCTION ENTRANCE, TYPE 1","EACH",3,8300,24900,4]
[null,"2024-02-08",2024,"Q1","15501","4 ","US20 AT LOCUST STREET (SISTERS)","0280-0110010E","CONSTRUCTION ENTRANCE, TYPE 1","EACH",3,3500,10500,5]
[null,"2024-02-08",2024,"Q1","15501","4 ","US20 AT LOCUST STREET (SISTERS)","0280-0112500E","CONCRETE WASHOUT FACILITY","EACH",2,1500,3000,1]
[null,"2024-02-08",2024,"Q1","15501","4 ","US20 AT LOCUST STREET (SISTERS)","0280-0112500E","CONCRETE WASHOUT FACILITY","EACH",2,1500,3000,2]
[null,"2024-02-08",2024,"Q1","15501","4 ","US20 AT LOCUST STREET (SISTERS)","0280-0112500E","CONCRETE WASHOUT FACILITY","EACH",2,2390,4780,3]
[null,"2024-02-08",2024,"Q1","15501","4 ","US20 AT LOCUST STREET (SISTERS)","0280-0112500E","CONCRETE WASHOUT FACILITY","EACH",2,1980,3960,4]
[null,"2024-02-08",2024,"Q1","15501","4 ","US20 AT LOCUST STREET (SISTERS)","0280-0112500E","CONCRETE WASHOUT FACILITY","EACH",2,2000,4000,5]
[null,"2024-02-08",2024,"Q1","15501","4 ","US20 AT LOCUST STREET (SISTERS)","0280-0113000F","SEDIMENT FENCE","FOOT",555,4.5,2497.5,1]
[null,"2024-02-08",2024,"Q1","15501","4 ","US20 AT LOCUST STREET (SISTERS)","0280-0113000F","SEDIMENT FENCE","FOOT",555,4.5,2497.5,2]
[null,"2024-02-08",2024,"Q1","15501","4 ","US20 AT LOCUST STREET (SISTERS)","0280-0113000F","SEDIMENT FENCE","FOOT",555,4,2220,3]
[null,"2024-02-08",2024,"Q1","15501","4 ","US20 AT LOCUST STREET (SISTERS)","0280-0113000F","SEDIMENT FENCE","FOOT",555,2,1110,4]
[null,"2024-02-08",2024,"Q1","15501","4 ","US20 AT LOCUST STREET (SISTERS)","0280-0113000F","SEDIMENT FENCE","FOOT",555,2,1110,5]
[null,"2024-02-08",2024,"Q1","15503","2 ","US20: EDDYVILLE - CLINE HILL","0280-0114030E","INLET PROTECTION, TYPE 3","EACH",14,125,1750,1]
[null,"2024-02-08",2024,"Q1","15501","4 ","US20 AT LOCUST STREET (SISTERS)","0280-0114030E","INLET PROTECTION, TYPE 3","EACH",1,200,200,1]
[null,"2024-02-08",2024,"Q1","15504","2 ","OR126: BLUE RIVER AND FISH HOLE BRIDGES","0280-0114030E","INLET PROTECTION, TYPE 3","EACH",3,250,750,1]
[null,"2024-02-08",2024,"Q1","15501","4 ","US20 AT LOCUST STREET (SISTERS)","0280-0114030E","INLET PROTECTION, TYPE 3","EACH",1,225,225,2]
[null,"2024-02-08",2024,"Q1","15503","2 ","US20: EDDYVILLE - CLINE HILL","0280-0114030E","INLET PROTECTION, TYPE 3","EACH",14,595,8330,2]
[null,"2024-02-08",2024,"Q1","15504","2 ","OR126: BLUE RIVER AND FISH HOLE BRIDGES","0280-0114030E","INLET PROTECTION, TYPE 3","EACH",3,150,450,2]
[null,"2024-02-08",2024,"Q1","15504","2 ","OR126: BLUE RIVER AND FISH HOLE BRIDGES","0280-0114030E","INLET PROTECTION, TYPE 3","EACH",3,300,900,3]
[null,"2024-02-08",2024,"Q1","15501","4 ","US20 AT LOCUST STREET (SISTERS)","0280-0114030E","INLET PROTECTION, TYPE 3","EACH",1,122,122,3]
[null,"2024-02-08",2024,"Q1","15501","4 ","US20 AT LOCUST STREET (SISTERS)","0280-0114030E","INLET PROTECTION, TYPE 3","EACH",1,180,180,4]
[null,"2024-02-08",2024,"Q1","15504","2 ","OR126: BLUE RIVER AND FISH HOLE BRIDGES","0280-0114030E","INLET PROTECTION, TYPE 3","EACH",3,300,900,4]
[null,"2024-02-08",2024,"Q1","15504","2 ","OR126: BLUE RIVER AND FISH HOLE BRIDGES","0280-0114030E","INLET PROTECTION, TYPE 3","EACH",3,135,405,5]
[null,"2024-02-08",2024,"Q1","15501","4 ","US20 AT LOCUST STREET (SISTERS)","0280-0114030E","INLET PROTECTION, TYPE 3","EACH",1,250,250,5]
[null,"2024-02-08",2024,"Q1","15501","4 ","US20 AT LOCUST STREET (SISTERS)","0280-0114100E","INLET PROTECTION, TYPE 10","EACH",30,200,6000,1]
[null,"2024-02-08",2024,"Q1","15501","4 ","US20 AT LOCUST STREET (SISTERS)","0280-0114100E","INLET PROTECTION, TYPE 10","EACH",30,90,2700,2]
[null,"2024-02-08",2024,"Q1","15501","4 ","US20 AT LOCUST STREET (SISTERS)","0280-0114100E","INLET PROTECTION, TYPE 10","EACH",30,120,3600,3]
[null,"2024-02-08",2024,"Q1","15501","4 ","US20 AT LOCUST STREET (SISTERS)","0280-0114100E","INLET PROTECTION, TYPE 10","EACH",30,190,5700,4]
[null,"2024-02-08",2024,"Q1","15501","4 ","US20 AT LOCUST STREET (SISTERS)","0280-0114100E","INLET PROTECTION, TYPE 10","EACH",30,100,3000,5]
[null,"2024-02-08",2024,"Q1","15501","4 ","US20 AT LOCUST STREET (SISTERS)","0280-0114110E","INLET PROTECTION, TYPE 11","EACH",18,200,3600,1]
[null,"2024-02-08",2024,"Q1","15501","4 ","US20 AT LOCUST STREET (SISTERS)","0280-0114110E","INLET PROTECTION, TYPE 11","EACH",18,110,1980,2]
[null,"2024-02-08",2024,"Q1","15501","4 ","US20 AT LOCUST STREET (SISTERS)","0280-0114110E","INLET PROTECTION, TYPE 11","EACH",18,150,2700,3]
[null,"2024-02-08",2024,"Q1","15501","4 ","US20 AT LOCUST STREET (SISTERS)","0280-0114110E","INLET PROTECTION, TYPE 11","EACH",18,190,3420,4]
[null,"2024-02-08",2024,"Q1","15501","4 ","US20 AT LOCUST STREET (SISTERS)","0280-0114110E","INLET PROTECTION, TYPE 11","EACH",18,100,1800,5]
[null,"2024-02-08",2024,"Q1","15501","4 ","US20 AT LOCUST STREET (SISTERS)","0280-0115020E","SEDIMENT BARRIER, TYPE 2","EACH",5,100,500,1]
[null,"2024-02-08",2024,"Q1","15501","4 ","US20 AT LOCUST STREET (SISTERS)","0280-0115020E","SEDIMENT BARRIER, TYPE 2","EACH",5,110,550,2]
[null,"2024-02-08",2024,"Q1","15501","4 ","US20 AT LOCUST STREET (SISTERS)","0280-0115020E","SEDIMENT BARRIER, TYPE 2","EACH",5,325,1625,3]
[null,"2024-02-08",2024,"Q1","15501","4 ","US20 AT LOCUST STREET (SISTERS)","0280-0115020E","SEDIMENT BARRIER, TYPE 2","EACH",5,180,900,4]
[null,"2024-02-08",2024,"Q1","15501","4 ","US20 AT LOCUST STREET (SISTERS)","0280-0115020E","SEDIMENT BARRIER, TYPE 2","EACH",5,100,500,5]
[null,"2024-02-08",2024,"Q1","15501","4 ","US20 AT LOCUST STREET (SISTERS)","0280-0119000E","STRAW BALE","EACH",5,50,250,1]
[null,"2024-02-08",2024,"Q1","15501","4 ","US20 AT LOCUST STREET (SISTERS)","0280-0119000E","STRAW BALE","EACH",5,55,275,2]
[null,"2024-02-08",2024,"Q1","15501","4 ","US20 AT LOCUST STREET (SISTERS)","0280-0119000E","STRAW BALE","EACH",5,115,575,3]
[null,"2024-02-08",2024,"Q1","15501","4 ","US20 AT LOCUST STREET (SISTERS)","0280-0119000E","STRAW BALE","EACH",5,180,900,4]
[null,"2024-02-08",2024,"Q1","15501","4 ","US20 AT LOCUST STREET (SISTERS)","0280-0119000E","STRAW BALE","EACH",5,200,1000,5]
[null,"2024-02-08",2024,"Q1","15501","4 ","US20 AT LOCUST STREET (SISTERS)","0290-0100000A","POLLUTION CONTROL PLAN","LS",1,4500,4500,1]
[null,"2024-02-08",2024,"Q1","15503","2 ","US20: EDDYVILLE - CLINE HILL","0290-0100000A","POLLUTION CONTROL PLAN","LS",1,600,600,1]
[null,"2024-02-08",2024,"Q1","15504","2 ","OR126: BLUE RIVER AND FISH HOLE BRIDGES","0290-0100000A","POLLUTION CONTROL PLAN","LS",1,75,75,1]
[null,"2024-02-08",2024,"Q1","15501","4 ","US20 AT LOCUST STREET (SISTERS)","0290-0100000A","POLLUTION CONTROL PLAN","LS",1,5000,5000,2]
[null,"2024-02-08",2024,"Q1","15504","2 ","OR126: BLUE RIVER AND FISH HOLE BRIDGES","0290-0100000A","POLLUTION CONTROL PLAN","LS",1,1000,1000,2]
[null,"2024-02-08",2024,"Q1","15503","2 ","US20: EDDYVILLE - CLINE HILL","0290-0100000A","POLLUTION CONTROL PLAN","LS",1,1100,1100,2]
[null,"2024-02-08",2024,"Q1","15501","4 ","US20 AT LOCUST STREET (SISTERS)","0290-0100000A","POLLUTION CONTROL PLAN","LS",1,370,370,3]
[null,"2024-02-08",2024,"Q1","15504","2 ","OR126: BLUE RIVER AND FISH HOLE BRIDGES","0290-0100000A","POLLUTION CONTROL PLAN","LS",1,1000,1000,3]
[null,"2024-02-08",2024,"Q1","15504","2 ","OR126: BLUE RIVER AND FISH HOLE BRIDGES","0290-0100000A","POLLUTION CONTROL PLAN","LS",1,1500,1500,4]
[null,"2024-02-08",2024,"Q1","15501","4 ","US20 AT LOCUST STREET (SISTERS)","0290-0100000A","POLLUTION CONTROL PLAN","LS",1,1800,1800,4]
[null,"2024-02-08",2024,"Q1","15501","4 ","US20 AT LOCUST STREET (SISTERS)","0290-0100000A","POLLUTION CONTROL PLAN","LS",1,500,500,5]
[null,"2024-02-08",2024,"Q1","15504","2 ","OR126: BLUE RIVER AND FISH HOLE BRIDGES","0290-0100000A","POLLUTION CONTROL PLAN","LS",1,3300,3300,5]
[null,"2024-02-08",2024,"Q1","15504","2 ","OR126: BLUE RIVER AND FISH HOLE BRIDGES","0290-0102000A","WORK CONTAINMENT PLAN","LS",1,150,150,1]
[null,"2024-02-08",2024,"Q1","15504","2 ","OR126: BLUE RIVER AND FISH HOLE BRIDGES","0290-0102000A","WORK CONTAINMENT PLAN","LS",1,15000,15000,2]
[null,"2024-02-08",2024,"Q1","15504","2 ","OR126: BLUE RIVER AND FISH HOLE BRIDGES","0290-0102000A","WORK CONTAINMENT PLAN","LS",1,1000,1000,3]
[null,"2024-02-08",2024,"Q1","15504","2 ","OR126: BLUE RIVER AND FISH HOLE BRIDGES","0290-0102000A","WORK CONTAINMENT PLAN","LS",1,1500,1500,4]
[null,"2024-02-08",2024,"Q1","15504","2 ","OR126: BLUE RIVER AND FISH HOLE BRIDGES","0290-0102000A","WORK CONTAINMENT PLAN","LS",1,5000,5000,5]
[null,"2024-02-08",2024,"Q1","15501","4 ","US20 AT LOCUST STREET (SISTERS)","0294-0200010M","CONTAMINATED SOIL DISPOSAL","TON",282,110,31020,1]
[null,"2024-02-08",2024,"Q1","15501","4 ","US20 AT LOCUST STREET (SISTERS)","0294-0200010M","CONTAMINATED SOIL DISPOSAL","TON",282,70,19740,2]
[null,"2024-02-08",2024,"Q1","15501","4 ","US20 AT LOCUST STREET (SISTERS)","0294-0200010M","CONTAMINATED SOIL DISPOSAL","TON",282,74.5,21009,3]
[null,"2024-02-08",2024,"Q1","15501","4 ","US20 AT LOCUST STREET (SISTERS)","0294-0200010M","CONTAMINATED SOIL DISPOSAL","TON",282,110,31020,4]
[null,"2024-02-08",2024,"Q1","15501","4 ","US20 AT LOCUST STREET (SISTERS)","0294-0200010M","CONTAMINATED SOIL DISPOSAL","TON",282,260,73320,5]
[null,"2024-02-08",2024,"Q1","15504","2 ","OR126: BLUE RIVER AND FISH HOLE BRIDGES","0310-0106000A","REMOVAL OF STRUCTURES AND OBSTRUCTIONS","LS",1,25000,25000,1]
[null,"2024-02-08",2024,"Q1","15501","4 ","US20 AT LOCUST STREET (SISTERS)","0310-0106000A","REMOVAL OF STRUCTURES AND OBSTRUCTIONS","LS",1,36325,36325,1]
[null,"2024-02-08",2024,"Q1","15501","4 ","US20 AT LOCUST STREET (SISTERS)","0310-0106000A","REMOVAL OF STRUCTURES AND OBSTRUCTIONS","LS",1,15000,15000,2]
[null,"2024-02-08",2024,"Q1","15504","2 ","OR126: BLUE RIVER AND FISH HOLE BRIDGES","0310-0106000A","REMOVAL OF STRUCTURES AND OBSTRUCTIONS","LS",1,15000,15000,2]
[null,"2024-02-08",2024,"Q1","15501","4 ","US20 AT LOCUST STREET (SISTERS)","0310-0106000A","REMOVAL OF STRUCTURES AND OBSTRUCTIONS","LS",1,33270,33270,3]
[null,"2024-02-08",2024,"Q1","15504","2 ","OR126: BLUE RIVER AND FISH HOLE BRIDGES","0310-0106000A","REMOVAL OF STRUCTURES AND OBSTRUCTIONS","LS",1,15000,15000,3]
[null,"2024-02-08",2024,"Q1","15504","2 ","OR126: BLUE RIVER AND FISH HOLE BRIDGES","0310-0106000A","REMOVAL OF STRUCTURES AND OBSTRUCTIONS","LS",1,7500,7500,4]
[null,"2024-02-08",2024,"Q1","15501","4 ","US20 AT LOCUST STREET (SISTERS)","0310-0106000A","REMOVAL OF STRUCTURES AND OBSTRUCTIONS","LS",1,72000,72000,4]
[null,"2024-02-08",2024,"Q1","15501","4 ","US20 AT LOCUST STREET (SISTERS)","0310-0106000A","REMOVAL OF STRUCTURES AND OBSTRUCTIONS","LS",1,43000,43000,5]
[null,"2024-02-08",2024,"Q1","15504","2 ","OR126: BLUE RIVER AND FISH HOLE BRIDGES","0310-0106000A","REMOVAL OF STRUCTURES AND OBSTRUCTIONS","LS",1,7500,7500,5]
[null,"2024-02-08",2024,"Q1","15501","4 ","US20 AT LOCUST STREET (SISTERS)","0310-0106101J","REMOVAL OF SURFACINGS FOR CURB RAMP CONSTRUCTION","SQYD",41,20,820,1]
[null,"2024-02-08",2024,"Q1","15501","4 ","US20 AT LOCUST STREET (SISTERS)","0310-0106101J","REMOVAL OF SURFACINGS FOR CURB RAMP CONSTRUCTION","SQYD",41,20,820,2]
[null,"2024-02-08",2024,"Q1","15501","4 ","US20 AT LOCUST STREET (SISTERS)","0310-0106101J","REMOVAL OF SURFACINGS FOR CURB RAMP CONSTRUCTION","SQYD",41,18.5,758.5,3]
[null,"2024-02-08",2024,"Q1","15501","4 ","US20 AT LOCUST STREET (SISTERS)","0310-0106101J","REMOVAL OF SURFACINGS FOR CURB RAMP CONSTRUCTION","SQYD",41,40,1640,4]
[null,"2024-02-08",2024,"Q1","15501","4 ","US20 AT LOCUST STREET (SISTERS)","0310-0106101J","REMOVAL OF SURFACINGS FOR CURB RAMP CONSTRUCTION","SQYD",41,140,5740,5]
[null,"2024-02-08",2024,"Q1","15501","4 ","US20 AT LOCUST STREET (SISTERS)","0310-0112000A","REMOVAL OF FENCES","FOOT",800,3.125,2500,1]
[null,"2024-02-08",2024,"Q1","15501","4 ","US20 AT LOCUST STREET (SISTERS)","0310-0112000A","REMOVAL OF FENCES","FOOT",800,12.5,10000,2]
[null,"2024-02-08",2024,"Q1","15501","4 ","US20 AT LOCUST STREET (SISTERS)","0310-0112000A","REMOVAL OF FENCES","FOOT",800,6.9749999999999996,5580,3]
[null,"2024-02-08",2024,"Q1","15501","4 ","US20 AT LOCUST STREET (SISTERS)","0310-0112000A","REMOVAL OF FENCES","FOOT",800,12.5,10000,4]
[null,"2024-02-08",2024,"Q1","15501","4 ","US20 AT LOCUST STREET (SISTERS)","0310-0112000A","REMOVAL OF FENCES","FOOT",800,6.25,5000,5]
[null,"2024-02-08",2024,"Q1","15501","4 ","US20 AT LOCUST STREET (SISTERS)","0320-0100000A","CLEARING AND GRUBBING","ACRE",2,7175,14350,1]
[null,"2024-02-08",2024,"Q1","15501","4 ","US20 AT LOCUST STREET (SISTERS)","0320-0100000A","CLEARING AND GRUBBING","ACRE",2,7500,15000,2]
[null,"2024-02-08",2024,"Q1","15501","4 ","US20 AT LOCUST STREET (SISTERS)","0320-0100000A","CLEARING AND GRUBBING","ACRE",2,6125,12250,3]
[null,"2024-02-08",2024,"Q1","15501","4 ","US20 AT LOCUST STREET (SISTERS)","0320-0100000A","CLEARING AND GRUBBING","ACRE",2,16500,33000,4]
[null,"2024-02-08",2024,"Q1","15501","4 ","US20 AT LOCUST STREET (SISTERS)","0320-0100000A","CLEARING AND GRUBBING","ACRE",2,3750,7500,5]
[null,"2024-02-08",2024,"Q1","15501","4 ","US20 AT LOCUST STREET (SISTERS)","0330-0105000K","GENERAL EXCAVATION","CUYD",6080,29.77,181001.60000000001,1]
[null,"2024-02-08",2024,"Q1","15501","4 ","US20 AT LOCUST STREET (SISTERS)","0330-0105000K","GENERAL EXCAVATION","CUYD",6080,22,133760,2]
[null,"2024-02-08",2024,"Q1","15501","4 ","US20 AT LOCUST STREET (SISTERS)","0330-0105000K","GENERAL EXCAVATION","CUYD",6080,60.5,367840,3]
[null,"2024-02-08",2024,"Q1","15501","4 ","US20 AT LOCUST STREET (SISTERS)","0330-0105000K","GENERAL EXCAVATION","CUYD",6080,21,127680,4]
[null,"2024-02-08",2024,"Q1","15501","4 ","US20 AT LOCUST STREET (SISTERS)","0330-0105000K","GENERAL EXCAVATION","CUYD",6080,1,6080,5]
[null,"2024-02-08",2024,"Q1","15501","4 ","US20 AT LOCUST STREET (SISTERS)","0331-0109000J","18 INCH SUBGRADE STABILIZATION","SQYD",960,5,4800,1]
[null,"2024-02-08",2024,"Q1","15501","4 ","US20 AT LOCUST STREET (SISTERS)","0331-0109000J","18 INCH SUBGRADE STABILIZATION","SQYD",960,34,32640,2]
[null,"2024-02-08",2024,"Q1","15501","4 ","US20 AT LOCUST STREET (SISTERS)","0331-0109000J","18 INCH SUBGRADE STABILIZATION","SQYD",960,50,48000,3]
[null,"2024-02-08",2024,"Q1","15501","4 ","US20 AT LOCUST STREET (SISTERS)","0331-0109000J","18 INCH SUBGRADE STABILIZATION","SQYD",960,24,23040,4]
[null,"2024-02-08",2024,"Q1","15501","4 ","US20 AT LOCUST STREET (SISTERS)","0331-0109000J","18 INCH SUBGRADE STABILIZATION","SQYD",960,77,73920,5]
[null,"2024-02-08",2024,"Q1","15501","4 ","US20 AT LOCUST STREET (SISTERS)","0350-0105000J","SUBGRADE GEOTEXTILE","SQYD",6160,1.5,9240,1]
[null,"2024-02-08",2024,"Q1","15501","4 ","US20 AT LOCUST STREET (SISTERS)","0350-0105000J","SUBGRADE GEOTEXTILE","SQYD",6160,1,6160,2]
[null,"2024-02-08",2024,"Q1","15501","4 ","US20 AT LOCUST STREET (SISTERS)","0350-0105000J","SUBGRADE GEOTEXTILE","SQYD",6160,1.2,7392,3]
[null,"2024-02-08",2024,"Q1","15501","4 ","US20 AT LOCUST STREET (SISTERS)","0350-0105000J","SUBGRADE GEOTEXTILE","SQYD",6160,2,12320,4]
[null,"2024-02-08",2024,"Q1","15501","4 ","US20 AT LOCUST STREET (SISTERS)","0350-0105000J","SUBGRADE GEOTEXTILE","SQYD",6160,2,12320,5]
[null,"2024-02-08",2024,"Q1","15501","4 ","US20 AT LOCUST STREET (SISTERS)","0370-0101000A","OBLITERATING SURFACINGS","SQFT",2535,23.440631163708087,59422,1]
[null,"2024-02-08",2024,"Q1","15501","4 ","US20 AT LOCUST STREET (SISTERS)","0370-0101000A","OBLITERATING SURFACINGS","SQFT",2535,2.9585798816568047,7500,2]
[null,"2024-02-08",2024,"Q1","15501","4 ","US20 AT LOCUST STREET (SISTERS)","0370-0101000A","OBLITERATING SURFACINGS","SQFT",2535,10.380670611439843,26315,3]
[null,"2024-02-08",2024,"Q1","15501","4 ","US20 AT LOCUST STREET (SISTERS)","0370-0101000A","OBLITERATING SURFACINGS","SQFT",2535,26.824457593688361,68000,4]
[null,"2024-02-08",2024,"Q1","15501","4 ","US20 AT LOCUST STREET (SISTERS)","0370-0101000A","OBLITERATING SURFACINGS","SQFT",2535,29.585798816568047,75000,5]
[null,"2024-02-08",2024,"Q1","15501","4 ","US20 AT LOCUST STREET (SISTERS)","0415-0401000F","MAINLINE VIDEO WITH LASER PROFILE INSPECTION","FOOT",1854,12,22248,1]
[null,"2024-02-08",2024,"Q1","15501","4 ","US20 AT LOCUST STREET (SISTERS)","0415-0401000F","MAINLINE VIDEO WITH LASER PROFILE INSPECTION","FOOT",1854,10,18540,2]
[null,"2024-02-08",2024,"Q1","15501","4 ","US20 AT LOCUST STREET (SISTERS)","0415-0401000F","MAINLINE VIDEO WITH LASER PROFILE INSPECTION","FOOT",1854,14.5,26883,3]
[null,"2024-02-08",2024,"Q1","15501","4 ","US20 AT LOCUST STREET (SISTERS)","0415-0401000F","MAINLINE VIDEO WITH LASER PROFILE INSPECTION","FOOT",1854,7,12978,4]
[null,"2024-02-08",2024,"Q1","15501","4 ","US20 AT LOCUST STREET (SISTERS)","0415-0401000F","MAINLINE VIDEO WITH LASER PROFILE INSPECTION","FOOT",1854,15,27810,5]
[null,"2024-02-08",2024,"Q1","15501","4 ","US20 AT LOCUST STREET (SISTERS)","0445-035008AF","8 INCH STORM SEWER PIPE, 5 FT DEPTH","FOOT",54,73.010000000000005,3942.54,1]
[null,"2024-02-08",2024,"Q1","15501","4 ","US20 AT LOCUST STREET (SISTERS)","0445-035008AF","8 INCH STORM SEWER PIPE, 5 FT DEPTH","FOOT",54,155,8370,2]
[null,"2024-02-08",2024,"Q1","15501","4 ","US20 AT LOCUST STREET (SISTERS)","0445-035008AF","8 INCH STORM SEWER PIPE, 5 FT DEPTH","FOOT",54,110,5940,3]
[null,"2024-02-08",2024,"Q1","15501","4 ","US20 AT LOCUST STREET (SISTERS)","0445-035008AF","8 INCH STORM SEWER PIPE, 5 FT DEPTH","FOOT",54,89,4806,4]
[null,"2024-02-08",2024,"Q1","15501","4 ","US20 AT LOCUST STREET (SISTERS)","0445-035008AF","8 INCH STORM SEWER PIPE, 5 FT DEPTH","FOOT",54,110,5940,5]
[null,"2024-02-08",2024,"Q1","15501","4 ","US20 AT LOCUST STREET (SISTERS)","0445-035012AF","12 INCH STORM SEWER PIPE, 5 FT DEPTH","FOOT",1387,62.24,86326.88,1]
[null,"2024-02-08",2024,"Q1","15501","4 ","US20 AT LOCUST STREET (SISTERS)","0445-035012AF","12 INCH STORM SEWER PIPE, 5 FT DEPTH","FOOT",1387,100,138700,2]
[null,"2024-02-08",2024,"Q1","15501","4 ","US20 AT LOCUST STREET (SISTERS)","0445-035012AF","12 INCH STORM SEWER PIPE, 5 FT DEPTH","FOOT",1387,105.5,146328.5,3]
[null,"2024-02-08",2024,"Q1","15501","4 ","US20 AT LOCUST STREET (SISTERS)","0445-035012AF","12 INCH STORM SEWER PIPE, 5 FT DEPTH","FOOT",1387,115,159505,4]
[null,"2024-02-08",2024,"Q1","15501","4 ","US20 AT LOCUST STREET (SISTERS)","0445-035012AF","12 INCH STORM SEWER PIPE, 5 FT DEPTH","FOOT",1387,115,159505,5]
[null,"2024-02-08",2024,"Q1","15501","4 ","US20 AT LOCUST STREET (SISTERS)","0445-035012BF","12 INCH STORM SEWER PIPE, 10 FT DEPTH","FOOT",151,87.51,13214.01,1]
[null,"2024-02-08",2024,"Q1","15501","4 ","US20 AT LOCUST STREET (SISTERS)","0445-035012BF","12 INCH STORM SEWER PIPE, 10 FT DEPTH","FOOT",151,140,21140,2]
[null,"2024-02-08",2024,"Q1","15501","4 ","US20 AT LOCUST STREET (SISTERS)","0445-035012BF","12 INCH STORM SEWER PIPE, 10 FT DEPTH","FOOT",151,205,30955,3]
[null,"2024-02-08",2024,"Q1","15501","4 ","US20 AT LOCUST STREET (SISTERS)","0445-035012BF","12 INCH STORM SEWER PIPE, 10 FT DEPTH","FOOT",151,158,23858,4]
[null,"2024-02-08",2024,"Q1","15501","4 ","US20 AT LOCUST STREET (SISTERS)","0445-035012BF","12 INCH STORM SEWER PIPE, 10 FT DEPTH","FOOT",151,260,39260,5]
[null,"2024-02-08",2024,"Q1","15501","4 ","US20 AT LOCUST STREET (SISTERS)","0445-035018AF","18 INCH STORM SEWER PIPE, 5 FT DEPTH","FOOT",35,104.78,3667.3,1]
[null,"2024-02-08",2024,"Q1","15501","4 ","US20 AT LOCUST STREET (SISTERS)","0445-035018AF","18 INCH STORM SEWER PIPE, 5 FT DEPTH","FOOT",35,140,4900,2]
[null,"2024-02-08",2024,"Q1","15501","4 ","US20 AT LOCUST STREET (SISTERS)","0445-035018AF","18 INCH STORM SEWER PIPE, 5 FT DEPTH","FOOT",35,130,4550,3]
[null,"2024-02-08",2024,"Q1","15501","4 ","US20 AT LOCUST STREET (SISTERS)","0445-035018AF","18 INCH STORM SEWER PIPE, 5 FT DEPTH","FOOT",35,155,5425,4]
[null,"2024-02-08",2024,"Q1","15501","4 ","US20 AT LOCUST STREET (SISTERS)","0445-035018AF","18 INCH STORM SEWER PIPE, 5 FT DEPTH","FOOT",35,195,6825,5]
[null,"2024-02-08",2024,"Q1","15501","4 ","US20 AT LOCUST STREET (SISTERS)","0445-035018BF","18 INCH STORM SEWER PIPE, 10 FT DEPTH","FOOT",227,112.38,25510.26,1]
[null,"2024-02-08",2024,"Q1","15501","4 ","US20 AT LOCUST STREET (SISTERS)","0445-035018BF","18 INCH STORM SEWER PIPE, 10 FT DEPTH","FOOT",227,150,34050,2]
[null,"2024-02-08",2024,"Q1","15501","4 ","US20 AT LOCUST STREET (SISTERS)","0445-035018BF","18 INCH STORM SEWER PIPE, 10 FT DEPTH","FOOT",227,290,65830,3]
[null,"2024-02-08",2024,"Q1","15501","4 ","US20 AT LOCUST STREET (SISTERS)","0445-035018BF","18 INCH STORM SEWER PIPE, 10 FT DEPTH","FOOT",227,210,47670,4]
[null,"2024-02-08",2024,"Q1","15501","4 ","US20 AT LOCUST STREET (SISTERS)","0445-035018BF","18 INCH STORM SEWER PIPE, 10 FT DEPTH","FOOT",227,240,54480,5]
[null,"2024-02-08",2024,"Q1","15501","4 ","US20 AT LOCUST STREET (SISTERS)","0445-052004AF","4 INCH PVC PIPE, 5 FT DEPTH","FOOT",341,43,14663,1]
[null,"2024-02-08",2024,"Q1","15501","4 ","US20 AT LOCUST STREET (SISTERS)","0445-052004AF","4 INCH PVC PIPE, 5 FT DEPTH","FOOT",341,60,20460,2]
[null,"2024-02-08",2024,"Q1","15501","4 ","US20 AT LOCUST STREET (SISTERS)","0445-052004AF","4 INCH PVC PIPE, 5 FT DEPTH","FOOT",341,100,34100,3]
[null,"2024-02-08",2024,"Q1","15501","4 ","US20 AT LOCUST STREET (SISTERS)","0445-052004AF","4 INCH PVC PIPE, 5 FT DEPTH","FOOT",341,90,30690,4]
[null,"2024-02-08",2024,"Q1","15501","4 ","US20 AT LOCUST STREET (SISTERS)","0445-052004AF","4 INCH PVC PIPE, 5 FT DEPTH","FOOT",341,66,22506,5]
[null,"2024-02-08",2024,"Q1","15501","4 ","US20 AT LOCUST STREET (SISTERS)","0445-0700120E","SLOPED END SECTIONS, 12 INCH","EACH",1,250,250,1]
[null,"2024-02-08",2024,"Q1","15501","4 ","US20 AT LOCUST STREET (SISTERS)","0445-0700120E","SLOPED END SECTIONS, 12 INCH","EACH",1,450,450,2]
[null,"2024-02-08",2024,"Q1","15501","4 ","US20 AT LOCUST STREET (SISTERS)","0445-0700120E","SLOPED END SECTIONS, 12 INCH","EACH",1,360,360,3]
[null,"2024-02-08",2024,"Q1","15501","4 ","US20 AT LOCUST STREET (SISTERS)","0445-0700120E","SLOPED END SECTIONS, 12 INCH","EACH",1,4500,4500,4]
[null,"2024-02-08",2024,"Q1","15501","4 ","US20 AT LOCUST STREET (SISTERS)","0445-0700120E","SLOPED END SECTIONS, 12 INCH","EACH",1,2500,2500,5]
[null,"2024-02-08",2024,"Q1","15501","4 ","US20 AT LOCUST STREET (SISTERS)","0445-0700180E","SLOPED END SECTIONS, 18 INCH","EACH",2,350,700,1]
[null,"2024-02-08",2024,"Q1","15501","4 ","US20 AT LOCUST STREET (SISTERS)","0445-0700180E","SLOPED END SECTIONS, 18 INCH","EACH",2,550,1100,2]
[null,"2024-02-08",2024,"Q1","15501","4 ","US20 AT LOCUST STREET (SISTERS)","0445-0700180E","SLOPED END SECTIONS, 18 INCH","EACH",2,360,720,3]
[null,"2024-02-08",2024,"Q1","15501","4 ","US20 AT LOCUST STREET (SISTERS)","0445-0700180E","SLOPED END SECTIONS, 18 INCH","EACH",2,5100,10200,4]
[null,"2024-02-08",2024,"Q1","15501","4 ","US20 AT LOCUST STREET (SISTERS)","0445-0700180E","SLOPED END SECTIONS, 18 INCH","EACH",2,2000,4000,5]
[null,"2024-02-08",2024,"Q1","15501","4 ","US20 AT LOCUST STREET (SISTERS)","0470-0101000E","CONCRETE STORM SEWER MANHOLES","EACH",1,4500,4500,1]
[null,"2024-02-08",2024,"Q1","15501","4 ","US20 AT LOCUST STREET (SISTERS)","0470-0101000E","CONCRETE STORM SEWER MANHOLES","EACH",1,11500,11500,2]
[null,"2024-02-08",2024,"Q1","15501","4 ","US20 AT LOCUST STREET (SISTERS)","0470-0101000E","CONCRETE STORM SEWER MANHOLES","EACH",1,5550,5550,3]
[null,"2024-02-08",2024,"Q1","15501","4 ","US20 AT LOCUST STREET (SISTERS)","0470-0101000E","CONCRETE STORM SEWER MANHOLES","EACH",1,8500,8500,4]
[null,"2024-02-08",2024,"Q1","15501","4 ","US20 AT LOCUST STREET (SISTERS)","0470-0101000E","CONCRETE STORM SEWER MANHOLES","EACH",1,8000,8000,5]
[null,"2024-02-08",2024,"Q1","15501","4 ","US20 AT LOCUST STREET (SISTERS)","0470-0103000E","CONCRETE MANHOLES, WITH INLET","EACH",1,5500,5500,1]
[null,"2024-02-08",2024,"Q1","15501","4 ","US20 AT LOCUST STREET (SISTERS)","0470-0103000E","CONCRETE MANHOLES, WITH INLET","EACH",1,11000,11000,2]
[null,"2024-02-08",2024,"Q1","15501","4 ","US20 AT LOCUST STREET (SISTERS)","0470-0103000E","CONCRETE MANHOLES, WITH INLET","EACH",1,5725,5725,3]
[null,"2024-02-08",2024,"Q1","15501","4 ","US20 AT LOCUST STREET (SISTERS)","0470-0103000E","CONCRETE MANHOLES, WITH INLET","EACH",1,11000,11000,4]
[null,"2024-02-08",2024,"Q1","15501","4 ","US20 AT LOCUST STREET (SISTERS)","0470-0103000E","CONCRETE MANHOLES, WITH INLET","EACH",1,8000,8000,5]
[null,"2024-02-08",2024,"Q1","15501","4 ","US20 AT LOCUST STREET (SISTERS)","0470-0104000E","CONCRETE MANHOLES, STORM SEWER POLLUTION CONTROL","EACH",1,9500,9500,1]
[null,"2024-02-08",2024,"Q1","15501","4 ","US20 AT LOCUST STREET (SISTERS)","0470-0104000E","CONCRETE MANHOLES, STORM SEWER POLLUTION CONTROL WITH INLET","EACH",1,9500,9500,1]
[null,"2024-02-08",2024,"Q1","15501","4 ","US20 AT LOCUST STREET (SISTERS)","0470-0104000E","CONCRETE MANHOLES, STORM SEWER POLLUTION CONTROL","EACH",1,16000,16000,2]
[null,"2024-02-08",2024,"Q1","15501","4 ","US20 AT LOCUST STREET (SISTERS)","0470-0104000E","CONCRETE MANHOLES, STORM SEWER POLLUTION CONTROL WITH INLET","EACH",1,17000,17000,2]
[null,"2024-02-08",2024,"Q1","15501","4 ","US20 AT LOCUST STREET (SISTERS)","0470-0104000E","CONCRETE MANHOLES, STORM SEWER POLLUTION CONTROL","EACH",1,8050,8050,3]
[null,"2024-02-08",2024,"Q1","15501","4 ","US20 AT LOCUST STREET (SISTERS)","0470-0104000E","CONCRETE MANHOLES, STORM SEWER POLLUTION CONTROL WITH INLET","EACH",1,10250,10250,3]
[null,"2024-02-08",2024,"Q1","15501","4 ","US20 AT LOCUST STREET (SISTERS)","0470-0104000E","CONCRETE MANHOLES, STORM SEWER POLLUTION CONTROL","EACH",1,16000,16000,4]
[null,"2024-02-08",2024,"Q1","15501","4 ","US20 AT LOCUST STREET (SISTERS)","0470-0104000E","CONCRETE MANHOLES, STORM SEWER POLLUTION CONTROL WITH INLET","EACH",1,17000,17000,4]
[null,"2024-02-08",2024,"Q1","15501","4 ","US20 AT LOCUST STREET (SISTERS)","0470-0104000E","CONCRETE MANHOLES, STORM SEWER POLLUTION CONTROL","EACH",1,11000,11000,5]
[null,"2024-02-08",2024,"Q1","15501","4 ","US20 AT LOCUST STREET (SISTERS)","0470-0104000E","CONCRETE MANHOLES, STORM SEWER POLLUTION CONTROL WITH INLET","EACH",1,13000,13000,5]
[null,"2024-02-08",2024,"Q1","15501","4 ","US20 AT LOCUST STREET (SISTERS)","0470-0309000E","CONCRETE INLETS, TYPE CG-3","EACH",8,3222,25776,1]
[null,"2024-02-08",2024,"Q1","15501","4 ","US20 AT LOCUST STREET (SISTERS)","0470-0309000E","CONCRETE INLETS, TYPE CG-3","EACH",8,3500,28000,2]
[null,"2024-02-08",2024,"Q1","15501","4 ","US20 AT LOCUST STREET (SISTERS)","0470-0309000E","CONCRETE INLETS, TYPE CG-3","EACH",8,5660,45280,3]
[null,"2024-02-08",2024,"Q1","15501","4 ","US20 AT LOCUST STREET (SISTERS)","0470-0309000E","CONCRETE INLETS, TYPE CG-3","EACH",8,2800,22400,4]
[null,"2024-02-08",2024,"Q1","15501","4 ","US20 AT LOCUST STREET (SISTERS)","0470-0309000E","CONCRETE INLETS, TYPE CG-3","EACH",8,5200,41600,5]
[null,"2024-02-08",2024,"Q1","15501","4 ","US20 AT LOCUST STREET (SISTERS)","0470-0310000E","CONCRETE INLETS, TYPE CG-3 (MODIFIED)","EACH",4,3222,12888,1]
[null,"2024-02-08",2024,"Q1","15501","4 ","US20 AT LOCUST STREET (SISTERS)","0470-0310000E","CONCRETE INLETS, TYPE CG-3 (MODIFIED)","EACH",4,3550,14200,2]
[null,"2024-02-08",2024,"Q1","15501","4 ","US20 AT LOCUST STREET (SISTERS)","0470-0310000E","CONCRETE INLETS, TYPE CG-3 (MODIFIED)","EACH",4,5660,22640,3]
[null,"2024-02-08",2024,"Q1","15501","4 ","US20 AT LOCUST STREET (SISTERS)","0470-0310000E","CONCRETE INLETS, TYPE CG-3 (MODIFIED)","EACH",4,2900,11600,4]
[null,"2024-02-08",2024,"Q1","15501","4 ","US20 AT LOCUST STREET (SISTERS)","0470-0310000E","CONCRETE INLETS, TYPE CG-3 (MODIFIED)","EACH",4,5100,20400,5]
[null,"2024-02-08",2024,"Q1","15501","4 ","US20 AT LOCUST STREET (SISTERS)","0470-0313000E","CONCRETE INLETS, TYPE G-1","EACH",4,2356,9424,1]
[null,"2024-02-08",2024,"Q1","15501","4 ","US20 AT LOCUST STREET (SISTERS)","0470-0313000E","CONCRETE INLETS, TYPE G-1","EACH",4,3100,12400,2]
[null,"2024-02-08",2024,"Q1","15501","4 ","US20 AT LOCUST STREET (SISTERS)","0470-0313000E","CONCRETE INLETS, TYPE G-1","EACH",4,4650,18600,3]
[null,"2024-02-08",2024,"Q1","15501","4 ","US20 AT LOCUST STREET (SISTERS)","0470-0313000E","CONCRETE INLETS, TYPE G-1","EACH",4,2600,10400,4]
[null,"2024-02-08",2024,"Q1","15501","4 ","US20 AT LOCUST STREET (SISTERS)","0470-0313000E","CONCRETE INLETS, TYPE G-1","EACH",4,5000,20000,5]
[null,"2024-02-08",2024,"Q1","15501","4 ","US20 AT LOCUST STREET (SISTERS)","0470-0315000E","CONCRETE INLETS, TYPE G-2","EACH",21,2650,55650,1]
[null,"2024-02-08",2024,"Q1","15501","4 ","US20 AT LOCUST STREET (SISTERS)","0470-0315000E","CONCRETE INLETS, TYPE G-2","EACH",21,3100,65100,2]
[null,"2024-02-08",2024,"Q1","15501","4 ","US20 AT LOCUST STREET (SISTERS)","0470-0315000E","CONCRETE INLETS, TYPE G-2","EACH",21,5115,107415,3]
[null,"2024-02-08",2024,"Q1","15501","4 ","US20 AT LOCUST STREET (SISTERS)","0470-0315000E","CONCRETE INLETS, TYPE G-2","EACH",21,2800,58800,4]
[null,"2024-02-08",2024,"Q1","15501","4 ","US20 AT LOCUST STREET (SISTERS)","0470-0315000E","CONCRETE INLETS, TYPE G-2","EACH",21,5000,105000,5]
[null,"2024-02-08",2024,"Q1","15501","4 ","US20 AT LOCUST STREET (SISTERS)","0490-0100000E","ADJUSTING BOXES","EACH",2,250,500,1]
[null,"2024-02-08",2024,"Q1","15501","4 ","US20 AT LOCUST STREET (SISTERS)","0490-0100000E","ADJUSTING BOXES","EACH",2,150,300,2]
[null,"2024-02-08",2024,"Q1","15501","4 ","US20 AT LOCUST STREET (SISTERS)","0490-0100000E","ADJUSTING BOXES","EACH",2,400,800,3]
[null,"2024-02-08",2024,"Q1","15501","4 ","US20 AT LOCUST STREET (SISTERS)","0490-0100000E","ADJUSTING BOXES","EACH",2,240,480,4]
[null,"2024-02-08",2024,"Q1","15501","4 ","US20 AT LOCUST STREET (SISTERS)","0490-0100000E","ADJUSTING BOXES","EACH",2,500,1000,5]
[null,"2024-02-08",2024,"Q1","15501","4 ","US20 AT LOCUST STREET (SISTERS)","0490-0121000E","MAJOR ADJUSTMENT OF MANHOLES","EACH",2,1800,3600,1]
[null,"2024-02-08",2024,"Q1","15501","4 ","US20 AT LOCUST STREET (SISTERS)","0490-0121000E","MAJOR ADJUSTMENT OF MANHOLES","EACH",2,3000,6000,2]
[null,"2024-02-08",2024,"Q1","15501","4 ","US20 AT LOCUST STREET (SISTERS)","0490-0121000E","MAJOR ADJUSTMENT OF MANHOLES","EACH",2,2900,5800,3]
[null,"2024-02-08",2024,"Q1","15501","4 ","US20 AT LOCUST STREET (SISTERS)","0490-0121000E","MAJOR ADJUSTMENT OF MANHOLES","EACH",2,980,1960,4]
[null,"2024-02-08",2024,"Q1","15501","4 ","US20 AT LOCUST STREET (SISTERS)","0490-0121000E","MAJOR ADJUSTMENT OF MANHOLES","EACH",2,3000,6000,5]
[null,"2024-02-08",2024,"Q1","15501","4 ","US20 AT LOCUST STREET (SISTERS)","0495-0100000J","TRENCH RESURFACING","SQYD",120,189.5,22740,1]
[null,"2024-02-08",2024,"Q1","15501","4 ","US20 AT LOCUST STREET (SISTERS)","0495-0100000J","TRENCH RESURFACING","SQYD",120,215,25800,2]
[null,"2024-02-08",2024,"Q1","15501","4 ","US20 AT LOCUST STREET (SISTERS)","0495-0100000J","TRENCH RESURFACING","SQYD",120,158,18960,3]
[null,"2024-02-08",2024,"Q1","15501","4 ","US20 AT LOCUST STREET (SISTERS)","0495-0100000J","TRENCH RESURFACING","SQYD",120,250,30000,4]
[null,"2024-02-08",2024,"Q1","15501","4 ","US20 AT LOCUST STREET (SISTERS)","0495-0100000J","TRENCH RESURFACING","SQYD",120,140,16800,5]
[null,"2024-02-08",2024,"Q1","15504","2 ","OR126: BLUE RIVER AND FISH HOLE BRIDGES","0501-0100000A","BRIDGE REMOVAL WORK","SQFT",694,7.2046109510086458,5000,1]
[null,"2024-02-08",2024,"Q1","15504","2 ","OR126: BLUE RIVER AND FISH HOLE BRIDGES","0501-0100000A","BRIDGE REMOVAL WORK","SQFT",76,98.684210526315795,7500,1]
[null,"2024-02-08",2024,"Q1","15504","2 ","OR126: BLUE RIVER AND FISH HOLE BRIDGES","0501-0100000A","BRIDGE REMOVAL WORK","SQFT",694,144.09221902017291,100000,2]
[null,"2024-02-08",2024,"Q1","15504","2 ","OR126: BLUE RIVER AND FISH HOLE BRIDGES","0501-0100000A","BRIDGE REMOVAL WORK","SQFT",76,986.84210526315792,75000,2]
[null,"2024-02-08",2024,"Q1","15504","2 ","OR126: BLUE RIVER AND FISH HOLE BRIDGES","0501-0100000A","BRIDGE REMOVAL WORK","SQFT",694,33.141210374639769,23000,3]
[null,"2024-02-08",2024,"Q1","15504","2 ","OR126: BLUE RIVER AND FISH HOLE BRIDGES","0501-0100000A","BRIDGE REMOVAL WORK","SQFT",76,236.84210526315789,18000,3]
[null,"2024-02-08",2024,"Q1","15504","2 ","OR126: BLUE RIVER AND FISH HOLE BRIDGES","0501-0100000A","BRIDGE REMOVAL WORK","SQFT",76,197.36842105263159,15000,4]
[null,"2024-02-08",2024,"Q1","15504","2 ","OR126: BLUE RIVER AND FISH HOLE BRIDGES","0501-0100000A","BRIDGE REMOVAL WORK","SQFT",694,36.023054755043226,25000,4]
[null,"2024-02-08",2024,"Q1","15504","2 ","OR126: BLUE RIVER AND FISH HOLE BRIDGES","0501-0100000A","BRIDGE REMOVAL WORK","SQFT",694,36.023054755043226,25000,5]
[null,"2024-02-08",2024,"Q1","15504","2 ","OR126: BLUE RIVER AND FISH HOLE BRIDGES","0501-0100000A","BRIDGE REMOVAL WORK","SQFT",76,131.57894736842104,10000,5]
[null,"2024-02-08",2024,"Q1","15503","2 ","US20: EDDYVILLE - CLINE HILL","0503-0103100J","BRIDGE APPROACH SLAB COLD PLANE PAVEMENT REMOVAL, 0 - 2 INCHES DEEP","SQYD",180,27,4860,1]
[null,"2024-02-08",2024,"Q1","15504","2 ","OR126: BLUE RIVER AND FISH HOLE BRIDGES","0503-0103100J","BRIDGE APPROACH SLAB COLD PLANE PAVEMENT REMOVAL, 2-4 INCHES DEEP","SQYD",217,25,5425,1]
[null,"2024-02-08",2024,"Q1","15503","2 ","US20: EDDYVILLE - CLINE HILL","0503-0103100J","BRIDGE APPROACH SLAB COLD PLANE PAVEMENT REMOVAL, 0 - 2 INCHES DEEP","SQYD",180,27,4860,1]
[null,"2024-02-08",2024,"Q1","15503","2 ","US20: EDDYVILLE - CLINE HILL","0503-0103100J","BRIDGE APPROACH SLAB COLD PLANE PAVEMENT REMOVAL, 0 - 2 INCHES DEEP","SQYD",180,27,4860,1]
[null,"2024-02-08",2024,"Q1","15503","2 ","US20: EDDYVILLE - CLINE HILL","0503-0103100J","BRIDGE APPROACH SLAB COLD PLANE PAVEMENT REMOVAL, 0 - 2 INCHES DEEP","SQYD",180,27,4860,1]
[null,"2024-02-08",2024,"Q1","15503","2 ","US20: EDDYVILLE - CLINE HILL","0503-0103100J","BRIDGE APPROACH SLAB COLD PLANE PAVEMENT REMOVAL, 0 - 2 INCHES DEEP","SQYD",180,27,4860,1]
[null,"2024-02-08",2024,"Q1","15503","2 ","US20: EDDYVILLE - CLINE HILL","0503-0103100J","BRIDGE APPROACH SLAB COLD PLANE PAVEMENT REMOVAL, 0 - 2 INCHES DEEP","SQYD",180,27,4860,1]
[null,"2024-02-08",2024,"Q1","15503","2 ","US20: EDDYVILLE - CLINE HILL","0503-0103100J","BRIDGE APPROACH SLAB COLD PLANE PAVEMENT REMOVAL, 0 - 2 INCHES DEEP","SQYD",180,27,4860,1]
[null,"2024-02-08",2024,"Q1","15503","2 ","US20: EDDYVILLE - CLINE HILL","0503-0103100J","BRIDGE APPROACH SLAB COLD PLANE PAVEMENT REMOVAL, 0 - 2 INCHES DEEP","SQYD",180,27,4860,1]
[null,"2024-02-08",2024,"Q1","15504","2 ","OR126: BLUE RIVER AND FISH HOLE BRIDGES","0503-0103100J","BRIDGE APPROACH SLAB COLD PLANE PAVEMENT REMOVAL, 2-4 INCHES DEEP","SQYD",208,25,5200,1]
[null,"2024-02-08",2024,"Q1","15503","2 ","US20: EDDYVILLE - CLINE HILL","0503-0103100J","BRIDGE APPROACH SLAB COLD PLANE PAVEMENT REMOVAL, 0 - 2 INCHES DEEP","SQYD",180,27,4860,1]
[null,"2024-02-08",2024,"Q1","15503","2 ","US20: EDDYVILLE - CLINE HILL","0503-0103100J","BRIDGE APPROACH SLAB COLD PLANE PAVEMENT REMOVAL, 0 - 2 INCHES DEEP","SQYD",180,27,4860,1]
[null,"2024-02-08",2024,"Q1","15503","2 ","US20: EDDYVILLE - CLINE HILL","0503-0103100J","BRIDGE APPROACH SLAB COLD PLANE PAVEMENT REMOVAL, 0 - 2 INCHES DEEP","SQYD",180,23,4140,2]
[null,"2024-02-08",2024,"Q1","15503","2 ","US20: EDDYVILLE - CLINE HILL","0503-0103100J","BRIDGE APPROACH SLAB COLD PLANE PAVEMENT REMOVAL, 0 - 2 INCHES DEEP","SQYD",180,23,4140,2]
[null,"2024-02-08",2024,"Q1","15503","2 ","US20: EDDYVILLE - CLINE HILL","0503-0103100J","BRIDGE APPROACH SLAB COLD PLANE PAVEMENT REMOVAL, 0 - 2 INCHES DEEP","SQYD",180,23,4140,2]
[null,"2024-02-08",2024,"Q1","15504","2 ","OR126: BLUE RIVER AND FISH HOLE BRIDGES","0503-0103100J","BRIDGE APPROACH SLAB COLD PLANE PAVEMENT REMOVAL, 2-4 INCHES DEEP","SQYD",208,17,3536,2]
[null,"2024-02-08",2024,"Q1","15503","2 ","US20: EDDYVILLE - CLINE HILL","0503-0103100J","BRIDGE APPROACH SLAB COLD PLANE PAVEMENT REMOVAL, 0 - 2 INCHES DEEP","SQYD",180,23,4140,2]
[null,"2024-02-08",2024,"Q1","15503","2 ","US20: EDDYVILLE - CLINE HILL","0503-0103100J","BRIDGE APPROACH SLAB COLD PLANE PAVEMENT REMOVAL, 0 - 2 INCHES DEEP","SQYD",180,23,4140,2]
[null,"2024-02-08",2024,"Q1","15503","2 ","US20: EDDYVILLE - CLINE HILL","0503-0103100J","BRIDGE APPROACH SLAB COLD PLANE PAVEMENT REMOVAL, 0 - 2 INCHES DEEP","SQYD",180,23,4140,2]
[null,"2024-02-08",2024,"Q1","15503","2 ","US20: EDDYVILLE - CLINE HILL","0503-0103100J","BRIDGE APPROACH SLAB COLD PLANE PAVEMENT REMOVAL, 0 - 2 INCHES DEEP","SQYD",180,23,4140,2]
[null,"2024-02-08",2024,"Q1","15503","2 ","US20: EDDYVILLE - CLINE HILL","0503-0103100J","BRIDGE APPROACH SLAB COLD PLANE PAVEMENT REMOVAL, 0 - 2 INCHES DEEP","SQYD",180,23,4140,2]
[null,"2024-02-08",2024,"Q1","15503","2 ","US20: EDDYVILLE - CLINE HILL","0503-0103100J","BRIDGE APPROACH SLAB COLD PLANE PAVEMENT REMOVAL, 0 - 2 INCHES DEEP","SQYD",180,23,4140,2]
[null,"2024-02-08",2024,"Q1","15504","2 ","OR126: BLUE RIVER AND FISH HOLE BRIDGES","0503-0103100J","BRIDGE APPROACH SLAB COLD PLANE PAVEMENT REMOVAL, 2-4 INCHES DEEP","SQYD",217,14,3038,2]
[null,"2024-02-08",2024,"Q1","15503","2 ","US20: EDDYVILLE - CLINE HILL","0503-0103100J","BRIDGE APPROACH SLAB COLD PLANE PAVEMENT REMOVAL, 0 - 2 INCHES DEEP","SQYD",180,23,4140,2]
[null,"2024-02-08",2024,"Q1","15504","2 ","OR126: BLUE RIVER AND FISH HOLE BRIDGES","0503-0103100J","BRIDGE APPROACH SLAB COLD PLANE PAVEMENT REMOVAL, 2-4 INCHES DEEP","SQYD",208,25,5200,3]
[null,"2024-02-08",2024,"Q1","15504","2 ","OR126: BLUE RIVER AND FISH HOLE BRIDGES","0503-0103100J","BRIDGE APPROACH SLAB COLD PLANE PAVEMENT REMOVAL, 2-4 INCHES DEEP","SQYD",217,25,5425,3]
[null,"2024-02-08",2024,"Q1","15504","2 ","OR126: BLUE RIVER AND FISH HOLE BRIDGES","0503-0103100J","BRIDGE APPROACH SLAB COLD PLANE PAVEMENT REMOVAL, 2-4 INCHES DEEP","SQYD",217,30,6510,4]
[null,"2024-02-08",2024,"Q1","15504","2 ","OR126: BLUE RIVER AND FISH HOLE BRIDGES","0503-0103100J","BRIDGE APPROACH SLAB COLD PLANE PAVEMENT REMOVAL, 2-4 INCHES DEEP","SQYD",208,30,6240,4]
[null,"2024-02-08",2024,"Q1","15504","2 ","OR126: BLUE RIVER AND FISH HOLE BRIDGES","0503-0103100J","BRIDGE APPROACH SLAB COLD PLANE PAVEMENT REMOVAL, 2-4 INCHES DEEP","SQYD",208,20.5,4264,5]
[null,"2024-02-08",2024,"Q1","15504","2 ","OR126: BLUE RIVER AND FISH HOLE BRIDGES","0503-0103100J","BRIDGE APPROACH SLAB COLD PLANE PAVEMENT REMOVAL, 2-4 INCHES DEEP","SQYD",217,20,4340,5]
[null,"2024-02-08",2024,"Q1","15504","2 ","OR126: BLUE RIVER AND FISH HOLE BRIDGES","0505-0100000J","CONCRETE DECK MICRO-MILLING, 1-1/4 INCH DEPTH","SQYD",1323,17.5,23152.5,1]
[null,"2024-02-08",2024,"Q1","15504","2 ","OR126: BLUE RIVER AND FISH HOLE BRIDGES","0505-0100000J","CONCRETE DECK MICRO-MILLING, 1 INCH DEPTH","SQYD",496,18,8928,1]
[null,"2024-02-08",2024,"Q1","15504","2 ","OR126: BLUE RIVER AND FISH HOLE BRIDGES","0505-0100000J","CONCRETE DECK MICRO-MILLING, 1 INCH DEPTH","SQYD",496,26,12896,2]
[null,"2024-02-08",2024,"Q1","15504","2 ","OR126: BLUE RIVER AND FISH HOLE BRIDGES","0505-0100000J","CONCRETE DECK MICRO-MILLING, 1-1/4 INCH DEPTH","SQYD",1323,26,34398,2]
[null,"2024-02-08",2024,"Q1","15504","2 ","OR126: BLUE RIVER AND FISH HOLE BRIDGES","0505-0100000J","CONCRETE DECK MICRO-MILLING, 1-1/4 INCH DEPTH","SQYD",1323,50,66150,3]
[null,"2024-02-08",2024,"Q1","15504","2 ","OR126: BLUE RIVER AND FISH HOLE BRIDGES","0505-0100000J","CONCRETE DECK MICRO-MILLING, 1 INCH DEPTH","SQYD",496,75,37200,3]
[null,"2024-02-08",2024,"Q1","15504","2 ","OR126: BLUE RIVER AND FISH HOLE BRIDGES","0505-0100000J","CONCRETE DECK MICRO-MILLING, 1 INCH DEPTH","SQYD",496,30,14880,4]
[null,"2024-02-08",2024,"Q1","15504","2 ","OR126: BLUE RIVER AND FISH HOLE BRIDGES","0505-0100000J","CONCRETE DECK MICRO-MILLING, 1-1/4 INCH DEPTH","SQYD",1323,25,33075,4]
[null,"2024-02-08",2024,"Q1","15504","2 ","OR126: BLUE RIVER AND FISH HOLE BRIDGES","0505-0100000J","CONCRETE DECK MICRO-MILLING, 1-1/4 INCH DEPTH","SQYD",1323,30,39690,5]
[null,"2024-02-08",2024,"Q1","15504","2 ","OR126: BLUE RIVER AND FISH HOLE BRIDGES","0505-0100000J","CONCRETE DECK MICRO-MILLING, 1 INCH DEPTH","SQYD",496,30,14880,5]
[null,"2024-02-08",2024,"Q1","15504","2 ","OR126: BLUE RIVER AND FISH HOLE BRIDGES","0505-0101000J","SELECTIVE HYDRODEMOLITION","SQYD",496,115,57040,1]
[null,"2024-02-08",2024,"Q1","15504","2 ","OR126: BLUE RIVER AND FISH HOLE BRIDGES","0505-0101000J","SELECTIVE HYDRODEMOLITION","SQYD",496,130,64480,2]
[null,"2024-02-08",2024,"Q1","15504","2 ","OR126: BLUE RIVER AND FISH HOLE BRIDGES","0505-0101000J","SELECTIVE HYDRODEMOLITION","SQYD",496,175,86800,3]
[null,"2024-02-08",2024,"Q1","15504","2 ","OR126: BLUE RIVER AND FISH HOLE BRIDGES","0505-0101000J","SELECTIVE HYDRODEMOLITION","SQYD",496,275,136400,4]
[null,"2024-02-08",2024,"Q1","15504","2 ","OR126: BLUE RIVER AND FISH HOLE BRIDGES","0505-0101000J","SELECTIVE HYDRODEMOLITION","SQYD",496,250,124000,5]
[null,"2024-02-08",2024,"Q1","15504","2 ","OR126: BLUE RIVER AND FISH HOLE BRIDGES","0505-0102000J","DEEP CUT HYDRODEMOLITION, 1 INCH DEPTH","SQYD",1323,95,125685,1]
[null,"2024-02-08",2024,"Q1","15504","2 ","OR126: BLUE RIVER AND FISH HOLE BRIDGES","0505-0102000J","DEEP CUT HYDRODEMOLITION, 1 INCH DEPTH","SQYD",1323,130,171990,2]
[null,"2024-02-08",2024,"Q1","15504","2 ","OR126: BLUE RIVER AND FISH HOLE BRIDGES","0505-0102000J","DEEP CUT HYDRODEMOLITION, 1 INCH DEPTH","SQYD",1323,175,231525,3]
[null,"2024-02-08",2024,"Q1","15504","2 ","OR126: BLUE RIVER AND FISH HOLE BRIDGES","0505-0102000J","DEEP CUT HYDRODEMOLITION, 1 INCH DEPTH","SQYD",1323,225,297675,4]
[null,"2024-02-08",2024,"Q1","15504","2 ","OR126: BLUE RIVER AND FISH HOLE BRIDGES","0505-0102000J","DEEP CUT HYDRODEMOLITION, 1 INCH DEPTH","SQYD",1323,250,330750,5]
[null,"2024-02-08",2024,"Q1","15503","2 ","US20: EDDYVILLE - CLINE HILL","0539-0100000J","CONCRETE AND CRACK SEALER","SQFT",4993,2.25,11234.25,1]
[null,"2024-02-08",2024,"Q1","15503","2 ","US20: EDDYVILLE - CLINE HILL","0539-0100000J","CONCRETE AND CRACK SEALER","SQFT",8187,2.25,18420.75,1]
[null,"2024-02-08",2024,"Q1","15503","2 ","US20: EDDYVILLE - CLINE HILL","0539-0100000J","CONCRETE AND CRACK SEALER","SQFT",5845,2.25,13151.25,1]
[null,"2024-02-08",2024,"Q1","15503","2 ","US20: EDDYVILLE - CLINE HILL","0539-0100000J","CONCRETE AND CRACK SEALER","SQFT",4709,2.25,10595.25,1]
[null,"2024-02-08",2024,"Q1","15503","2 ","US20: EDDYVILLE - CLINE HILL","0539-0100000J","CONCRETE AND CRACK SEALER","SQFT",7712,2.25,17352,1]
[null,"2024-02-08",2024,"Q1","15503","2 ","US20: EDDYVILLE - CLINE HILL","0539-0100000J","CONCRETE AND CRACK SEALER","SQFT",5561,2.25,12512.25,1]
[null,"2024-02-08",2024,"Q1","15503","2 ","US20: EDDYVILLE - CLINE HILL","0539-0100000J","CONCRETE AND CRACK SEALER","SQFT",4780,2.25,10755,1]
[null,"2024-02-08",2024,"Q1","15503","2 ","US20: EDDYVILLE - CLINE HILL","0539-0100000J","CONCRETE AND CRACK SEALER","SQFT",7197,2.25,16193.25,1]
[null,"2024-02-08",2024,"Q1","15503","2 ","US20: EDDYVILLE - CLINE HILL","0539-0100000J","CONCRETE AND CRACK SEALER","SQFT",4311,2.25,9699.75,1]
[null,"2024-02-08",2024,"Q1","15503","2 ","US20: EDDYVILLE - CLINE HILL","0539-0100000J","CONCRETE AND CRACK SEALER","SQFT",7928,2.25,17838,1]
[null,"2024-02-08",2024,"Q1","15503","2 ","US20: EDDYVILLE - CLINE HILL","0539-0100000J","CONCRETE AND CRACK SEALER","SQFT",8187,1.85,15145.95,2]
[null,"2024-02-08",2024,"Q1","15503","2 ","US20: EDDYVILLE - CLINE HILL","0539-0100000J","CONCRETE AND CRACK SEALER","SQFT",4709,1.8499999999999999,8711.65,2]
[null,"2024-02-08",2024,"Q1","15503","2 ","US20: EDDYVILLE - CLINE HILL","0539-0100000J","CONCRETE AND CRACK SEALER","SQFT",5845,1.85,10813.25,2]
[null,"2024-02-08",2024,"Q1","15503","2 ","US20: EDDYVILLE - CLINE HILL","0539-0100000J","CONCRETE AND CRACK SEALER","SQFT",4311,1.85,7975.35,2]
[null,"2024-02-08",2024,"Q1","15503","2 ","US20: EDDYVILLE - CLINE HILL","0539-0100000J","CONCRETE AND CRACK SEALER","SQFT",7197,1.85,13314.45,2]
[null,"2024-02-08",2024,"Q1","15503","2 ","US20: EDDYVILLE - CLINE HILL","0539-0100000J","CONCRETE AND CRACK SEALER","SQFT",5561,1.85,10287.85,2]
[null,"2024-02-08",2024,"Q1","15503","2 ","US20: EDDYVILLE - CLINE HILL","0539-0100000J","CONCRETE AND CRACK SEALER","SQFT",4780,1.85,8843,2]
[null,"2024-02-08",2024,"Q1","15503","2 ","US20: EDDYVILLE - CLINE HILL","0539-0100000J","CONCRETE AND CRACK SEALER","SQFT",7928,1.8499999999999999,14666.8,2]
[null,"2024-02-08",2024,"Q1","15503","2 ","US20: EDDYVILLE - CLINE HILL","0539-0100000J","CONCRETE AND CRACK SEALER","SQFT",7712,1.85,14267.2,2]
[null,"2024-02-08",2024,"Q1","15503","2 ","US20: EDDYVILLE - CLINE HILL","0539-0100000J","CONCRETE AND CRACK SEALER","SQFT",4993,1.8499999999999999,9237.0499999999993,2]
[null,"2024-02-08",2024,"Q1","15504","2 ","OR126: BLUE RIVER AND FISH HOLE BRIDGES","0542-0102000J","CONCRETE REPAIR","SQYD",2,7500,15000,1]
[null,"2024-02-08",2024,"Q1","15504","2 ","OR126: BLUE RIVER AND FISH HOLE BRIDGES","0542-0102000J","CONCRETE REPAIR","SQYD",1,7500,7500,1]
[null,"2024-02-08",2024,"Q1","15504","2 ","OR126: BLUE RIVER AND FISH HOLE BRIDGES","0542-0102000J","CONCRETE REPAIR","SQYD",2,5575,11150,2]
[null,"2024-02-08",2024,"Q1","15504","2 ","OR126: BLUE RIVER AND FISH HOLE BRIDGES","0542-0102000J","CONCRETE REPAIR","SQYD",1,5575,5575,2]
[null,"2024-02-08",2024,"Q1","15504","2 ","OR126: BLUE RIVER AND FISH HOLE BRIDGES","0542-0102000J","CONCRETE REPAIR","SQYD",1,8000,8000,3]
[null,"2024-02-08",2024,"Q1","15504","2 ","OR126: BLUE RIVER AND FISH HOLE BRIDGES","0542-0102000J","CONCRETE REPAIR","SQYD",2,8000,16000,3]
[null,"2024-02-08",2024,"Q1","15504","2 ","OR126: BLUE RIVER AND FISH HOLE BRIDGES","0542-0102000J","CONCRETE REPAIR","SQYD",1,10000,10000,4]
[null,"2024-02-08",2024,"Q1","15504","2 ","OR126: BLUE RIVER AND FISH HOLE BRIDGES","0542-0102000J","CONCRETE REPAIR","SQYD",2,10000,20000,4]
[null,"2024-02-08",2024,"Q1","15504","2 ","OR126: BLUE RIVER AND FISH HOLE BRIDGES","0542-0102000J","CONCRETE REPAIR","SQYD",2,5250,10500,5]
[null,"2024-02-08",2024,"Q1","15504","2 ","OR126: BLUE RIVER AND FISH HOLE BRIDGES","0542-0102000J","CONCRETE REPAIR","SQYD",1,5250,5250,5]
[null,"2024-02-08",2024,"Q1","15504","2 ","OR126: BLUE RIVER AND FISH HOLE BRIDGES","0559-0300000K","STRUCTURAL CONCRETE OVERLAY MATERIAL","CUYD",40,325,13000,1]
[null,"2024-02-08",2024,"Q1","15504","2 ","OR126: BLUE RIVER AND FISH HOLE BRIDGES","0559-0300000K","STRUCTURAL CONCRETE OVERLAY MATERIAL","CUYD",92,325,29900,1]
[null,"2024-02-08",2024,"Q1","15504","2 ","OR126: BLUE RIVER AND FISH HOLE BRIDGES","0559-0300000K","STRUCTURAL CONCRETE OVERLAY MATERIAL","CUYD",92,515,47380,2]
[null,"2024-02-08",2024,"Q1","15504","2 ","OR126: BLUE RIVER AND FISH HOLE BRIDGES","0559-0300000K","STRUCTURAL CONCRETE OVERLAY MATERIAL","CUYD",40,565,22600,2]
[null,"2024-02-08",2024,"Q1","15504","2 ","OR126: BLUE RIVER AND FISH HOLE BRIDGES","0559-0300000K","STRUCTURAL CONCRETE OVERLAY MATERIAL","CUYD",40,400,16000,3]
[null,"2024-02-08",2024,"Q1","15504","2 ","OR126: BLUE RIVER AND FISH HOLE BRIDGES","0559-0300000K","STRUCTURAL CONCRETE OVERLAY MATERIAL","CUYD",92,400,36800,3]
[null,"2024-02-08",2024,"Q1","15504","2 ","OR126: BLUE RIVER AND FISH HOLE BRIDGES","0559-0300000K","STRUCTURAL CONCRETE OVERLAY MATERIAL","CUYD",92,800,73600,4]
[null,"2024-02-08",2024,"Q1","15504","2 ","OR126: BLUE RIVER AND FISH HOLE BRIDGES","0559-0300000K","STRUCTURAL CONCRETE OVERLAY MATERIAL","CUYD",40,750,30000,4]
[null,"2024-02-08",2024,"Q1","15504","2 ","OR126: BLUE RIVER AND FISH HOLE BRIDGES","0559-0300000K","STRUCTURAL CONCRETE OVERLAY MATERIAL","CUYD",92,550,50600,5]
[null,"2024-02-08",2024,"Q1","15504","2 ","OR126: BLUE RIVER AND FISH HOLE BRIDGES","0559-0300000K","STRUCTURAL CONCRETE OVERLAY MATERIAL","CUYD",40,550,22000,5]
[null,"2024-02-08",2024,"Q1","15504","2 ","OR126: BLUE RIVER AND FISH HOLE BRIDGES","0559-0302000J","CONSTRUCT STRUCTURAL CONCRETE OVERLAY","SQYD",1323,115,152145,1]
[null,"2024-02-08",2024,"Q1","15504","2 ","OR126: BLUE RIVER AND FISH HOLE BRIDGES","0559-0302000J","CONSTRUCT STRUCTURAL CONCRETE OVERLAY","SQYD",496,185,91760,1]
[null,"2024-02-08",2024,"Q1","15504","2 ","OR126: BLUE RIVER AND FISH HOLE BRIDGES","0559-0302000J","CONSTRUCT STRUCTURAL CONCRETE OVERLAY","SQYD",1323,75,99225,2]
[null,"2024-02-08",2024,"Q1","15504","2 ","OR126: BLUE RIVER AND FISH HOLE BRIDGES","0559-0302000J","CONSTRUCT STRUCTURAL CONCRETE OVERLAY","SQYD",496,90,44640,2]
[null,"2024-02-08",2024,"Q1","15504","2 ","OR126: BLUE RIVER AND FISH HOLE BRIDGES","0559-0302000J","CONSTRUCT STRUCTURAL CONCRETE OVERLAY","SQYD",496,175,86800,3]
[null,"2024-02-08",2024,"Q1","15504","2 ","OR126: BLUE RIVER AND FISH HOLE BRIDGES","0559-0302000J","CONSTRUCT STRUCTURAL CONCRETE OVERLAY","SQYD",1323,125,165375,3]
[null,"2024-02-08",2024,"Q1","15504","2 ","OR126: BLUE RIVER AND FISH HOLE BRIDGES","0559-0302000J","CONSTRUCT STRUCTURAL CONCRETE OVERLAY","SQYD",496,200,99200,4]
[null,"2024-02-08",2024,"Q1","15504","2 ","OR126: BLUE RIVER AND FISH HOLE BRIDGES","0559-0302000J","CONSTRUCT STRUCTURAL CONCRETE OVERLAY","SQYD",1323,135,178605,4]
[null,"2024-02-08",2024,"Q1","15504","2 ","OR126: BLUE RIVER AND FISH HOLE BRIDGES","0559-0302000J","CONSTRUCT STRUCTURAL CONCRETE OVERLAY","SQYD",1323,90,119070,5]
[null,"2024-02-08",2024,"Q1","15504","2 ","OR126: BLUE RIVER AND FISH HOLE BRIDGES","0559-0302000J","CONSTRUCT STRUCTURAL CONCRETE OVERLAY","SQYD",496,225,111600,5]
[null,"2024-02-08",2024,"Q1","15504","2 ","OR126: BLUE RIVER AND FISH HOLE BRIDGES","0559-0401000J","SAW CUT TEXTURING","SQYD",1250,6.25,7812.5,1]
[null,"2024-02-08",2024,"Q1","15504","2 ","OR126: BLUE RIVER AND FISH HOLE BRIDGES","0559-0401000J","SAW CUT TEXTURING","SQYD",467,11.75,5487.25,1]
[null,"2024-02-08",2024,"Q1","15504","2 ","OR126: BLUE RIVER AND FISH HOLE BRIDGES","0559-0401000J","SAW CUT TEXTURING","SQYD",467,12,5604,2]
[null,"2024-02-08",2024,"Q1","15504","2 ","OR126: BLUE RIVER AND FISH HOLE BRIDGES","0559-0401000J","SAW CUT TEXTURING","SQYD",1250,7,8750,2]
[null,"2024-02-08",2024,"Q1","15504","2 ","OR126: BLUE RIVER AND FISH HOLE BRIDGES","0559-0401000J","SAW CUT TEXTURING","SQYD",467,12,5604,3]
[null,"2024-02-08",2024,"Q1","15504","2 ","OR126: BLUE RIVER AND FISH HOLE BRIDGES","0559-0401000J","SAW CUT TEXTURING","SQYD",1250,12,15000,3]
[null,"2024-02-08",2024,"Q1","15504","2 ","OR126: BLUE RIVER AND FISH HOLE BRIDGES","0559-0401000J","SAW CUT TEXTURING","SQYD",1250,6,7500,4]
[null,"2024-02-08",2024,"Q1","15504","2 ","OR126: BLUE RIVER AND FISH HOLE BRIDGES","0559-0401000J","SAW CUT TEXTURING","SQYD",467,11,5137,4]
[null,"2024-02-08",2024,"Q1","15504","2 ","OR126: BLUE RIVER AND FISH HOLE BRIDGES","0559-0401000J","SAW CUT TEXTURING","SQYD",1250,7,8750,5]
[null,"2024-02-08",2024,"Q1","15504","2 ","OR126: BLUE RIVER AND FISH HOLE BRIDGES","0559-0401000J","SAW CUT TEXTURING","SQYD",467,13,6071,5]
[null,"2024-02-08",2024,"Q1","15504","2 ","OR126: BLUE RIVER AND FISH HOLE BRIDGES","0560-0109000A","STRUCTURAL STEEL MAINTENANCE","LB",530,28.30188679245283,15000,1]
[null,"2024-02-08",2024,"Q1","15504","2 ","OR126: BLUE RIVER AND FISH HOLE BRIDGES","0560-0109000A","STRUCTURAL STEEL MAINTENANCE","LB",530,47.169811320754718,25000,2]
[null,"2024-02-08",2024,"Q1","15504","2 ","OR126: BLUE RIVER AND FISH HOLE BRIDGES","0560-0109000A","STRUCTURAL STEEL MAINTENANCE","LB",530,18.867924528301888,10000,3]
[null,"2024-02-08",2024,"Q1","15504","2 ","OR126: BLUE RIVER AND FISH HOLE BRIDGES","0560-0109000A","STRUCTURAL STEEL MAINTENANCE","LB",530,14.150943396226415,7500,4]
[null,"2024-02-08",2024,"Q1","15504","2 ","OR126: BLUE RIVER AND FISH HOLE BRIDGES","0560-0109000A","STRUCTURAL STEEL MAINTENANCE","LB",530,18.867924528301888,10000,5]
[null,"2024-02-08",2024,"Q1","15503","2 ","US20: EDDYVILLE - CLINE HILL","0584-0100000F","ELASTOMERIC CONCRETE NOSING","FOOT",47,100,4700,1]
[null,"2024-02-08",2024,"Q1","15504","2 ","OR126: BLUE RIVER AND FISH HOLE BRIDGES","0584-0100000F","ELASTOMERIC CONCRETE NOSING","FOOT",131,230,30130,1]
[null,"2024-02-08",2024,"Q1","15503","2 ","US20: EDDYVILLE - CLINE HILL","0584-0100000F","ELASTOMERIC CONCRETE NOSING","FOOT",51,100,5100,1]
[null,"2024-02-08",2024,"Q1","15503","2 ","US20: EDDYVILLE - CLINE HILL","0584-0100000F","ELASTOMERIC CONCRETE NOSING","FOOT",89,100,8900,1]
[null,"2024-02-08",2024,"Q1","15503","2 ","US20: EDDYVILLE - CLINE HILL","0584-0100000F","ELASTOMERIC CONCRETE NOSING","FOOT",89,100,8900,1]
[null,"2024-02-08",2024,"Q1","15503","2 ","US20: EDDYVILLE - CLINE HILL","0584-0100000F","ELASTOMERIC CONCRETE NOSING","FOOT",89,93.5,8321.5,2]
[null,"2024-02-08",2024,"Q1","15504","2 ","OR126: BLUE RIVER AND FISH HOLE BRIDGES","0584-0100000F","ELASTOMERIC CONCRETE NOSING","FOOT",131,235,30785,2]
[null,"2024-02-08",2024,"Q1","15503","2 ","US20: EDDYVILLE - CLINE HILL","0584-0100000F","ELASTOMERIC CONCRETE NOSING","FOOT",47,93.5,4394.5,2]
[null,"2024-02-08",2024,"Q1","15503","2 ","US20: EDDYVILLE - CLINE HILL","0584-0100000F","ELASTOMERIC CONCRETE NOSING","FOOT",51,93.5,4768.5,2]
[null,"2024-02-08",2024,"Q1","15503","2 ","US20: EDDYVILLE - CLINE HILL","0584-0100000F","ELASTOMERIC CONCRETE NOSING","FOOT",89,93.5,8321.5,2]
[null,"2024-02-08",2024,"Q1","15504","2 ","OR126: BLUE RIVER AND FISH HOLE BRIDGES","0584-0100000F","ELASTOMERIC CONCRETE NOSING","FOOT",131,165,21615,3]
[null,"2024-02-08",2024,"Q1","15504","2 ","OR126: BLUE RIVER AND FISH HOLE BRIDGES","0584-0100000F","ELASTOMERIC CONCRETE NOSING","FOOT",131,325,42575,4]
[null,"2024-02-08",2024,"Q1","15504","2 ","OR126: BLUE RIVER AND FISH HOLE BRIDGES","0584-0100000F","ELASTOMERIC CONCRETE NOSING","FOOT",131,325,42575,5]
[null,"2024-02-08",2024,"Q1","15503","2 ","US20: EDDYVILLE - CLINE HILL","0584-0101000K","ELASTOMERIC CONCRETE NOSING MATERIAL FOR REPAIR","CUYD",1,3100,3100,1]
[null,"2024-02-08",2024,"Q1","15503","2 ","US20: EDDYVILLE - CLINE HILL","0584-0101000K","ELASTOMERIC CONCRETE NOSING MATERIAL FOR REPAIR","CUYD",1,2860,2860,2]
[null,"2024-02-08",2024,"Q1","15504","2 ","OR126: BLUE RIVER AND FISH HOLE BRIDGES","0585-0215000A","PRECOMPRESSED FOAM SILICONE JOINT SEAL","FOOT",109,137.61467889908258,15000,1]
[null,"2024-02-08",2024,"Q1","15504","2 ","OR126: BLUE RIVER AND FISH HOLE BRIDGES","0585-0215000A","PRECOMPRESSED FOAM SILICONE JOINT SEAL","FOOT",109,229.35779816513761,25000,2]
[null,"2024-02-08",2024,"Q1","15504","2 ","OR126: BLUE RIVER AND FISH HOLE BRIDGES","0585-0215000A","PRECOMPRESSED FOAM SILICONE JOINT SEAL","FOOT",109,91.743119266055047,10000,3]
[null,"2024-02-08",2024,"Q1","15504","2 ","OR126: BLUE RIVER AND FISH HOLE BRIDGES","0585-0215000A","PRECOMPRESSED FOAM SILICONE JOINT SEAL","FOOT",109,114.6788990825688,12500,4]
[null,"2024-02-08",2024,"Q1","15504","2 ","OR126: BLUE RIVER AND FISH HOLE BRIDGES","0585-0215000A","PRECOMPRESSED FOAM SILICONE JOINT SEAL","FOOT",109,132.66055045871559,14460,5]
[null,"2024-02-08",2024,"Q1","15504","2 ","OR126: BLUE RIVER AND FISH HOLE BRIDGES","0585-0400000A","HOT APPLIED JOINT SEALANT","FOOT",131,11.450381679389313,1500,1]
[null,"2024-02-08",2024,"Q1","15503","2 ","US20: EDDYVILLE - CLINE HILL","0585-0400000A","HOT APPLIED JOINT SEALANT","FOOT",94,24.468085106382979,2300,1]
[null,"2024-02-08",2024,"Q1","15503","2 ","US20: EDDYVILLE - CLINE HILL","0585-0400000A","HOT APPLIED JOINT SEALANT","FOOT",44,47.727272727272727,2100,1]
[null,"2024-02-08",2024,"Q1","15503","2 ","US20: EDDYVILLE - CLINE HILL","0585-0400000A","HOT APPLIED JOINT SEALANT","FOOT",89,28.089887640449437,2500,1]
[null,"2024-02-08",2024,"Q1","15503","2 ","US20: EDDYVILLE - CLINE HILL","0585-0400000A","HOT APPLIED JOINT SEALANT","FOOT",44,29.545454545454547,1300,1]
[null,"2024-02-08",2024,"Q1","15503","2 ","US20: EDDYVILLE - CLINE HILL","0585-0400000A","HOT APPLIED JOINT SEALANT","FOOT",102,25.490196078431371,2600,1]
[null,"2024-02-08",2024,"Q1","15503","2 ","US20: EDDYVILLE - CLINE HILL","0585-0400000A","HOT APPLIED JOINT SEALANT","FOOT",89,23.59550561797753,2100,1]
[null,"2024-02-08",2024,"Q1","15503","2 ","US20: EDDYVILLE - CLINE HILL","0585-0400000A","HOT APPLIED JOINT SEALANT","FOOT",54,33.333333333333336,1800,1]
[null,"2024-02-08",2024,"Q1","15503","2 ","US20: EDDYVILLE - CLINE HILL","0585-0400000A","HOT APPLIED JOINT SEALANT","FOOT",44,47.727272727272727,2100,1]
[null,"2024-02-08",2024,"Q1","15503","2 ","US20: EDDYVILLE - CLINE HILL","0585-0400000A","HOT APPLIED JOINT SEALANT","FOOT",89,22.471910112359552,2000,1]
[null,"2024-02-08",2024,"Q1","15503","2 ","US20: EDDYVILLE - CLINE HILL","0585-0400000A","HOT APPLIED JOINT SEALANT","FOOT",88,25,2200,1]
[null,"2024-02-08",2024,"Q1","15503","2 ","US20: EDDYVILLE - CLINE HILL","0585-0400000A","HOT APPLIED JOINT SEALANT","FOOT",44,27.5,1210,2]
[null,"2024-02-08",2024,"Q1","15503","2 ","US20: EDDYVILLE - CLINE HILL","0585-0400000A","HOT APPLIED JOINT SEALANT","FOOT",89,22.247191011235955,1980,2]
[null,"2024-02-08",2024,"Q1","15503","2 ","US20: EDDYVILLE - CLINE HILL","0585-0400000A","HOT APPLIED JOINT SEALANT","FOOT",89,21.629213483146067,1925,2]
[null,"2024-02-08",2024,"Q1","15503","2 ","US20: EDDYVILLE - CLINE HILL","0585-0400000A","HOT APPLIED JOINT SEALANT","FOOT",88,23.125,2035,2]
[null,"2024-02-08",2024,"Q1","15503","2 ","US20: EDDYVILLE - CLINE HILL","0585-0400000A","HOT APPLIED JOINT SEALANT","FOOT",54,30.555555555555557,1650,2]
[null,"2024-02-08",2024,"Q1","15503","2 ","US20: EDDYVILLE - CLINE HILL","0585-0400000A","HOT APPLIED JOINT SEALANT","FOOT",94,22.819148936170212,2145,2]
[null,"2024-02-08",2024,"Q1","15503","2 ","US20: EDDYVILLE - CLINE HILL","0585-0400000A","HOT APPLIED JOINT SEALANT","FOOT",89,25.842696629213481,2300,2]
[null,"2024-02-08",2024,"Q1","15504","2 ","OR126: BLUE RIVER AND FISH HOLE BRIDGES","0585-0400000A","HOT APPLIED JOINT SEALANT","FOOT",131,11.450381679389313,1500,2]
[null,"2024-02-08",2024,"Q1","15503","2 ","US20: EDDYVILLE - CLINE HILL","0585-0400000A","HOT APPLIED JOINT SEALANT","FOOT",102,23.186274509803923,2365,2]
[null,"2024-02-08",2024,"Q1","15503","2 ","US20: EDDYVILLE - CLINE HILL","0585-0400000A","HOT APPLIED JOINT SEALANT","FOOT",44,45,1980,2]
[null,"2024-02-08",2024,"Q1","15503","2 ","US20: EDDYVILLE - CLINE HILL","0585-0400000A","HOT APPLIED JOINT SEALANT","FOOT",44,45,1980,2]
[null,"2024-02-08",2024,"Q1","15504","2 ","OR126: BLUE RIVER AND FISH HOLE BRIDGES","0585-0400000A","HOT APPLIED JOINT SEALANT","FOOT",131,30.534351145038169,4000,3]
[null,"2024-02-08",2024,"Q1","15504","2 ","OR126: BLUE RIVER AND FISH HOLE BRIDGES","0585-0400000A","HOT APPLIED JOINT SEALANT","FOOT",131,57.251908396946568,7500,4]
[null,"2024-02-08",2024,"Q1","15504","2 ","OR126: BLUE RIVER AND FISH HOLE BRIDGES","0585-0400000A","HOT APPLIED JOINT SEALANT","FOOT",131,35.305343511450381,4625,5]
[null,"2024-02-08",2024,"Q1","15504","2 ","OR126: BLUE RIVER AND FISH HOLE BRIDGES","0587-0139000A","RECTANGULAR TUBE RETROFIT","FOOT",181,248.61878453038673,45000,1]
[null,"2024-02-08",2024,"Q1","15504","2 ","OR126: BLUE RIVER AND FISH HOLE BRIDGES","0587-0139000A","RECTANGULAR TUBE RETROFIT","FOOT",548,173.35766423357666,95000,1]
[null,"2024-02-08",2024,"Q1","15504","2 ","OR126: BLUE RIVER AND FISH HOLE BRIDGES","0587-0139000A","RECTANGULAR TUBE RETROFIT","FOOT",548,182.48175182481751,100000,2]
[null,"2024-02-08",2024,"Q1","15504","2 ","OR126: BLUE RIVER AND FISH HOLE BRIDGES","0587-0139000A","RECTANGULAR TUBE RETROFIT","FOOT",181,276.24309392265195,50000,2]
[null,"2024-02-08",2024,"Q1","15504","2 ","OR126: BLUE RIVER AND FISH HOLE BRIDGES","0587-0139000A","RECTANGULAR TUBE RETROFIT","FOOT",548,118.61313868613139,65000,3]
[null,"2024-02-08",2024,"Q1","15504","2 ","OR126: BLUE RIVER AND FISH HOLE BRIDGES","0587-0139000A","RECTANGULAR TUBE RETROFIT","FOOT",181,121.54696132596685,22000,3]
[null,"2024-02-08",2024,"Q1","15504","2 ","OR126: BLUE RIVER AND FISH HOLE BRIDGES","0587-0139000A","RECTANGULAR TUBE RETROFIT","FOOT",548,156.93430656934308,86000,4]
[null,"2024-02-08",2024,"Q1","15504","2 ","OR126: BLUE RIVER AND FISH HOLE BRIDGES","0587-0139000A","RECTANGULAR TUBE RETROFIT","FOOT",181,195.99447513812154,35475,4]
[null,"2024-02-08",2024,"Q1","15504","2 ","OR126: BLUE RIVER AND FISH HOLE BRIDGES","0587-0139000A","RECTANGULAR TUBE RETROFIT","FOOT",548,191.60583941605839,105000,5]
[null,"2024-02-08",2024,"Q1","15504","2 ","OR126: BLUE RIVER AND FISH HOLE BRIDGES","0587-0139000A","RECTANGULAR TUBE RETROFIT","FOOT",181,220.99447513812154,40000,5]
[null,"2024-02-08",2024,"Q1","15501","4 ","US20 AT LOCUST STREET (SISTERS)","0620-0104000J","COLD PLANE PAVEMENT REMOVAL, 0 - 2 INCHES DEEP","SQYD",530,15.2,8056,1]
[null,"2024-02-08",2024,"Q1","15501","4 ","US20 AT LOCUST STREET (SISTERS)","0620-0104000J","COLD PLANE PAVEMENT REMOVAL, 0 - 2 INCHES DEEP","SQYD",530,10,5300,2]
[null,"2024-02-08",2024,"Q1","15501","4 ","US20 AT LOCUST STREET (SISTERS)","0620-0104000J","COLD PLANE PAVEMENT REMOVAL, 0 - 2 INCHES DEEP","SQYD",530,14.5,7685,3]
[null,"2024-02-08",2024,"Q1","15501","4 ","US20 AT LOCUST STREET (SISTERS)","0620-0104000J","COLD PLANE PAVEMENT REMOVAL, 0 - 2 INCHES DEEP","SQYD",530,15,7950,4]
[null,"2024-02-08",2024,"Q1","15501","4 ","US20 AT LOCUST STREET (SISTERS)","0620-0104000J","COLD PLANE PAVEMENT REMOVAL, 0 - 2 INCHES DEEP","SQYD",530,29,15370,5]
[null,"2024-02-08",2024,"Q1","15501","4 ","US20 AT LOCUST STREET (SISTERS)","0620-0109000J","COLD PLANE PAVEMENT REMOVAL, 0 - 6 INCHES DEEP","SQYD",45,15.2,684,1]
[null,"2024-02-08",2024,"Q1","15501","4 ","US20 AT LOCUST STREET (SISTERS)","0620-0109000J","COLD PLANE PAVEMENT REMOVAL, 0 - 6 INCHES DEEP","SQYD",45,25,1125,2]
[null,"2024-02-08",2024,"Q1","15501","4 ","US20 AT LOCUST STREET (SISTERS)","0620-0109000J","COLD PLANE PAVEMENT REMOVAL, 0 - 6 INCHES DEEP","SQYD",45,16.5,742.5,3]
[null,"2024-02-08",2024,"Q1","15501","4 ","US20 AT LOCUST STREET (SISTERS)","0620-0109000J","COLD PLANE PAVEMENT REMOVAL, 0 - 6 INCHES DEEP","SQYD",45,17,765,4]
[null,"2024-02-08",2024,"Q1","15501","4 ","US20 AT LOCUST STREET (SISTERS)","0620-0109000J","COLD PLANE PAVEMENT REMOVAL, 0 - 6 INCHES DEEP","SQYD",45,100,4500,5]
[null,"2024-02-08",2024,"Q1","15501","4 ","US20 AT LOCUST STREET (SISTERS)","0620-0112000J","COLD PLANE PAVEMENT REMOVAL, 2 - 4 INCHES DEEP","SQYD",85,15.2,1292,1]
[null,"2024-02-08",2024,"Q1","15504","2 ","OR126: BLUE RIVER AND FISH HOLE BRIDGES","0620-0112000J","COLD PLANE PAVEMENT REMOVAL, 2 - 3 INCHES DEEP","SQYD",1100,1.05,1155,1]
[null,"2024-02-08",2024,"Q1","15504","2 ","OR126: BLUE RIVER AND FISH HOLE BRIDGES","0620-0112000J","COLD PLANE PAVEMENT REMOVAL, 2 - 4 INCHES DEEP","SQYD",210,1.02,214.2,1]
[null,"2024-02-08",2024,"Q1","15504","2 ","OR126: BLUE RIVER AND FISH HOLE BRIDGES","0620-0112000J","COLD PLANE PAVEMENT REMOVAL, 2 - 4 INCHES DEEP","SQYD",210,17,3570,2]
[null,"2024-02-08",2024,"Q1","15504","2 ","OR126: BLUE RIVER AND FISH HOLE BRIDGES","0620-0112000J","COLD PLANE PAVEMENT REMOVAL, 2 - 3 INCHES DEEP","SQYD",1100,8,8800,2]
[null,"2024-02-08",2024,"Q1","15501","4 ","US20 AT LOCUST STREET (SISTERS)","0620-0112000J","COLD PLANE PAVEMENT REMOVAL, 2 - 4 INCHES DEEP","SQYD",85,16,1360,2]
[null,"2024-02-08",2024,"Q1","15501","4 ","US20 AT LOCUST STREET (SISTERS)","0620-0112000J","COLD PLANE PAVEMENT REMOVAL, 2 - 4 INCHES DEEP","SQYD",85,16.5,1402.5,3]
[null,"2024-02-08",2024,"Q1","15504","2 ","OR126: BLUE RIVER AND FISH HOLE BRIDGES","0620-0112000J","COLD PLANE PAVEMENT REMOVAL, 2 - 3 INCHES DEEP","SQYD",1100,20,22000,3]
[null,"2024-02-08",2024,"Q1","15504","2 ","OR126: BLUE RIVER AND FISH HOLE BRIDGES","0620-0112000J","COLD PLANE PAVEMENT REMOVAL, 2 - 4 INCHES DEEP","SQYD",210,30,6300,3]
[null,"2024-02-08",2024,"Q1","15501","4 ","US20 AT LOCUST STREET (SISTERS)","0620-0112000J","COLD PLANE PAVEMENT REMOVAL, 2 - 4 INCHES DEEP","SQYD",85,17,1445,4]
[null,"2024-02-08",2024,"Q1","15504","2 ","OR126: BLUE RIVER AND FISH HOLE BRIDGES","0620-0112000J","COLD PLANE PAVEMENT REMOVAL, 2 - 3 INCHES DEEP","SQYD",1100,9,9900,4]
[null,"2024-02-08",2024,"Q1","15504","2 ","OR126: BLUE RIVER AND FISH HOLE BRIDGES","0620-0112000J","COLD PLANE PAVEMENT REMOVAL, 2 - 4 INCHES DEEP","SQYD",210,16,3360,4]
[null,"2024-02-08",2024,"Q1","15501","4 ","US20 AT LOCUST STREET (SISTERS)","0620-0112000J","COLD PLANE PAVEMENT REMOVAL, 2 - 4 INCHES DEEP","SQYD",85,55,4675,5]
[null,"2024-02-08",2024,"Q1","15504","2 ","OR126: BLUE RIVER AND FISH HOLE BRIDGES","0620-0112000J","COLD PLANE PAVEMENT REMOVAL, 2 - 3 INCHES DEEP","SQYD",1100,9.5,10450,5]
[null,"2024-02-08",2024,"Q1","15504","2 ","OR126: BLUE RIVER AND FISH HOLE BRIDGES","0620-0112000J","COLD PLANE PAVEMENT REMOVAL, 2 - 4 INCHES DEEP","SQYD",210,10,2100,5]
[null,"2024-02-08",2024,"Q1","15501","4 ","US20 AT LOCUST STREET (SISTERS)","0620-0115000J","COLD PLANE PAVEMENT REMOVAL, 6 - 10 INCHES DEEP","SQYD",134,15.2,2036.8,1]
[null,"2024-02-08",2024,"Q1","15501","4 ","US20 AT LOCUST STREET (SISTERS)","0620-0115000J","COLD PLANE PAVEMENT REMOVAL, 6 - 10 INCHES DEEP","SQYD",134,20,2680,2]
[null,"2024-02-08",2024,"Q1","15501","4 ","US20 AT LOCUST STREET (SISTERS)","0620-0115000J","COLD PLANE PAVEMENT REMOVAL, 6 - 10 INCHES DEEP","SQYD",134,21.5,2881,3]
[null,"2024-02-08",2024,"Q1","15501","4 ","US20 AT LOCUST STREET (SISTERS)","0620-0115000J","COLD PLANE PAVEMENT REMOVAL, 6 - 10 INCHES DEEP","SQYD",134,19,2546,4]
[null,"2024-02-08",2024,"Q1","15501","4 ","US20 AT LOCUST STREET (SISTERS)","0620-0115000J","COLD PLANE PAVEMENT REMOVAL, 6 - 10 INCHES DEEP","SQYD",134,75,10050,5]
[null,"2024-02-08",2024,"Q1","15501","4 ","US20 AT LOCUST STREET (SISTERS)","0620-0120000J","COLD PLANE PAVEMENT REMOVAL, 2 INCHES DEEP","SQYD",3322,15.200000000000001,50494.400000000001,1]
[null,"2024-02-08",2024,"Q1","15504","2 ","OR126: BLUE RIVER AND FISH HOLE BRIDGES","0620-0120000J","COLD PLANE PAVEMENT REMOVAL, 2 INCHES DEEP","SQYD",220,1.07,235.4,1]
[null,"2024-02-08",2024,"Q1","15504","2 ","OR126: BLUE RIVER AND FISH HOLE BRIDGES","0620-0120000J","COLD PLANE PAVEMENT REMOVAL, 2 INCHES DEEP","SQYD",220,15,3300,2]
[null,"2024-02-08",2024,"Q1","15501","4 ","US20 AT LOCUST STREET (SISTERS)","0620-0120000J","COLD PLANE PAVEMENT REMOVAL, 2 INCHES DEEP","SQYD",3322,5,16610,2]
[null,"2024-02-08",2024,"Q1","15504","2 ","OR126: BLUE RIVER AND FISH HOLE BRIDGES","0620-0120000J","COLD PLANE PAVEMENT REMOVAL, 2 INCHES DEEP","SQYD",220,26,5720,3]
[null,"2024-02-08",2024,"Q1","15501","4 ","US20 AT LOCUST STREET (SISTERS)","0620-0120000J","COLD PLANE PAVEMENT REMOVAL, 2 INCHES DEEP","SQYD",3322,15.25,50660.5,3]
[null,"2024-02-08",2024,"Q1","15501","4 ","US20 AT LOCUST STREET (SISTERS)","0620-0120000J","COLD PLANE PAVEMENT REMOVAL, 2 INCHES DEEP","SQYD",3322,15,49830,4]
[null,"2024-02-08",2024,"Q1","15504","2 ","OR126: BLUE RIVER AND FISH HOLE BRIDGES","0620-0120000J","COLD PLANE PAVEMENT REMOVAL, 2 INCHES DEEP","SQYD",220,15,3300,4]
[null,"2024-02-08",2024,"Q1","15501","4 ","US20 AT LOCUST STREET (SISTERS)","0620-0120000J","COLD PLANE PAVEMENT REMOVAL, 2 INCHES DEEP","SQYD",3322,13,43186,5]
[null,"2024-02-08",2024,"Q1","15504","2 ","OR126: BLUE RIVER AND FISH HOLE BRIDGES","0620-0120000J","COLD PLANE PAVEMENT REMOVAL, 2 INCHES DEEP","SQYD",220,12.25,2695,5]
[null,"2024-02-08",2024,"Q1","15503","2 ","US20: EDDYVILLE - CLINE HILL","0620-0121000J","COLD PLANE PAVEMENT REMOVAL, 2 1/2 INCHES DEEP","SQYD",107000,2.25,240750,1]
[null,"2024-02-08",2024,"Q1","15503","2 ","US20: EDDYVILLE - CLINE HILL","0620-0121000J","COLD PLANE PAVEMENT REMOVAL, 2 1/2 INCHES DEEP","SQYD",107000,3.48,372360,2]
[null,"2024-02-08",2024,"Q1","15504","2 ","OR126: BLUE RIVER AND FISH HOLE BRIDGES","0620-0122000J","COLD PLANE PAVEMENT REMOVAL, 3 INCHES DEEP","SQYD",590,1.1300000000000001,666.7,1]
[null,"2024-02-08",2024,"Q1","15504","2 ","OR126: BLUE RIVER AND FISH HOLE BRIDGES","0620-0122000J","COLD PLANE PAVEMENT REMOVAL, 3 INCHES DEEP","SQYD",590,11,6490,2]
[null,"2024-02-08",2024,"Q1","15504","2 ","OR126: BLUE RIVER AND FISH HOLE BRIDGES","0620-0122000J","COLD PLANE PAVEMENT REMOVAL, 3 INCHES DEEP","SQYD",590,25,14750,3]
[null,"2024-02-08",2024,"Q1","15504","2 ","OR126: BLUE RIVER AND FISH HOLE BRIDGES","0620-0122000J","COLD PLANE PAVEMENT REMOVAL, 3 INCHES DEEP","SQYD",590,13,7670,4]
[null,"2024-02-08",2024,"Q1","15504","2 ","OR126: BLUE RIVER AND FISH HOLE BRIDGES","0620-0122000J","COLD PLANE PAVEMENT REMOVAL, 3 INCHES DEEP","SQYD",590,9.9,5841,5]
[null,"2024-02-08",2024,"Q1","15501","4 ","US20 AT LOCUST STREET (SISTERS)","0641-0102000M","AGGREGATE BASE","TON",5240,39.049999999999997,204622,1]
[null,"2024-02-08",2024,"Q1","15501","4 ","US20 AT LOCUST STREET (SISTERS)","0641-0102000M","AGGREGATE BASE","TON",5240,30,157200,2]
[null,"2024-02-08",2024,"Q1","15501","4 ","US20 AT LOCUST STREET (SISTERS)","0641-0102000M","AGGREGATE BASE","TON",5240,36.25,189950,3]
[null,"2024-02-08",2024,"Q1","15501","4 ","US20 AT LOCUST STREET (SISTERS)","0641-0102000M","AGGREGATE BASE","TON",5240,45,235800,4]
[null,"2024-02-08",2024,"Q1","15501","4 ","US20 AT LOCUST STREET (SISTERS)","0641-0102000M","AGGREGATE BASE","TON",5240,62,324880,5]
[null,"2024-02-08",2024,"Q1","15503","2 ","US20: EDDYVILLE - CLINE HILL","0705-0101000M","EMULSIFIED ASPHALT IN FOG COAT","TON",0.6,978,586.79999999999995,1]
[null,"2024-02-08",2024,"Q1","15503","2 ","US20: EDDYVILLE - CLINE HILL","0705-0101000M","EMULSIFIED ASPHALT IN FOG COAT","TON",0.6,1220,732,2]
[null,"2024-02-08",2024,"Q1","15503","2 ","US20: EDDYVILLE - CLINE HILL","0730-0100000M","EMULSIFIED ASPHALT FOR TACK COAT","TON",33.200000000000003,1,33.200000000000003,1]
[null,"2024-02-08",2024,"Q1","15503","2 ","US20: EDDYVILLE - CLINE HILL","0730-0100000M","EMULSIFIED ASPHALT FOR TACK COAT","TON",33.200000000000003,724.99999999999989,24070,2]
[null,"2024-02-08",2024,"Q1","15504","2 ","OR126: BLUE RIVER AND FISH HOLE BRIDGES","0744-0302000M","LEVEL 3, 1/2 INCH ACP MIXTURE","TON",340,210,71400,1]
[null,"2024-02-08",2024,"Q1","15504","2 ","OR126: BLUE RIVER AND FISH HOLE BRIDGES","0744-0302000M","LEVEL 3, 1/2 INCH ACP MIXTURE","TON",340,204,69360,2]
[null,"2024-02-08",2024,"Q1","15504","2 ","OR126: BLUE RIVER AND FISH HOLE BRIDGES","0744-0302000M","LEVEL 3, 1/2 INCH ACP MIXTURE","TON",340,200,68000,3]
[null,"2024-02-08",2024,"Q1","15504","2 ","OR126: BLUE RIVER AND FISH HOLE BRIDGES","0744-0302000M","LEVEL 3, 1/2 INCH ACP MIXTURE","TON",340,204,69360,4]
[null,"2024-02-08",2024,"Q1","15504","2 ","OR126: BLUE RIVER AND FISH HOLE BRIDGES","0744-0302000M","LEVEL 3, 1/2 INCH ACP MIXTURE","TON",340,235,79900,5]
[null,"2024-02-08",2024,"Q1","15503","2 ","US20: EDDYVILLE - CLINE HILL","0745-0302000M","LEVEL 3, 1/2 INCH ACP","TON",17000,102.31,1739270,1]
[null,"2024-02-08",2024,"Q1","15503","2 ","US20: EDDYVILLE - CLINE HILL","0745-0302000M","LEVEL 3, 1/2 INCH ACP","TON",17000,60,1020000,2]
[null,"2024-02-08",2024,"Q1","15501","4 ","US20 AT LOCUST STREET (SISTERS)","0745-0322000M","LEVEL 3, 1/2 INCH LIME TREATED ACP","TON",2238,115,257370,1]
[null,"2024-02-08",2024,"Q1","15501","4 ","US20 AT LOCUST STREET (SISTERS)","0745-0322000M","LEVEL 3, 1/2 INCH LIME TREATED ACP","TON",2238,100,223800,2]
[null,"2024-02-08",2024,"Q1","15501","4 ","US20 AT LOCUST STREET (SISTERS)","0745-0322000M","LEVEL 3, 1/2 INCH LIME TREATED ACP","TON",2238,93.75,209812.5,3]
[null,"2024-02-08",2024,"Q1","15501","4 ","US20 AT LOCUST STREET (SISTERS)","0745-0322000M","LEVEL 3, 1/2 INCH LIME TREATED ACP","TON",2238,147,328986,4]
[null,"2024-02-08",2024,"Q1","15501","4 ","US20 AT LOCUST STREET (SISTERS)","0745-0322000M","LEVEL 3, 1/2 INCH LIME TREATED ACP","TON",2238,99,221562,5]
[null,"2024-02-08",2024,"Q1","15503","2 ","US20: EDDYVILLE - CLINE HILL","0745-0331000M","LEVEL 3, 1/2 INCH ACP IN LEVELING","TON",100,125,12500,1]
[null,"2024-02-08",2024,"Q1","15503","2 ","US20: EDDYVILLE - CLINE HILL","0745-0331000M","LEVEL 3, 1/2 INCH ACP IN LEVELING","TON",100,113.35,11335,2]
[null,"2024-02-08",2024,"Q1","15501","4 ","US20 AT LOCUST STREET (SISTERS)","0745-0422000M","LEVEL 4, 1/2 INCH LIME TREATED ACP","TON",1216,129,156864,1]
[null,"2024-02-08",2024,"Q1","15501","4 ","US20 AT LOCUST STREET (SISTERS)","0745-0422000M","LEVEL 4, 1/2 INCH LIME TREATED ACP","TON",1216,122,148352,2]
[null,"2024-02-08",2024,"Q1","15501","4 ","US20 AT LOCUST STREET (SISTERS)","0745-0422000M","LEVEL 4, 1/2 INCH LIME TREATED ACP","TON",1216,93.850000000000009,114121.60000000001,3]
[null,"2024-02-08",2024,"Q1","15501","4 ","US20 AT LOCUST STREET (SISTERS)","0745-0422000M","LEVEL 4, 1/2 INCH LIME TREATED ACP","TON",1216,166,201856,4]
[null,"2024-02-08",2024,"Q1","15501","4 ","US20 AT LOCUST STREET (SISTERS)","0745-0422000M","LEVEL 4, 1/2 INCH LIME TREATED ACP","TON",1216,96,116736,5]
[null,"2024-02-08",2024,"Q1","15503","2 ","US20: EDDYVILLE - CLINE HILL","0745-0620000M","PG 64-22 ASPHALT IN LEVEL 3, 1/2 INCH ACP","TON",1026,1,1026,1]
[null,"2024-02-08",2024,"Q1","15503","2 ","US20: EDDYVILLE - CLINE HILL","0745-0620000M","PG 64-22 ASPHALT IN LEVEL 3, 1/2 INCH ACP","TON",1026,643,659718,2]
[null,"2024-02-08",2024,"Q1","15501","4 ","US20 AT LOCUST STREET (SISTERS)","0745-0622000M","PG 64-28 ASPHALT IN LEVEL 3, 1/2 INCH LIME TREATED ACP","TON",128,0.01,1.28,1]
[null,"2024-02-08",2024,"Q1","15501","4 ","US20 AT LOCUST STREET (SISTERS)","0745-0622000M","PG 64-28 ASPHALT IN LEVEL 3, 1/2 INCH LIME TREATED ACP","TON",128,750,96000,2]
[null,"2024-02-08",2024,"Q1","15501","4 ","US20 AT LOCUST STREET (SISTERS)","0745-0622000M","PG 64-28 ASPHALT IN LEVEL 3, 1/2 INCH LIME TREATED ACP","TON",128,870,111360,3]
[null,"2024-02-08",2024,"Q1","15501","4 ","US20 AT LOCUST STREET (SISTERS)","0745-0622000M","PG 64-28 ASPHALT IN LEVEL 3, 1/2 INCH LIME TREATED ACP","TON",128,1.2,153.6,4]
[null,"2024-02-08",2024,"Q1","15501","4 ","US20 AT LOCUST STREET (SISTERS)","0745-0622000M","PG 64-28 ASPHALT IN LEVEL 3, 1/2 INCH LIME TREATED ACP","TON",128,1330,170240,5]
[null,"2024-02-08",2024,"Q1","15501","4 ","US20 AT LOCUST STREET (SISTERS)","0745-0642100M","PG 70-28ER ASPHALT IN LEVEL 4, 1/2 INCH LIME TREATED ACP","TON",70,0.01,0.7,1]
[null,"2024-02-08",2024,"Q1","15501","4 ","US20 AT LOCUST STREET (SISTERS)","0745-0642100M","PG 70-28ER ASPHALT IN LEVEL 4, 1/2 INCH LIME TREATED ACP","TON",70,820,57400,2]
[null,"2024-02-08",2024,"Q1","15501","4 ","US20 AT LOCUST STREET (SISTERS)","0745-0642100M","PG 70-28ER ASPHALT IN LEVEL 4, 1/2 INCH LIME TREATED ACP","TON",70,990,69300,3]
[null,"2024-02-08",2024,"Q1","15501","4 ","US20 AT LOCUST STREET (SISTERS)","0745-0642100M","PG 70-28ER ASPHALT IN LEVEL 4, 1/2 INCH LIME TREATED ACP","TON",70,1.2,84,4]
[null,"2024-02-08",2024,"Q1","15501","4 ","US20 AT LOCUST STREET (SISTERS)","0745-0642100M","PG 70-28ER ASPHALT IN LEVEL 4, 1/2 INCH LIME TREATED ACP","TON",70,1450,101500,5]
[null,"2024-02-08",2024,"Q1","15503","2 ","US20: EDDYVILLE - CLINE HILL","0745-0900000E","CORE CORRELATION OF NUCLEAR GAUGE READINGS","EACH",1,3000,3000,1]
[null,"2024-02-08",2024,"Q1","15503","2 ","US20: EDDYVILLE - CLINE HILL","0745-0900000E","CORE CORRELATION OF NUCLEAR GAUGE READINGS","EACH",1,3950,3950,2]
[null,"2024-02-08",2024,"Q1","15503","2 ","US20: EDDYVILLE - CLINE HILL","0748-0103000J","6 INCH ASPHALT CONCRETE PAVEMENT REPAIR","SQYD",4500,14,63000,1]
[null,"2024-02-08",2024,"Q1","15503","2 ","US20: EDDYVILLE - CLINE HILL","0748-0103000J","6 INCH ASPHALT CONCRETE PAVEMENT REPAIR","SQYD",4500,14.85,66825,2]
[null,"2024-02-08",2024,"Q1","15503","2 ","US20: EDDYVILLE - CLINE HILL","0749-0100000E","EXTRA FOR ASPHALT APPROACHES","EACH",36,600,21600,1]
[null,"2024-02-08",2024,"Q1","15501","4 ","US20 AT LOCUST STREET (SISTERS)","0749-0100000E","EXTRA FOR ASPHALT APPROACHES","EACH",3,1925,5775,1]
[null,"2024-02-08",2024,"Q1","15504","2 ","OR126: BLUE RIVER AND FISH HOLE BRIDGES","0749-0100000E","EXTRA FOR ASPHALT APPROACHES","EACH",5,300,1500,1]
[null,"2024-02-08",2024,"Q1","15504","2 ","OR126: BLUE RIVER AND FISH HOLE BRIDGES","0749-0100000E","EXTRA FOR ASPHALT APPROACHES","EACH",5,250,1250,2]
[null,"2024-02-08",2024,"Q1","15503","2 ","US20: EDDYVILLE - CLINE HILL","0749-0100000E","EXTRA FOR ASPHALT APPROACHES","EACH",36,1540,55440,2]
[null,"2024-02-08",2024,"Q1","15501","4 ","US20 AT LOCUST STREET (SISTERS)","0749-0100000E","EXTRA FOR ASPHALT APPROACHES","EACH",3,1500,4500,2]
[null,"2024-02-08",2024,"Q1","15501","4 ","US20 AT LOCUST STREET (SISTERS)","0749-0100000E","EXTRA FOR ASPHALT APPROACHES","EACH",3,2065,6195,3]
[null,"2024-02-08",2024,"Q1","15504","2 ","OR126: BLUE RIVER AND FISH HOLE BRIDGES","0749-0100000E","EXTRA FOR ASPHALT APPROACHES","EACH",5,1500,7500,3]
[null,"2024-02-08",2024,"Q1","15501","4 ","US20 AT LOCUST STREET (SISTERS)","0749-0100000E","EXTRA FOR ASPHALT APPROACHES","EACH",3,2500,7500,4]
[null,"2024-02-08",2024,"Q1","15504","2 ","OR126: BLUE RIVER AND FISH HOLE BRIDGES","0749-0100000E","EXTRA FOR ASPHALT APPROACHES","EACH",5,250,1250,4]
[null,"2024-02-08",2024,"Q1","15504","2 ","OR126: BLUE RIVER AND FISH HOLE BRIDGES","0749-0100000E","EXTRA FOR ASPHALT APPROACHES","EACH",5,295,1475,5]
[null,"2024-02-08",2024,"Q1","15501","4 ","US20 AT LOCUST STREET (SISTERS)","0749-0100000E","EXTRA FOR ASPHALT APPROACHES","EACH",3,3000,9000,5]
[null,"2024-02-08",2024,"Q1","15501","4 ","US20 AT LOCUST STREET (SISTERS)","0756-0115000J","PLAIN CONCRETE PAVEMENT, DOWELED, 9 INCHES THICK","SQYD",2063,178.88,369029.44,1]
[null,"2024-02-08",2024,"Q1","15501","4 ","US20 AT LOCUST STREET (SISTERS)","0756-0115000J","PLAIN CONCRETE PAVEMENT, DOWELED, 9 INCHES THICK","SQYD",2063,193,398159,2]
[null,"2024-02-08",2024,"Q1","15501","4 ","US20 AT LOCUST STREET (SISTERS)","0756-0115000J","PLAIN CONCRETE PAVEMENT, DOWELED, 9 INCHES THICK","SQYD",2063,208.5,430135.5,3]
[null,"2024-02-08",2024,"Q1","15501","4 ","US20 AT LOCUST STREET (SISTERS)","0756-0115000J","PLAIN CONCRETE PAVEMENT, DOWELED, 9 INCHES THICK","SQYD",2063,170,350710,4]
[null,"2024-02-08",2024,"Q1","15501","4 ","US20 AT LOCUST STREET (SISTERS)","0756-0115000J","PLAIN CONCRETE PAVEMENT, DOWELED, 9 INCHES THICK","SQYD",2063,178,367214,5]
[null,"2024-02-08",2024,"Q1","15501","4 ","US20 AT LOCUST STREET (SISTERS)","0756-0120000J","FLEXIBLE TO RIGID PAVEMENT TRANSITIONS","SQYD",216.7,176.88001845869869,38329.9,1]
[null,"2024-02-08",2024,"Q1","15501","4 ","US20 AT LOCUST STREET (SISTERS)","0756-0120000J","FLEXIBLE TO RIGID PAVEMENT TRANSITIONS","SQYD",216.7,200,43340,2]
[null,"2024-02-08",2024,"Q1","15501","4 ","US20 AT LOCUST STREET (SISTERS)","0756-0120000J","FLEXIBLE TO RIGID PAVEMENT TRANSITIONS","SQYD",216.7,170,36839,3]
[null,"2024-02-08",2024,"Q1","15501","4 ","US20 AT LOCUST STREET (SISTERS)","0756-0120000J","FLEXIBLE TO RIGID PAVEMENT TRANSITIONS","SQYD",216.7,315,68260.5,4]
[null,"2024-02-08",2024,"Q1","15501","4 ","US20 AT LOCUST STREET (SISTERS)","0756-0120000J","FLEXIBLE TO RIGID PAVEMENT TRANSITIONS","SQYD",216.7,325,70427.5,5]
[null,"2024-02-08",2024,"Q1","15501","4 ","US20 AT LOCUST STREET (SISTERS)","0759-0103000F","CONCRETE CURBS, CURB AND GUTTER","FOOT",214,34.71,7427.94,1]
[null,"2024-02-08",2024,"Q1","15501","4 ","US20 AT LOCUST STREET (SISTERS)","0759-0103000F","CONCRETE CURBS, CURB AND GUTTER","FOOT",214,45,9630,2]
[null,"2024-02-08",2024,"Q1","15501","4 ","US20 AT LOCUST STREET (SISTERS)","0759-0103000F","CONCRETE CURBS, CURB AND GUTTER","FOOT",214,40,8560,3]
[null,"2024-02-08",2024,"Q1","15501","4 ","US20 AT LOCUST STREET (SISTERS)","0759-0103000F","CONCRETE CURBS, CURB AND GUTTER","FOOT",214,65,13910,4]
[null,"2024-02-08",2024,"Q1","15501","4 ","US20 AT LOCUST STREET (SISTERS)","0759-0103000F","CONCRETE CURBS, CURB AND GUTTER","FOOT",214,66,14124,5]
[null,"2024-02-08",2024,"Q1","15501","4 ","US20 AT LOCUST STREET (SISTERS)","0759-0106000F","CONCRETE CURBS, LOW PROFILE MOUNTABLE CURB","FOOT",5379,20.46,110054.34,1]
[null,"2024-02-08",2024,"Q1","15501","4 ","US20 AT LOCUST STREET (SISTERS)","0759-0106000F","CONCRETE CURBS, LOW PROFILE MOUNTABLE CURB","FOOT",5379,25,134475,2]
[null,"2024-02-08",2024,"Q1","15501","4 ","US20 AT LOCUST STREET (SISTERS)","0759-0106000F","CONCRETE CURBS, LOW PROFILE MOUNTABLE CURB","FOOT",5379,23,123717,3]
[null,"2024-02-08",2024,"Q1","15501","4 ","US20 AT LOCUST STREET (SISTERS)","0759-0106000F","CONCRETE CURBS, LOW PROFILE MOUNTABLE CURB","FOOT",5379,28,150612,4]
[null,"2024-02-08",2024,"Q1","15501","4 ","US20 AT LOCUST STREET (SISTERS)","0759-0106000F","CONCRETE CURBS, LOW PROFILE MOUNTABLE CURB","FOOT",5379,42,225918,5]
[null,"2024-02-08",2024,"Q1","15501","4 ","US20 AT LOCUST STREET (SISTERS)","0759-0110000F","CONCRETE CURBS, STANDARD CURB","FOOT",728,20.14,14661.92,1]
[null,"2024-02-08",2024,"Q1","15501","4 ","US20 AT LOCUST STREET (SISTERS)","0759-0110000F","CONCRETE CURBS, STANDARD CURB","FOOT",728,25,18200,2]
[null,"2024-02-08",2024,"Q1","15501","4 ","US20 AT LOCUST STREET (SISTERS)","0759-0110000F","CONCRETE CURBS, STANDARD CURB","FOOT",728,22.5,16380,3]
[null,"2024-02-08",2024,"Q1","15501","4 ","US20 AT LOCUST STREET (SISTERS)","0759-0110000F","CONCRETE CURBS, STANDARD CURB","FOOT",728,44,32032,4]
[null,"2024-02-08",2024,"Q1","15501","4 ","US20 AT LOCUST STREET (SISTERS)","0759-0110000F","CONCRETE CURBS, STANDARD CURB","FOOT",728,50,36400,5]
[null,"2024-02-08",2024,"Q1","15501","4 ","US20 AT LOCUST STREET (SISTERS)","0759-0126000J","CONCRETE DRIVEWAYS","SQFT",1005,12.120000000000001,12180.6,1]
[null,"2024-02-08",2024,"Q1","15501","4 ","US20 AT LOCUST STREET (SISTERS)","0759-0126000J","CONCRETE DRIVEWAYS","SQFT",1005,17,17085,2]
[null,"2024-02-08",2024,"Q1","15501","4 ","US20 AT LOCUST STREET (SISTERS)","0759-0126000J","CONCRETE DRIVEWAYS","SQFT",1005,13,13065,3]
[null,"2024-02-08",2024,"Q1","15501","4 ","US20 AT LOCUST STREET (SISTERS)","0759-0126000J","CONCRETE DRIVEWAYS","SQFT",1005,14,14070,4]
[null,"2024-02-08",2024,"Q1","15501","4 ","US20 AT LOCUST STREET (SISTERS)","0759-0126000J","CONCRETE DRIVEWAYS","SQFT",1005,22,22110,5]
[null,"2024-02-08",2024,"Q1","15501","4 ","US20 AT LOCUST STREET (SISTERS)","0759-0128000J","CONCRETE WALKS","SQFT",24335,7.4899999999999993,182269.15,1]
[null,"2024-02-08",2024,"Q1","15501","4 ","US20 AT LOCUST STREET (SISTERS)","0759-0128000J","CONCRETE WALKS","SQFT",24335,8.5,206847.5,2]
[null,"2024-02-08",2024,"Q1","15501","4 ","US20 AT LOCUST STREET (SISTERS)","0759-0128000J","CONCRETE WALKS","SQFT",24335,7.2,175212,3]
[null,"2024-02-08",2024,"Q1","15501","4 ","US20 AT LOCUST STREET (SISTERS)","0759-0128000J","CONCRETE WALKS","SQFT",24335,12,292020,4]
[null,"2024-02-08",2024,"Q1","15501","4 ","US20 AT LOCUST STREET (SISTERS)","0759-0128000J","CONCRETE WALKS","SQFT",24335,8,194680,5]
[null,"2024-02-08",2024,"Q1","15501","4 ","US20 AT LOCUST STREET (SISTERS)","0759-0140000J","6 INCH CONCRETE SURFACING","SQFT",750,14.45,10837.5,1]
[null,"2024-02-08",2024,"Q1","15501","4 ","US20 AT LOCUST STREET (SISTERS)","0759-0140000J","COLORED, PATTERNED 6 INCH CONCRETE SURFACING","SQFT",3960,15.6,61776,1]
[null,"2024-02-08",2024,"Q1","15501","4 ","US20 AT LOCUST STREET (SISTERS)","0759-0140000J","COLORED, PATTERNED 6 INCH CONCRETE SURFACING","SQFT",3960,13,51480,2]
[null,"2024-02-08",2024,"Q1","15501","4 ","US20 AT LOCUST STREET (SISTERS)","0759-0140000J","6 INCH CONCRETE SURFACING","SQFT",750,14,10500,2]
[null,"2024-02-08",2024,"Q1","15501","4 ","US20 AT LOCUST STREET (SISTERS)","0759-0140000J","COLORED, PATTERNED 6 INCH CONCRETE SURFACING","SQFT",3960,15.5,61380,3]
[null,"2024-02-08",2024,"Q1","15501","4 ","US20 AT LOCUST STREET (SISTERS)","0759-0140000J","6 INCH CONCRETE SURFACING","SQFT",750,12.25,9187.5,3]
[null,"2024-02-08",2024,"Q1","15501","4 ","US20 AT LOCUST STREET (SISTERS)","0759-0140000J","6 INCH CONCRETE SURFACING","SQFT",750,13,9750,4]
[null,"2024-02-08",2024,"Q1","15501","4 ","US20 AT LOCUST STREET (SISTERS)","0759-0140000J","COLORED, PATTERNED 6 INCH CONCRETE SURFACING","SQFT",3960,18,71280,4]
[null,"2024-02-08",2024,"Q1","15501","4 ","US20 AT LOCUST STREET (SISTERS)","0759-0140000J","6 INCH CONCRETE SURFACING","SQFT",750,20,15000,5]
[null,"2024-02-08",2024,"Q1","15501","4 ","US20 AT LOCUST STREET (SISTERS)","0759-0140000J","COLORED, PATTERNED 6 INCH CONCRETE SURFACING","SQFT",3960,26,102960,5]
[null,"2024-02-08",2024,"Q1","15501","4 ","US20 AT LOCUST STREET (SISTERS)","0759-0144000J","COLORED, PATTERNED 10 INCH CONCRETE SURFACING","SQFT",8615,21.330000000000002,183757.95,1]
[null,"2024-02-08",2024,"Q1","15501","4 ","US20 AT LOCUST STREET (SISTERS)","0759-0144000J","10 INCH CONCRETE SURFACING","SQFT",905,18.14,16416.7,1]
[null,"2024-02-08",2024,"Q1","15501","4 ","US20 AT LOCUST STREET (SISTERS)","0759-0144000J","COLORED, PATTERNED 10 INCH CONCRETE SURFACING","SQFT",8615,19.5,167992.5,2]
[null,"2024-02-08",2024,"Q1","15501","4 ","US20 AT LOCUST STREET (SISTERS)","0759-0144000J","10 INCH CONCRETE SURFACING","SQFT",905,22,19910,2]
[null,"2024-02-08",2024,"Q1","15501","4 ","US20 AT LOCUST STREET (SISTERS)","0759-0144000J","10 INCH CONCRETE SURFACING","SQFT",905,17.899999999999999,16199.5,3]
[null,"2024-02-08",2024,"Q1","15501","4 ","US20 AT LOCUST STREET (SISTERS)","0759-0144000J","COLORED, PATTERNED 10 INCH CONCRETE SURFACING","SQFT",8615,22.2,191253,3]
[null,"2024-02-08",2024,"Q1","15501","4 ","US20 AT LOCUST STREET (SISTERS)","0759-0144000J","10 INCH CONCRETE SURFACING","SQFT",905,17,15385,4]
[null,"2024-02-08",2024,"Q1","15501","4 ","US20 AT LOCUST STREET (SISTERS)","0759-0144000J","COLORED, PATTERNED 10 INCH CONCRETE SURFACING","SQFT",8615,22,189530,4]
[null,"2024-02-08",2024,"Q1","15501","4 ","US20 AT LOCUST STREET (SISTERS)","0759-0144000J","10 INCH CONCRETE SURFACING","SQFT",905,44,39820,5]
[null,"2024-02-08",2024,"Q1","15501","4 ","US20 AT LOCUST STREET (SISTERS)","0759-0144000J","COLORED, PATTERNED 10 INCH CONCRETE SURFACING","SQFT",8615,29,249835,5]
[null,"2024-02-08",2024,"Q1","15501","4 ","US20 AT LOCUST STREET (SISTERS)","0759-0154100E","EXTRA FOR NEW CURB RAMPS","EACH",28,2750,77000,1]
[null,"2024-02-08",2024,"Q1","15501","4 ","US20 AT LOCUST STREET (SISTERS)","0759-0154100E","EXTRA FOR NEW CURB RAMPS","EACH",28,3800,106400,2]
[null,"2024-02-08",2024,"Q1","15501","4 ","US20 AT LOCUST STREET (SISTERS)","0759-0154100E","EXTRA FOR NEW CURB RAMPS","EACH",28,2585,72380,3]
[null,"2024-02-08",2024,"Q1","15501","4 ","US20 AT LOCUST STREET (SISTERS)","0759-0154100E","EXTRA FOR NEW CURB RAMPS","EACH",28,920,25760,4]
[null,"2024-02-08",2024,"Q1","15501","4 ","US20 AT LOCUST STREET (SISTERS)","0759-0154100E","EXTRA FOR NEW CURB RAMPS","EACH",28,1200,33600,5]
[null,"2024-02-08",2024,"Q1","15501","4 ","US20 AT LOCUST STREET (SISTERS)","0759-0510000J","TRUNCATED DOMES ON NEW SURFACES","SQFT",480,52.190000000000005,25051.200000000001,1]
[null,"2024-02-08",2024,"Q1","15501","4 ","US20 AT LOCUST STREET (SISTERS)","0759-0510000J","TRUNCATED DOMES ON NEW SURFACES","SQFT",480,55,26400,2]
[null,"2024-02-08",2024,"Q1","15501","4 ","US20 AT LOCUST STREET (SISTERS)","0759-0510000J","TRUNCATED DOMES ON NEW SURFACES","SQFT",480,60,28800,3]
[null,"2024-02-08",2024,"Q1","15501","4 ","US20 AT LOCUST STREET (SISTERS)","0759-0510000J","TRUNCATED DOMES ON NEW SURFACES","SQFT",480,36,17280,4]
[null,"2024-02-08",2024,"Q1","15501","4 ","US20 AT LOCUST STREET (SISTERS)","0759-0510000J","TRUNCATED DOMES ON NEW SURFACES","SQFT",480,75,36000,5]
[null,"2024-02-08",2024,"Q1","15501","4 ","US20 AT LOCUST STREET (SISTERS)","0759-0531000J","DETECTABLE GUIDE STRIPS, BLUE","SQFT",332,102.83999999999999,34142.879999999997,1]
[null,"2024-02-08",2024,"Q1","15501","4 ","US20 AT LOCUST STREET (SISTERS)","0759-0531000J","DETECTABLE GUIDE STRIPS, BLUE","SQFT",332,100,33200,2]
[null,"2024-02-08",2024,"Q1","15501","4 ","US20 AT LOCUST STREET (SISTERS)","0759-0531000J","DETECTABLE GUIDE STRIPS, BLUE","SQFT",332,121.25,40255,3]
[null,"2024-02-08",2024,"Q1","15501","4 ","US20 AT LOCUST STREET (SISTERS)","0759-0531000J","DETECTABLE GUIDE STRIPS, BLUE","SQFT",332,115,38180,4]
[null,"2024-02-08",2024,"Q1","15501","4 ","US20 AT LOCUST STREET (SISTERS)","0759-0531000J","DETECTABLE GUIDE STRIPS, BLUE","SQFT",332,125,41500,5]
[null,"2024-02-08",2024,"Q1","15504","2 ","OR126: BLUE RIVER AND FISH HOLE BRIDGES","0810-0119000E","GUARDRAIL ANCHORS, TYPE 5","EACH",1,2500,2500,1]
[null,"2024-02-08",2024,"Q1","15504","2 ","OR126: BLUE RIVER AND FISH HOLE BRIDGES","0810-0119000E","GUARDRAIL ANCHORS, TYPE 5","EACH",1,2450,2450,2]
[null,"2024-02-08",2024,"Q1","15504","2 ","OR126: BLUE RIVER AND FISH HOLE BRIDGES","0810-0119000E","GUARDRAIL ANCHORS, TYPE 5","EACH",1,3000,3000,3]
[null,"2024-02-08",2024,"Q1","15504","2 ","OR126: BLUE RIVER AND FISH HOLE BRIDGES","0810-0119000E","GUARDRAIL ANCHORS, TYPE 5","EACH",1,2450,2450,4]
[null,"2024-02-08",2024,"Q1","15504","2 ","OR126: BLUE RIVER AND FISH HOLE BRIDGES","0810-0119000E","GUARDRAIL ANCHORS, TYPE 5","EACH",1,2902,2902,5]
[null,"2024-02-08",2024,"Q1","15504","2 ","OR126: BLUE RIVER AND FISH HOLE BRIDGES","0810-0120000E","GUARDRAIL ANCHORS, TYPE 1 MODIFIED","EACH",1,1000,1000,1]
[null,"2024-02-08",2024,"Q1","15504","2 ","OR126: BLUE RIVER AND FISH HOLE BRIDGES","0810-0120000E","GUARDRAIL ANCHORS, TYPE 1 MODIFIED","EACH",1,875,875,2]
[null,"2024-02-08",2024,"Q1","15504","2 ","OR126: BLUE RIVER AND FISH HOLE BRIDGES","0810-0120000E","GUARDRAIL ANCHORS, TYPE 1 MODIFIED","EACH",1,1000,1000,3]
[null,"2024-02-08",2024,"Q1","15504","2 ","OR126: BLUE RIVER AND FISH HOLE BRIDGES","0810-0120000E","GUARDRAIL ANCHORS, TYPE 1 MODIFIED","EACH",1,875,875,4]
[null,"2024-02-08",2024,"Q1","15504","2 ","OR126: BLUE RIVER AND FISH HOLE BRIDGES","0810-0120000E","GUARDRAIL ANCHORS, TYPE 1 MODIFIED","EACH",1,1036,1036,5]
[null,"2024-02-08",2024,"Q1","15504","2 ","OR126: BLUE RIVER AND FISH HOLE BRIDGES","0810-0123000E","GUARDRAIL END PIECES, TYPE C","EACH",1,200,200,1]
[null,"2024-02-08",2024,"Q1","15504","2 ","OR126: BLUE RIVER AND FISH HOLE BRIDGES","0810-0123000E","GUARDRAIL END PIECES, TYPE C","EACH",1,165,165,2]
[null,"2024-02-08",2024,"Q1","15504","2 ","OR126: BLUE RIVER AND FISH HOLE BRIDGES","0810-0123000E","GUARDRAIL END PIECES, TYPE C","EACH",1,200,200,3]
[null,"2024-02-08",2024,"Q1","15504","2 ","OR126: BLUE RIVER AND FISH HOLE BRIDGES","0810-0123000E","GUARDRAIL END PIECES, TYPE C","EACH",1,165,165,4]
[null,"2024-02-08",2024,"Q1","15504","2 ","OR126: BLUE RIVER AND FISH HOLE BRIDGES","0810-0123000E","GUARDRAIL END PIECES, TYPE C","EACH",1,195,195,5]
[null,"2024-02-08",2024,"Q1","15504","2 ","OR126: BLUE RIVER AND FISH HOLE BRIDGES","0810-0126000E","GUARDRAIL TRANSITION","EACH",5,4500,22500,1]
[null,"2024-02-08",2024,"Q1","15504","2 ","OR126: BLUE RIVER AND FISH HOLE BRIDGES","0810-0126000E","GUARDRAIL TRANSITION","EACH",5,4225,21125,2]
[null,"2024-02-08",2024,"Q1","15504","2 ","OR126: BLUE RIVER AND FISH HOLE BRIDGES","0810-0126000E","GUARDRAIL TRANSITION","EACH",5,5000,25000,3]
[null,"2024-02-08",2024,"Q1","15504","2 ","OR126: BLUE RIVER AND FISH HOLE BRIDGES","0810-0126000E","GUARDRAIL TRANSITION","EACH",5,4225,21125,4]
[null,"2024-02-08",2024,"Q1","15504","2 ","OR126: BLUE RIVER AND FISH HOLE BRIDGES","0810-0126000E","GUARDRAIL TRANSITION","EACH",5,5004,25020,5]
[null,"2024-02-08",2024,"Q1","15501","4 ","US20 AT LOCUST STREET (SISTERS)","0810-0129000E","GUARDRAIL TERMINALS, NON-FLARED","EACH",1,4800,4800,1]
[null,"2024-02-08",2024,"Q1","15504","2 ","OR126: BLUE RIVER AND FISH HOLE BRIDGES","0810-0129000E","GUARDRAIL TERMINALS, NON-FLARED","EACH",3,4500,13500,1]
[null,"2024-02-08",2024,"Q1","15501","4 ","US20 AT LOCUST STREET (SISTERS)","0810-0129000E","GUARDRAIL TERMINALS, NON-FLARED","EACH",1,5400,5400,2]
[null,"2024-02-08",2024,"Q1","15504","2 ","OR126: BLUE RIVER AND FISH HOLE BRIDGES","0810-0129000E","GUARDRAIL TERMINALS, NON-FLARED","EACH",3,4100,12300,2]
[null,"2024-02-08",2024,"Q1","15504","2 ","OR126: BLUE RIVER AND FISH HOLE BRIDGES","0810-0129000E","GUARDRAIL TERMINALS, NON-FLARED","EACH",3,5000,15000,3]
[null,"2024-02-08",2024,"Q1","15501","4 ","US20 AT LOCUST STREET (SISTERS)","0810-0129000E","GUARDRAIL TERMINALS, NON-FLARED","EACH",1,10050,10050,3]
[null,"2024-02-08",2024,"Q1","15504","2 ","OR126: BLUE RIVER AND FISH HOLE BRIDGES","0810-0129000E","GUARDRAIL TERMINALS, NON-FLARED","EACH",3,4100,12300,4]
[null,"2024-02-08",2024,"Q1","15501","4 ","US20 AT LOCUST STREET (SISTERS)","0810-0129000E","GUARDRAIL TERMINALS, NON-FLARED","EACH",1,8000,8000,4]
[null,"2024-02-08",2024,"Q1","15504","2 ","OR126: BLUE RIVER AND FISH HOLE BRIDGES","0810-0129000E","GUARDRAIL TERMINALS, NON-FLARED","EACH",3,4856,14568,5]
[null,"2024-02-08",2024,"Q1","15501","4 ","US20 AT LOCUST STREET (SISTERS)","0810-0129000E","GUARDRAIL TERMINALS, NON-FLARED","EACH",1,4500,4500,5]
[null,"2024-02-08",2024,"Q1","15504","2 ","OR126: BLUE RIVER AND FISH HOLE BRIDGES","0810-0130000E","GUARDRAIL TERMINALS, FLARED","EACH",1,5000,5000,1]
[null,"2024-02-08",2024,"Q1","15504","2 ","OR126: BLUE RIVER AND FISH HOLE BRIDGES","0810-0130000E","GUARDRAIL TERMINALS, FLARED","EACH",1,4325,4325,2]
[null,"2024-02-08",2024,"Q1","15504","2 ","OR126: BLUE RIVER AND FISH HOLE BRIDGES","0810-0130000E","GUARDRAIL TERMINALS, FLARED","EACH",1,5000,5000,3]
[null,"2024-02-08",2024,"Q1","15504","2 ","OR126: BLUE RIVER AND FISH HOLE BRIDGES","0810-0130000E","GUARDRAIL TERMINALS, FLARED","EACH",1,4325,4325,4]
[null,"2024-02-08",2024,"Q1","15504","2 ","OR126: BLUE RIVER AND FISH HOLE BRIDGES","0810-0130000E","GUARDRAIL TERMINALS, FLARED","EACH",1,5122,5122,5]
[null,"2024-02-08",2024,"Q1","15504","2 ","OR126: BLUE RIVER AND FISH HOLE BRIDGES","0810-0142100E","CONSTRUCT GRADING AT GUARDRAIL TERMINALS","EACH",5,3200,16000,1]
[null,"2024-02-08",2024,"Q1","15504","2 ","OR126: BLUE RIVER AND FISH HOLE BRIDGES","0810-0142100E","CONSTRUCT GRADING AT GUARDRAIL TERMINALS","EACH",5,2000,10000,2]
[null,"2024-02-08",2024,"Q1","15504","2 ","OR126: BLUE RIVER AND FISH HOLE BRIDGES","0810-0142100E","CONSTRUCT GRADING AT GUARDRAIL TERMINALS","EACH",5,13000,65000,3]
[null,"2024-02-08",2024,"Q1","15504","2 ","OR126: BLUE RIVER AND FISH HOLE BRIDGES","0810-0142100E","CONSTRUCT GRADING AT GUARDRAIL TERMINALS","EACH",5,14381.74,71908.7,4]
[null,"2024-02-08",2024,"Q1","15504","2 ","OR126: BLUE RIVER AND FISH HOLE BRIDGES","0810-0142100E","CONSTRUCT GRADING AT GUARDRAIL TERMINALS","EACH",5,1500,7500,5]
[null,"2024-02-08",2024,"Q1","15501","4 ","US20 AT LOCUST STREET (SISTERS)","0810-0145000E","EXTRA FOR HAND DUG GUARDRAIL POST HOLES","EACH",4,200,800,1]
[null,"2024-02-08",2024,"Q1","15501","4 ","US20 AT LOCUST STREET (SISTERS)","0810-0145000E","EXTRA FOR HAND DUG GUARDRAIL POST HOLES","EACH",4,225,900,2]
[null,"2024-02-08",2024,"Q1","15501","4 ","US20 AT LOCUST STREET (SISTERS)","0810-0145000E","EXTRA FOR HAND DUG GUARDRAIL POST HOLES","EACH",4,175,700,3]
[null,"2024-02-08",2024,"Q1","15501","4 ","US20 AT LOCUST STREET (SISTERS)","0810-0145000E","EXTRA FOR HAND DUG GUARDRAIL POST HOLES","EACH",4,400,1600,4]
[null,"2024-02-08",2024,"Q1","15501","4 ","US20 AT LOCUST STREET (SISTERS)","0810-0145000E","EXTRA FOR HAND DUG GUARDRAIL POST HOLES","EACH",4,500,2000,5]
[null,"2024-02-08",2024,"Q1","15504","2 ","OR126: BLUE RIVER AND FISH HOLE BRIDGES","0810-0146100F","MIDWEST GUARDRAIL SYSTEM, TYPE 2A (MODIFIED)","FOOT",25,50,1250,1]
[null,"2024-02-08",2024,"Q1","15501","4 ","US20 AT LOCUST STREET (SISTERS)","0810-0146100F","MIDWEST GUARDRAIL SYSTEM, TYPE 2A WEATHERIZED","FOOT",50,50,2500,1]
[null,"2024-02-08",2024,"Q1","15504","2 ","OR126: BLUE RIVER AND FISH HOLE BRIDGES","0810-0146100F","MIDWEST GUARDRAIL SYSTEM, TYPE 2A","FOOT",337.5,35,11812.5,1]
[null,"2024-02-08",2024,"Q1","15504","2 ","OR126: BLUE RIVER AND FISH HOLE BRIDGES","0810-0146100F","MIDWEST GUARDRAIL SYSTEM, TYPE 3","FOOT",62.5,70,4375,1]
[null,"2024-02-08",2024,"Q1","15504","2 ","OR126: BLUE RIVER AND FISH HOLE BRIDGES","0810-0146100F","MIDWEST GUARDRAIL SYSTEM, TYPE 3","FOOT",62.5,68,4250,2]
[null,"2024-02-08",2024,"Q1","15504","2 ","OR126: BLUE RIVER AND FISH HOLE BRIDGES","0810-0146100F","MIDWEST GUARDRAIL SYSTEM, TYPE 2A (MODIFIED)","FOOT",25,48,1200,2]
[null,"2024-02-08",2024,"Q1","15504","2 ","OR126: BLUE RIVER AND FISH HOLE BRIDGES","0810-0146100F","MIDWEST GUARDRAIL SYSTEM, TYPE 2A","FOOT",337.5,32.5,10968.75,2]
[null,"2024-02-08",2024,"Q1","15501","4 ","US20 AT LOCUST STREET (SISTERS)","0810-0146100F","MIDWEST GUARDRAIL SYSTEM, TYPE 2A WEATHERIZED","FOOT",50,57,2850,2]
[null,"2024-02-08",2024,"Q1","15504","2 ","OR126: BLUE RIVER AND FISH HOLE BRIDGES","0810-0146100F","MIDWEST GUARDRAIL SYSTEM, TYPE 2A (MODIFIED)","FOOT",25,50,1250,3]
[null,"2024-02-08",2024,"Q1","15504","2 ","OR126: BLUE RIVER AND FISH HOLE BRIDGES","0810-0146100F","MIDWEST GUARDRAIL SYSTEM, TYPE 2A","FOOT",337.5,35,11812.5,3]
[null,"2024-02-08",2024,"Q1","15501","4 ","US20 AT LOCUST STREET (SISTERS)","0810-0146100F","MIDWEST GUARDRAIL SYSTEM, TYPE 2A WEATHERIZED","FOOT",50,118,5900,3]
[null,"2024-02-08",2024,"Q1","15504","2 ","OR126: BLUE RIVER AND FISH HOLE BRIDGES","0810-0146100F","MIDWEST GUARDRAIL SYSTEM, TYPE 3","FOOT",62.5,70,4375,3]
[null,"2024-02-08",2024,"Q1","15504","2 ","OR126: BLUE RIVER AND FISH HOLE BRIDGES","0810-0146100F","MIDWEST GUARDRAIL SYSTEM, TYPE 3","FOOT",62.5,68,4250,4]
[null,"2024-02-08",2024,"Q1","15504","2 ","OR126: BLUE RIVER AND FISH HOLE BRIDGES","0810-0146100F","MIDWEST GUARDRAIL SYSTEM, TYPE 2A","FOOT",337.5,32.5,10968.75,4]
[null,"2024-02-08",2024,"Q1","15504","2 ","OR126: BLUE RIVER AND FISH HOLE BRIDGES","0810-0146100F","MIDWEST GUARDRAIL SYSTEM, TYPE 2A (MODIFIED)","FOOT",25,48,1200,4]
[null,"2024-02-08",2024,"Q1","15501","4 ","US20 AT LOCUST STREET (SISTERS)","0810-0146100F","MIDWEST GUARDRAIL SYSTEM, TYPE 2A WEATHERIZED","FOOT",50,79,3950,4]
[null,"2024-02-08",2024,"Q1","15504","2 ","OR126: BLUE RIVER AND FISH HOLE BRIDGES","0810-0146100F","MIDWEST GUARDRAIL SYSTEM, TYPE 3","FOOT",62.5,80,5000,5]
[null,"2024-02-08",2024,"Q1","15504","2 ","OR126: BLUE RIVER AND FISH HOLE BRIDGES","0810-0146100F","MIDWEST GUARDRAIL SYSTEM, TYPE 2A","FOOT",337.5,38,12825,5]
[null,"2024-02-08",2024,"Q1","15501","4 ","US20 AT LOCUST STREET (SISTERS)","0810-0146100F","MIDWEST GUARDRAIL SYSTEM, TYPE 2A WEATHERIZED","FOOT",50,66,3300,5]
[null,"2024-02-08",2024,"Q1","15504","2 ","OR126: BLUE RIVER AND FISH HOLE BRIDGES","0810-0146100F","MIDWEST GUARDRAIL SYSTEM, TYPE 2A (MODIFIED)","FOOT",25,56,1400,5]
[null,"2024-02-08",2024,"Q1","15501","4 ","US20 AT LOCUST STREET (SISTERS)","0810-0147000E","GUARDRAIL HEIGHT CONVERSION, TYPE 2A","EACH",1,1350,1350,1]
[null,"2024-02-08",2024,"Q1","15501","4 ","US20 AT LOCUST STREET (SISTERS)","0810-0147000E","GUARDRAIL HEIGHT CONVERSION, TYPE 2A","EACH",1,1500,1500,2]
[null,"2024-02-08",2024,"Q1","15501","4 ","US20 AT LOCUST STREET (SISTERS)","0810-0147000E","GUARDRAIL HEIGHT CONVERSION, TYPE 2A","EACH",1,3540,3540,3]
[null,"2024-02-08",2024,"Q1","15501","4 ","US20 AT LOCUST STREET (SISTERS)","0810-0147000E","GUARDRAIL HEIGHT CONVERSION, TYPE 2A","EACH",1,1988,1988,4]
[null,"2024-02-08",2024,"Q1","15501","4 ","US20 AT LOCUST STREET (SISTERS)","0810-0147000E","GUARDRAIL HEIGHT CONVERSION, TYPE 2A","EACH",1,1500,1500,5]
[null,"2024-02-08",2024,"Q1","15501","4 ","US20 AT LOCUST STREET (SISTERS)","0815-0101000E","REMOVABLE BOLLARDS","EACH",8,1800,14400,1]
[null,"2024-02-08",2024,"Q1","15501","4 ","US20 AT LOCUST STREET (SISTERS)","0815-0101000E","REMOVABLE BOLLARDS","EACH",8,2000,16000,2]
[null,"2024-02-08",2024,"Q1","15501","4 ","US20 AT LOCUST STREET (SISTERS)","0815-0101000E","REMOVABLE BOLLARDS","EACH",8,2065,16520,3]
[null,"2024-02-08",2024,"Q1","15501","4 ","US20 AT LOCUST STREET (SISTERS)","0815-0101000E","REMOVABLE BOLLARDS","EACH",8,3800,30400,4]
[null,"2024-02-08",2024,"Q1","15501","4 ","US20 AT LOCUST STREET (SISTERS)","0815-0101000E","REMOVABLE BOLLARDS","EACH",8,1800,14400,5]
[null,"2024-02-08",2024,"Q1","15503","2 ","US20: EDDYVILLE - CLINE HILL","0840-0101000E","DELINEATORS, TYPE 1U","EACH",200,85,17000,1]
[null,"2024-02-08",2024,"Q1","15504","2 ","OR126: BLUE RIVER AND FISH HOLE BRIDGES","0840-0101000E","DELINEATORS, TYPE 1U","EACH",4,100,400,1]
[null,"2024-02-08",2024,"Q1","15504","2 ","OR126: BLUE RIVER AND FISH HOLE BRIDGES","0840-0101000E","DELINEATORS, TYPE 1U","EACH",4,110,440,2]
[null,"2024-02-08",2024,"Q1","15503","2 ","US20: EDDYVILLE - CLINE HILL","0840-0101000E","DELINEATORS, TYPE 1U","EACH",200,93.5,18700,2]
[null,"2024-02-08",2024,"Q1","15504","2 ","OR126: BLUE RIVER AND FISH HOLE BRIDGES","0840-0101000E","DELINEATORS, TYPE 1U","EACH",4,100,400,3]
[null,"2024-02-08",2024,"Q1","15504","2 ","OR126: BLUE RIVER AND FISH HOLE BRIDGES","0840-0101000E","DELINEATORS, TYPE 1U","EACH",4,110,440,4]
[null,"2024-02-08",2024,"Q1","15504","2 ","OR126: BLUE RIVER AND FISH HOLE BRIDGES","0840-0101000E","DELINEATORS, TYPE 1U","EACH",4,130,520,5]
[null,"2024-02-08",2024,"Q1","15501","4 ","US20 AT LOCUST STREET (SISTERS)","0840-0102000E","DELINEATORS, TYPE 2","EACH",55,80,4400,1]
[null,"2024-02-08",2024,"Q1","15501","4 ","US20 AT LOCUST STREET (SISTERS)","0840-0102000E","DELINEATORS, TYPE 2","EACH",55,85,4675,2]
[null,"2024-02-08",2024,"Q1","15501","4 ","US20 AT LOCUST STREET (SISTERS)","0840-0102000E","DELINEATORS, TYPE 2","EACH",55,88.5,4867.5,3]
[null,"2024-02-08",2024,"Q1","15501","4 ","US20 AT LOCUST STREET (SISTERS)","0840-0102000E","DELINEATORS, TYPE 2","EACH",55,305,16775,4]
[null,"2024-02-08",2024,"Q1","15501","4 ","US20 AT LOCUST STREET (SISTERS)","0840-0102000E","DELINEATORS, TYPE 2","EACH",55,90,4950,5]
[null,"2024-02-08",2024,"Q1","15504","2 ","OR126: BLUE RIVER AND FISH HOLE BRIDGES","0840-0104100E","DELINEATORS, TYPE 4  ALTERNATE 1","EACH",10,50,500,1]
[null,"2024-02-08",2024,"Q1","15504","2 ","OR126: BLUE RIVER AND FISH HOLE BRIDGES","0840-0104100E","DELINEATORS, TYPE 4  ALTERNATE 1","EACH",10,45,450,2]
[null,"2024-02-08",2024,"Q1","15504","2 ","OR126: BLUE RIVER AND FISH HOLE BRIDGES","0840-0104100E","DELINEATORS, TYPE 4  ALTERNATE 1","EACH",10,50,500,3]
[null,"2024-02-08",2024,"Q1","15504","2 ","OR126: BLUE RIVER AND FISH HOLE BRIDGES","0840-0104100E","DELINEATORS, TYPE 4  ALTERNATE 1","EACH",10,45,450,4]
[null,"2024-02-08",2024,"Q1","15504","2 ","OR126: BLUE RIVER AND FISH HOLE BRIDGES","0840-0104100E","DELINEATORS, TYPE 4  ALTERNATE 1","EACH",10,53,530,5]
[null,"2024-02-08",2024,"Q1","15501","4 ","US20 AT LOCUST STREET (SISTERS)","0842-0101001E","FACILITY FIELD MARKERS, TYPE S1 GREEN","EACH",3,60,180,1]
[null,"2024-02-08",2024,"Q1","15501","4 ","US20 AT LOCUST STREET (SISTERS)","0842-0101001E","FACILITY FIELD MARKERS, TYPE S1 GREEN","EACH",3,95,285,2]
[null,"2024-02-08",2024,"Q1","15501","4 ","US20 AT LOCUST STREET (SISTERS)","0842-0101001E","FACILITY FIELD MARKERS, TYPE S1 GREEN","EACH",3,100,300,3]
[null,"2024-02-08",2024,"Q1","15501","4 ","US20 AT LOCUST STREET (SISTERS)","0842-0101001E","FACILITY FIELD MARKERS, TYPE S1 GREEN","EACH",3,305,915,4]
[null,"2024-02-08",2024,"Q1","15501","4 ","US20 AT LOCUST STREET (SISTERS)","0842-0101001E","FACILITY FIELD MARKERS, TYPE S1 GREEN","EACH",3,200,600,5]
[null,"2024-02-08",2024,"Q1","15501","4 ","US20 AT LOCUST STREET (SISTERS)","0842-0102001E","FACILITY FIELD MARKERS, TYPE S1 RED","EACH",3,60,180,1]
[null,"2024-02-08",2024,"Q1","15501","4 ","US20 AT LOCUST STREET (SISTERS)","0842-0102001E","FACILITY FIELD MARKERS, TYPE S1 RED","EACH",3,95,285,2]
[null,"2024-02-08",2024,"Q1","15501","4 ","US20 AT LOCUST STREET (SISTERS)","0842-0102001E","FACILITY FIELD MARKERS, TYPE S1 RED","EACH",3,100,300,3]
[null,"2024-02-08",2024,"Q1","15501","4 ","US20 AT LOCUST STREET (SISTERS)","0842-0102001E","FACILITY FIELD MARKERS, TYPE S1 RED","EACH",3,305,915,4]
[null,"2024-02-08",2024,"Q1","15501","4 ","US20 AT LOCUST STREET (SISTERS)","0842-0102001E","FACILITY FIELD MARKERS, TYPE S1 RED","EACH",3,200,600,5]
[null,"2024-02-08",2024,"Q1","15501","4 ","US20 AT LOCUST STREET (SISTERS)","0842-0103001E","FACILITY FIELD MARKERS, TYPE S2","EACH",5,200,1000,1]
[null,"2024-02-08",2024,"Q1","15501","4 ","US20 AT LOCUST STREET (SISTERS)","0842-0103001E","FACILITY FIELD MARKERS, TYPE S2","EACH",5,185,925,2]
[null,"2024-02-08",2024,"Q1","15501","4 ","US20 AT LOCUST STREET (SISTERS)","0842-0103001E","FACILITY FIELD MARKERS, TYPE S2","EACH",5,200,1000,3]
[null,"2024-02-08",2024,"Q1","15501","4 ","US20 AT LOCUST STREET (SISTERS)","0842-0103001E","FACILITY FIELD MARKERS, TYPE S2","EACH",5,305,1525,4]
[null,"2024-02-08",2024,"Q1","15501","4 ","US20 AT LOCUST STREET (SISTERS)","0842-0103001E","FACILITY FIELD MARKERS, TYPE S2","EACH",5,200,1000,5]
[null,"2024-02-08",2024,"Q1","15503","2 ","US20: EDDYVILLE - CLINE HILL","0842-0401000E","BRIDGE IDENTIFICATION MARKERS","EACH",2,400,800,1]
[null,"2024-02-08",2024,"Q1","15503","2 ","US20: EDDYVILLE - CLINE HILL","0842-0401000E","BRIDGE IDENTIFICATION MARKERS","EACH",2,400,800,1]
[null,"2024-02-08",2024,"Q1","15503","2 ","US20: EDDYVILLE - CLINE HILL","0842-0401000E","BRIDGE IDENTIFICATION MARKERS","EACH",2,400,800,1]
[null,"2024-02-08",2024,"Q1","15503","2 ","US20: EDDYVILLE - CLINE HILL","0842-0401000E","BRIDGE IDENTIFICATION MARKERS","EACH",2,400,800,1]
[null,"2024-02-08",2024,"Q1","15504","2 ","OR126: BLUE RIVER AND FISH HOLE BRIDGES","0842-0401000E","BRIDGE IDENTIFICATION MARKERS","EACH",2,500,1000,1]
[null,"2024-02-08",2024,"Q1","15503","2 ","US20: EDDYVILLE - CLINE HILL","0842-0401000E","BRIDGE IDENTIFICATION MARKERS","EACH",2,400,800,1]
[null,"2024-02-08",2024,"Q1","15503","2 ","US20: EDDYVILLE - CLINE HILL","0842-0401000E","BRIDGE IDENTIFICATION MARKERS","EACH",2,400,800,1]
[null,"2024-02-08",2024,"Q1","15503","2 ","US20: EDDYVILLE - CLINE HILL","0842-0401000E","BRIDGE IDENTIFICATION MARKERS","EACH",2,400,800,1]
[null,"2024-02-08",2024,"Q1","15503","2 ","US20: EDDYVILLE - CLINE HILL","0842-0401000E","BRIDGE IDENTIFICATION MARKERS","EACH",2,400,800,1]
[null,"2024-02-08",2024,"Q1","15503","2 ","US20: EDDYVILLE - CLINE HILL","0842-0401000E","BRIDGE IDENTIFICATION MARKERS","EACH",2,400,800,1]
[null,"2024-02-08",2024,"Q1","15503","2 ","US20: EDDYVILLE - CLINE HILL","0842-0401000E","BRIDGE IDENTIFICATION MARKERS","EACH",2,400,800,1]
[null,"2024-02-08",2024,"Q1","15504","2 ","OR126: BLUE RIVER AND FISH HOLE BRIDGES","0842-0401000E","BRIDGE IDENTIFICATION MARKERS","EACH",1,500,500,1]
[null,"2024-02-08",2024,"Q1","15503","2 ","US20: EDDYVILLE - CLINE HILL","0842-0401000E","BRIDGE IDENTIFICATION MARKERS","EACH",2,275,550,2]
[null,"2024-02-08",2024,"Q1","15503","2 ","US20: EDDYVILLE - CLINE HILL","0842-0401000E","BRIDGE IDENTIFICATION MARKERS","EACH",2,275,550,2]
[null,"2024-02-08",2024,"Q1","15503","2 ","US20: EDDYVILLE - CLINE HILL","0842-0401000E","BRIDGE IDENTIFICATION MARKERS","EACH",2,275,550,2]
[null,"2024-02-08",2024,"Q1","15503","2 ","US20: EDDYVILLE - CLINE HILL","0842-0401000E","BRIDGE IDENTIFICATION MARKERS","EACH",2,275,550,2]
[null,"2024-02-08",2024,"Q1","15503","2 ","US20: EDDYVILLE - CLINE HILL","0842-0401000E","BRIDGE IDENTIFICATION MARKERS","EACH",2,275,550,2]
[null,"2024-02-08",2024,"Q1","15504","2 ","OR126: BLUE RIVER AND FISH HOLE BRIDGES","0842-0401000E","BRIDGE IDENTIFICATION MARKERS","EACH",2,200,400,2]
[null,"2024-02-08",2024,"Q1","15503","2 ","US20: EDDYVILLE - CLINE HILL","0842-0401000E","BRIDGE IDENTIFICATION MARKERS","EACH",2,275,550,2]
[null,"2024-02-08",2024,"Q1","15503","2 ","US20: EDDYVILLE - CLINE HILL","0842-0401000E","BRIDGE IDENTIFICATION MARKERS","EACH",2,275,550,2]
[null,"2024-02-08",2024,"Q1","15503","2 ","US20: EDDYVILLE - CLINE HILL","0842-0401000E","BRIDGE IDENTIFICATION MARKERS","EACH",2,275,550,2]
[null,"2024-02-08",2024,"Q1","15503","2 ","US20: EDDYVILLE - CLINE HILL","0842-0401000E","BRIDGE IDENTIFICATION MARKERS","EACH",2,275,550,2]
[null,"2024-02-08",2024,"Q1","15504","2 ","OR126: BLUE RIVER AND FISH HOLE BRIDGES","0842-0401000E","BRIDGE IDENTIFICATION MARKERS","EACH",1,200,200,2]
[null,"2024-02-08",2024,"Q1","15503","2 ","US20: EDDYVILLE - CLINE HILL","0842-0401000E","BRIDGE IDENTIFICATION MARKERS","EACH",2,275,550,2]
[null,"2024-02-08",2024,"Q1","15504","2 ","OR126: BLUE RIVER AND FISH HOLE BRIDGES","0842-0401000E","BRIDGE IDENTIFICATION MARKERS","EACH",1,300,300,3]
[null,"2024-02-08",2024,"Q1","15504","2 ","OR126: BLUE RIVER AND FISH HOLE BRIDGES","0842-0401000E","BRIDGE IDENTIFICATION MARKERS","EACH",2,300,600,3]
[null,"2024-02-08",2024,"Q1","15504","2 ","OR126: BLUE RIVER AND FISH HOLE BRIDGES","0842-0401000E","BRIDGE IDENTIFICATION MARKERS","EACH",1,215,215,4]
[null,"2024-02-08",2024,"Q1","15504","2 ","OR126: BLUE RIVER AND FISH HOLE BRIDGES","0842-0401000E","BRIDGE IDENTIFICATION MARKERS","EACH",2,200,400,4]
[null,"2024-02-08",2024,"Q1","15504","2 ","OR126: BLUE RIVER AND FISH HOLE BRIDGES","0842-0401000E","BRIDGE IDENTIFICATION MARKERS","EACH",2,300,600,5]
[null,"2024-02-08",2024,"Q1","15504","2 ","OR126: BLUE RIVER AND FISH HOLE BRIDGES","0842-0401000E","BRIDGE IDENTIFICATION MARKERS","EACH",1,300,300,5]
[null,"2024-02-08",2024,"Q1","15503","2 ","US20: EDDYVILLE - CLINE HILL","0855-0106100E","MONO-DIRECTIONAL WHITE TYPE IAR MARKERS, RECESSED","EACH",41,35,1435,1]
[null,"2024-02-08",2024,"Q1","15503","2 ","US20: EDDYVILLE - CLINE HILL","0855-0106100E","MONO-DIRECTIONAL WHITE TYPE IAR MARKERS, RECESSED","EACH",41,35,1435,2]
[null,"2024-02-08",2024,"Q1","15503","2 ","US20: EDDYVILLE - CLINE HILL","0855-0107100E","BI-DIRECTIONAL YELLOW TYPE IAR MARKERS, RECESSED","EACH",732,17,12444,1]
[null,"2024-02-08",2024,"Q1","15503","2 ","US20: EDDYVILLE - CLINE HILL","0855-0107100E","BI-DIRECTIONAL YELLOW TYPE IAR MARKERS, RECESSED","EACH",732,16.5,12078,2]
[null,"2024-02-08",2024,"Q1","15501","4 ","US20 AT LOCUST STREET (SISTERS)","0856-0101000E","PERMANENT SURFACE MOUNTED TUBULAR MARKERS","EACH",55,143,7865,1]
[null,"2024-02-08",2024,"Q1","15501","4 ","US20 AT LOCUST STREET (SISTERS)","0856-0101000E","PERMANENT SURFACE MOUNTED TUBULAR MARKERS","EACH",55,160,8800,2]
[null,"2024-02-08",2024,"Q1","15501","4 ","US20 AT LOCUST STREET (SISTERS)","0856-0101000E","PERMANENT SURFACE MOUNTED TUBULAR MARKERS","EACH",55,236,12980,3]
[null,"2024-02-08",2024,"Q1","15501","4 ","US20 AT LOCUST STREET (SISTERS)","0856-0101000E","PERMANENT SURFACE MOUNTED TUBULAR MARKERS","EACH",55,220,12100,4]
[null,"2024-02-08",2024,"Q1","15501","4 ","US20 AT LOCUST STREET (SISTERS)","0856-0101000E","PERMANENT SURFACE MOUNTED TUBULAR MARKERS","EACH",55,285,15675,5]
[null,"2024-02-08",2024,"Q1","15503","2 ","US20: EDDYVILLE - CLINE HILL","0857-0101000L","CONTINUOUS RUMBLE STRIPS","MILE",2.62,2400,6288,1]
[null,"2024-02-08",2024,"Q1","15503","2 ","US20: EDDYVILLE - CLINE HILL","0857-0101000L","CONTINUOUS RUMBLE STRIPS","MILE",2.62,1759.9999999999998,4611.2,2]
[null,"2024-02-08",2024,"Q1","15503","2 ","US20: EDDYVILLE - CLINE HILL","0857-0101500L","GAP PATTERN RUMBLE STRIPS","MILE",5.76,2600,14976,1]
[null,"2024-02-08",2024,"Q1","15503","2 ","US20: EDDYVILLE - CLINE HILL","0857-0101500L","GAP PATTERN RUMBLE STRIPS","MILE",5.76,1870.0000000000002,10771.2,2]
[null,"2024-02-08",2024,"Q1","15501","4 ","US20 AT LOCUST STREET (SISTERS)","0860-0200000F","LONGITUDINAL PAVEMENT MARKINGS - PAINT","FOOT",170,1,170,1]
[null,"2024-02-08",2024,"Q1","15501","4 ","US20 AT LOCUST STREET (SISTERS)","0860-0200000F","LONGITUDINAL PAVEMENT MARKINGS - PAINT","FOOT",170,1.1000000000000001,187,2]
[null,"2024-02-08",2024,"Q1","15501","4 ","US20 AT LOCUST STREET (SISTERS)","0860-0200000F","LONGITUDINAL PAVEMENT MARKINGS - PAINT","FOOT",170,1.2,204,3]
[null,"2024-02-08",2024,"Q1","15501","4 ","US20 AT LOCUST STREET (SISTERS)","0860-0200000F","LONGITUDINAL PAVEMENT MARKINGS - PAINT","FOOT",170,1.5,255,4]
[null,"2024-02-08",2024,"Q1","15501","4 ","US20 AT LOCUST STREET (SISTERS)","0860-0200000F","LONGITUDINAL PAVEMENT MARKINGS - PAINT","FOOT",170,9,1530,5]
[null,"2024-02-08",2024,"Q1","15501","4 ","US20 AT LOCUST STREET (SISTERS)","0865-0116530F","METHYL METHACRYLATE, EXTRUDED, GROOVED, NON-PROFILED","FOOT",21000,3.36,70560,1]
[null,"2024-02-08",2024,"Q1","15501","4 ","US20 AT LOCUST STREET (SISTERS)","0865-0116530F","METHYL METHACRYLATE, EXTRUDED, GROOVED, NON-PROFILED","FOOT",21000,3.75,78750,2]
[null,"2024-02-08",2024,"Q1","15501","4 ","US20 AT LOCUST STREET (SISTERS)","0865-0116530F","METHYL METHACRYLATE, EXTRUDED, GROOVED, NON-PROFILED","FOOT",21000,3.95,82950,3]
[null,"2024-02-08",2024,"Q1","15501","4 ","US20 AT LOCUST STREET (SISTERS)","0865-0116530F","METHYL METHACRYLATE, EXTRUDED, GROOVED, NON-PROFILED","FOOT",21000,5.0999999999999996,107100,4]
[null,"2024-02-08",2024,"Q1","15501","4 ","US20 AT LOCUST STREET (SISTERS)","0865-0116530F","METHYL METHACRYLATE, EXTRUDED, GROOVED, NON-PROFILED","FOOT",21000,4,84000,5]
[null,"2024-02-08",2024,"Q1","15503","2 ","US20: EDDYVILLE - CLINE HILL","0866-0109000F","HI-BUILD PAINT, EXTRUDED, SURFACE","FOOT",116401,0.25,29100.25,1]
[null,"2024-02-08",2024,"Q1","15503","2 ","US20: EDDYVILLE - CLINE HILL","0866-0109000F","HI-BUILD PAINT, EXTRUDED, SURFACE","FOOT",116401,0.25,29100.25,2]
[null,"2024-02-08",2024,"Q1","15504","2 ","OR126: BLUE RIVER AND FISH HOLE BRIDGES","0866-0117000F","HI-BUILD PAINT, SPRAYED, SURFACE","FOOT",2977,1,2977,1]
[null,"2024-02-08",2024,"Q1","15504","2 ","OR126: BLUE RIVER AND FISH HOLE BRIDGES","0866-0117000F","HI-BUILD PAINT, SPRAYED, SURFACE","FOOT",2977,1.6500000000000001,4912.05,2]
[null,"2024-02-08",2024,"Q1","15504","2 ","OR126: BLUE RIVER AND FISH HOLE BRIDGES","0866-0117000F","HI-BUILD PAINT, SPRAYED, SURFACE","FOOT",2977,0.85,2530.4499999999998,3]
[null,"2024-02-08",2024,"Q1","15504","2 ","OR126: BLUE RIVER AND FISH HOLE BRIDGES","0866-0117000F","HI-BUILD PAINT, SPRAYED, SURFACE","FOOT",2977,0.85,2530.4499999999998,4]
[null,"2024-02-08",2024,"Q1","15504","2 ","OR126: BLUE RIVER AND FISH HOLE BRIDGES","0866-0117000F","HI-BUILD PAINT, SPRAYED, SURFACE","FOOT",2977,1,2977,5]
[null,"2024-02-08",2024,"Q1","15501","4 ","US20 AT LOCUST STREET (SISTERS)","0867-0103100E","PAVEMENT LEGEND, TYPE B-HS: ARROWS","EACH",6,340,2040,1]
[null,"2024-02-08",2024,"Q1","15503","2 ","US20: EDDYVILLE - CLINE HILL","0867-0103100E","PAVEMENT LEGEND, TYPE B-HS: ARROWS","EACH",6,900,5400,1]
[null,"2024-02-08",2024,"Q1","15501","4 ","US20 AT LOCUST STREET (SISTERS)","0867-0103100E","PAVEMENT LEGEND, TYPE B-HS: ARROWS","EACH",6,380,2280,2]
[null,"2024-02-08",2024,"Q1","15503","2 ","US20: EDDYVILLE - CLINE HILL","0867-0103100E","PAVEMENT LEGEND, TYPE B-HS: ARROWS","EACH",6,780,4680,2]
[null,"2024-02-08",2024,"Q1","15501","4 ","US20 AT LOCUST STREET (SISTERS)","0867-0103100E","PAVEMENT LEGEND, TYPE B-HS: ARROWS","EACH",6,400,2400,3]
[null,"2024-02-08",2024,"Q1","15501","4 ","US20 AT LOCUST STREET (SISTERS)","0867-0103100E","PAVEMENT LEGEND, TYPE B-HS: ARROWS","EACH",6,515,3090,4]
[null,"2024-02-08",2024,"Q1","15501","4 ","US20 AT LOCUST STREET (SISTERS)","0867-0103100E","PAVEMENT LEGEND, TYPE B-HS: ARROWS","EACH",6,700,4200,5]
[null,"2024-02-08",2024,"Q1","15501","4 ","US20 AT LOCUST STREET (SISTERS)","0867-0145100J","PAVEMENT BAR, TYPE B-HS","SQFT",500,10.9,5450,1]
[null,"2024-02-08",2024,"Q1","15503","2 ","US20: EDDYVILLE - CLINE HILL","0867-0145100J","PAVEMENT BAR, TYPE B-HS","SQFT",171,13,2223,1]
[null,"2024-02-08",2024,"Q1","15501","4 ","US20 AT LOCUST STREET (SISTERS)","0867-0145100J","PAVEMENT BAR, TYPE B-HS","SQFT",500,12,6000,2]
[null,"2024-02-08",2024,"Q1","15503","2 ","US20: EDDYVILLE - CLINE HILL","0867-0145100J","PAVEMENT BAR, TYPE B-HS","SQFT",171,12,2052,2]
[null,"2024-02-08",2024,"Q1","15501","4 ","US20 AT LOCUST STREET (SISTERS)","0867-0145100J","PAVEMENT BAR, TYPE B-HS","SQFT",500,13,6500,3]
[null,"2024-02-08",2024,"Q1","15501","4 ","US20 AT LOCUST STREET (SISTERS)","0867-0145100J","PAVEMENT BAR, TYPE B-HS","SQFT",500,16,8000,4]
[null,"2024-02-08",2024,"Q1","15501","4 ","US20 AT LOCUST STREET (SISTERS)","0867-0145100J","PAVEMENT BAR, TYPE B-HS","SQFT",500,29,14500,5]
[null,"2024-02-08",2024,"Q1","15501","4 ","US20 AT LOCUST STREET (SISTERS)","0867-0169100E","PAVEMENT LEGEND, TYPE B-HS: YIELD LINE TRIANGLE","EACH",25,44,1100,1]
[null,"2024-02-08",2024,"Q1","15501","4 ","US20 AT LOCUST STREET (SISTERS)","0867-0169100E","PAVEMENT LEGEND, TYPE B-HS: YIELD LINE TRIANGLE","EACH",25,48,1200,2]
[null,"2024-02-08",2024,"Q1","15501","4 ","US20 AT LOCUST STREET (SISTERS)","0867-0169100E","PAVEMENT LEGEND, TYPE B-HS: YIELD LINE TRIANGLE","EACH",25,52,1300,3]
[null,"2024-02-08",2024,"Q1","15501","4 ","US20 AT LOCUST STREET (SISTERS)","0867-0169100E","PAVEMENT LEGEND, TYPE B-HS: YIELD LINE TRIANGLE","EACH",25,67,1675,4]
[null,"2024-02-08",2024,"Q1","15501","4 ","US20 AT LOCUST STREET (SISTERS)","0867-0169100E","PAVEMENT LEGEND, TYPE B-HS: YIELD LINE TRIANGLE","EACH",25,120,3000,5]
[null,"2024-02-08",2024,"Q1","15501","4 ","US20 AT LOCUST STREET (SISTERS)","0902-0101000E","CROSSWALK CLOSURE SUPPORTS","EACH",1,100,100,1]
[null,"2024-02-08",2024,"Q1","15501","4 ","US20 AT LOCUST STREET (SISTERS)","0902-0101000E","CROSSWALK CLOSURE SUPPORTS","EACH",1,1400,1400,2]
[null,"2024-02-08",2024,"Q1","15501","4 ","US20 AT LOCUST STREET (SISTERS)","0902-0101000E","CROSSWALK CLOSURE SUPPORTS","EACH",1,1475,1475,3]
[null,"2024-02-08",2024,"Q1","15501","4 ","US20 AT LOCUST STREET (SISTERS)","0902-0101000E","CROSSWALK CLOSURE SUPPORTS","EACH",1,1590,1590,4]
[null,"2024-02-08",2024,"Q1","15501","4 ","US20 AT LOCUST STREET (SISTERS)","0902-0101000E","CROSSWALK CLOSURE SUPPORTS","EACH",1,2000,2000,5]
[null,"2024-02-08",2024,"Q1","15501","4 ","US20 AT LOCUST STREET (SISTERS)","0905-0100000A","REMOVE EXISTING SIGNS","LS",1,2500,2500,1]
[null,"2024-02-08",2024,"Q1","15501","4 ","US20 AT LOCUST STREET (SISTERS)","0905-0100000A","REMOVE EXISTING SIGNS","LS",1,1800,1800,2]
[null,"2024-02-08",2024,"Q1","15501","4 ","US20 AT LOCUST STREET (SISTERS)","0905-0100000A","REMOVE EXISTING SIGNS","LS",1,1947,1947,3]
[null,"2024-02-08",2024,"Q1","15501","4 ","US20 AT LOCUST STREET (SISTERS)","0905-0100000A","REMOVE EXISTING SIGNS","LS",1,5000,5000,4]
[null,"2024-02-08",2024,"Q1","15501","4 ","US20 AT LOCUST STREET (SISTERS)","0905-0100000A","REMOVE EXISTING SIGNS","LS",1,500,500,5]
[null,"2024-02-08",2024,"Q1","15501","4 ","US20 AT LOCUST STREET (SISTERS)","0905-0101000A","REMOVE AND REINSTALL EXISTING SIGNS","LS",1,1050,1050,1]
[null,"2024-02-08",2024,"Q1","15501","4 ","US20 AT LOCUST STREET (SISTERS)","0905-0101000A","REMOVE AND REINSTALL EXISTING SIGNS","LS",1,12500,12500,2]
[null,"2024-02-08",2024,"Q1","15501","4 ","US20 AT LOCUST STREET (SISTERS)","0905-0101000A","REMOVE AND REINSTALL EXISTING SIGNS","LS",1,12980,12980,3]
[null,"2024-02-08",2024,"Q1","15501","4 ","US20 AT LOCUST STREET (SISTERS)","0905-0101000A","REMOVE AND REINSTALL EXISTING SIGNS","LS",1,3300,3300,4]
[null,"2024-02-08",2024,"Q1","15501","4 ","US20 AT LOCUST STREET (SISTERS)","0905-0101000A","REMOVE AND REINSTALL EXISTING SIGNS","LS",1,500,500,5]
[null,"2024-02-08",2024,"Q1","15501","4 ","US20 AT LOCUST STREET (SISTERS)","0910-0100000K","WOOD SIGN POSTS","FBM",136,16,2176,1]
[null,"2024-02-08",2024,"Q1","15501","4 ","US20 AT LOCUST STREET (SISTERS)","0910-0100000K","WOOD SIGN POSTS","FBM",136,16,2176,2]
[null,"2024-02-08",2024,"Q1","15501","4 ","US20 AT LOCUST STREET (SISTERS)","0910-0100000K","WOOD SIGN POSTS","FBM",136,18,2448,3]
[null,"2024-02-08",2024,"Q1","15501","4 ","US20 AT LOCUST STREET (SISTERS)","0910-0100000K","WOOD SIGN POSTS","FBM",136,19,2584,4]
[null,"2024-02-08",2024,"Q1","15501","4 ","US20 AT LOCUST STREET (SISTERS)","0910-0100000K","WOOD SIGN POSTS","FBM",136,38,5168,5]
[null,"2024-02-08",2024,"Q1","15501","4 ","US20 AT LOCUST STREET (SISTERS)","0920-0100000A","SIGN SUPPORT FOOTINGS","CUYD",13.6,1102.9411764705883,15000,1]
[null,"2024-02-08",2024,"Q1","15501","4 ","US20 AT LOCUST STREET (SISTERS)","0920-0100000A","SIGN SUPPORT FOOTINGS","CUYD",13.6,2205.8823529411766,30000,2]
[null,"2024-02-08",2024,"Q1","15501","4 ","US20 AT LOCUST STREET (SISTERS)","0920-0100000A","SIGN SUPPORT FOOTINGS","CUYD",13.6,2342.6470588235293,31860,3]
[null,"2024-02-08",2024,"Q1","15501","4 ","US20 AT LOCUST STREET (SISTERS)","0920-0100000A","SIGN SUPPORT FOOTINGS","CUYD",13.6,2058.8235294117649,28000,4]
[null,"2024-02-08",2024,"Q1","15501","4 ","US20 AT LOCUST STREET (SISTERS)","0920-0100000A","SIGN SUPPORT FOOTINGS","CUYD",13.6,735.2941176470589,10000,5]
[null,"2024-02-08",2024,"Q1","15501","4 ","US20 AT LOCUST STREET (SISTERS)","0930-0106000A","EXIT NUMBER SIGN MOUNTS","LB",79.8,9.3984962406015047,750,1]
[null,"2024-02-08",2024,"Q1","15501","4 ","US20 AT LOCUST STREET (SISTERS)","0930-0106000A","EXIT NUMBER SIGN MOUNTS","LB",79.8,6.8922305764411034,550,2]
[null,"2024-02-08",2024,"Q1","15501","4 ","US20 AT LOCUST STREET (SISTERS)","0930-0106000A","EXIT NUMBER SIGN MOUNTS","LB",79.8,7.3934837092731831,590,3]
[null,"2024-02-08",2024,"Q1","15501","4 ","US20 AT LOCUST STREET (SISTERS)","0930-0106000A","EXIT NUMBER SIGN MOUNTS","LB",79.8,8.2706766917293244,660,4]
[null,"2024-02-08",2024,"Q1","15501","4 ","US20 AT LOCUST STREET (SISTERS)","0930-0106000A","EXIT NUMBER SIGN MOUNTS","LB",79.8,11.278195488721805,900,5]
[null,"2024-02-08",2024,"Q1","15501","4 ","US20 AT LOCUST STREET (SISTERS)","0930-0110000A","SECONDARY SIGN MOUNTS","LB",30.2,16.556291390728479,500,1]
[null,"2024-02-08",2024,"Q1","15501","4 ","US20 AT LOCUST STREET (SISTERS)","0930-0110000A","SECONDARY SIGN MOUNTS","LB",30.2,20.198675496688743,610,2]
[null,"2024-02-08",2024,"Q1","15501","4 ","US20 AT LOCUST STREET (SISTERS)","0930-0110000A","SECONDARY SIGN MOUNTS","LB",30.2,21.490066225165563,649,3]
[null,"2024-02-08",2024,"Q1","15501","4 ","US20 AT LOCUST STREET (SISTERS)","0930-0110000A","SECONDARY SIGN MOUNTS","LB",30.2,26.158940397350992,790,4]
[null,"2024-02-08",2024,"Q1","15501","4 ","US20 AT LOCUST STREET (SISTERS)","0930-0110000A","SECONDARY SIGN MOUNTS","LB",30.2,49.668874172185433,1500,5]
[null,"2024-02-08",2024,"Q1","15501","4 ","US20 AT LOCUST STREET (SISTERS)","0930-0112000A","TRIANGULAR BASE BREAKAWAY SIGN SUPPORTS","LB",270.2,16.654330125832718,4500,1]
[null,"2024-02-08",2024,"Q1","15501","4 ","US20 AT LOCUST STREET (SISTERS)","0930-0112000A","TRIANGULAR BASE BREAKAWAY SIGN SUPPORTS","LB",270.2,19.985196150999261,5400,2]
[null,"2024-02-08",2024,"Q1","15501","4 ","US20 AT LOCUST STREET (SISTERS)","0930-0112000A","TRIANGULAR BASE BREAKAWAY SIGN SUPPORTS","LB",270.2,20.962250185048113,5664,3]
[null,"2024-02-08",2024,"Q1","15501","4 ","US20 AT LOCUST STREET (SISTERS)","0930-0112000A","TRIANGULAR BASE BREAKAWAY SIGN SUPPORTS","LB",270.2,20.355292376017765,5500,4]
[null,"2024-02-08",2024,"Q1","15501","4 ","US20 AT LOCUST STREET (SISTERS)","0930-0112000A","TRIANGULAR BASE BREAKAWAY SIGN SUPPORTS","LB",270.2,18.50481125092524,5000,5]
[null,"2024-02-08",2024,"Q1","15501","4 ","US20 AT LOCUST STREET (SISTERS)","0930-0114000A","PERFORATED STEEL SQUARE TUBE SLIP BASE SIGN SUPPORTS","LB",5218.1000000000004,8.6238285966156258,45000,1]
[null,"2024-02-08",2024,"Q1","15501","4 ","US20 AT LOCUST STREET (SISTERS)","0930-0114000A","PERFORATED STEEL SQUARE TUBE SLIP BASE SIGN SUPPORTS","LB",5218.1000000000004,6.6882581782641184,34900,2]
[null,"2024-02-08",2024,"Q1","15501","4 ","US20 AT LOCUST STREET (SISTERS)","0930-0114000A","PERFORATED STEEL SQUARE TUBE SLIP BASE SIGN SUPPORTS","LB",5218.1000000000004,7.0102144458711022,36580,3]
[null,"2024-02-08",2024,"Q1","15501","4 ","US20 AT LOCUST STREET (SISTERS)","0930-0114000A","PERFORATED STEEL SQUARE TUBE SLIP BASE SIGN SUPPORTS","LB",5218.1000000000004,15.714532109388474,82000,4]
[null,"2024-02-08",2024,"Q1","15501","4 ","US20 AT LOCUST STREET (SISTERS)","0930-0114000A","PERFORATED STEEL SQUARE TUBE SLIP BASE SIGN SUPPORTS","LB",5218.1000000000004,4.7910158870086814,25000,5]
[null,"2024-02-08",2024,"Q1","15501","4 ","US20 AT LOCUST STREET (SISTERS)","0940-0201000J","SIGNS, STANDARD SHEETING, EXTRUDED ALUMINUM","SQFT",89.8,50,4490,1]
[null,"2024-02-08",2024,"Q1","15501","4 ","US20 AT LOCUST STREET (SISTERS)","0940-0201000J","SIGNS, STANDARD SHEETING, EXTRUDED ALUMINUM","SQFT",89.8,50,4490,2]
[null,"2024-02-08",2024,"Q1","15501","4 ","US20 AT LOCUST STREET (SISTERS)","0940-0201000J","SIGNS, STANDARD SHEETING, EXTRUDED ALUMINUM","SQFT",89.8,53,4759.3999999999996,3]
[null,"2024-02-08",2024,"Q1","15501","4 ","US20 AT LOCUST STREET (SISTERS)","0940-0201000J","SIGNS, STANDARD SHEETING, EXTRUDED ALUMINUM","SQFT",89.8,55,4939,4]
[null,"2024-02-08",2024,"Q1","15501","4 ","US20 AT LOCUST STREET (SISTERS)","0940-0201000J","SIGNS, STANDARD SHEETING, EXTRUDED ALUMINUM","SQFT",89.8,70,6286,5]
[null,"2024-02-08",2024,"Q1","15501","4 ","US20 AT LOCUST STREET (SISTERS)","0940-0202000J","SIGNS, STANDARD SHEETING, SHEET ALUMINUM","SQFT",19,40,760,1]
[null,"2024-02-08",2024,"Q1","15501","4 ","US20 AT LOCUST STREET (SISTERS)","0940-0202000J","SIGNS, STANDARD SHEETING, SHEET ALUMINUM","SQFT",19,38,722,2]
[null,"2024-02-08",2024,"Q1","15501","4 ","US20 AT LOCUST STREET (SISTERS)","0940-0202000J","SIGNS, STANDARD SHEETING, SHEET ALUMINUM","SQFT",19,40,760,3]
[null,"2024-02-08",2024,"Q1","15501","4 ","US20 AT LOCUST STREET (SISTERS)","0940-0202000J","SIGNS, STANDARD SHEETING, SHEET ALUMINUM","SQFT",19,53,1007,4]
[null,"2024-02-08",2024,"Q1","15501","4 ","US20 AT LOCUST STREET (SISTERS)","0940-0202000J","SIGNS, STANDARD SHEETING, SHEET ALUMINUM","SQFT",19,69,1311,5]
[null,"2024-02-08",2024,"Q1","15501","4 ","US20 AT LOCUST STREET (SISTERS)","0940-0203000J","SIGNS, STANDARD SHEETING, PLYWOOD","SQFT",396.8,29,11507.2,1]
[null,"2024-02-08",2024,"Q1","15501","4 ","US20 AT LOCUST STREET (SISTERS)","0940-0203000J","SIGNS, STANDARD SHEETING, PLYWOOD","SQFT",396.8,29,11507.2,2]
[null,"2024-02-08",2024,"Q1","15501","4 ","US20 AT LOCUST STREET (SISTERS)","0940-0203000J","SIGNS, STANDARD SHEETING, PLYWOOD","SQFT",396.8,30.999999999999996,12300.8,3]
[null,"2024-02-08",2024,"Q1","15501","4 ","US20 AT LOCUST STREET (SISTERS)","0940-0203000J","SIGNS, STANDARD SHEETING, PLYWOOD","SQFT",396.8,35,13888,4]
[null,"2024-02-08",2024,"Q1","15501","4 ","US20 AT LOCUST STREET (SISTERS)","0940-0203000J","SIGNS, STANDARD SHEETING, PLYWOOD","SQFT",396.8,40,15872,5]
[null,"2024-02-08",2024,"Q1","15501","4 ","US20 AT LOCUST STREET (SISTERS)","0970-0100000A","POLE FOUNDATIONS","EACH",13,2730.2307692307691,35493,1]
[null,"2024-02-08",2024,"Q1","15501","4 ","US20 AT LOCUST STREET (SISTERS)","0970-0100000A","POLE FOUNDATIONS","EACH",13,3615.3846153846152,47000,2]
[null,"2024-02-08",2024,"Q1","15501","4 ","US20 AT LOCUST STREET (SISTERS)","0970-0100000A","POLE FOUNDATIONS","EACH",13,2042.3076923076924,26550,3]
[null,"2024-02-08",2024,"Q1","15501","4 ","US20 AT LOCUST STREET (SISTERS)","0970-0100000A","POLE FOUNDATIONS","EACH",13,2230.7692307692309,29000,4]
[null,"2024-02-08",2024,"Q1","15501","4 ","US20 AT LOCUST STREET (SISTERS)","0970-0100000A","POLE FOUNDATIONS","EACH",13,2307.6923076923076,30000,5]
[null,"2024-02-08",2024,"Q1","15501","4 ","US20 AT LOCUST STREET (SISTERS)","0970-0104000A","LUMINAIRES, LAMPS, AND BALLASTS","EACH",13,1429.3846153846155,18582,1]
[null,"2024-02-08",2024,"Q1","15501","4 ","US20 AT LOCUST STREET (SISTERS)","0970-0104000A","LUMINAIRES, LAMPS, AND BALLASTS","EACH",13,769.23076923076928,10000,2]
[null,"2024-02-08",2024,"Q1","15501","4 ","US20 AT LOCUST STREET (SISTERS)","0970-0104000A","LUMINAIRES, LAMPS, AND BALLASTS","EACH",13,735.07692307692309,9556,3]
[null,"2024-02-08",2024,"Q1","15501","4 ","US20 AT LOCUST STREET (SISTERS)","0970-0104000A","LUMINAIRES, LAMPS, AND BALLASTS","EACH",13,807.69230769230774,10500,4]
[null,"2024-02-08",2024,"Q1","15501","4 ","US20 AT LOCUST STREET (SISTERS)","0970-0104000A","LUMINAIRES, LAMPS, AND BALLASTS","EACH",13,615.38461538461536,8000,5]
[null,"2024-02-08",2024,"Q1","15501","4 ","US20 AT LOCUST STREET (SISTERS)","0970-0105000A","SWITCHING, CONDUIT, AND WIRING","FOOT",2400,56.383749999999999,135321,1]
[null,"2024-02-08",2024,"Q1","15501","4 ","US20 AT LOCUST STREET (SISTERS)","0970-0105000A","SWITCHING, CONDUIT, AND WIRING","FOOT",2400,37.5,90000,2]
[null,"2024-02-08",2024,"Q1","15501","4 ","US20 AT LOCUST STREET (SISTERS)","0970-0105000A","SWITCHING, CONDUIT, AND WIRING","FOOT",2400,77.137500000000003,185130,3]
[null,"2024-02-08",2024,"Q1","15501","4 ","US20 AT LOCUST STREET (SISTERS)","0970-0105000A","SWITCHING, CONDUIT, AND WIRING","FOOT",2400,84.583333333333329,203000,4]
[null,"2024-02-08",2024,"Q1","15501","4 ","US20 AT LOCUST STREET (SISTERS)","0970-0105000A","SWITCHING, CONDUIT, AND WIRING","FOOT",2400,45.833333333333336,110000,5]
[null,"2024-02-08",2024,"Q1","15501","4 ","US20 AT LOCUST STREET (SISTERS)","0970-0200000A","LIGHTING POLES AND ARMS","EACH",13,13612.076923076924,176957,1]
[null,"2024-02-08",2024,"Q1","15501","4 ","US20 AT LOCUST STREET (SISTERS)","0970-0200000A","LIGHTING POLES AND ARMS","EACH",13,13846.153846153846,180000,2]
[null,"2024-02-08",2024,"Q1","15501","4 ","US20 AT LOCUST STREET (SISTERS)","0970-0200000A","LIGHTING POLES AND ARMS","EACH",13,10536.153846153846,136970,3]
[null,"2024-02-08",2024,"Q1","15501","4 ","US20 AT LOCUST STREET (SISTERS)","0970-0200000A","LIGHTING POLES AND ARMS","EACH",13,11538.461538461539,150000,4]
[null,"2024-02-08",2024,"Q1","15501","4 ","US20 AT LOCUST STREET (SISTERS)","0970-0200000A","LIGHTING POLES AND ARMS","EACH",13,8461.538461538461,110000,5]
[null,"2024-02-08",2024,"Q1","15501","4 ","US20 AT LOCUST STREET (SISTERS)","0985-0110000A","ITS ELECTRICAL SYSTEMS INSTALLATION","LS",1,49418,49418,1]
[null,"2024-02-08",2024,"Q1","15501","4 ","US20 AT LOCUST STREET (SISTERS)","0985-0110000A","ITS ELECTRICAL SYSTEMS INSTALLATION","LS",1,30000,30000,2]
[null,"2024-02-08",2024,"Q1","15501","4 ","US20 AT LOCUST STREET (SISTERS)","0985-0110000A","ITS ELECTRICAL SYSTEMS INSTALLATION","LS",1,66210,66210,3]
[null,"2024-02-08",2024,"Q1","15501","4 ","US20 AT LOCUST STREET (SISTERS)","0985-0110000A","ITS ELECTRICAL SYSTEMS INSTALLATION","LS",1,73000,73000,4]
[null,"2024-02-08",2024,"Q1","15501","4 ","US20 AT LOCUST STREET (SISTERS)","0985-0110000A","ITS ELECTRICAL SYSTEMS INSTALLATION","LS",1,30000,30000,5]
[null,"2024-02-08",2024,"Q1","15501","4 ","US20 AT LOCUST STREET (SISTERS)","1011-0200000A","BIORETENTION POND, D00823","LS",1,73826,73826,1]
[null,"2024-02-08",2024,"Q1","15501","4 ","US20 AT LOCUST STREET (SISTERS)","1011-0200000A","BIORETENTION POND, D00842","LS",1,10741,10741,1]
[null,"2024-02-08",2024,"Q1","15501","4 ","US20 AT LOCUST STREET (SISTERS)","1011-0200000A","BIORETENTION POND, D00955","LS",1,10404,10404,1]
[null,"2024-02-08",2024,"Q1","15501","4 ","US20 AT LOCUST STREET (SISTERS)","1011-0200000A","BIORETENTION POND, D00823","LS",1,80000,80000,2]
[null,"2024-02-08",2024,"Q1","15501","4 ","US20 AT LOCUST STREET (SISTERS)","1011-0200000A","BIORETENTION POND, D00955","LS",1,10500,10500,2]
[null,"2024-02-08",2024,"Q1","15501","4 ","US20 AT LOCUST STREET (SISTERS)","1011-0200000A","BIORETENTION POND, D00842","LS",1,9500,9500,2]
[null,"2024-02-08",2024,"Q1","15501","4 ","US20 AT LOCUST STREET (SISTERS)","1011-0200000A","BIORETENTION POND, D00955","LS",1,7150,7150,3]
[null,"2024-02-08",2024,"Q1","15501","4 ","US20 AT LOCUST STREET (SISTERS)","1011-0200000A","BIORETENTION POND, D00823","LS",1,65400,65400,3]
[null,"2024-02-08",2024,"Q1","15501","4 ","US20 AT LOCUST STREET (SISTERS)","1011-0200000A","BIORETENTION POND, D00842","LS",1,4400,4400,3]
[null,"2024-02-08",2024,"Q1","15501","4 ","US20 AT LOCUST STREET (SISTERS)","1011-0200000A","BIORETENTION POND, D00842","LS",1,6100,6100,4]
[null,"2024-02-08",2024,"Q1","15501","4 ","US20 AT LOCUST STREET (SISTERS)","1011-0200000A","BIORETENTION POND, D00823","LS",1,89000,89000,4]
[null,"2024-02-08",2024,"Q1","15501","4 ","US20 AT LOCUST STREET (SISTERS)","1011-0200000A","BIORETENTION POND, D00955","LS",1,5500,5500,4]
[null,"2024-02-08",2024,"Q1","15501","4 ","US20 AT LOCUST STREET (SISTERS)","1011-0200000A","BIORETENTION POND, D00955","LS",1,10000,10000,5]
[null,"2024-02-08",2024,"Q1","15501","4 ","US20 AT LOCUST STREET (SISTERS)","1011-0200000A","BIORETENTION POND, D00823","LS",1,60000,60000,5]
[null,"2024-02-08",2024,"Q1","15501","4 ","US20 AT LOCUST STREET (SISTERS)","1011-0200000A","BIORETENTION POND, D00842","LS",1,8500,8500,5]
[null,"2024-02-08",2024,"Q1","15501","4 ","US20 AT LOCUST STREET (SISTERS)","1030-0101000R","WEED CONTROL","ACRE",1.85,2850,5272.5,1]
[null,"2024-02-08",2024,"Q1","15501","4 ","US20 AT LOCUST STREET (SISTERS)","1030-0101000R","WEED CONTROL","ACRE",1.85,3200,5920,2]
[null,"2024-02-08",2024,"Q1","15501","4 ","US20 AT LOCUST STREET (SISTERS)","1030-0101000R","WEED CONTROL","ACRE",1.85,1298,2401.3000000000002,3]
[null,"2024-02-08",2024,"Q1","15501","4 ","US20 AT LOCUST STREET (SISTERS)","1030-0101000R","WEED CONTROL","ACRE",1.85,1430,2645.5,4]
[null,"2024-02-08",2024,"Q1","15501","4 ","US20 AT LOCUST STREET (SISTERS)","1030-0101000R","WEED CONTROL","ACRE",1.85,5000,9250,5]
[null,"2024-02-08",2024,"Q1","15501","4 ","US20 AT LOCUST STREET (SISTERS)","1030-0108000R","PERMANENT SEEDING","ACRE",1.73,24000,41520,1]
[null,"2024-02-08",2024,"Q1","15501","4 ","US20 AT LOCUST STREET (SISTERS)","1030-0108000R","PERMANENT SEEDING","ACRE",1.73,23000,39790,2]
[null,"2024-02-08",2024,"Q1","15501","4 ","US20 AT LOCUST STREET (SISTERS)","1030-0108000R","PERMANENT SEEDING","ACRE",1.73,66080,114318.39999999999,3]
[null,"2024-02-08",2024,"Q1","15501","4 ","US20 AT LOCUST STREET (SISTERS)","1030-0108000R","PERMANENT SEEDING","ACRE",1.73,72000,124560,4]
[null,"2024-02-08",2024,"Q1","15501","4 ","US20 AT LOCUST STREET (SISTERS)","1030-0108000R","PERMANENT SEEDING","ACRE",1.73,28000,48440,5]
[null,"2024-02-08",2024,"Q1","15501","4 ","US20 AT LOCUST STREET (SISTERS)","1030-0138000J","LAWN SEEDING","SQYD",600,6,3600,1]
[null,"2024-02-08",2024,"Q1","15501","4 ","US20 AT LOCUST STREET (SISTERS)","1030-0138000J","LAWN SEEDING","SQYD",600,7,4200,2]
[null,"2024-02-08",2024,"Q1","15501","4 ","US20 AT LOCUST STREET (SISTERS)","1030-0138000J","LAWN SEEDING","SQYD",600,7.91,4746,3]
[null,"2024-02-08",2024,"Q1","15501","4 ","US20 AT LOCUST STREET (SISTERS)","1030-0138000J","LAWN SEEDING","SQYD",600,8,4800,4]
[null,"2024-02-08",2024,"Q1","15501","4 ","US20 AT LOCUST STREET (SISTERS)","1030-0138000J","LAWN SEEDING","SQYD",600,23,13800,5]
[null,"2024-02-08",2024,"Q1","15501","4 ","US20 AT LOCUST STREET (SISTERS)","1050-0135000F","CL-6 CHAIN LINK FENCE","FOOT",730,48.25,35222.5,1]
[null,"2024-02-08",2024,"Q1","15501","4 ","US20 AT LOCUST STREET (SISTERS)","1050-0135000F","CL-6 CHAIN LINK FENCE","FOOT",730,53,38690,2]
[null,"2024-02-08",2024,"Q1","15501","4 ","US20 AT LOCUST STREET (SISTERS)","1050-0135000F","CL-6 CHAIN LINK FENCE","FOOT",730,56.94,41566.199999999997,3]
[null,"2024-02-08",2024,"Q1","15501","4 ","US20 AT LOCUST STREET (SISTERS)","1050-0135000F","CL-6 CHAIN LINK FENCE","FOOT",730,62,45260,4]
[null,"2024-02-08",2024,"Q1","15501","4 ","US20 AT LOCUST STREET (SISTERS)","1050-0135000F","CL-6 CHAIN LINK FENCE","FOOT",730,88,64240,5]
[null,"2024-02-08",2024,"Q1","15501","4 ","US20 AT LOCUST STREET (SISTERS)","1050-0240000F","REMOVING AND REBUILDING FENCE","FOOT",320,42.79,13692.8,1]
[null,"2024-02-08",2024,"Q1","15501","4 ","US20 AT LOCUST STREET (SISTERS)","1050-0240000F","REMOVING AND REBUILDING FENCE","FOOT",320,47,15040,2]
[null,"2024-02-08",2024,"Q1","15501","4 ","US20 AT LOCUST STREET (SISTERS)","1050-0240000F","REMOVING AND REBUILDING FENCE","FOOT",320,50.489999999999995,16156.8,3]
[null,"2024-02-08",2024,"Q1","15501","4 ","US20 AT LOCUST STREET (SISTERS)","1050-0240000F","REMOVING AND REBUILDING FENCE","FOOT",320,56,17920,4]
[null,"2024-02-08",2024,"Q1","15501","4 ","US20 AT LOCUST STREET (SISTERS)","1050-0240000F","REMOVING AND REBUILDING FENCE","FOOT",320,85,27200,5]
[null,"2024-02-08",2024,"Q1","15503","2 ","US20: EDDYVILLE - CLINE HILL","1070-0100000E","SINGLE MAILBOX SUPPORTS","EACH",3,900,2700,1]
[null,"2024-02-08",2024,"Q1","15503","2 ","US20: EDDYVILLE - CLINE HILL","1070-0100000E","SINGLE MAILBOX SUPPORTS","EACH",3,600,1800,2]
[null,"2024-02-08",2024,"Q1","15503","2 ","US20: EDDYVILLE - CLINE HILL","1070-0102000E","MAILBOX CONCRETE COLLARS","EACH",3,160,480,1]
[null,"2024-02-08",2024,"Q1","15503","2 ","US20: EDDYVILLE - CLINE HILL","1070-0102000E","MAILBOX CONCRETE COLLARS","EACH",3,110,330,2]
[null,"2024-02-08",2024,"Q1","15503","2 ","US20: EDDYVILLE - CLINE HILL","1999-9Z90000A","GLAND REPLACEMENT","LS",1,3900,3900,1]
[null,"2024-02-08",2024,"Q1","15503","2 ","US20: EDDYVILLE - CLINE HILL","1999-9Z90000A","GLAND REPLACEMENT","LS",1,3015,3015,1]
[null,"2024-02-08",2024,"Q1","15503","2 ","US20: EDDYVILLE - CLINE HILL","1999-9Z90000A","GLAND REPLACEMENT","LS",1,3000,3000,1]
[null,"2024-02-08",2024,"Q1","15503","2 ","US20: EDDYVILLE - CLINE HILL","1999-9Z90000A","GLAND REPLACEMENT","LS",1,3000,3000,1]
[null,"2024-02-08",2024,"Q1","15503","2 ","US20: EDDYVILLE - CLINE HILL","1999-9Z90000A","GLAND REPLACEMENT","LS",1,2750,2750,2]
[null,"2024-02-08",2024,"Q1","15503","2 ","US20: EDDYVILLE - CLINE HILL","1999-9Z90000A","GLAND REPLACEMENT","LS",1,2750,2750,2]
[null,"2024-02-08",2024,"Q1","15503","2 ","US20: EDDYVILLE - CLINE HILL","1999-9Z90000A","GLAND REPLACEMENT","LS",1,2840,2840,2]
[null,"2024-02-08",2024,"Q1","15503","2 ","US20: EDDYVILLE - CLINE HILL","1999-9Z90000A","GLAND REPLACEMENT","LS",1,3630,3630,2]
[null,"2024-02-08",2024,"Q1","15501","4 ","US20 AT LOCUST STREET (SISTERS)","1999-9Z90000F","ISOLATION JOINT","FOOT",236,65,15340,1]
[null,"2024-02-08",2024,"Q1","15501","4 ","US20 AT LOCUST STREET (SISTERS)","1999-9Z90000F","ISOLATION JOINT","FOOT",236,340,80240,2]
[null,"2024-02-08",2024,"Q1","15501","4 ","US20 AT LOCUST STREET (SISTERS)","1999-9Z90000F","ISOLATION JOINT","FOOT",236,295,69620,3]
[null,"2024-02-08",2024,"Q1","15501","4 ","US20 AT LOCUST STREET (SISTERS)","1999-9Z90000F","ISOLATION JOINT","FOOT",236,362,85432,4]
[null,"2024-02-08",2024,"Q1","15501","4 ","US20 AT LOCUST STREET (SISTERS)","1999-9Z90000F","ISOLATION JOINT","FOOT",236,350,82600,5]
[null,"2024-02-01",2024,"Q1","15495","2 ","OR22: BIG CLIFF DAM - MONGOLD SLIDE","0100-0101000T","TRAINING","HOUR",700,20,14000,1]
[null,"2024-02-01",2024,"Q1","15495","2 ","OR22: BIG CLIFF DAM - MONGOLD SLIDE","0100-0101000T","TRAINING","HOUR",700,20,14000,2]
[null,"2024-02-01",2024,"Q1","15495","2 ","OR22: BIG CLIFF DAM - MONGOLD SLIDE","0100-0101000T","TRAINING","HOUR",700,20,14000,3]
[null,"2024-02-01",2024,"Q1","15495","2 ","OR22: BIG CLIFF DAM - MONGOLD SLIDE","0100-0101000T","TRAINING","HOUR",700,20,14000,4]
[null,"2024-02-01",2024,"Q1","15500","3 ","ROGUE VALLEY RURAL INTERSECTION IMPROVEMENTS","0222-0102000J","TEMPORARY SIGNS","SQFT",430,45,19350,1]
[null,"2024-02-01",2024,"Q1","15499","5 ","US20: CORRIDOR CULVERT REPAIRS PHASE 2","0222-0102000J","TEMPORARY SIGNS","SQFT",520,13.5,7020,1]
[null,"2024-02-01",2024,"Q1","15495","2 ","OR22: BIG CLIFF DAM - MONGOLD SLIDE","0222-0102000J","TEMPORARY SIGNS","SQFT",180,35,6300,1]
[null,"2024-02-01",2024,"Q1","15499","5 ","US20: CORRIDOR CULVERT REPAIRS PHASE 2","0222-0102000J","TEMPORARY SIGNS","SQFT",520,28,14560,2]
[null,"2024-02-01",2024,"Q1","15500","3 ","ROGUE VALLEY RURAL INTERSECTION IMPROVEMENTS","0222-0102000J","TEMPORARY SIGNS","SQFT",430,40,17200,2]
[null,"2024-02-01",2024,"Q1","15495","2 ","OR22: BIG CLIFF DAM - MONGOLD SLIDE","0222-0102000J","TEMPORARY SIGNS","SQFT",180,65,11700,2]
[null,"2024-02-01",2024,"Q1","15499","5 ","US20: CORRIDOR CULVERT REPAIRS PHASE 2","0222-0102000J","TEMPORARY SIGNS","SQFT",520,30,15600,3]
[null,"2024-02-01",2024,"Q1","15500","3 ","ROGUE VALLEY RURAL INTERSECTION IMPROVEMENTS","0222-0102000J","TEMPORARY SIGNS","SQFT",430,26,11180,3]
[null,"2024-02-01",2024,"Q1","15495","2 ","OR22: BIG CLIFF DAM - MONGOLD SLIDE","0222-0102000J","TEMPORARY SIGNS","SQFT",180,65,11700,3]
[null,"2024-02-01",2024,"Q1","15495","2 ","OR22: BIG CLIFF DAM - MONGOLD SLIDE","0222-0102000J","TEMPORARY SIGNS","SQFT",180,65,11700,4]
[null,"2024-02-01",2024,"Q1","15499","5 ","US20: CORRIDOR CULVERT REPAIRS PHASE 2","0222-0102000J","TEMPORARY SIGNS","SQFT",520,40,20800,4]
[null,"2024-02-01",2024,"Q1","15500","3 ","ROGUE VALLEY RURAL INTERSECTION IMPROVEMENTS","0222-0162000E","SEQUENTIAL ARROW SIGNS","EACH",1,4500,4500,1]
[null,"2024-02-01",2024,"Q1","15499","5 ","US20: CORRIDOR CULVERT REPAIRS PHASE 2","0222-0162000E","SEQUENTIAL ARROW SIGNS","EACH",1,3780,3780,1]
[null,"2024-02-01",2024,"Q1","15499","5 ","US20: CORRIDOR CULVERT REPAIRS PHASE 2","0222-0162000E","SEQUENTIAL ARROW SIGNS","EACH",1,3300,3300,2]
[null,"2024-02-01",2024,"Q1","15500","3 ","ROGUE VALLEY RURAL INTERSECTION IMPROVEMENTS","0222-0162000E","SEQUENTIAL ARROW SIGNS","EACH",1,2200,2200,2]
[null,"2024-02-01",2024,"Q1","15500","3 ","ROGUE VALLEY RURAL INTERSECTION IMPROVEMENTS","0222-0162000E","SEQUENTIAL ARROW SIGNS","EACH",1,2000,2000,3]
[null,"2024-02-01",2024,"Q1","15499","5 ","US20: CORRIDOR CULVERT REPAIRS PHASE 2","0222-0162000E","SEQUENTIAL ARROW SIGNS","EACH",1,2500,2500,3]
[null,"2024-02-01",2024,"Q1","15499","5 ","US20: CORRIDOR CULVERT REPAIRS PHASE 2","0222-0162000E","SEQUENTIAL ARROW SIGNS","EACH",1,6000,6000,4]
[null,"2024-02-01",2024,"Q1","15495","2 ","OR22: BIG CLIFF DAM - MONGOLD SLIDE","0222-0164000E","PORTABLE CHANGEABLE MESSAGE SIGNS","EACH",4,5850,23400,1]
[null,"2024-02-01",2024,"Q1","15495","2 ","OR22: BIG CLIFF DAM - MONGOLD SLIDE","0222-0164000E","PORTABLE CHANGEABLE MESSAGE SIGNS","EACH",4,7500,30000,2]
[null,"2024-02-01",2024,"Q1","15495","2 ","OR22: BIG CLIFF DAM - MONGOLD SLIDE","0222-0164000E","PORTABLE CHANGEABLE MESSAGE SIGNS","EACH",4,4600,18400,3]
[null,"2024-02-01",2024,"Q1","15495","2 ","OR22: BIG CLIFF DAM - MONGOLD SLIDE","0222-0164000E","PORTABLE CHANGEABLE MESSAGE SIGNS","EACH",4,9900,39600,4]
[null,"2024-02-01",2024,"Q1","15495","2 ","OR22: BIG CLIFF DAM - MONGOLD SLIDE","0223-0168000T","FLAGGERS","HOUR",2500,71,177500,1]
[null,"2024-02-01",2024,"Q1","15500","3 ","ROGUE VALLEY RURAL INTERSECTION IMPROVEMENTS","0223-0168000T","FLAGGERS","HOUR",80,97.75,7820,1]
[null,"2024-02-01",2024,"Q1","15499","5 ","US20: CORRIDOR CULVERT REPAIRS PHASE 2","0223-0168000T","FLAGGERS","HOUR",500,77,38500,1]
[null,"2024-02-01",2024,"Q1","15495","2 ","OR22: BIG CLIFF DAM - MONGOLD SLIDE","0223-0168000T","FLAGGERS","HOUR",2500,70.25,175625,2]
[null,"2024-02-01",2024,"Q1","15500","3 ","ROGUE VALLEY RURAL INTERSECTION IMPROVEMENTS","0223-0168000T","FLAGGERS","HOUR",80,84,6720,2]
[null,"2024-02-01",2024,"Q1","15499","5 ","US20: CORRIDOR CULVERT REPAIRS PHASE 2","0223-0168000T","FLAGGERS","HOUR",500,73,36500,2]
[null,"2024-02-01",2024,"Q1","15495","2 ","OR22: BIG CLIFF DAM - MONGOLD SLIDE","0223-0168000T","FLAGGERS","HOUR",2500,65,162500,3]
[null,"2024-02-01",2024,"Q1","15499","5 ","US20: CORRIDOR CULVERT REPAIRS PHASE 2","0223-0168000T","FLAGGERS","HOUR",500,75,37500,3]
[null,"2024-02-01",2024,"Q1","15500","3 ","ROGUE VALLEY RURAL INTERSECTION IMPROVEMENTS","0223-0168000T","FLAGGERS","HOUR",80,75,6000,3]
[null,"2024-02-01",2024,"Q1","15495","2 ","OR22: BIG CLIFF DAM - MONGOLD SLIDE","0223-0168000T","FLAGGERS","HOUR",2500,69.5,173750,4]
[null,"2024-02-01",2024,"Q1","15499","5 ","US20: CORRIDOR CULVERT REPAIRS PHASE 2","0223-0168000T","FLAGGERS","HOUR",500,85,42500,4]
[null,"2024-02-01",2024,"Q1","15495","2 ","OR22: BIG CLIFF DAM - MONGOLD SLIDE","0223-0168100E","FLAGGER STATION LIGHTING","EACH",2,4650,9300,1]
[null,"2024-02-01",2024,"Q1","15500","3 ","ROGUE VALLEY RURAL INTERSECTION IMPROVEMENTS","0223-0168100E","FLAGGER STATION LIGHTING","EACH",4,6400,25600,1]
[null,"2024-02-01",2024,"Q1","15500","3 ","ROGUE VALLEY RURAL INTERSECTION IMPROVEMENTS","0223-0168100E","FLAGGER STATION LIGHTING","EACH",4,1500,6000,2]
[null,"2024-02-01",2024,"Q1","15495","2 ","OR22: BIG CLIFF DAM - MONGOLD SLIDE","0223-0168100E","FLAGGER STATION LIGHTING","EACH",2,4400,8800,2]
[null,"2024-02-01",2024,"Q1","15495","2 ","OR22: BIG CLIFF DAM - MONGOLD SLIDE","0223-0168100E","FLAGGER STATION LIGHTING","EACH",2,6400,12800,3]
[null,"2024-02-01",2024,"Q1","15500","3 ","ROGUE VALLEY RURAL INTERSECTION IMPROVEMENTS","0223-0168100E","FLAGGER STATION LIGHTING","EACH",4,1100,4400,3]
[null,"2024-02-01",2024,"Q1","15495","2 ","OR22: BIG CLIFF DAM - MONGOLD SLIDE","0223-0168100E","FLAGGER STATION LIGHTING","EACH",2,4500,9000,4]
[null,"2024-02-01",2024,"Q1","15495","2 ","OR22: BIG CLIFF DAM - MONGOLD SLIDE","0223-0169000E","TRAFFIC CONTROL SUPERVISOR","EACH",100,550,55000,1]
[null,"2024-02-01",2024,"Q1","15495","2 ","OR22: BIG CLIFF DAM - MONGOLD SLIDE","0223-0169000E","TRAFFIC CONTROL SUPERVISOR","EACH",100,500,50000,2]
[null,"2024-02-01",2024,"Q1","15495","2 ","OR22: BIG CLIFF DAM - MONGOLD SLIDE","0223-0169000E","TRAFFIC CONTROL SUPERVISOR","EACH",100,1195,119500,3]
[null,"2024-02-01",2024,"Q1","15495","2 ","OR22: BIG CLIFF DAM - MONGOLD SLIDE","0223-0169000E","TRAFFIC CONTROL SUPERVISOR","EACH",100,1385,138500,4]
[null,"2024-02-01",2024,"Q1","15495","2 ","OR22: BIG CLIFF DAM - MONGOLD SLIDE","0223-0172000T","PILOT CARS","HOUR",900,92,82800,1]
[null,"2024-02-01",2024,"Q1","15495","2 ","OR22: BIG CLIFF DAM - MONGOLD SLIDE","0223-0172000T","PILOT CARS","HOUR",900,85.5,76950,2]
[null,"2024-02-01",2024,"Q1","15495","2 ","OR22: BIG CLIFF DAM - MONGOLD SLIDE","0223-0172000T","PILOT CARS","HOUR",900,82,73800,3]
[null,"2024-02-01",2024,"Q1","15495","2 ","OR22: BIG CLIFF DAM - MONGOLD SLIDE","0223-0172000T","PILOT CARS","HOUR",900,79,71100,4]
[null,"2024-02-01",2024,"Q1","15500","3 ","ROGUE VALLEY RURAL INTERSECTION IMPROVEMENTS","0223-0200000E","AUTOMATED FLAGGER ASSISTANCE DEVICE","EACH",4,4500,18000,1]
[null,"2024-02-01",2024,"Q1","15495","2 ","OR22: BIG CLIFF DAM - MONGOLD SLIDE","0223-0200000E","AUTOMATED FLAGGER ASSISTANCE DEVICE","EACH",2,6650,13300,1]
[null,"2024-02-01",2024,"Q1","15499","5 ","US20: CORRIDOR CULVERT REPAIRS PHASE 2","0223-0200000E","AUTOMATED FLAGGER ASSISTANCE DEVICE","EACH",2,5400,10800,1]
[null,"2024-02-01",2024,"Q1","15499","5 ","US20: CORRIDOR CULVERT REPAIRS PHASE 2","0223-0200000E","AUTOMATED FLAGGER ASSISTANCE DEVICE","EACH",2,10000,20000,2]
[null,"2024-02-01",2024,"Q1","15500","3 ","ROGUE VALLEY RURAL INTERSECTION IMPROVEMENTS","0223-0200000E","AUTOMATED FLAGGER ASSISTANCE DEVICE","EACH",4,5000,20000,2]
[null,"2024-02-01",2024,"Q1","15495","2 ","OR22: BIG CLIFF DAM - MONGOLD SLIDE","0223-0200000E","AUTOMATED FLAGGER ASSISTANCE DEVICE","EACH",2,7500,15000,2]
[null,"2024-02-01",2024,"Q1","15500","3 ","ROGUE VALLEY RURAL INTERSECTION IMPROVEMENTS","0223-0200000E","AUTOMATED FLAGGER ASSISTANCE DEVICE","EACH",4,2000,8000,3]
[null,"2024-02-01",2024,"Q1","15495","2 ","OR22: BIG CLIFF DAM - MONGOLD SLIDE","0223-0200000E","AUTOMATED FLAGGER ASSISTANCE DEVICE","EACH",2,6200,12400,3]
[null,"2024-02-01",2024,"Q1","15499","5 ","US20: CORRIDOR CULVERT REPAIRS PHASE 2","0223-0200000E","AUTOMATED FLAGGER ASSISTANCE DEVICE","EACH",2,6800,13600,3]
[null,"2024-02-01",2024,"Q1","15495","2 ","OR22: BIG CLIFF DAM - MONGOLD SLIDE","0223-0200000E","AUTOMATED FLAGGER ASSISTANCE DEVICE","EACH",2,13250,26500,4]
[null,"2024-02-01",2024,"Q1","15499","5 ","US20: CORRIDOR CULVERT REPAIRS PHASE 2","0223-0200000E","AUTOMATED FLAGGER ASSISTANCE DEVICE","EACH",2,5000,10000,4]
[null,"2024-02-01",2024,"Q1","15495","2 ","OR22: BIG CLIFF DAM - MONGOLD SLIDE","0224-0104000E","TEMPORARY BARRICADES, TYPE II","EACH",2,65,130,1]
[null,"2024-02-01",2024,"Q1","15499","5 ","US20: CORRIDOR CULVERT REPAIRS PHASE 2","0224-0104000E","TEMPORARY BARRICADES, TYPE II","EACH",2,110,220,1]
[null,"2024-02-01",2024,"Q1","15499","5 ","US20: CORRIDOR CULVERT REPAIRS PHASE 2","0224-0104000E","TEMPORARY BARRICADES, TYPE II","EACH",2,200,400,2]
[null,"2024-02-01",2024,"Q1","15495","2 ","OR22: BIG CLIFF DAM - MONGOLD SLIDE","0224-0104000E","TEMPORARY BARRICADES, TYPE II","EACH",2,55,110,2]
[null,"2024-02-01",2024,"Q1","15495","2 ","OR22: BIG CLIFF DAM - MONGOLD SLIDE","0224-0104000E","TEMPORARY BARRICADES, TYPE II","EACH",2,74,148,3]
[null,"2024-02-01",2024,"Q1","15499","5 ","US20: CORRIDOR CULVERT REPAIRS PHASE 2","0224-0104000E","TEMPORARY BARRICADES, TYPE II","EACH",2,80,160,3]
[null,"2024-02-01",2024,"Q1","15499","5 ","US20: CORRIDOR CULVERT REPAIRS PHASE 2","0224-0104000E","TEMPORARY BARRICADES, TYPE II","EACH",2,150,300,4]
[null,"2024-02-01",2024,"Q1","15495","2 ","OR22: BIG CLIFF DAM - MONGOLD SLIDE","0224-0104000E","TEMPORARY BARRICADES, TYPE II","EACH",2,225,450,4]
[null,"2024-02-01",2024,"Q1","15495","2 ","OR22: BIG CLIFF DAM - MONGOLD SLIDE","0224-0105000E","TEMPORARY BARRICADES, TYPE III","EACH",2,225,450,1]
[null,"2024-02-01",2024,"Q1","15500","3 ","ROGUE VALLEY RURAL INTERSECTION IMPROVEMENTS","0224-0105000E","TEMPORARY BARRICADES, TYPE III","EACH",1,300,300,1]
[null,"2024-02-01",2024,"Q1","15499","5 ","US20: CORRIDOR CULVERT REPAIRS PHASE 2","0224-0105000E","TEMPORARY BARRICADES, TYPE III","EACH",4,215,860,1]
[null,"2024-02-01",2024,"Q1","15499","5 ","US20: CORRIDOR CULVERT REPAIRS PHASE 2","0224-0105000E","TEMPORARY BARRICADES, TYPE III","EACH",4,200,800,2]
[null,"2024-02-01",2024,"Q1","15495","2 ","OR22: BIG CLIFF DAM - MONGOLD SLIDE","0224-0105000E","TEMPORARY BARRICADES, TYPE III","EACH",2,110,220,2]
[null,"2024-02-01",2024,"Q1","15500","3 ","ROGUE VALLEY RURAL INTERSECTION IMPROVEMENTS","0224-0105000E","TEMPORARY BARRICADES, TYPE III","EACH",1,350,350,2]
[null,"2024-02-01",2024,"Q1","15499","5 ","US20: CORRIDOR CULVERT REPAIRS PHASE 2","0224-0105000E","TEMPORARY BARRICADES, TYPE III","EACH",4,200,800,3]
[null,"2024-02-01",2024,"Q1","15500","3 ","ROGUE VALLEY RURAL INTERSECTION IMPROVEMENTS","0224-0105000E","TEMPORARY BARRICADES, TYPE III","EACH",1,225,225,3]
[null,"2024-02-01",2024,"Q1","15495","2 ","OR22: BIG CLIFF DAM - MONGOLD SLIDE","0224-0105000E","TEMPORARY BARRICADES, TYPE III","EACH",2,200,400,3]
[null,"2024-02-01",2024,"Q1","15499","5 ","US20: CORRIDOR CULVERT REPAIRS PHASE 2","0224-0105000E","TEMPORARY BARRICADES, TYPE III","EACH",4,300,1200,4]
[null,"2024-02-01",2024,"Q1","15495","2 ","OR22: BIG CLIFF DAM - MONGOLD SLIDE","0224-0105000E","TEMPORARY BARRICADES, TYPE III","EACH",2,550,1100,4]
[null,"2024-02-01",2024,"Q1","15495","2 ","OR22: BIG CLIFF DAM - MONGOLD SLIDE","0224-0145000E","TEMPORARY PLASTIC DRUMS","EACH",12,200,2400,1]
[null,"2024-02-01",2024,"Q1","15499","5 ","US20: CORRIDOR CULVERT REPAIRS PHASE 2","0224-0145000E","TEMPORARY PLASTIC DRUMS","EACH",44,65,2860,1]
[null,"2024-02-01",2024,"Q1","15500","3 ","ROGUE VALLEY RURAL INTERSECTION IMPROVEMENTS","0224-0145000E","TEMPORARY PLASTIC DRUMS","EACH",40,75,3000,1]
[null,"2024-02-01",2024,"Q1","15495","2 ","OR22: BIG CLIFF DAM - MONGOLD SLIDE","0224-0145000E","TEMPORARY PLASTIC DRUMS","EACH",12,33,396,2]
[null,"2024-02-01",2024,"Q1","15499","5 ","US20: CORRIDOR CULVERT REPAIRS PHASE 2","0224-0145000E","TEMPORARY PLASTIC DRUMS","EACH",44,66,2904,2]
[null,"2024-02-01",2024,"Q1","15500","3 ","ROGUE VALLEY RURAL INTERSECTION IMPROVEMENTS","0224-0145000E","TEMPORARY PLASTIC DRUMS","EACH",40,175,7000,2]
[null,"2024-02-01",2024,"Q1","15500","3 ","ROGUE VALLEY RURAL INTERSECTION IMPROVEMENTS","0224-0145000E","TEMPORARY PLASTIC DRUMS","EACH",40,40,1600,3]
[null,"2024-02-01",2024,"Q1","15499","5 ","US20: CORRIDOR CULVERT REPAIRS PHASE 2","0224-0145000E","TEMPORARY PLASTIC DRUMS","EACH",44,55,2420,3]
[null,"2024-02-01",2024,"Q1","15495","2 ","OR22: BIG CLIFF DAM - MONGOLD SLIDE","0224-0145000E","TEMPORARY PLASTIC DRUMS","EACH",12,57,684,3]
[null,"2024-02-01",2024,"Q1","15499","5 ","US20: CORRIDOR CULVERT REPAIRS PHASE 2","0224-0145000E","TEMPORARY PLASTIC DRUMS","EACH",44,100,4400,4]
[null,"2024-02-01",2024,"Q1","15495","2 ","OR22: BIG CLIFF DAM - MONGOLD SLIDE","0224-0145000E","TEMPORARY PLASTIC DRUMS","EACH",12,100,1200,4]
[null,"2024-02-01",2024,"Q1","15495","2 ","OR22: BIG CLIFF DAM - MONGOLD SLIDE","0225-0149000E","TEMPORARY FLEXIBLE PAVEMENT MARKERS","EACH",792,3.5,2772,1]
[null,"2024-02-01",2024,"Q1","15495","2 ","OR22: BIG CLIFF DAM - MONGOLD SLIDE","0225-0149000E","TEMPORARY FLEXIBLE PAVEMENT MARKERS","EACH",792,1,792,2]
[null,"2024-02-01",2024,"Q1","15495","2 ","OR22: BIG CLIFF DAM - MONGOLD SLIDE","0225-0149000E","TEMPORARY FLEXIBLE PAVEMENT MARKERS","EACH",792,1.5,1188,3]
[null,"2024-02-01",2024,"Q1","15495","2 ","OR22: BIG CLIFF DAM - MONGOLD SLIDE","0225-0149000E","TEMPORARY FLEXIBLE PAVEMENT MARKERS","EACH",792,2.25,1782,4]
[null,"2024-02-01",2024,"Q1","15495","2 ","OR22: BIG CLIFF DAM - MONGOLD SLIDE","0225-0153000F","TEMPORARY STRIPING","FOOT",137544,0.15,20631.599999999999,1]
[null,"2024-02-01",2024,"Q1","15495","2 ","OR22: BIG CLIFF DAM - MONGOLD SLIDE","0225-0153000F","TEMPORARY STRIPING","FOOT",137544,0.15,20631.599999999999,2]
[null,"2024-02-01",2024,"Q1","15495","2 ","OR22: BIG CLIFF DAM - MONGOLD SLIDE","0225-0153000F","TEMPORARY STRIPING","FOOT",137544,0.15,20631.599999999999,3]
[null,"2024-02-01",2024,"Q1","15495","2 ","OR22: BIG CLIFF DAM - MONGOLD SLIDE","0225-0153000F","TEMPORARY STRIPING","FOOT",137544,4.9999999999999996E-2,6877.2,4]
[null,"2024-02-01",2024,"Q1","15495","2 ","OR22: BIG CLIFF DAM - MONGOLD SLIDE","0225-0153100E","TEMPORARY PAVEMENT LEGENDS","EACH",2,115,230,1]
[null,"2024-02-01",2024,"Q1","15495","2 ","OR22: BIG CLIFF DAM - MONGOLD SLIDE","0225-0153100E","TEMPORARY PAVEMENT LEGENDS","EACH",2,125,250,2]
[null,"2024-02-01",2024,"Q1","15495","2 ","OR22: BIG CLIFF DAM - MONGOLD SLIDE","0225-0153100E","TEMPORARY PAVEMENT LEGENDS","EACH",2,130,260,3]
[null,"2024-02-01",2024,"Q1","15495","2 ","OR22: BIG CLIFF DAM - MONGOLD SLIDE","0225-0153100E","TEMPORARY PAVEMENT LEGENDS","EACH",2,126,252,4]
[null,"2024-02-01",2024,"Q1","15495","2 ","OR22: BIG CLIFF DAM - MONGOLD SLIDE","0225-0153200J","TEMPORARY PAVEMENT BARS","SQFT",100,3,300,1]
[null,"2024-02-01",2024,"Q1","15495","2 ","OR22: BIG CLIFF DAM - MONGOLD SLIDE","0225-0153200J","TEMPORARY PAVEMENT BARS","SQFT",100,3.25,325,2]
[null,"2024-02-01",2024,"Q1","15495","2 ","OR22: BIG CLIFF DAM - MONGOLD SLIDE","0225-0153200J","TEMPORARY PAVEMENT BARS","SQFT",100,3.5,350,3]
[null,"2024-02-01",2024,"Q1","15495","2 ","OR22: BIG CLIFF DAM - MONGOLD SLIDE","0225-0153200J","TEMPORARY PAVEMENT BARS","SQFT",100,3.25,325,4]
[null,"2024-02-01",2024,"Q1","15499","5 ","US20: CORRIDOR CULVERT REPAIRS PHASE 2","0225-0153800F","TEMPORARY TRANSVERSE RUMBLE STRIPS","FOOT",132,270,35640,1]
[null,"2024-02-01",2024,"Q1","15499","5 ","US20: CORRIDOR CULVERT REPAIRS PHASE 2","0225-0153800F","TEMPORARY TRANSVERSE RUMBLE STRIPS","FOOT",132,260,34320,2]
[null,"2024-02-01",2024,"Q1","15499","5 ","US20: CORRIDOR CULVERT REPAIRS PHASE 2","0225-0153800F","TEMPORARY TRANSVERSE RUMBLE STRIPS","FOOT",132,50,6600,3]
[null,"2024-02-01",2024,"Q1","15499","5 ","US20: CORRIDOR CULVERT REPAIRS PHASE 2","0225-0153800F","TEMPORARY TRANSVERSE RUMBLE STRIPS","FOOT",132,150,19800,4]
[null,"2024-02-01",2024,"Q1","15500","3 ","ROGUE VALLEY RURAL INTERSECTION IMPROVEMENTS","0225-0154000F","STRIPE REMOVAL","FOOT",276,18,4968,1]
[null,"2024-02-01",2024,"Q1","15500","3 ","ROGUE VALLEY RURAL INTERSECTION IMPROVEMENTS","0225-0154000F","STRIPE REMOVAL","FOOT",276,12,3312,2]
[null,"2024-02-01",2024,"Q1","15500","3 ","ROGUE VALLEY RURAL INTERSECTION IMPROVEMENTS","0225-0154000F","STRIPE REMOVAL","FOOT",276,4.5,1242,3]
[null,"2024-02-01",2024,"Q1","15500","3 ","ROGUE VALLEY RURAL INTERSECTION IMPROVEMENTS","0225-0155100J","LEGEND REMOVAL","SQFT",20,27,540,1]
[null,"2024-02-01",2024,"Q1","15500","3 ","ROGUE VALLEY RURAL INTERSECTION IMPROVEMENTS","0225-0155100J","LEGEND REMOVAL","SQFT",20,65,1300,2]
[null,"2024-02-01",2024,"Q1","15500","3 ","ROGUE VALLEY RURAL INTERSECTION IMPROVEMENTS","0225-0155100J","LEGEND REMOVAL","SQFT",20,27,540,3]
[null,"2024-02-01",2024,"Q1","15500","3 ","ROGUE VALLEY RURAL INTERSECTION IMPROVEMENTS","0225-0156000J","BAR REMOVAL","SQFT",114,27,3078,1]
[null,"2024-02-01",2024,"Q1","15500","3 ","ROGUE VALLEY RURAL INTERSECTION IMPROVEMENTS","0225-0156000J","BAR REMOVAL","SQFT",114,35,3990,2]
[null,"2024-02-01",2024,"Q1","15500","3 ","ROGUE VALLEY RURAL INTERSECTION IMPROVEMENTS","0225-0156000J","BAR REMOVAL","SQFT",114,11,1254,3]
[null,"2024-02-01",2024,"Q1","15495","2 ","OR22: BIG CLIFF DAM - MONGOLD SLIDE","0226-0138000E","TEMPORARY IMPACT ATTENUATOR, TRUCK MOUNTED","EACH",2,25550,51100,1]
[null,"2024-02-01",2024,"Q1","15500","3 ","ROGUE VALLEY RURAL INTERSECTION IMPROVEMENTS","0226-0138000E","TEMPORARY IMPACT ATTENUATOR, TRUCK MOUNTED","EACH",1,16750,16750,1]
[null,"2024-02-01",2024,"Q1","15500","3 ","ROGUE VALLEY RURAL INTERSECTION IMPROVEMENTS","0226-0138000E","TEMPORARY IMPACT ATTENUATOR, TRUCK MOUNTED","EACH",1,22000,22000,2]
[null,"2024-02-01",2024,"Q1","15495","2 ","OR22: BIG CLIFF DAM - MONGOLD SLIDE","0226-0138000E","TEMPORARY IMPACT ATTENUATOR, TRUCK MOUNTED","EACH",2,16120,32240,2]
[null,"2024-02-01",2024,"Q1","15495","2 ","OR22: BIG CLIFF DAM - MONGOLD SLIDE","0226-0138000E","TEMPORARY IMPACT ATTENUATOR, TRUCK MOUNTED","EACH",2,20000,40000,3]
[null,"2024-02-01",2024,"Q1","15500","3 ","ROGUE VALLEY RURAL INTERSECTION IMPROVEMENTS","0226-0138000E","TEMPORARY IMPACT ATTENUATOR, TRUCK MOUNTED","EACH",1,15000,15000,3]
[null,"2024-02-01",2024,"Q1","15495","2 ","OR22: BIG CLIFF DAM - MONGOLD SLIDE","0226-0138000E","TEMPORARY IMPACT ATTENUATOR, TRUCK MOUNTED","EACH",2,12000,24000,4]
[null,"2024-02-01",2024,"Q1","15495","2 ","OR22: BIG CLIFF DAM - MONGOLD SLIDE","0226-0141400E","REPAIR TEMPORARY IMPACT ATTENUATOR, TRUCK MOUNTED","EACH",4,2500,10000,1]
[null,"2024-02-01",2024,"Q1","15500","3 ","ROGUE VALLEY RURAL INTERSECTION IMPROVEMENTS","0226-0141400E","REPAIR TEMPORARY IMPACT ATTENUATOR, TRUCK MOUNTED","EACH",2,10,20,1]
[null,"2024-02-01",2024,"Q1","15495","2 ","OR22: BIG CLIFF DAM - MONGOLD SLIDE","0226-0141400E","REPAIR TEMPORARY IMPACT ATTENUATOR, TRUCK MOUNTED","EACH",4,1,4,2]
[null,"2024-02-01",2024,"Q1","15500","3 ","ROGUE VALLEY RURAL INTERSECTION IMPROVEMENTS","0226-0141400E","REPAIR TEMPORARY IMPACT ATTENUATOR, TRUCK MOUNTED","EACH",2,1,2,2]
[null,"2024-02-01",2024,"Q1","15500","3 ","ROGUE VALLEY RURAL INTERSECTION IMPROVEMENTS","0226-0141400E","REPAIR TEMPORARY IMPACT ATTENUATOR, TRUCK MOUNTED","EACH",2,1,2,3]
[null,"2024-02-01",2024,"Q1","15495","2 ","OR22: BIG CLIFF DAM - MONGOLD SLIDE","0226-0141400E","REPAIR TEMPORARY IMPACT ATTENUATOR, TRUCK MOUNTED","EACH",4,500,2000,3]
[null,"2024-02-01",2024,"Q1","15495","2 ","OR22: BIG CLIFF DAM - MONGOLD SLIDE","0226-0141400E","REPAIR TEMPORARY IMPACT ATTENUATOR, TRUCK MOUNTED","EACH",4,110,440,4]
[null,"2024-02-01",2024,"Q1","15499","5 ","US20: CORRIDOR CULVERT REPAIRS PHASE 2","0245-0100000A","TEMPORARY WATER MANAGEMENT FACILITY AT M.P. 133.26","LS",1,7130,7130,1]
[null,"2024-02-01",2024,"Q1","15499","5 ","US20: CORRIDOR CULVERT REPAIRS PHASE 2","0245-0100000A","TEMPORARY WATER MANAGEMENT FACILITY AT M.P. 133.42","LS",1,7130,7130,1]
[null,"2024-02-01",2024,"Q1","15499","5 ","US20: CORRIDOR CULVERT REPAIRS PHASE 2","0245-0100000A","TEMPORARY WATER MANAGEMENT FACILITY AT M.P. 133.26","LS",1,27000,27000,2]
[null,"2024-02-01",2024,"Q1","15499","5 ","US20: CORRIDOR CULVERT REPAIRS PHASE 2","0245-0100000A","TEMPORARY WATER MANAGEMENT FACILITY AT M.P. 133.42","LS",1,27000,27000,2]
[null,"2024-02-01",2024,"Q1","15499","5 ","US20: CORRIDOR CULVERT REPAIRS PHASE 2","0245-0100000A","TEMPORARY WATER MANAGEMENT FACILITY AT M.P. 133.42","LS",1,1000,1000,3]
[null,"2024-02-01",2024,"Q1","15499","5 ","US20: CORRIDOR CULVERT REPAIRS PHASE 2","0245-0100000A","TEMPORARY WATER MANAGEMENT FACILITY AT M.P. 133.26","LS",1,1000,1000,3]
[null,"2024-02-01",2024,"Q1","15499","5 ","US20: CORRIDOR CULVERT REPAIRS PHASE 2","0245-0100000A","TEMPORARY WATER MANAGEMENT FACILITY AT M.P. 133.26","LS",1,5000,5000,4]
[null,"2024-02-01",2024,"Q1","15499","5 ","US20: CORRIDOR CULVERT REPAIRS PHASE 2","0245-0100000A","TEMPORARY WATER MANAGEMENT FACILITY AT M.P. 133.42","LS",1,5000,5000,4]
[null,"2024-02-01",2024,"Q1","15499","5 ","US20: CORRIDOR CULVERT REPAIRS PHASE 2","0270-0102000F","TEMPORARY TYPE 1-5W FENCE","FOOT",510,61.5,31365,1]
[null,"2024-02-01",2024,"Q1","15499","5 ","US20: CORRIDOR CULVERT REPAIRS PHASE 2","0270-0102000F","TEMPORARY TYPE 1-5W FENCE","FOOT",510,60,30600,2]
[null,"2024-02-01",2024,"Q1","15499","5 ","US20: CORRIDOR CULVERT REPAIRS PHASE 2","0270-0102000F","TEMPORARY TYPE 1-5W FENCE","FOOT",510,38,19380,3]
[null,"2024-02-01",2024,"Q1","15499","5 ","US20: CORRIDOR CULVERT REPAIRS PHASE 2","0270-0102000F","TEMPORARY TYPE 1-5W FENCE","FOOT",510,65,33150,4]
[null,"2024-02-01",2024,"Q1","15499","5 ","US20: CORRIDOR CULVERT REPAIRS PHASE 2","0270-0106000F","TEMPORARY TYPE 2 FENCE","FOOT",180,67,12060,1]
[null,"2024-02-01",2024,"Q1","15499","5 ","US20: CORRIDOR CULVERT REPAIRS PHASE 2","0270-0106000F","TEMPORARY TYPE 2 FENCE","FOOT",180,66,11880,2]
[null,"2024-02-01",2024,"Q1","15499","5 ","US20: CORRIDOR CULVERT REPAIRS PHASE 2","0270-0106000F","TEMPORARY TYPE 2 FENCE","FOOT",180,49,8820,3]
[null,"2024-02-01",2024,"Q1","15499","5 ","US20: CORRIDOR CULVERT REPAIRS PHASE 2","0270-0106000F","TEMPORARY TYPE 2 FENCE","FOOT",180,70,12600,4]
[null,"2024-02-01",2024,"Q1","15495","2 ","OR22: BIG CLIFF DAM - MONGOLD SLIDE","0280-0114030E","INLET PROTECTION, TYPE 3","EACH",3,91,273,1]
[null,"2024-02-01",2024,"Q1","15495","2 ","OR22: BIG CLIFF DAM - MONGOLD SLIDE","0280-0114030E","INLET PROTECTION, TYPE 3","EACH",3,175,525,2]
[null,"2024-02-01",2024,"Q1","15495","2 ","OR22: BIG CLIFF DAM - MONGOLD SLIDE","0280-0114030E","INLET PROTECTION, TYPE 3","EACH",3,120,360,3]
[null,"2024-02-01",2024,"Q1","15495","2 ","OR22: BIG CLIFF DAM - MONGOLD SLIDE","0280-0114030E","INLET PROTECTION, TYPE 3","EACH",3,825,2475,4]
[null,"2024-02-01",2024,"Q1","15499","5 ","US20: CORRIDOR CULVERT REPAIRS PHASE 2","0280-0115030F","SEDIMENT BARRIER, TYPE 3","FOOT",150,12,1800,1]
[null,"2024-02-01",2024,"Q1","15499","5 ","US20: CORRIDOR CULVERT REPAIRS PHASE 2","0280-0115030F","SEDIMENT BARRIER, TYPE 3","FOOT",150,16,2400,2]
[null,"2024-02-01",2024,"Q1","15499","5 ","US20: CORRIDOR CULVERT REPAIRS PHASE 2","0280-0115030F","SEDIMENT BARRIER, TYPE 3","FOOT",150,9,1350,3]
[null,"2024-02-01",2024,"Q1","15499","5 ","US20: CORRIDOR CULVERT REPAIRS PHASE 2","0280-0115030F","SEDIMENT BARRIER, TYPE 3","FOOT",150,20,3000,4]
[null,"2024-02-01",2024,"Q1","15500","3 ","ROGUE VALLEY RURAL INTERSECTION IMPROVEMENTS","0280-0119000E","STRAW BALE","EACH",15,80,1200,1]
[null,"2024-02-01",2024,"Q1","15500","3 ","ROGUE VALLEY RURAL INTERSECTION IMPROVEMENTS","0280-0119000E","STRAW BALE","EACH",15,175,2625,2]
[null,"2024-02-01",2024,"Q1","15500","3 ","ROGUE VALLEY RURAL INTERSECTION IMPROVEMENTS","0280-0119000E","STRAW BALE","EACH",15,25,375,3]
[null,"2024-02-01",2024,"Q1","15500","3 ","ROGUE VALLEY RURAL INTERSECTION IMPROVEMENTS","0290-0100000A","POLLUTION CONTROL PLAN","LS",1,5000,5000,1]
[null,"2024-02-01",2024,"Q1","15499","5 ","US20: CORRIDOR CULVERT REPAIRS PHASE 2","0290-0100000A","POLLUTION CONTROL PLAN","LS",1,1080,1080,1]
[null,"2024-02-01",2024,"Q1","15495","2 ","OR22: BIG CLIFF DAM - MONGOLD SLIDE","0290-0100000A","POLLUTION CONTROL PLAN","LS",1,300,300,1]
[null,"2024-02-01",2024,"Q1","15499","5 ","US20: CORRIDOR CULVERT REPAIRS PHASE 2","0290-0100000A","POLLUTION CONTROL PLAN","LS",1,8400,8400,2]
[null,"2024-02-01",2024,"Q1","15495","2 ","OR22: BIG CLIFF DAM - MONGOLD SLIDE","0290-0100000A","POLLUTION CONTROL PLAN","LS",1,100,100,2]
[null,"2024-02-01",2024,"Q1","15500","3 ","ROGUE VALLEY RURAL INTERSECTION IMPROVEMENTS","0290-0100000A","POLLUTION CONTROL PLAN","LS",1,500,500,2]
[null,"2024-02-01",2024,"Q1","15499","5 ","US20: CORRIDOR CULVERT REPAIRS PHASE 2","0290-0100000A","POLLUTION CONTROL PLAN","LS",1,5000,5000,3]
[null,"2024-02-01",2024,"Q1","15500","3 ","ROGUE VALLEY RURAL INTERSECTION IMPROVEMENTS","0290-0100000A","POLLUTION CONTROL PLAN","LS",1,4500,4500,3]
[null,"2024-02-01",2024,"Q1","15495","2 ","OR22: BIG CLIFF DAM - MONGOLD SLIDE","0290-0100000A","POLLUTION CONTROL PLAN","LS",1,4500,4500,3]
[null,"2024-02-01",2024,"Q1","15495","2 ","OR22: BIG CLIFF DAM - MONGOLD SLIDE","0290-0100000A","POLLUTION CONTROL PLAN","LS",1,3250,3250,4]
[null,"2024-02-01",2024,"Q1","15499","5 ","US20: CORRIDOR CULVERT REPAIRS PHASE 2","0290-0100000A","POLLUTION CONTROL PLAN","LS",1,3000,3000,4]
[null,"2024-02-01",2024,"Q1","15499","5 ","US20: CORRIDOR CULVERT REPAIRS PHASE 2","0290-0300000A","MONITORING REPORT","LS",1,810,810,1]
[null,"2024-02-01",2024,"Q1","15499","5 ","US20: CORRIDOR CULVERT REPAIRS PHASE 2","0290-0300000A","MONITORING REPORT","LS",1,3300,3300,2]
[null,"2024-02-01",2024,"Q1","15499","5 ","US20: CORRIDOR CULVERT REPAIRS PHASE 2","0290-0300000A","MONITORING REPORT","LS",1,10000,10000,3]
[null,"2024-02-01",2024,"Q1","15499","5 ","US20: CORRIDOR CULVERT REPAIRS PHASE 2","0290-0300000A","MONITORING REPORT","LS",1,25000,25000,4]
[null,"2024-02-01",2024,"Q1","15495","2 ","OR22: BIG CLIFF DAM - MONGOLD SLIDE","0294-0100000A","HEALTH AND SAFETY PLAN","LS",1,8150,8150,1]
[null,"2024-02-01",2024,"Q1","15495","2 ","OR22: BIG CLIFF DAM - MONGOLD SLIDE","0294-0100000A","HEALTH AND SAFETY PLAN","LS",1,5400,5400,2]
[null,"2024-02-01",2024,"Q1","15495","2 ","OR22: BIG CLIFF DAM - MONGOLD SLIDE","0294-0100000A","HEALTH AND SAFETY PLAN","LS",1,4000,4000,3]
[null,"2024-02-01",2024,"Q1","15495","2 ","OR22: BIG CLIFF DAM - MONGOLD SLIDE","0294-0100000A","HEALTH AND SAFETY PLAN","LS",1,5500,5500,4]
[null,"2024-02-01",2024,"Q1","15495","2 ","OR22: BIG CLIFF DAM - MONGOLD SLIDE","0294-0200010M","CONTAMINATED SOIL DISPOSAL","TON",15,126,1890,1]
[null,"2024-02-01",2024,"Q1","15499","5 ","US20: CORRIDOR CULVERT REPAIRS PHASE 2","0294-0200010M","CONTAMINATED SOIL AND ACM DISPOSAL","TON",5,8060,40300,1]
[null,"2024-02-01",2024,"Q1","15495","2 ","OR22: BIG CLIFF DAM - MONGOLD SLIDE","0294-0200010M","CONTAMINATED SOIL DISPOSAL","TON",15,375,5625,2]
[null,"2024-02-01",2024,"Q1","15499","5 ","US20: CORRIDOR CULVERT REPAIRS PHASE 2","0294-0200010M","CONTAMINATED SOIL AND ACM DISPOSAL","TON",5,900,4500,2]
[null,"2024-02-01",2024,"Q1","15499","5 ","US20: CORRIDOR CULVERT REPAIRS PHASE 2","0294-0200010M","CONTAMINATED SOIL AND ACM DISPOSAL","TON",5,500,2500,3]
[null,"2024-02-01",2024,"Q1","15495","2 ","OR22: BIG CLIFF DAM - MONGOLD SLIDE","0294-0200010M","CONTAMINATED SOIL DISPOSAL","TON",15,180,2700,3]
[null,"2024-02-01",2024,"Q1","15499","5 ","US20: CORRIDOR CULVERT REPAIRS PHASE 2","0294-0200010M","CONTAMINATED SOIL AND ACM DISPOSAL","TON",5,2000,10000,4]
[null,"2024-02-01",2024,"Q1","15495","2 ","OR22: BIG CLIFF DAM - MONGOLD SLIDE","0294-0200010M","CONTAMINATED SOIL DISPOSAL","TON",15,192.5,2887.5,4]
[null,"2024-02-01",2024,"Q1","15495","2 ","OR22: BIG CLIFF DAM - MONGOLD SLIDE","0294-0600000A","SEGREGATE AND STOCKPILE CONTAMINATED SOIL","LS",1,4100,4100,1]
[null,"2024-02-01",2024,"Q1","15495","2 ","OR22: BIG CLIFF DAM - MONGOLD SLIDE","0294-0600000A","SEGREGATE AND STOCKPILE CONTAMINATED SOIL","LS",1,4050,4050,2]
[null,"2024-02-01",2024,"Q1","15495","2 ","OR22: BIG CLIFF DAM - MONGOLD SLIDE","0294-0600000A","SEGREGATE AND STOCKPILE CONTAMINATED SOIL","LS",1,4800,4800,3]
[null,"2024-02-01",2024,"Q1","15495","2 ","OR22: BIG CLIFF DAM - MONGOLD SLIDE","0294-0600000A","SEGREGATE AND STOCKPILE CONTAMINATED SOIL","LS",1,10000,10000,4]
[null,"2024-02-01",2024,"Q1","15495","2 ","OR22: BIG CLIFF DAM - MONGOLD SLIDE","0294-0700000E","SOIL SAMPLE COLLECTION AND ANALYTICAL TESTING","EACH",2,1750,3500,1]
[null,"2024-02-01",2024,"Q1","15495","2 ","OR22: BIG CLIFF DAM - MONGOLD SLIDE","0294-0700000E","SOIL SAMPLE COLLECTION AND ANALYTICAL TESTING","EACH",2,2700,5400,2]
[null,"2024-02-01",2024,"Q1","15495","2 ","OR22: BIG CLIFF DAM - MONGOLD SLIDE","0294-0700000E","SOIL SAMPLE COLLECTION AND ANALYTICAL TESTING","EACH",2,850,1700,3]
[null,"2024-02-01",2024,"Q1","15495","2 ","OR22: BIG CLIFF DAM - MONGOLD SLIDE","0294-0700000E","SOIL SAMPLE COLLECTION AND ANALYTICAL TESTING","EACH",2,3300,6600,4]
[null,"2024-02-01",2024,"Q1","15499","5 ","US20: CORRIDOR CULVERT REPAIRS PHASE 2","0295-0500000A","BULK ASBESTOS SAMPLING, ANALYTICAL TESTING, AND REPORTING","LS",1,1570,1570,1]
[null,"2024-02-01",2024,"Q1","15499","5 ","US20: CORRIDOR CULVERT REPAIRS PHASE 2","0295-0500000A","BULK ASBESTOS SAMPLING, ANALYTICAL TESTING, AND REPORTING","LS",1,4800,4800,2]
[null,"2024-02-01",2024,"Q1","15499","5 ","US20: CORRIDOR CULVERT REPAIRS PHASE 2","0295-0500000A","BULK ASBESTOS SAMPLING, ANALYTICAL TESTING, AND REPORTING","LS",1,4000,4000,3]
[null,"2024-02-01",2024,"Q1","15499","5 ","US20: CORRIDOR CULVERT REPAIRS PHASE 2","0295-0500000A","BULK ASBESTOS SAMPLING, ANALYTICAL TESTING, AND REPORTING","LS",1,5000,5000,4]
[null,"2024-02-01",2024,"Q1","15495","2 ","OR22: BIG CLIFF DAM - MONGOLD SLIDE","0310-0106000A","REMOVAL OF STRUCTURES AND OBSTRUCTIONS","LS",1,15500,15500,1]
[null,"2024-02-01",2024,"Q1","15495","2 ","OR22: BIG CLIFF DAM - MONGOLD SLIDE","0310-0106000A","REMOVAL OF STRUCTURES AND OBSTRUCTIONS","LS",1,5000,5000,2]
[null,"2024-02-01",2024,"Q1","15495","2 ","OR22: BIG CLIFF DAM - MONGOLD SLIDE","0310-0106000A","REMOVAL OF STRUCTURES AND OBSTRUCTIONS","LS",1,1200,1200,3]
[null,"2024-02-01",2024,"Q1","15495","2 ","OR22: BIG CLIFF DAM - MONGOLD SLIDE","0310-0106000A","REMOVAL OF STRUCTURES AND OBSTRUCTIONS","LS",1,11000,11000,4]
[null,"2024-02-01",2024,"Q1","15495","2 ","OR22: BIG CLIFF DAM - MONGOLD SLIDE","0310-0108000A","REMOVAL OF BARRIERS","FOOT",1987.5,9.3081761006289305,18500,1]
[null,"2024-02-01",2024,"Q1","15495","2 ","OR22: BIG CLIFF DAM - MONGOLD SLIDE","0310-0108000A","REMOVAL OF BARRIERS","FOOT",1987.5,5.5345911949685531,11000,2]
[null,"2024-02-01",2024,"Q1","15495","2 ","OR22: BIG CLIFF DAM - MONGOLD SLIDE","0310-0108000A","REMOVAL OF BARRIERS","FOOT",1987.5,10.566037735849056,21000,3]
[null,"2024-02-01",2024,"Q1","15495","2 ","OR22: BIG CLIFF DAM - MONGOLD SLIDE","0310-0108000A","REMOVAL OF BARRIERS","FOOT",1987.5,5.5345911949685531,11000,4]
[null,"2024-02-01",2024,"Q1","15495","2 ","OR22: BIG CLIFF DAM - MONGOLD SLIDE","0310-0113000A","REMOVAL OF GUARDRAIL","FOOT",19612.5,2.2434671765455705,44000,1]
[null,"2024-02-01",2024,"Q1","15495","2 ","OR22: BIG CLIFF DAM - MONGOLD SLIDE","0310-0113000A","REMOVAL OF GUARDRAIL","FOOT",19612.5,2.4117272147864881,47300,2]
[null,"2024-02-01",2024,"Q1","15495","2 ","OR22: BIG CLIFF DAM - MONGOLD SLIDE","0310-0113000A","REMOVAL OF GUARDRAIL","FOOT",19612.5,2.5493945188017846,50000,3]
[null,"2024-02-01",2024,"Q1","15495","2 ","OR22: BIG CLIFF DAM - MONGOLD SLIDE","0310-0113000A","REMOVAL OF GUARDRAIL","FOOT",19612.5,2.4729126832377308,48500,4]
[null,"2024-02-01",2024,"Q1","15495","2 ","OR22: BIG CLIFF DAM - MONGOLD SLIDE","0330-0105000K","GENERAL EXCAVATION","CUYD",995,75,74625,1]
[null,"2024-02-01",2024,"Q1","15495","2 ","OR22: BIG CLIFF DAM - MONGOLD SLIDE","0330-0105000K","GENERAL EXCAVATION","CUYD",995,57.5,57212.5,2]
[null,"2024-02-01",2024,"Q1","15495","2 ","OR22: BIG CLIFF DAM - MONGOLD SLIDE","0330-0105000K","GENERAL EXCAVATION","CUYD",995,75,74625,3]
[null,"2024-02-01",2024,"Q1","15495","2 ","OR22: BIG CLIFF DAM - MONGOLD SLIDE","0330-0105000K","GENERAL EXCAVATION","CUYD",995,120,119400,4]
[null,"2024-02-01",2024,"Q1","15495","2 ","OR22: BIG CLIFF DAM - MONGOLD SLIDE","0331-0112000J","24 INCH SUBGRADE STABILIZATION","SQYD",1000,48.25,48250,1]
[null,"2024-02-01",2024,"Q1","15495","2 ","OR22: BIG CLIFF DAM - MONGOLD SLIDE","0331-0112000J","24 INCH SUBGRADE STABILIZATION","SQYD",1000,94,94000,2]
[null,"2024-02-01",2024,"Q1","15495","2 ","OR22: BIG CLIFF DAM - MONGOLD SLIDE","0331-0112000J","24 INCH SUBGRADE STABILIZATION","SQYD",1000,80,80000,3]
[null,"2024-02-01",2024,"Q1","15495","2 ","OR22: BIG CLIFF DAM - MONGOLD SLIDE","0331-0112000J","24 INCH SUBGRADE STABILIZATION","SQYD",1000,75,75000,4]
[null,"2024-02-01",2024,"Q1","15495","2 ","OR22: BIG CLIFF DAM - MONGOLD SLIDE","0398-0104000F","BARRIER MOUNTED ROCK PROTECTION SCREEN","FOOT",1415,210,297150,1]
[null,"2024-02-01",2024,"Q1","15495","2 ","OR22: BIG CLIFF DAM - MONGOLD SLIDE","0398-0104000F","BARRIER MOUNTED ROCK PROTECTION SCREEN","FOOT",1415,250,353750,2]
[null,"2024-02-01",2024,"Q1","15495","2 ","OR22: BIG CLIFF DAM - MONGOLD SLIDE","0398-0104000F","BARRIER MOUNTED ROCK PROTECTION SCREEN","FOOT",1415,250,353750,3]
[null,"2024-02-01",2024,"Q1","15495","2 ","OR22: BIG CLIFF DAM - MONGOLD SLIDE","0398-0104000F","BARRIER MOUNTED ROCK PROTECTION SCREEN","FOOT",1415,285,403275,4]
[null,"2024-02-01",2024,"Q1","15499","5 ","US20: CORRIDOR CULVERT REPAIRS PHASE 2","0410-0100000F","REHABILITATE, 48 INCH X 48 INCH PIPE","FOOT",672,520,349440,1]
[null,"2024-02-01",2024,"Q1","15499","5 ","US20: CORRIDOR CULVERT REPAIRS PHASE 2","0410-0100000F","REHABILITATE, 36 INCH X 36 INCH PIPE","FOOT",152,445,67640,1]
[null,"2024-02-01",2024,"Q1","15499","5 ","US20: CORRIDOR CULVERT REPAIRS PHASE 2","0410-0100000F","REHABILITATE, 12 INCH X 12 INCH PIPE","FOOT",111,160,17760,1]
[null,"2024-02-01",2024,"Q1","15499","5 ","US20: CORRIDOR CULVERT REPAIRS PHASE 2","0410-0100000F","REHABILITATE, 18 INCH X 18 INCH PIPE","FOOT",82,265,21730,1]
[null,"2024-02-01",2024,"Q1","15499","5 ","US20: CORRIDOR CULVERT REPAIRS PHASE 2","0410-0100000F","REHABILITATE, 30 INCH X 30 INCH PIPE","FOOT",142,335,47570,1]
[null,"2024-02-01",2024,"Q1","15499","5 ","US20: CORRIDOR CULVERT REPAIRS PHASE 2","0410-0100000F","REHABILITATE, 24 INCH X 24 INCH PIPE","FOOT",742,275,204050,1]
[null,"2024-02-01",2024,"Q1","15499","5 ","US20: CORRIDOR CULVERT REPAIRS PHASE 2","0410-0100000F","REHABILITATE, 18 INCH X 18 INCH PIPE","FOOT",82,350,28700,2]
[null,"2024-02-01",2024,"Q1","15499","5 ","US20: CORRIDOR CULVERT REPAIRS PHASE 2","0410-0100000F","REHABILITATE, 24 INCH X 24 INCH PIPE","FOOT",742,320,237440,2]
[null,"2024-02-01",2024,"Q1","15499","5 ","US20: CORRIDOR CULVERT REPAIRS PHASE 2","0410-0100000F","REHABILITATE, 30 INCH X 30 INCH PIPE","FOOT",142,450,63900,2]
[null,"2024-02-01",2024,"Q1","15499","5 ","US20: CORRIDOR CULVERT REPAIRS PHASE 2","0410-0100000F","REHABILITATE, 36 INCH X 36 INCH PIPE","FOOT",152,450,68400,2]
[null,"2024-02-01",2024,"Q1","15499","5 ","US20: CORRIDOR CULVERT REPAIRS PHASE 2","0410-0100000F","REHABILITATE, 12 INCH X 12 INCH PIPE","FOOT",111,190,21090,2]
[null,"2024-02-01",2024,"Q1","15499","5 ","US20: CORRIDOR CULVERT REPAIRS PHASE 2","0410-0100000F","REHABILITATE, 48 INCH X 48 INCH PIPE","FOOT",672,600,403200,2]
[null,"2024-02-01",2024,"Q1","15499","5 ","US20: CORRIDOR CULVERT REPAIRS PHASE 2","0410-0100000F","REHABILITATE, 12 INCH X 12 INCH PIPE","FOOT",111,200,22200,3]
[null,"2024-02-01",2024,"Q1","15499","5 ","US20: CORRIDOR CULVERT REPAIRS PHASE 2","0410-0100000F","REHABILITATE, 48 INCH X 48 INCH PIPE","FOOT",672,515,346080,3]
[null,"2024-02-01",2024,"Q1","15499","5 ","US20: CORRIDOR CULVERT REPAIRS PHASE 2","0410-0100000F","REHABILITATE, 36 INCH X 36 INCH PIPE","FOOT",152,450,68400,3]
[null,"2024-02-01",2024,"Q1","15499","5 ","US20: CORRIDOR CULVERT REPAIRS PHASE 2","0410-0100000F","REHABILITATE, 24 INCH X 24 INCH PIPE","FOOT",742,280,207760,3]
[null,"2024-02-01",2024,"Q1","15499","5 ","US20: CORRIDOR CULVERT REPAIRS PHASE 2","0410-0100000F","REHABILITATE, 18 INCH X 18 INCH PIPE","FOOT",82,250,20500,3]
[null,"2024-02-01",2024,"Q1","15499","5 ","US20: CORRIDOR CULVERT REPAIRS PHASE 2","0410-0100000F","REHABILITATE, 30 INCH X 30 INCH PIPE","FOOT",142,325,46150,3]
[null,"2024-02-01",2024,"Q1","15499","5 ","US20: CORRIDOR CULVERT REPAIRS PHASE 2","0410-0100000F","REHABILITATE, 30 INCH X 30 INCH PIPE","FOOT",142,480,68160,4]
[null,"2024-02-01",2024,"Q1","15499","5 ","US20: CORRIDOR CULVERT REPAIRS PHASE 2","0410-0100000F","REHABILITATE, 36 INCH X 36 INCH PIPE","FOOT",152,680,103360,4]
[null,"2024-02-01",2024,"Q1","15499","5 ","US20: CORRIDOR CULVERT REPAIRS PHASE 2","0410-0100000F","REHABILITATE, 48 INCH X 48 INCH PIPE","FOOT",672,740,497280,4]
[null,"2024-02-01",2024,"Q1","15499","5 ","US20: CORRIDOR CULVERT REPAIRS PHASE 2","0410-0100000F","REHABILITATE, 12 INCH X 12 INCH PIPE","FOOT",111,330,36630,4]
[null,"2024-02-01",2024,"Q1","15499","5 ","US20: CORRIDOR CULVERT REPAIRS PHASE 2","0410-0100000F","REHABILITATE, 24 INCH X 24 INCH PIPE","FOOT",742,420,311640,4]
[null,"2024-02-01",2024,"Q1","15499","5 ","US20: CORRIDOR CULVERT REPAIRS PHASE 2","0410-0100000F","REHABILITATE, 18 INCH X 18 INCH PIPE","FOOT",82,360,29520,4]
[null,"2024-02-01",2024,"Q1","15499","5 ","US20: CORRIDOR CULVERT REPAIRS PHASE 2","0415-0100000F","MAINLINE VIDEO INSPECTION","FOOT",3802,2.1,7984.2,1]
[null,"2024-02-01",2024,"Q1","15499","5 ","US20: CORRIDOR CULVERT REPAIRS PHASE 2","0415-0100000F","MAINLINE VIDEO INSPECTION","FOOT",3802,3,11406,2]
[null,"2024-02-01",2024,"Q1","15499","5 ","US20: CORRIDOR CULVERT REPAIRS PHASE 2","0415-0100000F","MAINLINE VIDEO INSPECTION","FOOT",3802,10,38020,3]
[null,"2024-02-01",2024,"Q1","15499","5 ","US20: CORRIDOR CULVERT REPAIRS PHASE 2","0415-0100000F","MAINLINE VIDEO INSPECTION","FOOT",3802,15,57030,4]
[null,"2024-02-01",2024,"Q1","15499","5 ","US20: CORRIDOR CULVERT REPAIRS PHASE 2","0445-010012AF","12 INCH CULVERT PIPE, 5 FT DEPTH","FOOT",10,255,2550,1]
[null,"2024-02-01",2024,"Q1","15499","5 ","US20: CORRIDOR CULVERT REPAIRS PHASE 2","0445-010012AF","12 INCH CULVERT PIPE, 5 FT DEPTH","FOOT",10,400,4000,2]
[null,"2024-02-01",2024,"Q1","15499","5 ","US20: CORRIDOR CULVERT REPAIRS PHASE 2","0445-010012AF","12 INCH CULVERT PIPE, 5 FT DEPTH","FOOT",10,570,5700,3]
[null,"2024-02-01",2024,"Q1","15499","5 ","US20: CORRIDOR CULVERT REPAIRS PHASE 2","0445-010012AF","12 INCH CULVERT PIPE, 5 FT DEPTH","FOOT",10,420,4200,4]
[null,"2024-02-01",2024,"Q1","15499","5 ","US20: CORRIDOR CULVERT REPAIRS PHASE 2","0445-010018AF","18 INCH CULVERT PIPE, 5 FT DEPTH","FOOT",10,295,2950,1]
[null,"2024-02-01",2024,"Q1","15499","5 ","US20: CORRIDOR CULVERT REPAIRS PHASE 2","0445-010018AF","18 INCH CULVERT PIPE, 5 FT DEPTH","FOOT",10,500,5000,2]
[null,"2024-02-01",2024,"Q1","15499","5 ","US20: CORRIDOR CULVERT REPAIRS PHASE 2","0445-010018AF","18 INCH CULVERT PIPE, 5 FT DEPTH","FOOT",10,585,5850,3]
[null,"2024-02-01",2024,"Q1","15499","5 ","US20: CORRIDOR CULVERT REPAIRS PHASE 2","0445-010018AF","18 INCH CULVERT PIPE, 5 FT DEPTH","FOOT",10,440,4400,4]
[null,"2024-02-01",2024,"Q1","15499","5 ","US20: CORRIDOR CULVERT REPAIRS PHASE 2","0445-010024AF","24 INCH CULVERT PIPE, 5 FT DEPTH","FOOT",10,330,3300,1]
[null,"2024-02-01",2024,"Q1","15499","5 ","US20: CORRIDOR CULVERT REPAIRS PHASE 2","0445-010024AF","24 INCH CULVERT PIPE, 5 FT DEPTH","FOOT",10,600,6000,2]
[null,"2024-02-01",2024,"Q1","15499","5 ","US20: CORRIDOR CULVERT REPAIRS PHASE 2","0445-010024AF","24 INCH CULVERT PIPE, 5 FT DEPTH","FOOT",10,650,6500,3]
[null,"2024-02-01",2024,"Q1","15499","5 ","US20: CORRIDOR CULVERT REPAIRS PHASE 2","0445-010024AF","24 INCH CULVERT PIPE, 5 FT DEPTH","FOOT",10,460,4600,4]
[null,"2024-02-01",2024,"Q1","15499","5 ","US20: CORRIDOR CULVERT REPAIRS PHASE 2","0445-010036AF","36 INCH CULVERT PIPE, 5 FT DEPTH","FOOT",10,545,5450,1]
[null,"2024-02-01",2024,"Q1","15499","5 ","US20: CORRIDOR CULVERT REPAIRS PHASE 2","0445-010036AF","36 INCH CULVERT PIPE, 5 FT DEPTH","FOOT",10,700,7000,2]
[null,"2024-02-01",2024,"Q1","15499","5 ","US20: CORRIDOR CULVERT REPAIRS PHASE 2","0445-010036AF","36 INCH CULVERT PIPE, 5 FT DEPTH","FOOT",10,904,9040,3]
[null,"2024-02-01",2024,"Q1","15499","5 ","US20: CORRIDOR CULVERT REPAIRS PHASE 2","0445-010036AF","36 INCH CULVERT PIPE, 5 FT DEPTH","FOOT",10,500,5000,4]
[null,"2024-02-01",2024,"Q1","15499","5 ","US20: CORRIDOR CULVERT REPAIRS PHASE 2","0460-0100000J","PAVED CULVERT END SLOPES","SQFT",101,86,8686,1]
[null,"2024-02-01",2024,"Q1","15499","5 ","US20: CORRIDOR CULVERT REPAIRS PHASE 2","0460-0100000J","PAVED CULVERT END SLOPES","SQFT",101,130,13130,2]
[null,"2024-02-01",2024,"Q1","15499","5 ","US20: CORRIDOR CULVERT REPAIRS PHASE 2","0460-0100000J","PAVED CULVERT END SLOPES","SQFT",101,65,6565,3]
[null,"2024-02-01",2024,"Q1","15499","5 ","US20: CORRIDOR CULVERT REPAIRS PHASE 2","0460-0100000J","PAVED CULVERT END SLOPES","SQFT",101,100,10100,4]
[null,"2024-02-01",2024,"Q1","15499","5 ","US20: CORRIDOR CULVERT REPAIRS PHASE 2","0490-0104000E","CONNECTION TO EXISTING STRUCTURES","EACH",4,400,1600,1]
[null,"2024-02-01",2024,"Q1","15499","5 ","US20: CORRIDOR CULVERT REPAIRS PHASE 2","0490-0104000E","CONNECTION TO EXISTING STRUCTURES","EACH",4,2000,8000,2]
[null,"2024-02-01",2024,"Q1","15499","5 ","US20: CORRIDOR CULVERT REPAIRS PHASE 2","0490-0104000E","CONNECTION TO EXISTING STRUCTURES","EACH",4,1100,4400,3]
[null,"2024-02-01",2024,"Q1","15499","5 ","US20: CORRIDOR CULVERT REPAIRS PHASE 2","0490-0104000E","CONNECTION TO EXISTING STRUCTURES","EACH",4,3000,12000,4]
[null,"2024-02-01",2024,"Q1","15499","5 ","US20: CORRIDOR CULVERT REPAIRS PHASE 2","0490-0117000E","FILLING ABANDONED STRUCTURES","EACH",1,10400,10400,1]
[null,"2024-02-01",2024,"Q1","15499","5 ","US20: CORRIDOR CULVERT REPAIRS PHASE 2","0490-0117000E","FILLING ABANDONED STRUCTURES","EACH",1,7000,7000,2]
[null,"2024-02-01",2024,"Q1","15499","5 ","US20: CORRIDOR CULVERT REPAIRS PHASE 2","0490-0117000E","FILLING ABANDONED STRUCTURES","EACH",1,15000,15000,3]
[null,"2024-02-01",2024,"Q1","15499","5 ","US20: CORRIDOR CULVERT REPAIRS PHASE 2","0490-0117000E","FILLING ABANDONED STRUCTURES","EACH",1,4000,4000,4]
[null,"2024-02-01",2024,"Q1","15495","2 ","OR22: BIG CLIFF DAM - MONGOLD SLIDE","0501-0100000A","BRIDGE REMOVAL WORK","SQFT",48,687.5,33000,1]
[null,"2024-02-01",2024,"Q1","15495","2 ","OR22: BIG CLIFF DAM - MONGOLD SLIDE","0501-0100000A","BRIDGE REMOVAL WORK","SQFT",48,729.16666666666663,35000,2]
[null,"2024-02-01",2024,"Q1","15495","2 ","OR22: BIG CLIFF DAM - MONGOLD SLIDE","0501-0100000A","BRIDGE REMOVAL WORK","SQFT",48,927.08333333333337,44500,3]
[null,"2024-02-01",2024,"Q1","15495","2 ","OR22: BIG CLIFF DAM - MONGOLD SLIDE","0501-0100000A","BRIDGE REMOVAL WORK","SQFT",48,687.5,33000,4]
[null,"2024-02-01",2024,"Q1","15495","2 ","OR22: BIG CLIFF DAM - MONGOLD SLIDE","0503-0102000J","BRIDGE DECK COLD PLANE PAVEMENT REMOVAL, 2-4 INCHES DEEP","SQYD",1573,15,23595,1]
[null,"2024-02-01",2024,"Q1","15495","2 ","OR22: BIG CLIFF DAM - MONGOLD SLIDE","0503-0102000J","BRIDGE DECK COLD PLANE PAVEMENT REMOVAL, 2-4 INCHES DEEP","SQYD",1573,14.65,23044.45,2]
[null,"2024-02-01",2024,"Q1","15495","2 ","OR22: BIG CLIFF DAM - MONGOLD SLIDE","0503-0102000J","BRIDGE DECK COLD PLANE PAVEMENT REMOVAL, 2-4 INCHES DEEP","SQYD",1573,25,39325,3]
[null,"2024-02-01",2024,"Q1","15495","2 ","OR22: BIG CLIFF DAM - MONGOLD SLIDE","0503-0102000J","BRIDGE DECK COLD PLANE PAVEMENT REMOVAL, 2-4 INCHES DEEP","SQYD",1573,15,23595,4]
[null,"2024-02-01",2024,"Q1","15495","2 ","OR22: BIG CLIFF DAM - MONGOLD SLIDE","0504-0100000J","CLASS 2 PREPARATION","SQYD",79,200,15800,1]
[null,"2024-02-01",2024,"Q1","15495","2 ","OR22: BIG CLIFF DAM - MONGOLD SLIDE","0504-0100000J","CLASS 2 PREPARATION","SQYD",79,215,16985,2]
[null,"2024-02-01",2024,"Q1","15495","2 ","OR22: BIG CLIFF DAM - MONGOLD SLIDE","0504-0100000J","CLASS 2 PREPARATION","SQYD",79,225,17775,3]
[null,"2024-02-01",2024,"Q1","15495","2 ","OR22: BIG CLIFF DAM - MONGOLD SLIDE","0504-0100000J","CLASS 2 PREPARATION","SQYD",79,695,54905,4]
[null,"2024-02-01",2024,"Q1","15495","2 ","OR22: BIG CLIFF DAM - MONGOLD SLIDE","0510-0108000A","GRANULAR STRUCTURE BACKFILL","CUYD",12,208.33333333333334,2500,1]
[null,"2024-02-01",2024,"Q1","15495","2 ","OR22: BIG CLIFF DAM - MONGOLD SLIDE","0510-0108000A","GRANULAR STRUCTURE BACKFILL","CUYD",12,541.66666666666663,6500,2]
[null,"2024-02-01",2024,"Q1","15495","2 ","OR22: BIG CLIFF DAM - MONGOLD SLIDE","0510-0108000A","GRANULAR STRUCTURE BACKFILL","CUYD",12,308.33333333333331,3700,3]
[null,"2024-02-01",2024,"Q1","15495","2 ","OR22: BIG CLIFF DAM - MONGOLD SLIDE","0510-0108000A","GRANULAR STRUCTURE BACKFILL","CUYD",12,568.75,6825,4]
[null,"2024-02-01",2024,"Q1","15495","2 ","OR22: BIG CLIFF DAM - MONGOLD SLIDE","0530-0104000A","REINFORCEMENT, GRADE 60","LB",1300,6.9230769230769234,9000,1]
[null,"2024-02-01",2024,"Q1","15495","2 ","OR22: BIG CLIFF DAM - MONGOLD SLIDE","0530-0104000A","REINFORCEMENT, GRADE 60","LB",1300,7.4615384615384617,9700,2]
[null,"2024-02-01",2024,"Q1","15495","2 ","OR22: BIG CLIFF DAM - MONGOLD SLIDE","0530-0104000A","REINFORCEMENT, GRADE 60","LB",1300,7.8076923076923075,10150,3]
[null,"2024-02-01",2024,"Q1","15495","2 ","OR22: BIG CLIFF DAM - MONGOLD SLIDE","0530-0104000A","REINFORCEMENT, GRADE 60","LB",1300,8.4615384615384617,11000,4]
[null,"2024-02-01",2024,"Q1","15495","2 ","OR22: BIG CLIFF DAM - MONGOLD SLIDE","0540-0301000A","GENERAL STRUCTURAL CONCRETE, CLASS 3300","CUYD",6,5833.333333333333,35000,1]
[null,"2024-02-01",2024,"Q1","15495","2 ","OR22: BIG CLIFF DAM - MONGOLD SLIDE","0540-0301000A","GENERAL STRUCTURAL CONCRETE, CLASS 3300","CUYD",6,6266.666666666667,37600,2]
[null,"2024-02-01",2024,"Q1","15495","2 ","OR22: BIG CLIFF DAM - MONGOLD SLIDE","0540-0301000A","GENERAL STRUCTURAL CONCRETE, CLASS 3300","CUYD",6,6583.333333333333,39500,3]
[null,"2024-02-01",2024,"Q1","15495","2 ","OR22: BIG CLIFF DAM - MONGOLD SLIDE","0540-0301000A","GENERAL STRUCTURAL CONCRETE, CLASS 3300","CUYD",6,5500,33000,4]
[null,"2024-02-01",2024,"Q1","15495","2 ","OR22: BIG CLIFF DAM - MONGOLD SLIDE","0585-0300000A","CONTROL JOINT","FOOT",128,19.53125,2500,1]
[null,"2024-02-01",2024,"Q1","15495","2 ","OR22: BIG CLIFF DAM - MONGOLD SLIDE","0585-0300000A","CONTROL JOINT","FOOT",128,21.09375,2700,2]
[null,"2024-02-01",2024,"Q1","15495","2 ","OR22: BIG CLIFF DAM - MONGOLD SLIDE","0585-0300000A","CONTROL JOINT","FOOT",128,54.6875,7000,3]
[null,"2024-02-01",2024,"Q1","15495","2 ","OR22: BIG CLIFF DAM - MONGOLD SLIDE","0585-0300000A","CONTROL JOINT","FOOT",128,103.125,13200,4]
[null,"2024-02-01",2024,"Q1","15495","2 ","OR22: BIG CLIFF DAM - MONGOLD SLIDE","0590-0100000J","POLYMER MEMBRANE","SQFT",14153,3.75,53073.75,1]
[null,"2024-02-01",2024,"Q1","15495","2 ","OR22: BIG CLIFF DAM - MONGOLD SLIDE","0590-0100000J","POLYMER MEMBRANE","SQFT",14153,4,56612,2]
[null,"2024-02-01",2024,"Q1","15495","2 ","OR22: BIG CLIFF DAM - MONGOLD SLIDE","0590-0100000J","POLYMER MEMBRANE","SQFT",14153,4.75,67226.75,3]
[null,"2024-02-01",2024,"Q1","15495","2 ","OR22: BIG CLIFF DAM - MONGOLD SLIDE","0590-0100000J","POLYMER MEMBRANE","SQFT",14153,3.92,55479.76,4]
[null,"2024-02-01",2024,"Q1","15495","2 ","OR22: BIG CLIFF DAM - MONGOLD SLIDE","0620-0104000J","COLD PLANE PAVEMENT REMOVAL, 0 - 2 INCHES DEEP","SQYD",1425,6.5,9262.5,1]
[null,"2024-02-01",2024,"Q1","15495","2 ","OR22: BIG CLIFF DAM - MONGOLD SLIDE","0620-0104000J","COLD PLANE PAVEMENT REMOVAL, 0 - 2 INCHES DEEP","SQYD",1425,5.6,7980,2]
[null,"2024-02-01",2024,"Q1","15495","2 ","OR22: BIG CLIFF DAM - MONGOLD SLIDE","0620-0104000J","COLD PLANE PAVEMENT REMOVAL, 0 - 2 INCHES DEEP","SQYD",1425,7,9975,3]
[null,"2024-02-01",2024,"Q1","15495","2 ","OR22: BIG CLIFF DAM - MONGOLD SLIDE","0620-0104000J","COLD PLANE PAVEMENT REMOVAL, 0 - 2 INCHES DEEP","SQYD",1425,6.9,9832.5,4]
[null,"2024-02-01",2024,"Q1","15495","2 ","OR22: BIG CLIFF DAM - MONGOLD SLIDE","0620-0111000J","COLD PLANE PAVEMENT REMOVAL, 1 - 3 INCHES DEEP","SQYD",2140,5,10700,1]
[null,"2024-02-01",2024,"Q1","15495","2 ","OR22: BIG CLIFF DAM - MONGOLD SLIDE","0620-0111000J","COLD PLANE PAVEMENT REMOVAL, 1 - 3 INCHES DEEP","SQYD",2140,6.85,14659,2]
[null,"2024-02-01",2024,"Q1","15495","2 ","OR22: BIG CLIFF DAM - MONGOLD SLIDE","0620-0111000J","COLD PLANE PAVEMENT REMOVAL, 1 - 3 INCHES DEEP","SQYD",2140,7,14980,3]
[null,"2024-02-01",2024,"Q1","15495","2 ","OR22: BIG CLIFF DAM - MONGOLD SLIDE","0620-0111000J","COLD PLANE PAVEMENT REMOVAL, 1 - 3 INCHES DEEP","SQYD",2140,6.9,14766,4]
[null,"2024-02-01",2024,"Q1","15495","2 ","OR22: BIG CLIFF DAM - MONGOLD SLIDE","0620-0112000J","COLD PLANE PAVEMENT REMOVAL, 2 - 4 INCHES DEEP","SQYD",2140,6,12840,1]
[null,"2024-02-01",2024,"Q1","15495","2 ","OR22: BIG CLIFF DAM - MONGOLD SLIDE","0620-0112000J","COLD PLANE PAVEMENT REMOVAL, 2 - 4 INCHES DEEP","SQYD",2140,7.85,16799,2]
[null,"2024-02-01",2024,"Q1","15495","2 ","OR22: BIG CLIFF DAM - MONGOLD SLIDE","0620-0112000J","COLD PLANE PAVEMENT REMOVAL, 2 - 4 INCHES DEEP","SQYD",2140,8,17120,3]
[null,"2024-02-01",2024,"Q1","15495","2 ","OR22: BIG CLIFF DAM - MONGOLD SLIDE","0620-0112000J","COLD PLANE PAVEMENT REMOVAL, 2 - 4 INCHES DEEP","SQYD",2140,6.9,14766,4]
[null,"2024-02-01",2024,"Q1","15495","2 ","OR22: BIG CLIFF DAM - MONGOLD SLIDE","0620-0122000J","COLD PLANE PAVEMENT REMOVAL, 3 INCHES DEEP","SQYD",4440,5.25,23310,1]
[null,"2024-02-01",2024,"Q1","15495","2 ","OR22: BIG CLIFF DAM - MONGOLD SLIDE","0620-0122000J","COLD PLANE PAVEMENT REMOVAL, 3 INCHES DEEP","SQYD",4440,6.6,29304,2]
[null,"2024-02-01",2024,"Q1","15495","2 ","OR22: BIG CLIFF DAM - MONGOLD SLIDE","0620-0122000J","COLD PLANE PAVEMENT REMOVAL, 3 INCHES DEEP","SQYD",4440,8,35520,3]
[null,"2024-02-01",2024,"Q1","15495","2 ","OR22: BIG CLIFF DAM - MONGOLD SLIDE","0620-0122000J","COLD PLANE PAVEMENT REMOVAL, 3 INCHES DEEP","SQYD",4440,6.9,30636,4]
[null,"2024-02-01",2024,"Q1","15495","2 ","OR22: BIG CLIFF DAM - MONGOLD SLIDE","0620-0123000J","COLD PLANE PAVEMENT REMOVAL, 4 INCHES DEEP","SQYD",2740,6.5,17810,1]
[null,"2024-02-01",2024,"Q1","15495","2 ","OR22: BIG CLIFF DAM - MONGOLD SLIDE","0620-0123000J","COLD PLANE PAVEMENT REMOVAL, 4 INCHES DEEP","SQYD",2740,7.5,20550,2]
[null,"2024-02-01",2024,"Q1","15495","2 ","OR22: BIG CLIFF DAM - MONGOLD SLIDE","0620-0123000J","COLD PLANE PAVEMENT REMOVAL, 4 INCHES DEEP","SQYD",2740,9,24660,3]
[null,"2024-02-01",2024,"Q1","15495","2 ","OR22: BIG CLIFF DAM - MONGOLD SLIDE","0620-0123000J","COLD PLANE PAVEMENT REMOVAL, 4 INCHES DEEP","SQYD",2740,7.25,19865,4]
[null,"2024-02-01",2024,"Q1","15495","2 ","OR22: BIG CLIFF DAM - MONGOLD SLIDE","0640-0101000M","AGGREGATE SHOULDERS","TON",1300,75,97500,1]
[null,"2024-02-01",2024,"Q1","15495","2 ","OR22: BIG CLIFF DAM - MONGOLD SLIDE","0640-0101000M","AGGREGATE SHOULDERS","TON",1300,46.3,60190,2]
[null,"2024-02-01",2024,"Q1","15495","2 ","OR22: BIG CLIFF DAM - MONGOLD SLIDE","0640-0101000M","AGGREGATE SHOULDERS","TON",1300,57,74100,3]
[null,"2024-02-01",2024,"Q1","15495","2 ","OR22: BIG CLIFF DAM - MONGOLD SLIDE","0640-0101000M","AGGREGATE SHOULDERS","TON",1300,59,76700,4]
[null,"2024-02-01",2024,"Q1","15495","2 ","OR22: BIG CLIFF DAM - MONGOLD SLIDE","0705-0101000M","EMULSIFIED ASPHALT IN FOG COAT","TON",5,1550,7750,1]
[null,"2024-02-01",2024,"Q1","15495","2 ","OR22: BIG CLIFF DAM - MONGOLD SLIDE","0705-0101000M","EMULSIFIED ASPHALT IN FOG COAT","TON",5,1530,7650,2]
[null,"2024-02-01",2024,"Q1","15495","2 ","OR22: BIG CLIFF DAM - MONGOLD SLIDE","0705-0101000M","EMULSIFIED ASPHALT IN FOG COAT","TON",5,1100,5500,3]
[null,"2024-02-01",2024,"Q1","15495","2 ","OR22: BIG CLIFF DAM - MONGOLD SLIDE","0705-0101000M","EMULSIFIED ASPHALT IN FOG COAT","TON",5,915,4575,4]
[null,"2024-02-01",2024,"Q1","15495","2 ","OR22: BIG CLIFF DAM - MONGOLD SLIDE","0730-0100000M","EMULSIFIED ASPHALT FOR TACK COAT","TON",43,750,32250,1]
[null,"2024-02-01",2024,"Q1","15495","2 ","OR22: BIG CLIFF DAM - MONGOLD SLIDE","0730-0100000M","EMULSIFIED ASPHALT FOR TACK COAT","TON",43,1,43,2]
[null,"2024-02-01",2024,"Q1","15495","2 ","OR22: BIG CLIFF DAM - MONGOLD SLIDE","0730-0100000M","EMULSIFIED ASPHALT FOR TACK COAT","TON",43,1,43,3]
[null,"2024-02-01",2024,"Q1","15495","2 ","OR22: BIG CLIFF DAM - MONGOLD SLIDE","0730-0100000M","EMULSIFIED ASPHALT FOR TACK COAT","TON",43,750,32250,4]
[null,"2024-02-01",2024,"Q1","15495","2 ","OR22: BIG CLIFF DAM - MONGOLD SLIDE","0745-0322000M","LEVEL 3, 1/2 INCH LIME TREATED ACP","TON",15200,63,957600,1]
[null,"2024-02-01",2024,"Q1","15495","2 ","OR22: BIG CLIFF DAM - MONGOLD SLIDE","0745-0322000M","LEVEL 3, 1/2 INCH LIME TREATED ACP","TON",15200,114.75,1744200,2]
[null,"2024-02-01",2024,"Q1","15495","2 ","OR22: BIG CLIFF DAM - MONGOLD SLIDE","0745-0322000M","LEVEL 3, 1/2 INCH LIME TREATED ACP","TON",15200,108,1641600,3]
[null,"2024-02-01",2024,"Q1","15495","2 ","OR22: BIG CLIFF DAM - MONGOLD SLIDE","0745-0322000M","LEVEL 3, 1/2 INCH LIME TREATED ACP","TON",15200,73.599999999999994,1118720,4]
[null,"2024-02-01",2024,"Q1","15495","2 ","OR22: BIG CLIFF DAM - MONGOLD SLIDE","0745-0640100M","PG 70-22ER ASPHALT IN LEVEL 3, 1/2 INCH LIME TREATED ACP","TON",938,610,572180,1]
[null,"2024-02-01",2024,"Q1","15495","2 ","OR22: BIG CLIFF DAM - MONGOLD SLIDE","0745-0640100M","PG 70-22ER ASPHALT IN LEVEL 3, 1/2 INCH LIME TREATED ACP","TON",938,1,938,2]
[null,"2024-02-01",2024,"Q1","15495","2 ","OR22: BIG CLIFF DAM - MONGOLD SLIDE","0745-0640100M","PG 70-22ER ASPHALT IN LEVEL 3, 1/2 INCH LIME TREATED ACP","TON",938,1,938,3]
[null,"2024-02-01",2024,"Q1","15495","2 ","OR22: BIG CLIFF DAM - MONGOLD SLIDE","0745-0640100M","PG 70-22ER ASPHALT IN LEVEL 3, 1/2 INCH LIME TREATED ACP","TON",938,655,614390,4]
[null,"2024-02-01",2024,"Q1","15495","2 ","OR22: BIG CLIFF DAM - MONGOLD SLIDE","0745-0900000E","CORE CORRELATION OF NUCLEAR GAUGE READINGS","EACH",2,3800,7600,1]
[null,"2024-02-01",2024,"Q1","15495","2 ","OR22: BIG CLIFF DAM - MONGOLD SLIDE","0745-0900000E","CORE CORRELATION OF NUCLEAR GAUGE READINGS","EACH",2,3300,6600,2]
[null,"2024-02-01",2024,"Q1","15495","2 ","OR22: BIG CLIFF DAM - MONGOLD SLIDE","0745-0900000E","CORE CORRELATION OF NUCLEAR GAUGE READINGS","EACH",2,2800,5600,3]
[null,"2024-02-01",2024,"Q1","15495","2 ","OR22: BIG CLIFF DAM - MONGOLD SLIDE","0745-0900000E","CORE CORRELATION OF NUCLEAR GAUGE READINGS","EACH",2,3850,7700,4]
[null,"2024-02-01",2024,"Q1","15495","2 ","OR22: BIG CLIFF DAM - MONGOLD SLIDE","0748-0103000J","2 INCH ASPHALT CONCRETE PAVEMENT REPAIR","SQYD",4000,18.5,74000,1]
[null,"2024-02-01",2024,"Q1","15495","2 ","OR22: BIG CLIFF DAM - MONGOLD SLIDE","0748-0103000J","2 INCH ASPHALT CONCRETE PAVEMENT REPAIR","SQYD",4000,8.3000000000000007,33200,2]
[null,"2024-02-01",2024,"Q1","15495","2 ","OR22: BIG CLIFF DAM - MONGOLD SLIDE","0748-0103000J","2 INCH ASPHALT CONCRETE PAVEMENT REPAIR","SQYD",4000,13,52000,3]
[null,"2024-02-01",2024,"Q1","15495","2 ","OR22: BIG CLIFF DAM - MONGOLD SLIDE","0748-0103000J","2 INCH ASPHALT CONCRETE PAVEMENT REPAIR","SQYD",4000,9,36000,4]
[null,"2024-02-01",2024,"Q1","15495","2 ","OR22: BIG CLIFF DAM - MONGOLD SLIDE","0748-0110000J","19 INCH ASPHALT CONCRETE PAVEMENT REPAIR","SQYD",1000,72,72000,1]
[null,"2024-02-01",2024,"Q1","15495","2 ","OR22: BIG CLIFF DAM - MONGOLD SLIDE","0748-0110000J","19 INCH ASPHALT CONCRETE PAVEMENT REPAIR","SQYD",1000,96.5,96500,2]
[null,"2024-02-01",2024,"Q1","15495","2 ","OR22: BIG CLIFF DAM - MONGOLD SLIDE","0748-0110000J","19 INCH ASPHALT CONCRETE PAVEMENT REPAIR","SQYD",1000,61,61000,3]
[null,"2024-02-01",2024,"Q1","15495","2 ","OR22: BIG CLIFF DAM - MONGOLD SLIDE","0748-0110000J","19 INCH ASPHALT CONCRETE PAVEMENT REPAIR","SQYD",1000,84.5,84500,4]
[null,"2024-02-01",2024,"Q1","15495","2 ","OR22: BIG CLIFF DAM - MONGOLD SLIDE","0749-0100000E","EXTRA FOR ASPHALT APPROACHES","EACH",1,2800,2800,1]
[null,"2024-02-01",2024,"Q1","15495","2 ","OR22: BIG CLIFF DAM - MONGOLD SLIDE","0749-0100000E","EXTRA FOR ASPHALT APPROACHES","EACH",1,1000,1000,2]
[null,"2024-02-01",2024,"Q1","15495","2 ","OR22: BIG CLIFF DAM - MONGOLD SLIDE","0749-0100000E","EXTRA FOR ASPHALT APPROACHES","EACH",1,1900,1900,3]
[null,"2024-02-01",2024,"Q1","15495","2 ","OR22: BIG CLIFF DAM - MONGOLD SLIDE","0749-0100000E","EXTRA FOR ASPHALT APPROACHES","EACH",1,2200,2200,4]
[null,"2024-02-01",2024,"Q1","15495","2 ","OR22: BIG CLIFF DAM - MONGOLD SLIDE","0810-0120000E","GUARDRAIL ANCHORS, TYPE 1 MODIFIED","EACH",2,875,1750,1]
[null,"2024-02-01",2024,"Q1","15495","2 ","OR22: BIG CLIFF DAM - MONGOLD SLIDE","0810-0120000E","GUARDRAIL ANCHORS, TYPE 1 MODIFIED","EACH",2,940,1880,2]
[null,"2024-02-01",2024,"Q1","15495","2 ","OR22: BIG CLIFF DAM - MONGOLD SLIDE","0810-0120000E","GUARDRAIL ANCHORS, TYPE 1 MODIFIED","EACH",2,1000,2000,3]
[null,"2024-02-01",2024,"Q1","15495","2 ","OR22: BIG CLIFF DAM - MONGOLD SLIDE","0810-0120000E","GUARDRAIL ANCHORS, TYPE 1 MODIFIED","EACH",2,962,1924,4]
[null,"2024-02-01",2024,"Q1","15495","2 ","OR22: BIG CLIFF DAM - MONGOLD SLIDE","0810-0122000E","GUARDRAIL END PIECES, TYPE B","EACH",1,165,165,1]
[null,"2024-02-01",2024,"Q1","15495","2 ","OR22: BIG CLIFF DAM - MONGOLD SLIDE","0810-0122000E","GUARDRAIL END PIECES, TYPE B","EACH",1,177,177,2]
[null,"2024-02-01",2024,"Q1","15495","2 ","OR22: BIG CLIFF DAM - MONGOLD SLIDE","0810-0122000E","GUARDRAIL END PIECES, TYPE B","EACH",1,186,186,3]
[null,"2024-02-01",2024,"Q1","15495","2 ","OR22: BIG CLIFF DAM - MONGOLD SLIDE","0810-0122000E","GUARDRAIL END PIECES, TYPE B","EACH",1,182,182,4]
[null,"2024-02-01",2024,"Q1","15495","2 ","OR22: BIG CLIFF DAM - MONGOLD SLIDE","0810-0123000E","GUARDRAIL END PIECES, TYPE C","EACH",1,205,205,1]
[null,"2024-02-01",2024,"Q1","15495","2 ","OR22: BIG CLIFF DAM - MONGOLD SLIDE","0810-0123000E","GUARDRAIL END PIECES, TYPE C","EACH",1,220,220,2]
[null,"2024-02-01",2024,"Q1","15495","2 ","OR22: BIG CLIFF DAM - MONGOLD SLIDE","0810-0123000E","GUARDRAIL END PIECES, TYPE C","EACH",1,231,231,3]
[null,"2024-02-01",2024,"Q1","15495","2 ","OR22: BIG CLIFF DAM - MONGOLD SLIDE","0810-0123000E","GUARDRAIL END PIECES, TYPE C","EACH",1,225,225,4]
[null,"2024-02-01",2024,"Q1","15495","2 ","OR22: BIG CLIFF DAM - MONGOLD SLIDE","0810-0126000E","GUARDRAIL TRANSITION","EACH",13,4785,62205,1]
[null,"2024-02-01",2024,"Q1","15495","2 ","OR22: BIG CLIFF DAM - MONGOLD SLIDE","0810-0126000E","GUARDRAIL TRANSITION","EACH",13,5150,66950,2]
[null,"2024-02-01",2024,"Q1","15495","2 ","OR22: BIG CLIFF DAM - MONGOLD SLIDE","0810-0126000E","GUARDRAIL TRANSITION","EACH",13,5400,70200,3]
[null,"2024-02-01",2024,"Q1","15495","2 ","OR22: BIG CLIFF DAM - MONGOLD SLIDE","0810-0126000E","GUARDRAIL TRANSITION","EACH",13,5265,68445,4]
[null,"2024-02-01",2024,"Q1","15495","2 ","OR22: BIG CLIFF DAM - MONGOLD SLIDE","0810-0128000E","GUARDRAIL CONNECTIONS","EACH",1,550,550,1]
[null,"2024-02-01",2024,"Q1","15495","2 ","OR22: BIG CLIFF DAM - MONGOLD SLIDE","0810-0128000E","GUARDRAIL CONNECTIONS","EACH",1,590,590,2]
[null,"2024-02-01",2024,"Q1","15495","2 ","OR22: BIG CLIFF DAM - MONGOLD SLIDE","0810-0128000E","GUARDRAIL CONNECTIONS","EACH",1,620,620,3]
[null,"2024-02-01",2024,"Q1","15495","2 ","OR22: BIG CLIFF DAM - MONGOLD SLIDE","0810-0128000E","GUARDRAIL CONNECTIONS","EACH",1,605,605,4]
[null,"2024-02-01",2024,"Q1","15495","2 ","OR22: BIG CLIFF DAM - MONGOLD SLIDE","0810-0129000E","GUARDRAIL TERMINALS, NON-FLARED","EACH",26,3850,100100,1]
[null,"2024-02-01",2024,"Q1","15495","2 ","OR22: BIG CLIFF DAM - MONGOLD SLIDE","0810-0129000E","GUARDRAIL TERMINALS, NON-FLARED","EACH",26,4140,107640,2]
[null,"2024-02-01",2024,"Q1","15495","2 ","OR22: BIG CLIFF DAM - MONGOLD SLIDE","0810-0129000E","GUARDRAIL TERMINALS, NON-FLARED","EACH",26,4500,117000,3]
[null,"2024-02-01",2024,"Q1","15495","2 ","OR22: BIG CLIFF DAM - MONGOLD SLIDE","0810-0129000E","GUARDRAIL TERMINALS, NON-FLARED","EACH",26,4235,110110,4]
[null,"2024-02-01",2024,"Q1","15495","2 ","OR22: BIG CLIFF DAM - MONGOLD SLIDE","0810-0132100E","GUARDRAIL TERMINALS, BURIED IN BACKSLOPE","EACH",4,7850,31400,1]
[null,"2024-02-01",2024,"Q1","15495","2 ","OR22: BIG CLIFF DAM - MONGOLD SLIDE","0810-0132100E","GUARDRAIL TERMINALS, BURIED IN BACKSLOPE","EACH",4,8435,33740,2]
[null,"2024-02-01",2024,"Q1","15495","2 ","OR22: BIG CLIFF DAM - MONGOLD SLIDE","0810-0132100E","GUARDRAIL TERMINALS, BURIED IN BACKSLOPE","EACH",4,8900,35600,3]
[null,"2024-02-01",2024,"Q1","15495","2 ","OR22: BIG CLIFF DAM - MONGOLD SLIDE","0810-0132100E","GUARDRAIL TERMINALS, BURIED IN BACKSLOPE","EACH",4,8635,34540,4]
[null,"2024-02-01",2024,"Q1","15495","2 ","OR22: BIG CLIFF DAM - MONGOLD SLIDE","0810-0132200E","GUARDRAIL TERMINALS, DOWNSTREAM ANCHOR TERMINAL","EACH",2,1625,3250,1]
[null,"2024-02-01",2024,"Q1","15495","2 ","OR22: BIG CLIFF DAM - MONGOLD SLIDE","0810-0132200E","GUARDRAIL TERMINALS, DOWNSTREAM ANCHOR TERMINAL","EACH",2,1750,3500,2]
[null,"2024-02-01",2024,"Q1","15495","2 ","OR22: BIG CLIFF DAM - MONGOLD SLIDE","0810-0132200E","GUARDRAIL TERMINALS, DOWNSTREAM ANCHOR TERMINAL","EACH",2,1800,3600,3]
[null,"2024-02-01",2024,"Q1","15495","2 ","OR22: BIG CLIFF DAM - MONGOLD SLIDE","0810-0132200E","GUARDRAIL TERMINALS, DOWNSTREAM ANCHOR TERMINAL","EACH",2,1787,3574,4]
[null,"2024-02-01",2024,"Q1","15495","2 ","OR22: BIG CLIFF DAM - MONGOLD SLIDE","0810-0133000E","EXTRA FOR 8 FOOT POSTS","EACH",260,135,35100,1]
[null,"2024-02-01",2024,"Q1","15495","2 ","OR22: BIG CLIFF DAM - MONGOLD SLIDE","0810-0133000E","EXTRA FOR 8 FOOT POSTS","EACH",260,145,37700,2]
[null,"2024-02-01",2024,"Q1","15495","2 ","OR22: BIG CLIFF DAM - MONGOLD SLIDE","0810-0133000E","EXTRA FOR 8 FOOT POSTS","EACH",260,155,40300,3]
[null,"2024-02-01",2024,"Q1","15495","2 ","OR22: BIG CLIFF DAM - MONGOLD SLIDE","0810-0133000E","EXTRA FOR 8 FOOT POSTS","EACH",260,148,38480,4]
[null,"2024-02-01",2024,"Q1","15495","2 ","OR22: BIG CLIFF DAM - MONGOLD SLIDE","0810-0145000E","EXTRA FOR HAND DUG GUARDRAIL POST HOLES","EACH",1500,75,112500,1]
[null,"2024-02-01",2024,"Q1","15495","2 ","OR22: BIG CLIFF DAM - MONGOLD SLIDE","0810-0145000E","EXTRA FOR HAND DUG GUARDRAIL POST HOLES","EACH",1500,80.599999999999994,120900,2]
[null,"2024-02-01",2024,"Q1","15495","2 ","OR22: BIG CLIFF DAM - MONGOLD SLIDE","0810-0145000E","EXTRA FOR HAND DUG GUARDRAIL POST HOLES","EACH",1500,85,127500,3]
[null,"2024-02-01",2024,"Q1","15495","2 ","OR22: BIG CLIFF DAM - MONGOLD SLIDE","0810-0145000E","EXTRA FOR HAND DUG GUARDRAIL POST HOLES","EACH",1500,82.5,123750,4]
[null,"2024-02-01",2024,"Q1","15495","2 ","OR22: BIG CLIFF DAM - MONGOLD SLIDE","0810-0146100F","MIDWEST GUARDRAIL SYSTEM, TYPE 3","FOOT",187.5,60,11250,1]
[null,"2024-02-01",2024,"Q1","15495","2 ","OR22: BIG CLIFF DAM - MONGOLD SLIDE","0810-0146100F","MIDWEST GUARDRAIL SYSTEM, TYPE 2A","FOOT",21112.5,33,696712.5,1]
[null,"2024-02-01",2024,"Q1","15495","2 ","OR22: BIG CLIFF DAM - MONGOLD SLIDE","0810-0146100F","MIDWEST GUARDRAIL SYSTEM, TYPE 4","FOOT",31.25,128,4000,1]
[null,"2024-02-01",2024,"Q1","15495","2 ","OR22: BIG CLIFF DAM - MONGOLD SLIDE","0810-0146100F","MIDWEST GUARDRAIL SYSTEM, TYPE 4","FOOT",31.25,140,4375,2]
[null,"2024-02-01",2024,"Q1","15495","2 ","OR22: BIG CLIFF DAM - MONGOLD SLIDE","0810-0146100F","MIDWEST GUARDRAIL SYSTEM, TYPE 2A","FOOT",21112.5,32.299999999999997,681933.75,2]
[null,"2024-02-01",2024,"Q1","15495","2 ","OR22: BIG CLIFF DAM - MONGOLD SLIDE","0810-0146100F","MIDWEST GUARDRAIL SYSTEM, TYPE 3","FOOT",187.5,64.5,12093.75,2]
[null,"2024-02-01",2024,"Q1","15495","2 ","OR22: BIG CLIFF DAM - MONGOLD SLIDE","0810-0146100F","MIDWEST GUARDRAIL SYSTEM, TYPE 2A","FOOT",21112.5,34,717825,3]
[null,"2024-02-01",2024,"Q1","15495","2 ","OR22: BIG CLIFF DAM - MONGOLD SLIDE","0810-0146100F","MIDWEST GUARDRAIL SYSTEM, TYPE 4","FOOT",31.25,150,4687.5,3]
[null,"2024-02-01",2024,"Q1","15495","2 ","OR22: BIG CLIFF DAM - MONGOLD SLIDE","0810-0146100F","MIDWEST GUARDRAIL SYSTEM, TYPE 3","FOOT",187.5,68,12750,3]
[null,"2024-02-01",2024,"Q1","15495","2 ","OR22: BIG CLIFF DAM - MONGOLD SLIDE","0810-0146100F","MIDWEST GUARDRAIL SYSTEM, TYPE 3","FOOT",187.5,66,12375,4]
[null,"2024-02-01",2024,"Q1","15495","2 ","OR22: BIG CLIFF DAM - MONGOLD SLIDE","0810-0146100F","MIDWEST GUARDRAIL SYSTEM, TYPE 4","FOOT",31.25,141,4406.25,4]
[null,"2024-02-01",2024,"Q1","15495","2 ","OR22: BIG CLIFF DAM - MONGOLD SLIDE","0810-0146100F","MIDWEST GUARDRAIL SYSTEM, TYPE 2A","FOOT",21112.5,33,696712.5,4]
[null,"2024-02-01",2024,"Q1","15495","2 ","OR22: BIG CLIFF DAM - MONGOLD SLIDE","0820-0100000F","CONCRETE BARRIER","FOOT",425,135,57375,1]
[null,"2024-02-01",2024,"Q1","15495","2 ","OR22: BIG CLIFF DAM - MONGOLD SLIDE","0820-0100000F","CONCRETE BARRIER","FOOT",425,177,75225,2]
[null,"2024-02-01",2024,"Q1","15495","2 ","OR22: BIG CLIFF DAM - MONGOLD SLIDE","0820-0100000F","CONCRETE BARRIER","FOOT",425,160,68000,3]
[null,"2024-02-01",2024,"Q1","15495","2 ","OR22: BIG CLIFF DAM - MONGOLD SLIDE","0820-0100000F","CONCRETE BARRIER","FOOT",425,189,80325,4]
[null,"2024-02-01",2024,"Q1","15495","2 ","OR22: BIG CLIFF DAM - MONGOLD SLIDE","0820-0400000F","SECURING CONCRETE BARRIER","FOOT",1840,28.5,52440,1]
[null,"2024-02-01",2024,"Q1","15495","2 ","OR22: BIG CLIFF DAM - MONGOLD SLIDE","0820-0400000F","SECURING CONCRETE BARRIER","FOOT",1840,70,128800,2]
[null,"2024-02-01",2024,"Q1","15495","2 ","OR22: BIG CLIFF DAM - MONGOLD SLIDE","0820-0400000F","SECURING CONCRETE BARRIER","FOOT",1840,32,58880,3]
[null,"2024-02-01",2024,"Q1","15495","2 ","OR22: BIG CLIFF DAM - MONGOLD SLIDE","0820-0400000F","SECURING CONCRETE BARRIER","FOOT",1840,71.5,131560,4]
[null,"2024-02-01",2024,"Q1","15495","2 ","OR22: BIG CLIFF DAM - MONGOLD SLIDE","0840-0100000E","DELINEATORS, TYPE 1","EACH",135,75,10125,1]
[null,"2024-02-01",2024,"Q1","15495","2 ","OR22: BIG CLIFF DAM - MONGOLD SLIDE","0840-0100000E","DELINEATORS, TYPE 1","EACH",135,81,10935,2]
[null,"2024-02-01",2024,"Q1","15495","2 ","OR22: BIG CLIFF DAM - MONGOLD SLIDE","0840-0100000E","DELINEATORS, TYPE 1","EACH",135,85,11475,3]
[null,"2024-02-01",2024,"Q1","15495","2 ","OR22: BIG CLIFF DAM - MONGOLD SLIDE","0840-0100000E","DELINEATORS, TYPE 1","EACH",135,82.5,11137.5,4]
[null,"2024-02-01",2024,"Q1","15499","5 ","US20: CORRIDOR CULVERT REPAIRS PHASE 2","0842-0201000E","CULVERT DRAINAGE MARKERS, TYPE 1","EACH",13,170,2210,1]
[null,"2024-02-01",2024,"Q1","15499","5 ","US20: CORRIDOR CULVERT REPAIRS PHASE 2","0842-0201000E","CULVERT DRAINAGE MARKERS, TYPE 1","EACH",13,180,2340,2]
[null,"2024-02-01",2024,"Q1","15499","5 ","US20: CORRIDOR CULVERT REPAIRS PHASE 2","0842-0201000E","CULVERT DRAINAGE MARKERS, TYPE 1","EACH",13,200,2600,3]
[null,"2024-02-01",2024,"Q1","15499","5 ","US20: CORRIDOR CULVERT REPAIRS PHASE 2","0842-0201000E","CULVERT DRAINAGE MARKERS, TYPE 1","EACH",13,200,2600,4]
[null,"2024-02-01",2024,"Q1","15499","5 ","US20: CORRIDOR CULVERT REPAIRS PHASE 2","0842-0202000E","CULVERT DRAINAGE MARKERS, TYPE 2","EACH",13,225,2925,1]
[null,"2024-02-01",2024,"Q1","15499","5 ","US20: CORRIDOR CULVERT REPAIRS PHASE 2","0842-0202000E","CULVERT DRAINAGE MARKERS, TYPE 2","EACH",13,200,2600,2]
[null,"2024-02-01",2024,"Q1","15499","5 ","US20: CORRIDOR CULVERT REPAIRS PHASE 2","0842-0202000E","CULVERT DRAINAGE MARKERS, TYPE 2","EACH",13,200,2600,3]
[null,"2024-02-01",2024,"Q1","15499","5 ","US20: CORRIDOR CULVERT REPAIRS PHASE 2","0842-0202000E","CULVERT DRAINAGE MARKERS, TYPE 2","EACH",13,200,2600,4]
[null,"2024-02-01",2024,"Q1","15495","2 ","OR22: BIG CLIFF DAM - MONGOLD SLIDE","0842-0401000E","BRIDGE IDENTIFICATION MARKERS","EACH",2,205,410,1]
[null,"2024-02-01",2024,"Q1","15495","2 ","OR22: BIG CLIFF DAM - MONGOLD SLIDE","0842-0401000E","BRIDGE IDENTIFICATION MARKERS","EACH",2,300,600,2]
[null,"2024-02-01",2024,"Q1","15495","2 ","OR22: BIG CLIFF DAM - MONGOLD SLIDE","0842-0401000E","BRIDGE IDENTIFICATION MARKERS","EACH",2,270,540,3]
[null,"2024-02-01",2024,"Q1","15495","2 ","OR22: BIG CLIFF DAM - MONGOLD SLIDE","0842-0401000E","BRIDGE IDENTIFICATION MARKERS","EACH",2,275,550,4]
[null,"2024-02-01",2024,"Q1","15495","2 ","OR22: BIG CLIFF DAM - MONGOLD SLIDE","0857-0101000L","CONTINUOUS RUMBLE STRIPS","MILE",6.17,1695,10458.15,1]
[null,"2024-02-01",2024,"Q1","15495","2 ","OR22: BIG CLIFF DAM - MONGOLD SLIDE","0857-0101000L","CONTINUOUS RUMBLE STRIPS","MILE",6.17,1820,11229.4,2]
[null,"2024-02-01",2024,"Q1","15495","2 ","OR22: BIG CLIFF DAM - MONGOLD SLIDE","0857-0101000L","CONTINUOUS RUMBLE STRIPS","MILE",6.17,2700,16659,3]
[null,"2024-02-01",2024,"Q1","15495","2 ","OR22: BIG CLIFF DAM - MONGOLD SLIDE","0857-0101000L","CONTINUOUS RUMBLE STRIPS","MILE",6.17,1864.5008103727714,11503.97,4]
[null,"2024-02-01",2024,"Q1","15495","2 ","OR22: BIG CLIFF DAM - MONGOLD SLIDE","0860-0200000F","LONGITUDINAL PAVEMENT MARKINGS - PAINT","FOOT",139000,0.26,36140,1]
[null,"2024-02-01",2024,"Q1","15495","2 ","OR22: BIG CLIFF DAM - MONGOLD SLIDE","0860-0200000F","LONGITUDINAL PAVEMENT MARKINGS - PAINT","FOOT",139000,0.28000000000000003,38920,2]
[null,"2024-02-01",2024,"Q1","15495","2 ","OR22: BIG CLIFF DAM - MONGOLD SLIDE","0860-0200000F","LONGITUDINAL PAVEMENT MARKINGS - PAINT","FOOT",139000,0.3,41700,3]
[null,"2024-02-01",2024,"Q1","15495","2 ","OR22: BIG CLIFF DAM - MONGOLD SLIDE","0860-0200000F","LONGITUDINAL PAVEMENT MARKINGS - PAINT","FOOT",139000,0.28999999999999998,40310,4]
[null,"2024-02-01",2024,"Q1","15500","3 ","ROGUE VALLEY RURAL INTERSECTION IMPROVEMENTS","0865-0119600F","THERMOPLASTIC, SPRAYED, SURFACE, NON-PROFILED","FOOT",323,18,5814,1]
[null,"2024-02-01",2024,"Q1","15500","3 ","ROGUE VALLEY RURAL INTERSECTION IMPROVEMENTS","0865-0119600F","THERMOPLASTIC, SPRAYED, SURFACE, NON-PROFILED","FOOT",323,38,12274,2]
[null,"2024-02-01",2024,"Q1","15500","3 ","ROGUE VALLEY RURAL INTERSECTION IMPROVEMENTS","0865-0119600F","THERMOPLASTIC, SPRAYED, SURFACE, NON-PROFILED","FOOT",323,24,7752,3]
[null,"2024-02-01",2024,"Q1","15495","2 ","OR22: BIG CLIFF DAM - MONGOLD SLIDE","0867-0103100E","PAVEMENT LEGEND, TYPE B-HS: ARROWS","EACH",2,750,1500,1]
[null,"2024-02-01",2024,"Q1","15500","3 ","ROGUE VALLEY RURAL INTERSECTION IMPROVEMENTS","0867-0103100E","PAVEMENT LEGEND, TYPE B-HS: ARROWS","EACH",1,750,750,1]
[null,"2024-02-01",2024,"Q1","15500","3 ","ROGUE VALLEY RURAL INTERSECTION IMPROVEMENTS","0867-0103100E","PAVEMENT LEGEND, TYPE B-HS: ARROWS","EACH",1,1200,1200,2]
[null,"2024-02-01",2024,"Q1","15495","2 ","OR22: BIG CLIFF DAM - MONGOLD SLIDE","0867-0103100E","PAVEMENT LEGEND, TYPE B-HS: ARROWS","EACH",2,805.85,1611.7,2]
[null,"2024-02-01",2024,"Q1","15500","3 ","ROGUE VALLEY RURAL INTERSECTION IMPROVEMENTS","0867-0103100E","PAVEMENT LEGEND, TYPE B-HS: ARROWS","EACH",1,500,500,3]
[null,"2024-02-01",2024,"Q1","15495","2 ","OR22: BIG CLIFF DAM - MONGOLD SLIDE","0867-0103100E","PAVEMENT LEGEND, TYPE B-HS: ARROWS","EACH",2,850,1700,3]
[null,"2024-02-01",2024,"Q1","15495","2 ","OR22: BIG CLIFF DAM - MONGOLD SLIDE","0867-0103100E","PAVEMENT LEGEND, TYPE B-HS: ARROWS","EACH",2,825,1650,4]
[null,"2024-02-01",2024,"Q1","15495","2 ","OR22: BIG CLIFF DAM - MONGOLD SLIDE","0867-0145100J","PAVEMENT BAR, TYPE B-HS","SQFT",100,11.5,1150,1]
[null,"2024-02-01",2024,"Q1","15500","3 ","ROGUE VALLEY RURAL INTERSECTION IMPROVEMENTS","0867-0145100J","PAVEMENT BAR, TYPE B-HS","SQFT",135,37.5,5062.5,1]
[null,"2024-02-01",2024,"Q1","15495","2 ","OR22: BIG CLIFF DAM - MONGOLD SLIDE","0867-0145100J","PAVEMENT BAR, TYPE B-HS","SQFT",100,12.5,1250,2]
[null,"2024-02-01",2024,"Q1","15500","3 ","ROGUE VALLEY RURAL INTERSECTION IMPROVEMENTS","0867-0145100J","PAVEMENT BAR, TYPE B-HS","SQFT",135,36,4860,2]
[null,"2024-02-01",2024,"Q1","15495","2 ","OR22: BIG CLIFF DAM - MONGOLD SLIDE","0867-0145100J","PAVEMENT BAR, TYPE B-HS","SQFT",100,13,1300,3]
[null,"2024-02-01",2024,"Q1","15500","3 ","ROGUE VALLEY RURAL INTERSECTION IMPROVEMENTS","0867-0145100J","PAVEMENT BAR, TYPE B-HS","SQFT",135,20,2700,3]
[null,"2024-02-01",2024,"Q1","15495","2 ","OR22: BIG CLIFF DAM - MONGOLD SLIDE","0867-0145100J","PAVEMENT BAR, TYPE B-HS","SQFT",100,12.65,1265,4]
[null,"2024-02-01",2024,"Q1","15500","3 ","ROGUE VALLEY RURAL INTERSECTION IMPROVEMENTS","0905-0100000A","REMOVE EXISTING SIGNS","LS",1,1200,1200,1]
[null,"2024-02-01",2024,"Q1","15500","3 ","ROGUE VALLEY RURAL INTERSECTION IMPROVEMENTS","0905-0100000A","REMOVE EXISTING SIGNS","LS",1,5000,5000,2]
[null,"2024-02-01",2024,"Q1","15500","3 ","ROGUE VALLEY RURAL INTERSECTION IMPROVEMENTS","0905-0100000A","REMOVE EXISTING SIGNS","LS",1,1000,1000,3]
[null,"2024-02-01",2024,"Q1","15500","3 ","ROGUE VALLEY RURAL INTERSECTION IMPROVEMENTS","0905-0101000A","REMOVE AND REINSTALL EXISTING SIGNS","LS",1,1125,1125,1]
[null,"2024-02-01",2024,"Q1","15500","3 ","ROGUE VALLEY RURAL INTERSECTION IMPROVEMENTS","0905-0101000A","REMOVE AND REINSTALL EXISTING SIGNS","LS",1,5000,5000,2]
[null,"2024-02-01",2024,"Q1","15500","3 ","ROGUE VALLEY RURAL INTERSECTION IMPROVEMENTS","0905-0101000A","REMOVE AND REINSTALL EXISTING SIGNS","LS",1,2500,2500,3]
[null,"2024-02-01",2024,"Q1","15500","3 ","ROGUE VALLEY RURAL INTERSECTION IMPROVEMENTS","0910-0100000K","WOOD SIGN POSTS","FBM",1124,22.5,25290,1]
[null,"2024-02-01",2024,"Q1","15500","3 ","ROGUE VALLEY RURAL INTERSECTION IMPROVEMENTS","0910-0100000K","WOOD SIGN POSTS","FBM",1124,58,65192,2]
[null,"2024-02-01",2024,"Q1","15500","3 ","ROGUE VALLEY RURAL INTERSECTION IMPROVEMENTS","0910-0100000K","WOOD SIGN POSTS","FBM",1124,15,16860,3]
[null,"2024-02-01",2024,"Q1","15500","3 ","ROGUE VALLEY RURAL INTERSECTION IMPROVEMENTS","0920-0100000A","SIGN SUPPORT FOOTINGS","CUYD",4,5250,21000,1]
[null,"2024-02-01",2024,"Q1","15500","3 ","ROGUE VALLEY RURAL INTERSECTION IMPROVEMENTS","0920-0100000A","SIGN SUPPORT FOOTINGS","CUYD",4,5000,20000,2]
[null,"2024-02-01",2024,"Q1","15500","3 ","ROGUE VALLEY RURAL INTERSECTION IMPROVEMENTS","0920-0100000A","SIGN SUPPORT FOOTINGS","CUYD",4,4000,16000,3]
[null,"2024-02-01",2024,"Q1","15500","3 ","ROGUE VALLEY RURAL INTERSECTION IMPROVEMENTS","0930-0112000A","TRIANGULAR BASE BREAKAWAY SIGN SUPPORTS","LB",2191.8000000000002,9.9233506706816303,21750,1]
[null,"2024-02-01",2024,"Q1","15500","3 ","ROGUE VALLEY RURAL INTERSECTION IMPROVEMENTS","0930-0112000A","TRIANGULAR BASE BREAKAWAY SIGN SUPPORTS","LB",2191.8000000000002,15.968610274660096,35000,2]
[null,"2024-02-01",2024,"Q1","15500","3 ","ROGUE VALLEY RURAL INTERSECTION IMPROVEMENTS","0930-0112000A","TRIANGULAR BASE BREAKAWAY SIGN SUPPORTS","LB",2191.8000000000002,11.406150196185783,25000,3]
[null,"2024-02-01",2024,"Q1","15500","3 ","ROGUE VALLEY RURAL INTERSECTION IMPROVEMENTS","0940-0202000J","SIGNS, STANDARD SHEETING, SHEET ALUMINUM","SQFT",192,45,8640,1]
[null,"2024-02-01",2024,"Q1","15500","3 ","ROGUE VALLEY RURAL INTERSECTION IMPROVEMENTS","0940-0202000J","SIGNS, STANDARD SHEETING, SHEET ALUMINUM","SQFT",192,55,10560,2]
[null,"2024-02-01",2024,"Q1","15500","3 ","ROGUE VALLEY RURAL INTERSECTION IMPROVEMENTS","0940-0202000J","SIGNS, STANDARD SHEETING, SHEET ALUMINUM","SQFT",192,20,3840,3]
[null,"2024-02-01",2024,"Q1","15500","3 ","ROGUE VALLEY RURAL INTERSECTION IMPROVEMENTS","0940-0203000J","SIGNS, STANDARD SHEETING, PLYWOOD","SQFT",84,39,3276,1]
[null,"2024-02-01",2024,"Q1","15500","3 ","ROGUE VALLEY RURAL INTERSECTION IMPROVEMENTS","0940-0203000J","SIGNS, STANDARD SHEETING, PLYWOOD","SQFT",84,65,5460,2]
[null,"2024-02-01",2024,"Q1","15500","3 ","ROGUE VALLEY RURAL INTERSECTION IMPROVEMENTS","0940-0203000J","SIGNS, STANDARD SHEETING, PLYWOOD","SQFT",84,27,2268,3]
[null,"2024-02-01",2024,"Q1","15500","3 ","ROGUE VALLEY RURAL INTERSECTION IMPROVEMENTS","0990-0106000A","FLASHING BEACON INSTALLATION, LAKE OF THE WOODS HWY AT RILEY/ANTELOPE","EACH",1,255020,255020,1]
[null,"2024-02-01",2024,"Q1","15500","3 ","ROGUE VALLEY RURAL INTERSECTION IMPROVEMENTS","0990-0106000A","FLASHING BEACON INSTALLATION, REDWOOD HWY AT MIDWAY AVE","EACH",1,207010,207010,1]
[null,"2024-02-01",2024,"Q1","15500","3 ","ROGUE VALLEY RURAL INTERSECTION IMPROVEMENTS","0990-0106000A","FLASHING BEACON INSTALLATION, SAMS VALLEY HWY AT MODOC RD","EACH",1,10731,10731,1]
[null,"2024-02-01",2024,"Q1","15500","3 ","ROGUE VALLEY RURAL INTERSECTION IMPROVEMENTS","0990-0106000A","FLASHING BEACON INSTALLATION, LAKE OF THE WOODS HWY AT RILEY/ANTELOPE","EACH",1,285000,285000,2]
[null,"2024-02-01",2024,"Q1","15500","3 ","ROGUE VALLEY RURAL INTERSECTION IMPROVEMENTS","0990-0106000A","FLASHING BEACON INSTALLATION, SAMS VALLEY HWY AT MODOC RD","EACH",1,25000,25000,2]
[null,"2024-02-01",2024,"Q1","15500","3 ","ROGUE VALLEY RURAL INTERSECTION IMPROVEMENTS","0990-0106000A","FLASHING BEACON INSTALLATION, REDWOOD HWY AT MIDWAY AVE","EACH",1,225000,225000,2]
[null,"2024-02-01",2024,"Q1","15500","3 ","ROGUE VALLEY RURAL INTERSECTION IMPROVEMENTS","0990-0106000A","FLASHING BEACON INSTALLATION, LAKE OF THE WOODS HWY AT RILEY/ANTELOPE","EACH",1,350000,350000,3]
[null,"2024-02-01",2024,"Q1","15500","3 ","ROGUE VALLEY RURAL INTERSECTION IMPROVEMENTS","0990-0106000A","FLASHING BEACON INSTALLATION, SAMS VALLEY HWY AT MODOC RD","EACH",1,7500,7500,3]
[null,"2024-02-01",2024,"Q1","15500","3 ","ROGUE VALLEY RURAL INTERSECTION IMPROVEMENTS","0990-0106000A","FLASHING BEACON INSTALLATION, REDWOOD HWY AT MIDWAY AVE","EACH",1,385000,385000,3]
[null,"2024-02-01",2024,"Q1","15499","5 ","US20: CORRIDOR CULVERT REPAIRS PHASE 2","1030-0108000R","PERMANENT SEEDING","ACRE",0.2,85300,17060,1]
[null,"2024-02-01",2024,"Q1","15499","5 ","US20: CORRIDOR CULVERT REPAIRS PHASE 2","1030-0108000R","PERMANENT SEEDING","ACRE",0.2,15000,3000,2]
[null,"2024-02-01",2024,"Q1","15499","5 ","US20: CORRIDOR CULVERT REPAIRS PHASE 2","1030-0108000R","PERMANENT SEEDING","ACRE",0.2,32000,6400,3]
[null,"2024-02-01",2024,"Q1","15499","5 ","US20: CORRIDOR CULVERT REPAIRS PHASE 2","1030-0108000R","PERMANENT SEEDING","ACRE",0.2,5000,1000,4]
[null,"2024-02-01",2024,"Q1","15499","5 ","US20: CORRIDOR CULVERT REPAIRS PHASE 2","1050-0240000F","REMOVING AND REBUILDING FENCE","FOOT",320,61.5,19680,1]
[null,"2024-02-01",2024,"Q1","15499","5 ","US20: CORRIDOR CULVERT REPAIRS PHASE 2","1050-0240000F","REMOVING AND REBUILDING FENCE","FOOT",320,75,24000,2]
[null,"2024-02-01",2024,"Q1","15499","5 ","US20: CORRIDOR CULVERT REPAIRS PHASE 2","1050-0240000F","REMOVING AND REBUILDING FENCE","FOOT",320,40,12800,3]
[null,"2024-02-01",2024,"Q1","15499","5 ","US20: CORRIDOR CULVERT REPAIRS PHASE 2","1050-0240000F","REMOVING AND REBUILDING FENCE","FOOT",320,65,20800,4]
[null,"2024-02-01",2024,"Q1","15495","2 ","OR22: BIG CLIFF DAM - MONGOLD SLIDE","1999-9Z90000A","EXTRA FOR SALVAGING ROCK PROTECTION SCREEN","LS",1,15000,15000,1]
[null,"2024-02-01",2024,"Q1","15495","2 ","OR22: BIG CLIFF DAM - MONGOLD SLIDE","1999-9Z90000A","EXTRA FOR SALVAGING ROCK PROTECTION SCREEN","LS",1,8000,8000,2]
[null,"2024-02-01",2024,"Q1","15495","2 ","OR22: BIG CLIFF DAM - MONGOLD SLIDE","1999-9Z90000A","EXTRA FOR SALVAGING ROCK PROTECTION SCREEN","LS",1,6000,6000,3]
[null,"2024-02-01",2024,"Q1","15495","2 ","OR22: BIG CLIFF DAM - MONGOLD SLIDE","1999-9Z90000A","EXTRA FOR SALVAGING ROCK PROTECTION SCREEN","LS",1,10550,10550,4]
[null,"2024-01-25",2024,"Q1","15497","5 ","MALHEUR AND HARNEY COUNTY TRAFFIC SIGNAL SAFETY IMPROVEMENTS","0222-0102000J","TEMPORARY SIGNS","SQFT",650,25,16250,1]
[null,"2024-01-25",2024,"Q1","15497","5 ","MALHEUR AND HARNEY COUNTY TRAFFIC SIGNAL SAFETY IMPROVEMENTS","0222-0102000J","TEMPORARY SIGNS","SQFT",650,55,35750,2]
[null,"2024-01-25",2024,"Q1","15497","5 ","MALHEUR AND HARNEY COUNTY TRAFFIC SIGNAL SAFETY IMPROVEMENTS","0222-0162000E","SEQUENTIAL ARROW SIGNS","EACH",1,2500,2500,1]
[null,"2024-01-25",2024,"Q1","15497","5 ","MALHEUR AND HARNEY COUNTY TRAFFIC SIGNAL SAFETY IMPROVEMENTS","0222-0162000E","SEQUENTIAL ARROW SIGNS","EACH",1,6000,6000,2]
[null,"2024-01-25",2024,"Q1","15497","5 ","MALHEUR AND HARNEY COUNTY TRAFFIC SIGNAL SAFETY IMPROVEMENTS","0223-0168000T","FLAGGERS","HOUR",80,75,6000,1]
[null,"2024-01-25",2024,"Q1","15497","5 ","MALHEUR AND HARNEY COUNTY TRAFFIC SIGNAL SAFETY IMPROVEMENTS","0223-0168000T","FLAGGERS","HOUR",80,72,5760,2]
[null,"2024-01-25",2024,"Q1","15497","5 ","MALHEUR AND HARNEY COUNTY TRAFFIC SIGNAL SAFETY IMPROVEMENTS","0224-0104000E","TEMPORARY BARRICADES, TYPE II","EACH",10,120,1200,1]
[null,"2024-01-25",2024,"Q1","15497","5 ","MALHEUR AND HARNEY COUNTY TRAFFIC SIGNAL SAFETY IMPROVEMENTS","0224-0104000E","TEMPORARY BARRICADES, TYPE II","EACH",10,500,5000,2]
[null,"2024-01-25",2024,"Q1","15497","5 ","MALHEUR AND HARNEY COUNTY TRAFFIC SIGNAL SAFETY IMPROVEMENTS","0224-0105000E","TEMPORARY BARRICADES, TYPE III","EACH",5,200,1000,1]
[null,"2024-01-25",2024,"Q1","15497","5 ","MALHEUR AND HARNEY COUNTY TRAFFIC SIGNAL SAFETY IMPROVEMENTS","0224-0105000E","TEMPORARY BARRICADES, TYPE III","EACH",5,600,3000,2]
[null,"2024-01-25",2024,"Q1","15497","5 ","MALHEUR AND HARNEY COUNTY TRAFFIC SIGNAL SAFETY IMPROVEMENTS","0225-0155100J","LEGEND REMOVAL","SQFT",140,8,1120,1]
[null,"2024-01-25",2024,"Q1","15497","5 ","MALHEUR AND HARNEY COUNTY TRAFFIC SIGNAL SAFETY IMPROVEMENTS","0225-0155100J","LEGEND REMOVAL","SQFT",140,65,9100,2]
[null,"2024-01-25",2024,"Q1","15497","5 ","MALHEUR AND HARNEY COUNTY TRAFFIC SIGNAL SAFETY IMPROVEMENTS","0228-0141600F","PEDESTRIAN CHANNELIZING DEVICES","FOOT",40,30,1200,1]
[null,"2024-01-25",2024,"Q1","15497","5 ","MALHEUR AND HARNEY COUNTY TRAFFIC SIGNAL SAFETY IMPROVEMENTS","0228-0141600F","PEDESTRIAN CHANNELIZING DEVICES","FOOT",40,55,2200,2]
[null,"2024-01-25",2024,"Q1","15497","5 ","MALHEUR AND HARNEY COUNTY TRAFFIC SIGNAL SAFETY IMPROVEMENTS","0290-0100000A","POLLUTION CONTROL PLAN","LS",1,2000,2000,1]
[null,"2024-01-25",2024,"Q1","15497","5 ","MALHEUR AND HARNEY COUNTY TRAFFIC SIGNAL SAFETY IMPROVEMENTS","0290-0100000A","POLLUTION CONTROL PLAN","LS",1,5000,5000,2]
[null,"2024-01-25",2024,"Q1","15497","5 ","MALHEUR AND HARNEY COUNTY TRAFFIC SIGNAL SAFETY IMPROVEMENTS","0867-0102000E","PAVEMENT LEGEND, TYPE A: ARROWS","EACH",4,1200,4800,1]
[null,"2024-01-25",2024,"Q1","15497","5 ","MALHEUR AND HARNEY COUNTY TRAFFIC SIGNAL SAFETY IMPROVEMENTS","0867-0102000E","PAVEMENT LEGEND, TYPE A: ARROWS","EACH",4,1000,4000,2]
[null,"2024-01-25",2024,"Q1","15497","5 ","MALHEUR AND HARNEY COUNTY TRAFFIC SIGNAL SAFETY IMPROVEMENTS","0990-0102000A","TRAFFIC SIGNAL MODIFICATION, EAST IDAHO AVENUE @ I-84: EB RAMPS","EACH",1,21000,21000,1]
[null,"2024-01-25",2024,"Q1","15497","5 ","MALHEUR AND HARNEY COUNTY TRAFFIC SIGNAL SAFETY IMPROVEMENTS","0990-0102000A","TRAFFIC SIGNAL MODIFICATION, OR201: @ SW 4TH AVENUE","EACH",1,25000,25000,1]
[null,"2024-01-25",2024,"Q1","15497","5 ","MALHEUR AND HARNEY COUNTY TRAFFIC SIGNAL SAFETY IMPROVEMENTS","0990-0102000A","TRAFFIC SIGNAL MODIFICATION, SW 4TH AVENUE @ SW 4TH STREET","EACH",1,36000,36000,1]
[null,"2024-01-25",2024,"Q1","15497","5 ","MALHEUR AND HARNEY COUNTY TRAFFIC SIGNAL SAFETY IMPROVEMENTS","0990-0102000A","TRAFFIC SIGNAL MODIFICATION, OR201: @ WAHSINGTON AVENUE","EACH",1,25000,25000,1]
[null,"2024-01-25",2024,"Q1","15497","5 ","MALHEUR AND HARNEY COUNTY TRAFFIC SIGNAL SAFETY IMPROVEMENTS","0990-0102000A","TRAFFIC SIGNAL MODIFICATION, EAST IDAHO AVENUE @ I-84: WB RAMPS","EACH",1,30000,30000,1]
[null,"2024-01-25",2024,"Q1","15497","5 ","MALHEUR AND HARNEY COUNTY TRAFFIC SIGNAL SAFETY IMPROVEMENTS","0990-0102000A","TRAFFIC SIGNAL MODIFICATION, US395: @ MONROE STREET","EACH",1,29000,29000,1]
[null,"2024-01-25",2024,"Q1","15497","5 ","MALHEUR AND HARNEY COUNTY TRAFFIC SIGNAL SAFETY IMPROVEMENTS","0990-0102000A","TRAFFIC SIGNAL MODIFICATION, US26: @ SUCCOR CREEK HIGHWAY","EACH",1,23000,23000,1]
[null,"2024-01-25",2024,"Q1","15497","5 ","MALHEUR AND HARNEY COUNTY TRAFFIC SIGNAL SAFETY IMPROVEMENTS","0990-0102000A","TRAFFIC SIGNAL MODIFICATION, OLDS FERRY HWY @ SW 18TH","EACH",1,22000,22000,1]
[null,"2024-01-25",2024,"Q1","15497","5 ","MALHEUR AND HARNEY COUNTY TRAFFIC SIGNAL SAFETY IMPROVEMENTS","0990-0102000A","TRAFFIC SIGNAL MODIFICATION, OR201: @ N VERDE DRIVE","EACH",1,22000,22000,1]
[null,"2024-01-25",2024,"Q1","15497","5 ","MALHEUR AND HARNEY COUNTY TRAFFIC SIGNAL SAFETY IMPROVEMENTS","0990-0102000A","TRAFFIC SIGNAL MODIFICATION, IDAHO AVENUE @ OREGON STREET","EACH",1,26000,26000,1]
[null,"2024-01-25",2024,"Q1","15497","5 ","MALHEUR AND HARNEY COUNTY TRAFFIC SIGNAL SAFETY IMPROVEMENTS","0990-0102000A","TRAFFIC SIGNAL MODIFICATION, EAST IDAHO AVENUE @ GOODFELLOW STREET","EACH",1,34000,34000,1]
[null,"2024-01-25",2024,"Q1","15497","5 ","MALHEUR AND HARNEY COUNTY TRAFFIC SIGNAL SAFETY IMPROVEMENTS","0990-0102000A","TRAFFIC SIGNAL MODIFICATION, US395: @ EGAN AVENUE","EACH",1,25500,25500,1]
[null,"2024-01-25",2024,"Q1","15497","5 ","MALHEUR AND HARNEY COUNTY TRAFFIC SIGNAL SAFETY IMPROVEMENTS","0990-0102000A","TRAFFIC SIGNAL MODIFICATION, EAST IDAHO AVENUE @ EAST LANE","EACH",1,21500,21500,1]
[null,"2024-01-25",2024,"Q1","15497","5 ","MALHEUR AND HARNEY COUNTY TRAFFIC SIGNAL SAFETY IMPROVEMENTS","0990-0102000A","TRAFFIC SIGNAL MODIFICATION, EAST IDAHO AVENUE @ E 2ND STREET","EACH",1,25000,25000,1]
[null,"2024-01-25",2024,"Q1","15497","5 ","MALHEUR AND HARNEY COUNTY TRAFFIC SIGNAL SAFETY IMPROVEMENTS","0990-0102000A","TRAFFIC SIGNAL MODIFICATION, EAST IDAHO AVENUE @ E 4TH STREET","EACH",1,22000,22000,1]
[null,"2024-01-25",2024,"Q1","15497","5 ","MALHEUR AND HARNEY COUNTY TRAFFIC SIGNAL SAFETY IMPROVEMENTS","0990-0102000A","TRAFFIC SIGNAL MODIFICATION, US395: @ HIGHLANDER BLVD","EACH",1,26000,26000,1]
[null,"2024-01-25",2024,"Q1","15497","5 ","MALHEUR AND HARNEY COUNTY TRAFFIC SIGNAL SAFETY IMPROVEMENTS","0990-0102000A","TRAFFIC SIGNAL MODIFICATION, EAST IDAHO AVENUE @ EAST LANE","EACH",1,23890,23890,2]
[null,"2024-01-25",2024,"Q1","15497","5 ","MALHEUR AND HARNEY COUNTY TRAFFIC SIGNAL SAFETY IMPROVEMENTS","0990-0102000A","TRAFFIC SIGNAL MODIFICATION, US26: @ SUCCOR CREEK HIGHWAY","EACH",1,23890,23890,2]
[null,"2024-01-25",2024,"Q1","15497","5 ","MALHEUR AND HARNEY COUNTY TRAFFIC SIGNAL SAFETY IMPROVEMENTS","0990-0102000A","TRAFFIC SIGNAL MODIFICATION, US395: @ MONROE STREET","EACH",1,32135,32135,2]
[null,"2024-01-25",2024,"Q1","15497","5 ","MALHEUR AND HARNEY COUNTY TRAFFIC SIGNAL SAFETY IMPROVEMENTS","0990-0102000A","TRAFFIC SIGNAL MODIFICATION, EAST IDAHO AVENUE @ GOODFELLOW STREET","EACH",1,49035,49035,2]
[null,"2024-01-25",2024,"Q1","15497","5 ","MALHEUR AND HARNEY COUNTY TRAFFIC SIGNAL SAFETY IMPROVEMENTS","0990-0102000A","TRAFFIC SIGNAL MODIFICATION, OR201: @ N VERDE DRIVE","EACH",1,23890,23890,2]
[null,"2024-01-25",2024,"Q1","15497","5 ","MALHEUR AND HARNEY COUNTY TRAFFIC SIGNAL SAFETY IMPROVEMENTS","0990-0102000A","TRAFFIC SIGNAL MODIFICATION, EAST IDAHO AVENUE @ E 2ND STREET","EACH",1,23890,23890,2]
[null,"2024-01-25",2024,"Q1","15497","5 ","MALHEUR AND HARNEY COUNTY TRAFFIC SIGNAL SAFETY IMPROVEMENTS","0990-0102000A","TRAFFIC SIGNAL MODIFICATION, OLDS FERRY HWY @ SW 18TH","EACH",1,23890,23890,2]
[null,"2024-01-25",2024,"Q1","15497","5 ","MALHEUR AND HARNEY COUNTY TRAFFIC SIGNAL SAFETY IMPROVEMENTS","0990-0102000A","TRAFFIC SIGNAL MODIFICATION, OR201: @ WAHSINGTON AVENUE","EACH",1,30235,30235,2]
[null,"2024-01-25",2024,"Q1","15497","5 ","MALHEUR AND HARNEY COUNTY TRAFFIC SIGNAL SAFETY IMPROVEMENTS","0990-0102000A","TRAFFIC SIGNAL MODIFICATION, EAST IDAHO AVENUE @ E 4TH STREET","EACH",1,32885,32885,2]
[null,"2024-01-25",2024,"Q1","15497","5 ","MALHEUR AND HARNEY COUNTY TRAFFIC SIGNAL SAFETY IMPROVEMENTS","0990-0102000A","TRAFFIC SIGNAL MODIFICATION, US395: @ HIGHLANDER BLVD","EACH",1,39360,39360,2]
[null,"2024-01-25",2024,"Q1","15497","5 ","MALHEUR AND HARNEY COUNTY TRAFFIC SIGNAL SAFETY IMPROVEMENTS","0990-0102000A","TRAFFIC SIGNAL MODIFICATION, EAST IDAHO AVENUE @ I-84: WB RAMPS","EACH",1,35830,35830,2]
[null,"2024-01-25",2024,"Q1","15497","5 ","MALHEUR AND HARNEY COUNTY TRAFFIC SIGNAL SAFETY IMPROVEMENTS","0990-0102000A","TRAFFIC SIGNAL MODIFICATION, OR201: @ SW 4TH AVENUE","EACH",1,23890,23890,2]
[null,"2024-01-25",2024,"Q1","15497","5 ","MALHEUR AND HARNEY COUNTY TRAFFIC SIGNAL SAFETY IMPROVEMENTS","0990-0102000A","TRAFFIC SIGNAL MODIFICATION, EAST IDAHO AVENUE @ I-84: EB RAMPS","EACH",1,40245,40245,2]
[null,"2024-01-25",2024,"Q1","15497","5 ","MALHEUR AND HARNEY COUNTY TRAFFIC SIGNAL SAFETY IMPROVEMENTS","0990-0102000A","TRAFFIC SIGNAL MODIFICATION, IDAHO AVENUE @ OREGON STREET","EACH",1,54065,54065,2]
[null,"2024-01-25",2024,"Q1","15497","5 ","MALHEUR AND HARNEY COUNTY TRAFFIC SIGNAL SAFETY IMPROVEMENTS","0990-0102000A","TRAFFIC SIGNAL MODIFICATION, US395: @ EGAN AVENUE","EACH",1,27985,27985,2]
[null,"2024-01-25",2024,"Q1","15497","5 ","MALHEUR AND HARNEY COUNTY TRAFFIC SIGNAL SAFETY IMPROVEMENTS","0990-0102000A","TRAFFIC SIGNAL MODIFICATION, SW 4TH AVENUE @ SW 4TH STREET","EACH",1,38070,38070,2]
[null,"2024-01-11",2024,"Q1","15496","2 ","OR164: JEFFERSON (SANTIAM RIVER) BRIDGE","0100-0101000T","TRAINING","HOUR",650,20,13000,1]
[null,"2024-01-11",2024,"Q1","15494","4 ","OR126: REDMOND - POWELL BUTTE","0100-0101000T","TRAINING","HOUR",1400,20,28000,1]
[null,"2024-01-11",2024,"Q1","15494","4 ","OR126: REDMOND - POWELL BUTTE","0100-0101000T","TRAINING","HOUR",1400,20,28000,2]
[null,"2024-01-11",2024,"Q1","15496","2 ","OR164: JEFFERSON (SANTIAM RIVER) BRIDGE","0100-0101000T","TRAINING","HOUR",650,20,13000,2]
[null,"2024-01-11",2024,"Q1","15494","4 ","OR126: REDMOND - POWELL BUTTE","0100-0101000T","TRAINING","HOUR",1400,20,28000,3]
[null,"2024-01-11",2024,"Q1","15496","2 ","OR164: JEFFERSON (SANTIAM RIVER) BRIDGE","0100-0101000T","TRAINING","HOUR",650,20,13000,3]
[null,"2024-01-11",2024,"Q1","15496","2 ","OR164: JEFFERSON (SANTIAM RIVER) BRIDGE","0100-0101000T","TRAINING","HOUR",650,20,13000,4]
[null,"2024-01-11",2024,"Q1","15494","4 ","OR126: REDMOND - POWELL BUTTE","0100-0101000T","TRAINING","HOUR",1400,20,28000,4]
[null,"2024-01-11",2024,"Q1","15496","2 ","OR164: JEFFERSON (SANTIAM RIVER) BRIDGE","0100-0101000T","TRAINING","HOUR",650,20,13000,5]
[null,"2024-01-11",2024,"Q1","15496","2 ","OR164: JEFFERSON (SANTIAM RIVER) BRIDGE","0222-0102000J","TEMPORARY SIGNS","SQFT",250,35,8750,1]
[null,"2024-01-11",2024,"Q1","15494","4 ","OR126: REDMOND - POWELL BUTTE","0222-0102000J","TEMPORARY SIGNS","SQFT",1685,32,53920,1]
[null,"2024-01-11",2024,"Q1","15496","2 ","OR164: JEFFERSON (SANTIAM RIVER) BRIDGE","0222-0102000J","TEMPORARY SIGNS","SQFT",250,45,11250,2]
[null,"2024-01-11",2024,"Q1","15494","4 ","OR126: REDMOND - POWELL BUTTE","0222-0102000J","TEMPORARY SIGNS","SQFT",1685,32,53920,2]
[null,"2024-01-11",2024,"Q1","15494","4 ","OR126: REDMOND - POWELL BUTTE","0222-0102000J","TEMPORARY SIGNS","SQFT",1685,30,50550,3]
[null,"2024-01-11",2024,"Q1","15496","2 ","OR164: JEFFERSON (SANTIAM RIVER) BRIDGE","0222-0102000J","TEMPORARY SIGNS","SQFT",250,35,8750,3]
[null,"2024-01-11",2024,"Q1","15494","4 ","OR126: REDMOND - POWELL BUTTE","0222-0102000J","TEMPORARY SIGNS","SQFT",1685,35,58975,4]
[null,"2024-01-11",2024,"Q1","15496","2 ","OR164: JEFFERSON (SANTIAM RIVER) BRIDGE","0222-0102000J","TEMPORARY SIGNS","SQFT",250,40,10000,4]
[null,"2024-01-11",2024,"Q1","15496","2 ","OR164: JEFFERSON (SANTIAM RIVER) BRIDGE","0222-0102000J","TEMPORARY SIGNS","SQFT",250,46.25,11562.5,5]
[null,"2024-01-11",2024,"Q1","15494","4 ","OR126: REDMOND - POWELL BUTTE","0222-0162000E","SEQUENTIAL ARROW SIGNS","EACH",2,3500,7000,1]
[null,"2024-01-11",2024,"Q1","15494","4 ","OR126: REDMOND - POWELL BUTTE","0222-0162000E","SEQUENTIAL ARROW SIGNS","EACH",2,3500,7000,2]
[null,"2024-01-11",2024,"Q1","15494","4 ","OR126: REDMOND - POWELL BUTTE","0222-0162000E","SEQUENTIAL ARROW SIGNS","EACH",2,3500,7000,3]
[null,"2024-01-11",2024,"Q1","15494","4 ","OR126: REDMOND - POWELL BUTTE","0222-0162000E","SEQUENTIAL ARROW SIGNS","EACH",2,7000,14000,4]
[null,"2024-01-11",2024,"Q1","15496","2 ","OR164: JEFFERSON (SANTIAM RIVER) BRIDGE","0222-0164000E","PORTABLE CHANGEABLE MESSAGE SIGNS","EACH",2,19900,39800,1]
[null,"2024-01-11",2024,"Q1","15494","4 ","OR126: REDMOND - POWELL BUTTE","0222-0164000E","PORTABLE CHANGEABLE MESSAGE SIGNS","EACH",2,8500,17000,1]
[null,"2024-01-11",2024,"Q1","15496","2 ","OR164: JEFFERSON (SANTIAM RIVER) BRIDGE","0222-0164000E","PORTABLE CHANGEABLE MESSAGE SIGNS","EACH",2,15000,30000,2]
[null,"2024-01-11",2024,"Q1","15494","4 ","OR126: REDMOND - POWELL BUTTE","0222-0164000E","PORTABLE CHANGEABLE MESSAGE SIGNS","EACH",2,3500,7000,2]
[null,"2024-01-11",2024,"Q1","15494","4 ","OR126: REDMOND - POWELL BUTTE","0222-0164000E","PORTABLE CHANGEABLE MESSAGE SIGNS","EACH",2,8500,17000,3]
[null,"2024-01-11",2024,"Q1","15496","2 ","OR164: JEFFERSON (SANTIAM RIVER) BRIDGE","0222-0164000E","PORTABLE CHANGEABLE MESSAGE SIGNS","EACH",2,11000,22000,3]
[null,"2024-01-11",2024,"Q1","15494","4 ","OR126: REDMOND - POWELL BUTTE","0222-0164000E","PORTABLE CHANGEABLE MESSAGE SIGNS","EACH",2,12000,24000,4]
[null,"2024-01-11",2024,"Q1","15496","2 ","OR164: JEFFERSON (SANTIAM RIVER) BRIDGE","0222-0164000E","PORTABLE CHANGEABLE MESSAGE SIGNS","EACH",2,25000,50000,4]
[null,"2024-01-11",2024,"Q1","15496","2 ","OR164: JEFFERSON (SANTIAM RIVER) BRIDGE","0222-0164000E","PORTABLE CHANGEABLE MESSAGE SIGNS","EACH",2,17250,34500,5]
[null,"2024-01-11",2024,"Q1","15496","2 ","OR164: JEFFERSON (SANTIAM RIVER) BRIDGE","0223-0168000T","FLAGGERS","HOUR",3200,59,188800,1]
[null,"2024-01-11",2024,"Q1","15494","4 ","OR126: REDMOND - POWELL BUTTE","0223-0168000T","FLAGGERS","HOUR",3100,77,238700,1]
[null,"2024-01-11",2024,"Q1","15494","4 ","OR126: REDMOND - POWELL BUTTE","0223-0168000T","FLAGGERS","HOUR",3100,71,220100,2]
[null,"2024-01-11",2024,"Q1","15496","2 ","OR164: JEFFERSON (SANTIAM RIVER) BRIDGE","0223-0168000T","FLAGGERS","HOUR",3200,63,201600,2]
[null,"2024-01-11",2024,"Q1","15494","4 ","OR126: REDMOND - POWELL BUTTE","0223-0168000T","FLAGGERS","HOUR",3100,85,263500,3]
[null,"2024-01-11",2024,"Q1","15496","2 ","OR164: JEFFERSON (SANTIAM RIVER) BRIDGE","0223-0168000T","FLAGGERS","HOUR",3200,60,192000,3]
[null,"2024-01-11",2024,"Q1","15494","4 ","OR126: REDMOND - POWELL BUTTE","0223-0168000T","FLAGGERS","HOUR",3100,82,254200,4]
[null,"2024-01-11",2024,"Q1","15496","2 ","OR164: JEFFERSON (SANTIAM RIVER) BRIDGE","0223-0168000T","FLAGGERS","HOUR",3200,70,224000,4]
[null,"2024-01-11",2024,"Q1","15496","2 ","OR164: JEFFERSON (SANTIAM RIVER) BRIDGE","0223-0168000T","FLAGGERS","HOUR",3200,69.75,223200,5]
[null,"2024-01-11",2024,"Q1","15496","2 ","OR164: JEFFERSON (SANTIAM RIVER) BRIDGE","0223-0168100E","FLAGGER STATION LIGHTING","EACH",3,9280,27840,1]
[null,"2024-01-11",2024,"Q1","15494","4 ","OR126: REDMOND - POWELL BUTTE","0223-0168100E","FLAGGER STATION LIGHTING","EACH",4,2500,10000,1]
[null,"2024-01-11",2024,"Q1","15496","2 ","OR164: JEFFERSON (SANTIAM RIVER) BRIDGE","0223-0168100E","FLAGGER STATION LIGHTING","EACH",3,6000,18000,2]
[null,"2024-01-11",2024,"Q1","15494","4 ","OR126: REDMOND - POWELL BUTTE","0223-0168100E","FLAGGER STATION LIGHTING","EACH",4,850,3400,2]
[null,"2024-01-11",2024,"Q1","15494","4 ","OR126: REDMOND - POWELL BUTTE","0223-0168100E","FLAGGER STATION LIGHTING","EACH",4,1500,6000,3]
[null,"2024-01-11",2024,"Q1","15496","2 ","OR164: JEFFERSON (SANTIAM RIVER) BRIDGE","0223-0168100E","FLAGGER STATION LIGHTING","EACH",3,1000,3000,3]
[null,"2024-01-11",2024,"Q1","15494","4 ","OR126: REDMOND - POWELL BUTTE","0223-0168100E","FLAGGER STATION LIGHTING","EACH",4,2750,11000,4]
[null,"2024-01-11",2024,"Q1","15496","2 ","OR164: JEFFERSON (SANTIAM RIVER) BRIDGE","0223-0168100E","FLAGGER STATION LIGHTING","EACH",3,4000,12000,4]
[null,"2024-01-11",2024,"Q1","15496","2 ","OR164: JEFFERSON (SANTIAM RIVER) BRIDGE","0223-0168100E","FLAGGER STATION LIGHTING","EACH",3,1524,4572,5]
[null,"2024-01-11",2024,"Q1","15494","4 ","OR126: REDMOND - POWELL BUTTE","0223-0169000E","TRAFFIC CONTROL SUPERVISOR","EACH",152,150,22800,1]
[null,"2024-01-11",2024,"Q1","15494","4 ","OR126: REDMOND - POWELL BUTTE","0223-0169000E","TRAFFIC CONTROL SUPERVISOR","EACH",152,500,76000,2]
[null,"2024-01-11",2024,"Q1","15494","4 ","OR126: REDMOND - POWELL BUTTE","0223-0169000E","TRAFFIC CONTROL SUPERVISOR","EACH",152,350,53200,3]
[null,"2024-01-11",2024,"Q1","15494","4 ","OR126: REDMOND - POWELL BUTTE","0223-0169000E","TRAFFIC CONTROL SUPERVISOR","EACH",152,1250,190000,4]
[null,"2024-01-11",2024,"Q1","15496","2 ","OR164: JEFFERSON (SANTIAM RIVER) BRIDGE","0223-0172000T","PILOT CARS","HOUR",1600,76.5,122400,1]
[null,"2024-01-11",2024,"Q1","15494","4 ","OR126: REDMOND - POWELL BUTTE","0223-0172000T","PILOT CARS","HOUR",1000,95,95000,1]
[null,"2024-01-11",2024,"Q1","15494","4 ","OR126: REDMOND - POWELL BUTTE","0223-0172000T","PILOT CARS","HOUR",1000,89.75,89750,2]
[null,"2024-01-11",2024,"Q1","15496","2 ","OR164: JEFFERSON (SANTIAM RIVER) BRIDGE","0223-0172000T","PILOT CARS","HOUR",1600,73,116800,2]
[null,"2024-01-11",2024,"Q1","15496","2 ","OR164: JEFFERSON (SANTIAM RIVER) BRIDGE","0223-0172000T","PILOT CARS","HOUR",1600,77.5,124000,3]
[null,"2024-01-11",2024,"Q1","15494","4 ","OR126: REDMOND - POWELL BUTTE","0223-0172000T","PILOT CARS","HOUR",1000,100,100000,3]
[null,"2024-01-11",2024,"Q1","15496","2 ","OR164: JEFFERSON (SANTIAM RIVER) BRIDGE","0223-0172000T","PILOT CARS","HOUR",1600,87,139200,4]
[null,"2024-01-11",2024,"Q1","15494","4 ","OR126: REDMOND - POWELL BUTTE","0223-0172000T","PILOT CARS","HOUR",1000,100,100000,4]
[null,"2024-01-11",2024,"Q1","15496","2 ","OR164: JEFFERSON (SANTIAM RIVER) BRIDGE","0223-0172000T","PILOT CARS","HOUR",1600,90.5,144800,5]
[null,"2024-01-11",2024,"Q1","15496","2 ","OR164: JEFFERSON (SANTIAM RIVER) BRIDGE","0223-0200000E","AUTOMATED FLAGGER ASSISTANCE DEVICE","EACH",2,14000,28000,1]
[null,"2024-01-11",2024,"Q1","15494","4 ","OR126: REDMOND - POWELL BUTTE","0223-0200000E","AUTOMATED FLAGGER ASSISTANCE DEVICE","EACH",2,4500,9000,1]
[null,"2024-01-11",2024,"Q1","15496","2 ","OR164: JEFFERSON (SANTIAM RIVER) BRIDGE","0223-0200000E","AUTOMATED FLAGGER ASSISTANCE DEVICE","EACH",2,6000,12000,2]
[null,"2024-01-11",2024,"Q1","15494","4 ","OR126: REDMOND - POWELL BUTTE","0223-0200000E","AUTOMATED FLAGGER ASSISTANCE DEVICE","EACH",2,2500,5000,2]
[null,"2024-01-11",2024,"Q1","15496","2 ","OR164: JEFFERSON (SANTIAM RIVER) BRIDGE","0223-0200000E","AUTOMATED FLAGGER ASSISTANCE DEVICE","EACH",2,7500,15000,3]
[null,"2024-01-11",2024,"Q1","15494","4 ","OR126: REDMOND - POWELL BUTTE","0223-0200000E","AUTOMATED FLAGGER ASSISTANCE DEVICE","EACH",2,8500,17000,3]
[null,"2024-01-11",2024,"Q1","15496","2 ","OR164: JEFFERSON (SANTIAM RIVER) BRIDGE","0223-0200000E","AUTOMATED FLAGGER ASSISTANCE DEVICE","EACH",2,15000,30000,4]
[null,"2024-01-11",2024,"Q1","15494","4 ","OR126: REDMOND - POWELL BUTTE","0223-0200000E","AUTOMATED FLAGGER ASSISTANCE DEVICE","EACH",2,12000,24000,4]
[null,"2024-01-11",2024,"Q1","15496","2 ","OR164: JEFFERSON (SANTIAM RIVER) BRIDGE","0223-0200000E","AUTOMATED FLAGGER ASSISTANCE DEVICE","EACH",2,22480,44960,5]
[null,"2024-01-11",2024,"Q1","15496","2 ","OR164: JEFFERSON (SANTIAM RIVER) BRIDGE","0224-0104000E","TEMPORARY BARRICADES, TYPE II","EACH",10,75,750,1]
[null,"2024-01-11",2024,"Q1","15494","4 ","OR126: REDMOND - POWELL BUTTE","0224-0104000E","TEMPORARY BARRICADES, TYPE II","EACH",24,75,1800,1]
[null,"2024-01-11",2024,"Q1","15494","4 ","OR126: REDMOND - POWELL BUTTE","0224-0104000E","TEMPORARY BARRICADES, TYPE II","EACH",24,50,1200,2]
[null,"2024-01-11",2024,"Q1","15496","2 ","OR164: JEFFERSON (SANTIAM RIVER) BRIDGE","0224-0104000E","TEMPORARY BARRICADES, TYPE II","EACH",10,60,600,2]
[null,"2024-01-11",2024,"Q1","15496","2 ","OR164: JEFFERSON (SANTIAM RIVER) BRIDGE","0224-0104000E","TEMPORARY BARRICADES, TYPE II","EACH",10,75,750,3]
[null,"2024-01-11",2024,"Q1","15494","4 ","OR126: REDMOND - POWELL BUTTE","0224-0104000E","TEMPORARY BARRICADES, TYPE II","EACH",24,80,1920,3]
[null,"2024-01-11",2024,"Q1","15494","4 ","OR126: REDMOND - POWELL BUTTE","0224-0104000E","TEMPORARY BARRICADES, TYPE II","EACH",24,150,3600,4]
[null,"2024-01-11",2024,"Q1","15496","2 ","OR164: JEFFERSON (SANTIAM RIVER) BRIDGE","0224-0104000E","TEMPORARY BARRICADES, TYPE II","EACH",10,200,2000,4]
[null,"2024-01-11",2024,"Q1","15496","2 ","OR164: JEFFERSON (SANTIAM RIVER) BRIDGE","0224-0104000E","TEMPORARY BARRICADES, TYPE II","EACH",10,59.25,592.5,5]
[null,"2024-01-11",2024,"Q1","15494","4 ","OR126: REDMOND - POWELL BUTTE","0224-0105000E","TEMPORARY BARRICADES, TYPE III","EACH",13,185,2405,1]
[null,"2024-01-11",2024,"Q1","15496","2 ","OR164: JEFFERSON (SANTIAM RIVER) BRIDGE","0224-0105000E","TEMPORARY BARRICADES, TYPE III","EACH",4,225,900,1]
[null,"2024-01-11",2024,"Q1","15494","4 ","OR126: REDMOND - POWELL BUTTE","0224-0105000E","TEMPORARY BARRICADES, TYPE III","EACH",13,150,1950,2]
[null,"2024-01-11",2024,"Q1","15496","2 ","OR164: JEFFERSON (SANTIAM RIVER) BRIDGE","0224-0105000E","TEMPORARY BARRICADES, TYPE III","EACH",4,160,640,2]
[null,"2024-01-11",2024,"Q1","15496","2 ","OR164: JEFFERSON (SANTIAM RIVER) BRIDGE","0224-0105000E","TEMPORARY BARRICADES, TYPE III","EACH",4,150,600,3]
[null,"2024-01-11",2024,"Q1","15494","4 ","OR126: REDMOND - POWELL BUTTE","0224-0105000E","TEMPORARY BARRICADES, TYPE III","EACH",13,180,2340,3]
[null,"2024-01-11",2024,"Q1","15496","2 ","OR164: JEFFERSON (SANTIAM RIVER) BRIDGE","0224-0105000E","TEMPORARY BARRICADES, TYPE III","EACH",4,400,1600,4]
[null,"2024-01-11",2024,"Q1","15494","4 ","OR126: REDMOND - POWELL BUTTE","0224-0105000E","TEMPORARY BARRICADES, TYPE III","EACH",13,250,3250,4]
[null,"2024-01-11",2024,"Q1","15496","2 ","OR164: JEFFERSON (SANTIAM RIVER) BRIDGE","0224-0105000E","TEMPORARY BARRICADES, TYPE III","EACH",4,177.5,710,5]
[null,"2024-01-11",2024,"Q1","15496","2 ","OR164: JEFFERSON (SANTIAM RIVER) BRIDGE","0224-0145000E","TEMPORARY PLASTIC DRUMS","EACH",12,65,780,1]
[null,"2024-01-11",2024,"Q1","15494","4 ","OR126: REDMOND - POWELL BUTTE","0224-0145000E","TEMPORARY PLASTIC DRUMS","EACH",100,45,4500,1]
[null,"2024-01-11",2024,"Q1","15494","4 ","OR126: REDMOND - POWELL BUTTE","0224-0145000E","TEMPORARY PLASTIC DRUMS","EACH",100,65,6500,2]
[null,"2024-01-11",2024,"Q1","15496","2 ","OR164: JEFFERSON (SANTIAM RIVER) BRIDGE","0224-0145000E","TEMPORARY PLASTIC DRUMS","EACH",12,80,960,2]
[null,"2024-01-11",2024,"Q1","15494","4 ","OR126: REDMOND - POWELL BUTTE","0224-0145000E","TEMPORARY PLASTIC DRUMS","EACH",100,50,5000,3]
[null,"2024-01-11",2024,"Q1","15496","2 ","OR164: JEFFERSON (SANTIAM RIVER) BRIDGE","0224-0145000E","TEMPORARY PLASTIC DRUMS","EACH",12,50,600,3]
[null,"2024-01-11",2024,"Q1","15496","2 ","OR164: JEFFERSON (SANTIAM RIVER) BRIDGE","0224-0145000E","TEMPORARY PLASTIC DRUMS","EACH",12,100,1200,4]
[null,"2024-01-11",2024,"Q1","15494","4 ","OR126: REDMOND - POWELL BUTTE","0224-0145000E","TEMPORARY PLASTIC DRUMS","EACH",100,50,5000,4]
[null,"2024-01-11",2024,"Q1","15496","2 ","OR164: JEFFERSON (SANTIAM RIVER) BRIDGE","0224-0145000E","TEMPORARY PLASTIC DRUMS","EACH",12,426.5,5118,5]
[null,"2024-01-11",2024,"Q1","15494","4 ","OR126: REDMOND - POWELL BUTTE","0225-0149000E","TEMPORARY FLEXIBLE PAVEMENT MARKERS","EACH",8549,2,17098,1]
[null,"2024-01-11",2024,"Q1","15496","2 ","OR164: JEFFERSON (SANTIAM RIVER) BRIDGE","0225-0149000E","TEMPORARY FLEXIBLE PAVEMENT MARKERS","EACH",160,4,640,1]
[null,"2024-01-11",2024,"Q1","15496","2 ","OR164: JEFFERSON (SANTIAM RIVER) BRIDGE","0225-0149000E","TEMPORARY FLEXIBLE PAVEMENT MARKERS","EACH",160,5,800,2]
[null,"2024-01-11",2024,"Q1","15494","4 ","OR126: REDMOND - POWELL BUTTE","0225-0149000E","TEMPORARY FLEXIBLE PAVEMENT MARKERS","EACH",8549,0.5,4274.5,2]
[null,"2024-01-11",2024,"Q1","15496","2 ","OR164: JEFFERSON (SANTIAM RIVER) BRIDGE","0225-0149000E","TEMPORARY FLEXIBLE PAVEMENT MARKERS","EACH",160,5,800,3]
[null,"2024-01-11",2024,"Q1","15494","4 ","OR126: REDMOND - POWELL BUTTE","0225-0149000E","TEMPORARY FLEXIBLE PAVEMENT MARKERS","EACH",8549,1.5,12823.5,3]
[null,"2024-01-11",2024,"Q1","15496","2 ","OR164: JEFFERSON (SANTIAM RIVER) BRIDGE","0225-0149000E","TEMPORARY FLEXIBLE PAVEMENT MARKERS","EACH",160,5,800,4]
[null,"2024-01-11",2024,"Q1","15494","4 ","OR126: REDMOND - POWELL BUTTE","0225-0149000E","TEMPORARY FLEXIBLE PAVEMENT MARKERS","EACH",8549,3,25647,4]
[null,"2024-01-11",2024,"Q1","15496","2 ","OR164: JEFFERSON (SANTIAM RIVER) BRIDGE","0225-0149000E","TEMPORARY FLEXIBLE PAVEMENT MARKERS","EACH",160,3.6,576,5]
[null,"2024-01-11",2024,"Q1","15494","4 ","OR126: REDMOND - POWELL BUTTE","0225-0153000F","TEMPORARY STRIPING","FOOT",24932,0.16,3989.12,1]
[null,"2024-01-11",2024,"Q1","15494","4 ","OR126: REDMOND - POWELL BUTTE","0225-0153000F","TEMPORARY STRIPING","FOOT",24932,0.16,3989.12,2]
[null,"2024-01-11",2024,"Q1","15494","4 ","OR126: REDMOND - POWELL BUTTE","0225-0153000F","TEMPORARY STRIPING","FOOT",24932,0.25,6233,3]
[null,"2024-01-11",2024,"Q1","15494","4 ","OR126: REDMOND - POWELL BUTTE","0225-0153000F","TEMPORARY STRIPING","FOOT",24932,1.25,31165,4]
[null,"2024-01-11",2024,"Q1","15494","4 ","OR126: REDMOND - POWELL BUTTE","0225-0153200J","TEMPORARY PAVEMENT BARS","SQFT",24,25,600,1]
[null,"2024-01-11",2024,"Q1","15494","4 ","OR126: REDMOND - POWELL BUTTE","0225-0153200J","TEMPORARY PAVEMENT BARS","SQFT",24,25,600,2]
[null,"2024-01-11",2024,"Q1","15494","4 ","OR126: REDMOND - POWELL BUTTE","0225-0153200J","TEMPORARY PAVEMENT BARS","SQFT",24,25,600,3]
[null,"2024-01-11",2024,"Q1","15494","4 ","OR126: REDMOND - POWELL BUTTE","0225-0153200J","TEMPORARY PAVEMENT BARS","SQFT",24,25,600,4]
[null,"2024-01-11",2024,"Q1","15494","4 ","OR126: REDMOND - POWELL BUTTE","0225-0153800F","TEMPORARY TRANSVERSE RUMBLE STRIPS","FOOT",678,8,5424,1]
[null,"2024-01-11",2024,"Q1","15494","4 ","OR126: REDMOND - POWELL BUTTE","0225-0153800F","TEMPORARY TRANSVERSE RUMBLE STRIPS","FOOT",678,8,5424,2]
[null,"2024-01-11",2024,"Q1","15494","4 ","OR126: REDMOND - POWELL BUTTE","0225-0153800F","TEMPORARY TRANSVERSE RUMBLE STRIPS","FOOT",678,75,50850,3]
[null,"2024-01-11",2024,"Q1","15494","4 ","OR126: REDMOND - POWELL BUTTE","0225-0153800F","TEMPORARY TRANSVERSE RUMBLE STRIPS","FOOT",678,100,67800,4]
[null,"2024-01-11",2024,"Q1","15494","4 ","OR126: REDMOND - POWELL BUTTE","0225-0154000F","STRIPE REMOVAL","FOOT",38179,0.33,12599.07,1]
[null,"2024-01-11",2024,"Q1","15494","4 ","OR126: REDMOND - POWELL BUTTE","0225-0154000F","STRIPE REMOVAL","FOOT",38179,0.33,12599.07,2]
[null,"2024-01-11",2024,"Q1","15494","4 ","OR126: REDMOND - POWELL BUTTE","0225-0154000F","STRIPE REMOVAL","FOOT",38179,0.35,13362.65,3]
[null,"2024-01-11",2024,"Q1","15494","4 ","OR126: REDMOND - POWELL BUTTE","0225-0154000F","STRIPE REMOVAL","FOOT",38179,0.35,13362.65,4]
[null,"2024-01-11",2024,"Q1","15494","4 ","OR126: REDMOND - POWELL BUTTE","0225-0155100J","LEGEND REMOVAL","SQFT",48,7.5,360,1]
[null,"2024-01-11",2024,"Q1","15494","4 ","OR126: REDMOND - POWELL BUTTE","0225-0155100J","LEGEND REMOVAL","SQFT",48,7.5,360,2]
[null,"2024-01-11",2024,"Q1","15494","4 ","OR126: REDMOND - POWELL BUTTE","0225-0155100J","LEGEND REMOVAL","SQFT",48,7.5,360,3]
[null,"2024-01-11",2024,"Q1","15494","4 ","OR126: REDMOND - POWELL BUTTE","0225-0155100J","LEGEND REMOVAL","SQFT",48,8,384,4]
[null,"2024-01-11",2024,"Q1","15494","4 ","OR126: REDMOND - POWELL BUTTE","0225-0156000J","BAR REMOVAL","SQFT",24,7.5,180,1]
[null,"2024-01-11",2024,"Q1","15494","4 ","OR126: REDMOND - POWELL BUTTE","0225-0156000J","BAR REMOVAL","SQFT",24,7.5,180,2]
[null,"2024-01-11",2024,"Q1","15494","4 ","OR126: REDMOND - POWELL BUTTE","0225-0156000J","BAR REMOVAL","SQFT",24,7.5,180,3]
[null,"2024-01-11",2024,"Q1","15494","4 ","OR126: REDMOND - POWELL BUTTE","0225-0156000J","BAR REMOVAL","SQFT",24,8,192,4]
[null,"2024-01-11",2024,"Q1","15494","4 ","OR126: REDMOND - POWELL BUTTE","0226-0126100F","TEMPORARY BARRIER","FOOT",800,22.5,18000,1]
[null,"2024-01-11",2024,"Q1","15494","4 ","OR126: REDMOND - POWELL BUTTE","0226-0126100F","TEMPORARY BARRIER","FOOT",800,22.5,18000,2]
[null,"2024-01-11",2024,"Q1","15494","4 ","OR126: REDMOND - POWELL BUTTE","0226-0126100F","TEMPORARY BARRIER","FOOT",800,30,24000,3]
[null,"2024-01-11",2024,"Q1","15494","4 ","OR126: REDMOND - POWELL BUTTE","0226-0126100F","TEMPORARY BARRIER","FOOT",800,50,40000,4]
[null,"2024-01-11",2024,"Q1","15494","4 ","OR126: REDMOND - POWELL BUTTE","0226-0134000E","TEMPORARY IMPACT ATTENUATOR, NARROW SITE SYSTEM","EACH",4,3000,12000,1]
[null,"2024-01-11",2024,"Q1","15494","4 ","OR126: REDMOND - POWELL BUTTE","0226-0134000E","TEMPORARY IMPACT ATTENUATOR, NARROW SITE SYSTEM","EACH",4,3000,12000,2]
[null,"2024-01-11",2024,"Q1","15494","4 ","OR126: REDMOND - POWELL BUTTE","0226-0134000E","TEMPORARY IMPACT ATTENUATOR, NARROW SITE SYSTEM","EACH",4,3000,12000,3]
[null,"2024-01-11",2024,"Q1","15494","4 ","OR126: REDMOND - POWELL BUTTE","0226-0134000E","TEMPORARY IMPACT ATTENUATOR, NARROW SITE SYSTEM","EACH",4,4100,16400,4]
[null,"2024-01-11",2024,"Q1","15494","4 ","OR126: REDMOND - POWELL BUTTE","0226-0137000E","MOVING TEMPORARY IMPACT ATTENUATORS, NARROW SITE SYSTEM","EACH",4,750,3000,1]
[null,"2024-01-11",2024,"Q1","15494","4 ","OR126: REDMOND - POWELL BUTTE","0226-0137000E","MOVING TEMPORARY IMPACT ATTENUATORS, NARROW SITE SYSTEM","EACH",4,750,3000,2]
[null,"2024-01-11",2024,"Q1","15494","4 ","OR126: REDMOND - POWELL BUTTE","0226-0137000E","MOVING TEMPORARY IMPACT ATTENUATORS, NARROW SITE SYSTEM","EACH",4,750,3000,3]
[null,"2024-01-11",2024,"Q1","15494","4 ","OR126: REDMOND - POWELL BUTTE","0226-0137000E","MOVING TEMPORARY IMPACT ATTENUATORS, NARROW SITE SYSTEM","EACH",4,1000,4000,4]
[null,"2024-01-11",2024,"Q1","15494","4 ","OR126: REDMOND - POWELL BUTTE","0226-0141100E","REFLECTIVE BARRIER PANELS","EACH",97,25,2425,1]
[null,"2024-01-11",2024,"Q1","15494","4 ","OR126: REDMOND - POWELL BUTTE","0226-0141100E","REFLECTIVE BARRIER PANELS","EACH",97,25,2425,2]
[null,"2024-01-11",2024,"Q1","15494","4 ","OR126: REDMOND - POWELL BUTTE","0226-0141100E","REFLECTIVE BARRIER PANELS","EACH",97,25,2425,3]
[null,"2024-01-11",2024,"Q1","15494","4 ","OR126: REDMOND - POWELL BUTTE","0226-0141100E","REFLECTIVE BARRIER PANELS","EACH",97,35,3395,4]
[null,"2024-01-11",2024,"Q1","15494","4 ","OR126: REDMOND - POWELL BUTTE","0226-0141300E","REPAIR TEMPORARY IMPACT ATTENUATOR, NARROW SITE SYSTEM","EACH",4,100,400,1]
[null,"2024-01-11",2024,"Q1","15494","4 ","OR126: REDMOND - POWELL BUTTE","0226-0141300E","REPAIR TEMPORARY IMPACT ATTENUATOR, NARROW SITE SYSTEM","EACH",4,100,400,2]
[null,"2024-01-11",2024,"Q1","15494","4 ","OR126: REDMOND - POWELL BUTTE","0226-0141300E","REPAIR TEMPORARY IMPACT ATTENUATOR, NARROW SITE SYSTEM","EACH",4,100,400,3]
[null,"2024-01-11",2024,"Q1","15494","4 ","OR126: REDMOND - POWELL BUTTE","0226-0141300E","REPAIR TEMPORARY IMPACT ATTENUATOR, NARROW SITE SYSTEM","EACH",4,100,400,4]
[null,"2024-01-11",2024,"Q1","15494","4 ","OR126: REDMOND - POWELL BUTTE","0226-0147000F","MINIMUM DEFLECTION BRIDGE TEMPORARY BARRIER","FOOT",300,33,9900,1]
[null,"2024-01-11",2024,"Q1","15494","4 ","OR126: REDMOND - POWELL BUTTE","0226-0147000F","MINIMUM DEFLECTION BRIDGE TEMPORARY BARRIER","FOOT",300,33,9900,2]
[null,"2024-01-11",2024,"Q1","15494","4 ","OR126: REDMOND - POWELL BUTTE","0226-0147000F","MINIMUM DEFLECTION BRIDGE TEMPORARY BARRIER","FOOT",300,40,12000,3]
[null,"2024-01-11",2024,"Q1","15494","4 ","OR126: REDMOND - POWELL BUTTE","0226-0147000F","MINIMUM DEFLECTION BRIDGE TEMPORARY BARRIER","FOOT",300,35,10500,4]
[null,"2024-01-11",2024,"Q1","15494","4 ","OR126: REDMOND - POWELL BUTTE","0227-0158000E","PORTABLE TRAFFIC SIGNAL","EACH",1,10000,10000,1]
[null,"2024-01-11",2024,"Q1","15494","4 ","OR126: REDMOND - POWELL BUTTE","0227-0158000E","PORTABLE TRAFFIC SIGNAL","EACH",1,11500,11500,2]
[null,"2024-01-11",2024,"Q1","15494","4 ","OR126: REDMOND - POWELL BUTTE","0227-0158000E","PORTABLE TRAFFIC SIGNAL","EACH",1,12500,12500,3]
[null,"2024-01-11",2024,"Q1","15494","4 ","OR126: REDMOND - POWELL BUTTE","0227-0158000E","PORTABLE TRAFFIC SIGNAL","EACH",1,20000,20000,4]
[null,"2024-01-11",2024,"Q1","15494","4 ","OR126: REDMOND - POWELL BUTTE","0228-0141600F","PEDESTRIAN CHANNELIZING DEVICES","FOOT",44,125,5500,1]
[null,"2024-01-11",2024,"Q1","15496","2 ","OR164: JEFFERSON (SANTIAM RIVER) BRIDGE","0228-0141600F","PEDESTRIAN CHANNELIZING DEVICES","FOOT",24,50,1200,1]
[null,"2024-01-11",2024,"Q1","15496","2 ","OR164: JEFFERSON (SANTIAM RIVER) BRIDGE","0228-0141600F","PEDESTRIAN CHANNELIZING DEVICES","FOOT",24,50,1200,2]
[null,"2024-01-11",2024,"Q1","15494","4 ","OR126: REDMOND - POWELL BUTTE","0228-0141600F","PEDESTRIAN CHANNELIZING DEVICES","FOOT",44,26,1144,2]
[null,"2024-01-11",2024,"Q1","15496","2 ","OR164: JEFFERSON (SANTIAM RIVER) BRIDGE","0228-0141600F","PEDESTRIAN CHANNELIZING DEVICES","FOOT",24,35,840,3]
[null,"2024-01-11",2024,"Q1","15494","4 ","OR126: REDMOND - POWELL BUTTE","0228-0141600F","PEDESTRIAN CHANNELIZING DEVICES","FOOT",44,20,880,3]
[null,"2024-01-11",2024,"Q1","15494","4 ","OR126: REDMOND - POWELL BUTTE","0228-0141600F","PEDESTRIAN CHANNELIZING DEVICES","FOOT",44,20,880,4]
[null,"2024-01-11",2024,"Q1","15496","2 ","OR164: JEFFERSON (SANTIAM RIVER) BRIDGE","0228-0141600F","PEDESTRIAN CHANNELIZING DEVICES","FOOT",24,50,1200,4]
[null,"2024-01-11",2024,"Q1","15496","2 ","OR164: JEFFERSON (SANTIAM RIVER) BRIDGE","0228-0141600F","PEDESTRIAN CHANNELIZING DEVICES","FOOT",24,25,600,5]
[null,"2024-01-11",2024,"Q1","15494","4 ","OR126: REDMOND - POWELL BUTTE","0228-0167670E","TEMPORARY CURB RAMP, PARALLEL","EACH",2,1500,3000,1]
[null,"2024-01-11",2024,"Q1","15494","4 ","OR126: REDMOND - POWELL BUTTE","0228-0167670E","TEMPORARY CURB RAMP, PARALLEL","EACH",2,675,1350,2]
[null,"2024-01-11",2024,"Q1","15494","4 ","OR126: REDMOND - POWELL BUTTE","0228-0167670E","TEMPORARY CURB RAMP, PARALLEL","EACH",2,1000,2000,3]
[null,"2024-01-11",2024,"Q1","15494","4 ","OR126: REDMOND - POWELL BUTTE","0228-0167670E","TEMPORARY CURB RAMP, PARALLEL","EACH",2,3000,6000,4]
[null,"2024-01-11",2024,"Q1","15496","2 ","OR164: JEFFERSON (SANTIAM RIVER) BRIDGE","0231-0100000A","CONSTRUCT AND REMOVE TEMPORARY ACCESS ROAD","LS",1,10000,10000,1]
[null,"2024-01-11",2024,"Q1","15496","2 ","OR164: JEFFERSON (SANTIAM RIVER) BRIDGE","0231-0100000A","CONSTRUCT AND REMOVE TEMPORARY ACCESS ROAD","LS",1,25000,25000,2]
[null,"2024-01-11",2024,"Q1","15496","2 ","OR164: JEFFERSON (SANTIAM RIVER) BRIDGE","0231-0100000A","CONSTRUCT AND REMOVE TEMPORARY ACCESS ROAD","LS",1,1250,1250,3]
[null,"2024-01-11",2024,"Q1","15496","2 ","OR164: JEFFERSON (SANTIAM RIVER) BRIDGE","0231-0100000A","CONSTRUCT AND REMOVE TEMPORARY ACCESS ROAD","LS",1,30000,30000,4]
[null,"2024-01-11",2024,"Q1","15496","2 ","OR164: JEFFERSON (SANTIAM RIVER) BRIDGE","0231-0100000A","CONSTRUCT AND REMOVE TEMPORARY ACCESS ROAD","LS",1,49370,49370,5]
[null,"2024-01-11",2024,"Q1","15494","4 ","OR126: REDMOND - POWELL BUTTE","0253-0106000A","TEMPORARY WORK ACCESS AND CONTAINMENT","LS",1,39700,39700,1]
[null,"2024-01-11",2024,"Q1","15494","4 ","OR126: REDMOND - POWELL BUTTE","0253-0106000A","TEMPORARY WORK ACCESS AND CONTAINMENT","LS",1,50380,50380,1]
[null,"2024-01-11",2024,"Q1","15496","2 ","OR164: JEFFERSON (SANTIAM RIVER) BRIDGE","0253-0106000A","TEMPORARY WORK ACCESS AND CONTAINMENT","LS",1,1500000,1500000,1]
[null,"2024-01-11",2024,"Q1","15496","2 ","OR164: JEFFERSON (SANTIAM RIVER) BRIDGE","0253-0106000A","TEMPORARY WORK ACCESS AND CONTAINMENT","LS",1,2400000,2400000,2]
[null,"2024-01-11",2024,"Q1","15494","4 ","OR126: REDMOND - POWELL BUTTE","0253-0106000A","TEMPORARY WORK ACCESS AND CONTAINMENT","LS",1,30000,30000,2]
[null,"2024-01-11",2024,"Q1","15494","4 ","OR126: REDMOND - POWELL BUTTE","0253-0106000A","TEMPORARY WORK ACCESS AND CONTAINMENT","LS",1,20000,20000,2]
[null,"2024-01-11",2024,"Q1","15496","2 ","OR164: JEFFERSON (SANTIAM RIVER) BRIDGE","0253-0106000A","TEMPORARY WORK ACCESS AND CONTAINMENT","LS",1,2000000,2000000,3]
[null,"2024-01-11",2024,"Q1","15494","4 ","OR126: REDMOND - POWELL BUTTE","0253-0106000A","TEMPORARY WORK ACCESS AND CONTAINMENT","LS",1,51000,51000,3]
[null,"2024-01-11",2024,"Q1","15494","4 ","OR126: REDMOND - POWELL BUTTE","0253-0106000A","TEMPORARY WORK ACCESS AND CONTAINMENT","LS",1,39500,39500,3]
[null,"2024-01-11",2024,"Q1","15494","4 ","OR126: REDMOND - POWELL BUTTE","0253-0106000A","TEMPORARY WORK ACCESS AND CONTAINMENT","LS",1,15000,15000,4]
[null,"2024-01-11",2024,"Q1","15494","4 ","OR126: REDMOND - POWELL BUTTE","0253-0106000A","TEMPORARY WORK ACCESS AND CONTAINMENT","LS",1,15000,15000,4]
[null,"2024-01-11",2024,"Q1","15496","2 ","OR164: JEFFERSON (SANTIAM RIVER) BRIDGE","0253-0106000A","TEMPORARY WORK ACCESS AND CONTAINMENT","LS",1,3000000,3000000,4]
[null,"2024-01-11",2024,"Q1","15496","2 ","OR164: JEFFERSON (SANTIAM RIVER) BRIDGE","0253-0106000A","TEMPORARY WORK ACCESS AND CONTAINMENT","LS",1,1850000,1850000,5]
[null,"2024-01-11",2024,"Q1","15496","2 ","OR164: JEFFERSON (SANTIAM RIVER) BRIDGE","0255-0100000A","BRIDGE JACKING AT BENT, 1,2,3 AND 4","LS",1,86945.52,86945.52,1]
[null,"2024-01-11",2024,"Q1","15496","2 ","OR164: JEFFERSON (SANTIAM RIVER) BRIDGE","0255-0100000A","BRIDGE JACKING AT BENT, 1,2,3 AND 4","LS",1,75000,75000,2]
[null,"2024-01-11",2024,"Q1","15496","2 ","OR164: JEFFERSON (SANTIAM RIVER) BRIDGE","0255-0100000A","BRIDGE JACKING AT BENT, 1,2,3 AND 4","LS",1,25000,25000,3]
[null,"2024-01-11",2024,"Q1","15496","2 ","OR164: JEFFERSON (SANTIAM RIVER) BRIDGE","0255-0100000A","BRIDGE JACKING AT BENT, 1,2,3 AND 4","LS",1,60000,60000,4]
[null,"2024-01-11",2024,"Q1","15496","2 ","OR164: JEFFERSON (SANTIAM RIVER) BRIDGE","0255-0100000A","BRIDGE JACKING AT BENT, 1,2,3 AND 4","LS",1,118540,118540,5]
[null,"2024-01-11",2024,"Q1","15494","4 ","OR126: REDMOND - POWELL BUTTE","0270-0102000F","TEMPORARY TYPE 1-5W FENCE","FOOT",615,35,21525,1]
[null,"2024-01-11",2024,"Q1","15494","4 ","OR126: REDMOND - POWELL BUTTE","0270-0102000F","TEMPORARY TYPE 1-5W FENCE","FOOT",615,22,13530,2]
[null,"2024-01-11",2024,"Q1","15494","4 ","OR126: REDMOND - POWELL BUTTE","0270-0102000F","TEMPORARY TYPE 1-5W FENCE","FOOT",615,19,11685,3]
[null,"2024-01-11",2024,"Q1","15494","4 ","OR126: REDMOND - POWELL BUTTE","0270-0102000F","TEMPORARY TYPE 1-5W FENCE","FOOT",615,20,12300,4]
[null,"2024-01-11",2024,"Q1","15496","2 ","OR164: JEFFERSON (SANTIAM RIVER) BRIDGE","0270-0114000F","TEMPORARY TYPE CL CHAIN LINK FENCE","FOOT",600,26,15600,1]
[null,"2024-01-11",2024,"Q1","15494","4 ","OR126: REDMOND - POWELL BUTTE","0270-0114000F","TEMPORARY TYPE CL CHAIN LINK FENCE","FOOT",100,30,3000,1]
[null,"2024-01-11",2024,"Q1","15496","2 ","OR164: JEFFERSON (SANTIAM RIVER) BRIDGE","0270-0114000F","TEMPORARY TYPE CL CHAIN LINK FENCE","FOOT",600,10,6000,2]
[null,"2024-01-11",2024,"Q1","15494","4 ","OR126: REDMOND - POWELL BUTTE","0270-0114000F","TEMPORARY TYPE CL CHAIN LINK FENCE","FOOT",100,45,4500,2]
[null,"2024-01-11",2024,"Q1","15496","2 ","OR164: JEFFERSON (SANTIAM RIVER) BRIDGE","0270-0114000F","TEMPORARY TYPE CL CHAIN LINK FENCE","FOOT",600,10,6000,3]
[null,"2024-01-11",2024,"Q1","15494","4 ","OR126: REDMOND - POWELL BUTTE","0270-0114000F","TEMPORARY TYPE CL CHAIN LINK FENCE","FOOT",100,40,4000,3]
[null,"2024-01-11",2024,"Q1","15496","2 ","OR164: JEFFERSON (SANTIAM RIVER) BRIDGE","0270-0114000F","TEMPORARY TYPE CL CHAIN LINK FENCE","FOOT",600,25,15000,4]
[null,"2024-01-11",2024,"Q1","15494","4 ","OR126: REDMOND - POWELL BUTTE","0270-0114000F","TEMPORARY TYPE CL CHAIN LINK FENCE","FOOT",100,40,4000,4]
[null,"2024-01-11",2024,"Q1","15496","2 ","OR164: JEFFERSON (SANTIAM RIVER) BRIDGE","0270-0114000F","TEMPORARY TYPE CL CHAIN LINK FENCE","FOOT",600,11.75,7050,5]
[null,"2024-01-11",2024,"Q1","15494","4 ","OR126: REDMOND - POWELL BUTTE","0280-0110000A","EROSION AND SEDIMENT CONTROL MANAGER","LS",1,8500,8500,1]
[null,"2024-01-11",2024,"Q1","15494","4 ","OR126: REDMOND - POWELL BUTTE","0280-0110000A","EROSION AND SEDIMENT CONTROL MANAGER","LS",1,10000,10000,2]
[null,"2024-01-11",2024,"Q1","15494","4 ","OR126: REDMOND - POWELL BUTTE","0280-0110000A","EROSION AND SEDIMENT CONTROL MANAGER","LS",1,15000,15000,3]
[null,"2024-01-11",2024,"Q1","15494","4 ","OR126: REDMOND - POWELL BUTTE","0280-0110000A","EROSION AND SEDIMENT CONTROL MANAGER","LS",1,1000,1000,4]
[null,"2024-01-11",2024,"Q1","15494","4 ","OR126: REDMOND - POWELL BUTTE","0280-0110010E","CONSTRUCTION ENTRANCE, TYPE 1","EACH",7,2000,14000,1]
[null,"2024-01-11",2024,"Q1","15494","4 ","OR126: REDMOND - POWELL BUTTE","0280-0110010E","CONSTRUCTION ENTRANCE, TYPE 1","EACH",7,2500,17500,2]
[null,"2024-01-11",2024,"Q1","15494","4 ","OR126: REDMOND - POWELL BUTTE","0280-0110010E","CONSTRUCTION ENTRANCE, TYPE 1","EACH",7,750,5250,3]
[null,"2024-01-11",2024,"Q1","15494","4 ","OR126: REDMOND - POWELL BUTTE","0280-0110010E","CONSTRUCTION ENTRANCE, TYPE 1","EACH",7,4250,29750,4]
[null,"2024-01-11",2024,"Q1","15496","2 ","OR164: JEFFERSON (SANTIAM RIVER) BRIDGE","0280-0112500E","CONCRETE WASHOUT FACILITY","EACH",1,2500,2500,1]
[null,"2024-01-11",2024,"Q1","15494","4 ","OR126: REDMOND - POWELL BUTTE","0280-0112500E","CONCRETE WASHOUT FACILITY","EACH",3,1500,4500,1]
[null,"2024-01-11",2024,"Q1","15494","4 ","OR126: REDMOND - POWELL BUTTE","0280-0112500E","CONCRETE WASHOUT FACILITY","EACH",3,950,2850,2]
[null,"2024-01-11",2024,"Q1","15496","2 ","OR164: JEFFERSON (SANTIAM RIVER) BRIDGE","0280-0112500E","CONCRETE WASHOUT FACILITY","EACH",1,5000,5000,2]
[null,"2024-01-11",2024,"Q1","15496","2 ","OR164: JEFFERSON (SANTIAM RIVER) BRIDGE","0280-0112500E","CONCRETE WASHOUT FACILITY","EACH",1,2250,2250,3]
[null,"2024-01-11",2024,"Q1","15494","4 ","OR126: REDMOND - POWELL BUTTE","0280-0112500E","CONCRETE WASHOUT FACILITY","EACH",3,1500,4500,3]
[null,"2024-01-11",2024,"Q1","15494","4 ","OR126: REDMOND - POWELL BUTTE","0280-0112500E","CONCRETE WASHOUT FACILITY","EACH",3,2100,6300,4]
[null,"2024-01-11",2024,"Q1","15496","2 ","OR164: JEFFERSON (SANTIAM RIVER) BRIDGE","0280-0112500E","CONCRETE WASHOUT FACILITY","EACH",1,500,500,4]
[null,"2024-01-11",2024,"Q1","15496","2 ","OR164: JEFFERSON (SANTIAM RIVER) BRIDGE","0280-0112500E","CONCRETE WASHOUT FACILITY","EACH",1,591.5,591.5,5]
[null,"2024-01-11",2024,"Q1","15494","4 ","OR126: REDMOND - POWELL BUTTE","0280-0113000F","SEDIMENT FENCE","FOOT",4823,4,19292,1]
[null,"2024-01-11",2024,"Q1","15494","4 ","OR126: REDMOND - POWELL BUTTE","0280-0113000F","SEDIMENT FENCE","FOOT",4823,4.5,21703.5,2]
[null,"2024-01-11",2024,"Q1","15494","4 ","OR126: REDMOND - POWELL BUTTE","0280-0113000F","SEDIMENT FENCE","FOOT",4823,4,19292,3]
[null,"2024-01-11",2024,"Q1","15494","4 ","OR126: REDMOND - POWELL BUTTE","0280-0113000F","SEDIMENT FENCE","FOOT",4823,4.25,20497.75,4]
[null,"2024-01-11",2024,"Q1","15494","4 ","OR126: REDMOND - POWELL BUTTE","0280-0114030E","INLET PROTECTION, TYPE 3","EACH",26,200,5200,1]
[null,"2024-01-11",2024,"Q1","15494","4 ","OR126: REDMOND - POWELL BUTTE","0280-0114030E","INLET PROTECTION, TYPE 3","EACH",26,95,2470,2]
[null,"2024-01-11",2024,"Q1","15494","4 ","OR126: REDMOND - POWELL BUTTE","0280-0114030E","INLET PROTECTION, TYPE 3","EACH",26,75,1950,3]
[null,"2024-01-11",2024,"Q1","15494","4 ","OR126: REDMOND - POWELL BUTTE","0280-0114030E","INLET PROTECTION, TYPE 3","EACH",26,100,2600,4]
[null,"2024-01-11",2024,"Q1","15494","4 ","OR126: REDMOND - POWELL BUTTE","0280-0114100E","INLET PROTECTION, TYPE 10","EACH",24,200,4800,1]
[null,"2024-01-11",2024,"Q1","15494","4 ","OR126: REDMOND - POWELL BUTTE","0280-0114100E","INLET PROTECTION, TYPE 10","EACH",24,85,2040,2]
[null,"2024-01-11",2024,"Q1","15494","4 ","OR126: REDMOND - POWELL BUTTE","0280-0114100E","INLET PROTECTION, TYPE 10","EACH",24,100,2400,3]
[null,"2024-01-11",2024,"Q1","15494","4 ","OR126: REDMOND - POWELL BUTTE","0280-0114100E","INLET PROTECTION, TYPE 10","EACH",24,100,2400,4]
[null,"2024-01-11",2024,"Q1","15496","2 ","OR164: JEFFERSON (SANTIAM RIVER) BRIDGE","0280-0115020E","SEDIMENT BARRIER, TYPE 2","EACH",2,200,400,1]
[null,"2024-01-11",2024,"Q1","15494","4 ","OR126: REDMOND - POWELL BUTTE","0280-0115020E","SEDIMENT BARRIER, TYPE 2","EACH",5,500,2500,1]
[null,"2024-01-11",2024,"Q1","15494","4 ","OR126: REDMOND - POWELL BUTTE","0280-0115020E","SEDIMENT BARRIER, TYPE 2","EACH",5,180,900,2]
[null,"2024-01-11",2024,"Q1","15496","2 ","OR164: JEFFERSON (SANTIAM RIVER) BRIDGE","0280-0115020E","SEDIMENT BARRIER, TYPE 2","EACH",2,250,500,2]
[null,"2024-01-11",2024,"Q1","15496","2 ","OR164: JEFFERSON (SANTIAM RIVER) BRIDGE","0280-0115020E","SEDIMENT BARRIER, TYPE 2","EACH",2,200,400,3]
[null,"2024-01-11",2024,"Q1","15494","4 ","OR126: REDMOND - POWELL BUTTE","0280-0115020E","SEDIMENT BARRIER, TYPE 2","EACH",5,5,25,3]
[null,"2024-01-11",2024,"Q1","15496","2 ","OR164: JEFFERSON (SANTIAM RIVER) BRIDGE","0280-0115020E","SEDIMENT BARRIER, TYPE 2","EACH",2,200,400,4]
[null,"2024-01-11",2024,"Q1","15494","4 ","OR126: REDMOND - POWELL BUTTE","0280-0115020E","SEDIMENT BARRIER, TYPE 2","EACH",5,500,2500,4]
[null,"2024-01-11",2024,"Q1","15496","2 ","OR164: JEFFERSON (SANTIAM RIVER) BRIDGE","0280-0115020E","SEDIMENT BARRIER, TYPE 2","EACH",2,6,12,5]
[null,"2024-01-11",2024,"Q1","15494","4 ","OR126: REDMOND - POWELL BUTTE","0280-0115030F","SEDIMENT BARRIER, TYPE 3","FOOT",4890,4.5,22005,1]
[null,"2024-01-11",2024,"Q1","15494","4 ","OR126: REDMOND - POWELL BUTTE","0280-0115030F","SEDIMENT BARRIER, TYPE 3","FOOT",4890,4.5,22005,2]
[null,"2024-01-11",2024,"Q1","15494","4 ","OR126: REDMOND - POWELL BUTTE","0280-0115030F","SEDIMENT BARRIER, TYPE 3","FOOT",4890,4.5,22005,3]
[null,"2024-01-11",2024,"Q1","15494","4 ","OR126: REDMOND - POWELL BUTTE","0280-0115030F","SEDIMENT BARRIER, TYPE 3","FOOT",4890,5,24450,4]
[null,"2024-01-11",2024,"Q1","15496","2 ","OR164: JEFFERSON (SANTIAM RIVER) BRIDGE","0280-0115080F","SEDIMENT BARRIER, TYPE 8","FOOT",140,10,1400,1]
[null,"2024-01-11",2024,"Q1","15496","2 ","OR164: JEFFERSON (SANTIAM RIVER) BRIDGE","0280-0115080F","SEDIMENT BARRIER, TYPE 8","FOOT",140,15,2100,2]
[null,"2024-01-11",2024,"Q1","15496","2 ","OR164: JEFFERSON (SANTIAM RIVER) BRIDGE","0280-0115080F","SEDIMENT BARRIER, TYPE 8","FOOT",140,15,2100,3]
[null,"2024-01-11",2024,"Q1","15496","2 ","OR164: JEFFERSON (SANTIAM RIVER) BRIDGE","0280-0115080F","SEDIMENT BARRIER, TYPE 8","FOOT",140,10,1400,4]
[null,"2024-01-11",2024,"Q1","15496","2 ","OR164: JEFFERSON (SANTIAM RIVER) BRIDGE","0280-0115080F","SEDIMENT BARRIER, TYPE 8","FOOT",140,11.75,1645,5]
[null,"2024-01-11",2024,"Q1","15494","4 ","OR126: REDMOND - POWELL BUTTE","0280-0119000E","STRAW BALE","EACH",5,100,500,1]
[null,"2024-01-11",2024,"Q1","15494","4 ","OR126: REDMOND - POWELL BUTTE","0280-0119000E","STRAW BALE","EACH",5,30,150,2]
[null,"2024-01-11",2024,"Q1","15494","4 ","OR126: REDMOND - POWELL BUTTE","0280-0119000E","STRAW BALE","EACH",5,100,500,3]
[null,"2024-01-11",2024,"Q1","15494","4 ","OR126: REDMOND - POWELL BUTTE","0280-0119000E","STRAW BALE","EACH",5,350,1750,4]
[null,"2024-01-11",2024,"Q1","15494","4 ","OR126: REDMOND - POWELL BUTTE","0290-0100000A","POLLUTION CONTROL PLAN","LS",1,500,500,1]
[null,"2024-01-11",2024,"Q1","15496","2 ","OR164: JEFFERSON (SANTIAM RIVER) BRIDGE","0290-0100000A","POLLUTION CONTROL PLAN","LS",1,2000,2000,1]
[null,"2024-01-11",2024,"Q1","15496","2 ","OR164: JEFFERSON (SANTIAM RIVER) BRIDGE","0290-0100000A","POLLUTION CONTROL PLAN","LS",1,100,100,2]
[null,"2024-01-11",2024,"Q1","15494","4 ","OR126: REDMOND - POWELL BUTTE","0290-0100000A","POLLUTION CONTROL PLAN","LS",1,10000,10000,2]
[null,"2024-01-11",2024,"Q1","15496","2 ","OR164: JEFFERSON (SANTIAM RIVER) BRIDGE","0290-0100000A","POLLUTION CONTROL PLAN","LS",1,2500,2500,3]
[null,"2024-01-11",2024,"Q1","15494","4 ","OR126: REDMOND - POWELL BUTTE","0290-0100000A","POLLUTION CONTROL PLAN","LS",1,500,500,3]
[null,"2024-01-11",2024,"Q1","15494","4 ","OR126: REDMOND - POWELL BUTTE","0290-0100000A","POLLUTION CONTROL PLAN","LS",1,1000,1000,4]
[null,"2024-01-11",2024,"Q1","15496","2 ","OR164: JEFFERSON (SANTIAM RIVER) BRIDGE","0290-0100000A","POLLUTION CONTROL PLAN","LS",1,1000,1000,4]
[null,"2024-01-11",2024,"Q1","15496","2 ","OR164: JEFFERSON (SANTIAM RIVER) BRIDGE","0290-0100000A","POLLUTION CONTROL PLAN","LS",1,7355,7355,5]
[null,"2024-01-11",2024,"Q1","15494","4 ","OR126: REDMOND - POWELL BUTTE","0290-0102000A","WORK CONTAINMENT PLAN","LS",1,3300,3300,1]
[null,"2024-01-11",2024,"Q1","15494","4 ","OR126: REDMOND - POWELL BUTTE","0290-0102000A","WORK CONTAINMENT PLAN","LS",1,3500,3500,1]
[null,"2024-01-11",2024,"Q1","15494","4 ","OR126: REDMOND - POWELL BUTTE","0290-0102000A","WORK CONTAINMENT PLAN","LS",1,1580,1580,2]
[null,"2024-01-11",2024,"Q1","15494","4 ","OR126: REDMOND - POWELL BUTTE","0290-0102000A","WORK CONTAINMENT PLAN","LS",1,1580,1580,2]
[null,"2024-01-11",2024,"Q1","15494","4 ","OR126: REDMOND - POWELL BUTTE","0290-0102000A","WORK CONTAINMENT PLAN","LS",1,3500,3500,3]
[null,"2024-01-11",2024,"Q1","15494","4 ","OR126: REDMOND - POWELL BUTTE","0290-0102000A","WORK CONTAINMENT PLAN","LS",1,3325,3325,3]
[null,"2024-01-11",2024,"Q1","15494","4 ","OR126: REDMOND - POWELL BUTTE","0290-0102000A","WORK CONTAINMENT PLAN","LS",1,6500,6500,4]
[null,"2024-01-11",2024,"Q1","15494","4 ","OR126: REDMOND - POWELL BUTTE","0290-0102000A","WORK CONTAINMENT PLAN","LS",1,6500,6500,4]
[null,"2024-01-11",2024,"Q1","15494","4 ","OR126: REDMOND - POWELL BUTTE","0294-0200010M","CONTAMINATED SOIL DISPOSAL","TON",15,250,3750,1]
[null,"2024-01-11",2024,"Q1","15496","2 ","OR164: JEFFERSON (SANTIAM RIVER) BRIDGE","0294-0200010M","CONTAMINATED SOIL DISPOSAL","TON",120,102,12240,1]
[null,"2024-01-11",2024,"Q1","15494","4 ","OR126: REDMOND - POWELL BUTTE","0294-0200010M","CONTAMINATED SOIL DISPOSAL","TON",15,125,1875,2]
[null,"2024-01-11",2024,"Q1","15496","2 ","OR164: JEFFERSON (SANTIAM RIVER) BRIDGE","0294-0200010M","CONTAMINATED SOIL DISPOSAL","TON",120,35,4200,2]
[null,"2024-01-11",2024,"Q1","15494","4 ","OR126: REDMOND - POWELL BUTTE","0294-0200010M","CONTAMINATED SOIL DISPOSAL","TON",15,250,3750,3]
[null,"2024-01-11",2024,"Q1","15496","2 ","OR164: JEFFERSON (SANTIAM RIVER) BRIDGE","0294-0200010M","CONTAMINATED SOIL DISPOSAL","TON",120,225,27000,3]
[null,"2024-01-11",2024,"Q1","15494","4 ","OR126: REDMOND - POWELL BUTTE","0294-0200010M","CONTAMINATED SOIL DISPOSAL","TON",15,275,4125,4]
[null,"2024-01-11",2024,"Q1","15496","2 ","OR164: JEFFERSON (SANTIAM RIVER) BRIDGE","0294-0200010M","CONTAMINATED SOIL DISPOSAL","TON",120,50,6000,4]
[null,"2024-01-11",2024,"Q1","15496","2 ","OR164: JEFFERSON (SANTIAM RIVER) BRIDGE","0294-0200010M","CONTAMINATED SOIL DISPOSAL","TON",120,144.5,17340,5]
[null,"2024-01-11",2024,"Q1","15494","4 ","OR126: REDMOND - POWELL BUTTE","0294-0500000A","LEAD COMPLIANCE PLAN","LS",1,4500,4500,1]
[null,"2024-01-11",2024,"Q1","15496","2 ","OR164: JEFFERSON (SANTIAM RIVER) BRIDGE","0294-0500000A","LEAD COMPLIANCE PLAN","LS",1,7000,7000,1]
[null,"2024-01-11",2024,"Q1","15494","4 ","OR126: REDMOND - POWELL BUTTE","0294-0500000A","LEAD COMPLIANCE PLAN","LS",1,5000,5000,2]
[null,"2024-01-11",2024,"Q1","15496","2 ","OR164: JEFFERSON (SANTIAM RIVER) BRIDGE","0294-0500000A","LEAD COMPLIANCE PLAN","LS",1,100,100,2]
[null,"2024-01-11",2024,"Q1","15496","2 ","OR164: JEFFERSON (SANTIAM RIVER) BRIDGE","0294-0500000A","LEAD COMPLIANCE PLAN","LS",1,1250,1250,3]
[null,"2024-01-11",2024,"Q1","15494","4 ","OR126: REDMOND - POWELL BUTTE","0294-0500000A","LEAD COMPLIANCE PLAN","LS",1,1500,1500,3]
[null,"2024-01-11",2024,"Q1","15496","2 ","OR164: JEFFERSON (SANTIAM RIVER) BRIDGE","0294-0500000A","LEAD COMPLIANCE PLAN","LS",1,500,500,4]
[null,"2024-01-11",2024,"Q1","15494","4 ","OR126: REDMOND - POWELL BUTTE","0294-0500000A","LEAD COMPLIANCE PLAN","LS",1,10000,10000,4]
[null,"2024-01-11",2024,"Q1","15496","2 ","OR164: JEFFERSON (SANTIAM RIVER) BRIDGE","0294-0500000A","LEAD COMPLIANCE PLAN","LS",1,3633,3633,5]
[null,"2024-01-11",2024,"Q1","15494","4 ","OR126: REDMOND - POWELL BUTTE","0294-0600000A","SEGREGATE AND STOCKPILE CONTAMINATED SOIL","LS",1,1500,1500,1]
[null,"2024-01-11",2024,"Q1","15494","4 ","OR126: REDMOND - POWELL BUTTE","0294-0600000A","SEGREGATE AND STOCKPILE CONTAMINATED SOIL","LS",1,15000,15000,2]
[null,"2024-01-11",2024,"Q1","15494","4 ","OR126: REDMOND - POWELL BUTTE","0294-0600000A","SEGREGATE AND STOCKPILE CONTAMINATED SOIL","LS",1,5000,5000,3]
[null,"2024-01-11",2024,"Q1","15494","4 ","OR126: REDMOND - POWELL BUTTE","0294-0600000A","SEGREGATE AND STOCKPILE CONTAMINATED SOIL","LS",1,5000,5000,4]
[null,"2024-01-11",2024,"Q1","15496","2 ","OR164: JEFFERSON (SANTIAM RIVER) BRIDGE","0294-0700000E","SOIL SAMPLE COLLECTION AND ANALYTICAL TESTING","EACH",1,5000,5000,1]
[null,"2024-01-11",2024,"Q1","15496","2 ","OR164: JEFFERSON (SANTIAM RIVER) BRIDGE","0294-0700000E","SOIL SAMPLE COLLECTION AND ANALYTICAL TESTING","EACH",1,2500,2500,2]
[null,"2024-01-11",2024,"Q1","15496","2 ","OR164: JEFFERSON (SANTIAM RIVER) BRIDGE","0294-0700000E","SOIL SAMPLE COLLECTION AND ANALYTICAL TESTING","EACH",1,750,750,3]
[null,"2024-01-11",2024,"Q1","15496","2 ","OR164: JEFFERSON (SANTIAM RIVER) BRIDGE","0294-0700000E","SOIL SAMPLE COLLECTION AND ANALYTICAL TESTING","EACH",1,2000,2000,4]
[null,"2024-01-11",2024,"Q1","15496","2 ","OR164: JEFFERSON (SANTIAM RIVER) BRIDGE","0294-0700000E","SOIL SAMPLE COLLECTION AND ANALYTICAL TESTING","EACH",1,1183,1183,5]
[null,"2024-01-11",2024,"Q1","15496","2 ","OR164: JEFFERSON (SANTIAM RIVER) BRIDGE","0310-0106000A","REMOVAL OF STRUCTURES AND OBSTRUCTIONS","LS",1,6650,6650,1]
[null,"2024-01-11",2024,"Q1","15494","4 ","OR126: REDMOND - POWELL BUTTE","0310-0106000A","REMOVAL OF STRUCTURES AND OBSTRUCTIONS","LS",1,27874,27874,1]
[null,"2024-01-11",2024,"Q1","15494","4 ","OR126: REDMOND - POWELL BUTTE","0310-0106000A","REMOVAL OF STRUCTURES AND OBSTRUCTIONS","LS",1,85000,85000,2]
[null,"2024-01-11",2024,"Q1","15496","2 ","OR164: JEFFERSON (SANTIAM RIVER) BRIDGE","0310-0106000A","REMOVAL OF STRUCTURES AND OBSTRUCTIONS","LS",1,30000,30000,2]
[null,"2024-01-11",2024,"Q1","15494","4 ","OR126: REDMOND - POWELL BUTTE","0310-0106000A","REMOVAL OF STRUCTURES AND OBSTRUCTIONS","LS",1,25000,25000,3]
[null,"2024-01-11",2024,"Q1","15496","2 ","OR164: JEFFERSON (SANTIAM RIVER) BRIDGE","0310-0106000A","REMOVAL OF STRUCTURES AND OBSTRUCTIONS","LS",1,7500,7500,3]
[null,"2024-01-11",2024,"Q1","15494","4 ","OR126: REDMOND - POWELL BUTTE","0310-0106000A","REMOVAL OF STRUCTURES AND OBSTRUCTIONS","LS",1,160000,160000,4]
[null,"2024-01-11",2024,"Q1","15496","2 ","OR164: JEFFERSON (SANTIAM RIVER) BRIDGE","0310-0106000A","REMOVAL OF STRUCTURES AND OBSTRUCTIONS","LS",1,6000,6000,4]
[null,"2024-01-11",2024,"Q1","15496","2 ","OR164: JEFFERSON (SANTIAM RIVER) BRIDGE","0310-0106000A","REMOVAL OF STRUCTURES AND OBSTRUCTIONS","LS",1,12600,12600,5]
[null,"2024-01-11",2024,"Q1","15494","4 ","OR126: REDMOND - POWELL BUTTE","0310-0106101J","REMOVAL OF SURFACINGS FOR CURB RAMP CONSTRUCTION","SQYD",350,12,4200,1]
[null,"2024-01-11",2024,"Q1","15494","4 ","OR126: REDMOND - POWELL BUTTE","0310-0106101J","REMOVAL OF SURFACINGS FOR CURB RAMP CONSTRUCTION","SQYD",350,45,15750,2]
[null,"2024-01-11",2024,"Q1","15494","4 ","OR126: REDMOND - POWELL BUTTE","0310-0106101J","REMOVAL OF SURFACINGS FOR CURB RAMP CONSTRUCTION","SQYD",350,25,8750,3]
[null,"2024-01-11",2024,"Q1","15494","4 ","OR126: REDMOND - POWELL BUTTE","0310-0106101J","REMOVAL OF SURFACINGS FOR CURB RAMP CONSTRUCTION","SQYD",350,135,47250,4]
[null,"2024-01-11",2024,"Q1","15494","4 ","OR126: REDMOND - POWELL BUTTE","0310-0112000A","REMOVAL OF FENCES","FOOT",60,41.666666666666664,2500,1]
[null,"2024-01-11",2024,"Q1","15494","4 ","OR126: REDMOND - POWELL BUTTE","0310-0112000A","REMOVAL OF FENCES","FOOT",60,50,3000,2]
[null,"2024-01-11",2024,"Q1","15494","4 ","OR126: REDMOND - POWELL BUTTE","0310-0112000A","REMOVAL OF FENCES","FOOT",60,41.666666666666664,2500,3]
[null,"2024-01-11",2024,"Q1","15494","4 ","OR126: REDMOND - POWELL BUTTE","0310-0112000A","REMOVAL OF FENCES","FOOT",60,41.666666666666664,2500,4]
[null,"2024-01-11",2024,"Q1","15494","4 ","OR126: REDMOND - POWELL BUTTE","0310-0113000A","REMOVAL OF GUARDRAIL","FOOT",1061,5.1837888784165882,5500,1]
[null,"2024-01-11",2024,"Q1","15494","4 ","OR126: REDMOND - POWELL BUTTE","0310-0113000A","REMOVAL OF GUARDRAIL","FOOT",1061,14.137606032045241,15000,2]
[null,"2024-01-11",2024,"Q1","15494","4 ","OR126: REDMOND - POWELL BUTTE","0310-0113000A","REMOVAL OF GUARDRAIL","FOOT",1061,4.2412818096135725,4500,3]
[null,"2024-01-11",2024,"Q1","15494","4 ","OR126: REDMOND - POWELL BUTTE","0310-0113000A","REMOVAL OF GUARDRAIL","FOOT",1061,4.7125353440150803,5000,4]
[null,"2024-01-11",2024,"Q1","15494","4 ","OR126: REDMOND - POWELL BUTTE","0310-0119000F","ASPHALT PAVEMENT SAW CUTTING","FOOT",2200,5,11000,1]
[null,"2024-01-11",2024,"Q1","15494","4 ","OR126: REDMOND - POWELL BUTTE","0310-0119000F","ASPHALT PAVEMENT SAW CUTTING","FOOT",2200,2.65,5830,2]
[null,"2024-01-11",2024,"Q1","15494","4 ","OR126: REDMOND - POWELL BUTTE","0310-0119000F","ASPHALT PAVEMENT SAW CUTTING","FOOT",2200,3,6600,3]
[null,"2024-01-11",2024,"Q1","15494","4 ","OR126: REDMOND - POWELL BUTTE","0310-0119000F","ASPHALT PAVEMENT SAW CUTTING","FOOT",2200,2.5,5500,4]
[null,"2024-01-11",2024,"Q1","15496","2 ","OR164: JEFFERSON (SANTIAM RIVER) BRIDGE","0320-0100000A","CLEARING AND GRUBBING","ACRE",0.1,200000,20000,1]
[null,"2024-01-11",2024,"Q1","15494","4 ","OR126: REDMOND - POWELL BUTTE","0320-0100000A","CLEARING AND GRUBBING","ACRE",2.73,2564.102564102564,7000,1]
[null,"2024-01-11",2024,"Q1","15496","2 ","OR164: JEFFERSON (SANTIAM RIVER) BRIDGE","0320-0100000A","CLEARING AND GRUBBING","ACRE",0.1,25000,2500,2]
[null,"2024-01-11",2024,"Q1","15494","4 ","OR126: REDMOND - POWELL BUTTE","0320-0100000A","CLEARING AND GRUBBING","ACRE",2.73,9157.5091575091574,25000,2]
[null,"2024-01-11",2024,"Q1","15496","2 ","OR164: JEFFERSON (SANTIAM RIVER) BRIDGE","0320-0100000A","CLEARING AND GRUBBING","ACRE",0.1,5000,500,3]
[null,"2024-01-11",2024,"Q1","15494","4 ","OR126: REDMOND - POWELL BUTTE","0320-0100000A","CLEARING AND GRUBBING","ACRE",2.73,3663.003663003663,10000,3]
[null,"2024-01-11",2024,"Q1","15494","4 ","OR126: REDMOND - POWELL BUTTE","0320-0100000A","CLEARING AND GRUBBING","ACRE",2.73,5494.5054945054944,15000,4]
[null,"2024-01-11",2024,"Q1","15496","2 ","OR164: JEFFERSON (SANTIAM RIVER) BRIDGE","0320-0100000A","CLEARING AND GRUBBING","ACRE",0.1,20000,2000,4]
[null,"2024-01-11",2024,"Q1","15496","2 ","OR164: JEFFERSON (SANTIAM RIVER) BRIDGE","0320-0100000A","CLEARING AND GRUBBING","ACRE",0.1,90320,9032,5]
[null,"2024-01-11",2024,"Q1","15494","4 ","OR126: REDMOND - POWELL BUTTE","0330-0101000K","DITCH EXCAVATION","CUYD",7,50,350,1]
[null,"2024-01-11",2024,"Q1","15494","4 ","OR126: REDMOND - POWELL BUTTE","0330-0101000K","DITCH EXCAVATION","CUYD",7,320,2240,2]
[null,"2024-01-11",2024,"Q1","15494","4 ","OR126: REDMOND - POWELL BUTTE","0330-0101000K","DITCH EXCAVATION","CUYD",7,150,1050,3]
[null,"2024-01-11",2024,"Q1","15494","4 ","OR126: REDMOND - POWELL BUTTE","0330-0101000K","DITCH EXCAVATION","CUYD",7,400,2800,4]
[null,"2024-01-11",2024,"Q1","15496","2 ","OR164: JEFFERSON (SANTIAM RIVER) BRIDGE","0330-0105000K","GENERAL EXCAVATION","CUYD",270,39,10530,1]
[null,"2024-01-11",2024,"Q1","15496","2 ","OR164: JEFFERSON (SANTIAM RIVER) BRIDGE","0330-0105000K","GENERAL EXCAVATION","CUYD",270,35,9450,2]
[null,"2024-01-11",2024,"Q1","15496","2 ","OR164: JEFFERSON (SANTIAM RIVER) BRIDGE","0330-0105000K","GENERAL EXCAVATION","CUYD",270,125,33750,3]
[null,"2024-01-11",2024,"Q1","15496","2 ","OR164: JEFFERSON (SANTIAM RIVER) BRIDGE","0330-0105000K","GENERAL EXCAVATION","CUYD",270,125,33750,4]
[null,"2024-01-11",2024,"Q1","15496","2 ","OR164: JEFFERSON (SANTIAM RIVER) BRIDGE","0330-0105000K","GENERAL EXCAVATION","CUYD",270,104.5,28215,5]
[null,"2024-01-11",2024,"Q1","15494","4 ","OR126: REDMOND - POWELL BUTTE","0330-0123000K","EMBANKMENT IN PLACE","CUYD",3991,48,191568,1]
[null,"2024-01-11",2024,"Q1","15494","4 ","OR126: REDMOND - POWELL BUTTE","0330-0123000K","EMBANKMENT IN PLACE","CUYD",3991,34.5,137689.5,2]
[null,"2024-01-11",2024,"Q1","15494","4 ","OR126: REDMOND - POWELL BUTTE","0330-0123000K","EMBANKMENT IN PLACE","CUYD",3991,40,159640,3]
[null,"2024-01-11",2024,"Q1","15494","4 ","OR126: REDMOND - POWELL BUTTE","0330-0123000K","EMBANKMENT IN PLACE","CUYD",3991,14,55874,4]
[null,"2024-01-11",2024,"Q1","15494","4 ","OR126: REDMOND - POWELL BUTTE","0330-0132000K","EXTRA FOR SELECTED GRANULAR BACKFILL MATERIAL","CUYD",2060,5.6,11536,1]
[null,"2024-01-11",2024,"Q1","15494","4 ","OR126: REDMOND - POWELL BUTTE","0330-0132000K","EXTRA FOR SELECTED GRANULAR BACKFILL MATERIAL","CUYD",2060,15.25,31415,2]
[null,"2024-01-11",2024,"Q1","15494","4 ","OR126: REDMOND - POWELL BUTTE","0330-0132000K","EXTRA FOR SELECTED GRANULAR BACKFILL MATERIAL","CUYD",2060,10,20600,3]
[null,"2024-01-11",2024,"Q1","15494","4 ","OR126: REDMOND - POWELL BUTTE","0330-0132000K","EXTRA FOR SELECTED GRANULAR BACKFILL MATERIAL","CUYD",2060,60,123600,4]
[null,"2024-01-11",2024,"Q1","15494","4 ","OR126: REDMOND - POWELL BUTTE","0350-0105000J","SUBGRADE GEOTEXTILE","SQYD",1210,1.5,1815,1]
[null,"2024-01-11",2024,"Q1","15496","2 ","OR164: JEFFERSON (SANTIAM RIVER) BRIDGE","0350-0105000J","SUBGRADE GEOTEXTILE","SQYD",350,2,700,1]
[null,"2024-01-11",2024,"Q1","15494","4 ","OR126: REDMOND - POWELL BUTTE","0350-0105000J","SUBGRADE GEOTEXTILE","SQYD",1210,7,8470,2]
[null,"2024-01-11",2024,"Q1","15496","2 ","OR164: JEFFERSON (SANTIAM RIVER) BRIDGE","0350-0105000J","SUBGRADE GEOTEXTILE","SQYD",350,4,1400,2]
[null,"2024-01-11",2024,"Q1","15494","4 ","OR126: REDMOND - POWELL BUTTE","0350-0105000J","SUBGRADE GEOTEXTILE","SQYD",1210,2,2420,3]
[null,"2024-01-11",2024,"Q1","15496","2 ","OR164: JEFFERSON (SANTIAM RIVER) BRIDGE","0350-0105000J","SUBGRADE GEOTEXTILE","SQYD",350,2.75,962.5,3]
[null,"2024-01-11",2024,"Q1","15496","2 ","OR164: JEFFERSON (SANTIAM RIVER) BRIDGE","0350-0105000J","SUBGRADE GEOTEXTILE","SQYD",350,5,1750,4]
[null,"2024-01-11",2024,"Q1","15494","4 ","OR126: REDMOND - POWELL BUTTE","0350-0105000J","SUBGRADE GEOTEXTILE","SQYD",1210,3,3630,4]
[null,"2024-01-11",2024,"Q1","15496","2 ","OR164: JEFFERSON (SANTIAM RIVER) BRIDGE","0350-0105000J","SUBGRADE GEOTEXTILE","SQYD",350,3.7,1295,5]
[null,"2024-01-11",2024,"Q1","15494","4 ","OR126: REDMOND - POWELL BUTTE","0390-0105000K","LOOSE RIPRAP, CLASS 50","CUYD",23,150,3450,1]
[null,"2024-01-11",2024,"Q1","15494","4 ","OR126: REDMOND - POWELL BUTTE","0390-0105000K","LOOSE RIPRAP, CLASS 50","CUYD",23,230,5290,2]
[null,"2024-01-11",2024,"Q1","15494","4 ","OR126: REDMOND - POWELL BUTTE","0390-0105000K","LOOSE RIPRAP, CLASS 50","CUYD",23,100,2300,3]
[null,"2024-01-11",2024,"Q1","15494","4 ","OR126: REDMOND - POWELL BUTTE","0390-0105000K","LOOSE RIPRAP, CLASS 50","CUYD",23,200,4600,4]
[null,"2024-01-11",2024,"Q1","15494","4 ","OR126: REDMOND - POWELL BUTTE","0405-0100000K","ROCK EXCAVATION","CUYD",50,150,7500,1]
[null,"2024-01-11",2024,"Q1","15494","4 ","OR126: REDMOND - POWELL BUTTE","0405-0100000K","ROCK EXCAVATION","CUYD",50,165,8250,2]
[null,"2024-01-11",2024,"Q1","15494","4 ","OR126: REDMOND - POWELL BUTTE","0405-0100000K","ROCK EXCAVATION","CUYD",50,200,10000,3]
[null,"2024-01-11",2024,"Q1","15494","4 ","OR126: REDMOND - POWELL BUTTE","0405-0100000K","ROCK EXCAVATION","CUYD",50,250,12500,4]
[null,"2024-01-11",2024,"Q1","15494","4 ","OR126: REDMOND - POWELL BUTTE","0415-0100000F","MAINLINE VIDEO INSPECTION","FOOT",1230,4,4920,1]
[null,"2024-01-11",2024,"Q1","15494","4 ","OR126: REDMOND - POWELL BUTTE","0415-0100000F","MAINLINE VIDEO INSPECTION","FOOT",1230,12,14760,2]
[null,"2024-01-11",2024,"Q1","15494","4 ","OR126: REDMOND - POWELL BUTTE","0415-0100000F","MAINLINE VIDEO INSPECTION","FOOT",1230,15,18450,3]
[null,"2024-01-11",2024,"Q1","15494","4 ","OR126: REDMOND - POWELL BUTTE","0415-0100000F","MAINLINE VIDEO INSPECTION","FOOT",1230,3,3690,4]
[null,"2024-01-11",2024,"Q1","15494","4 ","OR126: REDMOND - POWELL BUTTE","0445-010018AF","18 INCH CULVERT PIPE, 5 FT DEPTH","FOOT",85,165,14025,1]
[null,"2024-01-11",2024,"Q1","15494","4 ","OR126: REDMOND - POWELL BUTTE","0445-010018AF","18 INCH CULVERT PIPE, 5 FT DEPTH","FOOT",85,340,28900,2]
[null,"2024-01-11",2024,"Q1","15494","4 ","OR126: REDMOND - POWELL BUTTE","0445-010018AF","18 INCH CULVERT PIPE, 5 FT DEPTH","FOOT",85,215,18275,3]
[null,"2024-01-11",2024,"Q1","15494","4 ","OR126: REDMOND - POWELL BUTTE","0445-010018AF","18 INCH CULVERT PIPE, 5 FT DEPTH","FOOT",85,300,25500,4]
[null,"2024-01-11",2024,"Q1","15494","4 ","OR126: REDMOND - POWELL BUTTE","0445-035012AF","12 INCH STORM SEWER PIPE, 5 FT DEPTH","FOOT",1041,119.85000000000001,124763.85,1]
[null,"2024-01-11",2024,"Q1","15494","4 ","OR126: REDMOND - POWELL BUTTE","0445-035012AF","12 INCH STORM SEWER PIPE, 5 FT DEPTH","FOOT",1041,116,120756,2]
[null,"2024-01-11",2024,"Q1","15494","4 ","OR126: REDMOND - POWELL BUTTE","0445-035012AF","12 INCH STORM SEWER PIPE, 5 FT DEPTH","FOOT",1041,120,124920,3]
[null,"2024-01-11",2024,"Q1","15494","4 ","OR126: REDMOND - POWELL BUTTE","0445-035012AF","12 INCH STORM SEWER PIPE, 5 FT DEPTH","FOOT",1041,180,187380,4]
[null,"2024-01-11",2024,"Q1","15494","4 ","OR126: REDMOND - POWELL BUTTE","0445-035018AF","18 INCH STORM SEWER PIPE, 5 FT DEPTH","FOOT",31,178,5518,1]
[null,"2024-01-11",2024,"Q1","15494","4 ","OR126: REDMOND - POWELL BUTTE","0445-035018AF","18 INCH STORM SEWER PIPE, 5 FT DEPTH","FOOT",31,430,13330,2]
[null,"2024-01-11",2024,"Q1","15494","4 ","OR126: REDMOND - POWELL BUTTE","0445-035018AF","18 INCH STORM SEWER PIPE, 5 FT DEPTH","FOOT",31,130,4030,3]
[null,"2024-01-11",2024,"Q1","15494","4 ","OR126: REDMOND - POWELL BUTTE","0445-035018AF","18 INCH STORM SEWER PIPE, 5 FT DEPTH","FOOT",31,460,14260,4]
[null,"2024-01-11",2024,"Q1","15494","4 ","OR126: REDMOND - POWELL BUTTE","0445-060012AF","12 INCH DUCTILE IRON PIPE, 5 FT DEPTH","FOOT",73,186,13578,1]
[null,"2024-01-11",2024,"Q1","15494","4 ","OR126: REDMOND - POWELL BUTTE","0445-060012AF","12 INCH DUCTILE IRON PIPE, 5 FT DEPTH","FOOT",73,190,13870,2]
[null,"2024-01-11",2024,"Q1","15494","4 ","OR126: REDMOND - POWELL BUTTE","0445-060012AF","12 INCH DUCTILE IRON PIPE, 5 FT DEPTH","FOOT",73,165,12045,3]
[null,"2024-01-11",2024,"Q1","15494","4 ","OR126: REDMOND - POWELL BUTTE","0445-060012AF","12 INCH DUCTILE IRON PIPE, 5 FT DEPTH","FOOT",73,370,27010,4]
[null,"2024-01-11",2024,"Q1","15494","4 ","OR126: REDMOND - POWELL BUTTE","0445-0700180E","SLOPED END SECTIONS, 18 INCH","EACH",2,350,700,1]
[null,"2024-01-11",2024,"Q1","15494","4 ","OR126: REDMOND - POWELL BUTTE","0445-0700180E","SLOPED END SECTIONS, 18 INCH","EACH",2,1000,2000,2]
[null,"2024-01-11",2024,"Q1","15494","4 ","OR126: REDMOND - POWELL BUTTE","0445-0700180E","SLOPED END SECTIONS, 18 INCH","EACH",2,500,1000,3]
[null,"2024-01-11",2024,"Q1","15494","4 ","OR126: REDMOND - POWELL BUTTE","0445-0700180E","SLOPED END SECTIONS, 18 INCH","EACH",2,2000,4000,4]
[null,"2024-01-11",2024,"Q1","15494","4 ","OR126: REDMOND - POWELL BUTTE","0460-0100000J","PAVED CULVERT END SLOPES","SQFT",56,85,4760,1]
[null,"2024-01-11",2024,"Q1","15494","4 ","OR126: REDMOND - POWELL BUTTE","0460-0100000J","PAVED CULVERT END SLOPES","SQFT",56,35,1960,2]
[null,"2024-01-11",2024,"Q1","15494","4 ","OR126: REDMOND - POWELL BUTTE","0460-0100000J","PAVED CULVERT END SLOPES","SQFT",56,35,1960,3]
[null,"2024-01-11",2024,"Q1","15494","4 ","OR126: REDMOND - POWELL BUTTE","0460-0100000J","PAVED CULVERT END SLOPES","SQFT",56,150,8400,4]
[null,"2024-01-11",2024,"Q1","15494","4 ","OR126: REDMOND - POWELL BUTTE","0470-0105000E","CONCRETE MANHOLES, SHALLOW","EACH",2,6500,13000,1]
[null,"2024-01-11",2024,"Q1","15494","4 ","OR126: REDMOND - POWELL BUTTE","0470-0105000E","CONCRETE MANHOLES, SHALLOW","EACH",2,8500,17000,2]
[null,"2024-01-11",2024,"Q1","15494","4 ","OR126: REDMOND - POWELL BUTTE","0470-0105000E","CONCRETE MANHOLES, SHALLOW","EACH",2,4000,8000,3]
[null,"2024-01-11",2024,"Q1","15494","4 ","OR126: REDMOND - POWELL BUTTE","0470-0105000E","CONCRETE MANHOLES, SHALLOW","EACH",2,12000,24000,4]
[null,"2024-01-11",2024,"Q1","15494","4 ","OR126: REDMOND - POWELL BUTTE","0470-0309000E","CONCRETE INLETS, TYPE CG-3","EACH",10,3300,33000,1]
[null,"2024-01-11",2024,"Q1","15494","4 ","OR126: REDMOND - POWELL BUTTE","0470-0309000E","CONCRETE INLETS, TYPE CG-3","EACH",10,5500,55000,2]
[null,"2024-01-11",2024,"Q1","15494","4 ","OR126: REDMOND - POWELL BUTTE","0470-0309000E","CONCRETE INLETS, TYPE CG-3","EACH",10,4000,40000,3]
[null,"2024-01-11",2024,"Q1","15494","4 ","OR126: REDMOND - POWELL BUTTE","0470-0309000E","CONCRETE INLETS, TYPE CG-3","EACH",10,8250,82500,4]
[null,"2024-01-11",2024,"Q1","15494","4 ","OR126: REDMOND - POWELL BUTTE","0470-0313000E","CONCRETE INLETS, TYPE G-1","EACH",4,3100,12400,1]
[null,"2024-01-11",2024,"Q1","15494","4 ","OR126: REDMOND - POWELL BUTTE","0470-0313000E","CONCRETE INLETS, TYPE G-1","EACH",4,6000,24000,2]
[null,"2024-01-11",2024,"Q1","15494","4 ","OR126: REDMOND - POWELL BUTTE","0470-0313000E","CONCRETE INLETS, TYPE G-1","EACH",4,2900,11600,3]
[null,"2024-01-11",2024,"Q1","15494","4 ","OR126: REDMOND - POWELL BUTTE","0470-0313000E","CONCRETE INLETS, TYPE G-1","EACH",4,7250,29000,4]
[null,"2024-01-11",2024,"Q1","15494","4 ","OR126: REDMOND - POWELL BUTTE","0480-0100000F","DRAINAGE CURBS","FOOT",418,31,12958,1]
[null,"2024-01-11",2024,"Q1","15494","4 ","OR126: REDMOND - POWELL BUTTE","0480-0100000F","DRAINAGE CURBS","FOOT",418,31,12958,2]
[null,"2024-01-11",2024,"Q1","15494","4 ","OR126: REDMOND - POWELL BUTTE","0480-0100000F","DRAINAGE CURBS","FOOT",418,32,13376,3]
[null,"2024-01-11",2024,"Q1","15494","4 ","OR126: REDMOND - POWELL BUTTE","0480-0100000F","DRAINAGE CURBS","FOOT",418,35,14630,4]
[null,"2024-01-11",2024,"Q1","15494","4 ","OR126: REDMOND - POWELL BUTTE","0490-0117000E","FILLING ABANDONED STRUCTURES","EACH",2,1500,3000,1]
[null,"2024-01-11",2024,"Q1","15494","4 ","OR126: REDMOND - POWELL BUTTE","0490-0117000E","FILLING ABANDONED STRUCTURES","EACH",2,7500,15000,2]
[null,"2024-01-11",2024,"Q1","15494","4 ","OR126: REDMOND - POWELL BUTTE","0490-0117000E","FILLING ABANDONED STRUCTURES","EACH",2,1500,3000,3]
[null,"2024-01-11",2024,"Q1","15494","4 ","OR126: REDMOND - POWELL BUTTE","0490-0117000E","FILLING ABANDONED STRUCTURES","EACH",2,6000,12000,4]
[null,"2024-01-11",2024,"Q1","15494","4 ","OR126: REDMOND - POWELL BUTTE","0495-0100000J","TRENCH RESURFACING","SQYD",183.4,200,36680,1]
[null,"2024-01-11",2024,"Q1","15494","4 ","OR126: REDMOND - POWELL BUTTE","0495-0100000J","TRENCH RESURFACING","SQYD",183.4,200,36680,2]
[null,"2024-01-11",2024,"Q1","15494","4 ","OR126: REDMOND - POWELL BUTTE","0495-0100000J","TRENCH RESURFACING","SQYD",183.4,115,21091,3]
[null,"2024-01-11",2024,"Q1","15494","4 ","OR126: REDMOND - POWELL BUTTE","0495-0100000J","TRENCH RESURFACING","SQYD",183.4,250,45850,4]
[null,"2024-01-11",2024,"Q1","15494","4 ","OR126: REDMOND - POWELL BUTTE","0501-0100000A","BRIDGE REMOVAL WORK","SQFT",87,399.18390804597703,34729,1]
[null,"2024-01-11",2024,"Q1","15494","4 ","OR126: REDMOND - POWELL BUTTE","0501-0100000A","BRIDGE REMOVAL WORK","SQFT",492,122.59756097560975,60318,1]
[null,"2024-01-11",2024,"Q1","15494","4 ","OR126: REDMOND - POWELL BUTTE","0501-0100000A","BRIDGE REMOVAL WORK","SQFT",492,77.235772357723576,38000,2]
[null,"2024-01-11",2024,"Q1","15494","4 ","OR126: REDMOND - POWELL BUTTE","0501-0100000A","BRIDGE REMOVAL WORK","SQFT",87,137.93103448275863,12000,2]
[null,"2024-01-11",2024,"Q1","15494","4 ","OR126: REDMOND - POWELL BUTTE","0501-0100000A","BRIDGE REMOVAL WORK","SQFT",492,142.27642276422765,70000,3]
[null,"2024-01-11",2024,"Q1","15494","4 ","OR126: REDMOND - POWELL BUTTE","0501-0100000A","BRIDGE REMOVAL WORK","SQFT",87,459.77011494252872,40000,3]
[null,"2024-01-11",2024,"Q1","15494","4 ","OR126: REDMOND - POWELL BUTTE","0501-0100000A","BRIDGE REMOVAL WORK","SQFT",87,137.93103448275863,12000,4]
[null,"2024-01-11",2024,"Q1","15494","4 ","OR126: REDMOND - POWELL BUTTE","0501-0100000A","BRIDGE REMOVAL WORK","SQFT",492,91.463414634146346,45000,4]
[null,"2024-01-11",2024,"Q1","15496","2 ","OR164: JEFFERSON (SANTIAM RIVER) BRIDGE","0503-0101000J","BRIDGE DECK COLD PLANE PAVEMENT REMOVAL, 0-2 INCHES DEEP","SQYD",2138,20,42760,1]
[null,"2024-01-11",2024,"Q1","15496","2 ","OR164: JEFFERSON (SANTIAM RIVER) BRIDGE","0503-0101000J","BRIDGE DECK COLD PLANE PAVEMENT REMOVAL, 0-2 INCHES DEEP","SQYD",2138,12,25656,2]
[null,"2024-01-11",2024,"Q1","15496","2 ","OR164: JEFFERSON (SANTIAM RIVER) BRIDGE","0503-0101000J","BRIDGE DECK COLD PLANE PAVEMENT REMOVAL, 0-2 INCHES DEEP","SQYD",2138,15,32070,3]
[null,"2024-01-11",2024,"Q1","15496","2 ","OR164: JEFFERSON (SANTIAM RIVER) BRIDGE","0503-0101000J","BRIDGE DECK COLD PLANE PAVEMENT REMOVAL, 0-2 INCHES DEEP","SQYD",2138,20,42760,4]
[null,"2024-01-11",2024,"Q1","15496","2 ","OR164: JEFFERSON (SANTIAM RIVER) BRIDGE","0503-0101000J","BRIDGE DECK COLD PLANE PAVEMENT REMOVAL, 0-2 INCHES DEEP","SQYD",2138,11.75,25121.5,5]
[null,"2024-01-11",2024,"Q1","15494","4 ","OR126: REDMOND - POWELL BUTTE","0503-0102000J","BRIDGE DECK COLD PLANE PAVEMENT REMOVAL, 4-6 INCHES DEEP","SQYD",62,112.65,6984.3,1]
[null,"2024-01-11",2024,"Q1","15494","4 ","OR126: REDMOND - POWELL BUTTE","0503-0102000J","BRIDGE DECK COLD PLANE PAVEMENT REMOVAL, 4-6 INCHES DEEP","SQYD",125,112.65,14081.25,1]
[null,"2024-01-11",2024,"Q1","15494","4 ","OR126: REDMOND - POWELL BUTTE","0503-0102000J","BRIDGE DECK COLD PLANE PAVEMENT REMOVAL, 4-6 INCHES DEEP","SQYD",125,66.510000000000005,8313.75,2]
[null,"2024-01-11",2024,"Q1","15494","4 ","OR126: REDMOND - POWELL BUTTE","0503-0102000J","BRIDGE DECK COLD PLANE PAVEMENT REMOVAL, 4-6 INCHES DEEP","SQYD",62,66.5,4123,2]
[null,"2024-01-11",2024,"Q1","15494","4 ","OR126: REDMOND - POWELL BUTTE","0503-0102000J","BRIDGE DECK COLD PLANE PAVEMENT REMOVAL, 4-6 INCHES DEEP","SQYD",62,100,6200,3]
[null,"2024-01-11",2024,"Q1","15494","4 ","OR126: REDMOND - POWELL BUTTE","0503-0102000J","BRIDGE DECK COLD PLANE PAVEMENT REMOVAL, 4-6 INCHES DEEP","SQYD",125,100,12500,3]
[null,"2024-01-11",2024,"Q1","15494","4 ","OR126: REDMOND - POWELL BUTTE","0503-0102000J","BRIDGE DECK COLD PLANE PAVEMENT REMOVAL, 4-6 INCHES DEEP","SQYD",125,90,11250,4]
[null,"2024-01-11",2024,"Q1","15494","4 ","OR126: REDMOND - POWELL BUTTE","0503-0102000J","BRIDGE DECK COLD PLANE PAVEMENT REMOVAL, 4-6 INCHES DEEP","SQYD",62,90,5580,4]
[null,"2024-01-11",2024,"Q1","15494","4 ","OR126: REDMOND - POWELL BUTTE","0504-0100000J","CLASS 2 PREPARATION","SQYD",25,688,17200,1]
[null,"2024-01-11",2024,"Q1","15496","2 ","OR164: JEFFERSON (SANTIAM RIVER) BRIDGE","0504-0100000J","POWER WASHING EXISTING CONCRETE SURFACE","SQYD",3529,20.5,72344.5,1]
[null,"2024-01-11",2024,"Q1","15496","2 ","OR164: JEFFERSON (SANTIAM RIVER) BRIDGE","0504-0100000J","CLASS 2 PREPARATION","SQYD",107,595,63665,1]
[null,"2024-01-11",2024,"Q1","15496","2 ","OR164: JEFFERSON (SANTIAM RIVER) BRIDGE","0504-0100000J","POWER WASHING EXISTING CONCRETE SURFACE","SQYD",3529,40,141160,2]
[null,"2024-01-11",2024,"Q1","15494","4 ","OR126: REDMOND - POWELL BUTTE","0504-0100000J","CLASS 2 PREPARATION","SQYD",25,350,8750,2]
[null,"2024-01-11",2024,"Q1","15496","2 ","OR164: JEFFERSON (SANTIAM RIVER) BRIDGE","0504-0100000J","CLASS 2 PREPARATION","SQYD",107,1,107,2]
[null,"2024-01-11",2024,"Q1","15496","2 ","OR164: JEFFERSON (SANTIAM RIVER) BRIDGE","0504-0100000J","POWER WASHING EXISTING CONCRETE SURFACE","SQYD",3529,35,123515,3]
[null,"2024-01-11",2024,"Q1","15494","4 ","OR126: REDMOND - POWELL BUTTE","0504-0100000J","CLASS 2 PREPARATION","SQYD",25,700,17500,3]
[null,"2024-01-11",2024,"Q1","15496","2 ","OR164: JEFFERSON (SANTIAM RIVER) BRIDGE","0504-0100000J","CLASS 2 PREPARATION","SQYD",107,270.05,28895.35,3]
[null,"2024-01-11",2024,"Q1","15494","4 ","OR126: REDMOND - POWELL BUTTE","0504-0100000J","CLASS 2 PREPARATION","SQYD",25,310,7750,4]
[null,"2024-01-11",2024,"Q1","15496","2 ","OR164: JEFFERSON (SANTIAM RIVER) BRIDGE","0504-0100000J","CLASS 2 PREPARATION","SQYD",107,100,10700,4]
[null,"2024-01-11",2024,"Q1","15496","2 ","OR164: JEFFERSON (SANTIAM RIVER) BRIDGE","0504-0100000J","POWER WASHING EXISTING CONCRETE SURFACE","SQYD",3529,25,88225,4]
[null,"2024-01-11",2024,"Q1","15496","2 ","OR164: JEFFERSON (SANTIAM RIVER) BRIDGE","0504-0100000J","CLASS 2 PREPARATION","SQYD",107,628,67196,5]
[null,"2024-01-11",2024,"Q1","15496","2 ","OR164: JEFFERSON (SANTIAM RIVER) BRIDGE","0504-0100000J","POWER WASHING EXISTING CONCRETE SURFACE","SQYD",3529,50.5,178214.5,5]
[null,"2024-01-11",2024,"Q1","15494","4 ","OR126: REDMOND - POWELL BUTTE","0510-0100000A","SHORING, CRIBBING, AND COFFERDAMS","SQYD",8,316.5,2532,1]
[null,"2024-01-11",2024,"Q1","15494","4 ","OR126: REDMOND - POWELL BUTTE","0510-0100000A","SHORING, CRIBBING, AND COFFERDAMS","SQYD",8,850,6800,2]
[null,"2024-01-11",2024,"Q1","15494","4 ","OR126: REDMOND - POWELL BUTTE","0510-0100000A","SHORING, CRIBBING, AND COFFERDAMS","SQYD",8,937.5,7500,3]
[null,"2024-01-11",2024,"Q1","15494","4 ","OR126: REDMOND - POWELL BUTTE","0510-0100000A","SHORING, CRIBBING, AND COFFERDAMS","SQYD",8,2500,20000,4]
[null,"2024-01-11",2024,"Q1","15494","4 ","OR126: REDMOND - POWELL BUTTE","0510-0101000A","STRUCTURE EXCAVATION","CUYD",8,737.5,5900,1]
[null,"2024-01-11",2024,"Q1","15494","4 ","OR126: REDMOND - POWELL BUTTE","0510-0101000A","STRUCTURE EXCAVATION","CUYD",18,461.11111111111109,8300,1]
[null,"2024-01-11",2024,"Q1","15494","4 ","OR126: REDMOND - POWELL BUTTE","0510-0101000A","STRUCTURE EXCAVATION","CUYD",8,675,5400,2]
[null,"2024-01-11",2024,"Q1","15494","4 ","OR126: REDMOND - POWELL BUTTE","0510-0101000A","STRUCTURE EXCAVATION","CUYD",18,377.77777777777777,6800,2]
[null,"2024-01-11",2024,"Q1","15494","4 ","OR126: REDMOND - POWELL BUTTE","0510-0101000A","STRUCTURE EXCAVATION","CUYD",18,555.55555555555554,10000,3]
[null,"2024-01-11",2024,"Q1","15494","4 ","OR126: REDMOND - POWELL BUTTE","0510-0101000A","STRUCTURE EXCAVATION","CUYD",8,2500,20000,3]
[null,"2024-01-11",2024,"Q1","15494","4 ","OR126: REDMOND - POWELL BUTTE","0510-0101000A","STRUCTURE EXCAVATION","CUYD",8,500,4000,4]
[null,"2024-01-11",2024,"Q1","15494","4 ","OR126: REDMOND - POWELL BUTTE","0510-0101000A","STRUCTURE EXCAVATION","CUYD",18,444.44444444444446,8000,4]
[null,"2024-01-11",2024,"Q1","15494","4 ","OR126: REDMOND - POWELL BUTTE","0510-0108000A","GRANULAR STRUCTURE BACKFILL","CUYD",9,433.88888888888891,3905,1]
[null,"2024-01-11",2024,"Q1","15494","4 ","OR126: REDMOND - POWELL BUTTE","0510-0108000A","GRANULAR STRUCTURE BACKFILL","CUYD",3,1281.6666666666667,3845,1]
[null,"2024-01-11",2024,"Q1","15494","4 ","OR126: REDMOND - POWELL BUTTE","0510-0108000A","GRANULAR STRUCTURE BACKFILL","CUYD",9,600,5400,2]
[null,"2024-01-11",2024,"Q1","15494","4 ","OR126: REDMOND - POWELL BUTTE","0510-0108000A","GRANULAR STRUCTURE BACKFILL","CUYD",3,1066.6666666666667,3200,2]
[null,"2024-01-11",2024,"Q1","15494","4 ","OR126: REDMOND - POWELL BUTTE","0510-0108000A","GRANULAR STRUCTURE BACKFILL","CUYD",9,1111.1111111111111,10000,3]
[null,"2024-01-11",2024,"Q1","15494","4 ","OR126: REDMOND - POWELL BUTTE","0510-0108000A","GRANULAR STRUCTURE BACKFILL","CUYD",3,6666.666666666667,20000,3]
[null,"2024-01-11",2024,"Q1","15494","4 ","OR126: REDMOND - POWELL BUTTE","0510-0108000A","GRANULAR STRUCTURE BACKFILL","CUYD",9,777.77777777777783,7000,4]
[null,"2024-01-11",2024,"Q1","15494","4 ","OR126: REDMOND - POWELL BUTTE","0510-0108000A","GRANULAR STRUCTURE BACKFILL","CUYD",3,833.33333333333337,2500,4]
[null,"2024-01-11",2024,"Q1","15494","4 ","OR126: REDMOND - POWELL BUTTE","0512-0100000A","FURNISH DRILLING EQUIPMENT","LS",1,8000,8000,1]
[null,"2024-01-11",2024,"Q1","15494","4 ","OR126: REDMOND - POWELL BUTTE","0512-0100000A","FURNISH DRILLING EQUIPMENT","LS",1,45000,45000,2]
[null,"2024-01-11",2024,"Q1","15494","4 ","OR126: REDMOND - POWELL BUTTE","0512-0100000A","FURNISH DRILLING EQUIPMENT","LS",1,11000,11000,3]
[null,"2024-01-11",2024,"Q1","15494","4 ","OR126: REDMOND - POWELL BUTTE","0512-0100000A","FURNISH DRILLING EQUIPMENT","LS",1,40000,40000,4]
[null,"2024-01-11",2024,"Q1","15494","4 ","OR126: REDMOND - POWELL BUTTE","0512-0101000A","DRILLED SHAFT CONCRETE","CUYD",3,3733.3333333333335,11200,1]
[null,"2024-01-11",2024,"Q1","15494","4 ","OR126: REDMOND - POWELL BUTTE","0512-0101000A","DRILLED SHAFT CONCRETE","CUYD",3,378.33333333333331,1135,2]
[null,"2024-01-11",2024,"Q1","15494","4 ","OR126: REDMOND - POWELL BUTTE","0512-0101000A","DRILLED SHAFT CONCRETE","CUYD",3,3416.6666666666665,10250,3]
[null,"2024-01-11",2024,"Q1","15494","4 ","OR126: REDMOND - POWELL BUTTE","0512-0101000A","DRILLED SHAFT CONCRETE","CUYD",3,6666.666666666667,20000,4]
[null,"2024-01-11",2024,"Q1","15494","4 ","OR126: REDMOND - POWELL BUTTE","0512-0104000A","DRILLED SHAFT REINFORCEMENT, GRADE 60","LB",624,12.259615384615385,7650,1]
[null,"2024-01-11",2024,"Q1","15494","4 ","OR126: REDMOND - POWELL BUTTE","0512-0104000A","DRILLED SHAFT REINFORCEMENT, GRADE 60","LB",624,9.615384615384615,6000,2]
[null,"2024-01-11",2024,"Q1","15494","4 ","OR126: REDMOND - POWELL BUTTE","0512-0104000A","DRILLED SHAFT REINFORCEMENT, GRADE 60","LB",624,11.217948717948717,7000,3]
[null,"2024-01-11",2024,"Q1","15494","4 ","OR126: REDMOND - POWELL BUTTE","0512-0104000A","DRILLED SHAFT REINFORCEMENT, GRADE 60","LB",624,4.8076923076923075,3000,4]
[null,"2024-01-11",2024,"Q1","15494","4 ","OR126: REDMOND - POWELL BUTTE","0512-0107000F","DRILLED SHAFT EXCAVATION, 24 INCH DIAMETER","FOOT",20,1300,26000,1]
[null,"2024-01-11",2024,"Q1","15494","4 ","OR126: REDMOND - POWELL BUTTE","0512-0107000F","DRILLED SHAFT EXCAVATION, 24 INCH DIAMETER","FOOT",20,840,16800,2]
[null,"2024-01-11",2024,"Q1","15494","4 ","OR126: REDMOND - POWELL BUTTE","0512-0107000F","DRILLED SHAFT EXCAVATION, 24 INCH DIAMETER","FOOT",20,1350,27000,3]
[null,"2024-01-11",2024,"Q1","15494","4 ","OR126: REDMOND - POWELL BUTTE","0512-0107000F","DRILLED SHAFT EXCAVATION, 24 INCH DIAMETER","FOOT",20,700,14000,4]
[null,"2024-01-11",2024,"Q1","15496","2 ","OR164: JEFFERSON (SANTIAM RIVER) BRIDGE","0530-0104000A","REINFORCEMENT, GRADE 60","LB",3860,7.7720207253886011,30000,1]
[null,"2024-01-11",2024,"Q1","15496","2 ","OR164: JEFFERSON (SANTIAM RIVER) BRIDGE","0530-0104000A","REINFORCEMENT, GRADE 60","LB",3860,3.8860103626943006,15000,2]
[null,"2024-01-11",2024,"Q1","15496","2 ","OR164: JEFFERSON (SANTIAM RIVER) BRIDGE","0530-0104000A","REINFORCEMENT, GRADE 60","LB",3860,12.953367875647668,50000,3]
[null,"2024-01-11",2024,"Q1","15496","2 ","OR164: JEFFERSON (SANTIAM RIVER) BRIDGE","0530-0104000A","REINFORCEMENT, GRADE 60","LB",3860,8.5492227979274613,33000,4]
[null,"2024-01-11",2024,"Q1","15496","2 ","OR164: JEFFERSON (SANTIAM RIVER) BRIDGE","0530-0104000A","REINFORCEMENT, GRADE 60","LB",3860,3.6269430051813472,14000,5]
[null,"2024-01-11",2024,"Q1","15494","4 ","OR126: REDMOND - POWELL BUTTE","0530-0104100A","COATED REINFORCEMENT, GRADE 60","LB",3652,6.3953997809419496,23356,1]
[null,"2024-01-11",2024,"Q1","15494","4 ","OR126: REDMOND - POWELL BUTTE","0530-0104100A","COATED REINFORCEMENT, GRADE 60","LB",7424,5.9601293103448274,44248,1]
[null,"2024-01-11",2024,"Q1","15494","4 ","OR126: REDMOND - POWELL BUTTE","0530-0104100A","COATED REINFORCEMENT, GRADE 60","LB",3652,6.8455640744797375,25000,2]
[null,"2024-01-11",2024,"Q1","15494","4 ","OR126: REDMOND - POWELL BUTTE","0530-0104100A","COATED REINFORCEMENT, GRADE 60","LB",7424,6.600215517241379,49000,2]
[null,"2024-01-11",2024,"Q1","15494","4 ","OR126: REDMOND - POWELL BUTTE","0530-0104100A","COATED REINFORCEMENT, GRADE 60","LB",7424,6.6338900862068968,49250,3]
[null,"2024-01-11",2024,"Q1","15494","4 ","OR126: REDMOND - POWELL BUTTE","0530-0104100A","COATED REINFORCEMENT, GRADE 60","LB",3652,7.667031763417306,28000,3]
[null,"2024-01-11",2024,"Q1","15494","4 ","OR126: REDMOND - POWELL BUTTE","0530-0104100A","COATED REINFORCEMENT, GRADE 60","LB",7424,5.3879310344827589,40000,4]
[null,"2024-01-11",2024,"Q1","15494","4 ","OR126: REDMOND - POWELL BUTTE","0530-0104100A","COATED REINFORCEMENT, GRADE 60","LB",3652,1.5060240963855422,5500,4]
[null,"2024-01-11",2024,"Q1","15496","2 ","OR164: JEFFERSON (SANTIAM RIVER) BRIDGE","0538-0100000F","INJECT AND SEAL CRACKS","FOOT",5000,31,155000,1]
[null,"2024-01-11",2024,"Q1","15496","2 ","OR164: JEFFERSON (SANTIAM RIVER) BRIDGE","0538-0100000F","INJECT AND SEAL CRACKS","FOOT",5000,43.5,217500,2]
[null,"2024-01-11",2024,"Q1","15496","2 ","OR164: JEFFERSON (SANTIAM RIVER) BRIDGE","0538-0100000F","INJECT AND SEAL CRACKS","FOOT",5000,67,335000,3]
[null,"2024-01-11",2024,"Q1","15496","2 ","OR164: JEFFERSON (SANTIAM RIVER) BRIDGE","0538-0100000F","INJECT AND SEAL CRACKS","FOOT",5000,50,250000,4]
[null,"2024-01-11",2024,"Q1","15496","2 ","OR164: JEFFERSON (SANTIAM RIVER) BRIDGE","0538-0100000F","INJECT AND SEAL CRACKS","FOOT",5000,51.75,258750,5]
[null,"2024-01-11",2024,"Q1","15494","4 ","OR126: REDMOND - POWELL BUTTE","0540-0301000A","GENERAL STRUCTURAL CONCRETE, CLASS 3300","CUYD",14,3427.5,47985,1]
[null,"2024-01-11",2024,"Q1","15494","4 ","OR126: REDMOND - POWELL BUTTE","0540-0301000A","GENERAL STRUCTURAL CONCRETE, CLASS 3300","CUYD",24,2521.25,60510,1]
[null,"2024-01-11",2024,"Q1","15496","2 ","OR164: JEFFERSON (SANTIAM RIVER) BRIDGE","0540-0301000A","GENERAL STRUCTURAL CONCRETE, CLASS 3300","CUYD",12.5,9600,120000,1]
[null,"2024-01-11",2024,"Q1","15494","4 ","OR126: REDMOND - POWELL BUTTE","0540-0301000A","GENERAL STRUCTURAL CONCRETE, CLASS 3300","CUYD",14,2500,35000,2]
[null,"2024-01-11",2024,"Q1","15494","4 ","OR126: REDMOND - POWELL BUTTE","0540-0301000A","GENERAL STRUCTURAL CONCRETE, CLASS 3300","CUYD",24,2416.6666666666665,58000,2]
[null,"2024-01-11",2024,"Q1","15496","2 ","OR164: JEFFERSON (SANTIAM RIVER) BRIDGE","0540-0301000A","GENERAL STRUCTURAL CONCRETE, CLASS 3300","CUYD",12.5,3600,45000,2]
[null,"2024-01-11",2024,"Q1","15494","4 ","OR126: REDMOND - POWELL BUTTE","0540-0301000A","GENERAL STRUCTURAL CONCRETE, CLASS 3300","CUYD",14,3500,49000,3]
[null,"2024-01-11",2024,"Q1","15494","4 ","OR126: REDMOND - POWELL BUTTE","0540-0301000A","GENERAL STRUCTURAL CONCRETE, CLASS 3300","CUYD",24,2729.1666666666665,65500,3]
[null,"2024-01-11",2024,"Q1","15496","2 ","OR164: JEFFERSON (SANTIAM RIVER) BRIDGE","0540-0301000A","GENERAL STRUCTURAL CONCRETE, CLASS 3300","CUYD",12.5,10000,125000,3]
[null,"2024-01-11",2024,"Q1","15494","4 ","OR126: REDMOND - POWELL BUTTE","0540-0301000A","GENERAL STRUCTURAL CONCRETE, CLASS 3300","CUYD",24,2291.6666666666665,55000,4]
[null,"2024-01-11",2024,"Q1","15494","4 ","OR126: REDMOND - POWELL BUTTE","0540-0301000A","GENERAL STRUCTURAL CONCRETE, CLASS 3300","CUYD",14,2142.8571428571427,30000,4]
[null,"2024-01-11",2024,"Q1","15496","2 ","OR164: JEFFERSON (SANTIAM RIVER) BRIDGE","0540-0301000A","GENERAL STRUCTURAL CONCRETE, CLASS 3300","CUYD",12.5,9600,120000,4]
[null,"2024-01-11",2024,"Q1","15496","2 ","OR164: JEFFERSON (SANTIAM RIVER) BRIDGE","0540-0301000A","GENERAL STRUCTURAL CONCRETE, CLASS 3300","CUYD",12.5,5212,65150,5]
[null,"2024-01-11",2024,"Q1","15496","2 ","OR164: JEFFERSON (SANTIAM RIVER) BRIDGE","0542-0100000A","LOCATE CONCRETE REPAIR","LS",1,100000,100000,1]
[null,"2024-01-11",2024,"Q1","15494","4 ","OR126: REDMOND - POWELL BUTTE","0542-0100000A","LOCATE CONCRETE REPAIR","LS",1,2660,2660,1]
[null,"2024-01-11",2024,"Q1","15494","4 ","OR126: REDMOND - POWELL BUTTE","0542-0100000A","LOCATE CONCRETE REPAIR","LS",1,2660,2660,1]
[null,"2024-01-11",2024,"Q1","15494","4 ","OR126: REDMOND - POWELL BUTTE","0542-0100000A","LOCATE CONCRETE REPAIR","LS",1,2500,2500,2]
[null,"2024-01-11",2024,"Q1","15494","4 ","OR126: REDMOND - POWELL BUTTE","0542-0100000A","LOCATE CONCRETE REPAIR","LS",1,2500,2500,2]
[null,"2024-01-11",2024,"Q1","15496","2 ","OR164: JEFFERSON (SANTIAM RIVER) BRIDGE","0542-0100000A","LOCATE CONCRETE REPAIR","LS",1,50000,50000,2]
[null,"2024-01-11",2024,"Q1","15494","4 ","OR126: REDMOND - POWELL BUTTE","0542-0100000A","LOCATE CONCRETE REPAIR","LS",1,2700,2700,3]
[null,"2024-01-11",2024,"Q1","15494","4 ","OR126: REDMOND - POWELL BUTTE","0542-0100000A","LOCATE CONCRETE REPAIR","LS",1,2700,2700,3]
[null,"2024-01-11",2024,"Q1","15496","2 ","OR164: JEFFERSON (SANTIAM RIVER) BRIDGE","0542-0100000A","LOCATE CONCRETE REPAIR","LS",1,35000,35000,3]
[null,"2024-01-11",2024,"Q1","15494","4 ","OR126: REDMOND - POWELL BUTTE","0542-0100000A","LOCATE CONCRETE REPAIR","LS",1,2500,2500,4]
[null,"2024-01-11",2024,"Q1","15496","2 ","OR164: JEFFERSON (SANTIAM RIVER) BRIDGE","0542-0100000A","LOCATE CONCRETE REPAIR","LS",1,20000,20000,4]
[null,"2024-01-11",2024,"Q1","15494","4 ","OR126: REDMOND - POWELL BUTTE","0542-0100000A","LOCATE CONCRETE REPAIR","LS",1,2500,2500,4]
[null,"2024-01-11",2024,"Q1","15496","2 ","OR164: JEFFERSON (SANTIAM RIVER) BRIDGE","0542-0100000A","LOCATE CONCRETE REPAIR","LS",1,34970,34970,5]
[null,"2024-01-11",2024,"Q1","15496","2 ","OR164: JEFFERSON (SANTIAM RIVER) BRIDGE","0542-0101000E","REINFORCING BAR REPAIR","EACH",4,1000,4000,1]
[null,"2024-01-11",2024,"Q1","15496","2 ","OR164: JEFFERSON (SANTIAM RIVER) BRIDGE","0542-0101000E","REINFORCING BAR REPAIR","EACH",4,2000,8000,2]
[null,"2024-01-11",2024,"Q1","15496","2 ","OR164: JEFFERSON (SANTIAM RIVER) BRIDGE","0542-0101000E","REINFORCING BAR REPAIR","EACH",4,750,3000,3]
[null,"2024-01-11",2024,"Q1","15496","2 ","OR164: JEFFERSON (SANTIAM RIVER) BRIDGE","0542-0101000E","REINFORCING BAR REPAIR","EACH",4,3000,12000,4]
[null,"2024-01-11",2024,"Q1","15496","2 ","OR164: JEFFERSON (SANTIAM RIVER) BRIDGE","0542-0101000E","REINFORCING BAR REPAIR","EACH",4,596,2384,5]
[null,"2024-01-11",2024,"Q1","15494","4 ","OR126: REDMOND - POWELL BUTTE","0542-0102000J","CONCRETE REPAIR","SQYD",2,3644,7288,1]
[null,"2024-01-11",2024,"Q1","15494","4 ","OR126: REDMOND - POWELL BUTTE","0542-0102000J","CONCRETE REPAIR","SQYD",2,3644,7288,1]
[null,"2024-01-11",2024,"Q1","15496","2 ","OR164: JEFFERSON (SANTIAM RIVER) BRIDGE","0542-0102000J","CONCRETE REPAIR","SQYD",126,2700,340200,1]
[null,"2024-01-11",2024,"Q1","15494","4 ","OR126: REDMOND - POWELL BUTTE","0542-0102000J","CONCRETE REPAIR","SQYD",2,11000,22000,2]
[null,"2024-01-11",2024,"Q1","15494","4 ","OR126: REDMOND - POWELL BUTTE","0542-0102000J","CONCRETE REPAIR","SQYD",2,11000,22000,2]
[null,"2024-01-11",2024,"Q1","15496","2 ","OR164: JEFFERSON (SANTIAM RIVER) BRIDGE","0542-0102000J","CONCRETE REPAIR","SQYD",126,3300,415800,2]
[null,"2024-01-11",2024,"Q1","15496","2 ","OR164: JEFFERSON (SANTIAM RIVER) BRIDGE","0542-0102000J","CONCRETE REPAIR","SQYD",126,4500,567000,3]
[null,"2024-01-11",2024,"Q1","15494","4 ","OR126: REDMOND - POWELL BUTTE","0542-0102000J","CONCRETE REPAIR","SQYD",2,3650,7300,3]
[null,"2024-01-11",2024,"Q1","15494","4 ","OR126: REDMOND - POWELL BUTTE","0542-0102000J","CONCRETE REPAIR","SQYD",2,3650,7300,3]
[null,"2024-01-11",2024,"Q1","15496","2 ","OR164: JEFFERSON (SANTIAM RIVER) BRIDGE","0542-0102000J","CONCRETE REPAIR","SQYD",126,3500,441000,4]
[null,"2024-01-11",2024,"Q1","15494","4 ","OR126: REDMOND - POWELL BUTTE","0542-0102000J","CONCRETE REPAIR","SQYD",2,5000,10000,4]
[null,"2024-01-11",2024,"Q1","15494","4 ","OR126: REDMOND - POWELL BUTTE","0542-0102000J","CONCRETE REPAIR","SQYD",2,5000,10000,4]
[null,"2024-01-11",2024,"Q1","15496","2 ","OR164: JEFFERSON (SANTIAM RIVER) BRIDGE","0542-0102000J","CONCRETE REPAIR","SQYD",126,2767,348642,5]
[null,"2024-01-11",2024,"Q1","15496","2 ","OR164: JEFFERSON (SANTIAM RIVER) BRIDGE","0542-0104000J","RESIN BUILDUP OVER SHALLOW REBAR","SQYD",12,2250,27000,1]
[null,"2024-01-11",2024,"Q1","15496","2 ","OR164: JEFFERSON (SANTIAM RIVER) BRIDGE","0542-0104000J","RESIN BUILDUP OVER SHALLOW REBAR","SQYD",12,2200,26400,2]
[null,"2024-01-11",2024,"Q1","15496","2 ","OR164: JEFFERSON (SANTIAM RIVER) BRIDGE","0542-0104000J","RESIN BUILDUP OVER SHALLOW REBAR","SQYD",12,5500,66000,3]
[null,"2024-01-11",2024,"Q1","15496","2 ","OR164: JEFFERSON (SANTIAM RIVER) BRIDGE","0542-0104000J","RESIN BUILDUP OVER SHALLOW REBAR","SQYD",12,1300,15600,4]
[null,"2024-01-11",2024,"Q1","15496","2 ","OR164: JEFFERSON (SANTIAM RIVER) BRIDGE","0542-0104000J","RESIN BUILDUP OVER SHALLOW REBAR","SQYD",12,1041,12492,5]
[null,"2024-01-11",2024,"Q1","15496","2 ","OR164: JEFFERSON (SANTIAM RIVER) BRIDGE","0542-0105000E","ZINC ANODE INSTALLATION","EACH",4,180,720,1]
[null,"2024-01-11",2024,"Q1","15496","2 ","OR164: JEFFERSON (SANTIAM RIVER) BRIDGE","0542-0105000E","ZINC ANODE INSTALLATION","EACH",4,750,3000,2]
[null,"2024-01-11",2024,"Q1","15496","2 ","OR164: JEFFERSON (SANTIAM RIVER) BRIDGE","0542-0105000E","ZINC ANODE INSTALLATION","EACH",4,750,3000,3]
[null,"2024-01-11",2024,"Q1","15496","2 ","OR164: JEFFERSON (SANTIAM RIVER) BRIDGE","0542-0105000E","ZINC ANODE INSTALLATION","EACH",4,600,2400,4]
[null,"2024-01-11",2024,"Q1","15496","2 ","OR164: JEFFERSON (SANTIAM RIVER) BRIDGE","0542-0105000E","ZINC ANODE INSTALLATION","EACH",4,376.5,1506,5]
[null,"2024-01-11",2024,"Q1","15496","2 ","OR164: JEFFERSON (SANTIAM RIVER) BRIDGE","0556-0300000J","FURNISH MPCO MATERIAL","SQYD",2138,21.880000000000003,46779.44,1]
[null,"2024-01-11",2024,"Q1","15496","2 ","OR164: JEFFERSON (SANTIAM RIVER) BRIDGE","0556-0300000J","FURNISH MPCO MATERIAL","SQYD",2138,28.15,60184.7,2]
[null,"2024-01-11",2024,"Q1","15496","2 ","OR164: JEFFERSON (SANTIAM RIVER) BRIDGE","0556-0300000J","FURNISH MPCO MATERIAL","SQYD",2138,31.5,67347,3]
[null,"2024-01-11",2024,"Q1","15496","2 ","OR164: JEFFERSON (SANTIAM RIVER) BRIDGE","0556-0300000J","FURNISH MPCO MATERIAL","SQYD",2138,35,74830,4]
[null,"2024-01-11",2024,"Q1","15496","2 ","OR164: JEFFERSON (SANTIAM RIVER) BRIDGE","0556-0300000J","FURNISH MPCO MATERIAL","SQYD",2138,25,53450,5]
[null,"2024-01-11",2024,"Q1","15496","2 ","OR164: JEFFERSON (SANTIAM RIVER) BRIDGE","0556-0500000J","CONSTRUCT MPCO","SQYD",2138,21.880000000000003,46779.44,1]
[null,"2024-01-11",2024,"Q1","15496","2 ","OR164: JEFFERSON (SANTIAM RIVER) BRIDGE","0556-0500000J","CONSTRUCT MPCO","SQYD",2138,0.16999999999999998,363.46,2]
[null,"2024-01-11",2024,"Q1","15496","2 ","OR164: JEFFERSON (SANTIAM RIVER) BRIDGE","0556-0500000J","CONSTRUCT MPCO","SQYD",2138,20.5,43829,3]
[null,"2024-01-11",2024,"Q1","15496","2 ","OR164: JEFFERSON (SANTIAM RIVER) BRIDGE","0556-0500000J","CONSTRUCT MPCO","SQYD",2138,45,96210,4]
[null,"2024-01-11",2024,"Q1","15496","2 ","OR164: JEFFERSON (SANTIAM RIVER) BRIDGE","0556-0500000J","CONSTRUCT MPCO","SQYD",2138,33.75,72157.5,5]
[null,"2024-01-11",2024,"Q1","15496","2 ","OR164: JEFFERSON (SANTIAM RIVER) BRIDGE","0567-0103000A","TITANIUM SYSTEM, 0.625 INCH DIAMETER","FOOT",152,131.57894736842104,20000,1]
[null,"2024-01-11",2024,"Q1","15496","2 ","OR164: JEFFERSON (SANTIAM RIVER) BRIDGE","0567-0103000A","TITANIUM SYSTEM, 0.625 INCH DIAMETER","FOOT",152,164.47368421052633,25000,2]
[null,"2024-01-11",2024,"Q1","15496","2 ","OR164: JEFFERSON (SANTIAM RIVER) BRIDGE","0567-0103000A","TITANIUM SYSTEM, 0.625 INCH DIAMETER","FOOT",152,148.02631578947367,22500,3]
[null,"2024-01-11",2024,"Q1","15496","2 ","OR164: JEFFERSON (SANTIAM RIVER) BRIDGE","0567-0103000A","TITANIUM SYSTEM, 0.625 INCH DIAMETER","FOOT",152,197.36842105263159,30000,4]
[null,"2024-01-11",2024,"Q1","15496","2 ","OR164: JEFFERSON (SANTIAM RIVER) BRIDGE","0567-0103000A","TITANIUM SYSTEM, 0.625 INCH DIAMETER","FOOT",152,1095.3947368421052,166500,5]
[null,"2024-01-11",2024,"Q1","15494","4 ","OR126: REDMOND - POWELL BUTTE","0583-0201000F","PVC CONDUIT SYSTEM, 3 INCH DIAMETER","FOOT",104,44,4576,1]
[null,"2024-01-11",2024,"Q1","15494","4 ","OR126: REDMOND - POWELL BUTTE","0583-0201000F","PVC CONDUIT SYSTEM, 3 INCH DIAMETER","FOOT",160,49,7840,1]
[null,"2024-01-11",2024,"Q1","15494","4 ","OR126: REDMOND - POWELL BUTTE","0583-0201000F","PVC CONDUIT SYSTEM, 3 INCH DIAMETER","FOOT",104,74,7696,2]
[null,"2024-01-11",2024,"Q1","15494","4 ","OR126: REDMOND - POWELL BUTTE","0583-0201000F","PVC CONDUIT SYSTEM, 3 INCH DIAMETER","FOOT",160,74,11840,2]
[null,"2024-01-11",2024,"Q1","15494","4 ","OR126: REDMOND - POWELL BUTTE","0583-0201000F","PVC CONDUIT SYSTEM, 3 INCH DIAMETER","FOOT",160,42,6720,3]
[null,"2024-01-11",2024,"Q1","15494","4 ","OR126: REDMOND - POWELL BUTTE","0583-0201000F","PVC CONDUIT SYSTEM, 3 INCH DIAMETER","FOOT",104,42,4368,3]
[null,"2024-01-11",2024,"Q1","15494","4 ","OR126: REDMOND - POWELL BUTTE","0583-0201000F","PVC CONDUIT SYSTEM, 3 INCH DIAMETER","FOOT",104,60,6240,4]
[null,"2024-01-11",2024,"Q1","15494","4 ","OR126: REDMOND - POWELL BUTTE","0583-0201000F","PVC CONDUIT SYSTEM, 3 INCH DIAMETER","FOOT",160,50,8000,4]
[null,"2024-01-11",2024,"Q1","15496","2 ","OR164: JEFFERSON (SANTIAM RIVER) BRIDGE","0585-0206100A","POURED JOINT SEAL","FOOT",587,51.107325383304939,30000,1]
[null,"2024-01-11",2024,"Q1","15496","2 ","OR164: JEFFERSON (SANTIAM RIVER) BRIDGE","0585-0206100A","POURED JOINT SEAL","FOOT",587,20.442930153321978,12000,2]
[null,"2024-01-11",2024,"Q1","15496","2 ","OR164: JEFFERSON (SANTIAM RIVER) BRIDGE","0585-0206100A","POURED JOINT SEAL","FOOT",587,20.868824531516182,12250,3]
[null,"2024-01-11",2024,"Q1","15496","2 ","OR164: JEFFERSON (SANTIAM RIVER) BRIDGE","0585-0206100A","POURED JOINT SEAL","FOOT",587,34.071550255536629,20000,4]
[null,"2024-01-11",2024,"Q1","15496","2 ","OR164: JEFFERSON (SANTIAM RIVER) BRIDGE","0585-0206100A","POURED JOINT SEAL","FOOT",587,128.68824531516185,75540,5]
[null,"2024-01-11",2024,"Q1","15496","2 ","OR164: JEFFERSON (SANTIAM RIVER) BRIDGE","0585-0300000A","CONTROL JOINT","FOOT",48,41.666666666666664,2000,1]
[null,"2024-01-11",2024,"Q1","15496","2 ","OR164: JEFFERSON (SANTIAM RIVER) BRIDGE","0585-0300000A","CONTROL JOINT","FOOT",48,25,1200,2]
[null,"2024-01-11",2024,"Q1","15496","2 ","OR164: JEFFERSON (SANTIAM RIVER) BRIDGE","0585-0300000A","CONTROL JOINT","FOOT",48,19.791666666666668,950,3]
[null,"2024-01-11",2024,"Q1","15496","2 ","OR164: JEFFERSON (SANTIAM RIVER) BRIDGE","0585-0300000A","CONTROL JOINT","FOOT",48,41.666666666666664,2000,4]
[null,"2024-01-11",2024,"Q1","15496","2 ","OR164: JEFFERSON (SANTIAM RIVER) BRIDGE","0585-0300000A","CONTROL JOINT","FOOT",48,52.25,2508,5]
[null,"2024-01-11",2024,"Q1","15496","2 ","OR164: JEFFERSON (SANTIAM RIVER) BRIDGE","0587-0103000A","2 TUBE CURB MOUNT RAIL, MODIFIED","FOOT",72,347.22222222222223,25000,1]
[null,"2024-01-11",2024,"Q1","15496","2 ","OR164: JEFFERSON (SANTIAM RIVER) BRIDGE","0587-0103000A","2 TUBE CURB MOUNT RAIL, MODIFIED","FOOT",72,291.66666666666669,21000,2]
[null,"2024-01-11",2024,"Q1","15496","2 ","OR164: JEFFERSON (SANTIAM RIVER) BRIDGE","0587-0103000A","2 TUBE CURB MOUNT RAIL, MODIFIED","FOOT",72,347.22222222222223,25000,3]
[null,"2024-01-11",2024,"Q1","15496","2 ","OR164: JEFFERSON (SANTIAM RIVER) BRIDGE","0587-0103000A","2 TUBE CURB MOUNT RAIL, MODIFIED","FOOT",72,277.77777777777777,20000,4]
[null,"2024-01-11",2024,"Q1","15496","2 ","OR164: JEFFERSON (SANTIAM RIVER) BRIDGE","0587-0103000A","2 TUBE CURB MOUNT RAIL, MODIFIED","FOOT",72,611.52777777777783,44030,5]
[null,"2024-01-11",2024,"Q1","15494","4 ","OR126: REDMOND - POWELL BUTTE","0587-0115000A","VERTICAL CONCRETE PARAPET, 42 INCH","FOOT",120,474.33333333333331,56920,1]
[null,"2024-01-11",2024,"Q1","15494","4 ","OR126: REDMOND - POWELL BUTTE","0587-0115000A","VERTICAL CONCRETE PARAPET, 42 INCH","FOOT",64,365.78125,23410,1]
[null,"2024-01-11",2024,"Q1","15494","4 ","OR126: REDMOND - POWELL BUTTE","0587-0115000A","VERTICAL CONCRETE PARAPET, 42 INCH","FOOT",120,341.66666666666669,41000,2]
[null,"2024-01-11",2024,"Q1","15494","4 ","OR126: REDMOND - POWELL BUTTE","0587-0115000A","VERTICAL CONCRETE PARAPET, 42 INCH","FOOT",64,340.625,21800,2]
[null,"2024-01-11",2024,"Q1","15494","4 ","OR126: REDMOND - POWELL BUTTE","0587-0115000A","VERTICAL CONCRETE PARAPET, 42 INCH","FOOT",64,492.1875,31500,3]
[null,"2024-01-11",2024,"Q1","15494","4 ","OR126: REDMOND - POWELL BUTTE","0587-0115000A","VERTICAL CONCRETE PARAPET, 42 INCH","FOOT",120,466.66666666666669,56000,3]
[null,"2024-01-11",2024,"Q1","15494","4 ","OR126: REDMOND - POWELL BUTTE","0587-0115000A","VERTICAL CONCRETE PARAPET, 42 INCH","FOOT",120,500,60000,4]
[null,"2024-01-11",2024,"Q1","15494","4 ","OR126: REDMOND - POWELL BUTTE","0587-0115000A","VERTICAL CONCRETE PARAPET, 42 INCH","FOOT",64,546.875,35000,4]
[null,"2024-01-11",2024,"Q1","15494","4 ","OR126: REDMOND - POWELL BUTTE","0590-0100000J","POLYMER MEMBRANE","SQFT",1466,8,11728,1]
[null,"2024-01-11",2024,"Q1","15494","4 ","OR126: REDMOND - POWELL BUTTE","0590-0100000J","POLYMER MEMBRANE","SQFT",1466,17,24922,2]
[null,"2024-01-11",2024,"Q1","15494","4 ","OR126: REDMOND - POWELL BUTTE","0590-0100000J","POLYMER MEMBRANE","SQFT",1466,10,14660,3]
[null,"2024-01-11",2024,"Q1","15494","4 ","OR126: REDMOND - POWELL BUTTE","0590-0100000J","POLYMER MEMBRANE","SQFT",1466,6.5,9529,4]
[null,"2024-01-11",2024,"Q1","15494","4 ","OR126: REDMOND - POWELL BUTTE","0592-0101000J","ROLLED WATERPROOF MEMBRANE","SQFT",719,5.5,3954.5,1]
[null,"2024-01-11",2024,"Q1","15494","4 ","OR126: REDMOND - POWELL BUTTE","0592-0101000J","ROLLED WATERPROOF MEMBRANE","SQFT",719,12,8628,2]
[null,"2024-01-11",2024,"Q1","15494","4 ","OR126: REDMOND - POWELL BUTTE","0592-0101000J","ROLLED WATERPROOF MEMBRANE","SQFT",719,10,7190,3]
[null,"2024-01-11",2024,"Q1","15494","4 ","OR126: REDMOND - POWELL BUTTE","0592-0101000J","ROLLED WATERPROOF MEMBRANE","SQFT",719,5,3595,4]
[null,"2024-01-11",2024,"Q1","15494","4 ","OR126: REDMOND - POWELL BUTTE","0610-0103000A","RECONDITIONING EXISTING ROADWAY","LS",1,2800,2800,1]
[null,"2024-01-11",2024,"Q1","15494","4 ","OR126: REDMOND - POWELL BUTTE","0610-0103000A","RECONDITIONING EXISTING ROADWAY","LS",1,35500,35500,2]
[null,"2024-01-11",2024,"Q1","15494","4 ","OR126: REDMOND - POWELL BUTTE","0610-0103000A","RECONDITIONING EXISTING ROADWAY","LS",1,75000,75000,3]
[null,"2024-01-11",2024,"Q1","15494","4 ","OR126: REDMOND - POWELL BUTTE","0610-0103000A","RECONDITIONING EXISTING ROADWAY","LS",1,75000,75000,4]
[null,"2024-01-11",2024,"Q1","15494","4 ","OR126: REDMOND - POWELL BUTTE","0620-0104000J","COLD PLANE PAVEMENT REMOVAL, 0 - 2 INCHES DEEP","SQYD",1300,7.5,9750,1]
[null,"2024-01-11",2024,"Q1","15494","4 ","OR126: REDMOND - POWELL BUTTE","0620-0104000J","COLD PLANE PAVEMENT REMOVAL, 0 - 2 INCHES DEEP","SQYD",1300,7,9100,2]
[null,"2024-01-11",2024,"Q1","15494","4 ","OR126: REDMOND - POWELL BUTTE","0620-0104000J","COLD PLANE PAVEMENT REMOVAL, 0 - 2 INCHES DEEP","SQYD",1300,5.5,7150,3]
[null,"2024-01-11",2024,"Q1","15494","4 ","OR126: REDMOND - POWELL BUTTE","0620-0104000J","COLD PLANE PAVEMENT REMOVAL, 0 - 2 INCHES DEEP","SQYD",1300,2.75,3575,4]
[null,"2024-01-11",2024,"Q1","15494","4 ","OR126: REDMOND - POWELL BUTTE","0620-0111000J","COLD PLANE PAVEMENT REMOVAL, 1 - 2 INCHES DEEP","SQYD",490,7.5,3675,1]
[null,"2024-01-11",2024,"Q1","15494","4 ","OR126: REDMOND - POWELL BUTTE","0620-0111000J","COLD PLANE PAVEMENT REMOVAL, 1 - 2 INCHES DEEP","SQYD",490,7,3430,2]
[null,"2024-01-11",2024,"Q1","15494","4 ","OR126: REDMOND - POWELL BUTTE","0620-0111000J","COLD PLANE PAVEMENT REMOVAL, 1 - 2 INCHES DEEP","SQYD",490,5.5,2695,3]
[null,"2024-01-11",2024,"Q1","15494","4 ","OR126: REDMOND - POWELL BUTTE","0620-0111000J","COLD PLANE PAVEMENT REMOVAL, 1 - 2 INCHES DEEP","SQYD",490,2.75,1347.5,4]
[null,"2024-01-11",2024,"Q1","15494","4 ","OR126: REDMOND - POWELL BUTTE","0620-0112000J","COLD PLANE PAVEMENT REMOVAL, 2 - 4 INCHES DEEP","SQYD",1470,7.5,11025,1]
[null,"2024-01-11",2024,"Q1","15494","4 ","OR126: REDMOND - POWELL BUTTE","0620-0112000J","COLD PLANE PAVEMENT REMOVAL, 2 - 4 INCHES DEEP","SQYD",1470,7,10290,2]
[null,"2024-01-11",2024,"Q1","15494","4 ","OR126: REDMOND - POWELL BUTTE","0620-0112000J","COLD PLANE PAVEMENT REMOVAL, 2 - 4 INCHES DEEP","SQYD",1470,5.75,8452.5,3]
[null,"2024-01-11",2024,"Q1","15494","4 ","OR126: REDMOND - POWELL BUTTE","0620-0112000J","COLD PLANE PAVEMENT REMOVAL, 2 - 4 INCHES DEEP","SQYD",1470,4,5880,4]
[null,"2024-01-11",2024,"Q1","15494","4 ","OR126: REDMOND - POWELL BUTTE","0620-0114000J","COLD PLANE PAVEMENT REMOVAL, 4 - 6 INCHES DEEP","SQYD",680,7.5,5100,1]
[null,"2024-01-11",2024,"Q1","15494","4 ","OR126: REDMOND - POWELL BUTTE","0620-0114000J","COLD PLANE PAVEMENT REMOVAL, 4 - 5 INCHES DEEP","SQYD",470,7.5,3525,1]
[null,"2024-01-11",2024,"Q1","15494","4 ","OR126: REDMOND - POWELL BUTTE","0620-0114000J","COLD PLANE PAVEMENT REMOVAL, 4 - 5 INCHES DEEP","SQYD",470,7,3290,2]
[null,"2024-01-11",2024,"Q1","15494","4 ","OR126: REDMOND - POWELL BUTTE","0620-0114000J","COLD PLANE PAVEMENT REMOVAL, 4 - 6 INCHES DEEP","SQYD",680,7,4760,2]
[null,"2024-01-11",2024,"Q1","15494","4 ","OR126: REDMOND - POWELL BUTTE","0620-0114000J","COLD PLANE PAVEMENT REMOVAL, 4 - 5 INCHES DEEP","SQYD",470,7,3290,3]
[null,"2024-01-11",2024,"Q1","15494","4 ","OR126: REDMOND - POWELL BUTTE","0620-0114000J","COLD PLANE PAVEMENT REMOVAL, 4 - 6 INCHES DEEP","SQYD",680,7,4760,3]
[null,"2024-01-11",2024,"Q1","15494","4 ","OR126: REDMOND - POWELL BUTTE","0620-0114000J","COLD PLANE PAVEMENT REMOVAL, 4 - 5 INCHES DEEP","SQYD",470,6,2820,4]
[null,"2024-01-11",2024,"Q1","15494","4 ","OR126: REDMOND - POWELL BUTTE","0620-0114000J","COLD PLANE PAVEMENT REMOVAL, 4 - 6 INCHES DEEP","SQYD",680,6,4080,4]
[null,"2024-01-11",2024,"Q1","15496","2 ","OR164: JEFFERSON (SANTIAM RIVER) BRIDGE","0620-0120000J","COLD PLANE PAVEMENT REMOVAL, 2 INCHES DEEP","SQYD",600,15,9000,1]
[null,"2024-01-11",2024,"Q1","15494","4 ","OR126: REDMOND - POWELL BUTTE","0620-0120000J","COLD PLANE PAVEMENT REMOVAL, 2 INCHES DEEP","SQYD",105490,2.5,263725,1]
[null,"2024-01-11",2024,"Q1","15496","2 ","OR164: JEFFERSON (SANTIAM RIVER) BRIDGE","0620-0120000J","COLD PLANE PAVEMENT REMOVAL, 2 INCHES DEEP","SQYD",600,8,4800,2]
[null,"2024-01-11",2024,"Q1","15494","4 ","OR126: REDMOND - POWELL BUTTE","0620-0120000J","COLD PLANE PAVEMENT REMOVAL, 2 INCHES DEEP","SQYD",105490,2,210980,2]
[null,"2024-01-11",2024,"Q1","15496","2 ","OR164: JEFFERSON (SANTIAM RIVER) BRIDGE","0620-0120000J","COLD PLANE PAVEMENT REMOVAL, 2 INCHES DEEP","SQYD",600,9,5400,3]
[null,"2024-01-11",2024,"Q1","15494","4 ","OR126: REDMOND - POWELL BUTTE","0620-0120000J","COLD PLANE PAVEMENT REMOVAL, 2 INCHES DEEP","SQYD",105490,4.25,448332.5,3]
[null,"2024-01-11",2024,"Q1","15494","4 ","OR126: REDMOND - POWELL BUTTE","0620-0120000J","COLD PLANE PAVEMENT REMOVAL, 2 INCHES DEEP","SQYD",105490,2,210980,4]
[null,"2024-01-11",2024,"Q1","15496","2 ","OR164: JEFFERSON (SANTIAM RIVER) BRIDGE","0620-0120000J","COLD PLANE PAVEMENT REMOVAL, 2 INCHES DEEP","SQYD",600,20,12000,4]
[null,"2024-01-11",2024,"Q1","15496","2 ","OR164: JEFFERSON (SANTIAM RIVER) BRIDGE","0620-0120000J","COLD PLANE PAVEMENT REMOVAL, 2 INCHES DEEP","SQYD",600,25.25,15150,5]
[null,"2024-01-11",2024,"Q1","15494","4 ","OR126: REDMOND - POWELL BUTTE","0620-0122000J","COLD PLANE PAVEMENT REMOVAL, 3 INCHES DEEP","SQYD",8030,3,24090,1]
[null,"2024-01-11",2024,"Q1","15494","4 ","OR126: REDMOND - POWELL BUTTE","0620-0122000J","COLD PLANE PAVEMENT REMOVAL, 3 INCHES DEEP","SQYD",8030,2.5,20075,2]
[null,"2024-01-11",2024,"Q1","15494","4 ","OR126: REDMOND - POWELL BUTTE","0620-0122000J","COLD PLANE PAVEMENT REMOVAL, 3 INCHES DEEP","SQYD",8030,4.5,36135,3]
[null,"2024-01-11",2024,"Q1","15494","4 ","OR126: REDMOND - POWELL BUTTE","0620-0122000J","COLD PLANE PAVEMENT REMOVAL, 3 INCHES DEEP","SQYD",8030,2.75,22082.5,4]
[null,"2024-01-11",2024,"Q1","15494","4 ","OR126: REDMOND - POWELL BUTTE","0620-0123000J","COLD PLANE PAVEMENT REMOVAL, 4 INCHES DEEP","SQYD",28300,3.4,96220,1]
[null,"2024-01-11",2024,"Q1","15494","4 ","OR126: REDMOND - POWELL BUTTE","0620-0123000J","COLD PLANE PAVEMENT REMOVAL, 4 INCHES DEEP","SQYD",28300,2.9,82070,2]
[null,"2024-01-11",2024,"Q1","15494","4 ","OR126: REDMOND - POWELL BUTTE","0620-0123000J","COLD PLANE PAVEMENT REMOVAL, 4 INCHES DEEP","SQYD",28300,4.5,127350,3]
[null,"2024-01-11",2024,"Q1","15494","4 ","OR126: REDMOND - POWELL BUTTE","0620-0123000J","COLD PLANE PAVEMENT REMOVAL, 4 INCHES DEEP","SQYD",28300,3,84900,4]
[null,"2024-01-11",2024,"Q1","15494","4 ","OR126: REDMOND - POWELL BUTTE","0620-0125000J","COLD PLANE PAVEMENT REMOVAL, 6 INCHES DEEP","SQYD",9500,5,47500,1]
[null,"2024-01-11",2024,"Q1","15494","4 ","OR126: REDMOND - POWELL BUTTE","0620-0125000J","COLD PLANE PAVEMENT REMOVAL, 6 INCHES DEEP","SQYD",9500,5,47500,2]
[null,"2024-01-11",2024,"Q1","15494","4 ","OR126: REDMOND - POWELL BUTTE","0620-0125000J","COLD PLANE PAVEMENT REMOVAL, 6 INCHES DEEP","SQYD",9500,3,28500,3]
[null,"2024-01-11",2024,"Q1","15494","4 ","OR126: REDMOND - POWELL BUTTE","0620-0125000J","COLD PLANE PAVEMENT REMOVAL, 6 INCHES DEEP","SQYD",9500,4.25,40375,4]
[null,"2024-01-11",2024,"Q1","15494","4 ","OR126: REDMOND - POWELL BUTTE","0640-0100000M","AGGREGATE BASE","TON",4300,45,193500,1]
[null,"2024-01-11",2024,"Q1","15494","4 ","OR126: REDMOND - POWELL BUTTE","0640-0100000M","AGGREGATE BASE","TON",4300,39,167700,2]
[null,"2024-01-11",2024,"Q1","15494","4 ","OR126: REDMOND - POWELL BUTTE","0640-0100000M","AGGREGATE BASE","TON",4300,31,133300,3]
[null,"2024-01-11",2024,"Q1","15494","4 ","OR126: REDMOND - POWELL BUTTE","0640-0100000M","AGGREGATE BASE","TON",4300,100,430000,4]
[null,"2024-01-11",2024,"Q1","15496","2 ","OR164: JEFFERSON (SANTIAM RIVER) BRIDGE","0641-0102000M","AGGREGATE BASE","TON",465,47,21855,1]
[null,"2024-01-11",2024,"Q1","15496","2 ","OR164: JEFFERSON (SANTIAM RIVER) BRIDGE","0641-0102000M","AGGREGATE BASE","TON",465,75,34875,2]
[null,"2024-01-11",2024,"Q1","15496","2 ","OR164: JEFFERSON (SANTIAM RIVER) BRIDGE","0641-0102000M","AGGREGATE BASE","TON",465,75,34875,3]
[null,"2024-01-11",2024,"Q1","15496","2 ","OR164: JEFFERSON (SANTIAM RIVER) BRIDGE","0641-0102000M","AGGREGATE BASE","TON",465,70,32550,4]
[null,"2024-01-11",2024,"Q1","15496","2 ","OR164: JEFFERSON (SANTIAM RIVER) BRIDGE","0641-0102000M","AGGREGATE BASE","TON",465,99,46035,5]
[null,"2024-01-11",2024,"Q1","15494","4 ","OR126: REDMOND - POWELL BUTTE","0730-0100000M","EMULSIFIED ASPHALT FOR TACK COAT","TON",83,600,49800,1]
[null,"2024-01-11",2024,"Q1","15494","4 ","OR126: REDMOND - POWELL BUTTE","0730-0100000M","EMULSIFIED ASPHALT FOR TACK COAT","TON",83,600,49800,2]
[null,"2024-01-11",2024,"Q1","15494","4 ","OR126: REDMOND - POWELL BUTTE","0730-0100000M","EMULSIFIED ASPHALT FOR TACK COAT","TON",83,600,49800,3]
[null,"2024-01-11",2024,"Q1","15494","4 ","OR126: REDMOND - POWELL BUTTE","0730-0100000M","EMULSIFIED ASPHALT FOR TACK COAT","TON",83,100,8300,4]
[null,"2024-01-11",2024,"Q1","15496","2 ","OR164: JEFFERSON (SANTIAM RIVER) BRIDGE","0744-0303000M","LEVEL 3, 3/8 INCH ACP MIXTURE","TON",220,210,46200,1]
[null,"2024-01-11",2024,"Q1","15496","2 ","OR164: JEFFERSON (SANTIAM RIVER) BRIDGE","0744-0303000M","LEVEL 3, 3/8 INCH ACP MIXTURE","TON",220,200,44000,2]
[null,"2024-01-11",2024,"Q1","15496","2 ","OR164: JEFFERSON (SANTIAM RIVER) BRIDGE","0744-0303000M","LEVEL 3, 3/8 INCH ACP MIXTURE","TON",220,203,44660,3]
[null,"2024-01-11",2024,"Q1","15496","2 ","OR164: JEFFERSON (SANTIAM RIVER) BRIDGE","0744-0303000M","LEVEL 3, 3/8 INCH ACP MIXTURE","TON",220,210,46200,4]
[null,"2024-01-11",2024,"Q1","15496","2 ","OR164: JEFFERSON (SANTIAM RIVER) BRIDGE","0744-0303000M","LEVEL 3, 3/8 INCH ACP MIXTURE","TON",220,240,52800,5]
[null,"2024-01-11",2024,"Q1","15494","4 ","OR126: REDMOND - POWELL BUTTE","0745-0322000M","LEVEL 3, 1/2 INCH LIME TREATED ACP","TON",18700,83.25,1556775,1]
[null,"2024-01-11",2024,"Q1","15494","4 ","OR126: REDMOND - POWELL BUTTE","0745-0322000M","LEVEL 3, 1/2 INCH LIME TREATED ACP","TON",18700,80.25,1500675,2]
[null,"2024-01-11",2024,"Q1","15494","4 ","OR126: REDMOND - POWELL BUTTE","0745-0322000M","LEVEL 3, 1/2 INCH LIME TREATED ACP","TON",18700,38,710600,3]
[null,"2024-01-11",2024,"Q1","15494","4 ","OR126: REDMOND - POWELL BUTTE","0745-0322000M","LEVEL 3, 1/2 INCH LIME TREATED ACP","TON",18700,95,1776500,4]
[null,"2024-01-11",2024,"Q1","15494","4 ","OR126: REDMOND - POWELL BUTTE","0745-0351000M","LEVEL 3, 1/2 INCH LIME TREATED ACP IN TEMPORARY","TON",4,540,2160,1]
[null,"2024-01-11",2024,"Q1","15494","4 ","OR126: REDMOND - POWELL BUTTE","0745-0351000M","LEVEL 3, 1/2 INCH LIME TREATED ACP IN TEMPORARY","TON",4,540,2160,2]
[null,"2024-01-11",2024,"Q1","15494","4 ","OR126: REDMOND - POWELL BUTTE","0745-0351000M","LEVEL 3, 1/2 INCH LIME TREATED ACP IN TEMPORARY","TON",4,250,1000,3]
[null,"2024-01-11",2024,"Q1","15494","4 ","OR126: REDMOND - POWELL BUTTE","0745-0351000M","LEVEL 3, 1/2 INCH LIME TREATED ACP IN TEMPORARY","TON",4,350,1400,4]
[null,"2024-01-11",2024,"Q1","15494","4 ","OR126: REDMOND - POWELL BUTTE","0745-0422000M","LEVEL 4, 1/2 INCH LIME TREATED ACP","TON",21400,89.25,1909950,1]
[null,"2024-01-11",2024,"Q1","15494","4 ","OR126: REDMOND - POWELL BUTTE","0745-0422000M","LEVEL 4, 1/2 INCH LIME TREATED ACP","TON",21400,86.25,1845750,2]
[null,"2024-01-11",2024,"Q1","15494","4 ","OR126: REDMOND - POWELL BUTTE","0745-0422000M","LEVEL 4, 1/2 INCH LIME TREATED ACP","TON",21400,38,813200,3]
[null,"2024-01-11",2024,"Q1","15494","4 ","OR126: REDMOND - POWELL BUTTE","0745-0422000M","LEVEL 4, 1/2 INCH LIME TREATED ACP","TON",21400,94,2011600,4]
[null,"2024-01-11",2024,"Q1","15494","4 ","OR126: REDMOND - POWELL BUTTE","0745-0622000M","PG 64-28 ASPHALT IN LEVEL 3, 1/2 INCH LIME TREATED ACP","TON",1066,1,1066,1]
[null,"2024-01-11",2024,"Q1","15494","4 ","OR126: REDMOND - POWELL BUTTE","0745-0622000M","PG 64-28 ASPHALT IN LEVEL 3, 1/2 INCH LIME TREATED ACP","TON",1066,1,1066,2]
[null,"2024-01-11",2024,"Q1","15494","4 ","OR126: REDMOND - POWELL BUTTE","0745-0622000M","PG 64-28 ASPHALT IN LEVEL 3, 1/2 INCH LIME TREATED ACP","TON",1066,675,719550,3]
[null,"2024-01-11",2024,"Q1","15494","4 ","OR126: REDMOND - POWELL BUTTE","0745-0622000M","PG 64-28 ASPHALT IN LEVEL 3, 1/2 INCH LIME TREATED ACP","TON",1066,1,1066,4]
[null,"2024-01-11",2024,"Q1","15494","4 ","OR126: REDMOND - POWELL BUTTE","0745-0642100M","PG 70-28ER ASPHALT IN LEVEL 4, 1/2 INCH LIME TREATED ACP","TON",1215,1,1215,1]
[null,"2024-01-11",2024,"Q1","15494","4 ","OR126: REDMOND - POWELL BUTTE","0745-0642100M","PG 70-28ER ASPHALT IN LEVEL 4, 1/2 INCH LIME TREATED ACP","TON",1215,1,1215,2]
[null,"2024-01-11",2024,"Q1","15494","4 ","OR126: REDMOND - POWELL BUTTE","0745-0642100M","PG 70-28ER ASPHALT IN LEVEL 4, 1/2 INCH LIME TREATED ACP","TON",1215,725,880875,3]
[null,"2024-01-11",2024,"Q1","15494","4 ","OR126: REDMOND - POWELL BUTTE","0745-0642100M","PG 70-28ER ASPHALT IN LEVEL 4, 1/2 INCH LIME TREATED ACP","TON",1215,1,1215,4]
[null,"2024-01-11",2024,"Q1","15494","4 ","OR126: REDMOND - POWELL BUTTE","0745-0900000E","CORE CORRELATION OF NUCLEAR GAUGE READINGS","EACH",4,1532,6128,1]
[null,"2024-01-11",2024,"Q1","15494","4 ","OR126: REDMOND - POWELL BUTTE","0745-0900000E","CORE CORRELATION OF NUCLEAR GAUGE READINGS","EACH",4,1550,6200,2]
[null,"2024-01-11",2024,"Q1","15494","4 ","OR126: REDMOND - POWELL BUTTE","0745-0900000E","CORE CORRELATION OF NUCLEAR GAUGE READINGS","EACH",4,2500,10000,3]
[null,"2024-01-11",2024,"Q1","15494","4 ","OR126: REDMOND - POWELL BUTTE","0745-0900000E","CORE CORRELATION OF NUCLEAR GAUGE READINGS","EACH",4,250,1000,4]
[null,"2024-01-11",2024,"Q1","15494","4 ","OR126: REDMOND - POWELL BUTTE","0748-0103000J","6 INCH ASPHALT CONCRETE PAVEMENT REPAIR","SQYD",690,60,41400,1]
[null,"2024-01-11",2024,"Q1","15494","4 ","OR126: REDMOND - POWELL BUTTE","0748-0103000J","6 INCH ASPHALT CONCRETE PAVEMENT REPAIR","SQYD",690,60,41400,2]
[null,"2024-01-11",2024,"Q1","15494","4 ","OR126: REDMOND - POWELL BUTTE","0748-0103000J","6 INCH ASPHALT CONCRETE PAVEMENT REPAIR","SQYD",690,25,17250,3]
[null,"2024-01-11",2024,"Q1","15494","4 ","OR126: REDMOND - POWELL BUTTE","0748-0103000J","6 INCH ASPHALT CONCRETE PAVEMENT REPAIR","SQYD",690,65,44850,4]
[null,"2024-01-11",2024,"Q1","15496","2 ","OR164: JEFFERSON (SANTIAM RIVER) BRIDGE","0749-0100000E","EXTRA FOR ASPHALT APPROACHES","EACH",2,1000,2000,1]
[null,"2024-01-11",2024,"Q1","15494","4 ","OR126: REDMOND - POWELL BUTTE","0749-0100000E","EXTRA FOR ASPHALT APPROACHES","EACH",29,1910,55390,1]
[null,"2024-01-11",2024,"Q1","15496","2 ","OR164: JEFFERSON (SANTIAM RIVER) BRIDGE","0749-0100000E","EXTRA FOR ASPHALT APPROACHES","EACH",2,2000,4000,2]
[null,"2024-01-11",2024,"Q1","15494","4 ","OR126: REDMOND - POWELL BUTTE","0749-0100000E","EXTRA FOR ASPHALT APPROACHES","EACH",29,1760,51040,2]
[null,"2024-01-11",2024,"Q1","15496","2 ","OR164: JEFFERSON (SANTIAM RIVER) BRIDGE","0749-0100000E","EXTRA FOR ASPHALT APPROACHES","EACH",2,500,1000,3]
[null,"2024-01-11",2024,"Q1","15494","4 ","OR126: REDMOND - POWELL BUTTE","0749-0100000E","EXTRA FOR ASPHALT APPROACHES","EACH",29,500,14500,3]
[null,"2024-01-11",2024,"Q1","15496","2 ","OR164: JEFFERSON (SANTIAM RIVER) BRIDGE","0749-0100000E","EXTRA FOR ASPHALT APPROACHES","EACH",2,2500,5000,4]
[null,"2024-01-11",2024,"Q1","15494","4 ","OR126: REDMOND - POWELL BUTTE","0749-0100000E","EXTRA FOR ASPHALT APPROACHES","EACH",29,1500,43500,4]
[null,"2024-01-11",2024,"Q1","15496","2 ","OR164: JEFFERSON (SANTIAM RIVER) BRIDGE","0749-0100000E","EXTRA FOR ASPHALT APPROACHES","EACH",2,1076,2152,5]
[null,"2024-01-11",2024,"Q1","15494","4 ","OR126: REDMOND - POWELL BUTTE","0759-0103000F","CONCRETE CURBS, CURB AND GUTTER","FOOT",2190,34,74460,1]
[null,"2024-01-11",2024,"Q1","15494","4 ","OR126: REDMOND - POWELL BUTTE","0759-0103000F","CONCRETE CURBS, CURB AND GUTTER","FOOT",2190,54,118260,2]
[null,"2024-01-11",2024,"Q1","15494","4 ","OR126: REDMOND - POWELL BUTTE","0759-0103000F","CONCRETE CURBS, CURB AND GUTTER","FOOT",2190,32,70080,3]
[null,"2024-01-11",2024,"Q1","15494","4 ","OR126: REDMOND - POWELL BUTTE","0759-0103000F","CONCRETE CURBS, CURB AND GUTTER","FOOT",2190,37,81030,4]
[null,"2024-01-11",2024,"Q1","15494","4 ","OR126: REDMOND - POWELL BUTTE","0759-0110000F","CONCRETE CURBS, STANDARD CURB","FOOT",204,31.52,6430.08,1]
[null,"2024-01-11",2024,"Q1","15494","4 ","OR126: REDMOND - POWELL BUTTE","0759-0110000F","CONCRETE CURBS, STANDARD CURB","FOOT",204,41,8364,2]
[null,"2024-01-11",2024,"Q1","15494","4 ","OR126: REDMOND - POWELL BUTTE","0759-0110000F","CONCRETE CURBS, STANDARD CURB","FOOT",204,37.5,7650,3]
[null,"2024-01-11",2024,"Q1","15494","4 ","OR126: REDMOND - POWELL BUTTE","0759-0110000F","CONCRETE CURBS, STANDARD CURB","FOOT",204,44,8976,4]
[null,"2024-01-11",2024,"Q1","15494","4 ","OR126: REDMOND - POWELL BUTTE","0759-0126000J","CONCRETE DRIVEWAYS","SQFT",2150,17,36550,1]
[null,"2024-01-11",2024,"Q1","15494","4 ","OR126: REDMOND - POWELL BUTTE","0759-0126000J","CONCRETE DRIVEWAYS","SQFT",2150,14,30100,2]
[null,"2024-01-11",2024,"Q1","15494","4 ","OR126: REDMOND - POWELL BUTTE","0759-0126000J","CONCRETE DRIVEWAYS","SQFT",2150,10,21500,3]
[null,"2024-01-11",2024,"Q1","15494","4 ","OR126: REDMOND - POWELL BUTTE","0759-0126000J","CONCRETE DRIVEWAYS","SQFT",2150,11,23650,4]
[null,"2024-01-11",2024,"Q1","15494","4 ","OR126: REDMOND - POWELL BUTTE","0759-0128000J","CONCRETE WALKS","SQFT",10175,9,91575,1]
[null,"2024-01-11",2024,"Q1","15494","4 ","OR126: REDMOND - POWELL BUTTE","0759-0128000J","CONCRETE WALKS","SQFT",10175,12,122100,2]
[null,"2024-01-11",2024,"Q1","15494","4 ","OR126: REDMOND - POWELL BUTTE","0759-0128000J","CONCRETE WALKS","SQFT",10175,7,71225,3]
[null,"2024-01-11",2024,"Q1","15494","4 ","OR126: REDMOND - POWELL BUTTE","0759-0128000J","CONCRETE WALKS","SQFT",10175,9,91575,4]
[null,"2024-01-11",2024,"Q1","15496","2 ","OR164: JEFFERSON (SANTIAM RIVER) BRIDGE","0759-0134000J","MONOLITHIC CURB AND SIDEWALKS","SQFT",484,42,20328,1]
[null,"2024-01-11",2024,"Q1","15496","2 ","OR164: JEFFERSON (SANTIAM RIVER) BRIDGE","0759-0134000J","MONOLITHIC CURB AND SIDEWALKS","SQFT",484,65,31460,2]
[null,"2024-01-11",2024,"Q1","15496","2 ","OR164: JEFFERSON (SANTIAM RIVER) BRIDGE","0759-0134000J","MONOLITHIC CURB AND SIDEWALKS","SQFT",484,55,26620,3]
[null,"2024-01-11",2024,"Q1","15496","2 ","OR164: JEFFERSON (SANTIAM RIVER) BRIDGE","0759-0134000J","MONOLITHIC CURB AND SIDEWALKS","SQFT",484,80,38720,4]
[null,"2024-01-11",2024,"Q1","15496","2 ","OR164: JEFFERSON (SANTIAM RIVER) BRIDGE","0759-0134000J","MONOLITHIC CURB AND SIDEWALKS","SQFT",484,29.75,14399,5]
[null,"2024-01-11",2024,"Q1","15494","4 ","OR126: REDMOND - POWELL BUTTE","0759-0135000J","VALLEY GUTTER CONCRETE SURFACING","SQFT",165,35,5775,1]
[null,"2024-01-11",2024,"Q1","15494","4 ","OR126: REDMOND - POWELL BUTTE","0759-0135000J","VALLEY GUTTER CONCRETE SURFACING","SQFT",165,19,3135,2]
[null,"2024-01-11",2024,"Q1","15494","4 ","OR126: REDMOND - POWELL BUTTE","0759-0135000J","VALLEY GUTTER CONCRETE SURFACING","SQFT",165,35,5775,3]
[null,"2024-01-11",2024,"Q1","15494","4 ","OR126: REDMOND - POWELL BUTTE","0759-0135000J","VALLEY GUTTER CONCRETE SURFACING","SQFT",165,32,5280,4]
[null,"2024-01-11",2024,"Q1","15494","4 ","OR126: REDMOND - POWELL BUTTE","0759-0138000J","4 INCH CONCRETE SURFACING","SQFT",54,15,810,1]
[null,"2024-01-11",2024,"Q1","15494","4 ","OR126: REDMOND - POWELL BUTTE","0759-0138000J","4 INCH CONCRETE SURFACING","SQFT",54,10,540,2]
[null,"2024-01-11",2024,"Q1","15494","4 ","OR126: REDMOND - POWELL BUTTE","0759-0138000J","4 INCH CONCRETE SURFACING","SQFT",54,10,540,3]
[null,"2024-01-11",2024,"Q1","15494","4 ","OR126: REDMOND - POWELL BUTTE","0759-0138000J","4 INCH CONCRETE SURFACING","SQFT",54,10,540,4]
[null,"2024-01-11",2024,"Q1","15494","4 ","OR126: REDMOND - POWELL BUTTE","0759-0140000J","6 INCH CONCRETE SURFACING","SQFT",60,14.5,870,1]
[null,"2024-01-11",2024,"Q1","15494","4 ","OR126: REDMOND - POWELL BUTTE","0759-0140000J","6 INCH CONCRETE SURFACING","SQFT",60,14,840,2]
[null,"2024-01-11",2024,"Q1","15494","4 ","OR126: REDMOND - POWELL BUTTE","0759-0140000J","6 INCH CONCRETE SURFACING","SQFT",60,15,900,3]
[null,"2024-01-11",2024,"Q1","15494","4 ","OR126: REDMOND - POWELL BUTTE","0759-0140000J","6 INCH CONCRETE SURFACING","SQFT",60,12,720,4]
[null,"2024-01-11",2024,"Q1","15494","4 ","OR126: REDMOND - POWELL BUTTE","0759-0154100E","EXTRA FOR NEW CURB RAMPS","EACH",27,3100,83700,1]
[null,"2024-01-11",2024,"Q1","15496","2 ","OR164: JEFFERSON (SANTIAM RIVER) BRIDGE","0759-0154100E","EXTRA FOR NEW CURB RAMPS","EACH",2,1000,2000,1]
[null,"2024-01-11",2024,"Q1","15496","2 ","OR164: JEFFERSON (SANTIAM RIVER) BRIDGE","0759-0154100E","EXTRA FOR NEW CURB RAMPS","EACH",2,2500,5000,2]
[null,"2024-01-11",2024,"Q1","15494","4 ","OR126: REDMOND - POWELL BUTTE","0759-0154100E","EXTRA FOR NEW CURB RAMPS","EACH",27,950,25650,2]
[null,"2024-01-11",2024,"Q1","15494","4 ","OR126: REDMOND - POWELL BUTTE","0759-0154100E","EXTRA FOR NEW CURB RAMPS","EACH",27,1400,37800,3]
[null,"2024-01-11",2024,"Q1","15496","2 ","OR164: JEFFERSON (SANTIAM RIVER) BRIDGE","0759-0154100E","EXTRA FOR NEW CURB RAMPS","EACH",2,1000,2000,3]
[null,"2024-01-11",2024,"Q1","15496","2 ","OR164: JEFFERSON (SANTIAM RIVER) BRIDGE","0759-0154100E","EXTRA FOR NEW CURB RAMPS","EACH",2,7500,15000,4]
[null,"2024-01-11",2024,"Q1","15494","4 ","OR126: REDMOND - POWELL BUTTE","0759-0154100E","EXTRA FOR NEW CURB RAMPS","EACH",27,1250,33750,4]
[null,"2024-01-11",2024,"Q1","15496","2 ","OR164: JEFFERSON (SANTIAM RIVER) BRIDGE","0759-0154100E","EXTRA FOR NEW CURB RAMPS","EACH",2,1343,2686,5]
[null,"2024-01-11",2024,"Q1","15494","4 ","OR126: REDMOND - POWELL BUTTE","0759-0510000J","TRUNCATED DOMES ON NEW SURFACES","SQFT",335,39.049999999999997,13081.75,1]
[null,"2024-01-11",2024,"Q1","15494","4 ","OR126: REDMOND - POWELL BUTTE","0759-0510000J","TRUNCATED DOMES ON NEW SURFACES","SQFT",335,24,8040,2]
[null,"2024-01-11",2024,"Q1","15494","4 ","OR126: REDMOND - POWELL BUTTE","0759-0510000J","TRUNCATED DOMES ON NEW SURFACES","SQFT",335,50,16750,3]
[null,"2024-01-11",2024,"Q1","15494","4 ","OR126: REDMOND - POWELL BUTTE","0759-0510000J","TRUNCATED DOMES ON NEW SURFACES","SQFT",335,50,16750,4]
[null,"2024-01-11",2024,"Q1","15494","4 ","OR126: REDMOND - POWELL BUTTE","0810-0119000E","GUARDRAIL ANCHORS, TYPE 5","EACH",6,2100,12600,1]
[null,"2024-01-11",2024,"Q1","15494","4 ","OR126: REDMOND - POWELL BUTTE","0810-0119000E","GUARDRAIL ANCHORS, TYPE 5","EACH",6,2100,12600,2]
[null,"2024-01-11",2024,"Q1","15494","4 ","OR126: REDMOND - POWELL BUTTE","0810-0119000E","GUARDRAIL ANCHORS, TYPE 5","EACH",6,2100,12600,3]
[null,"2024-01-11",2024,"Q1","15494","4 ","OR126: REDMOND - POWELL BUTTE","0810-0119000E","GUARDRAIL ANCHORS, TYPE 5","EACH",6,2250,13500,4]
[null,"2024-01-11",2024,"Q1","15494","4 ","OR126: REDMOND - POWELL BUTTE","0810-0123000E","GUARDRAIL END PIECES, TYPE C","EACH",6,215,1290,1]
[null,"2024-01-11",2024,"Q1","15494","4 ","OR126: REDMOND - POWELL BUTTE","0810-0123000E","GUARDRAIL END PIECES, TYPE C","EACH",6,215,1290,2]
[null,"2024-01-11",2024,"Q1","15494","4 ","OR126: REDMOND - POWELL BUTTE","0810-0123000E","GUARDRAIL END PIECES, TYPE C","EACH",6,215,1290,3]
[null,"2024-01-11",2024,"Q1","15494","4 ","OR126: REDMOND - POWELL BUTTE","0810-0123000E","GUARDRAIL END PIECES, TYPE C","EACH",6,220,1320,4]
[null,"2024-01-11",2024,"Q1","15496","2 ","OR164: JEFFERSON (SANTIAM RIVER) BRIDGE","0810-0126000E","GUARDRAIL TRANSITION","EACH",2,4200,8400,1]
[null,"2024-01-11",2024,"Q1","15494","4 ","OR126: REDMOND - POWELL BUTTE","0810-0126000E","GUARDRAIL TRANSITION","EACH",8,4850,38800,1]
[null,"2024-01-11",2024,"Q1","15496","2 ","OR164: JEFFERSON (SANTIAM RIVER) BRIDGE","0810-0126000E","GUARDRAIL TRANSITION","EACH",2,4200,8400,2]
[null,"2024-01-11",2024,"Q1","15494","4 ","OR126: REDMOND - POWELL BUTTE","0810-0126000E","GUARDRAIL TRANSITION","EACH",8,4850,38800,2]
[null,"2024-01-11",2024,"Q1","15494","4 ","OR126: REDMOND - POWELL BUTTE","0810-0126000E","GUARDRAIL TRANSITION","EACH",8,4850,38800,3]
[null,"2024-01-11",2024,"Q1","15496","2 ","OR164: JEFFERSON (SANTIAM RIVER) BRIDGE","0810-0126000E","GUARDRAIL TRANSITION","EACH",2,4200,8400,3]
[null,"2024-01-11",2024,"Q1","15496","2 ","OR164: JEFFERSON (SANTIAM RIVER) BRIDGE","0810-0126000E","GUARDRAIL TRANSITION","EACH",2,4000,8000,4]
[null,"2024-01-11",2024,"Q1","15494","4 ","OR126: REDMOND - POWELL BUTTE","0810-0126000E","GUARDRAIL TRANSITION","EACH",8,5000,40000,4]
[null,"2024-01-11",2024,"Q1","15496","2 ","OR164: JEFFERSON (SANTIAM RIVER) BRIDGE","0810-0126000E","GUARDRAIL TRANSITION","EACH",2,4969,9938,5]
[null,"2024-01-11",2024,"Q1","15496","2 ","OR164: JEFFERSON (SANTIAM RIVER) BRIDGE","0810-0129000E","GUARDRAIL TERMINALS, NON-FLARED","EACH",2,3950,7900,1]
[null,"2024-01-11",2024,"Q1","15494","4 ","OR126: REDMOND - POWELL BUTTE","0810-0129000E","GUARDRAIL TERMINALS, NON-FLARED","EACH",6,4800,28800,1]
[null,"2024-01-11",2024,"Q1","15496","2 ","OR164: JEFFERSON (SANTIAM RIVER) BRIDGE","0810-0129000E","GUARDRAIL TERMINALS, NON-FLARED","EACH",2,4000,8000,2]
[null,"2024-01-11",2024,"Q1","15494","4 ","OR126: REDMOND - POWELL BUTTE","0810-0129000E","GUARDRAIL TERMINALS, NON-FLARED","EACH",6,4800,28800,2]
[null,"2024-01-11",2024,"Q1","15496","2 ","OR164: JEFFERSON (SANTIAM RIVER) BRIDGE","0810-0129000E","GUARDRAIL TERMINALS, NON-FLARED","EACH",2,3950,7900,3]
[null,"2024-01-11",2024,"Q1","15494","4 ","OR126: REDMOND - POWELL BUTTE","0810-0129000E","GUARDRAIL TERMINALS, NON-FLARED","EACH",6,4800,28800,3]
[null,"2024-01-11",2024,"Q1","15494","4 ","OR126: REDMOND - POWELL BUTTE","0810-0129000E","GUARDRAIL TERMINALS, NON-FLARED","EACH",6,5000,30000,4]
[null,"2024-01-11",2024,"Q1","15496","2 ","OR164: JEFFERSON (SANTIAM RIVER) BRIDGE","0810-0129000E","GUARDRAIL TERMINALS, NON-FLARED","EACH",2,5000,10000,4]
[null,"2024-01-11",2024,"Q1","15496","2 ","OR164: JEFFERSON (SANTIAM RIVER) BRIDGE","0810-0129000E","GUARDRAIL TERMINALS, NON-FLARED","EACH",2,4674,9348,5]
[null,"2024-01-11",2024,"Q1","15496","2 ","OR164: JEFFERSON (SANTIAM RIVER) BRIDGE","0810-0133000E","EXTRA FOR 8 FOOT POSTS","EACH",8,125,1000,1]
[null,"2024-01-11",2024,"Q1","15496","2 ","OR164: JEFFERSON (SANTIAM RIVER) BRIDGE","0810-0133000E","EXTRA FOR 8 FOOT POSTS","EACH",8,125,1000,2]
[null,"2024-01-11",2024,"Q1","15496","2 ","OR164: JEFFERSON (SANTIAM RIVER) BRIDGE","0810-0133000E","EXTRA FOR 8 FOOT POSTS","EACH",8,125,1000,3]
[null,"2024-01-11",2024,"Q1","15496","2 ","OR164: JEFFERSON (SANTIAM RIVER) BRIDGE","0810-0133000E","EXTRA FOR 8 FOOT POSTS","EACH",8,100,800,4]
[null,"2024-01-11",2024,"Q1","15496","2 ","OR164: JEFFERSON (SANTIAM RIVER) BRIDGE","0810-0133000E","EXTRA FOR 8 FOOT POSTS","EACH",8,148,1184,5]
[null,"2024-01-11",2024,"Q1","15494","4 ","OR126: REDMOND - POWELL BUTTE","0810-0145000E","EXTRA FOR HAND DUG GUARDRAIL POST HOLES","EACH",10,250,2500,1]
[null,"2024-01-11",2024,"Q1","15494","4 ","OR126: REDMOND - POWELL BUTTE","0810-0145000E","EXTRA FOR HAND DUG GUARDRAIL POST HOLES","EACH",10,250,2500,2]
[null,"2024-01-11",2024,"Q1","15494","4 ","OR126: REDMOND - POWELL BUTTE","0810-0145000E","EXTRA FOR HAND DUG GUARDRAIL POST HOLES","EACH",10,250,2500,3]
[null,"2024-01-11",2024,"Q1","15494","4 ","OR126: REDMOND - POWELL BUTTE","0810-0145000E","EXTRA FOR HAND DUG GUARDRAIL POST HOLES","EACH",10,250,2500,4]
[null,"2024-01-11",2024,"Q1","15496","2 ","OR164: JEFFERSON (SANTIAM RIVER) BRIDGE","0810-0146100F","MIDWEST GUARDRAIL SYSTEM, TYPE 3","FOOT",25,60,1500,1]
[null,"2024-01-11",2024,"Q1","15494","4 ","OR126: REDMOND - POWELL BUTTE","0810-0146100F","MIDWEST GUARDRAIL SYSTEM, TYPE 2A WEATHERIZED","FOOT",1500,33,49500,1]
[null,"2024-01-11",2024,"Q1","15496","2 ","OR164: JEFFERSON (SANTIAM RIVER) BRIDGE","0810-0146100F","MIDWEST GUARDRAIL SYSTEM, TYPE 2A","FOOT",250,33,8250,1]
[null,"2024-01-11",2024,"Q1","15494","4 ","OR126: REDMOND - POWELL BUTTE","0810-0146100F","MIDWEST GUARDRAIL SYSTEM, TYPE 3 WEATHERIZED","FOOT",100,64,6400,1]
[null,"2024-01-11",2024,"Q1","15496","2 ","OR164: JEFFERSON (SANTIAM RIVER) BRIDGE","0810-0146100F","MIDWEST GUARDRAIL SYSTEM, TYPE 3","FOOT",25,60,1500,2]
[null,"2024-01-11",2024,"Q1","15494","4 ","OR126: REDMOND - POWELL BUTTE","0810-0146100F","MIDWEST GUARDRAIL SYSTEM, TYPE 3 WEATHERIZED","FOOT",100,62,6200,2]
[null,"2024-01-11",2024,"Q1","15496","2 ","OR164: JEFFERSON (SANTIAM RIVER) BRIDGE","0810-0146100F","MIDWEST GUARDRAIL SYSTEM, TYPE 2A","FOOT",250,33,8250,2]
[null,"2024-01-11",2024,"Q1","15494","4 ","OR126: REDMOND - POWELL BUTTE","0810-0146100F","MIDWEST GUARDRAIL SYSTEM, TYPE 2A WEATHERIZED","FOOT",1500,31,46500,2]
[null,"2024-01-11",2024,"Q1","15494","4 ","OR126: REDMOND - POWELL BUTTE","0810-0146100F","MIDWEST GUARDRAIL SYSTEM, TYPE 3 WEATHERIZED","FOOT",100,62,6200,3]
[null,"2024-01-11",2024,"Q1","15494","4 ","OR126: REDMOND - POWELL BUTTE","0810-0146100F","MIDWEST GUARDRAIL SYSTEM, TYPE 2A WEATHERIZED","FOOT",1500,31,46500,3]
[null,"2024-01-11",2024,"Q1","15496","2 ","OR164: JEFFERSON (SANTIAM RIVER) BRIDGE","0810-0146100F","MIDWEST GUARDRAIL SYSTEM, TYPE 3","FOOT",25,60,1500,3]
[null,"2024-01-11",2024,"Q1","15496","2 ","OR164: JEFFERSON (SANTIAM RIVER) BRIDGE","0810-0146100F","MIDWEST GUARDRAIL SYSTEM, TYPE 2A","FOOT",250,33,8250,3]
[null,"2024-01-11",2024,"Q1","15494","4 ","OR126: REDMOND - POWELL BUTTE","0810-0146100F","MIDWEST GUARDRAIL SYSTEM, TYPE 3 WEATHERIZED","FOOT",100,65,6500,4]
[null,"2024-01-11",2024,"Q1","15494","4 ","OR126: REDMOND - POWELL BUTTE","0810-0146100F","MIDWEST GUARDRAIL SYSTEM, TYPE 2A WEATHERIZED","FOOT",1500,35,52500,4]
[null,"2024-01-11",2024,"Q1","15496","2 ","OR164: JEFFERSON (SANTIAM RIVER) BRIDGE","0810-0146100F","MIDWEST GUARDRAIL SYSTEM, TYPE 2A","FOOT",250,50,12500,4]
[null,"2024-01-11",2024,"Q1","15496","2 ","OR164: JEFFERSON (SANTIAM RIVER) BRIDGE","0810-0146100F","MIDWEST GUARDRAIL SYSTEM, TYPE 3","FOOT",25,100,2500,4]
[null,"2024-01-11",2024,"Q1","15496","2 ","OR164: JEFFERSON (SANTIAM RIVER) BRIDGE","0810-0146100F","MIDWEST GUARDRAIL SYSTEM, TYPE 2A","FOOT",250,39,9750,5]
[null,"2024-01-11",2024,"Q1","15496","2 ","OR164: JEFFERSON (SANTIAM RIVER) BRIDGE","0810-0146100F","MIDWEST GUARDRAIL SYSTEM, TYPE 3","FOOT",25,71,1775,5]
[null,"2024-01-11",2024,"Q1","15494","4 ","OR126: REDMOND - POWELL BUTTE","0840-0102000E","DELINEATORS, TYPE 2","EACH",400,82,32800,1]
[null,"2024-01-11",2024,"Q1","15494","4 ","OR126: REDMOND - POWELL BUTTE","0840-0102000E","DELINEATORS, TYPE 2","EACH",400,80,32000,2]
[null,"2024-01-11",2024,"Q1","15494","4 ","OR126: REDMOND - POWELL BUTTE","0840-0102000E","DELINEATORS, TYPE 2","EACH",400,58,23200,3]
[null,"2024-01-11",2024,"Q1","15494","4 ","OR126: REDMOND - POWELL BUTTE","0840-0102000E","DELINEATORS, TYPE 2","EACH",400,85,34000,4]
[null,"2024-01-11",2024,"Q1","15494","4 ","OR126: REDMOND - POWELL BUTTE","0840-0104100E","DELINEATORS, TYPE 4  ALTERNATE 1","EACH",15,100,1500,1]
[null,"2024-01-11",2024,"Q1","15494","4 ","OR126: REDMOND - POWELL BUTTE","0840-0104100E","DELINEATORS, TYPE 4  ALTERNATE 1","EACH",15,58,870,2]
[null,"2024-01-11",2024,"Q1","15494","4 ","OR126: REDMOND - POWELL BUTTE","0840-0104100E","DELINEATORS, TYPE 4  ALTERNATE 1","EACH",15,50,750,3]
[null,"2024-01-11",2024,"Q1","15494","4 ","OR126: REDMOND - POWELL BUTTE","0840-0104100E","DELINEATORS, TYPE 4  ALTERNATE 1","EACH",15,60,900,4]
[null,"2024-01-11",2024,"Q1","15494","4 ","OR126: REDMOND - POWELL BUTTE","0840-0106000E","MILEPOST MARKER POSTS","EACH",6,250,1500,1]
[null,"2024-01-11",2024,"Q1","15494","4 ","OR126: REDMOND - POWELL BUTTE","0840-0106000E","MILEPOST MARKER POSTS","EACH",6,225,1350,2]
[null,"2024-01-11",2024,"Q1","15494","4 ","OR126: REDMOND - POWELL BUTTE","0840-0106000E","MILEPOST MARKER POSTS","EACH",6,300,1800,3]
[null,"2024-01-11",2024,"Q1","15494","4 ","OR126: REDMOND - POWELL BUTTE","0840-0106000E","MILEPOST MARKER POSTS","EACH",6,250,1500,4]
[null,"2024-01-11",2024,"Q1","15494","4 ","OR126: REDMOND - POWELL BUTTE","0842-0201000E","CULVERT DRAINAGE MARKERS, TYPE 1","EACH",4,85,340,1]
[null,"2024-01-11",2024,"Q1","15494","4 ","OR126: REDMOND - POWELL BUTTE","0842-0201000E","CULVERT DRAINAGE MARKERS, TYPE 1","EACH",4,200,800,2]
[null,"2024-01-11",2024,"Q1","15494","4 ","OR126: REDMOND - POWELL BUTTE","0842-0201000E","CULVERT DRAINAGE MARKERS, TYPE 1","EACH",4,250,1000,3]
[null,"2024-01-11",2024,"Q1","15494","4 ","OR126: REDMOND - POWELL BUTTE","0842-0201000E","CULVERT DRAINAGE MARKERS, TYPE 1","EACH",4,200,800,4]
[null,"2024-01-11",2024,"Q1","15494","4 ","OR126: REDMOND - POWELL BUTTE","0842-0202000E","CULVERT DRAINAGE MARKERS, TYPE 2","EACH",4,200,800,1]
[null,"2024-01-11",2024,"Q1","15494","4 ","OR126: REDMOND - POWELL BUTTE","0842-0202000E","CULVERT DRAINAGE MARKERS, TYPE 2","EACH",4,200,800,2]
[null,"2024-01-11",2024,"Q1","15494","4 ","OR126: REDMOND - POWELL BUTTE","0842-0202000E","CULVERT DRAINAGE MARKERS, TYPE 2","EACH",4,200,800,3]
[null,"2024-01-11",2024,"Q1","15494","4 ","OR126: REDMOND - POWELL BUTTE","0842-0202000E","CULVERT DRAINAGE MARKERS, TYPE 2","EACH",4,200,800,4]
[null,"2024-01-11",2024,"Q1","15494","4 ","OR126: REDMOND - POWELL BUTTE","0842-0401000E","BRIDGE IDENTIFICATION MARKERS","EACH",2,175,350,1]
[null,"2024-01-11",2024,"Q1","15494","4 ","OR126: REDMOND - POWELL BUTTE","0842-0401000E","BRIDGE IDENTIFICATION MARKERS","EACH",2,175,350,1]
[null,"2024-01-11",2024,"Q1","15494","4 ","OR126: REDMOND - POWELL BUTTE","0842-0401000E","BRIDGE IDENTIFICATION MARKERS","EACH",2,175,350,2]
[null,"2024-01-11",2024,"Q1","15494","4 ","OR126: REDMOND - POWELL BUTTE","0842-0401000E","BRIDGE IDENTIFICATION MARKERS","EACH",2,175,350,2]
[null,"2024-01-11",2024,"Q1","15494","4 ","OR126: REDMOND - POWELL BUTTE","0842-0401000E","BRIDGE IDENTIFICATION MARKERS","EACH",2,250,500,3]
[null,"2024-01-11",2024,"Q1","15494","4 ","OR126: REDMOND - POWELL BUTTE","0842-0401000E","BRIDGE IDENTIFICATION MARKERS","EACH",2,250,500,3]
[null,"2024-01-11",2024,"Q1","15494","4 ","OR126: REDMOND - POWELL BUTTE","0842-0401000E","BRIDGE IDENTIFICATION MARKERS","EACH",2,200,400,4]
[null,"2024-01-11",2024,"Q1","15494","4 ","OR126: REDMOND - POWELL BUTTE","0842-0401000E","BRIDGE IDENTIFICATION MARKERS","EACH",2,250,500,4]
[null,"2024-01-11",2024,"Q1","15494","4 ","OR126: REDMOND - POWELL BUTTE","0855-0106100E","MONO-DIRECTIONAL WHITE TYPE IAR MARKERS, RECESSED","EACH",310,16.5,5115,1]
[null,"2024-01-11",2024,"Q1","15494","4 ","OR126: REDMOND - POWELL BUTTE","0855-0106100E","MONO-DIRECTIONAL WHITE TYPE IAR MARKERS, RECESSED","EACH",310,16.5,5115,2]
[null,"2024-01-11",2024,"Q1","15494","4 ","OR126: REDMOND - POWELL BUTTE","0855-0106100E","MONO-DIRECTIONAL WHITE TYPE IAR MARKERS, RECESSED","EACH",310,16.5,5115,3]
[null,"2024-01-11",2024,"Q1","15494","4 ","OR126: REDMOND - POWELL BUTTE","0855-0106100E","MONO-DIRECTIONAL WHITE TYPE IAR MARKERS, RECESSED","EACH",310,17,5270,4]
[null,"2024-01-11",2024,"Q1","15494","4 ","OR126: REDMOND - POWELL BUTTE","0855-0107100E","BI-DIRECTIONAL YELLOW TYPE IAR MARKERS, RECESSED","EACH",1100,16.5,18150,1]
[null,"2024-01-11",2024,"Q1","15494","4 ","OR126: REDMOND - POWELL BUTTE","0855-0107100E","BI-DIRECTIONAL YELLOW TYPE IAR MARKERS, RECESSED","EACH",1100,16.5,18150,2]
[null,"2024-01-11",2024,"Q1","15494","4 ","OR126: REDMOND - POWELL BUTTE","0855-0107100E","BI-DIRECTIONAL YELLOW TYPE IAR MARKERS, RECESSED","EACH",1100,16.5,18150,3]
[null,"2024-01-11",2024,"Q1","15494","4 ","OR126: REDMOND - POWELL BUTTE","0855-0107100E","BI-DIRECTIONAL YELLOW TYPE IAR MARKERS, RECESSED","EACH",1100,17,18700,4]
[null,"2024-01-11",2024,"Q1","15494","4 ","OR126: REDMOND - POWELL BUTTE","0856-0101000E","PERMANENT SURFACE MOUNTED TUBULAR MARKERS","EACH",12,300,3600,1]
[null,"2024-01-11",2024,"Q1","15494","4 ","OR126: REDMOND - POWELL BUTTE","0856-0101000E","PERMANENT SURFACE MOUNTED TUBULAR MARKERS","EACH",12,300,3600,2]
[null,"2024-01-11",2024,"Q1","15494","4 ","OR126: REDMOND - POWELL BUTTE","0856-0101000E","PERMANENT SURFACE MOUNTED TUBULAR MARKERS","EACH",12,300,3600,3]
[null,"2024-01-11",2024,"Q1","15494","4 ","OR126: REDMOND - POWELL BUTTE","0856-0101000E","PERMANENT SURFACE MOUNTED TUBULAR MARKERS","EACH",12,310,3720,4]
[null,"2024-01-11",2024,"Q1","15494","4 ","OR126: REDMOND - POWELL BUTTE","0857-0101000L","CONTINUOUS RUMBLE STRIPS","MILE",4.8499999999999996,2150,10427.5,1]
[null,"2024-01-11",2024,"Q1","15494","4 ","OR126: REDMOND - POWELL BUTTE","0857-0101000L","CONTINUOUS RUMBLE STRIPS","MILE",4.8499999999999996,2150,10427.5,2]
[null,"2024-01-11",2024,"Q1","15494","4 ","OR126: REDMOND - POWELL BUTTE","0857-0101000L","CONTINUOUS RUMBLE STRIPS","MILE",4.8499999999999996,2150,10427.5,3]
[null,"2024-01-11",2024,"Q1","15494","4 ","OR126: REDMOND - POWELL BUTTE","0857-0101000L","CONTINUOUS RUMBLE STRIPS","MILE",4.8499999999999996,2200,10670,4]
[null,"2024-01-11",2024,"Q1","15494","4 ","OR126: REDMOND - POWELL BUTTE","0860-0200000F","LONGITUDINAL PAVEMENT MARKINGS - PAINT","FOOT",54000,0.26,14040,1]
[null,"2024-01-11",2024,"Q1","15494","4 ","OR126: REDMOND - POWELL BUTTE","0860-0200000F","LONGITUDINAL PAVEMENT MARKINGS - PAINT","FOOT",54000,0.26,14040,2]
[null,"2024-01-11",2024,"Q1","15494","4 ","OR126: REDMOND - POWELL BUTTE","0860-0200000F","LONGITUDINAL PAVEMENT MARKINGS - PAINT","FOOT",54000,0.3,16200,3]
[null,"2024-01-11",2024,"Q1","15494","4 ","OR126: REDMOND - POWELL BUTTE","0860-0200000F","LONGITUDINAL PAVEMENT MARKINGS - PAINT","FOOT",54000,0.3,16200,4]
[null,"2024-01-11",2024,"Q1","15494","4 ","OR126: REDMOND - POWELL BUTTE","0865-0116530F","METHYL METHACRYLATE, EXTRUDED, GROOVED, NON-PROFILED","FOOT",153000,2.62,400860,1]
[null,"2024-01-11",2024,"Q1","15494","4 ","OR126: REDMOND - POWELL BUTTE","0865-0116530F","METHYL METHACRYLATE, EXTRUDED, GROOVED, NON-PROFILED","FOOT",153000,2.35,359550,2]
[null,"2024-01-11",2024,"Q1","15494","4 ","OR126: REDMOND - POWELL BUTTE","0865-0116530F","METHYL METHACRYLATE, EXTRUDED, GROOVED, NON-PROFILED","FOOT",153000,2.4,367200,3]
[null,"2024-01-11",2024,"Q1","15494","4 ","OR126: REDMOND - POWELL BUTTE","0865-0116530F","METHYL METHACRYLATE, EXTRUDED, GROOVED, NON-PROFILED","FOOT",153000,2.4,367200,4]
[null,"2024-01-11",2024,"Q1","15496","2 ","OR164: JEFFERSON (SANTIAM RIVER) BRIDGE","0866-0109000F","HI-BUILD PAINT, EXTRUDED, SURFACE","FOOT",1750,2.5,4375,1]
[null,"2024-01-11",2024,"Q1","15496","2 ","OR164: JEFFERSON (SANTIAM RIVER) BRIDGE","0866-0109000F","HI-BUILD PAINT, EXTRUDED, SURFACE","FOOT",1750,3,5250,2]
[null,"2024-01-11",2024,"Q1","15496","2 ","OR164: JEFFERSON (SANTIAM RIVER) BRIDGE","0866-0109000F","HI-BUILD PAINT, EXTRUDED, SURFACE","FOOT",1750,2.5,4375,3]
[null,"2024-01-11",2024,"Q1","15496","2 ","OR164: JEFFERSON (SANTIAM RIVER) BRIDGE","0866-0109000F","HI-BUILD PAINT, EXTRUDED, SURFACE","FOOT",1750,3,5250,4]
[null,"2024-01-11",2024,"Q1","15496","2 ","OR164: JEFFERSON (SANTIAM RIVER) BRIDGE","0866-0109000F","HI-BUILD PAINT, EXTRUDED, SURFACE","FOOT",1750,3,5250,5]
[null,"2024-01-11",2024,"Q1","15494","4 ","OR126: REDMOND - POWELL BUTTE","0867-0103100E","PAVEMENT LEGEND, TYPE B-HS: ARROWS","EACH",19,500,9500,1]
[null,"2024-01-11",2024,"Q1","15494","4 ","OR126: REDMOND - POWELL BUTTE","0867-0103100E","PAVEMENT LEGEND, TYPE B-HS: ARROWS","EACH",19,450,8550,2]
[null,"2024-01-11",2024,"Q1","15494","4 ","OR126: REDMOND - POWELL BUTTE","0867-0103100E","PAVEMENT LEGEND, TYPE B-HS: ARROWS","EACH",19,450,8550,3]
[null,"2024-01-11",2024,"Q1","15494","4 ","OR126: REDMOND - POWELL BUTTE","0867-0103100E","PAVEMENT LEGEND, TYPE B-HS: ARROWS","EACH",19,500,9500,4]
[null,"2024-01-11",2024,"Q1","15494","4 ","OR126: REDMOND - POWELL BUTTE","0867-0119200E","PAVEMENT LEGEND, TYPE B-HS: RAILROAD CROSSING","EACH",2,1350,2700,1]
[null,"2024-01-11",2024,"Q1","15494","4 ","OR126: REDMOND - POWELL BUTTE","0867-0119200E","PAVEMENT LEGEND, TYPE B-HS: RAILROAD CROSSING","EACH",2,1250,2500,2]
[null,"2024-01-11",2024,"Q1","15494","4 ","OR126: REDMOND - POWELL BUTTE","0867-0119200E","PAVEMENT LEGEND, TYPE B-HS: RAILROAD CROSSING","EACH",2,1250,2500,3]
[null,"2024-01-11",2024,"Q1","15494","4 ","OR126: REDMOND - POWELL BUTTE","0867-0119200E","PAVEMENT LEGEND, TYPE B-HS: RAILROAD CROSSING","EACH",2,1300,2600,4]
[null,"2024-01-11",2024,"Q1","15494","4 ","OR126: REDMOND - POWELL BUTTE","0867-0123000E","PAVEMENT LEGEND, TYPE B-HS: RAILROAD CROSSING, BIKE","EACH",1,400,400,1]
[null,"2024-01-11",2024,"Q1","15494","4 ","OR126: REDMOND - POWELL BUTTE","0867-0123000E","PAVEMENT LEGEND, TYPE B-HS: RAILROAD CROSSING, BIKE","EACH",1,350,350,2]
[null,"2024-01-11",2024,"Q1","15494","4 ","OR126: REDMOND - POWELL BUTTE","0867-0123000E","PAVEMENT LEGEND, TYPE B-HS: RAILROAD CROSSING, BIKE","EACH",1,350,350,3]
[null,"2024-01-11",2024,"Q1","15494","4 ","OR126: REDMOND - POWELL BUTTE","0867-0123000E","PAVEMENT LEGEND, TYPE B-HS: RAILROAD CROSSING, BIKE","EACH",1,400,400,4]
[null,"2024-01-11",2024,"Q1","15494","4 ","OR126: REDMOND - POWELL BUTTE","0867-0131000E","PAVEMENT LEGEND, TYPE B-HS: BICYCLE LANE STENCIL","EACH",12,500,6000,1]
[null,"2024-01-11",2024,"Q1","15494","4 ","OR126: REDMOND - POWELL BUTTE","0867-0131000E","PAVEMENT LEGEND, TYPE B-HS: BICYCLE LANE STENCIL","EACH",12,300,3600,2]
[null,"2024-01-11",2024,"Q1","15494","4 ","OR126: REDMOND - POWELL BUTTE","0867-0131000E","PAVEMENT LEGEND, TYPE B-HS: BICYCLE LANE STENCIL","EACH",12,300,3600,3]
[null,"2024-01-11",2024,"Q1","15494","4 ","OR126: REDMOND - POWELL BUTTE","0867-0131000E","PAVEMENT LEGEND, TYPE B-HS: BICYCLE LANE STENCIL","EACH",12,225,2700,4]
[null,"2024-01-11",2024,"Q1","15494","4 ","OR126: REDMOND - POWELL BUTTE","0867-0145100J","PAVEMENT BAR, TYPE B-HS","SQFT",770,14.25,10972.5,1]
[null,"2024-01-11",2024,"Q1","15494","4 ","OR126: REDMOND - POWELL BUTTE","0867-0145100J","PAVEMENT BAR, TYPE B-HS","SQFT",770,14.25,10972.5,2]
[null,"2024-01-11",2024,"Q1","15494","4 ","OR126: REDMOND - POWELL BUTTE","0867-0145100J","PAVEMENT BAR, TYPE B-HS","SQFT",770,14.25,10972.5,3]
[null,"2024-01-11",2024,"Q1","15494","4 ","OR126: REDMOND - POWELL BUTTE","0867-0145100J","PAVEMENT BAR, TYPE B-HS","SQFT",770,15,11550,4]
[null,"2024-01-11",2024,"Q1","15494","4 ","OR126: REDMOND - POWELL BUTTE","0867-0169100E","PAVEMENT LEGEND, TYPE B-HS: YIELD LINE TRIANGLE","EACH",9,65,585,1]
[null,"2024-01-11",2024,"Q1","15494","4 ","OR126: REDMOND - POWELL BUTTE","0867-0169100E","PAVEMENT LEGEND, TYPE B-HS: YIELD LINE TRIANGLE","EACH",9,65,585,2]
[null,"2024-01-11",2024,"Q1","15494","4 ","OR126: REDMOND - POWELL BUTTE","0867-0169100E","PAVEMENT LEGEND, TYPE B-HS: YIELD LINE TRIANGLE","EACH",9,65,585,3]
[null,"2024-01-11",2024,"Q1","15494","4 ","OR126: REDMOND - POWELL BUTTE","0867-0169100E","PAVEMENT LEGEND, TYPE B-HS: YIELD LINE TRIANGLE","EACH",9,70,630,4]
[null,"2024-01-11",2024,"Q1","15496","2 ","OR164: JEFFERSON (SANTIAM RIVER) BRIDGE","0905-0100000A","REMOVE EXISTING SIGNS","LS",1,450,450,1]
[null,"2024-01-11",2024,"Q1","15494","4 ","OR126: REDMOND - POWELL BUTTE","0905-0100000A","REMOVE EXISTING SIGNS","LS",1,7243,7243,1]
[null,"2024-01-11",2024,"Q1","15496","2 ","OR164: JEFFERSON (SANTIAM RIVER) BRIDGE","0905-0100000A","REMOVE EXISTING SIGNS","LS",1,1000,1000,2]
[null,"2024-01-11",2024,"Q1","15494","4 ","OR126: REDMOND - POWELL BUTTE","0905-0100000A","REMOVE EXISTING SIGNS","LS",1,5250,5250,2]
[null,"2024-01-11",2024,"Q1","15496","2 ","OR164: JEFFERSON (SANTIAM RIVER) BRIDGE","0905-0100000A","REMOVE EXISTING SIGNS","LS",1,600,600,3]
[null,"2024-01-11",2024,"Q1","15494","4 ","OR126: REDMOND - POWELL BUTTE","0905-0100000A","REMOVE EXISTING SIGNS","LS",1,5900,5900,3]
[null,"2024-01-11",2024,"Q1","15496","2 ","OR164: JEFFERSON (SANTIAM RIVER) BRIDGE","0905-0100000A","REMOVE EXISTING SIGNS","LS",1,1000,1000,4]
[null,"2024-01-11",2024,"Q1","15494","4 ","OR126: REDMOND - POWELL BUTTE","0905-0100000A","REMOVE EXISTING SIGNS","LS",1,5500,5500,4]
[null,"2024-01-11",2024,"Q1","15496","2 ","OR164: JEFFERSON (SANTIAM RIVER) BRIDGE","0905-0100000A","REMOVE EXISTING SIGNS","LS",1,710,710,5]
[null,"2024-01-11",2024,"Q1","15494","4 ","OR126: REDMOND - POWELL BUTTE","0905-0101000A","REMOVE AND REINSTALL EXISTING SIGNS","LS",1,3500,3500,1]
[null,"2024-01-11",2024,"Q1","15494","4 ","OR126: REDMOND - POWELL BUTTE","0905-0101000A","REMOVE AND REINSTALL EXISTING SIGNS","LS",1,3500,3500,2]
[null,"2024-01-11",2024,"Q1","15494","4 ","OR126: REDMOND - POWELL BUTTE","0905-0101000A","REMOVE AND REINSTALL EXISTING SIGNS","LS",1,4700,4700,3]
[null,"2024-01-11",2024,"Q1","15494","4 ","OR126: REDMOND - POWELL BUTTE","0905-0101000A","REMOVE AND REINSTALL EXISTING SIGNS","LS",1,4000,4000,4]
[null,"2024-01-11",2024,"Q1","15494","4 ","OR126: REDMOND - POWELL BUTTE","0910-0100000K","WOOD SIGN POSTS","FBM",400,15,6000,1]
[null,"2024-01-11",2024,"Q1","15494","4 ","OR126: REDMOND - POWELL BUTTE","0910-0100000K","WOOD SIGN POSTS","FBM",400,15,6000,2]
[null,"2024-01-11",2024,"Q1","15494","4 ","OR126: REDMOND - POWELL BUTTE","0910-0100000K","WOOD SIGN POSTS","FBM",400,15,6000,3]
[null,"2024-01-11",2024,"Q1","15494","4 ","OR126: REDMOND - POWELL BUTTE","0910-0100000K","WOOD SIGN POSTS","FBM",400,16,6400,4]
[null,"2024-01-11",2024,"Q1","15496","2 ","OR164: JEFFERSON (SANTIAM RIVER) BRIDGE","0920-0100000A","SIGN SUPPORT FOOTINGS","CUYD",1.2,5416.666666666667,6500,1]
[null,"2024-01-11",2024,"Q1","15494","4 ","OR126: REDMOND - POWELL BUTTE","0920-0100000A","SIGN SUPPORT FOOTINGS","CUYD",6.2,3891.1290322580644,24125,1]
[null,"2024-01-11",2024,"Q1","15494","4 ","OR126: REDMOND - POWELL BUTTE","0920-0100000A","SIGN SUPPORT FOOTINGS","CUYD",6.2,3084.6774193548385,19125,2]
[null,"2024-01-11",2024,"Q1","15496","2 ","OR164: JEFFERSON (SANTIAM RIVER) BRIDGE","0920-0100000A","SIGN SUPPORT FOOTINGS","CUYD",1.2,5000,6000,2]
[null,"2024-01-11",2024,"Q1","15496","2 ","OR164: JEFFERSON (SANTIAM RIVER) BRIDGE","0920-0100000A","SIGN SUPPORT FOOTINGS","CUYD",1.2,3750,4500,3]
[null,"2024-01-11",2024,"Q1","15494","4 ","OR126: REDMOND - POWELL BUTTE","0920-0100000A","SIGN SUPPORT FOOTINGS","CUYD",6.2,3290.322580645161,20400,3]
[null,"2024-01-11",2024,"Q1","15496","2 ","OR164: JEFFERSON (SANTIAM RIVER) BRIDGE","0920-0100000A","SIGN SUPPORT FOOTINGS","CUYD",1.2,6666.666666666667,8000,4]
[null,"2024-01-11",2024,"Q1","15494","4 ","OR126: REDMOND - POWELL BUTTE","0920-0100000A","SIGN SUPPORT FOOTINGS","CUYD",6.2,4032.2580645161288,25000,4]
[null,"2024-01-11",2024,"Q1","15496","2 ","OR164: JEFFERSON (SANTIAM RIVER) BRIDGE","0920-0100000A","SIGN SUPPORT FOOTINGS","CUYD",1.2,4436.666666666667,5324,5]
[null,"2024-01-11",2024,"Q1","15496","2 ","OR164: JEFFERSON (SANTIAM RIVER) BRIDGE","0930-0112000A","TRIANGULAR BASE BREAKAWAY SIGN SUPPORTS","LB",390,14.102564102564102,5500,1]
[null,"2024-01-11",2024,"Q1","15496","2 ","OR164: JEFFERSON (SANTIAM RIVER) BRIDGE","0930-0112000A","TRIANGULAR BASE BREAKAWAY SIGN SUPPORTS","LB",390,12.179487179487179,4750,2]
[null,"2024-01-11",2024,"Q1","15496","2 ","OR164: JEFFERSON (SANTIAM RIVER) BRIDGE","0930-0112000A","TRIANGULAR BASE BREAKAWAY SIGN SUPPORTS","LB",390,10.256410256410257,4000,3]
[null,"2024-01-11",2024,"Q1","15496","2 ","OR164: JEFFERSON (SANTIAM RIVER) BRIDGE","0930-0112000A","TRIANGULAR BASE BREAKAWAY SIGN SUPPORTS","LB",390,17.948717948717949,7000,4]
[null,"2024-01-11",2024,"Q1","15496","2 ","OR164: JEFFERSON (SANTIAM RIVER) BRIDGE","0930-0112000A","TRIANGULAR BASE BREAKAWAY SIGN SUPPORTS","LB",390,12.135897435897435,4733,5]
[null,"2024-01-11",2024,"Q1","15494","4 ","OR126: REDMOND - POWELL BUTTE","0930-0114000A","PERFORATED STEEL SQUARE TUBE SLIP BASE SIGN SUPPORTS","LB",5421,8.2964397712599158,44975,1]
[null,"2024-01-11",2024,"Q1","15496","2 ","OR164: JEFFERSON (SANTIAM RIVER) BRIDGE","0930-0114000A","PERFORATED STEEL SQUARE TUBE SLIP BASE SIGN SUPPORTS","LB",262,6.8702290076335881,1800,1]
[null,"2024-01-11",2024,"Q1","15496","2 ","OR164: JEFFERSON (SANTIAM RIVER) BRIDGE","0930-0114000A","PERFORATED STEEL SQUARE TUBE SLIP BASE SIGN SUPPORTS","LB",262,6.6793893129770989,1750,2]
[null,"2024-01-11",2024,"Q1","15494","4 ","OR126: REDMOND - POWELL BUTTE","0930-0114000A","PERFORATED STEEL SQUARE TUBE SLIP BASE SIGN SUPPORTS","LB",5421,6.8206972883231876,36975,2]
[null,"2024-01-11",2024,"Q1","15496","2 ","OR164: JEFFERSON (SANTIAM RIVER) BRIDGE","0930-0114000A","PERFORATED STEEL SQUARE TUBE SLIP BASE SIGN SUPPORTS","LB",262,7.6335877862595423,2000,3]
[null,"2024-01-11",2024,"Q1","15494","4 ","OR126: REDMOND - POWELL BUTTE","0930-0114000A","PERFORATED STEEL SQUARE TUBE SLIP BASE SIGN SUPPORTS","LB",5421,9.0389227079874566,49000,3]
[null,"2024-01-11",2024,"Q1","15494","4 ","OR126: REDMOND - POWELL BUTTE","0930-0114000A","PERFORATED STEEL SQUARE TUBE SLIP BASE SIGN SUPPORTS","LB",5421,7.3787124146836378,40000,4]
[null,"2024-01-11",2024,"Q1","15496","2 ","OR164: JEFFERSON (SANTIAM RIVER) BRIDGE","0930-0114000A","PERFORATED STEEL SQUARE TUBE SLIP BASE SIGN SUPPORTS","LB",262,7.6335877862595423,2000,4]
[null,"2024-01-11",2024,"Q1","15496","2 ","OR164: JEFFERSON (SANTIAM RIVER) BRIDGE","0930-0114000A","PERFORATED STEEL SQUARE TUBE SLIP BASE SIGN SUPPORTS","LB",262,9.0305343511450378,2366,5]
[null,"2024-01-11",2024,"Q1","15496","2 ","OR164: JEFFERSON (SANTIAM RIVER) BRIDGE","0930-0117000A","PERFORATED STEEL SQUARE TUBE ANCHOR SIGN SUPPORTS","LB",72,9.0277777777777786,650,1]
[null,"2024-01-11",2024,"Q1","15496","2 ","OR164: JEFFERSON (SANTIAM RIVER) BRIDGE","0930-0117000A","PERFORATED STEEL SQUARE TUBE ANCHOR SIGN SUPPORTS","LB",72,6.9444444444444446,500,2]
[null,"2024-01-11",2024,"Q1","15496","2 ","OR164: JEFFERSON (SANTIAM RIVER) BRIDGE","0930-0117000A","PERFORATED STEEL SQUARE TUBE ANCHOR SIGN SUPPORTS","LB",72,6.9444444444444446,500,3]
[null,"2024-01-11",2024,"Q1","15496","2 ","OR164: JEFFERSON (SANTIAM RIVER) BRIDGE","0930-0117000A","PERFORATED STEEL SQUARE TUBE ANCHOR SIGN SUPPORTS","LB",72,9.7222222222222214,700,4]
[null,"2024-01-11",2024,"Q1","15496","2 ","OR164: JEFFERSON (SANTIAM RIVER) BRIDGE","0930-0117000A","PERFORATED STEEL SQUARE TUBE ANCHOR SIGN SUPPORTS","LB",72,8.2152777777777786,591.5,5]
[null,"2024-01-11",2024,"Q1","15496","2 ","OR164: JEFFERSON (SANTIAM RIVER) BRIDGE","0940-0201000J","SIGNS, STANDARD SHEETING, EXTRUDED ALUMINUM","SQFT",15,35,525,1]
[null,"2024-01-11",2024,"Q1","15496","2 ","OR164: JEFFERSON (SANTIAM RIVER) BRIDGE","0940-0201000J","SIGNS, STANDARD SHEETING, EXTRUDED ALUMINUM","SQFT",15,45,675,2]
[null,"2024-01-11",2024,"Q1","15496","2 ","OR164: JEFFERSON (SANTIAM RIVER) BRIDGE","0940-0201000J","SIGNS, STANDARD SHEETING, EXTRUDED ALUMINUM","SQFT",15,30,450,3]
[null,"2024-01-11",2024,"Q1","15496","2 ","OR164: JEFFERSON (SANTIAM RIVER) BRIDGE","0940-0201000J","SIGNS, STANDARD SHEETING, EXTRUDED ALUMINUM","SQFT",15,40,600,4]
[null,"2024-01-11",2024,"Q1","15496","2 ","OR164: JEFFERSON (SANTIAM RIVER) BRIDGE","0940-0201000J","SIGNS, STANDARD SHEETING, EXTRUDED ALUMINUM","SQFT",15,35.5,532.5,5]
[null,"2024-01-11",2024,"Q1","15494","4 ","OR126: REDMOND - POWELL BUTTE","0940-0202000J","SIGNS, STANDARD SHEETING, SHEET ALUMINUM","SQFT",21,29.5,619.5,1]
[null,"2024-01-11",2024,"Q1","15496","2 ","OR164: JEFFERSON (SANTIAM RIVER) BRIDGE","0940-0202000J","SIGNS, STANDARD SHEETING, SHEET ALUMINUM","SQFT",49.1,25,1227.5,1]
[null,"2024-01-11",2024,"Q1","15494","4 ","OR126: REDMOND - POWELL BUTTE","0940-0202000J","SIGNS, STANDARD SHEETING, SHEET ALUMINUM","SQFT",21,29.5,619.5,2]
[null,"2024-01-11",2024,"Q1","15496","2 ","OR164: JEFFERSON (SANTIAM RIVER) BRIDGE","0940-0202000J","SIGNS, STANDARD SHEETING, SHEET ALUMINUM","SQFT",49.1,35,1718.5,2]
[null,"2024-01-11",2024,"Q1","15494","4 ","OR126: REDMOND - POWELL BUTTE","0940-0202000J","SIGNS, STANDARD SHEETING, SHEET ALUMINUM","SQFT",21,40,840,3]
[null,"2024-01-11",2024,"Q1","15496","2 ","OR164: JEFFERSON (SANTIAM RIVER) BRIDGE","0940-0202000J","SIGNS, STANDARD SHEETING, SHEET ALUMINUM","SQFT",49.1,24,1178.4000000000001,3]
[null,"2024-01-11",2024,"Q1","15494","4 ","OR126: REDMOND - POWELL BUTTE","0940-0202000J","SIGNS, STANDARD SHEETING, SHEET ALUMINUM","SQFT",21,31,651,4]
[null,"2024-01-11",2024,"Q1","15496","2 ","OR164: JEFFERSON (SANTIAM RIVER) BRIDGE","0940-0202000J","SIGNS, STANDARD SHEETING, SHEET ALUMINUM","SQFT",49.1,30,1473,4]
[null,"2024-01-11",2024,"Q1","15496","2 ","OR164: JEFFERSON (SANTIAM RIVER) BRIDGE","0940-0202000J","SIGNS, STANDARD SHEETING, SHEET ALUMINUM","SQFT",49.1,28.499999999999996,1399.35,5]
[null,"2024-01-11",2024,"Q1","15494","4 ","OR126: REDMOND - POWELL BUTTE","0940-0203000J","SIGNS, STANDARD SHEETING, PLYWOOD","SQFT",658.9,25.500000000000004,16801.95,1]
[null,"2024-01-11",2024,"Q1","15494","4 ","OR126: REDMOND - POWELL BUTTE","0940-0203000J","SIGNS, STANDARD SHEETING, PLYWOOD","SQFT",658.9,25.500000000000004,16801.95,2]
[null,"2024-01-11",2024,"Q1","15494","4 ","OR126: REDMOND - POWELL BUTTE","0940-0203000J","SIGNS, STANDARD SHEETING, PLYWOOD","SQFT",658.9,35,23061.5,3]
[null,"2024-01-11",2024,"Q1","15494","4 ","OR126: REDMOND - POWELL BUTTE","0940-0203000J","SIGNS, STANDARD SHEETING, PLYWOOD","SQFT",658.9,27,17790.3,4]
[null,"2024-01-11",2024,"Q1","15494","4 ","OR126: REDMOND - POWELL BUTTE","0965-0100000A","CAMERA POLES AND FOUNDATIONS","LS",1,34712,34712,1]
[null,"2024-01-11",2024,"Q1","15494","4 ","OR126: REDMOND - POWELL BUTTE","0965-0100000A","CAMERA POLES AND FOUNDATIONS","LS",1,24750,24750,2]
[null,"2024-01-11",2024,"Q1","15494","4 ","OR126: REDMOND - POWELL BUTTE","0965-0100000A","CAMERA POLES AND FOUNDATIONS","LS",1,25000,25000,3]
[null,"2024-01-11",2024,"Q1","15494","4 ","OR126: REDMOND - POWELL BUTTE","0965-0100000A","CAMERA POLES AND FOUNDATIONS","LS",1,25000,25000,4]
[null,"2024-01-11",2024,"Q1","15494","4 ","OR126: REDMOND - POWELL BUTTE","0985-0110000A","ITS ELECTRICAL SYSTEMS INSTALLATION","LS",1,103184,103184,1]
[null,"2024-01-11",2024,"Q1","15494","4 ","OR126: REDMOND - POWELL BUTTE","0985-0110000A","ITS ELECTRICAL SYSTEMS INSTALLATION","LS",1,88250,88250,2]
[null,"2024-01-11",2024,"Q1","15494","4 ","OR126: REDMOND - POWELL BUTTE","0985-0110000A","ITS ELECTRICAL SYSTEMS INSTALLATION","LS",1,90000,90000,3]
[null,"2024-01-11",2024,"Q1","15494","4 ","OR126: REDMOND - POWELL BUTTE","0985-0110000A","ITS ELECTRICAL SYSTEMS INSTALLATION","LS",1,105000,105000,4]
[null,"2024-01-11",2024,"Q1","15494","4 ","OR126: REDMOND - POWELL BUTTE","0990-0106000A","FLASHING BEACON INSTALLATION, SW POWELL BUTTE HWY","EACH",1,21392,21392,1]
[null,"2024-01-11",2024,"Q1","15494","4 ","OR126: REDMOND - POWELL BUTTE","0990-0106000A","FLASHING BEACON INSTALLATION, SW POWELL BUTTE HWY","EACH",1,16500,16500,2]
[null,"2024-01-11",2024,"Q1","15494","4 ","OR126: REDMOND - POWELL BUTTE","0990-0106000A","FLASHING BEACON INSTALLATION, SW POWELL BUTTE HWY","EACH",1,16500,16500,3]
[null,"2024-01-11",2024,"Q1","15494","4 ","OR126: REDMOND - POWELL BUTTE","0990-0106000A","FLASHING BEACON INSTALLATION, SW POWELL BUTTE HWY","EACH",1,12000,12000,4]
[null,"2024-01-11",2024,"Q1","15494","4 ","OR126: REDMOND - POWELL BUTTE","0990-0107000A","AUTOMATIC TRAFFIC RECORDER INSTALLATION, HWY 041 (OR126) @ MP 3.23","EACH",1,39341,39341,1]
[null,"2024-01-11",2024,"Q1","15494","4 ","OR126: REDMOND - POWELL BUTTE","0990-0107000A","AUTOMATIC TRAFFIC RECORDER INSTALLATION, HWY 041 (OR126) @ MP 3.23","EACH",1,36850,36850,2]
[null,"2024-01-11",2024,"Q1","15494","4 ","OR126: REDMOND - POWELL BUTTE","0990-0107000A","AUTOMATIC TRAFFIC RECORDER INSTALLATION, HWY 041 (OR126) @ MP 3.23","EACH",1,37500,37500,3]
[null,"2024-01-11",2024,"Q1","15494","4 ","OR126: REDMOND - POWELL BUTTE","0990-0107000A","AUTOMATIC TRAFFIC RECORDER INSTALLATION, HWY 041 (OR126) @ MP 3.23","EACH",1,38000,38000,4]
[null,"2024-01-11",2024,"Q1","15494","4 ","OR126: REDMOND - POWELL BUTTE","1030-0101000R","WEED CONTROL","ACRE",4.1399999999999997,1400,5796,1]
[null,"2024-01-11",2024,"Q1","15494","4 ","OR126: REDMOND - POWELL BUTTE","1030-0101000R","WEED CONTROL","ACRE",4.1399999999999997,1400,5796,2]
[null,"2024-01-11",2024,"Q1","15494","4 ","OR126: REDMOND - POWELL BUTTE","1030-0101000R","WEED CONTROL","ACRE",4.1399999999999997,1400,5796,3]
[null,"2024-01-11",2024,"Q1","15494","4 ","OR126: REDMOND - POWELL BUTTE","1030-0101000R","WEED CONTROL","ACRE",4.1399999999999997,1500.0000000000002,6210,4]
[null,"2024-01-11",2024,"Q1","15496","2 ","OR164: JEFFERSON (SANTIAM RIVER) BRIDGE","1030-0108000R","PERMANENT SEEDING","ACRE",7.0000000000000007E-2,29999.999999999996,2100,1]
[null,"2024-01-11",2024,"Q1","15494","4 ","OR126: REDMOND - POWELL BUTTE","1030-0108000R","PERMANENT SEEDING","ACRE",4.1399999999999997,14904,61702.559999999998,1]
[null,"2024-01-11",2024,"Q1","15494","4 ","OR126: REDMOND - POWELL BUTTE","1030-0108000R","PERMANENT SEEDING","ACRE",4.1399999999999997,26300.000000000004,108882,2]
[null,"2024-01-11",2024,"Q1","15496","2 ","OR164: JEFFERSON (SANTIAM RIVER) BRIDGE","1030-0108000R","PERMANENT SEEDING","ACRE",7.0000000000000007E-2,59999.999999999993,4200,2]
[null,"2024-01-11",2024,"Q1","15494","4 ","OR126: REDMOND - POWELL BUTTE","1030-0108000R","PERMANENT SEEDING","ACRE",4.1399999999999997,26300.000000000004,108882,3]
[null,"2024-01-11",2024,"Q1","15496","2 ","OR164: JEFFERSON (SANTIAM RIVER) BRIDGE","1030-0108000R","PERMANENT SEEDING","ACRE",7.0000000000000007E-2,29999.999999999996,2100,3]
[null,"2024-01-11",2024,"Q1","15494","4 ","OR126: REDMOND - POWELL BUTTE","1030-0108000R","PERMANENT SEEDING","ACRE",4.1399999999999997,27000.000000000004,111780,4]
[null,"2024-01-11",2024,"Q1","15496","2 ","OR164: JEFFERSON (SANTIAM RIVER) BRIDGE","1030-0108000R","PERMANENT SEEDING","ACRE",7.0000000000000007E-2,19999.999999999996,1400,4]
[null,"2024-01-11",2024,"Q1","15496","2 ","OR164: JEFFERSON (SANTIAM RIVER) BRIDGE","1030-0108000R","PERMANENT SEEDING","ACRE",7.0000000000000007E-2,35500,2485,5]
[null,"2024-01-11",2024,"Q1","15494","4 ","OR126: REDMOND - POWELL BUTTE","1050-0102000F","TYPE 1-5W FENCE","FOOT",800,35,28000,1]
[null,"2024-01-11",2024,"Q1","15494","4 ","OR126: REDMOND - POWELL BUTTE","1050-0102000F","TYPE 1-5W FENCE","FOOT",800,15,12000,2]
[null,"2024-01-11",2024,"Q1","15494","4 ","OR126: REDMOND - POWELL BUTTE","1050-0102000F","TYPE 1-5W FENCE","FOOT",800,14,11200,3]
[null,"2024-01-11",2024,"Q1","15494","4 ","OR126: REDMOND - POWELL BUTTE","1050-0102000F","TYPE 1-5W FENCE","FOOT",800,15,12000,4]
[null,"2024-01-11",2024,"Q1","15494","4 ","OR126: REDMOND - POWELL BUTTE","1050-0162000F","CL-6 CHAIN LINK FENCE WITH BARBED WIRE","FOOT",95,130,12350,1]
[null,"2024-01-11",2024,"Q1","15494","4 ","OR126: REDMOND - POWELL BUTTE","1050-0162000F","CL-6 CHAIN LINK FENCE WITH BARBED WIRE","FOOT",95,60,5700,2]
[null,"2024-01-11",2024,"Q1","15494","4 ","OR126: REDMOND - POWELL BUTTE","1050-0162000F","CL-6 CHAIN LINK FENCE WITH BARBED WIRE","FOOT",95,52,4940,3]
[null,"2024-01-11",2024,"Q1","15494","4 ","OR126: REDMOND - POWELL BUTTE","1050-0162000F","CL-6 CHAIN LINK FENCE WITH BARBED WIRE","FOOT",95,55,5225,4]
[null,"2024-01-11",2024,"Q1","15494","4 ","OR126: REDMOND - POWELL BUTTE","1050-0240000F","REMOVING AND REBUILDING FENCE","FOOT",40,100,4000,1]
[null,"2024-01-11",2024,"Q1","15494","4 ","OR126: REDMOND - POWELL BUTTE","1050-0240000F","REMOVING AND REBUILDING FENCE","FOOT",40,82,3280,2]
[null,"2024-01-11",2024,"Q1","15494","4 ","OR126: REDMOND - POWELL BUTTE","1050-0240000F","REMOVING AND REBUILDING FENCE","FOOT",40,72,2880,3]
[null,"2024-01-11",2024,"Q1","15494","4 ","OR126: REDMOND - POWELL BUTTE","1050-0240000F","REMOVING AND REBUILDING FENCE","FOOT",40,75,3000,4]
[null,"2024-01-11",2024,"Q1","15494","4 ","OR126: REDMOND - POWELL BUTTE","1060-0100000E","REMOVING AND REBUILDING 14 FOOT CATTLE GUARD","EACH",1,10000,10000,1]
[null,"2024-01-11",2024,"Q1","15494","4 ","OR126: REDMOND - POWELL BUTTE","1060-0100000E","REMOVING AND REBUILDING 14 FOOT CATTLE GUARD","EACH",1,8500,8500,2]
[null,"2024-01-11",2024,"Q1","15494","4 ","OR126: REDMOND - POWELL BUTTE","1060-0100000E","REMOVING AND REBUILDING 14 FOOT CATTLE GUARD","EACH",1,10000,10000,3]
[null,"2024-01-11",2024,"Q1","15494","4 ","OR126: REDMOND - POWELL BUTTE","1060-0100000E","REMOVING AND REBUILDING 14 FOOT CATTLE GUARD","EACH",1,5000,5000,4]
[null,"2024-01-11",2024,"Q1","15494","4 ","OR126: REDMOND - POWELL BUTTE","1070-0100000E","SINGLE MAILBOX SUPPORTS","EACH",6,500,3000,1]
[null,"2024-01-11",2024,"Q1","15494","4 ","OR126: REDMOND - POWELL BUTTE","1070-0100000E","SINGLE MAILBOX SUPPORTS","EACH",6,500,3000,2]
[null,"2024-01-11",2024,"Q1","15494","4 ","OR126: REDMOND - POWELL BUTTE","1070-0100000E","SINGLE MAILBOX SUPPORTS","EACH",6,550,3300,3]
[null,"2024-01-11",2024,"Q1","15494","4 ","OR126: REDMOND - POWELL BUTTE","1070-0100000E","SINGLE MAILBOX SUPPORTS","EACH",6,525,3150,4]
[null,"2024-01-11",2024,"Q1","15494","4 ","OR126: REDMOND - POWELL BUTTE","1070-0102000E","MAILBOX CONCRETE COLLARS","EACH",6,40,240,1]
[null,"2024-01-11",2024,"Q1","15494","4 ","OR126: REDMOND - POWELL BUTTE","1070-0102000E","MAILBOX CONCRETE COLLARS","EACH",6,40,240,2]
[null,"2024-01-11",2024,"Q1","15494","4 ","OR126: REDMOND - POWELL BUTTE","1070-0102000E","MAILBOX CONCRETE COLLARS","EACH",6,100,600,3]
[null,"2024-01-11",2024,"Q1","15494","4 ","OR126: REDMOND - POWELL BUTTE","1070-0102000E","MAILBOX CONCRETE COLLARS","EACH",6,50,300,4]
[null,"2024-01-11",2024,"Q1","15494","4 ","OR126: REDMOND - POWELL BUTTE","1140-0500000F","6 INCH DUCTILE IRON PIPE WITH RESTRAINED JOINTS AND CLASS B BACKFILL","FOOT",80,200,16000,1]
[null,"2024-01-11",2024,"Q1","15494","4 ","OR126: REDMOND - POWELL BUTTE","1140-0500000F","6 INCH DUCTILE IRON PIPE WITH RESTRAINED JOINTS AND CLASS B BACKFILL","FOOT",80,300,24000,2]
[null,"2024-01-11",2024,"Q1","15494","4 ","OR126: REDMOND - POWELL BUTTE","1140-0500000F","6 INCH DUCTILE IRON PIPE WITH RESTRAINED JOINTS AND CLASS B BACKFILL","FOOT",80,150,12000,3]
[null,"2024-01-11",2024,"Q1","15494","4 ","OR126: REDMOND - POWELL BUTTE","1140-0500000F","6 INCH DUCTILE IRON PIPE WITH RESTRAINED JOINTS AND CLASS B BACKFILL","FOOT",80,170,13600,4]
[null,"2024-01-11",2024,"Q1","15494","4 ","OR126: REDMOND - POWELL BUTTE","1140-0610000E","DUCTILE IRON PIPE TEES, 12 INCH","EACH",3,2750,8250,1]
[null,"2024-01-11",2024,"Q1","15494","4 ","OR126: REDMOND - POWELL BUTTE","1140-0610000E","DUCTILE IRON PIPE TEES, 12 INCH","EACH",3,2500,7500,2]
[null,"2024-01-11",2024,"Q1","15494","4 ","OR126: REDMOND - POWELL BUTTE","1140-0610000E","DUCTILE IRON PIPE TEES, 12 INCH","EACH",3,2500,7500,3]
[null,"2024-01-11",2024,"Q1","15494","4 ","OR126: REDMOND - POWELL BUTTE","1140-0610000E","DUCTILE IRON PIPE TEES, 12 INCH","EACH",3,3000,9000,4]
[null,"2024-01-11",2024,"Q1","15494","4 ","OR126: REDMOND - POWELL BUTTE","1140-0650000E","DUCTILE IRON PIPE BEND, 6 INCH","EACH",3,415,1245,1]
[null,"2024-01-11",2024,"Q1","15494","4 ","OR126: REDMOND - POWELL BUTTE","1140-0650000E","DUCTILE IRON PIPE BEND, 6 INCH","EACH",3,950,2850,2]
[null,"2024-01-11",2024,"Q1","15494","4 ","OR126: REDMOND - POWELL BUTTE","1140-0650000E","DUCTILE IRON PIPE BEND, 6 INCH","EACH",3,1250,3750,3]
[null,"2024-01-11",2024,"Q1","15494","4 ","OR126: REDMOND - POWELL BUTTE","1140-0650000E","DUCTILE IRON PIPE BEND, 6 INCH","EACH",3,750,2250,4]
[null,"2024-01-11",2024,"Q1","15494","4 ","OR126: REDMOND - POWELL BUTTE","1150-0100000E","6 INCH GATE VALVE","EACH",3,2019,6057,1]
[null,"2024-01-11",2024,"Q1","15494","4 ","OR126: REDMOND - POWELL BUTTE","1150-0100000E","6 INCH GATE VALVE","EACH",3,2825,8475,2]
[null,"2024-01-11",2024,"Q1","15494","4 ","OR126: REDMOND - POWELL BUTTE","1150-0100000E","6 INCH GATE VALVE","EACH",3,1500,4500,3]
[null,"2024-01-11",2024,"Q1","15494","4 ","OR126: REDMOND - POWELL BUTTE","1150-0100000E","6 INCH GATE VALVE","EACH",3,2500,7500,4]
[null,"2024-01-11",2024,"Q1","15494","4 ","OR126: REDMOND - POWELL BUTTE","1160-0102000E","MOVING EXISTING HYDRANTS","EACH",3,3500,10500,1]
[null,"2024-01-11",2024,"Q1","15494","4 ","OR126: REDMOND - POWELL BUTTE","1160-0102000E","MOVING EXISTING HYDRANTS","EACH",3,3950,11850,2]
[null,"2024-01-11",2024,"Q1","15494","4 ","OR126: REDMOND - POWELL BUTTE","1160-0102000E","MOVING EXISTING HYDRANTS","EACH",3,2500,7500,3]
[null,"2024-01-11",2024,"Q1","15494","4 ","OR126: REDMOND - POWELL BUTTE","1160-0102000E","MOVING EXISTING HYDRANTS","EACH",3,5000,15000,4]
[null,"2024-01-11",2024,"Q1","15494","4 ","OR126: REDMOND - POWELL BUTTE","1170-0109000F","1 INCH COPPER WATER SERVICE LINE","FOOT",15,100,1500,1]
[null,"2024-01-11",2024,"Q1","15494","4 ","OR126: REDMOND - POWELL BUTTE","1170-0109000F","1 INCH COPPER WATER SERVICE LINE","FOOT",15,240,3600,2]
[null,"2024-01-11",2024,"Q1","15494","4 ","OR126: REDMOND - POWELL BUTTE","1170-0109000F","1 INCH COPPER WATER SERVICE LINE","FOOT",15,250,3750,3]
[null,"2024-01-11",2024,"Q1","15494","4 ","OR126: REDMOND - POWELL BUTTE","1170-0109000F","1 INCH COPPER WATER SERVICE LINE","FOOT",15,700,10500,4]
[null,"2024-01-11",2024,"Q1","15494","4 ","OR126: REDMOND - POWELL BUTTE","1170-0110000E","1 INCH WATER METER ASSEMBLY","EACH",3,2850,8550,1]
[null,"2024-01-11",2024,"Q1","15494","4 ","OR126: REDMOND - POWELL BUTTE","1170-0110000E","1 INCH WATER METER ASSEMBLY","EACH",3,1875,5625,2]
[null,"2024-01-11",2024,"Q1","15494","4 ","OR126: REDMOND - POWELL BUTTE","1170-0110000E","1 INCH WATER METER ASSEMBLY","EACH",3,3500,10500,3]
[null,"2024-01-11",2024,"Q1","15494","4 ","OR126: REDMOND - POWELL BUTTE","1170-0110000E","1 INCH WATER METER ASSEMBLY","EACH",3,5000,15000,4]
[null,"2024-01-11",2024,"Q1","15496","2 ","OR164: JEFFERSON (SANTIAM RIVER) BRIDGE","1999-9Z90000A","PREPARE AND COAT CONCRETE STRUCTURE,SILPRO SKIM COAT","LS",1,780000,780000,1]
[null,"2024-01-11",2024,"Q1","15496","2 ","OR164: JEFFERSON (SANTIAM RIVER) BRIDGE","1999-9Z90000A","PREPARE AND COAT CONCRETE STRUCTURE, SILANE SEAL COAT","LS",1,240000,240000,1]
[null,"2024-01-11",2024,"Q1","15496","2 ","OR164: JEFFERSON (SANTIAM RIVER) BRIDGE","1999-9Z90000A","SLIDER BEARING - LUBRICATE","LS",1,20000,20000,1]
[null,"2024-01-11",2024,"Q1","15496","2 ","OR164: JEFFERSON (SANTIAM RIVER) BRIDGE","1999-9Z90000A","PREPARE AND COAT CONCRETE STRUCTURE, SILANE SEAL COAT","LS",1,200000,200000,2]
[null,"2024-01-11",2024,"Q1","15496","2 ","OR164: JEFFERSON (SANTIAM RIVER) BRIDGE","1999-9Z90000A","SLIDER BEARING - LUBRICATE","LS",1,7500,7500,2]
[null,"2024-01-11",2024,"Q1","15496","2 ","OR164: JEFFERSON (SANTIAM RIVER) BRIDGE","1999-9Z90000A","PREPARE AND COAT CONCRETE STRUCTURE,SILPRO SKIM COAT","LS",1,920000,920000,2]
[null,"2024-01-11",2024,"Q1","15496","2 ","OR164: JEFFERSON (SANTIAM RIVER) BRIDGE","1999-9Z90000A","PREPARE AND COAT CONCRETE STRUCTURE,SILPRO SKIM COAT","LS",1,1500000,1500000,3]
[null,"2024-01-11",2024,"Q1","15496","2 ","OR164: JEFFERSON (SANTIAM RIVER) BRIDGE","1999-9Z90000A","SLIDER BEARING - LUBRICATE","LS",1,10000,10000,3]
[null,"2024-01-11",2024,"Q1","15496","2 ","OR164: JEFFERSON (SANTIAM RIVER) BRIDGE","1999-9Z90000A","PREPARE AND COAT CONCRETE STRUCTURE, SILANE SEAL COAT","LS",1,175000,175000,3]
[null,"2024-01-11",2024,"Q1","15496","2 ","OR164: JEFFERSON (SANTIAM RIVER) BRIDGE","1999-9Z90000A","PREPARE AND COAT CONCRETE STRUCTURE, SILANE SEAL COAT","LS",1,110000,110000,4]
[null,"2024-01-11",2024,"Q1","15496","2 ","OR164: JEFFERSON (SANTIAM RIVER) BRIDGE","1999-9Z90000A","SLIDER BEARING - LUBRICATE","LS",1,20000,20000,4]
[null,"2024-01-11",2024,"Q1","15496","2 ","OR164: JEFFERSON (SANTIAM RIVER) BRIDGE","1999-9Z90000A","PREPARE AND COAT CONCRETE STRUCTURE,SILPRO SKIM COAT","LS",1,1100000,1100000,4]
[null,"2024-01-11",2024,"Q1","15496","2 ","OR164: JEFFERSON (SANTIAM RIVER) BRIDGE","1999-9Z90000A","PREPARE AND COAT CONCRETE STRUCTURE,SILPRO SKIM COAT","LS",1,2495060,2495060,5]
[null,"2024-01-11",2024,"Q1","15496","2 ","OR164: JEFFERSON (SANTIAM RIVER) BRIDGE","1999-9Z90000A","PREPARE AND COAT CONCRETE STRUCTURE, SILANE SEAL COAT","LS",1,145590,145590,5]
[null,"2024-01-11",2024,"Q1","15496","2 ","OR164: JEFFERSON (SANTIAM RIVER) BRIDGE","1999-9Z90000A","SLIDER BEARING - LUBRICATE","LS",1,21240,21240,5]
[null,"2024-01-11",2024,"Q1","15494","4 ","OR126: REDMOND - POWELL BUTTE","1999-9Z90000E","REMOVING AND REBUILDING GATES","EACH",2,3500,7000,1]
[null,"2024-01-11",2024,"Q1","15494","4 ","OR126: REDMOND - POWELL BUTTE","1999-9Z90000E","REMOVING AND REBUILDING GATES","EACH",2,3000,6000,2]
[null,"2024-01-11",2024,"Q1","15494","4 ","OR126: REDMOND - POWELL BUTTE","1999-9Z90000E","REMOVING AND REBUILDING GATES","EACH",2,2500,5000,3]
[null,"2024-01-11",2024,"Q1","15494","4 ","OR126: REDMOND - POWELL BUTTE","1999-9Z90000E","REMOVING AND REBUILDING GATES","EACH",2,2500,5000,4]
[null,"2024-01-11",2024,"Q1","15496","2 ","OR164: JEFFERSON (SANTIAM RIVER) BRIDGE","1999-9Z90000I","SINGLE LAYER POLYMER CONCRETE OVERLAY","SQYD",1223,35,42805,1]
[null,"2024-01-11",2024,"Q1","15496","2 ","OR164: JEFFERSON (SANTIAM RIVER) BRIDGE","1999-9Z90000I","SINGLE LAYER POLYMER CONCRETE OVERLAY","SQYD",1223,43.15,52772.45,2]
[null,"2024-01-11",2024,"Q1","15496","2 ","OR164: JEFFERSON (SANTIAM RIVER) BRIDGE","1999-9Z90000I","SINGLE LAYER POLYMER CONCRETE OVERLAY","SQYD",1223,65,79495,3]
[null,"2024-01-11",2024,"Q1","15496","2 ","OR164: JEFFERSON (SANTIAM RIVER) BRIDGE","1999-9Z90000I","SINGLE LAYER POLYMER CONCRETE OVERLAY","SQYD",1223,60,73380,4]
[null,"2024-01-11",2024,"Q1","15496","2 ","OR164: JEFFERSON (SANTIAM RIVER) BRIDGE","1999-9Z90000I","SINGLE LAYER POLYMER CONCRETE OVERLAY","SQYD",1223,32.5,39747.5,5]